{"text_format":"2","workbook":"xlsx","n_sheets":7,"sheets":["Orçamento Sintético","CPUs","BDI","Insumos-SINAPI","Cronograma","Comp-SINAPI","Memoria"],"not_rendered":{"charts":0,"images":1,"macros":0,"external_links":2,"defined_names":214,"comments":0,"pivot_tables":0},"unopened":[],"bounds":{"document_bytes":16777216,"sheet_cells":100000,"run_cost":"one","rows_first":2000,"rows_last":500,"rows_between":2000,"halvings":0,"cell_chars":16384,"cell_head_chars":4096},"cells_cut":0,"cells_raw":0,"read":"whole","date_system":"1900"}

{"sheet":"Orçamento Sintético","index":0,"n_rows":28,"n_cols":11,"rows_kept":28,"cut":false,"hidden":false,"merged":[[27,0,27,6],[27,8,27,10],[0,4,0,5],[0,6,0,8],[0,9,0,10],[1,6,1,8],[1,9,1,10],[3,0,3,5],[3,6,3,8],[1,4,2,5],[1,3,2,3],[2,9,2,10]]}
[{"$nulls":4},"Bancos",null,"B.D.I.",null,null,"Encargos Sociais"]
[null,null,null,"Obra\nSRP LEDs 150W_NÃO DESONERADO","SINAPI - 10/2024 - Pernambuco\n\nORSE - 09/2024\n",null,0.24560000000000001,null,null,"Não Desonerado: \nHorista: 114,55%\nMensalista: 70,11%"]
[{"$nulls":6},"Fornecimento",null,0.13500000000000001]
["Orçamento Sintético -",{"$nulls":5},{"$f":"F7","v":4500},null,"unidades","unidades"]
["Item","Código","Banco","Descrição","Und","Quant.","Valor Unit","BDI","Valor Unit com BDI","Total","Peso (%)"]
[" 1 ",null,null,"SERVIÇOS PRELIMINARES",{"$nulls":5},{"$f":"SUM(J7:J9)","v":56950.89},{"$f":"J6/$I$28","v":1.1599999999999999E-2}]
[{"$f":"CPUs!A5","v":" 1.1 "},{"$f":"CPUs!B6","v":1},{"$f":"CPUs!C6","v":"Próprio"},{"$f":"CPUs!D6","v":"ELABORAÇÃO DE PROJETO LUMINOTÉCNICO E LEVANTAMENTO GEOREFERENCIADO, DESENHO, PROJETO E TRAMITAÇÃO JUNTO A CONCESSIONÁRIA DE ENERGIA PARA ATUALIZAÇÃO CADASTRAL DA ILUMINAÇÃO PÚBLICA"},{"$f":"CPUs!G6","v":"unid"},{"$f":"Memoria!F4","v":4500},{"$f":"CPUs!I6","v":7.95},{"$f":"$G$2","v":0.24560000000000001},{"$f":"TRUNC(G7*(1+$G$2),2)","v":9.9},{"$f":"TRUNC(F7*I7,2)","v":44550},9.1000000000000004E-3]
[{"$f":"CPUs!A12","v":"1.2"},{"$f":"CPUs!B13","v":103689},"SINAPI",{"$f":"CPUs!D13","v":"FORNECIMENTO E INSTALAÇÃO DE PLACA DE OBRA COM CHAPA GALVANIZADA E ESTRUTURA DE MADEIRA. AF_03/2022_PS"},"unid",3,{"$f":"CPUs!J13","v":2775.24},{"$f":"$G$2","v":0.24560000000000001},{"$f":"TRUNC(G8*(1+$G$2),2)","v":3456.83},{"$f":"TRUNC(F8*I8,2)","v":10370.49},2.0999999999999999E-3]
["1.3",2,"SINAPI","MOBILIZAÇÃO E DESMOBILIZAÇÃO ","tkm",{"$f":"Memoria!F41","v":1080},{"$f":"CPUs!J25","v":1.51},0.24560000000000001,{"$f":"TRUNC(G9*(1+$G$2),2)","v":1.88},{"$f":"TRUNC(F9*I9,2)","v":2030.4},4.0000000000000002E-4]
[2,null,null,"ADMINISTRAÇÃO LOCAL DA OBRA",{"$nulls":5},{"$f":"SUM(J11:J12)","v":96221.29},{"$f":"J10/$I$28","v":1.9599999999999999E-2}]
["2.1",3,"Próprio","ADMINISTRAÇÃO LOCAL","UNID",1,{"$f":"CPUs!J35","v":72800.3},0.24560000000000001,{"$f":"TRUNC(G11*(1+$G$2),2)","v":90680.05},{"$f":"TRUNC(F11*I11,2)","v":90680.05},1.8499999999999999E-2]
["2.2",4,"Próprio","CANTEIROS DE OBRAS E ALMOXARIFADO","mês",3,{"$f":"CPUs!J46","v":1482.89},0.24560000000000001,{"$f":"TRUNC(G12*(1+$G$2),2)","v":1847.08},{"$f":"TRUNC(F12*I12,2)","v":5541.24},1.1000000000000001E-3]
[3,null,null,"LOCAÇÃO DE VEÍCULO DE APOIO PARA FISCALIZAÇÃO",{"$nulls":5},{"$f":"J14","v":15851.5},{"$f":"J13/$I$28","v":3.2000000000000002E-3}]
["3.1",5,"Próprio","Veículo para fiscalização - Codevasf","mês",1.5,{"$f":"CPUs!J55","v":8484},0.24560000000000001,{"$f":"TRUNC(G14*(1+$G$2),2)","v":10567.67},{"$f":"TRUNC(F14*I14,2)","v":15851.5},{"$f":"J14/$I$28","v":3.2000000000000002E-3}]
[4,null,null,"EXECUÇÃO DOS SERVIÇOS",{"$nulls":5},{"$f":"SUM(J16:J19)","v":4323915},{"$f":"J15/$I$28","v":0.88300000000000001}]
["4.1",{"$f":"CPUs!B67","v":101661},{"$f":"CPUs!C67","v":"SINAPI"},{"$f":"CPUs!D67","v":"SUBSTITUIÇÃO DE LUMINÁRIA DE VAPOR DE MERCÚRIO/VAPOR DE SÓDIO POR LUMINÁRIA DE LED PARA ILUMINAÇÃO PÚBLICA (NÃO INCLUI FORNECIMENTO). AF_08/2020"},{"$f":"CPUs!G67","v":"unid"},{"$f":"Memoria!F4","v":4500},{"$f":"CPUs!I67","v":117.76},0.24560000000000001,146.68,660060,0.1348]
["4.2",42247,"SINAPI","LUMINARIA DE LED PARA ILUMINACAO PUBLICA, DE 138 W ATE 180 W, INVOLUCRO EM ALUMINIO OU ACO INOX","unid",{"$f":"Memoria!F4","v":4500},{"$f":"CPUs!J80","v":677.41},{"$f":"$I$3","v":0.13500000000000001},{"$f":"TRUNC(G17*(1+$I$3),2)","v":768.86},{"$f":"TRUNC(F17*I17,2)","v":3459870},0.70650000000000002]
["1.4",{"$f":"CPUs!B80","v":42247},{"$f":"CPUs!C80","v":"SINAPI"},{"$f":"CPUs!D80","v":"LUMINARIA DE LED PARA ILUMINACAO PUBLICA, DE 138 W ATE 180 W, INVOLUCRO EM ALUMINIO OU ACO INOX"},"unid",null,{"$f":"CPUs!J80","v":677.41},null,{"$f":"ROUND(G18*(1+$G$2),2)","v":843.78},0,0]
["4.3",101632,"SINAPI","RELÉ FOTOELÉTRICO PARA COMANDO DE ILUMINAÇÃO EXTERNA 1000 W - FORNECIMENTO E INSTALAÇÃO. AF_08/2020","UNID",{"$f":"Memoria!F36","v":4500},{"$f":"CPUs!J87","v":36.4},0.24560000000000001,{"$f":"TRUNC(G19*(1+$G$2),2)","v":45.33},{"$f":"TRUNC(F19*I19,2)","v":203985},4.1700000000000001E-2]
[5,null,null,"SOBRESSALENTES",{"$nulls":5},{"$f":"SUM(J21:J27)","v":404142.75},8.2500000000000004E-2]
["5.1",101636,"SINAPI","BRAÇO PARA ILUMINAÇÃO PÚBLICA, EM TUBO DE AÇO GALVANIZADO, COMPRIMENTO DE 1,50 M, PARA FIXAÇÃO EM POSTE DE CONCRETO - FORNECIMENTO E INSTALAÇÃO AF_08/2020","UNID",{"$f":"Memoria!F7","v":675},{"$f":"CPUs!J98","v":151.83000000000001},0.24560000000000001,{"$f":"TRUNC(G21*(1+$G$2),2)","v":189.11},{"$f":"TRUNC(F21*I21,2)","v":127649.25},2.6100000000000002E-2]
["5.2",101637,"Próprio","BRAÇO PARA ILUMINAÇÃO PÚBLICA, EM TUBO DE AÇO GALVANIZADO, COMPRIMENTO DE 1,50 M, PARA FIXAÇÃO EM POSTE METÁLICO - FORNECIMENTO E INSTALAÇÃO ","UNID",{"$f":"Memoria!F10","v":225},{"$f":"CPUs!J107","v":146.38999999999999},0.24560000000000001,{"$f":"TRUNC(G22*(1+$G$2),2)","v":182.34},{"$f":"TRUNC(F22*I22,2)","v":41026.5},8.3999999999999995E-3]
["5.3",13800,"ORSE","Braço Curvo em Aço Galvanizado a Fogo, com sapata de 48x2000mm DI ou similar\t","UNID",{"$f":"Memoria!F16","v":225},{"$f":"CPUs!J116","v":255.66},{"$f":"$I$3","v":0.13500000000000001},{"$f":"TRUNC(G23*(1+$I$3),2)","v":290.17},{"$f":"TRUNC(F23*I23,2)","v":65288.25},1.3299999999999999E-2]
["5.4",6,"Próprio","Substituição de Braço","UNID",{"$f":"Memoria!F24","v":450},{"$f":"CPUs!J121","v":99.23},0.24560000000000001,123.6,55620,1.14E-2]
["5.5",13801,"ORSE","Braço Curvo em Aço Galvanizado a Fogo, com sapata de 48x3000mm DI ou similar ","UNID",{"$f":"Memoria!F19","v":225},{"$f":"CPUs!J129","v":378.38},{"$f":"$I$3","v":0.13500000000000001},{"$f":"TRUNC(G25*(1+$I$3),2)","v":429.46},{"$f":"TRUNC(F25*I25,2)","v":96628.5},1.9699999999999999E-2]
["5.6",2637,"ORSE","Conector perfuração 25-95/2 95 mm\t","UNID",{"$f":"Memoria!F33","v":675},{"$f":"CPUs!J135","v":9.9},0.24560000000000001,12.33,{"$f":"TRUNC(F26*I26,2)","v":8322.75},1.6999999999999999E-3]
["5.7",91924,"SINAPI* Adaptado","CABO DE COBRE FLEXÍVEL ISOLADO, 1,5 MM², ANTI-CHAMA 450/750 V, PARA CIRCUITOS TERMINAIS - FORNECIMENTO E INSTALAÇÃO. AF_03/2023","m",{"$f":"Memoria!F29","v":2250},{"$f":"CPUs!J142","v":3.43},0.24560000000000001,4.2699999999999996,{"$f":"TRUNC(F27*I27,2)","v":9607.5},2E-3]
["Valor total",{"$nulls":7},{"$f":"J10+J20+J6+J15+J13","v":4897081.43}]

{"sheet":"CPUs","index":1,"n_rows":427,"n_cols":19,"rows_kept":427,"cut":false,"hidden":false,"merged":[[239,4,239,5],[240,4,240,5],[241,4,241,5],[243,7,243,8],[169,4,169,5],[170,4,170,5],[171,4,171,5],[172,4,172,5],[173,4,173,5],[174,4,174,5],[175,4,175,5],[176,4,176,5],[178,7,178,8],[219,4,219,5],[220,4,220,5],[221,4,221,5],[223,7,223,8],[210,7,210,8],[212,4,212,5],[213,4,213,5],[214,4,214,5],[216,7,216,8],[201,4,201,5],[202,4,202,5],[390,4,390,5],[392,7,392,8],[380,4,380,5],[382,7,382,8],[383,4,383,5],[384,4,384,5],[385,4,385,5],[386,4,386,5],[387,4,387,5],[388,4,388,5],[389,4,389,5],[371,4,371,5],[372,4,372,5],[373,4,373,5],[374,4,374,5],[375,4,375,5],[376,4,376,5],[377,4,377,5],[378,4,378,5],[379,4,379,5],[306,13,306,14],[368,7,368,8],[358,4,358,5],[359,4,359,5],[360,4,360,5],[361,4,361,5],[362,4,362,5],[363,4,363,5],[364,4,364,5],[365,4,365,5],[366,4,366,5],[357,4,357,5],[348,4,348,5],[349,4,349,5],[350,4,350,5],[351,4,351,5],[352,4,352,5],[354,7,354,8],[343,4,343,5],[344,4,344,5],[345,4,345,5],[346,4,346,5],[347,4,347,5],[338,4,338,5],[340,7,340,8],[325,4,325,5],[327,7,327,8],[329,4,329,5],[330,4,330,5],[331,4,331,5],[333,7,333,8],[335,4,335,5],[336,4,336,5],[337,4,337,5],[313,7,313,8],[315,4,315,5],[316,4,316,5],[317,4,317,5],[318,4,318,5],[320,7,320,8],[322,4,322,5],[323,4,323,5],[324,4,324,5],[301,4,301,5],[302,4,302,5],[303,4,303,5],[304,4,304,5],[306,7,306,8],[308,4,308,5],[309,4,309,5],[310,4,310,5],[311,4,311,5],[297,4,297,5],[298,4,298,5],[299,4,299,5],[300,4,300,5],[284,4,284,5],[285,4,285,5],[286,4,286,5],[287,4,287,5],[288,4,288,5],[289,4,289,5],[290,4,290,5],[291,4,291,5],[293,7,293,8],[273,4,273,5],[274,4,274,5],[275,4,275,5],[276,4,276,5],[277,4,277,5],[278,4,278,5],[280,7,280,8],[282,4,282,5],[283,4,283,5],[271,4,271,5],[272,4,272,5],[244,4,244,5],[245,4,245,5],[246,4,246,5],[248,7,248,8],[231,7,231,8],[227,4,227,5],[228,4,228,5],[229,4,229,5],[234,4,234,5],[235,4,235,5],[236,4,236,5],[238,7,238,8],[251,4,251,5],[252,4,252,5],[253,4,253,5],[254,4,254,5],[255,4,255,5],[256,4,256,5],[257,4,257,5],[258,4,258,5],[260,7,260,8],[261,4,261,5],[204,7,204,8],[206,4,206,5],[207,4,207,5],[208,4,208,5],[193,4,193,5],[194,4,194,5],[195,4,195,5],[197,7,197,8],[92,7,92,8],[152,0,152,9],[158,4,158,5],[159,4,159,5],[160,4,160,5],[161,4,161,5],[162,4,162,5],[154,4,154,5],[155,4,155,5],[156,4,156,5],[157,4,157,5],[135,4,135,5],[99,4,99,5],[100,4,100,5],[101,4,101,5],[102,4,102,5],[28,7,28,8],[97,4,97,5],[33,4,33,5],[34,4,34,5],[35,4,35,5],[36,4,36,5],[37,4,37,5],[43,7,43,8],[39,4,39,5],[41,4,41,5],[44,4,44,5],[45,4,45,5],[46,4,46,5],[47,4,47,5],[49,7,49,8],[144,2,144,3],[113,7,113,8],[98,4,98,5],[104,7,104,8],[145,7,145,8],[114,4,114,5],[115,4,115,5],[116,4,116,5],[118,7,118,8],[141,4,141,5],[142,4,142,5],[143,4,143,5],[117,0,117,3],[130,0,130,3],[133,4,133,5],[134,4,134,5],[129,4,129,5],[131,7,131,8],[136,0,136,3],[137,7,137,8],[140,4,140,5],[124,0,124,3],[125,7,125,8],[128,4,128,5],[121,4,121,5],[122,4,122,5],[123,4,123,5],[105,4,105,5],[106,4,106,5],[107,4,107,5],[108,4,108,5],[109,4,109,5],[110,4,110,5],[111,4,111,5],[10,7,10,8],[71,7,71,8],[11,4,11,5],[12,4,12,5],[21,7,21,8],[15,4,15,5],[85,4,85,5],[86,4,86,5],[127,4,127,5],[87,4,87,5],[88,4,88,5],[23,4,23,5],[89,4,89,5],[90,4,90,5],[24,4,24,5],[53,4,53,5],[54,4,54,5],[55,4,55,5],[56,4,56,5],[57,4,57,5],[58,4,58,5],[60,7,60,8],[119,4,119,5],[120,4,120,5],[4,4,4,5],[5,4,5,5],[19,4,19,5],[1,4,2,5],[6,4,6,5],[7,4,7,5],[8,4,8,5],[17,4,17,5],[18,4,18,5],[267,4,267,5],[268,4,268,5],[69,4,69,5],[0,6,0,7],[0,8,0,9],[1,2,1,3],[1,6,1,7],[78,4,78,5],[79,4,79,5],[74,4,74,5],[80,4,80,5],[16,4,16,5],[68,4,68,5],[67,4,67,5],[14,4,14,5],[82,7,82,8],[72,4,72,5],[73,4,73,5],[76,7,76,8],[0,2,0,3],[0,4,0,5],[65,4,65,5],[66,4,66,5],[13,4,13,5],[270,7,270,8],[25,4,25,5],[26,4,26,5],[163,4,163,5],[165,7,165,8],[186,4,186,5],[187,4,187,5],[188,4,188,5],[190,7,190,8],[179,4,179,5],[180,4,180,5],[181,4,181,5],[182,4,182,5],[183,4,183,5],[184,4,184,5],[185,4,185,5],[200,4,200,5],[96,4,96,5],[38,4,38,5],[262,4,262,5],[263,4,263,5],[264,4,264,5],[265,4,265,5],[266,4,266,5]]}
[null,null,"Composições Analíticas com Preço Unitário",null,"Bancos",null,"B.D.I.",null,"Encargos Sociais. Não Desonerado"]
[null,null,"SRP LEDs_NÃO DESONERADO",null,"SINAPI - 10/2024 - Pernambuco\n\nORSE - 09/2024\n",null,0.24560000000000001,null,"Horista: 114,55%\nMensalista: 70,11%",1.1455,null,"Horista",2.1455000000000002]
["Composições Analíticas com Preço Unitário",{"$nulls":5},"Fornecim.",0.13500000000000001,"Mensalista:",0.70109999999999995]
[]
[" 1.1 ","Código","Banco","Descrição","Tipo",null,"Und","Quant.","Valor Unit","Total"]
["Composição Auxiliar",1,"Próprio","ELABORAÇÃO DE PROJETO LUMINOTÉCNICO E LEVANTAMENTO GEOREFERENCIADO, DESENHO, PROJETO E TRAMITAÇÃO JUNTO A CONCESSIONÁRIA DE ENERGIA PARA ATUALIZAÇÃO CADASTRAL DA ILUMINAÇÃO PÚBLICA","SERT - SERVIÇOS TÉCNICOS",null,"unid",1,{"$f":"SUM(J7:J9)","v":7.95},{"$f":"I6*H6","v":7.95},null,{"$f":"H6*VLOOKUP(B6,$B$402:$E$407,4,FALSE)","v":{"$error":"#N/A"}}]
["Composição Auxiliar",90778,"SINAPI","ENGENHEIRO CIVIL DE OBRA PLENO COM ENCARGOS COMPLEMENTARES","SEDI - SERVIÇOS DIVERSOS",null,"H",0.03,{"$f":"IF(A7=\"Insumo\",VLOOKUP(B7,'Insumos-SINAPI'!$A$1:$E$4813,5,FALSE),VLOOKUP(B7,'Comp-SINAPI'!$A$3:$E$7739,5,FALSE))","v":126.7},{"$f":"TRUNC(I7*H7,2)","v":3.8},null,{"$f":"H7*VLOOKUP(B7,$B$402:$E$409,4,FALSE)","v":3.738}]
["Composição Auxiliar",88266,"SINAPI","ELETROTÉCNICO COM ENCARGOS COMPLEMENTARES","SEDI - SERVIÇOS DIVERSOS",null,"H",8.6999999999999994E-2,{"$f":"IF(A8=\"Insumo\",VLOOKUP(B8,'Insumos-SINAPI'!$A$1:$E$4813,5,FALSE),VLOOKUP(B8,'Comp-SINAPI'!$A$3:$E$7739,5,FALSE))","v":28.05},{"$f":"TRUNC(I8*H8,2)","v":2.44},null,2.0062199999999999]
["Composição Auxiliar",90775,"SINAPI","DESENHISTA PROJETISTA COM ENCARGOS COMPLEMENTARES","SEDI - SERVIÇOS DIVERSOS",null,"H",7.0000000000000007E-2,{"$f":"IF(A9=\"Insumo\",VLOOKUP(B9,'Insumos-SINAPI'!$A$1:$E$4813,5,FALSE),VLOOKUP(B9,'Comp-SINAPI'!$A$3:$E$7739,5,FALSE))","v":24.49},1.71,null,1.5651999999999999]
[{"$nulls":4},"MO sem LS =>",{"$f":"J10/$M$2","v":3.41},"LS =>",{"$f":"F10*$J$2","v":3.91},"MO com LS =>",{"$f":"_xlfn.AGGREGATE(9,6,L7:L9)","v":7.31},null,{"$error":"#N/A"}]
[{"$nulls":4},"Valor do BDI =>",{"$f":"J6*$G$2","v":1.95},null,"Valor com BDI =>",null,{"$f":"J6*(1+$G$2)","v":9.9},null,{"$error":"#VALUE!"}]
["1.2","Código","Banco","Descrição","Tipo",null,"Und","Quant.","Valor Unit","Total",null,{"$error":"#VALUE!"}]
["Composição",103689,"SINAPI","FORNECIMENTO E INSTALAÇÃO DE PLACA DE OBRA COM CHAPA GALVANIZADA E ESTRUTURA DE MADEIRA. AF_03/2022_PS","SEDI - SERVIÇOS DIVERSOS",null,"m²",6,{"$f":"SUM(J14:J20)","v":462.54},{"$f":"I13*H13","v":2775.24},null,{"$error":"#N/A"}]
["Insumo",4509,"SINAPI",{"$f":"IF(A14=\"Insumo\",VLOOKUP(CPUs!B14,'Insumos-SINAPI'!$A$1:$E$4813,2,FALSE),VLOOKUP(CPUs!B14,'Comp-SINAPI'!$A$3:$E$7739,2,FALSE))","v":"SARRAFO *2,5 X 10* CM EM PINUS, MISTA OU EQUIVALENTE DA REGIAO - BRUTA                                                                                                                                                                                                                                                                                                                                                                                                                                    "},"Material",null,"M",3.2082999999999999,{"$f":"IF(A14=\"Insumo\",VLOOKUP(B14,'Insumos-SINAPI'!$A$1:$E$4813,5,FALSE),VLOOKUP(B14,'Comp-SINAPI'!$A$3:$E$7739,5,FALSE))","v":5.41},{"$f":"TRUNC(I14*H14,2)","v":17.350000000000001},null,{"$f":"H14*VLOOKUP(B14,$B$402:$E$409,4,FALSE)","v":{"$error":"#N/A"}}]
["Insumo",4813,"SINAPI",{"$f":"IF(A15=\"Insumo\",VLOOKUP(CPUs!B15,'Insumos-SINAPI'!$A$1:$E$4813,2,FALSE),VLOOKUP(CPUs!B15,'Comp-SINAPI'!$A$3:$E$7739,2,FALSE))","v":"PLACA DE OBRA (PARA CONSTRUCAO CIVIL) EM CHAPA GALVANIZADA *N. 22*, ADESIVADA, DE *2,4 X 1,2* M (SEM POSTES PARA FIXACAO)                                                                                                                                                                                                                                                                                                                                                                                 "},"Material",null,"M2",1,{"$f":"IF(A15=\"Insumo\",VLOOKUP(B15,'Insumos-SINAPI'!$A$1:$E$4813,5,FALSE),VLOOKUP(B15,'Comp-SINAPI'!$A$3:$E$7739,5,FALSE))","v":400},{"$f":"TRUNC(I15*H15,2)","v":400},null,{"$error":"#N/A"}]
["Insumo",5065,"SINAPI",{"$f":"IF(A16=\"Insumo\",VLOOKUP(CPUs!B16,'Insumos-SINAPI'!$A$1:$E$4813,2,FALSE),VLOOKUP(CPUs!B16,'Comp-SINAPI'!$A$3:$E$7739,2,FALSE))","v":"PREGO DE ACO POLIDO COM CABECA 10 X 10 (7/8 X 17)                                                                                                                                                                                                                                                                                                                                                                                                                                                         "},"Material",null,"KG",1.1299999999999999E-2,{"$f":"IF(A16=\"Insumo\",VLOOKUP(B16,'Insumos-SINAPI'!$A$1:$E$4813,5,FALSE),VLOOKUP(B16,'Comp-SINAPI'!$A$3:$E$7739,5,FALSE))","v":29.99},0.33,null,{"$error":"#N/A"}]
["Insumo",5069,"SINAPI",{"$f":"IF(A17=\"Insumo\",VLOOKUP(CPUs!B17,'Insumos-SINAPI'!$A$1:$E$4813,2,FALSE),VLOOKUP(CPUs!B17,'Comp-SINAPI'!$A$3:$E$7739,2,FALSE))","v":"PREGO DE ACO POLIDO COM CABECA 17 X 27 (2 1/2 X 11)                                                                                                                                                                                                                                                                                                                                                                                                                                                       "},"Material",null,"KG",1.32E-2,{"$f":"IF(A17=\"Insumo\",VLOOKUP(B17,'Insumos-SINAPI'!$A$1:$E$4813,5,FALSE),VLOOKUP(B17,'Comp-SINAPI'!$A$3:$E$7739,5,FALSE))","v":16.07},0.21,null,{"$error":"#N/A"}]
["Composição Auxiliar",88262,"SINAPI",{"$f":"IF(A18=\"Insumo\",VLOOKUP(CPUs!B18,'Insumos-SINAPI'!$A$1:$E$4813,2,FALSE),VLOOKUP(CPUs!B18,'Comp-SINAPI'!$A$3:$E$7739,2,FALSE))","v":"CARPINTEIRO DE FORMAS COM ENCARGOS COMPLEMENTARES"},"SEDI - SERVIÇOS DIVERSOS",null,"H",0.37290000000000001,{"$f":"IF(A18=\"Insumo\",VLOOKUP(B18,'Insumos-SINAPI'!$A$1:$E$4813,5,FALSE),VLOOKUP(B18,'Comp-SINAPI'!$A$3:$E$7739,5,FALSE))","v":26.12},9.74,null,7.927854]
["Composição Auxiliar",88316,"SINAPI",{"$f":"IF(A19=\"Insumo\",VLOOKUP(CPUs!B19,'Insumos-SINAPI'!$A$1:$E$4813,2,FALSE),VLOOKUP(CPUs!B19,'Comp-SINAPI'!$A$3:$E$7739,2,FALSE))","v":"SERVENTE COM ENCARGOS COMPLEMENTARES"},"SEDI - SERVIÇOS DIVERSOS",null,"H",1.1186,{"$f":"IF(A19=\"Insumo\",VLOOKUP(B19,'Insumos-SINAPI'!$A$1:$E$4813,5,FALSE),VLOOKUP(B19,'Comp-SINAPI'!$A$3:$E$7739,5,FALSE))","v":21.05},23.54,null,18.087762000000001]
["Composição Auxiliar",102234,"SINAPI",{"$f":"IF(A20=\"Insumo\",VLOOKUP(CPUs!B20,'Insumos-SINAPI'!$A$1:$E$4813,2,FALSE),VLOOKUP(CPUs!B20,'Comp-SINAPI'!$A$3:$E$7739,2,FALSE))","v":"PINTURA IMUNIZANTE PARA MADEIRA, 2 DEMÃOS. AF_01/2021"},"SEDI - SERVIÇOS DIVERSOS",null,"M2",0.5,{"$f":"IF(A20=\"Insumo\",VLOOKUP(B20,'Insumos-SINAPI'!$A$1:$E$4813,5,FALSE),VLOOKUP(B20,'Comp-SINAPI'!$A$3:$E$7739,5,FALSE))","v":22.75},11.37,null,{"$error":"#N/A"}]
[{"$nulls":4},"MO sem LS =>",{"$f":"J21/$M$2","v":72.75},"LS =>",{"$f":"F21*$J$2","v":83.34},"MO com LS =>",{"$f":"_xlfn.AGGREGATE(9,6,L14:L20)*6","v":156.09},null,{"$error":"#N/A"}]
[{"$nulls":4},"Valor do BDI =>",{"$f":"J13*$G$2","v":681.6},null,"Valor com BDI =>",null,{"$f":"J13*(1+$G$2)","v":3456.84},null,{"$error":"#VALUE!"}]
[]
["1.3","Código","Banco","Descrição","Tipo",null,"Und","Quant.","Valor Unit","Total",null,{"$f":"H24*VLOOKUP(B24,$B$402:$E$409,4,FALSE)","v":{"$error":"#VALUE!"}}]
["Composição",2,"Próprio","MOBILIZAÇÃO E DESMOBILIZAÇÃO ","SEDI - SERVIÇOS DIVERSOS",null,"tkm",1,{"$f":"SUM(J26:J27)","v":1.51},{"$f":"I25*H25","v":1.51},null,{"$error":"#N/A"}]
["Composição Auxiliar",88316,"SINAPI","SERVENTE COM ENCARGOS COMPLEMENTARES","SEDI - SERVIÇOS DIVERSOS",null,"H",1.31579E-2,{"$f":"IF(A26=\"Insumo\",VLOOKUP(B26,'Insumos-SINAPI'!$A$1:$E$4813,5,FALSE),VLOOKUP(B26,'Comp-SINAPI'!$A$3:$E$7739,5,FALSE))","v":21.05},{"$f":"TRUNC(I26*H26,2)","v":0.27},null,0.21276324299999999]
["Composição Auxiliar",5928,"SINAPI","GUINDAUTO HIDRÁULICO, CAPACIDADE MÁXIMA DE CARGA 6200 KG, MOMENTO MÁXIMO DE CARGA 11,7 TM, ALCANCE MÁXIMO HORIZONTAL 9,70 M,INCLUSIVE CAMINHÃO TOCO PBT 16.000 KG,POTÊNCIA DE 189 CV - CHP DIURNO. AF_06/2014","CHOR - CUSTOS HORÁRIOS DE MÁQUINAS E EQUIPAMENTOS",null,"CHP",4.4999999999999997E-3,{"$f":"IF(A27=\"Insumo\",VLOOKUP(B27,'Insumos-SINAPI'!$A$1:$E$4813,5,FALSE),VLOOKUP(B27,'Comp-SINAPI'!$A$3:$E$7739,5,FALSE))","v":276.58},{"$f":"TRUNC(I27*H27,2)","v":1.24},null,{"$error":"#N/A"}]
[{"$nulls":4},"MO sem LS =>",{"$f":"J28/$M$2","v":0.1},"LS =>",{"$f":"F28*$J$2","v":0.11},"MO com LS =>",{"$f":"_xlfn.AGGREGATE(9,6,L26:L27)","v":0.21},null,{"$error":"#N/A"}]
[{"$nulls":4},"Valor do BDI =>",{"$f":"J25*$G$2","v":0.37},null,"Valor com BDI =>",null,{"$f":"J25*(1+$G$2)","v":1.88},null,{"$error":"#VALUE!"}]
[{"$nulls":11},{"$error":"#N/A"}]
[]
[{"$nulls":14},"Memória de calculo ADM LOCAL"]
[]
["2.1","Código","Banco","Descrição","Tipo",null,"Und","Quant.","Valor Unit","Total",null,{"$f":"H34*VLOOKUP(B34,$B$402:$E$409,4,FALSE)","v":{"$error":"#VALUE!"}},null,null,"qnd",{"$f":"Memoria!F4","v":4500},null,"tempo troca","aprox 1h"]
["Composição",3,"Próprio","ADMINISTRAÇÃO LOCAL ","SEDI - SERVIÇOS DIVERSOS",null,"UNID",1,{"$f":"SUM(J36:J42)","v":72800.3},{"$f":"I35*H35","v":72800.3},null,{"$f":"H35*VLOOKUP(B35,$B$402:$E$409,4,FALSE)","v":{"$error":"#N/A"}}]
["Composição Auxiliar",90778,"SINAPI","ENGENHEIRO CIVIL DE OBRA PLENO COM ENCARGOS COMPLEMENTARES","SEDI - SERVIÇOS DIVERSOS",null,"H",135,{"$f":"IF(A36=\"Insumo\",VLOOKUP(B36,'Insumos-SINAPI'!$A$1:$E$4813,5,FALSE),VLOOKUP(B36,'Comp-SINAPI'!$A$3:$E$7739,5,FALSE))","v":126.7},{"$f":"TRUNC(I36*H36,2)","v":17104.5},null,{"$f":"H36*VLOOKUP(B36,$B$402:$E$412,4,FALSE)","v":16821},null,null,{"$f":"P34*0.03","v":135}]
["Composição Auxiliar",90776,"SINAPI","ENCARREGADO GERAL COM ENCARGOS COMPLEMENTARES","SEDI - SERVIÇOS DIVERSOS",null,"H",900,{"$f":"IF(A37=\"Insumo\",VLOOKUP(B37,'Insumos-SINAPI'!$A$1:$E$4813,5,FALSE),VLOOKUP(B37,'Comp-SINAPI'!$A$3:$E$7739,5,FALSE))","v":36.14},{"$f":"TRUNC(I37*H37,2)","v":32526},null,30096,null,null,{"$f":"P34*0.21","v":945}]
["Composição Auxiliar",90772,"SINAPI","AUXILIAR DE ESCRITORIO COM ENCARGOS COMPLEMENTARES","SEDI - SERVIÇOS DIVERSOS",null,"H",450,{"$f":"IF(A38=\"Insumo\",VLOOKUP(B38,'Insumos-SINAPI'!$A$1:$E$4813,5,FALSE),VLOOKUP(B38,'Comp-SINAPI'!$A$3:$E$7739,5,FALSE))","v":18.98},8541,null,7551,null,null,{"$f":"P34*0.1","v":450}]
["Composição Auxiliar",100309,"SINAPI","TÉCNICO EM SEGURANÇA DO TRABALHO COM ENCARGOS COMPLEMENTARES","SEDI - SERVIÇOS DIVERSOS",null,"H",450,{"$f":"IF(A39=\"Insumo\",VLOOKUP(B39,'Insumos-SINAPI'!$A$1:$E$4813,5,FALSE),VLOOKUP(B39,'Comp-SINAPI'!$A$3:$E$7739,5,FALSE))","v":29.12},13104,null,12114,null,null,{"$f":"P34*0.1","v":450}]
["Insumo",8978,"ORSE","Água - Consumo em volume m3","Material",null,"M³",80,3.77,301.60000000000002,null,{"$error":"#N/A"}]
["Insumo",2789,"ORSE","Veículo leve - pick up (97kw) h","Veículo",null,"H",80,10.39,831.2,null,{"$error":"#N/A"}]
["Insumo",14250,"SINAPI","ENERGIA ELETRICA COMERCIAL, BAIXA TENSAO, RELATIVA AO CONSUMO DE ATE 100 KWH, INCLUINDO ICMS, PIS/PASEP E COFINS","Material",null,"KWH",400,{"$f":"IF(A42=\"Insumo\",VLOOKUP(B42,'Insumos-SINAPI'!$A$1:$E$4813,5,FALSE),VLOOKUP(B42,'Comp-SINAPI'!$A$3:$E$7739,5,FALSE))","v":0.98},392,null,{"$error":"#N/A"}]
[{"$nulls":4},"MO sem LS =>",{"$f":"J43/$M$2","v":31033.33},"LS =>",{"$f":"F43*$J$2","v":35548.68},"MO com LS =>",{"$f":"_xlfn.AGGREGATE(9,6,L36:L42)","v":66582},null,{"$error":"#N/A"}]
[{"$nulls":4},"Valor do BDI =>",{"$f":"J35*$G$2","v":17879.75},null,"Valor com BDI =>",null,{"$f":"J35*(1+$G$2)","v":90680.05},null,{"$error":"#VALUE!"}]
["2.2","Código","Banco","Descrição","Tipo",null,"Und","Quant.","Valor Unit","Total",null,{"$error":"#VALUE!"}]
["Composição Auxiliar",4,"Próprio","CANTEIROS DE OBRAS E ALMOXARIFADO","CANT - CANTEIRO DE OBRAS",null,"MÊS",1,{"$f":"SUM(J47:J48)","v":1482.89},{"$f":"I46*H46","v":1482.89},null,{"$error":"#N/A"}]
["Insumo",10775,"SINAPI","LOCACAO DE CONTAINER 2,30 X 6,00 M, ALT. 2,50 M, COM 1 SANITARIO, PARA ESCRITORIO, COMPLETO, SEM DIVISORIAS INTERNAS (NAO INCLUI MOBILIZACAO/DESMOBILIZACAO)","Equipamento",null,"MÊS",1,{"$f":"IF(A47=\"Insumo\",VLOOKUP(B47,'Insumos-SINAPI'!$A$1:$E$4813,5,FALSE),VLOOKUP(B47,'Comp-SINAPI'!$A$3:$E$7739,5,FALSE))","v":832.5},{"$f":"TRUNC(I47*H47,2)","v":832.5},null,{"$f":"H47*VLOOKUP(B47,$B$402:$E$409,4,FALSE)","v":{"$error":"#N/A"}}]
["Insumo",10776,"SINAPI","LOCACAO DE CONTAINER 2,30 X 6,00 M, ALT. 2,50 M, PARA ESCRITORIO, SEM DIVISORIAS INTERNAS E SEM SANITARIO (NAO INCLUI MOBILIZACAO/DESMOBILIZACAO)","Equipamento",null,"MÊS",1,{"$f":"IF(A48=\"Insumo\",VLOOKUP(B48,'Insumos-SINAPI'!$A$1:$E$4813,5,FALSE),VLOOKUP(B48,'Comp-SINAPI'!$A$3:$E$7739,5,FALSE))","v":650.39},{"$f":"TRUNC(I48*H48,2)","v":650.39},null,{"$f":"H48*VLOOKUP(B48,$B$402:$E$409,4,FALSE)","v":{"$error":"#N/A"}}]
[{"$nulls":4},"MO sem LS =>",{"$f":"J49/$M$2","v":0},"LS =>",{"$f":"F49*$J$2","v":0},"MO com LS =>",{"$f":"_xlfn.AGGREGATE(9,6,L47:L48)","v":0},null,{"$f":"H49*VLOOKUP(B49,$B$402:$E$409,4,FALSE)","v":{"$error":"#N/A"}}]
[{"$nulls":4},"Valor do BDI =>",{"$f":"J46*$G$2","v":364.2},null,"Valor com BDI =>",null,{"$f":"J46*(1+$G$2)","v":1847.09},null,{"$f":"H50*VLOOKUP(B50,$B$402:$E$409,4,FALSE)","v":{"$error":"#VALUE!"}}]
[{"$nulls":11},{"$error":"#N/A"}]
[{"$nulls":11},{"$error":"#N/A"}]
[{"$nulls":11},{"$error":"#N/A"}]
["3.1","Código","Banco","Descrição","Tipo",null,"Und","Quant.","Valor Unit","Total",null,{"$error":"#VALUE!"}]
["Composição",5,"Próprio","Veículo para fiscalização - Codevasf","PAVI - PAVIMENTAÇÃO",null,"mês",1,{"$f":"SUM(J56:J59)","v":8484},{"$f":"I55*H55","v":8484},null,{"$error":"#N/A"}]
["Composição Auxiliar",92134,"SINAPI","CAMINHONETE COM MOTOR A DIESEL, POTÊNCIA 180 CV, CABINE DUPLA, 4X4 - JUROS. AF_11/2015","CHOR - CUSTOS HORÁRIOS DE MÁQUINAS E EQUIPAMENTOS",null,"H",150,{"$f":"IF(A56=\"Insumo\",VLOOKUP(B56,'Insumos-SINAPI'!$A$1:$E$4813,5,FALSE),VLOOKUP(B56,'Comp-SINAPI'!$A$3:$E$7739,5,FALSE))","v":3.91},{"$f":"I56*H56","v":586.5},null,{"$error":"#N/A"}]
["Composição Auxiliar",92135,"SINAPI","CAMINHONETE COM MOTOR A DIESEL, POTÊNCIA 180 CV, CABINE DUPLA, 4X4 - IMPOSTOS E SEGUROS. AF_11/2015","CHOR - CUSTOS HORÁRIOS DE MÁQUINAS E EQUIPAMENTOS",null,"H",150,{"$f":"IF(A57=\"Insumo\",VLOOKUP(B57,'Insumos-SINAPI'!$A$1:$E$4813,5,FALSE),VLOOKUP(B57,'Comp-SINAPI'!$A$3:$E$7739,5,FALSE))","v":1.58},{"$f":"I57*H57","v":237},null,{"$error":"#N/A"}]
["Composição Auxiliar",92136,"SINAPI","CAMINHONETE COM MOTOR A DIESEL, POTÊNCIA 180 CV, CABINE DUPLA, 4X4 - MANUTENÇÃO. AF_11/2015","CHOR - CUSTOS HORÁRIOS DE MÁQUINAS E EQUIPAMENTOS",null,"H",150,{"$f":"IF(A58=\"Insumo\",VLOOKUP(B58,'Insumos-SINAPI'!$A$1:$E$4813,5,FALSE),VLOOKUP(B58,'Comp-SINAPI'!$A$3:$E$7739,5,FALSE))","v":15.85},{"$f":"I58*H58","v":2377.5},null,{"$error":"#N/A"}]
["Composição Auxiliar",92137,"SINAPI","CAMINHONETE COM MOTOR A DIESEL, POTÊNCIA 180 CV, CABINE DUPLA, 4X4 - MATERIAIS NA OPERAÇÃO. AF_11/2015","CHOR - CUSTOS HORÁRIOS DE MÁQUINAS E EQUIPAMENTOS",null,"H",150,{"$f":"IF(A59=\"Insumo\",VLOOKUP(B59,'Insumos-SINAPI'!$A$1:$E$4813,5,FALSE),VLOOKUP(B59,'Comp-SINAPI'!$A$3:$E$7739,5,FALSE))","v":35.22},5283,null,{"$error":"#N/A"}]
[{"$nulls":4},"MO sem LS =>",0,"LS =>",0,"MO com LS =>",0,null,{"$error":"#N/A"}]
[{"$nulls":4},"Valor do BDI =>",{"$f":"J55*$G$2","v":2083.67},null,"Valor com BDI =>",null,{"$f":"J55*(1+$G$2)","v":10567.67},null,{"$error":"#VALUE!"}]
[]
[]
[]
[]
["4.1","Código","Banco","Descrição","Tipo",null,"Und","Quant.","Valor Unit","Total",null,{"$f":"H66*VLOOKUP(B66,$B$402:$E$409,4,FALSE)","v":{"$error":"#VALUE!"}}]
["Composição",101661,"SINAPI","SUBSTITUIÇÃO DE LUMINÁRIA DE VAPOR DE MERCÚRIO/VAPOR DE SÓDIO POR LUMINÁRIA DE LED PARA ILUMINAÇÃO PÚBLICA (NÃO INCLUI FORNECIMENTO). AF_08/2020","SERT - SERVIÇOS TÉCNICOS",null,"unid",1,{"$f":"SUM(J68:J70)","v":117.76},{"$f":"I67*H67","v":117.76},null,{"$error":"#N/A"}]
["Composição Auxiliar",88247,"SINAPI","AUXILIAR DE ELETRICISTA COM ENCARGOS COMPLEMENTARES","SEDI - SERVIÇOS DIVERSOS",null,"H",1.0487,{"$f":"IF(A68=\"Insumo\",VLOOKUP(B68,'Insumos-SINAPI'!$A$1:$E$4813,5,FALSE),VLOOKUP(B68,'Comp-SINAPI'!$A$3:$E$7739,5,FALSE))","v":22.45},{"$f":"TRUNC(I68*H68,2)","v":23.54},null,18.310302]
["Composição Auxiliar",88264,"SINAPI","ELETRICISTA COM ENCARGOS COMPLEMENTARES","SEDI - SERVIÇOS DIVERSOS",null,"H",1.0487,{"$f":"IF(A69=\"Insumo\",VLOOKUP(B69,'Insumos-SINAPI'!$A$1:$E$4813,5,FALSE),VLOOKUP(B69,'Comp-SINAPI'!$A$3:$E$7739,5,FALSE))","v":26.88},{"$f":"TRUNC(I69*H69,2)","v":28.18},null,22.956043000000001]
["Composição Auxiliar",5928,"SINAPI","GUINDAUTO HIDRÁULICO, CAPACIDADE MÁXIMA DE CARGA 6200 KG, MOMENTO MÁXIMO DE CARGA 11,7 TM, ALCANCE MÁXIMO HORIZONTAL 9,70 M,INCLUSIVE CAMINHÃO TOCO PBT 16.000 KG,POTÊNCIA DE 189 CV - CHP DIURNO. AF_06/2014","Equipamento",null,"CHP",0.23880000000000001,{"$f":"IF(A70=\"Insumo\",VLOOKUP(B70,'Insumos-SINAPI'!$A$1:$E$4813,5,FALSE),VLOOKUP(B70,'Comp-SINAPI'!$A$3:$E$7739,5,FALSE))","v":276.58},66.040000000000006,null,{"$error":"#N/A"}]
[{"$nulls":4},"MO sem LS =>",{"$f":"J71/$M$2","v":19.239999999999998},"LS =>",{"$f":"F71*$J$2","v":22.04},"MO com LS =>",{"$f":"_xlfn.AGGREGATE(9,6,L68:L70)","v":41.27},null,{"$error":"#N/A"}]
[{"$nulls":4},"Valor do BDI =>",{"$f":"J67*$G$2","v":28.92},null,"Valor com BDI =>",null,{"$f":"J67*(1+$G$2)","v":146.68},null,{"$error":"#VALUE!"}]
["1.4","Código","Banco","Descrição","Tipo",null,"Und","Quant.","Valor Unit","Total",null,{"$error":"#VALUE!"}]
["Insumo",42245,"SINAPI","LUMINARIA DE LED PARA ILUMINACAO PUBLICA, DE 51 W ATE 67 W, INVOLUCRO EM ALUMINIO OU ACO INOX","Material",null,"unid",1,{"$f":"IF(A74=\"Insumo\",VLOOKUP(B74,'Insumos-SINAPI'!$A$1:$E$4813,5,FALSE),VLOOKUP(B74,'Comp-SINAPI'!$A$3:$E$7739,5,FALSE))","v":375.66},{"$f":"I74*H74","v":375.66},null,{"$error":"#N/A"}]
["Insumo",42245,"SINAPI","LUMINARIA DE LED PARA ILUMINACAO PUBLICA, DE 51 W ATE 67 W, INVOLUCRO EM ALUMINIO OU ACO INOX","Material",null,"UND",1,{"$f":"IF(A75=\"Insumo\",VLOOKUP(B75,'Insumos-SINAPI'!$A$1:$E$4813,5,FALSE),VLOOKUP(B75,'Comp-SINAPI'!$A$3:$E$7739,5,FALSE))","v":375.66},{"$f":"I75*H75","v":375.66},null,{"$error":"#N/A"}]
[{"$nulls":4},"MO sem LS =>",{"$f":"J76/$M$2","v":0},"LS =>",{"$f":"F76*$J$2","v":0},"MO com LS =>",{"$f":"_xlfn.AGGREGATE(9,6,L75:L75)","v":0},null,{"$error":"#N/A"}]
[{"$nulls":4},"Valor do BDI =>",{"$f":"J74*$H$3","v":50.71},null,"Valor com BDI =>",null,{"$f":"J74*(1+$H$3)","v":426.37},null,{"$error":"#VALUE!"}]
[{"$nulls":11},{"$error":"#N/A"}]
["4.2","Código","Banco","Descrição","Tipo",null,"Und","Quant.","Valor Unit","Total",null,{"$error":"#VALUE!"}]
["Insumo",42247,"SINAPI","LUMINARIA DE LED PARA ILUMINACAO PUBLICA, DE 138 W ATE 180 W, INVOLUCRO EM ALUMINIO OU ACO INOX","Material",null,"unid",1,{"$f":"IF(A80=\"Insumo\",VLOOKUP(B80,'Insumos-SINAPI'!$A$1:$E$4813,5,FALSE),VLOOKUP(B80,'Comp-SINAPI'!$A$3:$E$7739,5,FALSE))","v":677.41},{"$f":"I80*H80","v":677.41},null,{"$error":"#N/A"}]
["Insumo",42247,"SINAPI","LUMINARIA DE LED PARA ILUMINACAO PUBLICA, DE 138 W ATE 180 W, INVOLUCRO EM ALUMINIO OU ACO INOX","Material",null,"UND",1,{"$f":"IF(A81=\"Insumo\",VLOOKUP(B81,'Insumos-SINAPI'!$A$1:$E$4813,5,FALSE),VLOOKUP(B81,'Comp-SINAPI'!$A$3:$E$7739,5,FALSE))","v":677.41},{"$f":"I81*H81","v":677.41},null,{"$error":"#N/A"}]
[{"$nulls":4},"MO sem LS =>",{"$f":"J82/$M$2","v":0},"LS =>",{"$f":"F82*$J$2","v":0},"MO com LS =>",{"$f":"_xlfn.AGGREGATE(9,6,L81:L81)","v":0},null,{"$error":"#N/A"}]
[{"$nulls":4},"Valor do BDI =>",{"$f":"J80*$H$3","v":91.45},null,"Valor com BDI =>",null,{"$f":"J80*(1+$H$3)","v":768.86},null,{"$error":"#VALUE!"}]
[]
[]
["4.3","Código","Banco","Descrição","Tipo",null,"Und","Quant.","Valor Unit","Total",null,{"$f":"H86*VLOOKUP(B86,$B$402:$E$409,4,FALSE)","v":{"$error":"#VALUE!"}}]
["Composição",101632,"SINAPI","RELÉ FOTOELÉTRICO PARA COMANDO DE ILUMINAÇÃO EXTERNA 1000 W - FORNECIMENTO E INSTALAÇÃO. AF_08/2020","SEDI - SERVIÇOS DIVERSOS",null,"UNID",1,{"$f":"SUM(J88:J91)","v":36.4},{"$f":"I87*H87","v":36.4},null,{"$error":"#N/A"}]
["Insumo",2510,"SINAPI","RELE FOTOELETRICO INTERNO E EXTERNO BIVOLT 1000 W, DE CONECTOR, SEM BASE                                                                                                                                                                                                                                                                                                                                                                                                                                  ","Material",null,"unid",1,{"$f":"IF(A88=\"Insumo\",VLOOKUP(B88,'Insumos-SINAPI'!$A$1:$E$4813,5,FALSE),VLOOKUP(B88,'Comp-SINAPI'!$A$3:$E$7739,5,FALSE))","v":35.46},{"$f":"TRUNC(I88*H88,2)","v":35.46},null,{"$error":"#N/A"}]
["Insumo",21127,"SINAPI","FITA ISOLANTE ADESIVA ANTICHAMA, USO ATE 750 V, EM ROLO DE 19 MM X 5 M","Equipamento",null,"unid",2.1000000000000001E-2,{"$f":"IF(A89=\"Insumo\",VLOOKUP(B89,'Insumos-SINAPI'!$A$1:$E$4813,5,FALSE),VLOOKUP(B89,'Comp-SINAPI'!$A$3:$E$7739,5,FALSE))","v":6.05},{"$f":"TRUNC(I89*H89,2)","v":0.12},null,{"$error":"#N/A"}]
["Composição Auxiliar",88247,"SINAPI","AUXILIAR DE ELETRICISTA COM ENCARGOS COMPLEMENTARES","SEDI - SERVIÇOS DIVERSOS",null,"H",1.6799999999999999E-2,{"$f":"IF(A90=\"Insumo\",VLOOKUP(B90,'Insumos-SINAPI'!$A$1:$E$4813,5,FALSE),VLOOKUP(B90,'Comp-SINAPI'!$A$3:$E$7739,5,FALSE))","v":22.45},0.37,null,0.29332799999999998]
["Composição Auxiliar",88264,"SINAPI","ELETRICISTA COM ENCARGOS COMPLEMENTARES","SEDI - SERVIÇOS DIVERSOS",null,"H",1.6799999999999999E-2,{"$f":"IF(A91=\"Insumo\",VLOOKUP(B91,'Insumos-SINAPI'!$A$1:$E$4813,5,FALSE),VLOOKUP(B91,'Comp-SINAPI'!$A$3:$E$7739,5,FALSE))","v":26.88},0.45,null,0.36775200000000002]
[{"$nulls":4},"MO sem LS =>",{"$f":"J92/$M$2","v":0.31},"LS =>",{"$f":"F92*$J$2","v":0.36},"MO com LS =>",{"$f":"_xlfn.AGGREGATE(9,6,L88:L91)","v":0.66},null,{"$error":"#N/A"}]
[{"$nulls":4},"Valor do BDI =>",{"$f":"J87*$G$2","v":8.94},null,"Valor com BDI =>",null,{"$f":"J87*(1+$G$2)","v":45.34},null,{"$error":"#VALUE!"}]
[]
[]
[{"$nulls":11},{"$f":"H96*VLOOKUP(B96,$B$402:$E$409,4,FALSE)","v":{"$error":"#N/A"}}]
["5.1","Código","Banco","Descrição","Tipo",null,"Und","Quant.","Valor Unit","Total",null,{"$error":"#VALUE!"}]
["Composição",101636,"SINAPI","BRAÇO PARA ILUMINAÇÃO PÚBLICA, EM TUBO DE AÇO GALVANIZADO, COMPRIMENTO DE 1,50 M, PARA FIXAÇÃO EM POSTE DE CONCRETO - FORNECIMENTO E INSTALAÇÃO AF_08/2020","SEDI - SERVIÇOS DIVERSOS",null,"UNID",1,{"$f":"SUM(J99:J103)","v":151.83000000000001},{"$f":"I98*H98","v":151.83000000000001},null,{"$error":"#N/A"}]
["Insumo",1022,"SINAPI","CABO DE COBRE, FLEXIVEL, CLASSE 4 OU 5, ISOLACAO EM PVC/A, ANTICHAMA BWF-B, COBERTURA PVC-ST1, ANTICHAMA BWF-B, 1 CONDUTOR, 0,6/1 KV, SECAO NOMINAL 2,5 MM2                                                                                                                                                                                                                                                                                                                                               ","Material",null,"m",5,{"$f":"IF(A99=\"Insumo\",VLOOKUP(B99,'Insumos-SINAPI'!$A$1:$E$4813,5,FALSE),VLOOKUP(B99,'Comp-SINAPI'!$A$3:$E$7739,5,FALSE))","v":2.72},{"$f":"TRUNC(I99*H99,2)","v":13.6},null,{"$error":"#N/A"}]
["Insumo",2512,"SINAPI","BRACO P/ LUMINARIA PUBLICA 1 X 1,50M ROMAGNOLE OU EQUIV","Material",null,"UN",1,{"$f":"IF(A100=\"Insumo\",VLOOKUP(B100,'Insumos-SINAPI'!$A$1:$E$4813,5,FALSE),VLOOKUP(B100,'Comp-SINAPI'!$A$3:$E$7739,5,FALSE))","v":39},{"$f":"TRUNC(I100*H100,2)","v":39},null,{"$error":"#N/A"}]
["Composição Auxiliar",5928,"SINAPI","GUINDAUTO HIDRÁULICO, CAPACIDADE MÁXIMA DE CARGA 6200 KG, MOMENTO MÁXIMO DE CARGA 11,7 TM, ALCANCE MÁXIMO HORIZONTAL 9,70 M,INCLUSIVE CAMINHÃO TOCO PBT 16.000 KG,POTÊNCIA DE 189 CV - CHP DIURNO. AF_06/2014","Equipamento",null,"CHP",0.23880000000000001,{"$f":"IF(A101=\"Insumo\",VLOOKUP(B101,'Insumos-SINAPI'!$A$1:$E$4813,5,FALSE),VLOOKUP(B101,'Comp-SINAPI'!$A$3:$E$7739,5,FALSE))","v":276.58},66.040000000000006,null,{"$error":"#N/A"}]
["Composição Auxiliar",88247,"SINAPI","AUXILIAR DE ELETRICISTA COM ENCARGOS COMPLEMENTARES","SEDI - SERVIÇOS DIVERSOS",null,"H",0.67300000000000004,{"$f":"IF(A102=\"Insumo\",VLOOKUP(B102,'Insumos-SINAPI'!$A$1:$E$4813,5,FALSE),VLOOKUP(B102,'Comp-SINAPI'!$A$3:$E$7739,5,FALSE))","v":22.45},15.1,null,11.750579999999999]
["Composição Auxiliar",88264,"SINAPI","ELETRICISTA COM ENCARGOS COMPLEMENTARES","SEDI - SERVIÇOS DIVERSOS",null,"H",0.67300000000000004,{"$f":"IF(A103=\"Insumo\",VLOOKUP(B103,'Insumos-SINAPI'!$A$1:$E$4813,5,FALSE),VLOOKUP(B103,'Comp-SINAPI'!$A$3:$E$7739,5,FALSE))","v":26.88},18.09,null,14.73197]
[{"$nulls":4},"MO sem LS =>",{"$f":"J104/$M$2","v":12.34},"LS =>",{"$f":"F104*$J$2","v":14.14},"MO com LS =>",{"$f":"_xlfn.AGGREGATE(9,6,L99:L103)","v":26.48},null,{"$error":"#N/A"}]
[{"$nulls":4},"Valor do BDI =>",{"$f":"J98*$G$2","v":37.29},null,"Valor com BDI =>",null,{"$f":"J98*(1+$G$2)","v":189.12},null,{"$error":"#VALUE!"}]
["5.2","Código","Banco","Descrição","Tipo",null,"Und","Quant.","Valor Unit","Total",null,{"$error":"#VALUE!"}]
["Composição",101637,"SINAPI","BRAÇO PARA ILUMINAÇÃO PÚBLICA, EM TUBO DE AÇO GALVANIZADO, COMPRIMENTO DE 1,50 M, PARA FIXAÇÃO EM POSTE METÁLICO - FORNECIMENTO E INSTALAÇÃO ","SEDI - SERVIÇOS DIVERSOS",null,"UNID",1,{"$f":"SUM(J108:J112)","v":146.38999999999999},{"$f":"I107*H107","v":146.38999999999999},null,{"$error":"#N/A"}]
["Insumo",1022,"SINAPI","CABO DE COBRE, FLEXIVEL, CLASSE 4 OU 5, ISOLACAO EM PVC/A, ANTICHAMA BWF-B, COBERTURA PVC-ST1, ANTICHAMA BWF-B, 1 CONDUTOR, 0,6/1 KV, SECAO NOMINAL 2,5 MM2","Material",null,"m",3,{"$f":"IF(A108=\"Insumo\",VLOOKUP(B108,'Insumos-SINAPI'!$A$1:$E$4813,5,FALSE),VLOOKUP(B108,'Comp-SINAPI'!$A$3:$E$7739,5,FALSE))","v":2.72},{"$f":"TRUNC(I108*H108,2)","v":8.16},null,{"$error":"#N/A"}]
["Insumo",2512,"SINAPI","BRACO P/ LUMINARIA PUBLICA 1 X 1,50M ROMAGNOLE OU EQUIV","Material",null,"UN",1,{"$f":"IF(A109=\"Insumo\",VLOOKUP(B109,'Insumos-SINAPI'!$A$1:$E$4813,5,FALSE),VLOOKUP(B109,'Comp-SINAPI'!$A$3:$E$7739,5,FALSE))","v":39},{"$f":"TRUNC(I109*H109,2)","v":39},null,{"$error":"#N/A"}]
["Composição Auxiliar",5928,"SINAPI","GUINDAUTO HIDRÁULICO, CAPACIDADE MÁXIMA DE CARGA 6200 KG, MOMENTO MÁXIMO DE CARGA 11,7 TM, ALCANCE MÁXIMO HORIZONTAL 9,70 M, INCLUSIVE CAMINHÃO TOCO PBT 16.000 KG, POTÊNCIA DE 189 CV - CHP DIURNO. AF_06/2014","Equipamento",null,"CHP",0.23880000000000001,{"$f":"IF(A110=\"Insumo\",VLOOKUP(B110,'Insumos-SINAPI'!$A$1:$E$4813,5,FALSE),VLOOKUP(B110,'Comp-SINAPI'!$A$3:$E$7739,5,FALSE))","v":276.58},{"$f":"TRUNC(I110*H110,2)","v":66.040000000000006},null,{"$error":"#N/A"}]
["Composição Auxiliar",88247,"SINAPI","AUXILIAR DE ELETRICISTA COM ENCARGOS COMPLEMENTARES","SEDI - SERVIÇOS DIVERSOS",null,"H",0.67300000000000004,{"$f":"IF(A111=\"Insumo\",VLOOKUP(B111,'Insumos-SINAPI'!$A$1:$E$4813,5,FALSE),VLOOKUP(B111,'Comp-SINAPI'!$A$3:$E$7739,5,FALSE))","v":22.45},15.1,null,11.750579999999999]
["Composição Auxiliar",88264,"SINAPI","ELETRICISTA COM ENCARGOS COMPLEMENTARES","SEDI - SERVIÇOS DIVERSOS",null,"H",0.67300000000000004,{"$f":"IF(A112=\"Insumo\",VLOOKUP(B112,'Insumos-SINAPI'!$A$1:$E$4813,5,FALSE),VLOOKUP(B112,'Comp-SINAPI'!$A$3:$E$7739,5,FALSE))","v":26.88},18.09,null,14.73197]
[{"$nulls":4},"MO sem LS =>",{"$f":"J113/$M$2","v":12.34},"LS =>",{"$f":"F113*$J$2","v":14.14},"MO com LS =>",{"$f":"_xlfn.AGGREGATE(9,6,L107:L112)","v":26.48},null,{"$error":"#N/A"}]
[{"$nulls":4},"Valor do BDI =>",{"$f":"J107*$G$2","v":35.950000000000003},null,"Valor com BDI =>",null,{"$f":"J107*(1+$G$2)","v":182.34},null,{"$error":"#VALUE!"}]
["5.3","Código","Banco","Descrição","Tipo",null,"Und","Quant.","Valor Unit","Total",null,{"$error":"#VALUE!"}]
["Insumo",13800,"ORSE","Braço Curvo em Aço Galvanizado a Fogo, com sapata de 48x2000mm DI ou similar ","SEDI - SERVIÇOS DIVERSOS",null,"UNID",1,{"$f":"SUM(J117:J117)","v":255.66},{"$f":"I116*H116","v":255.66},null,{"$error":"#N/A"}]
["Insumo",13800,"ORSE","Braço Curvo em Aço Galvanizado a Fogo, com sapata de 48x2000mm DI ou similar\t","Material",null,"UN",1,255.66,{"$f":"TRUNC(I117*H117,2)","v":255.66},null,{"$error":"#N/A"}]
[{"$nulls":4},"MO sem LS =>",{"$f":"J118/$M$2","v":0},"LS =>",{"$f":"F118*$J$2","v":0},"MO com LS =>",{"$f":"_xlfn.AGGREGATE(9,6,L115:L117)","v":0},null,{"$error":"#N/A"}]
[{"$nulls":4},"Valor do BDI =>",{"$f":"J116*$H$3","v":34.51},null,"Valor com BDI =>",null,{"$f":"J116*(1+$H$3)","v":290.17},null,{"$error":"#VALUE!"}]
["5.4","Código","Banco","Descrição","Tipo",null,"Und","Quant.","Valor Unit","Total",null,{"$error":"#VALUE!"}]
["Composição",6,"Próprio","Substituição de braço","SEDI - SERVIÇOS DIVERSOS",null,"UNID",1,{"$f":"SUM(J122:J124)","v":99.23},{"$f":"I121*H121","v":99.23},null,{"$error":"#N/A"}]
["Composição Auxiliar",5928,"SINAPI","GUINDAUTO HIDRÁULICO, CAPACIDADE MÁXIMA DE CARGA 6200 KG, MOMENTO MÁXIMO DE CARGA 11,7 TM, ALCANCE MÁXIMO HORIZONTAL 9,70 M, INCLUSIVE CAMINHÃO TOCO PBT 16.000 KG, POTÊNCIA DE 189 CV - CHP DIURNO. AF_06/2014","Equipamento",null,"CHP",0.23880000000000001,{"$f":"IF(A122=\"Insumo\",VLOOKUP(B122,'Insumos-SINAPI'!$A$1:$E$4813,5,FALSE),VLOOKUP(B122,'Comp-SINAPI'!$A$3:$E$7739,5,FALSE))","v":276.58},{"$f":"TRUNC(I122*H122,2)","v":66.040000000000006},null,{"$error":"#N/A"}]
["Composição Auxiliar",88247,"SINAPI","AUXILIAR DE ELETRICISTA COM ENCARGOS COMPLEMENTARES","SEDI - SERVIÇOS DIVERSOS",null,"H",0.67300000000000004,{"$f":"IF(A123=\"Insumo\",VLOOKUP(B123,'Insumos-SINAPI'!$A$1:$E$4813,5,FALSE),VLOOKUP(B123,'Comp-SINAPI'!$A$3:$E$7739,5,FALSE))","v":22.45},{"$f":"TRUNC(I123*H123,2)","v":15.1},null,11.750579999999999]
["Composição Auxiliar",88264,"SINAPI","ELETRICISTA COM ENCARGOS COMPLEMENTARES","SEDI - SERVIÇOS DIVERSOS",null,"H",0.67300000000000004,{"$f":"IF(A124=\"Insumo\",VLOOKUP(B124,'Insumos-SINAPI'!$A$1:$E$4813,5,FALSE),VLOOKUP(B124,'Comp-SINAPI'!$A$3:$E$7739,5,FALSE))","v":26.88},{"$f":"TRUNC(I124*H124,2)","v":18.09},null,{"$f":"H124*VLOOKUP(B124,$B$402:$E$409,4,FALSE)","v":14.73197}]
[{"$nulls":4},"MO sem LS =>",{"$f":"J125/$M$2","v":12.34},"LS =>",{"$f":"F125*$J$2","v":14.14},"MO com LS =>",{"$f":"_xlfn.AGGREGATE(9,6,L119:L124)","v":26.48},null,{"$error":"#N/A"}]
[{"$nulls":4},"Valor do BDI =>",{"$f":"J121*$G$2","v":24.37},null,"Valor com BDI =>",null,{"$f":"J121*(1+$G$2)","v":123.6},null,{"$error":"#VALUE!"}]
[{"$nulls":11},{"$error":"#N/A"}]
["5.5","Código","Banco","Descrição","Tipo",null,"Und","Quant.","Valor Unit","Total",null,{"$error":"#VALUE!"}]
["Composição",13801,"ORSE","Braço Curvo em Aço Galvanizado a Fogo, com sapata de 48x3000mm DI ou similar ","SEDI - SERVIÇOS DIVERSOS",null,"UNID",1,{"$f":"SUM(J130:J130)","v":378.38},{"$f":"I129*H129","v":378.38},null,{"$error":"#N/A"}]
["Insumo",13801,"ORSE","Braço Curvo em Aço Galvanizado a Fogo, com sapata de 48x3000mm DI ou similar\t","Material",null,"UN",1,378.38,{"$f":"TRUNC(I130*H130,2)","v":378.38},null,{"$error":"#N/A"}]
[{"$nulls":4},"MO sem LS =>",{"$f":"J131/$M$2","v":0},"LS =>",{"$f":"F131*$J$2","v":0},"MO com LS =>",{"$f":"_xlfn.AGGREGATE(9,6,L128:L130)","v":0},null,{"$error":"#N/A"}]
[{"$nulls":4},"Valor do BDI =>",{"$f":"J129*$H$3","v":51.08},null,"Valor com BDI =>",null,{"$f":"J129*(1+$H$3)","v":429.46},null,{"$error":"#VALUE!"}]
[{"$nulls":11},{"$error":"#N/A"}]
["5.6","Código","Banco","Descrição","Tipo",null,"Und","Quant.","Valor Unit","Total",null,{"$error":"#VALUE!"}]
["Composição",2637,"ORSE","Conector perfuração 25-95/2 95 mm\t","SEDI - SERVIÇOS DIVERSOS",null,"UNID",1,{"$f":"SUM(J136:J136)","v":9.9},{"$f":"I135*H135","v":9.9},null,{"$error":"#N/A"}]
["Insumo",2637,"ORSE","Conector perfuração 25-95/2 95 mm\t","Material",null,"UN",1,9.9,{"$f":"TRUNC(I136*H136,2)","v":9.9},null,{"$error":"#N/A"}]
[{"$nulls":4},"MO sem LS =>",{"$f":"J137/$M$2","v":0},"LS =>",{"$f":"F137*$J$2","v":0},"MO com LS =>",{"$f":"_xlfn.AGGREGATE(9,6,L134:L136)","v":0},null,{"$error":"#N/A"}]
[{"$nulls":4},"Valor do BDI =>",{"$f":"J135*$G$2","v":2.4300000000000002},null,"Valor com BDI =>",null,{"$f":"J135*(1+$G$2)","v":12.33},null,{"$error":"#VALUE!"}]
[{"$nulls":11},{"$error":"#N/A"}]
[{"$nulls":11},{"$error":"#N/A"}]
["5.7","Código","Banco","Descrição","Tipo",null,"Und","Quant.","Valor Unit","Total",null,{"$error":"#VALUE!"}]
["Composição",91927,"SINAPI*Adaptado","CABO DE COBRE FLEXÍVEL ISOLADO, 2,5 MM², ANTI-CHAMA 0,6/1,0 KV, PARA CIRCUITOS TERMINAIS - FORNECIMENTO E INSTALAÇÃO. AF_03/2023","SEDI - SERVIÇOS DIVERSOS",null,"UNID",1,{"$f":"SUM(J143:J144)","v":3.43},{"$f":"I142*H142","v":3.43},null,{"$error":"#N/A"}]
["Insumo",1022,"SINAPI","CABO DE COBRE, FLEXIVEL, CLASSE 4 OU 5, ISOLACAO EM PVC/A, ANTICHAMA BWF-B, COBERTURA PVC-ST1, ANTICHAMA BWF-B, 1 CONDUTOR, 0,6/1 KV, SECAO NOMINAL 2,5 MM2","Material",null,"unid",1.2434000000000001,{"$f":"IF(A143=\"Insumo\",VLOOKUP(B143,'Insumos-SINAPI'!$A$1:$E$4813,5,FALSE),VLOOKUP(B143,'Comp-SINAPI'!$A$3:$E$7739,5,FALSE))","v":2.72},{"$f":"TRUNC(I143*H143,2)","v":3.38},null,{"$error":"#N/A"}]
["Insumo",21127,"SINAPI","FITA ISOLANTE ADESIVA ANTICHAMA, USO ATE 750 V, EM ROLO DE 19 MM X 5 M","Material",null,"unid",9.4000000000000004E-3,{"$f":"IF(A144=\"Insumo\",VLOOKUP(B144,'Insumos-SINAPI'!$A$1:$E$4813,5,FALSE),VLOOKUP(B144,'Comp-SINAPI'!$A$3:$E$7739,5,FALSE))","v":6.05},{"$f":"TRUNC(I144*H144,2)","v":0.05},null,{"$error":"#N/A"}]
[null,null,"* Removido mão de obra, pois incluída na instalação do braço",null,"MO sem LS =>",{"$f":"J145/$M$2","v":0},"LS =>",{"$f":"F145*$J$2","v":0},"MO com LS =>",{"$f":"_xlfn.AGGREGATE(9,6,L143:L144)","v":0},null,{"$error":"#N/A"}]
[{"$nulls":4},"Valor do BDI =>",{"$f":"J142*$G$2","v":0.84},null,"Valor com BDI =>",null,{"$f":"J142*(1+$G$2)","v":4.2699999999999996},null,{"$error":"#VALUE!"}]
[]
[]
[]
[{"$nulls":11},{"$f":"H150*VLOOKUP(B150,$B$402:$E$409,4,FALSE)","v":{"$error":"#N/A"}}]
[{"$nulls":11},{"$error":"#N/A"}]
[{"$nulls":11},{"$error":"#N/A"}]
["Composições Auxiliares",{"$nulls":10},{"$error":"#N/A"}]
[{"$nulls":11},{"$error":"#N/A"}]
[null,"Código","Banco","Descrição","Tipo",null,"Und","Quant.","Valor Unit","Total",null,{"$error":"#VALUE!"}]
["Composição",88247,"SINAPI","AUXILIAR DE ELETRICISTA COM ENCARGOS COMPLEMENTARES","SEDI - SERVIÇOS DIVERSOS",null,"H",1,{"$f":"SUM(J157:J164)","v":22.45},{"$f":"I156*H156","v":22.45},null,17.46]
["Composição Auxiliar",95316,"SINAPI","CURSO DE CAPACITAÇÃO PARA AUXILIAR DE ELETRICISTA (ENCARGOS COMPLEMENTARES) - HORISTA","SEDI - SERVIÇOS DIVERSOS",null,"H",1,{"$f":"IF(A157=\"Insumo\",VLOOKUP(B157,'Insumos-SINAPI'!$A$1:$E$4813,5,FALSE),VLOOKUP(B157,'Comp-SINAPI'!$A$3:$E$7739,5,FALSE))","v":0.71},{"$f":"I157*H157","v":0.71},null,{"$error":"#N/A"}]
["Insumo",247,"SINAPI","AJUDANTE DE ELETRICISTA (HORISTA)","Mão de Obra",null,"H",1,{"$f":"IF(A158=\"Insumo\",VLOOKUP(B158,'Insumos-SINAPI'!$A$1:$E$4813,5,FALSE),VLOOKUP(B158,'Comp-SINAPI'!$A$3:$E$7739,5,FALSE))","v":16.75},{"$f":"I158*H158","v":16.75},null,{"$error":"#N/A"}]
["Insumo",37370,"SINAPI","ALIMENTACAO - HORISTA (COLETADO CAIXA)","Outros",null,"H",1,{"$f":"IF(A159=\"Insumo\",VLOOKUP(B159,'Insumos-SINAPI'!$A$1:$E$4813,5,FALSE),VLOOKUP(B159,'Comp-SINAPI'!$A$3:$E$7739,5,FALSE))","v":1.02},1.02,null,{"$error":"#N/A"}]
["Insumo",37371,"SINAPI","TRANSPORTE - HORISTA (COLETADO CAIXA)","Serviços",null,"H",1,{"$f":"IF(A160=\"Insumo\",VLOOKUP(B160,'Insumos-SINAPI'!$A$1:$E$4813,5,FALSE),VLOOKUP(B160,'Comp-SINAPI'!$A$3:$E$7739,5,FALSE))","v":0.56999999999999995},0.56999999999999995,null,{"$error":"#N/A"}]
["Insumo",37372,"SINAPI","EXAMES - HORISTA (COLETADO CAIXA)","Outros",null,"H",1,{"$f":"IF(A161=\"Insumo\",VLOOKUP(B161,'Insumos-SINAPI'!$A$1:$E$4813,5,FALSE),VLOOKUP(B161,'Comp-SINAPI'!$A$3:$E$7739,5,FALSE))","v":1.34},1.34,null,{"$error":"#N/A"}]
["Insumo",37373,"SINAPI","SEGURO - HORISTA (COLETADO CAIXA)","Taxas",null,"H",1,{"$f":"IF(A162=\"Insumo\",VLOOKUP(B162,'Insumos-SINAPI'!$A$1:$E$4813,5,FALSE),VLOOKUP(B162,'Comp-SINAPI'!$A$3:$E$7739,5,FALSE))","v":0.01},0.01,null,{"$error":"#N/A"}]
["Insumo",43460,"SINAPI","FERRAMENTAS - FAMILIA ELETRICISTA - HORISTA (ENCARGOS COMPLEMENTARES - COLETADO CAIXA)","Equipamento",null,"H",1,{"$f":"IF(A163=\"Insumo\",VLOOKUP(B163,'Insumos-SINAPI'!$A$1:$E$4813,5,FALSE),VLOOKUP(B163,'Comp-SINAPI'!$A$3:$E$7739,5,FALSE))","v":0.85},0.85,null,{"$error":"#N/A"}]
["Insumo",43484,"SINAPI","EPI - FAMILIA ELETRICISTA - HORISTA (ENCARGOS COMPLEMENTARES - COLETADO CAIXA)","Equipamento",null,"H",1,{"$f":"IF(A164=\"Insumo\",VLOOKUP(B164,'Insumos-SINAPI'!$A$1:$E$4813,5,FALSE),VLOOKUP(B164,'Comp-SINAPI'!$A$3:$E$7739,5,FALSE))","v":1.2},1.2,null,{"$error":"#N/A"}]
[{"$nulls":4},"MO sem LS =>",{"$f":"J165/$M$2","v":8.14},"LS =>",{"$f":"F165*$J$2","v":9.32},"MO com LS =>",{"$f":"J158+J157","v":17.46},null,{"$error":"#N/A"}]
[{"$nulls":4},"Valor do BDI =>",{"$f":"J156*$G$2","v":5.51},null,"Valor com BDI =>",null,{"$f":"J156*(1+$G$2)","v":27.96},null,{"$error":"#VALUE!"}]
[{"$nulls":11},{"$error":"#N/A"}]
[{"$nulls":11},{"$error":"#N/A"}]
[{"$nulls":11},{"$error":"#N/A"}]
[null,"Código","Banco","Descrição","Tipo",null,"Und","Quant.","Valor Unit","Total"]
["Composição",100309,"SINAPI","TÉCNICO EM SEGURANÇA DO TRABALHO COM ENCARGOS COMPLEMENTARES","SEDI - SERVIÇOS DIVERSOS",null,"H",1,{"$f":"SUM(J172:J177)","v":29.12},{"$f":"I171*H171","v":29.12}]
["INSUMO",37372,"SINAPI","EXAMES - HORISTA (COLETADO CAIXA - ENCARGOS COMPLEMENTARES)","Outros",null,"H",1,{"$f":"IF(A172=\"Insumo\",VLOOKUP(B172,'Insumos-SINAPI'!$A$1:$E$4813,5,FALSE),VLOOKUP(B172,'Comp-SINAPI'!$A$3:$E$7739,5,FALSE))","v":1.34},{"$f":"I172*H172","v":1.34}]
["INSUMO",37373,"SINAPI","SEGURO - HORISTA (COLETADO CAIXA - ENCARGOS COMPLEMENTARES)","Outros",null,"H",1,{"$f":"IF(A173=\"Insumo\",VLOOKUP(B173,'Insumos-SINAPI'!$A$1:$E$4813,5,FALSE),VLOOKUP(B173,'Comp-SINAPI'!$A$3:$E$7739,5,FALSE))","v":0.01},{"$f":"I173*H173","v":0.01}]
["INSUMO",40943,"SINAPI","TECNICO EM SEGURANCA DO TRABALHO (HORISTA)","Mão de Obra",null,"H",1,{"$f":"IF(A174=\"Insumo\",VLOOKUP(B174,'Insumos-SINAPI'!$A$1:$E$4813,5,FALSE),VLOOKUP(B174,'Comp-SINAPI'!$A$3:$E$7739,5,FALSE))","v":26.38},{"$f":"I174*H174","v":26.38}]
["INSUMO",43458,"SINAPI","FERRAMENTAS - FAMILIA ALMOXARIFE - HORISTA (ENCARGOS COMPLEMENTARES - COLETADO CAIXA)","Equipamento",null,"H",1,{"$f":"IF(A175=\"Insumo\",VLOOKUP(B175,'Insumos-SINAPI'!$A$1:$E$4813,5,FALSE),VLOOKUP(B175,'Comp-SINAPI'!$A$3:$E$7739,5,FALSE))","v":0.06},0.06]
["INSUMO",43482,"SINAPI","EPI - FAMILIA ALMOXARIFE - HORISTA (ENCARGOS COMPLEMENTARES - COLETADO CAIXA)","Equipamento",null,"H",1,{"$f":"IF(A176=\"Insumo\",VLOOKUP(B176,'Insumos-SINAPI'!$A$1:$E$4813,5,FALSE),VLOOKUP(B176,'Comp-SINAPI'!$A$3:$E$7739,5,FALSE))","v":0.79},0.79]
["COMPOSICAO",100299,"SINAPI","CURSO DE CAPACITAÇÃO PARA TÉCNICO EM SEGURANÇA DO TRABALHO (ENCARGOS COMPLEMENTARES) - HORISTA","SEDI - SERVIÇOS DIVERSOS",null,"H",1,{"$f":"IF(A177=\"Insumo\",VLOOKUP(B177,'Insumos-SINAPI'!$A$1:$E$4813,5,FALSE),VLOOKUP(B177,'Comp-SINAPI'!$A$3:$E$7739,5,FALSE))","v":0.54},0.54]
[{"$nulls":4},"MO sem LS =>",{"$f":"J178/$M$2","v":12.55},"LS =>",{"$f":"F178*$J$2","v":14.38},"MO com LS =>",{"$f":"J174+J177","v":26.92}]
[{"$nulls":4},"Valor do BDI =>",{"$f":"J171*$G$2","v":7.15},null,"Valor com BDI =>",null,{"$f":"J171*(1+$G$2)","v":36.270000000000003}]
[null,"Código","Banco","Descrição","Tipo",null,"Und","Quant.","Valor Unit","Total",null,{"$f":"H180*VLOOKUP(B180,$B$402:$E$409,4,FALSE)","v":{"$error":"#VALUE!"}}]
["Composição",88262,"SINAPI","CARPINTEIRO DE FORMAS COM ENCARGOS COMPLEMENTARES","SEDI - SERVIÇOS DIVERSOS",null,"H",1,{"$f":"SUM(J182:J189)","v":26.12},{"$f":"I181*H181","v":26.12},null,21.26]
["Composição Auxiliar",95330,"SINAPI","CURSO DE CAPACITAÇÃO PARA CARPINTEIRO DE FÔRMAS (ENCARGOS COMPLEMENTARES) - HORISTA","SEDI - SERVIÇOS DIVERSOS",null,"H",1,{"$f":"IF(A182=\"Insumo\",VLOOKUP(B182,'Insumos-SINAPI'!$A$1:$E$4813,5,FALSE),VLOOKUP(B182,'Comp-SINAPI'!$A$3:$E$7739,5,FALSE))","v":0.27},{"$f":"I182*H182","v":0.27},null,{"$error":"#N/A"}]
["Insumo",1213,"SINAPI","CARPINTEIRO DE FORMAS (HORISTA)","Mão de Obra",null,"H",1,{"$f":"IF(A183=\"Insumo\",VLOOKUP(B183,'Insumos-SINAPI'!$A$1:$E$4813,5,FALSE),VLOOKUP(B183,'Comp-SINAPI'!$A$3:$E$7739,5,FALSE))","v":20.99},{"$f":"I183*H183","v":20.99},null,{"$error":"#N/A"}]
["Insumo",37370,"SINAPI","ALIMENTACAO - HORISTA (COLETADO CAIXA)","Outros",null,"H",1,{"$f":"IF(A184=\"Insumo\",VLOOKUP(B184,'Insumos-SINAPI'!$A$1:$E$4813,5,FALSE),VLOOKUP(B184,'Comp-SINAPI'!$A$3:$E$7739,5,FALSE))","v":1.02},{"$f":"I184*H184","v":1.02},null,{"$error":"#N/A"}]
["Insumo",37371,"SINAPI","TRANSPORTE - HORISTA (COLETADO CAIXA)","Serviços",null,"H",1,{"$f":"IF(A185=\"Insumo\",VLOOKUP(B185,'Insumos-SINAPI'!$A$1:$E$4813,5,FALSE),VLOOKUP(B185,'Comp-SINAPI'!$A$3:$E$7739,5,FALSE))","v":0.56999999999999995},{"$f":"I185*H185","v":0.56999999999999995},null,{"$error":"#N/A"}]
["Insumo",37372,"SINAPI","EXAMES - HORISTA (COLETADO CAIXA)","Outros",null,"H",1,{"$f":"IF(A186=\"Insumo\",VLOOKUP(B186,'Insumos-SINAPI'!$A$1:$E$4813,5,FALSE),VLOOKUP(B186,'Comp-SINAPI'!$A$3:$E$7739,5,FALSE))","v":1.34},1.34,null,{"$error":"#N/A"}]
["Insumo",37373,"SINAPI","SEGURO - HORISTA (COLETADO CAIXA)","Taxas",null,"H",1,{"$f":"IF(A187=\"Insumo\",VLOOKUP(B187,'Insumos-SINAPI'!$A$1:$E$4813,5,FALSE),VLOOKUP(B187,'Comp-SINAPI'!$A$3:$E$7739,5,FALSE))","v":0.01},0.01,null,{"$error":"#N/A"}]
["Insumo",43459,"SINAPI","FERRAMENTAS - FAMILIA CARPINTEIRO DE FORMAS - HORISTA (ENCARGOS COMPLEMENTARES - COLETADO CAIXA)","Equipamento",null,"H",1,{"$f":"IF(A188=\"Insumo\",VLOOKUP(B188,'Insumos-SINAPI'!$A$1:$E$4813,5,FALSE),VLOOKUP(B188,'Comp-SINAPI'!$A$3:$E$7739,5,FALSE))","v":0.49},0.49,null,{"$error":"#N/A"}]
["Insumo",43483,"SINAPI","EPI - FAMILIA CARPINTEIRO DE FORMAS - HORISTA (ENCARGOS COMPLEMENTARES - COLETADO CAIXA)","Equipamento",null,"H",1,{"$f":"IF(A189=\"Insumo\",VLOOKUP(B189,'Insumos-SINAPI'!$A$1:$E$4813,5,FALSE),VLOOKUP(B189,'Comp-SINAPI'!$A$3:$E$7739,5,FALSE))","v":1.43},1.43,null,{"$error":"#N/A"}]
[{"$nulls":4},"MO sem LS =>",{"$f":"J190/$M$2","v":9.91},"LS =>",{"$f":"F190*$J$2","v":11.35},"MO com LS =>",{"$f":"J183+J182","v":21.26},null,{"$error":"#N/A"}]
[{"$nulls":4},"Valor do BDI =>",{"$f":"J181*$G$2","v":6.42},null,"Valor com BDI =>",null,{"$f":"J181*(1+$G$2)","v":32.54},null,{"$error":"#VALUE!"}]
[{"$nulls":11},{"$error":"#N/A"}]
[{"$nulls":11},{"$error":"#N/A"}]
[null,"Código","Banco","Descrição","Tipo",null,"Und","Quant.","Valor Unit","Total",null,{"$error":"#VALUE!"}]
["Composição",95316,"SINAPI","CURSO DE CAPACITAÇÃO PARA AUXILIAR DE ELETRICISTA (ENCARGOS COMPLEMENTARES) - HORISTA","SEDI - SERVIÇOS DIVERSOS",null,"H",1,{"$f":"SUM(J196)","v":0.72},{"$f":"I195*H195","v":0.72},null,{"$error":"#N/A"}]
["Insumo",247,"SINAPI","AJUDANTE DE ELETRICISTA (HORISTA)","Mão de Obra",null,"H",4.2970000000000001E-2,{"$f":"IF(A196=\"Insumo\",VLOOKUP(B196,'Insumos-SINAPI'!$A$1:$E$4813,5,FALSE),VLOOKUP(B196,'Comp-SINAPI'!$A$3:$E$7739,5,FALSE))","v":16.75},{"$f":"I196*H196","v":0.72},null,{"$error":"#N/A"}]
[{"$nulls":4},"MO sem LS =>",{"$f":"J197/$M$2","v":0.34},"LS =>",{"$f":"F197*$J$2","v":0.39},"MO com LS =>",{"$f":"J196","v":0.72},null,{"$error":"#N/A"}]
[{"$nulls":4},"Valor do BDI =>",{"$f":"J195*$G$2","v":0.18},null,"Valor com BDI =>",null,{"$f":"J195*(1+$G$2)","v":0.9},null,{"$error":"#VALUE!"}]
[{"$nulls":11},{"$error":"#N/A"}]
[{"$nulls":11},{"$error":"#N/A"}]
[null,"Código","Banco","Descrição","Tipo",null,"Und","Quant.","Valor Unit","Total",null,{"$error":"#VALUE!"}]
["Composição",95330,"SINAPI","CURSO DE CAPACITAÇÃO PARA CARPINTEIRO DE FÔRMAS (ENCARGOS COMPLEMENTARES) - HORISTA","SEDI - SERVIÇOS DIVERSOS",null,"H",1,{"$f":"SUM(J203)","v":0.28000000000000003},{"$f":"I202*H202","v":0.28000000000000003},null,{"$error":"#N/A"}]
["Insumo",1213,"SINAPI","CARPINTEIRO DE FORMAS (HORISTA)","Mão de Obra",null,"H",1.328E-2,{"$f":"IF(A203=\"Insumo\",VLOOKUP(B203,'Insumos-SINAPI'!$A$1:$E$4813,5,FALSE),VLOOKUP(B203,'Comp-SINAPI'!$A$3:$E$7739,5,FALSE))","v":20.99},{"$f":"I203*H203","v":0.28000000000000003},null,{"$error":"#N/A"}]
[{"$nulls":4},"MO sem LS =>",{"$f":"J204/$M$2","v":0.13},"LS =>",{"$f":"F204*$J$2","v":0.15},"MO com LS =>",{"$f":"J203","v":0.28000000000000003},null,{"$error":"#N/A"}]
[{"$nulls":4},"Valor do BDI =>",{"$f":"J202*$G$2","v":7.0000000000000007E-2},null,"Valor com BDI =>",null,{"$f":"J202*(1+$G$2)","v":0.35},null,{"$error":"#VALUE!"}]
[{"$nulls":11},{"$error":"#N/A"}]
[null,"Código","Banco","Descrição","Tipo",null,"Und","Quant.","Valor Unit","Total",null,{"$error":"#VALUE!"}]
["Composição",95400,"SINAPI","CURSO DE CAPACITAÇÃO PARA DESENHISTA PROJETISTA (ENCARGOS COMPLEMENTARES) - HORISTA","SEDI - SERVIÇOS DIVERSOS",null,"H",1,{"$f":"SUM(J209)","v":0.13},{"$f":"I208*H208","v":0.13},null,{"$error":"#N/A"}]
["Insumo",2358,"SINAPI","DESENHISTA PROJETISTA (HORISTA)","Mão de Obra",null,"H",5.8599999999999998E-3,{"$f":"IF(A209=\"Insumo\",VLOOKUP(B209,'Insumos-SINAPI'!$A$1:$E$4813,5,FALSE),VLOOKUP(B209,'Comp-SINAPI'!$A$3:$E$7739,5,FALSE))","v":22.23},{"$f":"I209*H209","v":0.13},null,{"$error":"#N/A"}]
[{"$nulls":4},"MO sem LS =>",{"$f":"J210/$M$2","v":0.06},"LS =>",{"$f":"F210*$J$2","v":7.0000000000000007E-2},"MO com LS =>",{"$f":"J209","v":0.13},null,{"$error":"#N/A"}]
[{"$nulls":4},"Valor do BDI =>",{"$f":"J208*$G$2","v":0.03},null,"Valor com BDI =>",null,{"$f":"J208*(1+$G$2)","v":0.16},null,{"$error":"#VALUE!"}]
[{"$nulls":11},{"$error":"#N/A"}]
[null,"Código","Banco","Descrição","Tipo",null,"Und","Quant.","Valor Unit","Total",null,{"$error":"#VALUE!"}]
["Composição",95332,"SINAPI","CURSO DE CAPACITAÇÃO PARA ELETRICISTA (ENCARGOS COMPLEMENTARES) - HORISTA","SEDI - SERVIÇOS DIVERSOS",null,"H",1,{"$f":"SUM(J215)","v":0.9},{"$f":"I214*H214","v":0.9},null,{"$error":"#N/A"}]
["Insumo",2436,"SINAPI","ELETRICISTA (HORISTA)","Mão de Obra",null,"H",4.2970000000000001E-2,{"$f":"IF(A215=\"Insumo\",VLOOKUP(B215,'Insumos-SINAPI'!$A$1:$E$4813,5,FALSE),VLOOKUP(B215,'Comp-SINAPI'!$A$3:$E$7739,5,FALSE))","v":20.99},{"$f":"I215*H215","v":0.9},null,{"$error":"#N/A"}]
[{"$nulls":4},"MO sem LS =>",{"$f":"J216/$M$2","v":0.42},"LS =>",{"$f":"F216*$J$2","v":0.48},"MO com LS =>",{"$f":"J215","v":0.9},null,{"$error":"#N/A"}]
[{"$nulls":4},"Valor do BDI =>",{"$f":"J214*$G$2","v":0.22},null,"Valor com BDI =>",null,{"$f":"J214*(1+$G$2)","v":1.1200000000000001},null,{"$error":"#VALUE!"}]
[{"$nulls":11},{"$error":"#N/A"}]
[{"$nulls":11},{"$error":"#N/A"}]
[null,"Código","Banco","Descrição","Tipo",null,"Und","Quant.","Valor Unit","Total",null,{"$error":"#VALUE!"}]
["Composição",95403,"SINAPI","CURSO DE CAPACITAÇÃO PARA ENGENHEIRO CIVIL DE OBRA PLENO (ENCARGOS COMPLEMENTARES) - HORISTA","SEDI - SERVIÇOS DIVERSOS",null,"H",1,{"$f":"SUM(J222)","v":2.08},{"$f":"I221*H221","v":2.08},null,{"$error":"#N/A"}]
["Insumo",2707,"SINAPI","ENGENHEIRO CIVIL DE OBRA PLENO (HORISTA)","Mão de Obra",null,"H",1.6990000000000002E-2,{"$f":"IF(A222=\"Insumo\",VLOOKUP(B222,'Insumos-SINAPI'!$A$1:$E$4813,5,FALSE),VLOOKUP(B222,'Comp-SINAPI'!$A$3:$E$7739,5,FALSE))","v":122.52},{"$f":"I222*H222","v":2.08},null,{"$f":"H222*VLOOKUP(B222,$B$402:$E$407,4,FALSE)","v":{"$error":"#N/A"}}]
[{"$nulls":4},"MO sem LS =>",{"$f":"J223/$M$2","v":0.97},"LS =>",{"$f":"F223*$J$2","v":1.1100000000000001},"MO com LS =>",{"$f":"J222","v":2.08},null,{"$error":"#N/A"}]
[{"$nulls":4},"Valor do BDI =>",{"$f":"J221*$G$2","v":0.51},null,"Valor com BDI =>",null,{"$f":"J221*(1+$G$2)","v":2.59},null,{"$error":"#VALUE!"}]
[{"$nulls":11},{"$error":"#N/A"}]
[{"$nulls":11},{"$error":"#N/A"}]
[{"$nulls":11},{"$error":"#N/A"}]
[null,"Código","Banco","Descrição","Tipo",null,"Und","Quant.","Valor Unit","Total",null,{"$error":"#VALUE!"}]
["Composição",95351,"SINAPI","CURSO DE CAPACITAÇÃO PARA MOTORISTA OPERADOR DE MUNCK (ENCARGOS COMPLEMENTARES) - HORISTA","SEDI - SERVIÇOS DIVERSOS",null,"H",1,{"$f":"SUM(J230)","v":0.44},{"$f":"I229*H229","v":0.44},null,{"$error":"#N/A"}]
["Insumo",4096,"SINAPI","MOTORISTA OPERADOR DE CAMINHAO COM MUNCK (HORISTA)","Mão de Obra",null,"H",1.8849999999999999E-2,{"$f":"IF(A230=\"Insumo\",VLOOKUP(B230,'Insumos-SINAPI'!$A$1:$E$4813,5,FALSE),VLOOKUP(B230,'Comp-SINAPI'!$A$3:$E$7739,5,FALSE))","v":23.53},{"$f":"I230*H230","v":0.44},null,{"$error":"#N/A"}]
[{"$nulls":4},"MO sem LS =>",{"$f":"J231/$M$2","v":0.21},"LS =>",{"$f":"F231*$J$2","v":0.24},"MO com LS =>",{"$f":"J230","v":0.44},null,{"$error":"#N/A"}]
[{"$nulls":4},"Valor do BDI =>",{"$f":"J229*$G$2","v":0.11},null,"Valor com BDI =>",null,{"$f":"J229*(1+$G$2)","v":0.55000000000000004},null,{"$error":"#VALUE!"}]
[{"$nulls":11},{"$error":"#N/A"}]
[{"$nulls":11},{"$error":"#N/A"}]
[null,"Código","Banco","Descrição","Tipo",null,"Und","Quant.","Valor Unit","Total",null,{"$error":"#VALUE!"}]
["Composição",95334,"SINAPI","CURSO DE CAPACITAÇÃO PARA ELETROTÉCNICO (ENCARGOS COMPLEMENTARES) - HORISTA","SEDI - SERVIÇOS DIVERSOS",null,"H",1,{"$f":"SUM(J237)","v":0.79},{"$f":"I236*H236","v":0.79},null,{"$error":"#N/A"}]
["Insumo",2438,"SINAPI","ELETROTECNICO (HORISTA)","Mão de Obra",null,"H",3.5549999999999998E-2,{"$f":"IF(A237=\"Insumo\",VLOOKUP(B237,'Insumos-SINAPI'!$A$1:$E$4813,5,FALSE),VLOOKUP(B237,'Comp-SINAPI'!$A$3:$E$7739,5,FALSE))","v":22.27},{"$f":"I237*H237","v":0.79},null,{"$error":"#N/A"}]
[{"$nulls":4},"MO sem LS =>",{"$f":"J238/$M$2","v":0.37},"LS =>",{"$f":"F238*$J$2","v":0.42},"MO com LS =>",{"$f":"J237","v":0.79},null,{"$error":"#N/A"}]
[{"$nulls":4},"Valor do BDI =>",{"$f":"J236*$G$2","v":0.19},null,"Valor com BDI =>",null,{"$f":"J236*(1+$G$2)","v":0.98},null,{"$error":"#VALUE!"}]
[null,"Código","Banco","Descrição","Tipo",null,"Und","Quant.","Valor Unit","Total",null,{"$error":"#VALUE!"}]
["Composição","100299","SINAPI","CURSO DE CAPACITAÇÃO PARA TÉCNICO EM SEGURANÇA DO TRABALHO (ENCARGOS COMPLEMENTARES) - HORISTA","SEDI - SERVIÇOS DIVERSOS",null,"H",1,{"$f":"SUM(J242)","v":0.55000000000000004},{"$f":"I241*H241","v":0.55000000000000004},null,{"$error":"#N/A"}]
["Insumo",40943,"SINAPI","TECNICO EM SEGURANCA DO TRABALHO (HORISTA)","Mão de Obra",null,"H",2.07E-2,{"$f":"IF(A242=\"Insumo\",VLOOKUP(B242,'Insumos-SINAPI'!$A$1:$E$4813,5,FALSE),VLOOKUP(B242,'Comp-SINAPI'!$A$3:$E$7739,5,FALSE))","v":26.38},{"$f":"I242*H242","v":0.55000000000000004},null,{"$error":"#N/A"}]
[{"$nulls":4},"MO sem LS =>",{"$f":"J243/$M$2","v":0.26},"LS =>",{"$f":"F243*$J$2","v":0.3},"MO com LS =>",{"$f":"J242","v":0.55000000000000004},null,{"$error":"#N/A"}]
[{"$nulls":4},"Valor do BDI =>",{"$f":"J241*$G$2","v":0.14000000000000001},null,"Valor com BDI =>",null,{"$f":"J241*(1+$G$2)","v":0.69},null,{"$error":"#VALUE!"}]
[null,"Código","Banco","Descrição","Tipo",null,"Und","Quant.","Valor Unit","Total",null,{"$error":"#VALUE!"}]
["Composição",95378,"SINAPI","CURSO DE CAPACITAÇÃO PARA SERVENTE (ENCARGOS COMPLEMENTARES) - HORISTA","SEDI - SERVIÇOS DIVERSOS",null,"H",1,{"$f":"SUM(J247)","v":0.39},{"$f":"I246*H246","v":0.39},null,{"$error":"#N/A"}]
["Insumo",6111,"SINAPI","SERVENTE DE OBRAS","Mão de Obra",null,"H",2.4420000000000001E-2,{"$f":"IF(A247=\"Insumo\",VLOOKUP(B247,'Insumos-SINAPI'!$A$1:$E$4813,5,FALSE),VLOOKUP(B247,'Comp-SINAPI'!$A$3:$E$7739,5,FALSE))","v":15.79},{"$f":"I247*H247","v":0.39},null,{"$error":"#N/A"}]
[{"$nulls":4},"MO sem LS =>",{"$f":"J248/$M$2","v":0.18},"LS =>",{"$f":"F248*$J$2","v":0.21},"MO com LS =>",{"$f":"J247","v":0.39},null,{"$error":"#N/A"}]
[{"$nulls":4},"Valor do BDI =>",{"$f":"J246*$G$2","v":0.1},null,"Valor com BDI =>",null,{"$f":"J246*(1+$G$2)","v":0.49},null,{"$error":"#VALUE!"}]
[{"$nulls":11},{"$f":"H250*VLOOKUP(B250,$B$402:$E$407,4,FALSE)","v":{"$error":"#N/A"}}]
[{"$nulls":11},{"$error":"#N/A"}]
[null,"Código","Banco","Descrição","Tipo",null,"Und","Quant.","Valor Unit","Total",null,{"$error":"#VALUE!"}]
["Composição",90776,"SINAPI","ENCARREGADO GERAL COM ENCARGOS COMPLEMENTARES","SEDI - SERVIÇOS DIVERSOS",null,"H",1,{"$f":"SUM(J254:J259)","v":36.14},{"$f":"I253*H253","v":36.14},null,{"$error":"#N/A"}]
["Composição Auxiliar",95401,"SINAPI","CURSO DE CAPACITAÇÃO PARA ENCARREGADO GERAL (ENCARGOS COMPLEMENTARES) - HORISTA","SEDI - SERVIÇOS DIVERSOS",null,"H",1,{"$f":"IF(A254=\"Insumo\",VLOOKUP(B254,'Insumos-SINAPI'!$A$1:$E$4813,5,FALSE),VLOOKUP(B254,'Comp-SINAPI'!$A$3:$E$7739,5,FALSE))","v":0.79},{"$f":"I254*H254","v":0.79},null,{"$error":"#N/A"}]
["Insumo",4083,"SINAPI","ENCARREGADO GERAL DE OBRAS (HORISTA)","Mão de Obra",null,"H",1,{"$f":"IF(A255=\"Insumo\",VLOOKUP(B255,'Insumos-SINAPI'!$A$1:$E$4813,5,FALSE),VLOOKUP(B255,'Comp-SINAPI'!$A$3:$E$7739,5,FALSE))","v":32.65},{"$f":"I255*H255","v":32.65},null,{"$error":"#N/A"}]
["Insumo",37372,"SINAPI","EXAMES - HORISTA (COLETADO CAIXA)","Outros",null,"H",1,{"$f":"IF(A256=\"Insumo\",VLOOKUP(B256,'Insumos-SINAPI'!$A$1:$E$4813,5,FALSE),VLOOKUP(B256,'Comp-SINAPI'!$A$3:$E$7739,5,FALSE))","v":1.34},1.34,null,{"$error":"#N/A"}]
["Insumo",37373,"SINAPI","SEGURO - HORISTA (COLETADO CAIXA)","Taxas",null,"H",1,{"$f":"IF(A257=\"Insumo\",VLOOKUP(B257,'Insumos-SINAPI'!$A$1:$E$4813,5,FALSE),VLOOKUP(B257,'Comp-SINAPI'!$A$3:$E$7739,5,FALSE))","v":0.01},0.01,null,{"$error":"#N/A"}]
["Insumo",43463,"SINAPI","FERRAMENTAS - FAMILIA ENCARREGADO GERAL - HORISTA (ENCARGOS COMPLEMENTARES - COLETADO CAIXA)","Equipamento",null,"H",1,{"$f":"IF(A258=\"Insumo\",VLOOKUP(B258,'Insumos-SINAPI'!$A$1:$E$4813,5,FALSE),VLOOKUP(B258,'Comp-SINAPI'!$A$3:$E$7739,5,FALSE))","v":0.1},0.1,null,{"$error":"#N/A"}]
["Insumo",43487,"SINAPI","EPI - FAMILIA ENCARREGADO GERAL - HORISTA (ENCARGOS COMPLEMENTARES - COLETADO CAIXA)","Equipamento",null,"H",1,{"$f":"IF(A259=\"Insumo\",VLOOKUP(B259,'Insumos-SINAPI'!$A$1:$E$4813,5,FALSE),VLOOKUP(B259,'Comp-SINAPI'!$A$3:$E$7739,5,FALSE))","v":1.25},1.25,null,{"$error":"#N/A"}]
[{"$nulls":4},"MO sem LS =>",{"$f":"J260/$M$2","v":15.59},"LS =>",{"$f":"F260*$J$2","v":17.86},"MO com LS =>",{"$f":"J254+J255","v":33.44},null,{"$error":"#N/A"}]
[{"$nulls":4},"Valor do BDI =>",{"$f":"J253*$G$2","v":8.8800000000000008},null,"Valor com BDI =>",null,{"$f":"J253*(1+$G$2)","v":45.02},null,{"$error":"#VALUE!"}]
[null,"Código","Banco","Descrição","Tipo",null,"Und","Quant.","Valor Unit","Total",null,{"$error":"#VALUE!"}]
["Composição",90772,"SINAPI","AUXILIAR DE ESCRITORIO COM ENCARGOS COMPLEMENTARES","SEDI - SERVIÇOS DIVERSOS",null,"H",1,{"$f":"SUM(J264:J269)","v":18.98},{"$f":"I263*H263","v":18.98},null,{"$error":"#N/A"}]
["Composição Auxiliar",95398,"SINAPI","CURSO DE CAPACITAÇÃO PARA AUXILIAR DE ESCRITÓRIO (ENCARGOS COMPLEMENTARES) - HORISTA","SEDI - SERVIÇOS DIVERSOS",null,"H",1,{"$f":"IF(A264=\"Insumo\",VLOOKUP(B264,'Insumos-SINAPI'!$A$1:$E$4813,5,FALSE),VLOOKUP(B264,'Comp-SINAPI'!$A$3:$E$7739,5,FALSE))","v":0.09},{"$f":"I264*H264","v":0.09},null,{"$error":"#N/A"}]
["Insumo",2350,"SINAPI","AUXILIAR DE ESCRITORIO (HORISTA)","Mão de Obra",null,"H",1,{"$f":"IF(A265=\"Insumo\",VLOOKUP(B265,'Insumos-SINAPI'!$A$1:$E$4813,5,FALSE),VLOOKUP(B265,'Comp-SINAPI'!$A$3:$E$7739,5,FALSE))","v":16.690000000000001},{"$f":"I265*H265","v":16.690000000000001},null,{"$error":"#N/A"}]
["Insumo",37372,"SINAPI","EXAMES - HORISTA (COLETADO CAIXA)","Outros",null,"H",1,{"$f":"IF(A266=\"Insumo\",VLOOKUP(B266,'Insumos-SINAPI'!$A$1:$E$4813,5,FALSE),VLOOKUP(B266,'Comp-SINAPI'!$A$3:$E$7739,5,FALSE))","v":1.34},1.34,null,{"$error":"#N/A"}]
["Insumo",37373,"SINAPI","SEGURO - HORISTA (COLETADO CAIXA)","Taxas",null,"H",1,{"$f":"IF(A267=\"Insumo\",VLOOKUP(B267,'Insumos-SINAPI'!$A$1:$E$4813,5,FALSE),VLOOKUP(B267,'Comp-SINAPI'!$A$3:$E$7739,5,FALSE))","v":0.01},0.01,null,{"$error":"#N/A"}]
["Insumo",43458,"SINAPI","FERRAMENTAS - FAMILIA ALMOXARIFE - HORISTA (ENCARGOS COMPLEMENTARES - COLETADO CAIXA)","Equipamento",null,"H",1,{"$f":"IF(A268=\"Insumo\",VLOOKUP(B268,'Insumos-SINAPI'!$A$1:$E$4813,5,FALSE),VLOOKUP(B268,'Comp-SINAPI'!$A$3:$E$7739,5,FALSE))","v":0.06},0.06,null,{"$error":"#N/A"}]
["Insumo",43482,"SINAPI","EPI - FAMILIA ALMOXARIFE - HORISTA (ENCARGOS COMPLEMENTARES - COLETADO CAIXA)","Equipamento",null,"H",1,{"$f":"IF(A269=\"Insumo\",VLOOKUP(B269,'Insumos-SINAPI'!$A$1:$E$4813,5,FALSE),VLOOKUP(B269,'Comp-SINAPI'!$A$3:$E$7739,5,FALSE))","v":0.79},0.79,null,{"$error":"#N/A"}]
[{"$nulls":4},"MO sem LS =>",{"$f":"J270/$M$2","v":7.82},"LS =>",{"$f":"F270*$J$2","v":8.9600000000000009},"MO com LS =>",{"$f":"J265+J264","v":16.78},null,{"$error":"#N/A"}]
[{"$nulls":4},"Valor do BDI =>",{"$f":"J263*$G$2","v":4.66},null,"Valor com BDI =>",null,{"$f":"J263*(1+$G$2)","v":23.64}]
[null,"Código","Banco","Descrição","Tipo",null,"Und","Quant.","Valor Unit","Total",null,{"$f":"H272*VLOOKUP(B272,$B$402:$E$407,4,FALSE)","v":{"$error":"#VALUE!"}}]
["Composição",90775,"SINAPI","DESENHISTA PROJETISTA COM ENCARGOS COMPLEMENTARES","SEDI - SERVIÇOS DIVERSOS",null,"H",1,{"$f":"SUM(J274:J279)","v":24.49},{"$f":"I273*H273","v":24.49},null,22.36]
["Composição Auxiliar",95400,"SINAPI","CURSO DE CAPACITAÇÃO PARA DESENHISTA PROJETISTA (ENCARGOS COMPLEMENTARES) - HORISTA","SEDI - SERVIÇOS DIVERSOS",null,"H",1,{"$f":"IF(A274=\"Insumo\",VLOOKUP(B274,'Insumos-SINAPI'!$A$1:$E$4813,5,FALSE),VLOOKUP(B274,'Comp-SINAPI'!$A$3:$E$7739,5,FALSE))","v":0.13},{"$f":"I274*H274","v":0.13},null,{"$error":"#N/A"}]
["Insumo",2358,"SINAPI","DESENHISTA PROJETISTA (HORISTA)","Mão de Obra",null,"H",1,{"$f":"IF(A275=\"Insumo\",VLOOKUP(B275,'Insumos-SINAPI'!$A$1:$E$4813,5,FALSE),VLOOKUP(B275,'Comp-SINAPI'!$A$3:$E$7739,5,FALSE))","v":22.23},{"$f":"I275*H275","v":22.23},null,{"$error":"#N/A"}]
["Insumo",37372,"SINAPI","EXAMES - HORISTA (COLETADO CAIXA)","Outros",null,"H",1,{"$f":"IF(A276=\"Insumo\",VLOOKUP(B276,'Insumos-SINAPI'!$A$1:$E$4813,5,FALSE),VLOOKUP(B276,'Comp-SINAPI'!$A$3:$E$7739,5,FALSE))","v":1.34},1.34,null,{"$error":"#N/A"}]
["Insumo",37373,"SINAPI","SEGURO - HORISTA (COLETADO CAIXA)","Taxas",null,"H",1,{"$f":"IF(A277=\"Insumo\",VLOOKUP(B277,'Insumos-SINAPI'!$A$1:$E$4813,5,FALSE),VLOOKUP(B277,'Comp-SINAPI'!$A$3:$E$7739,5,FALSE))","v":0.01},0.01,null,{"$error":"#N/A"}]
["Insumo",43469,"SINAPI","FERRAMENTAS - FAMILIA TOPOGRAFO - HORISTA (ENCARGOS COMPLEMENTARES - COLETADO CAIXA)","Equipamento",null,"H",1,{"$f":"IF(A278=\"Insumo\",VLOOKUP(B278,'Insumos-SINAPI'!$A$1:$E$4813,5,FALSE),VLOOKUP(B278,'Comp-SINAPI'!$A$3:$E$7739,5,FALSE))","v":7.0000000000000007E-2},7.0000000000000007E-2,null,{"$error":"#N/A"}]
["Insumo",43493,"SINAPI","EPI - FAMILIA TOPOGRAFO - HORISTA (ENCARGOS COMPLEMENTARES - COLETADO CAIXA)","Equipamento",null,"H",1,{"$f":"IF(A279=\"Insumo\",VLOOKUP(B279,'Insumos-SINAPI'!$A$1:$E$4813,5,FALSE),VLOOKUP(B279,'Comp-SINAPI'!$A$3:$E$7739,5,FALSE))","v":0.71},{"$f":"I279*H279","v":0.71},null,{"$error":"#N/A"}]
[{"$nulls":4},"MO sem LS =>",{"$f":"J280/$M$2","v":10.42},"LS =>",{"$f":"F280*$J$2","v":11.94},"MO com LS =>",{"$f":"J274+J275","v":22.36},null,{"$error":"#N/A"}]
[{"$nulls":4},"Valor do BDI =>",{"$f":"J273*$G$2","v":6.01},null,"Valor com BDI =>",null,{"$f":"J273*(1+$G$2)","v":30.5},null,{"$error":"#VALUE!"}]
[{"$nulls":11},{"$error":"#N/A"}]
[null,"Código","Banco","Descrição","Tipo",null,"Und","Quant.","Valor Unit","Total",null,{"$error":"#VALUE!"}]
["Composição",88264,"SINAPI","ELETRICISTA COM ENCARGOS COMPLEMENTARES","SEDI - SERVIÇOS DIVERSOS",null,"H",1,{"$f":"SUM(J285:J292)","v":26.88},{"$f":"I284*H284","v":26.88},null,21.89]
["Composição Auxiliar",95332,"SINAPI","CURSO DE CAPACITAÇÃO PARA ELETRICISTA (ENCARGOS COMPLEMENTARES) - HORISTA","SEDI - SERVIÇOS DIVERSOS",null,"H",1,{"$f":"IF(A285=\"Insumo\",VLOOKUP(B285,'Insumos-SINAPI'!$A$1:$E$4813,5,FALSE),VLOOKUP(B285,'Comp-SINAPI'!$A$3:$E$7739,5,FALSE))","v":0.9},{"$f":"I285*H285","v":0.9},null,{"$f":"H285*VLOOKUP(B285,$B$402:$E$407,4,FALSE)","v":{"$error":"#N/A"}}]
["Insumo",2436,"SINAPI","ELETRICISTA (HORISTA)","Mão de Obra",null,"H",1,{"$f":"IF(A286=\"Insumo\",VLOOKUP(B286,'Insumos-SINAPI'!$A$1:$E$4813,5,FALSE),VLOOKUP(B286,'Comp-SINAPI'!$A$3:$E$7739,5,FALSE))","v":20.99},{"$f":"I286*H286","v":20.99},null,{"$error":"#N/A"}]
["Insumo",37370,"SINAPI","ALIMENTACAO - HORISTA (COLETADO CAIXA)","Outros",null,"H",1,{"$f":"IF(A287=\"Insumo\",VLOOKUP(B287,'Insumos-SINAPI'!$A$1:$E$4813,5,FALSE),VLOOKUP(B287,'Comp-SINAPI'!$A$3:$E$7739,5,FALSE))","v":1.02},1.02,null,{"$error":"#N/A"}]
["Insumo",37371,"SINAPI","TRANSPORTE - HORISTA (COLETADO CAIXA)","Serviços",null,"H",1,{"$f":"IF(A288=\"Insumo\",VLOOKUP(B288,'Insumos-SINAPI'!$A$1:$E$4813,5,FALSE),VLOOKUP(B288,'Comp-SINAPI'!$A$3:$E$7739,5,FALSE))","v":0.56999999999999995},0.56999999999999995,null,{"$error":"#N/A"}]
["Insumo",37372,"SINAPI","EXAMES - HORISTA (COLETADO CAIXA)","Outros",null,"H",1,{"$f":"IF(A289=\"Insumo\",VLOOKUP(B289,'Insumos-SINAPI'!$A$1:$E$4813,5,FALSE),VLOOKUP(B289,'Comp-SINAPI'!$A$3:$E$7739,5,FALSE))","v":1.34},1.34,null,{"$error":"#N/A"}]
["Insumo",37373,"SINAPI","SEGURO - HORISTA (COLETADO CAIXA)","Taxas",null,"H",1,{"$f":"IF(A290=\"Insumo\",VLOOKUP(B290,'Insumos-SINAPI'!$A$1:$E$4813,5,FALSE),VLOOKUP(B290,'Comp-SINAPI'!$A$3:$E$7739,5,FALSE))","v":0.01},0.01,null,{"$error":"#N/A"}]
["Insumo",43460,"SINAPI","FERRAMENTAS - FAMILIA ELETRICISTA - HORISTA (ENCARGOS COMPLEMENTARES - COLETADO CAIXA)","Equipamento",null,"H",1,{"$f":"IF(A291=\"Insumo\",VLOOKUP(B291,'Insumos-SINAPI'!$A$1:$E$4813,5,FALSE),VLOOKUP(B291,'Comp-SINAPI'!$A$3:$E$7739,5,FALSE))","v":0.85},0.85,null,{"$error":"#N/A"}]
["Insumo",43484,"SINAPI","EPI - FAMILIA ELETRICISTA - HORISTA (ENCARGOS COMPLEMENTARES - COLETADO CAIXA)","Equipamento",null,"H",1,{"$f":"IF(A292=\"Insumo\",VLOOKUP(B292,'Insumos-SINAPI'!$A$1:$E$4813,5,FALSE),VLOOKUP(B292,'Comp-SINAPI'!$A$3:$E$7739,5,FALSE))","v":1.2},1.2,null,{"$error":"#N/A"}]
[{"$nulls":4},"MO sem LS =>",{"$f":"J293/$M$2","v":10.199999999999999},"LS =>",{"$f":"F293*$J$2","v":11.68},"MO com LS =>",{"$f":"J286+J285","v":21.89},null,{"$error":"#N/A"}]
[{"$nulls":4},"Valor do BDI =>",{"$f":"J284*$G$2","v":6.6},null,"Valor com BDI =>",null,{"$f":"J284*(1+$G$2)","v":33.479999999999997},null,{"$error":"#VALUE!"}]
[{"$nulls":11},{"$error":"#N/A"}]
[{"$nulls":11},{"$error":"#N/A"}]
[{"$nulls":11},{"$error":"#N/A"}]
[null,"Código","Banco","Descrição","Tipo",null,"Und","Quant.","Valor Unit","Total",null,{"$error":"#VALUE!"}]
["Composição",5928,"SINAPI","GUINDAUTO HIDRÁULICO, CAPACIDADE MÁXIMA DE CARGA 6200 KG, MOMENTO MÁXIMO DE CARGA 11,7 TM, ALCANCE MÁXIMO HORIZONTAL 9,70 M, INCLUSIVE CAMINHÃO TOCO PBT 16.000 KG, POTÊNCIA DE 189 CV - CHP DIURNO. AF_06/2014","CHOR - CUSTOS HORÁRIOS DE MÁQUINAS E EQUIPAMENTOS",null,"CHP",1,{"$f":"SUM(J300:J305)","v":276.58},{"$f":"I299*H299","v":276.58},null,{"$error":"#N/A"}]
["Composição Auxiliar",88286,"SINAPI","MOTORISTA OPERADOR DE MUNCK COM ENCARGOS COMPLEMENTARES","SEDI - SERVIÇOS DIVERSOS",null,"H",1,{"$f":"IF(A300=\"Insumo\",VLOOKUP(B300,'Insumos-SINAPI'!$A$1:$E$4813,5,FALSE),VLOOKUP(B300,'Comp-SINAPI'!$A$3:$E$7739,5,FALSE))","v":27.78},{"$f":"I300*H300","v":27.78},null,23.97]
["Composição Auxiliar",89259,"SINAPI","GUINDAUTO HIDRÁULICO, CAPACIDADE MÁXIMA DE CARGA 6200 KG, MOMENTO MÁXIMO DE CARGA 11,7 TM, ALCANCE MÁXIMO HORIZONTAL 9,70 M, INCLUSIVE CAMINHÃO TOCO PBT 16.000 KG, POTÊNCIA DE 189 CV - DEPRECIAÇÃO. AF_06/2014","CHOR - CUSTOS HORÁRIOS DE MÁQUINAS E EQUIPAMENTOS",null,"H",1,{"$f":"IF(A301=\"Insumo\",VLOOKUP(B301,'Insumos-SINAPI'!$A$1:$E$4813,5,FALSE),VLOOKUP(B301,'Comp-SINAPI'!$A$3:$E$7739,5,FALSE))","v":28.22},{"$f":"I301*H301","v":28.22},null,{"$error":"#N/A"}]
["Composição Auxiliar",89260,"SINAPI","GUINDAUTO HIDRÁULICO, CAPACIDADE MÁXIMA DE CARGA 6200 KG, MOMENTO MÁXIMO DE CARGA 11,7 TM, ALCANCE MÁXIMO HORIZONTAL 9,70 M, INCLUSIVE CAMINHÃO TOCO PBT 16.000 KG, POTÊNCIA DE 189 CV - JUROS. AF_06/2014","CHOR - CUSTOS HORÁRIOS DE MÁQUINAS E EQUIPAMENTOS",null,"H",1,{"$f":"IF(A302=\"Insumo\",VLOOKUP(B302,'Insumos-SINAPI'!$A$1:$E$4813,5,FALSE),VLOOKUP(B302,'Comp-SINAPI'!$A$3:$E$7739,5,FALSE))","v":10.4},{"$f":"I302*H302","v":10.4},null,{"$error":"#N/A"}]
["Composição Auxiliar",89262,"SINAPI","GUINDAUTO HIDRÁULICO, CAPACIDADE MÁXIMA DE CARGA 6200 KG, MOMENTO MÁXIMO DE CARGA 11,7 TM, ALCANCE MÁXIMO HORIZONTAL 9,70 M, INCLUSIVE CAMINHÃO TOCO PBT 16.000 KG, POTÊNCIA DE 189 CV - MANUTENÇÃO. AF_06/2014","CHOR - CUSTOS HORÁRIOS DE MÁQUINAS E EQUIPAMENTOS",null,"H",1,{"$f":"IF(A303=\"Insumo\",VLOOKUP(B303,'Insumos-SINAPI'!$A$1:$E$4813,5,FALSE),VLOOKUP(B303,'Comp-SINAPI'!$A$3:$E$7739,5,FALSE))","v":47.93},47.93,null,{"$error":"#N/A"}]
["Composição Auxiliar",91466,"SINAPI","GUINDAUTO HIDRÁULICO, CAPACIDADE MÁXIMA DE CARGA 6200 KG, MOMENTO MÁXIMO DE CARGA 11,7 TM, ALCANCE MÁXIMO HORIZONTAL 9,70 M, INCLUSIVE CAMINHÃO TOCO PBT 16.000 KG, POTÊNCIA DE 189 CV - IMPOSTOS E SEGUROS. AF_08/2015","CHOR - CUSTOS HORÁRIOS DE MÁQUINAS E EQUIPAMENTOS",null,"H",1,{"$f":"IF(A304=\"Insumo\",VLOOKUP(B304,'Insumos-SINAPI'!$A$1:$E$4813,5,FALSE),VLOOKUP(B304,'Comp-SINAPI'!$A$3:$E$7739,5,FALSE))","v":4.2},4.2,null,{"$error":"#N/A"}]
["Composição Auxiliar",91467,"SINAPI","GUINDAUTO HIDRÁULICO, CAPACIDADE MÁXIMA DE CARGA 6200 KG, MOMENTO MÁXIMO DE CARGA 11,7 TM, ALCANCE MÁXIMO HORIZONTAL 9,70 M, INCLUSIVE CAMINHÃO TOCO PBT 16.000 KG, POTÊNCIA DE 189 CV - MATERIAIS NA OPERAÇÃO. AF_08/2015","CHOR - CUSTOS HORÁRIOS DE MÁQUINAS E EQUIPAMENTOS",null,"H",1,{"$f":"IF(A305=\"Insumo\",VLOOKUP(B305,'Insumos-SINAPI'!$A$1:$E$4813,5,FALSE),VLOOKUP(B305,'Comp-SINAPI'!$A$3:$E$7739,5,FALSE))","v":158.05000000000001},158.05000000000001]
[{"$nulls":4},"MO sem LS =>",{"$f":"J306/$M$2","v":11.17},"LS =>",{"$f":"F306*$J$2","v":12.8},"MO com LS =>",{"$f":"_xlfn.AGGREGATE(9,6,L299:L305)","v":23.97}]
[{"$nulls":4},"Valor do BDI =>",{"$f":"J299*$G$2","v":67.930000000000007},null,"Valor com BDI =>",null,{"$f":"J299*(1+$G$2)","v":344.51}]
[]
[null,"Código","Banco","Descrição","Tipo",null,"Und","Quant.","Valor Unit","Total"]
["Composição",89259,"SINAPI","GUINDAUTO HIDRÁULICO, CAPACIDADE MÁXIMA DE CARGA 6200 KG, MOMENTO MÁXIMO DE CARGA 11,7 TM, ALCANCE MÁXIMO HORIZONTAL 9,70 M, INCLUSIVE CAMINHÃO TOCO PBT 16.000 KG, POTÊNCIA DE 189 CV - DEPRECIAÇÃO. AF_06/2014","CHOR - CUSTOS HORÁRIOS DE MÁQUINAS E EQUIPAMENTOS",null,"H",1,{"$f":"SUM(J311:J312)","v":28.23},{"$f":"I310*H310","v":28.23}]
["Insumo",3363,"SINAPI","GUINDAUTO HIDRAULICO, CAPACIDADE MAXIMA DE CARGA 6200 KG, MOMENTO MAXIMO DE CARGA 11,7 TM, ALCANCE MAXIMO HORIZONTAL 9,70 M, PARA MONTAGEM SOBRE CHASSI DE CAMINHAO PBT MINIMO 13000 KG (INCLUI MONTAGEM, NAO INCLUI CAMINHAO)","Equipamento",null,"UN",5.5099999999999998E-5,{"$f":"IF(A311=\"Insumo\",VLOOKUP(B311,'Insumos-SINAPI'!$A$1:$E$4813,5,FALSE),VLOOKUP(B311,'Comp-SINAPI'!$A$3:$E$7739,5,FALSE))","v":144875},{"$f":"I311*H311","v":7.98}]
["Insumo",37752,"SINAPI","CAMINHAO TOCO, PESO BRUTO TOTAL 16000 KG, CARGA UTIL MAXIMA 11030 KG, DISTANCIA ENTRE EIXOS 5,41 M, POTENCIA 185 CV (INCLUI CABINE E CHASSI, NAO INCLUI CARROCERIA)","Equipamento",null,"UN",3.43E-5,{"$f":"IF(A312=\"Insumo\",VLOOKUP(B312,'Insumos-SINAPI'!$A$1:$E$4813,5,FALSE),VLOOKUP(B312,'Comp-SINAPI'!$A$3:$E$7739,5,FALSE))","v":590270.25},{"$f":"I312*H312","v":20.25}]
[{"$nulls":4},"MO sem LS =>",0,"LS =>",0,"MO com LS =>",0]
[{"$nulls":4},"Valor do BDI =>",{"$f":"J310*$G$2","v":6.93},null,"Valor com BDI =>",null,{"$f":"J310*(1+$G$2)","v":35.159999999999997}]
[]
[null,"Código","Banco","Descrição","Tipo",null,"Und","Quant.","Valor Unit","Total"]
["Composição",89260,"SINAPI","GUINDAUTO HIDRÁULICO, CAPACIDADE MÁXIMA DE CARGA 6200 KG, MOMENTO MÁXIMO DE CARGA 11,7 TM, ALCANCE MÁXIMO HORIZONTAL 9,70 M, INCLUSIVE CAMINHÃO TOCO PBT 16.000 KG, POTÊNCIA DE 189 CV - JUROS. AF_06/2014","CHOR - CUSTOS HORÁRIOS DE MÁQUINAS E EQUIPAMENTOS",null,"H",1,{"$f":"SUM(J318:J319)","v":10.41},{"$f":"I317*H317","v":10.41}]
["Insumo",3363,"SINAPI","GUINDAUTO HIDRAULICO, CAPACIDADE MAXIMA DE CARGA 6200 KG, MOMENTO MAXIMO DE CARGA 11,7 TM, ALCANCE MAXIMO HORIZONTAL 9,70 M, PARA MONTAGEM SOBRE CHASSI DE CAMINHAO PBT MINIMO 13000 KG (INCLUI MONTAGEM, NAO INCLUI CAMINHAO)","Equipamento",null,"UN",1.4399999999999999E-5,{"$f":"IF(A318=\"Insumo\",VLOOKUP(B318,'Insumos-SINAPI'!$A$1:$E$4813,5,FALSE),VLOOKUP(B318,'Comp-SINAPI'!$A$3:$E$7739,5,FALSE))","v":144875},{"$f":"I318*H318","v":2.09}]
["Insumo",37752,"SINAPI","CAMINHAO TOCO, PESO BRUTO TOTAL 16000 KG, CARGA UTIL MAXIMA 11030 KG, DISTANCIA ENTRE EIXOS 5,41 M, POTENCIA 185 CV (INCLUI CABINE E CHASSI, NAO INCLUI CARROCERIA)","Equipamento",null,"UN",1.4100000000000001E-5,{"$f":"IF(A319=\"Insumo\",VLOOKUP(B319,'Insumos-SINAPI'!$A$1:$E$4813,5,FALSE),VLOOKUP(B319,'Comp-SINAPI'!$A$3:$E$7739,5,FALSE))","v":590270.25},{"$f":"I319*H319","v":8.32}]
[{"$nulls":4},"MO sem LS =>",0,"LS =>",0,"MO com LS =>",0]
[{"$nulls":4},"Valor do BDI =>",{"$f":"J317*$G$2","v":2.56},null,"Valor com BDI =>",null,{"$f":"J317*(1+$G$2)","v":12.97}]
[]
[null,"Código","Banco","Descrição","Tipo",null,"Und","Quant.","Valor Unit","Total"]
["Composição",89262,"SINAPI","GUINDAUTO HIDRÁULICO, CAPACIDADE MÁXIMA DE CARGA 6200 KG, MOMENTO MÁXIMO DE CARGA 11,7 TM, ALCANCE MÁXIMO HORIZONTAL 9,70 M, INCLUSIVE CAMINHÃO TOCO PBT 16.000 KG, POTÊNCIA DE 189 CV - MANUTENÇÃO. AF_06/2014","CHOR - CUSTOS HORÁRIOS DE MÁQUINAS E EQUIPAMENTOS",null,"H",1,{"$f":"SUM(J325:J326)","v":47.93},{"$f":"I324*H324","v":47.93}]
["Insumo",3363,"SINAPI","GUINDAUTO HIDRAULICO, CAPACIDADE MAXIMA DE CARGA 6200 KG, MOMENTO MAXIMO DE CARGA 11,7 TM, ALCANCE MAXIMO HORIZONTAL 9,70 M, PARA MONTAGEM SOBRE CHASSI DE CAMINHAO PBT MINIMO 13000 KG (INCLUI MONTAGEM, NAO INCLUI CAMINHAO)","Equipamento",null,"UN",6.8899999999999994E-5,{"$f":"IF(A325=\"Insumo\",VLOOKUP(B325,'Insumos-SINAPI'!$A$1:$E$4813,5,FALSE),VLOOKUP(B325,'Comp-SINAPI'!$A$3:$E$7739,5,FALSE))","v":144875},{"$f":"I325*H325","v":9.98}]
["Insumo",37752,"SINAPI","CAMINHAO TOCO, PESO BRUTO TOTAL 16000 KG, CARGA UTIL MAXIMA 11030 KG, DISTANCIA ENTRE EIXOS 5,41 M, POTENCIA 185 CV (INCLUI CABINE E CHASSI, NAO INCLUI CARROCERIA)","Equipamento",null,"UN",6.4300000000000004E-5,{"$f":"IF(A326=\"Insumo\",VLOOKUP(B326,'Insumos-SINAPI'!$A$1:$E$4813,5,FALSE),VLOOKUP(B326,'Comp-SINAPI'!$A$3:$E$7739,5,FALSE))","v":590270.25},{"$f":"I326*H326","v":37.950000000000003}]
[{"$nulls":4},"MO sem LS =>",0,"LS =>",0,"MO com LS =>",0]
[{"$nulls":4},"Valor do BDI =>",{"$f":"J324*$G$2","v":11.77},null,"Valor com BDI =>",null,{"$f":"J324*(1+$G$2)","v":59.7}]
[]
[null,"Código","Banco","Descrição","Tipo",null,"Und","Quant.","Valor Unit","Total"]
["Composição",91467,"SINAPI","GUINDAUTO HIDRÁULICO, CAPACIDADE MÁXIMA DE CARGA 6200 KG, MOMENTO MÁXIMO DE CARGA 11,7 TM, ALCANCE MÁXIMO HORIZONTAL 9,70 M, INCLUSIVE CAMINHÃO TOCO PBT 16.000 KG, POTÊNCIA DE 189 CV - MATERIAIS NA OPERAÇÃO. AF_08/2015","CHOR - CUSTOS HORÁRIOS DE MÁQUINAS E EQUIPAMENTOS",null,"H",1,{"$f":"SUM(J332)","v":158.05000000000001},{"$f":"I331*H331","v":158.05000000000001}]
["Insumo",4221,"SINAPI","OLEO DIESEL COMBUSTIVEL COMUM","Material",null,"L",26.43,{"$f":"IF(A332=\"Insumo\",VLOOKUP(B332,'Insumos-SINAPI'!$A$1:$E$4813,5,FALSE),VLOOKUP(B332,'Comp-SINAPI'!$A$3:$E$7739,5,FALSE))","v":5.98},{"$f":"I332*H332","v":158.05000000000001}]
[{"$nulls":4},"MO sem LS =>",0,"LS =>",0,"MO com LS =>",0]
[{"$nulls":4},"Valor do BDI =>",{"$f":"J331*$G$2","v":38.82},null,"Valor com BDI =>",null,{"$f":"J331*(1+$G$2)","v":196.87}]
[]
[null,"Código","Banco","Descrição","Tipo",null,"Und","Quant.","Valor Unit","Total"]
["Composição",91466,"SINAPI","GUINDAUTO HIDRÁULICO, CAPACIDADE MÁXIMA DE CARGA 6200 KG, MOMENTO MÁXIMO DE CARGA 11,7 TM, ALCANCE MÁXIMO HORIZONTAL 9,70 M, INCLUSIVE CAMINHÃO TOCO PBT 16.000 KG, POTÊNCIA DE 189 CV - IMPOSTOS E SEGUROS. AF_08/2015","CHOR - CUSTOS HORÁRIOS DE MÁQUINAS E EQUIPAMENTOS",null,"H",1,{"$f":"SUM(J338:J339)","v":4.2},{"$f":"I337*H337","v":4.2}]
["Insumo",3363,"SINAPI","GUINDAUTO HIDRAULICO, CAPACIDADE MAXIMA DE CARGA 6200 KG, MOMENTO MAXIMO DE CARGA 11,7 TM, ALCANCE MAXIMO HORIZONTAL 9,70 M, PARA MONTAGEM SOBRE CHASSI DE CAMINHAO PBT MINIMO 13000 KG (INCLUI MONTAGEM, NAO INCLUI CAMINHAO)","Equipamento",null,"UN",5.8000000000000004E-6,{"$f":"IF(A338=\"Insumo\",VLOOKUP(B338,'Insumos-SINAPI'!$A$1:$E$4813,5,FALSE),VLOOKUP(B338,'Comp-SINAPI'!$A$3:$E$7739,5,FALSE))","v":144875},{"$f":"I338*H338","v":0.84}]
["Insumo",37752,"SINAPI","CAMINHAO TOCO, PESO BRUTO TOTAL 16000 KG, CARGA UTIL MAXIMA 11030 KG, DISTANCIA ENTRE EIXOS 5,41 M, POTENCIA 185 CV (INCLUI CABINE E CHASSI, NAO INCLUI CARROCERIA)","Equipamento",null,"UN",5.6999999999999996E-6,{"$f":"IF(A339=\"Insumo\",VLOOKUP(B339,'Insumos-SINAPI'!$A$1:$E$4813,5,FALSE),VLOOKUP(B339,'Comp-SINAPI'!$A$3:$E$7739,5,FALSE))","v":590270.25},{"$f":"I339*H339","v":3.36}]
[{"$nulls":4},"MO sem LS =>",0,"LS =>",0,"MO com LS =>",0]
[{"$nulls":4},"Valor do BDI =>",{"$f":"J337*$G$2","v":1.03},null,"Valor com BDI =>",null,{"$f":"J337*(1+$G$2)","v":5.23}]
[]
[]
[null,"Código","Banco","Descrição","Tipo",null,"Und","Quant.","Valor Unit","Total"]
["Composição",88286,"SINAPI","MOTORISTA OPERADOR DE MUNCK COM ENCARGOS COMPLEMENTARES","SEDI - SERVIÇOS DIVERSOS",null,"H",1,{"$f":"SUM(J346:J353)","v":27.78},{"$f":"I345*H345","v":27.78}]
["Composição Auxiliar",95351,"SINAPI","CURSO DE CAPACITAÇÃO PARA MOTORISTA OPERADOR DE MUNCK (ENCARGOS COMPLEMENTARES) - HORISTA","SEDI - SERVIÇOS DIVERSOS",null,"H",1,{"$f":"IF(A346=\"Insumo\",VLOOKUP(B346,'Insumos-SINAPI'!$A$1:$E$4813,5,FALSE),VLOOKUP(B346,'Comp-SINAPI'!$A$3:$E$7739,5,FALSE))","v":0.44},{"$f":"I346*H346","v":0.44}]
["Insumo",4096,"SINAPI","MOTORISTA OPERADOR DE CAMINHAO COM MUNCK (HORISTA)","Mão de Obra",null,"H",1,{"$f":"IF(A347=\"Insumo\",VLOOKUP(B347,'Insumos-SINAPI'!$A$1:$E$4813,5,FALSE),VLOOKUP(B347,'Comp-SINAPI'!$A$3:$E$7739,5,FALSE))","v":23.53},{"$f":"I347*H347","v":23.53}]
["Insumo",37370,"SINAPI","ALIMENTACAO - HORISTA (COLETADO CAIXA)","Outros",null,"H",1,{"$f":"IF(A348=\"Insumo\",VLOOKUP(B348,'Insumos-SINAPI'!$A$1:$E$4813,5,FALSE),VLOOKUP(B348,'Comp-SINAPI'!$A$3:$E$7739,5,FALSE))","v":1.02},{"$f":"I348*H348","v":1.02}]
["Insumo",37371,"SINAPI","TRANSPORTE - HORISTA (COLETADO CAIXA)","Serviços",null,"H",1,{"$f":"IF(A349=\"Insumo\",VLOOKUP(B349,'Insumos-SINAPI'!$A$1:$E$4813,5,FALSE),VLOOKUP(B349,'Comp-SINAPI'!$A$3:$E$7739,5,FALSE))","v":0.56999999999999995},0.56999999999999995]
["Insumo",37372,"SINAPI","EXAMES - HORISTA (COLETADO CAIXA)","Outros",null,"H",1,{"$f":"IF(A350=\"Insumo\",VLOOKUP(B350,'Insumos-SINAPI'!$A$1:$E$4813,5,FALSE),VLOOKUP(B350,'Comp-SINAPI'!$A$3:$E$7739,5,FALSE))","v":1.34},1.34]
["Insumo",37373,"SINAPI","SEGURO - HORISTA (COLETADO CAIXA)","Taxas",null,"H",1,{"$f":"IF(A351=\"Insumo\",VLOOKUP(B351,'Insumos-SINAPI'!$A$1:$E$4813,5,FALSE),VLOOKUP(B351,'Comp-SINAPI'!$A$3:$E$7739,5,FALSE))","v":0.01},0.01]
["Insumo",43464,"SINAPI","FERRAMENTAS - FAMILIA OPERADOR ESCAVADEIRA - HORISTA (ENCARGOS COMPLEMENTARES - COLETADO CAIXA)","Equipamento",null,"H",1,{"$f":"IF(A352=\"Insumo\",VLOOKUP(B352,'Insumos-SINAPI'!$A$1:$E$4813,5,FALSE),VLOOKUP(B352,'Comp-SINAPI'!$A$3:$E$7739,5,FALSE))","v":0.01},{"$f":"I352*H352","v":0.01}]
["Insumo",43488,"SINAPI","EPI - FAMILIA OPERADOR ESCAVADEIRA - HORISTA (ENCARGOS COMPLEMENTARES - COLETADO CAIXA)","Equipamento",null,"H",1,{"$f":"IF(A353=\"Insumo\",VLOOKUP(B353,'Insumos-SINAPI'!$A$1:$E$4813,5,FALSE),VLOOKUP(B353,'Comp-SINAPI'!$A$3:$E$7739,5,FALSE))","v":0.86},0.86]
[{"$nulls":4},"MO sem LS =>",{"$f":"J354/$M$2","v":11.17},"LS =>",{"$f":"F354*$J$2","v":12.8},"MO com LS =>",{"$f":"J346+J347","v":23.97}]
[{"$nulls":4},"Valor do BDI =>",{"$f":"J345*$G$2","v":6.82},null,"Valor com BDI =>",null,{"$f":"J345*(1+$G$2)","v":34.6}]
[]
[]
[null,"Código","Banco","Descrição","Tipo",null,"Und","Quant.","Valor Unit","Total"]
["Composição",88316,"SINAPI","SERVENTE COM ENCARGOS COMPLEMENTARES","SEDI - SERVIÇOS DIVERSOS",null,"H",1,{"$f":"SUM(J360:J367)","v":21.05},{"$f":"I359*H359","v":21.05}]
["Composição Auxiliar",95378,"SINAPI","CURSO DE CAPACITAÇÃO PARA SERVENTE (ENCARGOS COMPLEMENTARES) - HORISTA","SEDI - SERVIÇOS DIVERSOS",null,"H",1,{"$f":"IF(A360=\"Insumo\",VLOOKUP(B360,'Insumos-SINAPI'!$A$1:$E$4813,5,FALSE),VLOOKUP(B360,'Comp-SINAPI'!$A$3:$E$7739,5,FALSE))","v":0.38},{"$f":"I360*H360","v":0.38}]
["Insumo",6111,"SINAPI","SERVENTE DE OBRAS","Mão de Obra",null,"H",1,{"$f":"IF(A361=\"Insumo\",VLOOKUP(B361,'Insumos-SINAPI'!$A$1:$E$4813,5,FALSE),VLOOKUP(B361,'Comp-SINAPI'!$A$3:$E$7739,5,FALSE))","v":15.79},{"$f":"I361*H361","v":15.79}]
["Insumo",37370,"SINAPI","ALIMENTACAO - HORISTA (COLETADO CAIXA)","Outros",null,"H",1,{"$f":"IF(A362=\"Insumo\",VLOOKUP(B362,'Insumos-SINAPI'!$A$1:$E$4813,5,FALSE),VLOOKUP(B362,'Comp-SINAPI'!$A$3:$E$7739,5,FALSE))","v":1.02},1.02]
["Insumo",37371,"SINAPI","TRANSPORTE - HORISTA (COLETADO CAIXA)","Serviços",null,"H",1,{"$f":"IF(A363=\"Insumo\",VLOOKUP(B363,'Insumos-SINAPI'!$A$1:$E$4813,5,FALSE),VLOOKUP(B363,'Comp-SINAPI'!$A$3:$E$7739,5,FALSE))","v":0.56999999999999995},0.56999999999999995]
["Insumo",37372,"SINAPI","EXAMES - HORISTA (COLETADO CAIXA)","Outros",null,"H",1,{"$f":"IF(A364=\"Insumo\",VLOOKUP(B364,'Insumos-SINAPI'!$A$1:$E$4813,5,FALSE),VLOOKUP(B364,'Comp-SINAPI'!$A$3:$E$7739,5,FALSE))","v":1.34},1.34]
["Insumo",37373,"SINAPI","SEGURO - HORISTA (COLETADO CAIXA)","Taxas",null,"H",1,{"$f":"IF(A365=\"Insumo\",VLOOKUP(B365,'Insumos-SINAPI'!$A$1:$E$4813,5,FALSE),VLOOKUP(B365,'Comp-SINAPI'!$A$3:$E$7739,5,FALSE))","v":0.01},0.01]
["Insumo",43467,"SINAPI","FERRAMENTAS - FAMILIA SERVENTE - HORISTA (ENCARGOS COMPLEMENTARES - COLETADO CAIXA)","Equipamento",null,"H",1,{"$f":"IF(A366=\"Insumo\",VLOOKUP(B366,'Insumos-SINAPI'!$A$1:$E$4813,5,FALSE),VLOOKUP(B366,'Comp-SINAPI'!$A$3:$E$7739,5,FALSE))","v":0.61},0.61]
["Insumo",43491,"SINAPI","EPI - FAMILIA SERVENTE - HORISTA (ENCARGOS COMPLEMENTARES - COLETADO CAIXA)","Equipamento",null,"H",1,{"$f":"IF(A367=\"Insumo\",VLOOKUP(B367,'Insumos-SINAPI'!$A$1:$E$4813,5,FALSE),VLOOKUP(B367,'Comp-SINAPI'!$A$3:$E$7739,5,FALSE))","v":1.33},1.33]
[{"$nulls":4},"MO sem LS =>",{"$f":"J368/$M$2","v":7.54},"LS =>",{"$f":"F368*$J$2","v":8.64},"MO com LS =>",{"$f":"J360+J361","v":16.170000000000002}]
[{"$nulls":4},"Valor do BDI =>",{"$f":"J359*$G$2","v":5.17},null,"Valor com BDI =>",null,{"$f":"J359*(1+$G$2)","v":26.22}]
[]
[]
[null,"Código","Banco","Descrição","Tipo",null,"Und","Quant.","Valor Unit","Total"]
["Composição",88266,"SINAPI","ELETROTÉCNICO COM ENCARGOS COMPLEMENTARES","SEDI - SERVIÇOS DIVERSOS",null,"H",1,{"$f":"SUM(J374:J381)","v":28.05},{"$f":"I373*H373","v":28.05}]
["Composição Auxiliar",95334,"SINAPI","CURSO DE CAPACITAÇÃO PARA ELETROTÉCNICO (ENCARGOS COMPLEMENTARES) - HORISTA","SEDI - SERVIÇOS DIVERSOS",null,"H",1,{"$f":"IF(A374=\"Insumo\",VLOOKUP(B374,'Insumos-SINAPI'!$A$1:$E$4813,5,FALSE),VLOOKUP(B374,'Comp-SINAPI'!$A$3:$E$7739,5,FALSE))","v":0.79},{"$f":"I374*H374","v":0.79}]
["Insumo",2438,"SINAPI","ELETROTECNICO (HORISTA)","Mão de Obra",null,"H",1,{"$f":"IF(A375=\"Insumo\",VLOOKUP(B375,'Insumos-SINAPI'!$A$1:$E$4813,5,FALSE),VLOOKUP(B375,'Comp-SINAPI'!$A$3:$E$7739,5,FALSE))","v":22.27},{"$f":"I375*H375","v":22.27}]
["Insumo",37370,"SINAPI","ALIMENTACAO - HORISTA (COLETADO CAIXA - ENCARGOS COMPLEMENTARES)","Outros",null,"H",1,{"$f":"IF(A376=\"Insumo\",VLOOKUP(B376,'Insumos-SINAPI'!$A$1:$E$4813,5,FALSE),VLOOKUP(B376,'Comp-SINAPI'!$A$3:$E$7739,5,FALSE))","v":1.02},1.02]
["Insumo",37371,"SINAPI","TRANSPORTE - HORISTA (COLETADO CAIXA - ENCARGOS COMPLEMENTARES)","Serviços",null,"H",1,{"$f":"IF(A377=\"Insumo\",VLOOKUP(B377,'Insumos-SINAPI'!$A$1:$E$4813,5,FALSE),VLOOKUP(B377,'Comp-SINAPI'!$A$3:$E$7739,5,FALSE))","v":0.56999999999999995},0.56999999999999995]
["Insumo",37372,"SINAPI","EXAMES - HORISTA (COLETADO CAIXA - ENCARGOS COMPLEMENTARES)","Outros",null,"H",1,{"$f":"IF(A378=\"Insumo\",VLOOKUP(B378,'Insumos-SINAPI'!$A$1:$E$4813,5,FALSE),VLOOKUP(B378,'Comp-SINAPI'!$A$3:$E$7739,5,FALSE))","v":1.34},1.34]
["Insumo",37373,"SINAPI","SEGURO - HORISTA (COLETADO CAIXA - ENCARGOS COMPLEMENTARES)","Taxas",null,"H",1,{"$f":"IF(A379=\"Insumo\",VLOOKUP(B379,'Insumos-SINAPI'!$A$1:$E$4813,5,FALSE),VLOOKUP(B379,'Comp-SINAPI'!$A$3:$E$7739,5,FALSE))","v":0.01},0.01]
["Insumo",43460,"SINAPI","FERRAMENTAS - FAMILIA ELETRICISTA - HORISTA (ENCARGOS COMPLEMENTARES - COLETADO CAIXA)","Equipamento",null,"H",1,{"$f":"IF(A380=\"Insumo\",VLOOKUP(B380,'Insumos-SINAPI'!$A$1:$E$4813,5,FALSE),VLOOKUP(B380,'Comp-SINAPI'!$A$3:$E$7739,5,FALSE))","v":0.85},0.85]
["Insumo",43484,"SINAPI","EPI - FAMILIA ELETRICISTA - HORISTA (ENCARGOS COMPLEMENTARES - COLETADO CAIXA)","Equipamento",null,"H",1,{"$f":"IF(A381=\"Insumo\",VLOOKUP(B381,'Insumos-SINAPI'!$A$1:$E$4813,5,FALSE),VLOOKUP(B381,'Comp-SINAPI'!$A$3:$E$7739,5,FALSE))","v":1.2},1.2]
[{"$nulls":4},"MO sem LS =>",{"$f":"J382/$M$2","v":10.75},"LS =>",{"$f":"F382*$J$2","v":12.31},"MO com LS =>",{"$f":"J374+J375","v":23.06}]
[{"$nulls":4},"Valor do BDI =>",{"$f":"J373*$G$2","v":6.89},null,"Valor com BDI =>",null,{"$f":"J373*(1+$G$2)","v":34.94}]
[null,"Código","Banco","Descrição","Tipo",null,"Und","Quant.","Valor Unit","Total"]
["Composição",90778,"SINAPI","ENGENHEIRO CIVIL DE OBRA PLENO COM ENCARGOS COMPLEMENTARES","SEDI - SERVIÇOS DIVERSOS",null,"H",1,{"$f":"SUM(J386:J391)","v":126.7},{"$f":"I385*H385","v":126.7}]
["Insumo",2707,"SINAPI","ENGENHEIRO CIVIL DE OBRA PLENO (HORISTA)","SEDI - SERVIÇOS DIVERSOS",null,"H",1,{"$f":"IF(A386=\"Insumo\",VLOOKUP(B386,'Insumos-SINAPI'!$A$1:$E$4813,5,FALSE),VLOOKUP(B386,'Comp-SINAPI'!$A$3:$E$7739,5,FALSE))","v":122.52},{"$f":"I386*H386","v":122.52}]
["Insumo",37372,"SINAPI","EXAMES - HORISTA (COLETADO CAIXA - ENCARGOS COMPLEMENTARES)","Mão de Obra",null,"H",1,{"$f":"IF(A387=\"Insumo\",VLOOKUP(B387,'Insumos-SINAPI'!$A$1:$E$4813,5,FALSE),VLOOKUP(B387,'Comp-SINAPI'!$A$3:$E$7739,5,FALSE))","v":1.34},{"$f":"I387*H387","v":1.34}]
["Insumo",37373,"SINAPI","SEGURO - HORISTA (COLETADO CAIXA - ENCARGOS COMPLEMENTARES)","Outros",null,"H",1,{"$f":"IF(A388=\"Insumo\",VLOOKUP(B388,'Insumos-SINAPI'!$A$1:$E$4813,5,FALSE),VLOOKUP(B388,'Comp-SINAPI'!$A$3:$E$7739,5,FALSE))","v":0.01},0.01]
["Insumo",43462,"SINAPI","FERRAMENTAS - FAMILIA ENGENHEIRO CIVIL - HORISTA (ENCARGOS COMPLEMENTARES - COLETADO CAIXA)","Taxas",null,"H",1,{"$f":"IF(A389=\"Insumo\",VLOOKUP(B389,'Insumos-SINAPI'!$A$1:$E$4813,5,FALSE),VLOOKUP(B389,'Comp-SINAPI'!$A$3:$E$7739,5,FALSE))","v":0.01},0.01]
["Insumo",43486,"SINAPI","EPI - FAMILIA ENGENHEIRO CIVIL - HORISTA (ENCARGOS COMPLEMENTARES - COLETADO CAIXA)","Equipamento",null,"H",1,{"$f":"IF(A390=\"Insumo\",VLOOKUP(B390,'Insumos-SINAPI'!$A$1:$E$4813,5,FALSE),VLOOKUP(B390,'Comp-SINAPI'!$A$3:$E$7739,5,FALSE))","v":0.74},0.74]
["Composição Auxiliar",95403,"SINAPI","CURSO DE CAPACITAÇÃO PARA ENGENHEIRO CIVIL DE OBRA PLENO (ENCARGOS COMPLEMENTARES) - HORISTA","Equipamento",null,"H",1,{"$f":"IF(A391=\"Insumo\",VLOOKUP(B391,'Insumos-SINAPI'!$A$1:$E$4813,5,FALSE),VLOOKUP(B391,'Comp-SINAPI'!$A$3:$E$7739,5,FALSE))","v":2.08},2.08]
[{"$nulls":4},"MO sem LS =>",{"$f":"J392/$M$2","v":58.08},"LS =>",{"$f":"F392*$J$2","v":66.53},"MO com LS =>",{"$f":"J386+J391","v":124.6}]
[{"$nulls":4},"Valor do BDI =>",{"$f":"J385*$G$2","v":31.12},null,"Valor com BDI =>",null,{"$f":"J385*(1+$G$2)","v":157.82}]
{"$rows_empty":8}
[null,88316,"SINAPI","SERVENTE COM ENCARGOS COMPLEMENTARES",{"$f":"J368","v":16.170000000000002}]
[null,88286,"SINAPI","MOTORISTA OPERADOR DE MUNCK COM ENCARGOS COMPLEMENTARES",{"$f":"J354","v":23.97}]
[null,88264,"SINAPI","ELETRICISTA COM ENCARGOS COMPLEMENTARES",{"$f":"J293","v":21.89}]
[null,90775,"SINAPI","DESENHISTA PROJETISTA COM ENCARGOS COMPLEMENTARES",{"$f":"J280","v":22.36}]
[null,88262,"SINAPI","CARPINTEIRO DE FORMAS COM ENCARGOS COMPLEMENTARES",{"$f":"J190","v":21.26}]
[null,88247,"SINAPI","AUXILIAR DE ELETRICISTA COM ENCARGOS COMPLEMENTARES",{"$f":"J165","v":17.46}]
[null,88266,"SINAPI","ELETROTÉCNICO COM ENCARGOS COMPLEMENTARES",{"$f":"J382","v":23.06}]
[null,90778,"SINAPI","ENGENHEIRO CIVIL DE OBRA PLENO COM ENCARGOS COMPLEMENTARES",{"$f":"J392","v":124.6}]
[null,90776,"SINAPI","ENCARREGADO GERAL COM ENCARGOS COMPLEMENTARES",{"$f":"J260","v":33.44}]
[null,90772,"SINAPI","AUXILIAR DE ESCRITORIO COM ENCARGOS COMPLEMENTARES",{"$f":"J270","v":16.78}]
[null,100309,"SINAPI","TÉCNICO EM SEGURANÇA DO TRABALHO COM ENCARGOS COMPLEMENTARES",{"$f":"J178","v":26.92}]
{"$rows_empty":14}
[{"$nulls":11},{"$f":"_xlfn.AGGREGATE(9,6,L419:L423)","v":0}]

{"sheet":"BDI","index":2,"n_rows":65,"n_cols":5,"rows_kept":65,"cut":false,"hidden":false,"merged":[[56,0,56,3],[57,3,57,4],[0,0,0,4],[1,0,1,2],[22,0,22,3],[34,0,34,4],[35,0,35,2]]}
["DETALHAMENTO DO BDI  - SEM DESONERAÇÃO"]
["Descrição dos serviços",null,null,"Preço de Venda (%)","Custo Direto (%)"]
[1,null,"ADMINISTRAÇÃO CENTRAL (A)",null,5.2900000000000003E-2]
[]
[2,null,"IMPOSTOS E TAXAS",{"$f":"SUM(D6:D9)","v":6.6500000000000004E-2}]
[null,"2.1","ISS ",0.03]
[null,"2.2","PIS",6.4999999999999997E-3]
[null,"2.3","COFINS",0.03]
[null,"2.4","CPRB"]
[]
[3,null,"RISCO, SEGURO E GARANTIA ",null,{"$f":"E12+E13","v":1.2999999999999999E-2}]
[null,"3.1","RISCO",null,0.01]
[null,"3.2","SEGURO E GARANTIA",null,3.0000000000000001E-3]
[]
[]
[4,null,"DESPESA FINANCEIRA",null,1.01E-2]
[]
[]
[5,null,"LUCRO",null,0.08]
[]
[]
[]
["BDI ADOTADO",null,null,null,{"$f":"D31-1","v":0.24560000000000001}]
[null,null,"Fonte da composição, valores de referência e fórmula do BDI:  Acordão 2.622/2013 - Plenário"]
[null,null,"AC = taxa de rateio da Administração Central 4,00%",{"$f":"E3","v":5.2900000000000003E-2}]
[null,null,"I = taxa de tributos 6,65%",{"$f":"D5","v":6.6500000000000004E-2}]
[null,null,"R = taxa de risco, seguro e garantia 1,80%",{"$f":"E11","v":1.2999999999999999E-2}]
[null,null,"DF = taxa das despesas financeiras 1,05%",{"$f":"E16","v":1.01E-2}]
[null,null,"L = taxa de lucro ",{"$f":"E19","v":0.08}]
[]
[null,null,null,{"$f":"(1+E3+E11)*(1+E16)*(1+E19)/(1-D5)","v":1.2456}]
[]
[]
[null,"DETALHAMENTO DO BDI DIFERENCIADO - SOMENTE FORNECIMENTO"]
["DETALHAMENTO DO BDI  DIFERENCIADO - SEM DESONERAÇÃO (SOMENTE FORNECIMENTO)"]
["Descrição dos serviços",null,null,"Preço de Venda (%)","Custo Direto (%)"]
[1,null,"ADMINISTRAÇÃO CENTRAL (A)",null,0.03]
[]
[2,null,"IMPOSTOS E TAXAS",{"$f":"SUM(D40:D43)","v":3.6499999999999998E-2}]
[null,"2.1","ISS ",0]
[null,"2.2","PIS",6.4999999999999997E-3]
[null,"2.3","COFINS",0.03]
[null,"2.4","CPRB",0]
[]
[3,null,"RISCO, SEGURO E GARANTIA ",null,{"$f":"E46+E47","v":1.06E-2}]
[null,"3.1","RISCO",null,6.8999999999999999E-3]
[null,"3.2","SEGURO E GARANTIA",null,3.7000000000000002E-3]
[]
[]
[4,null,"DESPESA FINANCEIRA",null,8.5000000000000006E-3]
[]
[]
[5,null,"LUCRO",null,4.3499999999999997E-2]
[]
[]
[]
["BDI",null,null,null,{"$f":"D65-1","v":0.1366}]
[null,"Fonte da composição, valores de referência e fórmula do BDI:  Acordão 2.622/2013 - Plenário",null,"BDI Adotado = 13,50%"]
[null,null,"AC = taxa de rateio da Administração Central 4,00%",{"$f":"E37","v":0.03}]
[null,null,"I = taxa de tributos 6,65%",{"$f":"D39","v":3.6499999999999998E-2}]
[null,null,"R = taxa de risco, seguro e garantia 1,80%",{"$f":"E45","v":1.06E-2}]
[null,null,"DF = taxa das despesas financeiras 1,05%",{"$f":"E50","v":8.5000000000000006E-3}]
[null,null,"L = taxa de lucro 7,00%",{"$f":"E53","v":4.3499999999999997E-2}]
[]
[null,null,null,{"$f":"(1+E37+E45)*(1+E50)*(1+E53)/(1-D39)","v":1.1366000000000001}]

{"sheet":"Insumos-SINAPI","index":3,"n_rows":4813,"n_cols":5,"rows_kept":4813,"cut":false,"hidden":false,"merged":[]}
[38605,"ABERTURA PARA ENCAIXE DE CUBA OU LAVATORIO EM BANCADA DE MARMORE/ GRANITO OU OUTRO TIPO DE PEDRA NATURAL                                                                                                                                                                                                                                                                                                                                                                                                  ","UN    ","CR",159.91999999999999]
[11270,"ABRACADEIRA DE LATAO PARA FIXACAO DE CABO PARA-RAIO, DIMENSOES 32 X 24 X 24 MM                                                                                                                                                                                                                                                                                                                                                                                                                            ","UN    ","CR",4.05]
[412,"ABRACADEIRA DE NYLON PARA AMARRACAO DE CABOS, COMPRIMENTO DE *230* X *7,6* MM                                                                                                                                                                                                                                                                                                                                                                                                                             ","UN    ","CR",1.18]
[414,"ABRACADEIRA DE NYLON PARA AMARRACAO DE CABOS, COMPRIMENTO DE 100 X 2,5 MM                                                                                                                                                                                                                                                                                                                                                                                                                                 ","UN    ","CR",7.0000000000000007E-2]
[410,"ABRACADEIRA DE NYLON PARA AMARRACAO DE CABOS, COMPRIMENTO DE 150 X *3,6* MM                                                                                                                                                                                                                                                                                                                                                                                                                               ","UN    ","CR",0.18]
[411,"ABRACADEIRA DE NYLON PARA AMARRACAO DE CABOS, COMPRIMENTO DE 200 X *4,6* MM                                                                                                                                                                                                                                                                                                                                                                                                                               ","UN    ","C ",0.23]
[408,"ABRACADEIRA DE NYLON PARA AMARRACAO DE CABOS, COMPRIMENTO DE 390 X *4,6* MM                                                                                                                                                                                                                                                                                                                                                                                                                               ","UN    ","CR",1.1399999999999999]
[39131,"ABRACADEIRA EM ACO PARA AMARRACAO DE ELETRODUTOS, TIPO D, COM 1 1/2\" E CUNHA DE FIXACAO                                                                                                                                                                                                                                                                                                                                                                                                                   ","UN    ","CR",5.44]
[394,"ABRACADEIRA EM ACO PARA AMARRACAO DE ELETRODUTOS, TIPO D, COM 1 1/2\" E PARAFUSO DE FIXACAO                                                                                                                                                                                                                                                                                                                                                                                                                ","UN    ","CR",5.51]
[39130,"ABRACADEIRA EM ACO PARA AMARRACAO DE ELETRODUTOS, TIPO D, COM 1 1/4\" E CUNHA DE FIXACAO                                                                                                                                                                                                                                                                                                                                                                                                                   ","UN    ","CR",4.97]
[395,"ABRACADEIRA EM ACO PARA AMARRACAO DE ELETRODUTOS, TIPO D, COM 1 1/4\" E PARAFUSO DE FIXACAO                                                                                                                                                                                                                                                                                                                                                                                                                ","UN    ","CR",5.31]
[39127,"ABRACADEIRA EM ACO PARA AMARRACAO DE ELETRODUTOS, TIPO D, COM 1/2\" E CUNHA DE FIXACAO                                                                                                                                                                                                                                                                                                                                                                                                                     ","UN    ","CR",2.62]
[392,"ABRACADEIRA EM ACO PARA AMARRACAO DE ELETRODUTOS, TIPO D, COM 1/2\" E PARAFUSO DE FIXACAO                                                                                                                                                                                                                                                                                                                                                                                                                  ","UN    ","CR",2.68]
[39129,"ABRACADEIRA EM ACO PARA AMARRACAO DE ELETRODUTOS, TIPO D, COM 1\" E CUNHA DE FIXACAO                                                                                                                                                                                                                                                                                                                                                                                                                       ","UN    ","CR",3.06]
[393,"ABRACADEIRA EM ACO PARA AMARRACAO DE ELETRODUTOS, TIPO D, COM 1\" E PARAFUSO DE FIXACAO                                                                                                                                                                                                                                                                                                                                                                                                                    ","UN    ","C ",3.2]
[39133,"ABRACADEIRA EM ACO PARA AMARRACAO DE ELETRODUTOS, TIPO D, COM 2 1/2\" E CUNHA DE FIXACAO                                                                                                                                                                                                                                                                                                                                                                                                                   ","UN    ","CR",7.14]
[397,"ABRACADEIRA EM ACO PARA AMARRACAO DE ELETRODUTOS, TIPO D, COM 2 1/2\" E PARAFUSO DE FIXACAO                                                                                                                                                                                                                                                                                                                                                                                                                ","UN    ","CR",7.89]
[39132,"ABRACADEIRA EM ACO PARA AMARRACAO DE ELETRODUTOS, TIPO D, COM 2\" E CUNHA DE FIXACAO                                                                                                                                                                                                                                                                                                                                                                                                                       ","UN    ","CR",5.71]
[396,"ABRACADEIRA EM ACO PARA AMARRACAO DE ELETRODUTOS, TIPO D, COM 2\" E PARAFUSO DE FIXACAO                                                                                                                                                                                                                                                                                                                                                                                                                    ","UN    ","CR",6.12]
[39135,"ABRACADEIRA EM ACO PARA AMARRACAO DE ELETRODUTOS, TIPO D, COM 3 1/2\" E CUNHA DE FIXACAO                                                                                                                                                                                                                                                                                                                                                                                                                   ","UN    ","CR",11.43]
[39128,"ABRACADEIRA EM ACO PARA AMARRACAO DE ELETRODUTOS, TIPO D, COM 3/4\" E CUNHA DE FIXACAO                                                                                                                                                                                                                                                                                                                                                                                                                     ","UN    ","CR",2.85]
[400,"ABRACADEIRA EM ACO PARA AMARRACAO DE ELETRODUTOS, TIPO D, COM 3/4\" E PARAFUSO DE FIXACAO                                                                                                                                                                                                                                                                                                                                                                                                                  ","UN    ","CR",2.79]
[39125,"ABRACADEIRA EM ACO PARA AMARRACAO DE ELETRODUTOS, TIPO D, COM 3/8\" E PARAFUSO DE FIXACAO                                                                                                                                                                                                                                                                                                                                                                                                                  ","UN    ","CR",2.85]
[39134,"ABRACADEIRA EM ACO PARA AMARRACAO DE ELETRODUTOS, TIPO D, COM 3\" E CUNHA DE FIXACAO                                                                                                                                                                                                                                                                                                                                                                                                                       ","UN    ","CR",9.5299999999999994]
[398,"ABRACADEIRA EM ACO PARA AMARRACAO DE ELETRODUTOS, TIPO D, COM 3\" E PARAFUSO DE FIXACAO                                                                                                                                                                                                                                                                                                                                                                                                                    ","UN    ","CR",8.7799999999999994]
[39126,"ABRACADEIRA EM ACO PARA AMARRACAO DE ELETRODUTOS, TIPO D, COM 4\" E CUNHA DE FIXACAO                                                                                                                                                                                                                                                                                                                                                                                                                       ","UN    ","CR",12.86]
[399,"ABRACADEIRA EM ACO PARA AMARRACAO DE ELETRODUTOS, TIPO D, COM 4\" E PARAFUSO DE FIXACAO                                                                                                                                                                                                                                                                                                                                                                                                                    ","UN    ","CR",11.33]
[39158,"ABRACADEIRA EM ACO PARA AMARRACAO DE ELETRODUTOS, TIPO ECONOMICA (GOTA), COM 8\"                                                                                                                                                                                                                                                                                                                                                                                                                           ","UN    ","CR",30.43]
[39141,"ABRACADEIRA EM ACO PARA AMARRACAO DE ELETRODUTOS, TIPO U SIMPLES, COM 1 1/2\"                                                                                                                                                                                                                                                                                                                                                                                                                              ","UN    ","CR",2.21]
[39140,"ABRACADEIRA EM ACO PARA AMARRACAO DE ELETRODUTOS, TIPO U SIMPLES, COM 1 1/4\"                                                                                                                                                                                                                                                                                                                                                                                                                              ","UN    ","CR",2]
[39137,"ABRACADEIRA EM ACO PARA AMARRACAO DE ELETRODUTOS, TIPO U SIMPLES, COM 1/2\"                                                                                                                                                                                                                                                                                                                                                                                                                                ","UN    ","CR",1.1499999999999999]
[39139,"ABRACADEIRA EM ACO PARA AMARRACAO DE ELETRODUTOS, TIPO U SIMPLES, COM 1\"                                                                                                                                                                                                                                                                                                                                                                                                                                  ","UN    ","CR",1.66]
[39143,"ABRACADEIRA EM ACO PARA AMARRACAO DE ELETRODUTOS, TIPO U SIMPLES, COM 2 1/2\"                                                                                                                                                                                                                                                                                                                                                                                                                              ","UN    ","CR",4.5599999999999996]
[39142,"ABRACADEIRA EM ACO PARA AMARRACAO DE ELETRODUTOS, TIPO U SIMPLES, COM 2\"                                                                                                                                                                                                                                                                                                                                                                                                                                  ","UN    ","CR",3.26]
[39138,"ABRACADEIRA EM ACO PARA AMARRACAO DE ELETRODUTOS, TIPO U SIMPLES, COM 3/4\"                                                                                                                                                                                                                                                                                                                                                                                                                                ","UN    ","CR",1.22]
[39136,"ABRACADEIRA EM ACO PARA AMARRACAO DE ELETRODUTOS, TIPO U SIMPLES, COM 3/8\"                                                                                                                                                                                                                                                                                                                                                                                                                                ","UN    ","CR",0.81]
[39144,"ABRACADEIRA EM ACO PARA AMARRACAO DE ELETRODUTOS, TIPO U SIMPLES, COM 3\"                                                                                                                                                                                                                                                                                                                                                                                                                                  ","UN    ","CR",5.31]
[39145,"ABRACADEIRA EM ACO PARA AMARRACAO DE ELETRODUTOS, TIPO U SIMPLES, COM 4\"                                                                                                                                                                                                                                                                                                                                                                                                                                  ","UN    ","CR",8.74]
[12615,"ABRACADEIRA PVC, PARA CALHA PLUVIAL, DIAMETRO ENTRE *80 E 100* MM, PARA DRENAGEM PLUVIAL PREDIAL                                                                                                                                                                                                                                                                                                                                                                                                          ","UN    ","CR",11.02]
[11927,"ABRACADEIRA, GALVANIZADA/ZINCADA, ROSCA SEM FIM, PARAFUSO INOX, LARGURA FITA *12,6 A *14 MM, D = 2\" A 2 1/2\"                                                                                                                                                                                                                                                                                                                                                                                              ","UN    ","CR",12.1]
[11928,"ABRACADEIRA, GALVANIZADA/ZINCADA, ROSCA SEM FIM, PARAFUSO INOX, LARGURA FITA *12,6 A *14 MM, D = 3\" A 3 3/4\"                                                                                                                                                                                                                                                                                                                                                                                              ","UN    ","CR",13.87]
[11929,"ABRACADEIRA, GALVANIZADA/ZINCADA, ROSCA SEM FIM, PARAFUSO INOX, LARGURA FITA *12,6 A *14 MM, D = 4\" A 4 3/4\"                                                                                                                                                                                                                                                                                                                                                                                              ","UN    ","CR",21.45]
[36801,"ACABAMENTO DE METAL CROMADO PARA REGISTRO PEQUENO, DE PAREDE, 1/2\" OU 3/4\"                                                                                                                                                                                                                                                                                                                                                                                                                                ","UN    ","CR",36.74]
[36246,"ACABAMENTO SIMPLES/CONVENCIONAL PARA FORRO PVC, TIPO \"U\" OU \"C\", COR BRANCA, COMPRIMENTO 6 M                                                                                                                                                                                                                                                                                                                                                                                                              ","M     ","CR",4.0599999999999996]
[37600,"ACESSORIO DE LIGACAO NAO ELETRICO PARA CARGAS EXPLOSIVAS, TUBO DE 6 M                                                                                                                                                                                                                                                                                                                                                                                                                                     ","UN    ","AS",104.86]
[37599,"ACESSORIO INICIADOR NAO ELETRICO, TUBO DE 6 M, TEMPO DE RETARDO DE *160* MS                                                                                                                                                                                                                                                                                                                                                                                                                               ","UN    ","AS",97.6]
[1,"ACETILENO (RECARGA DE GAS ACETILENO PARA CILINDRO DE CONJUNTO OXICORTE GRANDE) NAO INCLUI TROCA/MANUTENCAO DO CILINDRO                                                                                                                                                                                                                                                                                                                                                                                    ","KG    ","AS",95]
[3,"ACIDO CLORIDRICO / ACIDO MURIATICO, DILUICAO 10% A 12% PARA USO EM LIMPEZA                                                                                                                                                                                                                                                                                                                                                                                                                                ","L     ","CR",19.73]
[43054,"ACO CA-25, 10,0 MM, OU 12,5 MM, OU 16,0 MM, OU 20,0 MM, OU 25,0 MM, VERGALHAO                                                                                                                                                                                                                                                                                                                                                                                                                             ","KG    ","CR",9.14]
[42402,"ACO CA-25, 16,0 MM, BARRA DE TRANSFERENCIA                                                                                                                                                                                                                                                                                                                                                                                                                                                                ","KG    ","CR",8.74]
[42403,"ACO CA-25, 20,0 MM, BARRA DE TRANSFERENCIA                                                                                                                                                                                                                                                                                                                                                                                                                                                                ","KG    ","CR",11.21]
[42404,"ACO CA-25, 25,0 MM, BARRA DE TRANSFERENCIA                                                                                                                                                                                                                                                                                                                                                                                                                                                                ","KG    ","CR",11.14]
[42405,"ACO CA-25, 32,0 MM, BARRA DE TRANSFERENCIA                                                                                                                                                                                                                                                                                                                                                                                                                                                                ","KG    ","CR",11.87]
[34341,"ACO CA-25, 32,0 MM, VERGALHAO                                                                                                                                                                                                                                                                                                                                                                                                                                                                             ","KG    ","CR",10.3]
[43053,"ACO CA-25, 6,3 MM OU 8,0 MM, VERGALHAO                                                                                                                                                                                                                                                                                                                                                                                                                                                                    ","KG    ","CR",8.16]
[43058,"ACO CA-50, 10,0 MM, OU 12,5 MM, OU 16,0 MM, OU 20,0 MM, DOBRADO E CORTADO                                                                                                                                                                                                                                                                                                                                                                                                                                 ","KG    ","CR",8.4700000000000006]
[34,"ACO CA-50, 10,0 MM, VERGALHAO                                                                                                                                                                                                                                                                                                                                                                                                                                                                             ","KG    ","CR",8.51]
[43055,"ACO CA-50, 12,5 MM OU 16,0 MM, VERGALHAO                                                                                                                                                                                                                                                                                                                                                                                                                                                                  ","KG    ","C ",7.37]
[43056,"ACO CA-50, 20,0 MM OU 25,0 MM, VERGALHAO                                                                                                                                                                                                                                                                                                                                                                                                                                                                  ","KG    ","CR",8.5]
[43057,"ACO CA-50, 32,0 MM, VERGALHAO                                                                                                                                                                                                                                                                                                                                                                                                                                                                             ","KG    ","CR",9.34]
[34449,"ACO CA-50, 6,3 MM, DOBRADO E CORTADO                                                                                                                                                                                                                                                                                                                                                                                                                                                                      ","KG    ","CR",9.98]
[32,"ACO CA-50, 6,3 MM, VERGALHAO                                                                                                                                                                                                                                                                                                                                                                                                                                                                              ","KG    ","CR",8.9700000000000006]
[33,"ACO CA-50, 8,0 MM, VERGALHAO                                                                                                                                                                                                                                                                                                                                                                                                                                                                              ","KG    ","CR",9.0299999999999994]
[43061,"ACO CA-60, 4,2 MM OU 5,0 MM, DOBRADO E CORTADO                                                                                                                                                                                                                                                                                                                                                                                                                                                            ","KG    ","CR",8.43]
[43059,"ACO CA-60, 4,2 MM, OU 5,0 MM, OU 6,0 MM, OU 7,0 MM, VERGALHAO                                                                                                                                                                                                                                                                                                                                                                                                                                             ","KG    ","CR",8.0500000000000007]
[43062,"ACO CA-60, 6,0 MM OU 7,0 MM, DOBRADO E CORTADO                                                                                                                                                                                                                                                                                                                                                                                                                                                            ","KG    ","CR",8.92]
[43060,"ACO CA-60, 8,0 MM OU 9,5 MM, VERGALHAO                                                                                                                                                                                                                                                                                                                                                                                                                                                                    ","KG    ","CR",7.01]
[40410,"ACOPLAMENTO RIGIDO EM FERRO FUNDIDO PARA SISTEMA DE TUBULACAO RANHURADA, DN 50 MM (2\")                                                                                                                                                                                                                                                                                                                                                                                                                    ","UN    ","AS",19.45]
[40411,"ACOPLAMENTO RIGIDO EM FERRO FUNDIDO PARA SISTEMA DE TUBULACAO RANHURADA, DN 65 MM (2 1/2\")                                                                                                                                                                                                                                                                                                                                                                                                                ","UN    ","AS",21.11]
[40412,"ACOPLAMENTO RIGIDO EM FERRO FUNDIDO PARA SISTEMA DE TUBULACAO RANHURADA, DN 80 MM (3\")                                                                                                                                                                                                                                                                                                                                                                                                                    ","UN    ","AS",23.69]
[44254,"ADAPTADOR CPVC, ROSCAVEL, COM FLANGES E ANEL DE VEDACAO, 15 MM, CAIXA D'AGUA PARA AGUA QUENTE                                                                                                                                                                                                                                                                                                                                                                                                             ","UN    ","CR",28.2]
[44255,"ADAPTADOR CPVC, ROSCAVEL, COM FLANGES E ANEL DE VEDACAO, 22 MM, CAIXA D'AGUA PARA AGUA QUENTE                                                                                                                                                                                                                                                                                                                                                                                                             ","UN    ","CR",31.26]
[44256,"ADAPTADOR CPVC, ROSCAVEL, COM FLANGES E ANEL DE VEDACAO, 28 MM, CAIXA D'AGUA PARA AGUA QUENTE                                                                                                                                                                                                                                                                                                                                                                                                             ","UN    ","CR",35.299999999999997]
[44257,"ADAPTADOR CPVC, ROSCAVEL, COM FLANGES E ANEL DE VEDACAO, 35 MM, CAIXA D'AGUA PARA AGUA QUENTE                                                                                                                                                                                                                                                                                                                                                                                                             ","UN    ","CR",55.85]
[44258,"ADAPTADOR CPVC, ROSCAVEL, COM FLANGES E ANEL DE VEDACAO, 42 MM, CAIXA D'AGUA PARA AGUA QUENTE                                                                                                                                                                                                                                                                                                                                                                                                             ","UN    ","CR",63.83]
[44259,"ADAPTADOR CPVC, ROSCAVEL, COM FLANGES E ANEL DE VEDACAO, 54 MM, CAIXA D'AGUA PARA AGUA QUENTE                                                                                                                                                                                                                                                                                                                                                                                                             ","UN    ","CR",87.62]
[37997,"ADAPTADOR CPVC, SOLDAVEL, 15 MM, PARA AGUA QUENTE                                                                                                                                                                                                                                                                                                                                                                                                                                                         ","UN    ","CR",16.8]
[37998,"ADAPTADOR CPVC, SOLDAVEL, 22 MM, PARA AGUA QUENTE                                                                                                                                                                                                                                                                                                                                                                                                                                                         ","UN    ","CR",22.49]
[55,"ADAPTADOR DE COMPRESSAO EM POLIPROPILENO (PP), PARA TUBO EM PEAD, 20 MM X 1/2\", PARA LIGACAO PREDIAL DE AGUA (NTS 179)                                                                                                                                                                                                                                                                                                                                                                                    ","UN    ","AS",4.17]
[61,"ADAPTADOR DE COMPRESSAO EM POLIPROPILENO (PP), PARA TUBO EM PEAD, 20 MM X 3/4\", PARA LIGACAO PREDIAL DE AGUA (NTS 179)                                                                                                                                                                                                                                                                                                                                                                                    ","UN    ","AS",3.94]
[62,"ADAPTADOR DE COMPRESSAO EM POLIPROPILENO (PP), PARA TUBO EM PEAD, 32 MM X 1\", PARA LIGACAO PREDIAL DE AGUA (NTS 179)                                                                                                                                                                                                                                                                                                                                                                                      ","UN    ","AS",8.17]
[10899,"ADAPTADOR EM LATAO, ENGATE RAPIDO 2 1/2\" X ROSCA INTERNA 5 FIOS 2 1/2\", PARA INSTALACAO PREDIAL DE COMBATE A INCENDIO                                                                                                                                                                                                                                                                                                                                                                                     ","UN    ","CR",108.42]
[10900,"ADAPTADOR EM LATAO, ENGATE RAPIDO1 1/2\" X ROSCA INTERNA 5 FIOS 2 1/2\", PARA INSTALACAO PREDIAL DE COMBATE A INCENDIO                                                                                                                                                                                                                                                                                                                                                                                      ","UN    ","CR",84.85]
[47,"ADAPTADOR PVC PBA, BOLSA/ROSCA, JE, DN 100 / DE 110 MM                                                                                                                                                                                                                                                                                                                                                                                                                                                    ","UN    ","AS",72.28]
[48,"ADAPTADOR PVC PBA, BOLSA/ROSCA, JE, DN 50 / DE 60 MM                                                                                                                                                                                                                                                                                                                                                                                                                                                      ","UN    ","AS",18.850000000000001]
[46,"ADAPTADOR PVC PBA, BOLSA/ROSCA, JE, DN 75 / DE 85 MM                                                                                                                                                                                                                                                                                                                                                                                                                                                      ","UN    ","AS",42.27]
[52,"ADAPTADOR PVC PBA, PONTA/ROSCA, JE, DN 50 / DE 60 MM                                                                                                                                                                                                                                                                                                                                                                                                                                                      ","UN    ","AS",14.32]
[43,"ADAPTADOR PVC PBA, PONTA/ROSCA, JE, DN 75 / DE 85 MM                                                                                                                                                                                                                                                                                                                                                                                                                                                      ","UN    ","AS",48.34]
[103,"ADAPTADOR PVC SOLDAVEL CURTO COM BOLSA E ROSCA, 110 MM X 4\", PARA AGUA FRIA                                                                                                                                                                                                                                                                                                                                                                                                                               ","UN    ","CR",37.81]
[107,"ADAPTADOR PVC SOLDAVEL CURTO COM BOLSA E ROSCA, 20 MM X 1/2\", PARA AGUA FRIA                                                                                                                                                                                                                                                                                                                                                                                                                              ","UN    ","CR",0.71]
[65,"ADAPTADOR PVC SOLDAVEL CURTO COM BOLSA E ROSCA, 25 MM X 3/4\", PARA AGUA FRIA                                                                                                                                                                                                                                                                                                                                                                                                                              ","UN    ","CR",0.78]
[108,"ADAPTADOR PVC SOLDAVEL CURTO COM BOLSA E ROSCA, 32 MM X 1\", PARA AGUA FRIA                                                                                                                                                                                                                                                                                                                                                                                                                                ","UN    ","CR",1.56]
[110,"ADAPTADOR PVC SOLDAVEL CURTO COM BOLSA E ROSCA, 40 MM X 1 1/2\", PARA AGUA FRIA                                                                                                                                                                                                                                                                                                                                                                                                                            ","UN    ","CR",5.44]
[109,"ADAPTADOR PVC SOLDAVEL CURTO COM BOLSA E ROSCA, 40 MM X 1 1/4\", PARA AGUA FRIA                                                                                                                                                                                                                                                                                                                                                                                                                            ","UN    ","CR",3.24]
[111,"ADAPTADOR PVC SOLDAVEL CURTO COM BOLSA E ROSCA, 50 MM X 1 1/4\", PARA AGUA FRIA                                                                                                                                                                                                                                                                                                                                                                                                                            ","UN    ","CR",7.36]
[112,"ADAPTADOR PVC SOLDAVEL CURTO COM BOLSA E ROSCA, 50 MM X1 1/2\", PARA AGUA FRIA                                                                                                                                                                                                                                                                                                                                                                                                                             ","UN    ","CR",3.9]
[113,"ADAPTADOR PVC SOLDAVEL CURTO COM BOLSA E ROSCA, 60 MM X 2\", PARA AGUA FRIA                                                                                                                                                                                                                                                                                                                                                                                                                                ","UN    ","CR",9.76]
[104,"ADAPTADOR PVC SOLDAVEL CURTO COM BOLSA E ROSCA, 75 MM X 2 1/2\", PARA AGUA FRIA                                                                                                                                                                                                                                                                                                                                                                                                                            ","UN    ","CR",16.989999999999998]
[102,"ADAPTADOR PVC SOLDAVEL CURTO COM BOLSA E ROSCA, 85 MM X 3\", PARA AGUA FRIA                                                                                                                                                                                                                                                                                                                                                                                                                                ","UN    ","CR",23.43]
[95,"ADAPTADOR PVC SOLDAVEL, COM FLANGE E ANEL DE VEDACAO, 20 MM X 1/2\", PARA CAIXA D'AGUA                                                                                                                                                                                                                                                                                                                                                                                                                     ","UN    ","CR",9.9]
[96,"ADAPTADOR PVC SOLDAVEL, COM FLANGE E ANEL DE VEDACAO, 25 MM X 3/4\", PARA CAIXA D'AGUA                                                                                                                                                                                                                                                                                                                                                                                                                     ","UN    ","CR",10.77]
[97,"ADAPTADOR PVC SOLDAVEL, COM FLANGE E ANEL DE VEDACAO, 32 MM X 1\", PARA CAIXA D'AGUA                                                                                                                                                                                                                                                                                                                                                                                                                       ","UN    ","CR",16.2]
[98,"ADAPTADOR PVC SOLDAVEL, COM FLANGE E ANEL DE VEDACAO, 40 MM X 1 1/4\", PARA CAIXA D'AGUA                                                                                                                                                                                                                                                                                                                                                                                                                   ","UN    ","CR",24.25]
[99,"ADAPTADOR PVC SOLDAVEL, COM FLANGE E ANEL DE VEDACAO, 50 MM X 1 1/2\", PARA CAIXA D'AGUA                                                                                                                                                                                                                                                                                                                                                                                                                   ","UN    ","CR",22.92]
[60,"ADAPTADOR PVC, COM REGISTRO, PARA PEAD, 20 MM X 3/4\", PARA LIGACAO PREDIAL DE AGUA                                                                                                                                                                                                                                                                                                                                                                                                                        ","UN    ","AS",5.41]
[72,"ADAPTADOR PVC, ROSCAVEL, COM FLANGES E ANEL DE VEDACAO, 1 1/2\", PARA CAIXA D'AGUA                                                                                                                                                                                                                                                                                                                                                                                                                         ","UN    ","CR",43.96]
[67,"ADAPTADOR PVC, ROSCAVEL, COM FLANGES E ANEL DE VEDACAO, 1/2\", PARA CAIXA D'AGUA                                                                                                                                                                                                                                                                                                                                                                                                                           ","UN    ","CR",14.21]
[71,"ADAPTADOR PVC, ROSCAVEL, COM FLANGES E ANEL DE VEDACAO, 1\", PARA CAIXA D'AGUA                                                                                                                                                                                                                                                                                                                                                                                                                             ","UN    ","CR",27.15]
[73,"ADAPTADOR PVC, ROSCAVEL, COM FLANGES E ANEL DE VEDACAO, 3/4\", PARA CAIXA D'AGUA                                                                                                                                                                                                                                                                                                                                                                                                                           ","UN    ","CR",13.6]
[100,"ADAPTADOR PVC, SOLDAVEL, COM FLANGES E ANEL DE VEDACAO, 60 MM X 2\", PARA CAIXA D'AGUA                                                                                                                                                                                                                                                                                                                                                                                                                     ","UN    ","CR",40.049999999999997]
[75,"ADAPTADOR PVC, SOLDAVEL, COM FLANGES LIVRES, 110 MM X 4\", PARA CAIXA D'AGUA                                                                                                                                                                                                                                                                                                                                                                                                                               ","UN    ","CR",233.48]
[83,"ADAPTADOR PVC, SOLDAVEL, COM FLANGES LIVRES, 75 MM X 2 1/2\", PARA CAIXA D'AGUA                                                                                                                                                                                                                                                                                                                                                                                                                            ","UN    ","CR",186.66]
[74,"ADAPTADOR PVC, SOLDAVEL, COM FLANGES LIVRES, 85 MM X 3\", PARA CAIXA D'AGUA                                                                                                                                                                                                                                                                                                                                                                                                                                ","UN    ","CR",266.87]
[106,"ADAPTADOR PVC, SOLDAVEL, LONGO, COM FLANGE LIVRE, 110 MM X 4\", PARA CAIXA D'AGUA                                                                                                                                                                                                                                                                                                                                                                                                                          ","UN    ","CR",337.47]
[88,"ADAPTADOR PVC, SOLDAVEL, LONGO, COM FLANGE LIVRE, 32 MM X 1\", PARA CAIXA D'AGUA                                                                                                                                                                                                                                                                                                                                                                                                                           ","UN    ","CR",9.48]
[82,"ADAPTADOR PVC, SOLDAVEL, LONGO, COM FLANGE LIVRE, 75 MM X 2 1/2\", PARA CAIXA D'AGUA                                                                                                                                                                                                                                                                                                                                                                                                                       ","UN    ","CR",177.59]
[105,"ADAPTADOR PVC, SOLDAVEL, LONGO, COM FLANGE LIVRE, 85 MM X 3\", PARA CAIXA D'AGUA                                                                                                                                                                                                                                                                                                                                                                                                                           ","UN    ","CR",251.65]
[39719,"ADESIVO / COLA DE CONTATO LIQUIDO, A BASE DE RESINAS, PARA COLAGEM DE ESPUMA PARA ISOLAMENTO TERMICO FLEXIVEL                                                                                                                                                                                                                                                                                                                                                                                             ","L     ","CR",150.11000000000001]
[3410,"ADESIVO / COLA PARA EPS (ISOPOR) E OUTROS MATERIAIS                                                                                                                                                                                                                                                                                                                                                                                                                                                       ","KG    ","CR",33.76]
[4791,"ADESIVO ACRILICO DE BASE AQUOSA / COLA DE CONTATO                                                                                                                                                                                                                                                                                                                                                                                                                                                         ","KG    ","CR",45.49]
[157,"ADESIVO ESTRUTURAL A BASE DE RESINA EPOXI PARA INJECAO EM TRINCAS, BICOMPONENTE, BAIXA VISCOSIDADE                                                                                                                                                                                                                                                                                                                                                                                                        ","KG    ","CR",174.23]
[156,"ADESIVO ESTRUTURAL A BASE DE RESINA EPOXI, BICOMPONENTE, FLUIDO                                                                                                                                                                                                                                                                                                                                                                                                                                           ","KG    ","CR",62.03]
[131,"ADESIVO ESTRUTURAL A BASE DE RESINA EPOXI, BICOMPONENTE, PASTOSO (TIXOTROPICO)                                                                                                                                                                                                                                                                                                                                                                                                                            ","KG    ","CR",53.05]
[21114,"ADESIVO PARA TUBOS CPVC, *75* G                                                                                                                                                                                                                                                                                                                                                                                                                                                                           ","UN    ","CR",29.59]
[119,"ADESIVO PLASTICO PARA PVC, BISNAGA COM 75 GR                                                                                                                                                                                                                                                                                                                                                                                                                                                              ","UN    ","C ",7.5]
[122,"ADESIVO PLASTICO PARA PVC, FRASCO COM *850* GR                                                                                                                                                                                                                                                                                                                                                                                                                                                            ","UN    ","CR",57.7]
[20080,"ADESIVO PLASTICO PARA PVC, FRASCO COM 175 GR                                                                                                                                                                                                                                                                                                                                                                                                                                                              ","UN    ","CR",18.829999999999998]
[124,"ADITIVO ACELERADOR DE PEGA E ENDURECIMENTO PARA ARGAMASSAS E CONCRETOS, LIQUIDO E ISENTO DE CLORETOS                                                                                                                                                                                                                                                                                                                                                                                                      ","L     ","CR",20.46]
[7334,"ADITIVO ADESIVO LIQUIDO PARA ARGAMASSAS DE REVESTIMENTOS CIMENTICIOS                                                                                                                                                                                                                                                                                                                                                                                                                                      ","L     ","CR",16.579999999999998]
[45146,"ADITIVO IMPERMEABILIZANTE CRISTALIZANTE PARA CONCRETO                                                                                                                                                                                                                                                                                                                                                                                                                                                     ","KG    ","CR",39.229999999999997]
[123,"ADITIVO IMPERMEABILIZANTE DE PEGA NORMAL PARA ARGAMASSAS E CONCRETOS SEM ARMACAO, LIQUIDO E ISENTO DE CLORETOS                                                                                                                                                                                                                                                                                                                                                                                            ","L     ","C ",8.3699999999999992]
[127,"ADITIVO IMPERMEABILIZANTE DE PEGA ULTRARRAPIDA, LIQUIDO E ISENTO DE CLORETOS                                                                                                                                                                                                                                                                                                                                                                                                                              ","L     ","CR",19.98]
[133,"ADITIVO LIQUIDO INCORPORADOR DE AR PARA CONCRETO E ARGAMASSA, LIQUIDO E ISENTO DE CLORETOS                                                                                                                                                                                                                                                                                                                                                                                                                ","L     ","CR",8.3000000000000007]
[43617,"ADITIVO PLASTIFICANTE E ESTABILIZADOR PARA ARGAMASSAS DE ASSENTAMENTO E REBOCO, LIQUIDO E ISENTO DE CLORETOS                                                                                                                                                                                                                                                                                                                                                                                              ","L     ","CR",9.27]
[132,"ADITIVO PLASTIFICANTE RETARDADOR DE PEGA E REDUTOR DE AGUA PARA CONCRETO, LIQUIDO E ISENTO DE CLORETOS                                                                                                                                                                                                                                                                                                                                                                                                    ","L     ","CR",8.6]
[43618,"ADITIVO SUPERPLASTIFICANTE DE PEGA NORMAL PARA CONCRETO, LIQUIDO E ISENTO DE CLORETOS                                                                                                                                                                                                                                                                                                                                                                                                                     ","KG    ","CR",21.66]
[37476,"ADUELA/ GALERIA PRE-MOLDADA DE CONCRETO ARMADO, SECAO QUADRADA INTERNA DE 1,50 X 1,50 M (L X A), MISULA DE 20 X 20 CM, C = 1,00 M, ESPESSURA MIN = 15 CM, TB-45 E FCK DO CONCRETO = 30 MPA                                                                                                                                                                                                                                                                                                                ","UN    ","CR",3244.53]
[37478,"ADUELA/ GALERIA PRE-MOLDADA DE CONCRETO ARMADO, SECAO RETANGULAR INTERNA DE 2,00 X 2,00 M (L X A), MISULA DE 20 X 20 CM, C = 1,00 M, ESPESSURA MIN = 15 CM, TB-45 E FCK DO CONCRETO = 30 MPA                                                                                                                                                                                                                                                                                                              ","UN    ","CR",4063.86]
[37477,"ADUELA/ GALERIA PRE-MOLDADA DE CONCRETO ARMADO, SECAO RETANGULAR INTERNA DE 2,50 X 2,50 M (L X A), MISULA DE 20 X 20 CM, C = 1,00 M, ESPESSURA MIN = 15 CM, TB-45 E FCK DO CONCRETO = 30 MPA                                                                                                                                                                                                                                                                                                              ","UN    ","CR",5505.88]
[37479,"ADUELA/ GALERIA PRE-MOLDADA DE CONCRETO ARMADO, SECAO RETANGULAR INTERNA DE 3,00 X 3,00 M (L X A), MISULA DE 20 X 20 CM, C = 1.00 M, ESPESSURA MIN = 20 CM, TB-45 E FCK DO CONCRETO = 30 MPA                                                                                                                                                                                                                                                                                                              ","UN    ","CR",6530.04]
[4319,"AFASTADOR PARA TELHA DE FIBROCIMENTO CANALETE 90 OU KALHETAO                                                                                                                                                                                                                                                                                                                                                                                                                                              ","UN    ","CR",1.44]
[42409,"AGENTE DE CURA, PROTETOR DA EVAPORACAO DA AGUA DE HIDRATACAO DO CONCRETO                                                                                                                                                                                                                                                                                                                                                                                                                                  ","KG    ","CR",13.64]
[40553,"AGREGADO RECICLADO, TIPO RACHAO RECICLADO CINZA, CLASSE A                                                                                                                                                                                                                                                                                                                                                                                                                                                 ","M3    ","AS",60]
[6114,"AJUDANTE DE ARMADOR (HORISTA)                                                                                                                                                                                                                                                                                                                                                                                                                                                                             ","H     ","CR",16.75]
[40912,"AJUDANTE DE ARMADOR (MENSALISTA)                                                                                                                                                                                                                                                                                                                                                                                                                                                                          ","MES   ","CR",2929.3]
[247,"AJUDANTE DE ELETRICISTA (HORISTA)                                                                                                                                                                                                                                                                                                                                                                                                                                                                         ","H     ","CR",16.75]
[40919,"AJUDANTE DE ELETRICISTA (MENSALISTA)                                                                                                                                                                                                                                                                                                                                                                                                                                                                      ","MES   ","CR",2929.3]
[44499,"AJUDANTE DE ESTRUTURAS METALICAS (HORISTA)                                                                                                                                                                                                                                                                                                                                                                                                                                                                ","H     ","CR",16.75]
[40984,"AJUDANTE DE ESTRUTURAS METALICAS (MENSALISTA)                                                                                                                                                                                                                                                                                                                                                                                                                                                             ","MES   ","CR",2929.3]
[248,"AJUDANTE DE OPERACAO EM GERAL (HORISTA)                                                                                                                                                                                                                                                                                                                                                                                                                                                                   ","H     ","CR",16.899999999999999]
[41086,"AJUDANTE DE OPERACAO EM GERAL (MENSALISTA)                                                                                                                                                                                                                                                                                                                                                                                                                                                                ","MES   ","CR",2955.26]
[34466,"AJUDANTE DE PINTOR (HORISTA)                                                                                                                                                                                                                                                                                                                                                                                                                                                                              ","H     ","CR",16.75]
[41083,"AJUDANTE DE PINTOR (MENSALISTA)                                                                                                                                                                                                                                                                                                                                                                                                                                                                           ","MES   ","CR",2929.3]
[252,"AJUDANTE DE SERRALHEIRO (HORISTA)                                                                                                                                                                                                                                                                                                                                                                                                                                                                         ","H     ","CR",16.75]
[40909,"AJUDANTE DE SERRALHEIRO (MENSALISTA)                                                                                                                                                                                                                                                                                                                                                                                                                                                                      ","MES   ","CR",2929.3]
[242,"AJUDANTE ESPECIALIZADO (HORISTA)                                                                                                                                                                                                                                                                                                                                                                                                                                                                          ","H     ","CR",16.899999999999999]
[41085,"AJUDANTE ESPECIALIZADO (MENSALISTA)                                                                                                                                                                                                                                                                                                                                                                                                                                                                       ","MES   ","CR",2955.26]
[427,"ALCA PREFORMADA DE CONTRA POSTE, EM ACO GALVANIZADO, PARA CABO 3/16\", COMPRIMENTO *860* MM                                                                                                                                                                                                                                                                                                                                                                                                                ","UN    ","AS",6.93]
[417,"ALCA PREFORMADA DE DISTRIBUICAO, EM ACO GALVANIZADO, PARA CABO DE ALUMINIO DIAMETRO 16 A 25 MM                                                                                                                                                                                                                                                                                                                                                                                                            ","UN    ","AS",3.26]
[11273,"ALCA PREFORMADA DE DISTRIBUICAO, EM ACO GALVANIZADO, PARA CONDUTORES DE ALUMINIO AWG 1/0 (CAA 6/1 OU CA 7 FIOS)                                                                                                                                                                                                                                                                                                                                                                                           ","UN    ","AS",10.130000000000001]
[11272,"ALCA PREFORMADA DE DISTRIBUICAO, EM ACO GALVANIZADO, PARA CONDUTORES DE ALUMINIO AWG 2 (CAA 6/1 OU CA 7 FIOS)                                                                                                                                                                                                                                                                                                                                                                                             ","UN    ","AS",6.12]
[11275,"ALCA PREFORMADA DE SERVICO, EM ACO GALVANIZADO, PARA CONDUTORES DE ALUMINIO AWG 4 (CAA 6/1)                                                                                                                                                                                                                                                                                                                                                                                                               ","UN    ","AS",2.4500000000000002]
[11274,"ALCA PREFORMADA DE SERVICO, EM ACO GALVANIZADO, PARA CONDUTORES DE ALUMINIO AWG 6 (CAA 6/1)                                                                                                                                                                                                                                                                                                                                                                                                               ","UN    ","AS",1.87]
[38470,"ALICATE DE CORTE DIAGONAL 6\" COM ISOLAMENTO                                                                                                                                                                                                                                                                                                                                                                                                                                                               ","UN    ","C ",39.99]
[38547,"ALICATE DE CRIMPAR RJ11, RJ12 E RJ45                                                                                                                                                                                                                                                                                                                                                                                                                                                                      ","UN    ","CR",109.12]
[38469,"ALICATE DE PRESSAO PARA SOLDA DE CHAPA 18\"                                                                                                                                                                                                                                                                                                                                                                                                                                                                ","UN    ","CR",117.34]
[38467,"ALICATE DE PRESSAO 11\" PARA SOLDA, TIPO C                                                                                                                                                                                                                                                                                                                                                                                                                                                                 ","UN    ","CR",66.02]
[38468,"ALICATE DE PRESSAO 11\" PARA SOLDA, TIPO U                                                                                                                                                                                                                                                                                                                                                                                                                                                                 ","UN    ","CR",72.650000000000006]
[38471,"ALICATE PARA ANEIS DE PISTAO, CAPACIDADE 50 A 100 MM                                                                                                                                                                                                                                                                                                                                                                                                                                                      ","UN    ","CR",94.35]
[37370,"ALIMENTACAO - HORISTA (COLETADO CAIXA - ENCARGOS COMPLEMENTARES)                                                                                                                                                                                                                                                                                                                                                                                                                                          ","H     ","C ",1.02]
[40862,"ALIMENTACAO - MENSALISTA (COLETADO CAIXA - ENCARGOS COMPLEMENTARES)                                                                                                                                                                                                                                                                                                                                                                                                                                       ","MES   ","C ",192.94]
[10658,"ALISADORA DE CONCRETO COM MOTOR A GASOLINA DE 5,5 HP, PESO COM MOTOR DE 78 KG, 4 PAS                                                                                                                                                                                                                                                                                                                                                                                                                      ","UN    ","AS",7709]
[253,"ALMOXARIFE (HORISTA)                                                                                                                                                                                                                                                                                                                                                                                                                                                                                      ","H     ","C ",20.99]
[40809,"ALMOXARIFE (MENSALISTA)                                                                                                                                                                                                                                                                                                                                                                                                                                                                                   ","MES   ","CR",3668.94]
[42428,"ALONGADOR COM TRES ALTURAS, EM TUBO DE ACO CARBONO, PINTURA NO PROCESSO ELETROSTATICO - EQUIPAMENTO DE GINASTICA PARA ACADEMIA AO AR LIVRE / ACADEMIA DA TERCEIRA IDADE - ATI                                                                                                                                                                                                                                                                                                                             ","UN    ","AS",2271]
[301,"ANEL BORRACHA PARA TUBO ESGOTO PREDIAL, DN 100 MM (NBR 5688)                                                                                                                                                                                                                                                                                                                                                                                                                                              ","UN    ","C ",4]
[296,"ANEL BORRACHA PARA TUBO ESGOTO PREDIAL, DN 50 MM (NBR 5688)                                                                                                                                                                                                                                                                                                                                                                                                                                               ","UN    ","CR",2.2599999999999998]
[297,"ANEL BORRACHA PARA TUBO ESGOTO PREDIAL, DN 75 MM (NBR 5688)                                                                                                                                                                                                                                                                                                                                                                                                                                               ","UN    ","CR",3.32]
[299,"ANEL BORRACHA, DN 100 MM, PARA TUBO SERIE REFORCADA ESGOTO PREDIAL                                                                                                                                                                                                                                                                                                                                                                                                                                        ","UN    ","CR",4.6900000000000004]
[300,"ANEL BORRACHA, DN 150 MM, PARA TUBO SERIE REFORCADA ESGOTO PREDIAL                                                                                                                                                                                                                                                                                                                                                                                                                                        ","UN    ","CR",16.239999999999998]
[20085,"ANEL BORRACHA, DN 50 MM, PARA TUBO SERIE REFORCADA ESGOTO PREDIAL                                                                                                                                                                                                                                                                                                                                                                                                                                         ","UN    ","CR",2.97]
[298,"ANEL BORRACHA, DN 75 MM, PARA TUBO SERIE REFORCADA ESGOTO PREDIAL                                                                                                                                                                                                                                                                                                                                                                                                                                         ","UN    ","CR",3.61]
[311,"ANEL BORRACHA, PARA TUBO PVC DEFOFO, DN 100 MM (NBR 7665)                                                                                                                                                                                                                                                                                                                                                                                                                                                 ","UN    ","CR",13.39]
[318,"ANEL BORRACHA, PARA TUBO PVC DEFOFO, DN 150 MM (NBR 7665)                                                                                                                                                                                                                                                                                                                                                                                                                                                 ","UN    ","CR",26.97]
[319,"ANEL BORRACHA, PARA TUBO PVC DEFOFO, DN 200 MM (NBR 7665)                                                                                                                                                                                                                                                                                                                                                                                                                                                 ","UN    ","CR",42.28]
[303,"ANEL BORRACHA, PARA TUBO PVC, REDE COLETOR ESGOTO, DN 100 MM (NBR 7362)                                                                                                                                                                                                                                                                                                                                                                                                                                   ","UN    ","CR",4.43]
[305,"ANEL BORRACHA, PARA TUBO PVC, REDE COLETOR ESGOTO, DN 150 MM (NBR 7362)                                                                                                                                                                                                                                                                                                                                                                                                                                   ","UN    ","CR",13.94]
[306,"ANEL BORRACHA, PARA TUBO PVC, REDE COLETOR ESGOTO, DN 200 MM (NBR 7362)                                                                                                                                                                                                                                                                                                                                                                                                                                   ","UN    ","CR",21.14]
[307,"ANEL BORRACHA, PARA TUBO PVC, REDE COLETOR ESGOTO, DN 250 MM (NBR 7362)                                                                                                                                                                                                                                                                                                                                                                                                                                   ","UN    ","CR",53.41]
[309,"ANEL BORRACHA, PARA TUBO PVC, REDE COLETOR ESGOTO, DN 350 MM (NBR 7362)                                                                                                                                                                                                                                                                                                                                                                                                                                   ","UN    ","CR",87.49]
[310,"ANEL BORRACHA, PARA TUBO PVC, REDE COLETOR ESGOTO, DN 400 MM (NBR 7362)                                                                                                                                                                                                                                                                                                                                                                                                                                   ","UN    ","CR",121.26]
[328,"ANEL BORRACHA, PARA TUBO/CONEXAO PVC PBA, DN 100 MM, PARA REDE AGUA                                                                                                                                                                                                                                                                                                                                                                                                                                       ","UN    ","CR",10.6]
[325,"ANEL BORRACHA, PARA TUBO/CONEXAO PVC PBA, DN 50 MM, PARA REDE AGUA                                                                                                                                                                                                                                                                                                                                                                                                                                        ","UN    ","CR",3.13]
[20326,"ANEL BORRACHA, PARA TUBO/CONEXAO PVC PBA, DN 60 MM, PARA REDE AGUA                                                                                                                                                                                                                                                                                                                                                                                                                                        ","UN    ","CR",5.72]
[329,"ANEL BORRACHA, PARA TUBO/CONEXAO PVC PBA, DN 75 MM, PARA REDE AGUA                                                                                                                                                                                                                                                                                                                                                                                                                                        ","UN    ","CR",8.86]
[308,"ANEL BORRACHA, PARA TUBO, PVC REDE COLETOR ESGOTO, DN 300 MM (NBR 7362)                                                                                                                                                                                                                                                                                                                                                                                                                                   ","UN    ","CR",119.21]
[39642,"ANEL DE BORRACHA PARA VEDACAO DE DUTO PEAD CORRUGADO PARA ELETRICA, DN 1 1/2\" (NBR 15715)                                                                                                                                                                                                                                                                                                                                                                                                                 ","UN    ","CR",3.93]
[39641,"ANEL DE BORRACHA PARA VEDACAO DE DUTO PEAD CORRUGADO PARA ELETRICA, DN 1 1/4\" (NBR 15715)                                                                                                                                                                                                                                                                                                                                                                                                                 ","UN    ","CR",3.45]
[39643,"ANEL DE BORRACHA PARA VEDACAO DE DUTO PEAD CORRUGADO PARA ELETRICA, DN 2\" (NBR 15715)                                                                                                                                                                                                                                                                                                                                                                                                                     ","UN    ","CR",4.6100000000000003]
[39644,"ANEL DE BORRACHA PARA VEDACAO DE DUTO PEAD CORRUGADO PARA ELETRICA, DN 3\" (NBR 15715)                                                                                                                                                                                                                                                                                                                                                                                                                     ","UN    ","CR",7.15]
[39645,"ANEL DE BORRACHA PARA VEDACAO DE DUTO PEAD CORRUGADO PARA ELETRICA, DN 4\" (NBR 15715)                                                                                                                                                                                                                                                                                                                                                                                                                     ","UN    ","CR",7.84]
[41610,"ANEL DE CONCRETO ARMADO COM FUNDO, PARA FOSSA E POCO 1,50 X *0,50* M                                                                                                                                                                                                                                                                                                                                                                                                                                      ","UN    ","CR",601.94000000000005]
[41611,"ANEL DE CONCRETO ARMADO COM FUNDO, PARA FOSSA E POCO 2,00 X *0,50* M                                                                                                                                                                                                                                                                                                                                                                                                                                      ","UN    ","CR",948.78]
[41612,"ANEL DE CONCRETO ARMADO COM FUNDO, PARA FOSSA E POCO 2,50 X *0,50* M                                                                                                                                                                                                                                                                                                                                                                                                                                      ","UN    ","CR",1332.22]
[41637,"ANEL DE CONCRETO ARMADO, COM FUROS/DRENO PARA SUMIDOURO, D = 0,80 M, H = 0,50 M                                                                                                                                                                                                                                                                                                                                                                                                                           ","UN    ","CR",124.53]
[41638,"ANEL DE CONCRETO ARMADO, COM FUROS/DRENO PARA SUMIDOURO, D = 1,00 M, H = 0,50M                                                                                                                                                                                                                                                                                                                                                                                                                            ","UN    ","CR",162.22]
[41639,"ANEL DE CONCRETO ARMADO, COM FUROS/DRENO PARA SUMIDOURO, D = 1,50 M, H = 0,50 M                                                                                                                                                                                                                                                                                                                                                                                                                           ","UN    ","CR",392.45]
[11789,"ANEL DE DISTRIBUICAO EM ACO GALVANIZADO PARA FIO FE-160                                                                                                                                                                                                                                                                                                                                                                                                                                                   ","UN    ","AS",0.92]
[20975,"ANEL DE EXPANSAO EM COBRE, ENGATE RAPIDO 1 1/2\", PARA EMPATACAO MANGUEIRA DE COMBATE A INCENDIO PREDIAL                                                                                                                                                                                                                                                                                                                                                                                                   ","UN    ","CR",17]
[20976,"ANEL DE EXPANSAO EM COBRE, ENGATE RAPIDO 2 1/2\", PARA EMPATACAO MANGUEIRA DE COMBATE A INCENDIO PREDIAL                                                                                                                                                                                                                                                                                                                                                                                                   ","UN    ","CR",25.69]
[40340,"ANEL DE VEDACAO/JUNTA ELASTICA, H = *16* MM, PARA TUBO DE CONCRETO, DN 300 MM                                                                                                                                                                                                                                                                                                                                                                                                                             ","UN    ","CR",29.42]
[40341,"ANEL DE VEDACAO/JUNTA ELASTICA, H = *16* MM, PARA TUBO DE CONCRETO, DN 400 MM                                                                                                                                                                                                                                                                                                                                                                                                                             ","UN    ","CR",35.119999999999997]
[40342,"ANEL DE VEDACAO/JUNTA ELASTICA, H = *16* MM, PARA TUBO DE CONCRETO, DN 500 MM                                                                                                                                                                                                                                                                                                                                                                                                                             ","UN    ","CR",41.88]
[40343,"ANEL DE VEDACAO/JUNTA ELASTICA, H = *16* MM, PARA TUBO DE CONCRETO, DN 600 MM                                                                                                                                                                                                                                                                                                                                                                                                                             ","UN    ","CR",49.68]
[40344,"ANEL DE VEDACAO/JUNTA ELASTICA, H = *18* MM, PARA TUBO DE CONCRETO, DN 700 MM                                                                                                                                                                                                                                                                                                                                                                                                                             ","UN    ","CR",67.72]
[40345,"ANEL DE VEDACAO/JUNTA ELASTICA, H = *19* MM, PARA TUBO DE CONCRETO, DN 800 MM                                                                                                                                                                                                                                                                                                                                                                                                                             ","UN    ","CR",83.45]
[40346,"ANEL DE VEDACAO/JUNTA ELASTICA, H = *19* MM, PARA TUBO DE CONCRETO, DN 900 MM                                                                                                                                                                                                                                                                                                                                                                                                                             ","UN    ","CR",96.8]
[40347,"ANEL DE VEDACAO/JUNTA ELASTICA, H = *21* MM, PARA TUBO DE CONCRETO, DN 1000 MM                                                                                                                                                                                                                                                                                                                                                                                                                            ","UN    ","CR",121.62]
[6138,"ANEL DE VEDACAO, PVC FLEXIVEL, 100 MM, PARA SAIDA DE BACIA / VASO SANITARIO                                                                                                                                                                                                                                                                                                                                                                                                                               ","UN    ","CR",8.7200000000000006]
[43424,"ANEL EM CONCRETO ARMADO, LISO, PARA FOSSAS SEPTICAS E SUMIDOUROS, COM FUNDO, DIAMETRO INTERNO DE 1,20 M E ALTURA DE 0,50 M                                                                                                                                                                                                                                                                                                                                                                                ","UN    ","CR",504.32]
[43426,"ANEL EM CONCRETO ARMADO, LISO, PARA FOSSAS SEPTICAS E SUMIDOUROS, COM FUNDO, DIAMETRO INTERNO DE 3,00 M E ALTURA DE 0,50 M                                                                                                                                                                                                                                                                                                                                                                                ","UN    ","CR",1739.43]
[12565,"ANEL EM CONCRETO ARMADO, LISO, PARA FOSSAS SEPTICAS E SUMIDOUROS, SEM FUNDO, DIAMETRO INTERNO DE 2,00 M E ALTURA DE 0,50 M                                                                                                                                                                                                                                                                                                                                                                                ","UN    ","CR",609.99]
[12567,"ANEL EM CONCRETO ARMADO, LISO, PARA FOSSAS SEPTICAS E SUMIDOUROS, SEM FUNDO, DIAMETRO INTERNO DE 2,50 M E ALTURA DE 0,50 M                                                                                                                                                                                                                                                                                                                                                                                ","UN    ","CR",819.32]
[12568,"ANEL EM CONCRETO ARMADO, LISO, PARA FOSSAS SEPTICAS E SUMIDOUROS, SEM FUNDO, DIAMETRO INTERNO DE 3,00 M E ALTURA DE 0,50 M                                                                                                                                                                                                                                                                                                                                                                                ","UN    ","CR",1147.05]
[43441,"ANEL EM CONCRETO ARMADO, LISO, PARA POCOS DE INSPECAO, COM FUNDO, DIAMETRO INTERNO DE 0,60 M E ALTURA DE 0,50 M                                                                                                                                                                                                                                                                                                                                                                                           ","UN    ","CR",147.47]
[43423,"ANEL EM CONCRETO ARMADO, LISO, PARA POCOS DE INSPECAO, SEM FUNDO, DIAMETRO INTERNO DE 0,60 M E ALTURA DE 0,20 M                                                                                                                                                                                                                                                                                                                                                                                           ","UN    ","CR",68.819999999999993]
[12532,"ANEL EM CONCRETO ARMADO, LISO, PARA POCOS DE INSPECAO, SEM FUNDO, DIAMETRO INTERNO DE 0,60 M E ALTURA DE 0,50 M                                                                                                                                                                                                                                                                                                                                                                                           ","UN    ","CR",106.14]
[43444,"ANEL EM CONCRETO ARMADO, LISO, PARA POCOS DE VISITA, POCOS DE INSPECAO, FOSSAS SEPTICAS E SUMIDOUROS, COM FUNDO, DIAMETRO INTERNO DE 1,20 M E ALTURA DE 0,75 M                                                                                                                                                                                                                                                                                                                                            ","UN    ","CR",356.4]
[12551,"ANEL EM CONCRETO ARMADO, LISO, PARA POCOS DE VISITA, POCOS DE INSPECAO, FOSSAS SEPTICAS E SUMIDOUROS, SEM FUNDO, DIAMETRO INTERNO DE 1,20 M E ALTURA DE 0,50 M                                                                                                                                                                                                                                                                                                                                            ","UN    ","CR",254.28]
[43442,"ANEL EM CONCRETO ARMADO, LISO, PARA POCOS DE VISITAS, POCOS DE INSPECAO, FOSSAS SEPTICAS E SUMIDOUROS, COM FUNDO, DIAMETRO INTERNO DE 0,80 M E ALTURA DE 0,50 M                                                                                                                                                                                                                                                                                                                                           ","UN    ","CR",196.63]
[43443,"ANEL EM CONCRETO ARMADO, LISO, PARA POCOS DE VISITAS, POCOS DE INSPECAO, FOSSAS SEPTICAS E SUMIDOUROS, COM FUNDO, DIAMETRO INTERNO DE 1,00 M E ALTURA DE 0,50 M                                                                                                                                                                                                                                                                                                                                           ","UN    ","CR",258.08]
[12544,"ANEL EM CONCRETO ARMADO, LISO, PARA POCOS DE VISITAS, POCOS DE INSPECAO, FOSSAS SEPTICAS E SUMIDOUROS, SEM FUNDO, DIAMETRO INTERNO DE 0,80 M E ALTURA DE 0,50 M                                                                                                                                                                                                                                                                                                                                           ","UN    ","CR",139.28]
[12547,"ANEL EM CONCRETO ARMADO, LISO, PARA POCOS DE VISITAS, POCOS DE INSPECAO, FOSSAS SEPTICAS E SUMIDOUROS, SEM FUNDO, DIAMETRO INTERNO DE 1,00 M E ALTURA DE 0,50 M                                                                                                                                                                                                                                                                                                                                           ","UN    ","CR",187.33]
[43445,"ANEL EM CONCRETO ARMADO, LISO, PARA, POCOS DE VISITA, POCOS DE INSPECAO, FOSSAS SEPTICAS E SUMIDOUROS, COM FUNDO, DIAMETRO INTERNO DE 1,50 M E ALTURA DE 1,00 M                                                                                                                                                                                                                                                                                                                                           ","UN    ","CR",491.59]
[12563,"ANEL EM CONCRETO ARMADO, LISO, PARA, POCOS DE VISITA, POCOS DE INSPECAO, FOSSAS SEPTICAS E SUMIDOUROS, SEM FUNDO, DIAMETRO INTERNO DE 1,50 M E ALTURA DE 0,50 M                                                                                                                                                                                                                                                                                                                                           ","UN    ","CR",351.72]
[43425,"ANEL EM CONCRETO ARMADO, PERFURADO, PARA FOSSAS SEPTICAS E SUMIDOUROS, SEM FUNDO, DIAMETRO INTERNO DE 1,20 M E ALTURA DE 0,50 M                                                                                                                                                                                                                                                                                                                                                                           ","UN    ","CR",221.21]
[43446,"ANEL EM CONCRETO ARMADO, PERFURADO, PARA FOSSAS SEPTICAS E SUMIDOUROS, SEM FUNDO, DIAMETRO INTERNO DE 2,00 M E ALTURA DE 0,50 M                                                                                                                                                                                                                                                                                                                                                                           ","UN    ","CR",467.01]
[43447,"ANEL EM CONCRETO ARMADO, PERFURADO, PARA FOSSAS SEPTICAS E SUMIDOUROS, SEM FUNDO, DIAMETRO INTERNO DE 2,50 M E ALTURA DE 0,50 M                                                                                                                                                                                                                                                                                                                                                                           ","UN    ","CR",573.52]
[43448,"ANEL EM CONCRETO ARMADO, PERFURADO, PARA FOSSAS SEPTICAS E SUMIDOUROS, SEM FUNDO, DIAMETRO INTERNO DE 3,00 M E ALTURA DE 0,50 M                                                                                                                                                                                                                                                                                                                                                                           ","UN    ","CR",802.94]
[13761,"APARELHO CORTE OXI-ACETILENO PARA SOLDA E CORTE CONTENDO MACARICO SOLDA, BICO DE CORTE, CILINDROS, REGULADORES, MANGUEIRAS E CARRINHO                                                                                                                                                                                                                                                                                                                                                                     ","UN    ","CR",2185.52]
[4814,"APARELHO SINALIZADOR LUMINOSO COM LED, PARA SAIDA GARAGEM, COM 2 LENTES EM POLICARBONATO, BIVOLT (INCLUI SUPORTE DE FIXACAO)                                                                                                                                                                                                                                                                                                                                                                              ","UN    ","CR",87.33]
[44473,"APOIO DO PORTA DENTE PARA FRESADORA DE  ASFALTO                                                                                                                                                                                                                                                                                                                                                                                                                                                           ","UN    ","AS",2454.5300000000002]
[6122,"APONTADOR OU APROPRIADOR DE MAO DE OBRA (HORISTA)                                                                                                                                                                                                                                                                                                                                                                                                                                                         ","H     ","CR",20.99]
[40810,"APONTADOR OU APROPRIADOR DE MAO DE OBRA (MENSALISTA)                                                                                                                                                                                                                                                                                                                                                                                                                                                      ","MES   ","CR",3668.94]
[21100,"AQUECEDOR DE AGUA A GAS GLP/GN COM CAPACIDADE DE ARMAZENAMENTO DE 50 A 80 L                                                                                                                                                                                                                                                                                                                                                                                                                               ","UN    ","AS",3845.1]
[11811,"AQUECEDOR DE AGUA ELETRICO HORIZONTAL, RESERVATORIO DE 200 L CILINDRICO EM COBRE, REFORCADO COM ACO CARBONO, MONOFASICO, TENSAO NOMINAL 220 V                                                                                                                                                                                                                                                                                                                                                             ","UN    ","AS",5550.48]
[11816,"AQUECEDOR DE AGUA ELETRICO RESERVATORIO DE 100 L CILINDRICO EM COBRE, REFORCADO COM ACO CARBONO, MONOFASICO, TENSAO NOMINAL 220 V                                                                                                                                                                                                                                                                                                                                                                         ","UN    ","AS",4100]
[11814,"AQUECEDOR DE AGUA ELETRICO RESERVATORIO DE 500 L CILINDRICO EM COBRE, REFORCADO COM ACO CARBONO, MONOFASICO, TENSAO NOMINAL 220 V                                                                                                                                                                                                                                                                                                                                                                         ","UN    ","AS",8924.67]
[14186,"AQUECEDOR DE AGUA ELETRICO RESERVATORIO DE 500 L CILINDRICO EM COBRE, REFORCADO COM ACO CARBONO, TRIFASICO, TENSAO NOMINAL 220/380/400 V, POTENCIA 24 KW                                                                                                                                                                                                                                                                                                                                                  ","UN    ","AS",11206.13]
[14185,"AQUECEDOR DE AGUA ELETRICO RESERVATORIO DE 700 L CILINDRICO EM COBRE, REFORCADO COM ACO CARBONO, MONOFASICO, TENSAO NOMINAL 220 V                                                                                                                                                                                                                                                                                                                                                                         ","UN    ","AS",14516.3]
[44498,"AQUECEDOR DE OLEO BPF (FLUIDO) TERMICO, CAPACIDADE DE 300.000  KCAL/H                                                                                                                                                                                                                                                                                                                                                                                                                                     ","UN    ","AS",318204.48]
[34469,"AQUECEDOR SOLAR COM RESERVATORIO TERMICO DE 1000 L E *5* PLACAS COLETORAS DE *2,0* M2 (NAO INCLUI ACESSORIOS) (SEM INSTALACAO)                                                                                                                                                                                                                                                                                                                                                                            ","UN    ","AS",11310.87]
[34476,"AQUECEDOR SOLAR COM RESERVATORIO TERMICO DE 400 L E *2* PLACAS COLETORAS DE *2,0* M2 (NAO INCLUI ACESSORIOS) (SEM INSTALACAO)                                                                                                                                                                                                                                                                                                                                                                             ","UN    ","AS",5899.09]
[34477,"AQUECEDOR SOLAR COM RESERVATORIO TERMICO DE 600 L E *3* PLACAS COLETORAS DE *2,0* M2 (NAO INCLUI ACESSORIOS) (SEM INSTALACAO)                                                                                                                                                                                                                                                                                                                                                                             ","UN    ","AS",7829.24]
[34482,"AQUECEDOR SOLAR COM RESERVATORIO TERMICO DE 800 L E *4* PLACAS COLETORAS DE *2,0* M2 (NAO INCLUI ACESSORIOS) (SEM INSTALACAO)                                                                                                                                                                                                                                                                                                                                                                             ","UN    ","AS",7312.08]
[34472,"AQUECEDOR SOLAR DE INSTALACAO EXTERNA, KIT COMPACTO, CONJUNTO COM RESERVATORIO TERMICO DE 200 L, PLACA COLETORA DE *2,0* M2 E INCLUSO ACESSORIOS (RESIDENCIAS ATE 120,00 M2 E DE 4 A 5 BANHOS POR DIA) (SEM INSTALACAO)                                                                                                                                                                                                                                                                                   ","UN    ","AS",3480]
[42425,"AR CONDICIONADO SPLIT INVERTER, HI-WALL (PAREDE), 12000 BTU/H, CICLO FRIO, 60HZ, CLASSIFICACAO A (SELO PROCEL), GAS HFC, CONTROLE S/FIO                                                                                                                                                                                                                                                                                                                                                                   ","UN    ","CR",2356.9699999999998]
[42422,"AR CONDICIONADO SPLIT INVERTER, HI-WALL (PAREDE), 18000 BTU/H, CICLO FRIO, 60HZ, CLASSIFICACAO A (SELO PROCEL), GAS HFC, CONTROLE S/FIO                                                                                                                                                                                                                                                                                                                                                                   ","UN    ","C ",3499]
[43184,"AR CONDICIONADO SPLIT INVERTER, HI-WALL (PAREDE), 24000 BTU/H, CICLO FRIO, 60HZ, CLASSIFICACAO A (SELO PROCEL), GAS HFC, CONTROLE S/FIO                                                                                                                                                                                                                                                                                                                                                                   ","UN    ","CR",4835.95]
[42424,"AR CONDICIONADO SPLIT INVERTER, HI-WALL (PAREDE), 9000 BTU/H, CICLO FRIO, 60HZ, CLASSIFICACAO A (SELO PROCEL), GAS HFC, CONTROLE S/FIO                                                                                                                                                                                                                                                                                                                                                                    ","UN    ","CR",2104.98]
[42421,"AR CONDICIONADO SPLIT INVERTER, PISO TETO, APRESENTANDO ENTRE 54000 E 58000 BTU/H, CICLO FRIO, 60HZ, CLASSIFICACAO ENERGETICA A OU B (SELO PROCEL), GAS HFC, CONTROLE S/FIO                                                                                                                                                                                                                                                                                                                               ","UN    ","CR",19165.599999999999]
[42416,"AR CONDICIONADO SPLIT INVERTER, PISO TETO, 18000 BTU/H, CICLO FRIO, 60HZ, CLASSIFICACAO ENERGETICA A OU B (SELO PROCEL), GAS HFC, CONTROLE S/FIO                                                                                                                                                                                                                                                                                                                                                          ","UN    ","CR",9074.32]
[42417,"AR CONDICIONADO SPLIT INVERTER, PISO TETO, 24000 BTU/H, CICLO FRIO, 60HZ, CLASSIFICACAO ENERGETICA A OU B (SELO PROCEL), GAS HFC, CONTROLE S/FIO                                                                                                                                                                                                                                                                                                                                                          ","UN    ","CR",10173.06]
[42419,"AR CONDICIONADO SPLIT INVERTER, PISO TETO, 36000 BTU/H, CICLO FRIO, 60HZ, CLASSIFICACAO ENERGETICA A OU B (SELO PROCEL), GAS HFC, CONTROLE S/FIO                                                                                                                                                                                                                                                                                                                                                          ","UN    ","CR",11493.39]
[42420,"AR CONDICIONADO SPLIT INVERTER, PISO TETO, 48000 BTU/H, CICLO FRIO, 60HZ, CLASSIFICACAO ENERGETICA A OU B (SELO PROCEL), GAS HFC, CONTROLE S/FIO                                                                                                                                                                                                                                                                                                                                                          ","UN    ","CR",15796.82]
[43195,"AR CONDICIONADO SPLIT ON/OFF, CASSETE (TETO), FRIO 4 VIAS 18000 BTUS/H, CLASSIFICACAO ENERGETICA C - SELO PROCEL, GAS HFC, CONTROLE S/ FIO                                                                                                                                                                                                                                                                                                                                                                ","UN    ","CR",5562.28]
[43196,"AR CONDICIONADO SPLIT ON/OFF, CASSETE (TETO), FRIO 4 VIAS 24000 BTUS/H, CLASSIFICACAO ENERGETICA C - SELO PROCEL, GAS HFC, CONTROLE S/ FIO                                                                                                                                                                                                                                                                                                                                                                ","UN    ","CR",6893.65]
[43198,"AR CONDICIONADO SPLIT ON/OFF, CASSETE (TETO), FRIO 4 VIAS 36000 BTUS/H, CLASSIFICACAO ENERGETICA C - SELO PROCEL, GAS HFC, CONTROLE S/ FIO                                                                                                                                                                                                                                                                                                                                                                ","UN    ","CR",10243.799999999999]
[43199,"AR CONDICIONADO SPLIT ON/OFF, CASSETE (TETO), FRIO 4 VIAS 48000 BTUS/H, CLASSIFICACAO ENERGETICA C - SELO PROCEL, GAS HFC, CONTROLE S/ FIO                                                                                                                                                                                                                                                                                                                                                                ","UN    ","CR",10619.17]
[43200,"AR CONDICIONADO SPLIT ON/OFF, CASSETE (TETO), FRIO 4 VIAS 60000 BTUS/H, CLASSIFICACAO ENERGETICA C - SELO PROCEL, GAS HFC, CONTROLE S/ FIO                                                                                                                                                                                                                                                                                                                                                                ","UN    ","CR",12186.27]
[39556,"AR CONDICIONADO SPLIT ON/OFF, CASSETE (TETO), 18000 BTUS/H, CICLO QUENTE/FRIO, 60 HZ, CLASSIFICACAO ENERGETICA C - SELO PROCEL, GAS HFC, CONTROLE S/ FIO                                                                                                                                                                                                                                                                                                                                                  ","UN    ","CR",6655.78]
[39557,"AR CONDICIONADO SPLIT ON/OFF, CASSETE (TETO), 24000 BTUS/H, CICLO QUENTE/FRIO, 60 HZ, CLASSIFICACAO ENERGETICA C - SELO PROCEL, GAS HFC, CONTROLE S/ FIO                                                                                                                                                                                                                                                                                                                                                  ","UN    ","CR",7166.83]
[39559,"AR CONDICIONADO SPLIT ON/OFF, CASSETE (TETO), 36000 BTUS/H, CICLO QUENTE/FRIO, 60 HZ, CLASSIFICACAO ENERGETICA A - SELO PROCEL, GAS HFC, CONTROLE S/ FIO                                                                                                                                                                                                                                                                                                                                                  ","UN    ","CR",10591.19]
[39560,"AR CONDICIONADO SPLIT ON/OFF, CASSETE (TETO), 48000 BTUS/H, CICLO QUENTE/FRIO, 60 HZ, CLASSIFICACAO ENERGETICA A - SELO PROCEL, GAS HFC, CONTROLE S/ FIO                                                                                                                                                                                                                                                                                                                                                  ","UN    ","CR",12252.97]
[39561,"AR CONDICIONADO SPLIT ON/OFF, CASSETE (TETO), 60000 BTUS/H, CICLO QUENTE/FRIO, 60 HZ, CLASSIFICACAO ENERGETICA A - SELO PROCEL, GAS HFC, CONTROLE S/ FIO                                                                                                                                                                                                                                                                                                                                                  ","UN    ","CR",12818.17]
[43190,"AR CONDICIONADO SPLIT ON/OFF, HI-WALL (PAREDE), 12000 BTUS/H, CICLO FRIO, 60 HZ, CLASSIFICACAO ENERGETICA A - SELO PROCEL, GAS HFC, CONTROLE S/ FIO                                                                                                                                                                                                                                                                                                                                                       ","UN    ","CR",1891.62]
[39555,"AR CONDICIONADO SPLIT ON/OFF, HI-WALL (PAREDE), 12000 BTUS/H, CICLO QUENTE/FRIO, 60 HZ, CLASSIFICACAO ENERGETICA A - SELO PROCEL, GAS HFC, CONTROLE S/ FIO                                                                                                                                                                                                                                                                                                                                                ","UN    ","CR",2046.25]
[43191,"AR CONDICIONADO SPLIT ON/OFF, HI-WALL (PAREDE), 18000 BTUS/H, CICLO FRIO, 60 HZ, CLASSIFICACAO ENERGETICA A - SELO PROCEL, GAS HFC, CONTROLE S/ FIO                                                                                                                                                                                                                                                                                                                                                       ","UN    ","CR",2721.79]
[39548,"AR CONDICIONADO SPLIT ON/OFF, HI-WALL (PAREDE), 18000 BTUS/H, CICLO QUENTE/FRIO, 60 HZ, CLASSIFICACAO ENERGETICA A - SELO PROCEL, GAS HFC, CONTROLE S/ FIO                                                                                                                                                                                                                                                                                                                                                ","UN    ","CR",3035.22]
[43192,"AR CONDICIONADO SPLIT ON/OFF, HI-WALL (PAREDE), 24000 BTUS/H, CICLO FRIO, 60 HZ, CLASSIFICACAO ENERGETICA A - SELO PROCEL, GAS HFC, CONTROLE S/ FIO                                                                                                                                                                                                                                                                                                                                                       ","UN    ","CR",3565.3]
[39554,"AR CONDICIONADO SPLIT ON/OFF, HI-WALL (PAREDE), 24000 BTUS/H, CICLO QUENTE/FRIO, 60 HZ, CLASSIFICACAO ENERGETICA A - SELO PROCEL, GAS HFC, CONTROLE S/ FIO                                                                                                                                                                                                                                                                                                                                                ","UN    ","CR",4013.62]
[43194,"AR CONDICIONADO SPLIT ON/OFF, HI-WALL (PAREDE), 9000 BTUS/H, CICLO FRIO, 60 HZ, CLASSIFICACAO ENERGETICA A - SELO PROCEL, GAS HFC, CONTROLE S/ FIO                                                                                                                                                                                                                                                                                                                                                        ","UN    ","CR",1620.5]
[39551,"AR CONDICIONADO SPLIT ON/OFF, HI-WALL (PAREDE), 9000 BTUS/H, CICLO QUENTE/FRIO, 60 HZ, CLASSIFICACAO ENERGETICA A - SELO PROCEL, GAS HFC, CONTROLE S/ FIO                                                                                                                                                                                                                                                                                                                                                 ","UN    ","CR",1784.34]
[43185,"AR CONDICIONADO SPLIT ON/OFF, PISO TETO, 18.000 BTU/H, CICLO FRIO, 60HZ, CLASSIFICACAO ENERGETICA C - SELO PROCEL, GAS HFC, CONTROLE S/FIO                                                                                                                                                                                                                                                                                                                                                                ","UN    ","CR",5070.7700000000004]
[43186,"AR CONDICIONADO SPLIT ON/OFF, PISO TETO, 24.000 BTU/H, CICLO FRIO, 60HZ, CLASSIFICACAO ENERGETICA C - SELO PROCEL, GAS HFC, CONTROLE S/FIO                                                                                                                                                                                                                                                                                                                                                                ","UN    ","CR",5348.64]
[43187,"AR CONDICIONADO SPLIT ON/OFF, PISO TETO, 36.000 BTU/H, CICLO FRIO, 60HZ, CLASSIFICACAO ENERGETICA C - SELO PROCEL, GAS HFC, CONTROLE S/FIO                                                                                                                                                                                                                                                                                                                                                                ","UN    ","CR",7097.7]
[43188,"AR CONDICIONADO SPLIT ON/OFF, PISO TETO, 48.000 BTU/H, CICLO FRIO, 60HZ, CLASSIFICACAO ENERGETICA C - SELO PROCEL, GAS HFC, CONTROLE S/FIO                                                                                                                                                                                                                                                                                                                                                                ","UN    ","CR",8599.81]
[43189,"AR CONDICIONADO SPLIT ON/OFF, PISO TETO, 60.000 BTU/H, CICLO FRIO, 60HZ, CLASSIFICACAO ENERGETICA C - SELO PROCEL, GAS HFC, CONTROLE S/FIO                                                                                                                                                                                                                                                                                                                                                                ","UN    ","CR",9673.35]
[39580,"AR-CONDICIONADO FRIO SPLITAO INVERTER 30 TR                                                                                                                                                                                                                                                                                                                                                                                                                                                               ","UN    ","CR",76229.98]
[39577,"AR-CONDICIONADO FRIO SPLITAO MODULAR 10 TR                                                                                                                                                                                                                                                                                                                                                                                                                                                                ","UN    ","CR",23859.82]
[39578,"AR-CONDICIONADO FRIO SPLITAO MODULAR 15 TR                                                                                                                                                                                                                                                                                                                                                                                                                                                                ","UN    ","CR",30791.57]
[39579,"AR-CONDICIONADO FRIO SPLITAO MODULAR 20 TR                                                                                                                                                                                                                                                                                                                                                                                                                                                                ","UN    ","CR",44799.33]
[39826,"AR-CONDICIONADO SPLIT INVERTER, PISO TETO, 24000 BTU/H, QUENTE/FRIO, 60HZ, CLASSIFICACAO ENERGETICA A - SELO PROCEL, GAS HFC, CONTROLE S/FIO                                                                                                                                                                                                                                                                                                                                                              ","UN    ","CR",5502.17]
[10700,"ARADO REVERSIVEL COM 3 DISCOS DE 26\" X 6MM REBOCAVEL                                                                                                                                                                                                                                                                                                                                                                                                                                                      ","UN    ","AS",22684.99]
[346,"ARAME DE ACO OVALADO 15 X 17 (45,7 KG, 700 KGF), ROLO 1000 M                                                                                                                                                                                                                                                                                                                                                                                                                                              ","KG    ","CR",23.57]
[3312,"ARAME DE AMARRACAO PARA GABIAO GALVANIZADO, DIAMETRO 2,2 MM                                                                                                                                                                                                                                                                                                                                                                                                                                               ","KG    ","CR",20.87]
[339,"ARAME FARPADO GALVANIZADO, 14 BWG (2,11 MM), CLASSE 250                                                                                                                                                                                                                                                                                                                                                                                                                                                   ","M     ","CR",1.21]
[340,"ARAME FARPADO GALVANIZADO, 16 BWG (1,65 MM), CLASSE 250                                                                                                                                                                                                                                                                                                                                                                                                                                                   ","M     ","CR",1.0900000000000001]
[43130,"ARAME GALVANIZADO 12 BWG, D = 2,76 MM (0,048 KG/M) OU 14 BWG, D = 2,11 MM (0,026 KG/M)                                                                                                                                                                                                                                                                                                                                                                                                                    ","KG    ","C ",19.899999999999999]
[344,"ARAME GALVANIZADO 16 BWG, D = 1,65MM (0,0166 KG/M)                                                                                                                                                                                                                                                                                                                                                                                                                                                        ","KG    ","CR",26.16]
[345,"ARAME GALVANIZADO 18 BWG, D = 1,24MM (0,009 KG/M)                                                                                                                                                                                                                                                                                                                                                                                                                                                         ","KG    ","CR",28.38]
[43131,"ARAME GALVANIZADO 6 BWG, D = 5,16 MM (0,157 KG/M), OU 8 BWG, D = 4,19 MM (0,101 KG/M), OU 10 BWG, D = 3,40 MM (0,0713 KG/M)                                                                                                                                                                                                                                                                                                                                                                               ","KG    ","CR",23.11]
[3313,"ARAME PROTEGIDO COM POLIMERO PARA GABIAO, DIAMETRO 2,2 MM                                                                                                                                                                                                                                                                                                                                                                                                                                                 ","KG    ","CR",26.86]
[43132,"ARAME RECOZIDO 16 BWG, D = 1,65 MM (0,016 KG/M) OU 18 BWG, D = 1,25 MM (0,01 KG/M)                                                                                                                                                                                                                                                                                                                                                                                                                        ","KG    ","CR",19.899999999999999]
[366,"AREIA FINA - POSTO JAZIDA/FORNECEDOR (RETIRADO NA JAZIDA, SEM TRANSPORTE)                                                                                                                                                                                                                                                                                                                                                                                                                                 ","M3    ","C ",130]
[367,"AREIA GROSSA - POSTO JAZIDA/FORNECEDOR (RETIRADO NA JAZIDA, SEM TRANSPORTE)                                                                                                                                                                                                                                                                                                                                                                                                                               ","M3    ","CR",131.69]
[370,"AREIA MEDIA - POSTO JAZIDA/FORNECEDOR (RETIRADO NA JAZIDA, SEM TRANSPORTE)                                                                                                                                                                                                                                                                                                                                                                                                                                ","M3    ","CR",130]
[368,"AREIA PARA ATERRO - POSTO JAZIDA/FORNECEDOR (RETIRADO NA JAZIDA, SEM TRANSPORTE)                                                                                                                                                                                                                                                                                                                                                                                                                          ","M3    ","CR",65]
[11075,"AREIA PARA LEITO FILTRANTE (0,42 A 1,68 MM) - POSTO JAZIDA/FORNECEDOR (RETIRADO NA JAZIDA, SEM TRANSPORTE)                                                                                                                                                                                                                                                                                                                                                                                                ","M3    ","CR",1491.99]
[1381,"ARGAMASSA COLANTE AC I PARA CERAMICAS                                                                                                                                                                                                                                                                                                                                                                                                                                                                     ","KG    ","C ",0.84]
[34353,"ARGAMASSA COLANTE AC II                                                                                                                                                                                                                                                                                                                                                                                                                                                                                   ","KG    ","CR",1.56]
[37595,"ARGAMASSA COLANTE TIPO AC III                                                                                                                                                                                                                                                                                                                                                                                                                                                                             ","KG    ","CR",2.58]
[37596,"ARGAMASSA COLANTE TIPO AC III E                                                                                                                                                                                                                                                                                                                                                                                                                                                                           ","KG    ","CR",2.96]
[371,"ARGAMASSA INDUSTRIALIZADA MULTIUSO, PARA REVESTIMENTO INTERNO E EXTERNO E ASSENTAMENTO DE BLOCOS DIVERSOS                                                                                                                                                                                                                                                                                                                                                                                                 ","KG    ","CR",0.91]
[37553,"ARGAMASSA INDUSTRIALIZADA PARA CHAPISCO COLANTE                                                                                                                                                                                                                                                                                                                                                                                                                                                           ","KG    ","CR",1.71]
[37552,"ARGAMASSA INDUSTRIALIZADA PARA CHAPISCO ROLADO                                                                                                                                                                                                                                                                                                                                                                                                                                                            ","KG    ","CR",2.76]
[36880,"ARGAMASSA PARA REVESTIMENTO DECORATIVO MONOCAMADA                                                                                                                                                                                                                                                                                                                                                                                                                                                         ","KG    ","CR",2.8]
[34355,"ARGAMASSA PISO SOBRE PISO                                                                                                                                                                                                                                                                                                                                                                                                                                                                                 ","KG    ","CR",2.41]
[130,"ARGAMASSA POLIMERICA DE REPARO ESTRUTURAL, BICOMPONENTE                                                                                                                                                                                                                                                                                                                                                                                                                                                   ","KG    ","CR",4.7699999999999996]
[135,"ARGAMASSA POLIMERICA IMPERMEABILIZANTE SEMIFLEXIVEL, BICOMPONENTE, A BASE DE CIMENTO E ADITIVOS                                                                                                                                                                                                                                                                                                                                                                                                           ","KG    ","CR",3.84]
[36886,"ARGAMASSA PRONTA PARA CONTRAPISO                                                                                                                                                                                                                                                                                                                                                                                                                                                                          ","KG    ","CR",0.87]
[38546,"ARGAMASSA USINADA AUTOADENSAVEL E AUTONIVELANTE PARA CONTRAPISO, COM BOMBEAMENTO (DISPONIBILIZACAO DE BOMBA), SEM O LANCAMENTO                                                                                                                                                                                                                                                                                                                                                                            ","M3    ","CR",507.38]
[34549,"ARGILA EXPANDIDA, GRANULOMETRIA 2215                                                                                                                                                                                                                                                                                                                                                                                                                                                                      ","M3    ","AS",747.19]
[6081,"ARGILA OU BARRO PARA ATERRO/REATERRO (COM TRANSPORTE ATE 10 KM)                                                                                                                                                                                                                                                                                                                                                                                                                                           ","M3    ","AS",52.3]
[6077,"ARGILA OU BARRO PARA ATERRO/REATERRO (RETIRADO NA JAZIDA, SEM TRANSPORTE)                                                                                                                                                                                                                                                                                                                                                                                                                                 ","M3    ","AS",37.35]
[6079,"ARGILA, ARGILA VERMELHA OU ARGILA ARENOSA (RETIRADA NA JAZIDA, SEM TRANSPORTE)                                                                                                                                                                                                                                                                                                                                                                                                                            ","M3    ","AS",37.35]
[1091,"ARMACAO VERTICAL COM HASTE E CONTRA-PINO, EM CHAPA DE ACO GALVANIZADO 3/16\", COM 1 ESTRIBO E 1 ISOLADOR                                                                                                                                                                                                                                                                                                                                                                                                   ","UN    ","AS",27.6]
[1094,"ARMACAO VERTICAL COM HASTE E CONTRA-PINO, EM CHAPA DE ACO GALVANIZADO 3/16\", COM 1 ESTRIBO, SEM ISOLADOR                                                                                                                                                                                                                                                                                                                                                                                                  ","UN    ","AS",19.309999999999999]
[1095,"ARMACAO VERTICAL COM HASTE E CONTRA-PINO, EM CHAPA DE ACO GALVANIZADO 3/16\", COM 2 ESTRIBOS, E 2 ISOLADORES                                                                                                                                                                                                                                                                                                                                                                                               ","UN    ","AS",41.03]
[1092,"ARMACAO VERTICAL COM HASTE E CONTRA-PINO, EM CHAPA DE ACO GALVANIZADO 3/16\", COM 2 ESTRIBOS, SEM ISOLADOR                                                                                                                                                                                                                                                                                                                                                                                                 ","UN    ","AS",31.75]
[1093,"ARMACAO VERTICAL COM HASTE E CONTRA-PINO, EM CHAPA DE ACO GALVANIZADO 3/16\", COM 3 ESTRIBOS E 3 ISOLADORES                                                                                                                                                                                                                                                                                                                                                                                                ","UN    ","AS",74.14]
[1090,"ARMACAO VERTICAL COM HASTE E CONTRA-PINO, EM CHAPA DE ACO GALVANIZADO 3/16\", COM 3 ESTRIBOS, SEM ISOLADOR                                                                                                                                                                                                                                                                                                                                                                                                 ","UN    ","AS",53.09]
[1096,"ARMACAO VERTICAL COM HASTE E CONTRA-PINO, EM CHAPA DE ACO GALVANIZADO 3/16\", COM 4 ESTRIBOS E 4 ISOLADORES                                                                                                                                                                                                                                                                                                                                                                                                ","UN    ","AS",95.54]
[1097,"ARMACAO VERTICAL COM HASTE E CONTRA-PINO, EM CHAPA DE ACO GALVANIZADO 3/16\", COM 4 ESTRIBOS, SEM ISOLADOR                                                                                                                                                                                                                                                                                                                                                                                                 ","UN    ","AS",81.099999999999994]
[378,"ARMADOR (HORISTA)                                                                                                                                                                                                                                                                                                                                                                                                                                                                                         ","H     ","CR",20.99]
[40911,"ARMADOR (MENSALISTA)                                                                                                                                                                                                                                                                                                                                                                                                                                                                                      ","MES   ","CR",3668.94]
[33939,"ARQUITETO JUNIOR (HORISTA)                                                                                                                                                                                                                                                                                                                                                                                                                                                                                ","H     ","CR",114.56]
[40815,"ARQUITETO JUNIOR (MENSALISTA)                                                                                                                                                                                                                                                                                                                                                                                                                                                                             ","MES   ","CR",20024.62]
[33952,"ARQUITETO PLENO (HORISTA)                                                                                                                                                                                                                                                                                                                                                                                                                                                                                 ","H     ","CR",121.36]
[40816,"ARQUITETO PLENO (MENSALISTA)                                                                                                                                                                                                                                                                                                                                                                                                                                                                              ","MES   ","CR",21214.16]
[33953,"ARQUITETO SENIOR (HORISTA)                                                                                                                                                                                                                                                                                                                                                                                                                                                                                ","H     ","CR",127.18]
[40817,"ARQUITETO SENIOR (MENSALISTA)                                                                                                                                                                                                                                                                                                                                                                                                                                                                             ","MES   ","CR",22233.119999999999]
[13348,"ARRUELA EM ACO GALVANIZADO, DIAMETRO EXTERNO = 35MM, ESPESSURA = 3MM, DIAMETRO DO FURO= 18MM                                                                                                                                                                                                                                                                                                                                                                                                              ","UN    ","AS",1.64]
[39212,"ARRUELA EM ALUMINIO, COM ROSCA, DE 1 1/2\", PARA ELETRODUTO                                                                                                                                                                                                                                                                                                                                                                                                                                                ","UN    ","CR",2.13]
[39211,"ARRUELA EM ALUMINIO, COM ROSCA, DE 1 1/4\", PARA ELETRODUTO                                                                                                                                                                                                                                                                                                                                                                                                                                                ","UN    ","CR",1.91]
[39208,"ARRUELA EM ALUMINIO, COM ROSCA, DE 1/2\", PARA ELETRODUTO                                                                                                                                                                                                                                                                                                                                                                                                                                                  ","UN    ","CR",0.57999999999999996]
[39210,"ARRUELA EM ALUMINIO, COM ROSCA, DE 1\", PARA ELETRODUTO                                                                                                                                                                                                                                                                                                                                                                                                                                                    ","UN    ","CR",1.07]
[39214,"ARRUELA EM ALUMINIO, COM ROSCA, DE 2 1/2\", PARA ELETRODUTO                                                                                                                                                                                                                                                                                                                                                                                                                                                ","UN    ","CR",3.95]
[39213,"ARRUELA EM ALUMINIO, COM ROSCA, DE 2\", PARA ELETRODUTO                                                                                                                                                                                                                                                                                                                                                                                                                                                    ","UN    ","CR",2.79]
[39209,"ARRUELA EM ALUMINIO, COM ROSCA, DE 3/4\", PARA ELETRODUTO                                                                                                                                                                                                                                                                                                                                                                                                                                                  ","UN    ","CR",0.69]
[39207,"ARRUELA EM ALUMINIO, COM ROSCA, DE 3/8\", PARA ELETRODUTO                                                                                                                                                                                                                                                                                                                                                                                                                                                  ","UN    ","CR",1.07]
[39215,"ARRUELA EM ALUMINIO, COM ROSCA, DE 3\", PARA ELETRODUTO                                                                                                                                                                                                                                                                                                                                                                                                                                                    ","UN    ","CR",7.2]
[39216,"ARRUELA EM ALUMINIO, COM ROSCA, DE 4\", PARA ELETRODUTO                                                                                                                                                                                                                                                                                                                                                                                                                                                    ","UN    ","CR",10.039999999999999]
[11267,"ARRUELA LISA, REDONDA, DE LATAO POLIDO, DIAMETRO NOMINAL 5/8\", DIAMETRO EXTERNO = 34 MM, DIAMETRO DO FURO = 17 MM, ESPESSURA = *2,5* MM                                                                                                                                                                                                                                                                                                                                                                   ","UN    ","AS",1.43]
[379,"ARRUELA QUADRADA EM ACO GALVANIZADO, DIMENSAO = 38 MM, ESPESSURA = 3MM, DIAMETRO DO FURO= 18 MM                                                                                                                                                                                                                                                                                                                                                                                                           ","UN    ","AS",1.44]
[510,"ASFALTO MODIFICADO TIPO I - NBR 9910 (ASFALTO OXIDADO PARA IMPERMEABILIZACAO, COEFICIENTE DE PENETRACAO 25-40)                                                                                                                                                                                                                                                                                                                                                                                            ","KG    ","CR",16.02]
[516,"ASFALTO MODIFICADO TIPO II - NBR 9910 (ASFALTO OXIDADO PARA IMPERMEABILIZACAO, COEFICIENTE DE PENETRACAO 20-35)                                                                                                                                                                                                                                                                                                                                                                                           ","KG    ","CR",18.98]
[509,"ASFALTO MODIFICADO TIPO III - NBR 9910 (ASFALTO OXIDADO PARA IMPERMEABILIZACAO, COEFICIENTE DE PENETRACAO 15-25)                                                                                                                                                                                                                                                                                                                                                                                          ","KG    ","CR",21.3]
[40331,"ASSENTADOR DE MANILHAS (HORISTA)                                                                                                                                                                                                                                                                                                                                                                                                                                                                          ","H     ","CR",18.350000000000001]
[40930,"ASSENTADOR DE MANILHAS (MENSALISTA)                                                                                                                                                                                                                                                                                                                                                                                                                                                                       ","MES   ","CR",3211.36]
[377,"ASSENTO SANITARIO DE PLASTICO, TIPO CONVENCIONAL                                                                                                                                                                                                                                                                                                                                                                                                                                                          ","UN    ","C ",27.5]
[11761,"ASSENTO VASO SANITARIO INFANTIL EM PLASTICO BRANCO                                                                                                                                                                                                                                                                                                                                                                                                                                                        ","UN    ","CR",58.52]
[7588,"AUTOMATICO DE BOIA SUPERIOR / INFERIOR, *15* A / 250 V                                                                                                                                                                                                                                                                                                                                                                                                                                                    ","UN    ","C ",55]
[34551,"AUXILIAR DE AZULEJISTA (HORISTA)                                                                                                                                                                                                                                                                                                                                                                                                                                                                          ","H     ","CR",15.77]
[41078,"AUXILIAR DE AZULEJISTA (MENSALISTA)                                                                                                                                                                                                                                                                                                                                                                                                                                                                       ","MES   ","CR",2758.13]
[246,"AUXILIAR DE ENCANADOR OU BOMBEIRO HIDRAULICO (HORISTA)                                                                                                                                                                                                                                                                                                                                                                                                                                                    ","H     ","CR",16.75]
[40927,"AUXILIAR DE ENCANADOR OU BOMBEIRO HIDRAULICO (MENSALISTA)                                                                                                                                                                                                                                                                                                                                                                                                                                                 ","MES   ","CR",2929.3]
[2350,"AUXILIAR DE ESCRITORIO (HORISTA)                                                                                                                                                                                                                                                                                                                                                                                                                                                                          ","H     ","CR",16.690000000000001]
[40812,"AUXILIAR DE ESCRITORIO (MENSALISTA)                                                                                                                                                                                                                                                                                                                                                                                                                                                                       ","MES   ","CR",2918.57]
[245,"AUXILIAR DE LABORATORISTA DE SOLOS E DE CONCRETO (HORISTA)                                                                                                                                                                                                                                                                                                                                                                                                                                                ","H     ","CR",18.93]
[41090,"AUXILIAR DE LABORATORISTA DE SOLOS E DE CONCRETO (MENSALISTA)                                                                                                                                                                                                                                                                                                                                                                                                                                             ","MES   ","CR",3312]
[251,"AUXILIAR DE MECANICO (HORISTA)                                                                                                                                                                                                                                                                                                                                                                                                                                                                            ","H     ","CR",16.75]
[40975,"AUXILIAR DE MECANICO (MENSALISTA)                                                                                                                                                                                                                                                                                                                                                                                                                                                                         ","MES   ","CR",2929.3]
[6127,"AUXILIAR DE PEDREIRO (HORISTA)                                                                                                                                                                                                                                                                                                                                                                                                                                                                            ","H     ","CR",16.75]
[41072,"AUXILIAR DE PEDREIRO (MENSALISTA)                                                                                                                                                                                                                                                                                                                                                                                                                                                                         ","MES   ","CR",2929.3]
[6121,"AUXILIAR DE SERVICOS GERAIS (HORISTA)                                                                                                                                                                                                                                                                                                                                                                                                                                                                     ","H     ","CR",15.79]
[41071,"AUXILIAR DE SERVICOS GERAIS (MENSALISTA)                                                                                                                                                                                                                                                                                                                                                                                                                                                                  ","MES   ","CR",2760.12]
[244,"AUXILIAR DE TOPOGRAFO (HORISTA)                                                                                                                                                                                                                                                                                                                                                                                                                                                                           ","H     ","CR",13.35]
[41093,"AUXILIAR DE TOPOGRAFO (MENSALISTA)                                                                                                                                                                                                                                                                                                                                                                                                                                                                        ","MES   ","CR",2336.15]
[532,"AUXILIAR TECNICO / ASSISTENTE DE ENGENHARIA (HORISTA)                                                                                                                                                                                                                                                                                                                                                                                                                                                     ","H     ","CR",26.85]
[40931,"AUXILIAR TECNICO / ASSISTENTE DE ENGENHARIA (MENSALISTA)                                                                                                                                                                                                                                                                                                                                                                                                                                                  ","MES   ","CR",4696.5200000000004]
[36150,"AVENTAL DE SEGURANCA DE RASPA DE COURO 1,00 X 0,60 M                                                                                                                                                                                                                                                                                                                                                                                                                                                      ","UN    ","CR",48.11]
[4760,"AZULEJISTA OU LADRILHEIRO (HORISTA)                                                                                                                                                                                                                                                                                                                                                                                                                                                                       ","H     ","CR",20.99]
[41069,"AZULEJISTA OU LADRILHEIRO (MENSALISTA)                                                                                                                                                                                                                                                                                                                                                                                                                                                                    ","MES   ","CR",3668.94]
[10422,"BACIA SANITARIA (VASO) COM CAIXA ACOPLADA, SIFAO APARENTE, DE LOUCA BRANCA (SEM ASSENTO)                                                                                                                                                                                                                                                                                                                                                                                                                  ","UN    ","CR",373.28]
[44019,"BACIA SANITARIA (VASO) COM CAIXA ACOPLADA, SIFAO OCULTO / CARENADO, DE LOUCA BRANCA (SEM ASSENTO) - PADRAO ALTO                                                                                                                                                                                                                                                                                                                                                                                           ","UN    ","CR",516.71]
[36520,"BACIA SANITARIA (VASO) CONVENCIONAL PARA PCD, SEM FURO FRONTAL, DE LOUCA BRANCA (SEM ASSENTO)                                                                                                                                                                                                                                                                                                                                                                                                             ","UN    ","CR",628.26]
[42319,"BACIA SANITARIA (VASO) CONVENCIONAL PARA USO ESPECIFICO (HOSPITAIS, CLINICAS), COM FURO FRONTAL, DE LOUCA BRANCA, SEM ASSENTO                                                                                                                                                                                                                                                                                                                                                                             ","UN    ","CR",562.95000000000005]
[10420,"BACIA SANITARIA (VASO) CONVENCIONAL, DE LOUCA BRANCA, SIFAO APARENTE, SAIDA VERTICAL (SEM ASSENTO)                                                                                                                                                                                                                                                                                                                                                                                                        ","UN    ","C ",199.7]
[10421,"BACIA SANITARIA (VASO) CONVENCIONAL, DE LOUCA COLORIDA, SIFAO APARENTE, SAIDA VERTICAL (SEM ASSENTO)                                                                                                                                                                                                                                                                                                                                                                                                      ","UN    ","CR",219.44]
[11786,"BACIA SANITARIA (VASO) INFANTIL, SIFONADO, DE LOUCA BRANCA, (SEM ASSENTO)                                                                                                                                                                                                                                                                                                                                                                                                                                 ","UN    ","CR",442.48]
[4815,"BALDE VERMELHO PARA SINALIZACAO DE VIAS                                                                                                                                                                                                                                                                                                                                                                                                                                                                   ","UN    ","CR",6.8]
[541,"BANCADA DE MARMORE SINTETICO COM UMA CUBA, 120 X *60* CM                                                                                                                                                                                                                                                                                                                                                                                                                                                  ","UN    ","C ",207.95]
[542,"BANCADA DE MARMORE SINTETICO COM UMA CUBA, 150 X *60* CM                                                                                                                                                                                                                                                                                                                                                                                                                                                  ","UN    ","CR",260.66000000000003]
[540,"BANCADA DE MARMORE SINTETICO COM UMA CUBA, 200 X *60* CM                                                                                                                                                                                                                                                                                                                                                                                                                                                  ","UN    ","CR",587.41]
[38364,"BANCADA/ BANCA EM GRANITO, POLIDO, TIPO ANDORINHA/ QUARTZ/ CASTELO/ CORUMBA OU OUTROS EQUIVALENTES DA REGIAO, COM CUBA INOX, FORMATO *120 X 60* CM, E= *2* CM                                                                                                                                                                                                                                                                                                                                             ","UN    ","CR",1027.25]
[11692,"BANCADA/ BANCA/ BALCAO/ TAMPO EM MARMORE BRANCO COMUM, POLIDO, LISO, ACABAMENTO RETO, E= *3* CM (SEM FUROS)                                                                                                                                                                                                                                                                                                                                                                                               ","M2    ","CR",541.27]
[1746,"BANCADA/BANCA/PIA DE ACO INOXIDAVEL (AISI 430) COM 1 CUBA CENTRAL, COM VALVULA, ESCORREDOR DUPLO, DE *0,55 X 1,20* M                                                                                                                                                                                                                                                                                                                                                                                      ","UN    ","C ",248.9]
[1748,"BANCADA/BANCA/PIA DE ACO INOXIDAVEL (AISI 430) COM 1 CUBA CENTRAL, COM VALVULA, ESCORREDOR DUPLO, DE *0,55 X 1,40* M                                                                                                                                                                                                                                                                                                                                                                                      ","UN    ","CR",330.97]
[1749,"BANCADA/BANCA/PIA DE ACO INOXIDAVEL (AISI 430) COM 1 CUBA CENTRAL, COM VALVULA, ESCORREDOR DUPLO, DE *0,55 X 1,80* M                                                                                                                                                                                                                                                                                                                                                                                      ","UN    ","CR",479.52]
[37412,"BANCADA/BANCA/PIA DE ACO INOXIDAVEL (AISI 430) COM 1 CUBA CENTRAL, COM VALVULA, LISA (SEM ESCORREDOR), DE *0,55 X 1,20* M                                                                                                                                                                                                                                                                                                                                                                                 ","UN    ","CR",243.3]
[1745,"BANCADA/BANCA/PIA DE ACO INOXIDAVEL (AISI 430) COM 1 CUBA CENTRAL, SEM VALVULA, ESCORREDOR DUPLO, DE *0,55 X 1,60* M                                                                                                                                                                                                                                                                                                                                                                                      ","UN    ","CR",289.31]
[1750,"BANCADA/BANCA/PIA DE ACO INOXIDAVEL (AISI 430) COM 2 CUBAS, COM VALVULAS, ESCORREDOR DUPLO, DE *0,55 X 2,00* M                                                                                                                                                                                                                                                                                                                                                                                            ","UN    ","CR",676.08]
[11687,"BANCADA/TAMPO ACO INOX (AISI 304), LARGURA 60 CM, COM RODABANCA (NAO INCLUI PES DE APOIO)                                                                                                                                                                                                                                                                                                                                                                                                                 ","M     ","CR",1077.21]
[11689,"BANCADA/TAMPO ACO INOX (AISI 304), LARGURA 70 CM, COM RODABANCA (NAO INCLUI PES DE APOIO)                                                                                                                                                                                                                                                                                                                                                                                                                 ","M     ","CR",1349.68]
[11693,"BANCADA/TAMPO LISO (SEM CUBA) EM MARMORE SINTETICO                                                                                                                                                                                                                                                                                                                                                                                                                                                        ","M2    ","CR",230.57]
[36215,"BANCO ARTICULADO PARA BANHO, EM ACO INOX POLIDO, 70* CM X 45* CM                                                                                                                                                                                                                                                                                                                                                                                                                                          ","UN    ","CR",796.58]
[42439,"BANCO COM ENCOSTO, 1,60M* DE COMPRIMENTO, EM TUBO DE ACO CARBONO E PINTURA NO PROCESSO ELETROSTATICO - PARA ACADEMIA AO AR LIVRE / ACADEMIA DA TERCEIRA IDADE - ATI                                                                                                                                                                                                                                                                                                                                       ","UN    ","AS",1207.8399999999999]
[38381,"BANDEJA DE PINTURA PARA ROLO 23 CM                                                                                                                                                                                                                                                                                                                                                                                                                                                                        ","UN    ","CR",11.24]
[39621,"BARRA ANTIPANICO DUPLA, CEGA EM LADO OPOSTO, COR CINZA                                                                                                                                                                                                                                                                                                                                                                                                                                                    ","PAR   ","CR",1241.2]
[39624,"BARRA ANTIPANICO DUPLA, PARA PORTA DE VIDRO, COR CINZA                                                                                                                                                                                                                                                                                                                                                                                                                                                    ","PAR   ","CR",1369.17]
[39615,"BARRA ANTIPANICO SIMPLES, CEGA EM LADO OPOSTO, COR CINZA                                                                                                                                                                                                                                                                                                                                                                                                                                                  ","UN    ","CR",553.27]
[39620,"BARRA ANTIPANICO SIMPLES, COM FECHADURA LADO OPOSTO, COR CINZA                                                                                                                                                                                                                                                                                                                                                                                                                                            ","UN    ","CR",845]
[39623,"BARRA ANTIPANICO SIMPLES, PARA PORTA DE VIDRO, COR CINZA                                                                                                                                                                                                                                                                                                                                                                                                                                                  ","UN    ","CR",905.07]
[546,"BARRA DE ACO CHATA, RETANGULAR (QUALQUER BITOLA)                                                                                                                                                                                                                                                                                                                                                                                                                                                          ","KG    ","C ",8.83]
[566,"BARRA DE ACO CHATO, RETANGULAR, 19,05 MM X 3,17 MM (L X E), 0,47 KG/M                                                                                                                                                                                                                                                                                                                                                                                                                                     ","M     ","CR",4.1900000000000004]
[565,"BARRA DE ACO CHATO, RETANGULAR, 25,4 MM X 4,76 MM (L X E), 0,94 KG/M                                                                                                                                                                                                                                                                                                                                                                                                                                      ","M     ","CR",15.27]
[555,"BARRA DE ACO CHATO, RETANGULAR, 25,4 MM X 6,35 MM (L X E), 1,2265 KG/M                                                                                                                                                                                                                                                                                                                                                                                                                                    ","M     ","CR",10.82]
[557,"BARRA DE ACO CHATO, RETANGULAR, 38,1 MM X 12,7 MM (L X E), 3,79 KG/M                                                                                                                                                                                                                                                                                                                                                                                                                                      ","M     ","CR",33.97]
[552,"BARRA DE ACO CHATO, RETANGULAR, 38,1 MM X 6,35 MM (L X E), 1,89 KG/M                                                                                                                                                                                                                                                                                                                                                                                                                                      ","M     ","CR",16.850000000000001]
[563,"BARRA DE ACO CHATO, RETANGULAR, 38,1 MM X 9,53 MM (L X E), 2,84 KG/M                                                                                                                                                                                                                                                                                                                                                                                                                                      ","M     ","CR",25.33]
[549,"BARRA DE ACO CHATO, RETANGULAR, 50,8 MM X 12,7 MM (L X E), 5,06 KG/M                                                                                                                                                                                                                                                                                                                                                                                                                                      ","M     ","CR",45.59]
[551,"BARRA DE ACO CHATO, RETANGULAR, 50,8 MM X 25,4 MM (L X E), 10,12 KG/M                                                                                                                                                                                                                                                                                                                                                                                                                                     ","M     ","CR",90.27]
[559,"BARRA DE ACO CHATO, RETANGULAR, 50,8 MM X 6,35 MM (L X E), 2,53 KG/M                                                                                                                                                                                                                                                                                                                                                                                                                                      ","M     ","CR",22.56]
[560,"BARRA DE ACO CHATO, RETANGULAR, 50,8 MM X 7,94 MM (L X E), 3,162 KG/M                                                                                                                                                                                                                                                                                                                                                                                                                                     ","M     ","CR",28.23]
[547,"BARRA DE ACO CHATO, RETANGULAR, 50,8 MM X 9,53 MM (L X E), 3,79KG/M                                                                                                                                                                                                                                                                                                                                                                                                                                       ","M     ","CR",33.799999999999997]
[36207,"BARRA DE APOIO EM \"L\", EM ACO INOX POLIDO 70 X 70 CM, DIAMETRO MINIMO 3 CM                                                                                                                                                                                                                                                                                                                                                                                                                                ","UN    ","CR",352.83]
[36209,"BARRA DE APOIO EM \"L\", EM ACO INOX POLIDO 80 X 80 CM, DIAMETRO MINIMO 3 CM                                                                                                                                                                                                                                                                                                                                                                                                                                ","UN    ","CR",404.93]
[36210,"BARRA DE APOIO LATERAL ARTICULADA, COM TRAVA, EM ACO INOX POLIDO, 70 CM, DIAMETRO MINIMO 3 CM                                                                                                                                                                                                                                                                                                                                                                                                             ","UN    ","CR",438.12]
[36204,"BARRA DE APOIO RETA, EM ACO INOX POLIDO, COMPRIMENTO 60CM, DIAMETRO MINIMO 3 CM                                                                                                                                                                                                                                                                                                                                                                                                                           ","UN    ","CR",155.34]
[36205,"BARRA DE APOIO RETA, EM ACO INOX POLIDO, COMPRIMENTO 70CM, DIAMETRO MINIMO 3 CM                                                                                                                                                                                                                                                                                                                                                                                                                           ","UN    ","CR",172.52]
[36081,"BARRA DE APOIO RETA, EM ACO INOX POLIDO, COMPRIMENTO 80CM, DIAMETRO MINIMO 3 CM                                                                                                                                                                                                                                                                                                                                                                                                                           ","UN    ","C ",183.95]
[36206,"BARRA DE APOIO RETA, EM ACO INOX POLIDO, COMPRIMENTO 90 CM, DIAMETRO MINIMO 3 CM                                                                                                                                                                                                                                                                                                                                                                                                                          ","UN    ","CR",192.72]
[36218,"BARRA DE APOIO RETA, EM ALUMINIO, COMPRIMENTO 60CM, DIAMETRO MINIMO 3 CM                                                                                                                                                                                                                                                                                                                                                                                                                                  ","UN    ","AS",155.6]
[36220,"BARRA DE APOIO RETA, EM ALUMINIO, COMPRIMENTO 70CM, DIAMETRO MINIMO 3 CM                                                                                                                                                                                                                                                                                                                                                                                                                                  ","UN    ","AS",178.42]
[36080,"BARRA DE APOIO RETA, EM ALUMINIO, COMPRIMENTO 80 CM, DIAMETRO MINIMO 3 CM                                                                                                                                                                                                                                                                                                                                                                                                                                 ","UN    ","AS",192.99]
[36223,"BARRA DE APOIO RETA, EM ALUMINIO, COMPRIMENTO 90 CM, DIAMETRO MINIMO 3 CM                                                                                                                                                                                                                                                                                                                                                                                                                                 ","UN    ","AS",202.09]
[38127,"BASE DE MISTURADOR MONOCOMANDO PARA CHUVEIRO, DE PAREDE (NAO INCLUI ACABAMENTOS)                                                                                                                                                                                                                                                                                                                                                                                                                          ","UN    ","CR",467.7]
[38060,"BASE PARA MASTRO DE PARA-RAIOS DIAMETRO NOMINAL 1 1/2\"                                                                                                                                                                                                                                                                                                                                                                                                                                                    ","UN    ","AS",55.24]
[10956,"BASE PARA MASTRO DE PARA-RAIOS DIAMETRO NOMINAL 2\"                                                                                                                                                                                                                                                                                                                                                                                                                                                        ","UN    ","AS",60.58]
[39380,"BASE PARA RELE COM SUPORTE METALICO                                                                                                                                                                                                                                                                                                                                                                                                                                                                       ","UN    ","AS",20.28]
[44172,"BASTIDOR PARA BLOCO M10                                                                                                                                                                                                                                                                                                                                                                                                                                                                                   ","UN    ","CR",13.77]
[37597,"BATE-ESTACAS POR GRAVIDADE, POTENCIA160 HP, PESO DO MARTELO ATE 3 TONELADAS                                                                                                                                                                                                                                                                                                                                                                                                                               ","UN    ","AS",656464.84]
[183,"BATENTE / PORTAL / ADUELA / MARCO EM MADEIRA MACICA COM REBAIXO, E = *3* CM, L = *14* CM, PARA PORTAS DE GIRO DE *60 CM A 120* CM X *210* CM, CEDRINHO / ANGELIM COMERCIAL / TAURI / CURUPIXA / PEROBA / CUMARU OU EQUIVALENTE DA REGIAO (NAO INCLUI ALIZARES)                                                                                                                                                                                                                                            ","JG    ","C ",200]
[184,"BATENTE / PORTAL / ADUELA / MARCO EM MADEIRA MACICA COM REBAIXO, E = *3* CM, L = *14* CM, PARA PORTAS DE GIRO DE *60 CM A 120* CM X *210* CM, PINUS / EUCALIPTO / VIROLA OU EQUIVALENTE DA REGIAO (NAO INCLUI ALIZARES)                                                                                                                                                                                                                                                                                   ","JG    ","CR",123.87]
[181,"BATENTE / PORTAL / ADUELA / MARCO EM MADEIRA MACICA COM REBAIXO, E = *3* CM, L = *16* CM, PARA PORTAS DE GIRO DE *60 CM A 120* CM X *210* CM, CEDRINHO / ANGELIM COMERCIAL / TAURI / CURUPIXA / PEROBA / CUMARU OU EQUIVALENTE DA REGIAO (NAO INCLUI ALIZARES)                                                                                                                                                                                                                                            ","JG    ","CR",267.08999999999997]
[20001,"BATENTE / PORTAL / ADUELA / MARCO EM MADEIRA MACICA COM REBAIXO, E = *3* CM, L = *16* CM, PARA PORTAS DE GIRO DE *60 CM A 120* CM X *210* CM, PINUS / EUCALIPTO / VIROLA OU EQUIVALENTE DA REGIAO (NAO INCLUI ALIZARES)                                                                                                                                                                                                                                                                                   ","JG    ","CR",154.83000000000001]
[39837,"BATENTE/PORTAL/ADUELA/MARCO, EM MDF/PVC WOOD/POLIESTIRENO OU MADEIRA LAMINADA, L = *9,0* CM COM GUARNICAO REGULAVEL 2 FACES = *35* MM, PRIMER                                                                                                                                                                                                                                                                                                                                                             ","JG    ","AS",384.54]
[43366,"BENTONITA, ARGILA CONSTITUIDA POR  MONTMORILONITA                                                                                                                                                                                                                                                                                                                                                                                                                                                         ","KG    ","AS",1.58]
[10535,"BETONEIRA CAPACIDADE NOMINAL 400 L, CAPACIDADE DE MISTURA 280 L, MOTOR ELETRICO TRIFASICO 220/380 V POTENCIA 2 CV, SEM CARREGADOR                                                                                                                                                                                                                                                                                                                                                                         ","UN    ","C ",5699.9]
[10537,"BETONEIRA CAPACIDADE NOMINAL 400 L, CAPACIDADE DE MISTURA 310 L, MOTOR A DIESEL POTENCIA 5 CV, SEM CARREGADOR                                                                                                                                                                                                                                                                                                                                                                                             ","UN    ","CR",7773.11]
[13891,"BETONEIRA CAPACIDADE NOMINAL 400 L, CAPACIDADE DE MISTURA 310 L, MOTOR A GASOLINA POTENCIA 5,5 CV, SEM CARREGADOR                                                                                                                                                                                                                                                                                                                                                                                         ","UN    ","CR",7129.7]
[44492,"BETONEIRA CAPACIDADE NOMINAL 600 L, CAPACIDADE DE MISTURA 440 L, MOTOR A GASOLINA POTENCIA 10 HP, COM  CARREGADOR                                                                                                                                                                                                                                                                                                                                                                                         ","UN    ","CR",31011.31]
[36396,"BETONEIRA, CAPACIDADE NOMINAL 400 L, CAPACIDADE DE MISTURA 310L, MOTOR ELETRICO TRIFASICO 220/380V POTENCIA 2 CV, SEM CARREGADOR                                                                                                                                                                                                                                                                                                                                                                          ","UN    ","CR",6521.07]
[36397,"BETONEIRA, CAPACIDADE NOMINAL 600 L, CAPACIDADE DE MISTURA 360L, MOTOR ELETRICO TRIFASICO 220/380V, POTENCIA 4CV, EXCLUSO CARREGADOR                                                                                                                                                                                                                                                                                                                                                                      ","UN    ","CR",23186.03]
[36398,"BETONEIRA, CAPACIDADE NOMINAL 600 L, CAPACIDADE DE MISTURA 440 L, MOTOR A DIESEL POTENCIA 10 CV, COM CARREGADOR                                                                                                                                                                                                                                                                                                                                                                                           ","UN    ","CR",28180.69]
[647,"BLASTER, DINAMITADOR OU CABO DE FOGO (HORISTA)                                                                                                                                                                                                                                                                                                                                                                                                                                                            ","H     ","CR",24.62]
[40920,"BLASTER, DINAMITADOR OU CABO DE FOGO (MENSALISTA)                                                                                                                                                                                                                                                                                                                                                                                                                                                         ","MES   ","CR",4305.6899999999996]
[715,"BLOCO / TIJOLO DE VIDRO INCOLOR, CANELADO / ONDULADO, *19 X 19 X 8* CM (A X L X E)                                                                                                                                                                                                                                                                                                                                                                                                                        ","UN    ","AS",19.64]
[716,"BLOCO / TIJOLO DE VIDRO INCOLOR, XADREZ, *20 X 20 X 10* CM (A X L X E)                                                                                                                                                                                                                                                                                                                                                                                                                                    ","UN    ","AS",22.21]
[38783,"BLOCO CERAMICO / TIJOLO VAZADO PARA ALVENARIA DE VEDACAO, FUROS NA HORIZONTAL DE 11,5 X 19 X 19 CM (L X A X C)                                                                                                                                                                                                                                                                                                                                                                                            ","UN    ","CR",0.87]
[37593,"BLOCO CERAMICO / TIJOLO VAZADO PARA ALVENARIA DE VEDACAO, FUROS NA VERTICAL DE 14 X 19 X 39 CM (L X A X C)                                                                                                                                                                                                                                                                                                                                                                                                ","UN    ","CR",2.13]
[37594,"BLOCO CERAMICO / TIJOLO VAZADO PARA ALVENARIA DE VEDACAO, FUROS NA VERTICAL DE 19 X 19 X 39 CM (L X A X C)                                                                                                                                                                                                                                                                                                                                                                                                ","UN    ","CR",2.65]
[37592,"BLOCO CERAMICO / TIJOLO VAZADO PARA ALVENARIA DE VEDACAO, FUROS NA VERTICAL DE 9 X 19 X 39 CM (L X A X C)                                                                                                                                                                                                                                                                                                                                                                                                 ","UN    ","CR",1.68]
[7270,"BLOCO CERAMICO / TIJOLO VAZADO PARA ALVENARIA DE VEDACAO, 4 FUROS NA HORIZONTAL DE 9 X 9 X 19 CM (L X A X C)                                                                                                                                                                                                                                                                                                                                                                                              ","UN    ","CR",0.75]
[7267,"BLOCO CERAMICO / TIJOLO VAZADO PARA ALVENARIA DE VEDACAO, 6 FUROS NA HORIZONTAL DE 9 X 14 X 19 CM (L X A X C)                                                                                                                                                                                                                                                                                                                                                                                             ","UN    ","CR",0.59]
[7271,"BLOCO CERAMICO / TIJOLO VAZADO PARA ALVENARIA DE VEDACAO, 8 FUROS NA HORIZONTAL DE 9 X 19 X 19 CM (L X A X C)                                                                                                                                                                                                                                                                                                                                                                                             ","UN    ","C ",0.65]
[7268,"BLOCO CERAMICO / TIJOLO VAZADO PARA ALVENARIA DE VEDACAO, 8 FUROS NA HORIZONTAL DE 9 X 19 X 29 CM (L X A X C)                                                                                                                                                                                                                                                                                                                                                                                             ","UN    ","CR",0.9]
[41372,"BLOCO CONCRETO CELULAR AUTOCLAVADO 12,5 X 30 X 60 CM (E X A X C)                                                                                                                                                                                                                                                                                                                                                                                                                                          ","M2    ","AS",126.02]
[41371,"BLOCO CONCRETO CELULAR AUTOCLAVADO 7,5 X 30 X 60 CM (E X A X C)                                                                                                                                                                                                                                                                                                                                                                                                                                           ","M2    ","AS",74.489999999999995]
[34556,"BLOCO DE CONCRETO ESTRUTURAL 14 X 19 X 29 CM, FBK 10 MPA (NBR 6136)                                                                                                                                                                                                                                                                                                                                                                                                                                       ","UN    ","CR",4.57]
[37873,"BLOCO DE CONCRETO ESTRUTURAL 14 X 19 X 29 CM, FBK 12 MPA (NBR 6136)                                                                                                                                                                                                                                                                                                                                                                                                                                       ","UN    ","CR",4.6500000000000004]
[34564,"BLOCO DE CONCRETO ESTRUTURAL 14 X 19 X 29 CM, FBK 14 MPA (NBR 6136)                                                                                                                                                                                                                                                                                                                                                                                                                                       ","UN    ","CR",4.87]
[34565,"BLOCO DE CONCRETO ESTRUTURAL 14 X 19 X 29 CM, FBK 16 MPA (NBR 6136)                                                                                                                                                                                                                                                                                                                                                                                                                                       ","UN    ","CR",5.15]
[38590,"BLOCO DE CONCRETO ESTRUTURAL 14 X 19 X 29 CM, FBK 4,5 MPA (NBR 6136)                                                                                                                                                                                                                                                                                                                                                                                                                                      ","UN    ","CR",3.81]
[34566,"BLOCO DE CONCRETO ESTRUTURAL 14 X 19 X 29 CM, FBK 6 MPA (NBR 6136)                                                                                                                                                                                                                                                                                                                                                                                                                                        ","UN    ","CR",4]
[34567,"BLOCO DE CONCRETO ESTRUTURAL 14 X 19 X 29 CM, FBK 8 MPA (NBR 6136)                                                                                                                                                                                                                                                                                                                                                                                                                                        ","UN    ","CR",4.24]
[38591,"BLOCO DE CONCRETO ESTRUTURAL 14 X 19 X 34 CM, FBK 4,5 MPA (NBR 6136)                                                                                                                                                                                                                                                                                                                                                                                                                                      ","UN    ","CR",3.85]
[34568,"BLOCO DE CONCRETO ESTRUTURAL 14 X 19 X 39 CM, FBK 10 MPA (NBR 6136)                                                                                                                                                                                                                                                                                                                                                                                                                                       ","UN    ","CR",5.01]
[34569,"BLOCO DE CONCRETO ESTRUTURAL 14 X 19 X 39 CM, FBK 12 MPA (NBR 6136)                                                                                                                                                                                                                                                                                                                                                                                                                                       ","UN    ","CR",5.15]
[34570,"BLOCO DE CONCRETO ESTRUTURAL 14 X 19 X 39 CM, FBK 14 MPA (NBR 6136)                                                                                                                                                                                                                                                                                                                                                                                                                                       ","UN    ","CR",5.59]
[25070,"BLOCO DE CONCRETO ESTRUTURAL 14 X 19 X 39 CM, FBK 4,5 MPA (NBR 6136)                                                                                                                                                                                                                                                                                                                                                                                                                                      ","UN    ","CR",4.21]
[34571,"BLOCO DE CONCRETO ESTRUTURAL 14 X 19 X 39 CM, FBK 6 MPA (NBR 6136)                                                                                                                                                                                                                                                                                                                                                                                                                                        ","UN    ","CR",4.25]
[34573,"BLOCO DE CONCRETO ESTRUTURAL 14 X 19 X 39 CM, FBK 8 MPA (NBR 6136)                                                                                                                                                                                                                                                                                                                                                                                                                                        ","UN    ","CR",4.47]
[37107,"BLOCO DE CONCRETO ESTRUTURAL 14 X 19 X 39, FCK 16 MPA (NBR 6136)                                                                                                                                                                                                                                                                                                                                                                                                                                          ","UN    ","CR",5.91]
[34576,"BLOCO DE CONCRETO ESTRUTURAL 19 X 19 X 39 CM, FBK 10 MPA (NBR 6136)                                                                                                                                                                                                                                                                                                                                                                                                                                       ","UN    ","CR",6.52]
[34577,"BLOCO DE CONCRETO ESTRUTURAL 19 X 19 X 39 CM, FBK 12 MPA (NBR 6136)                                                                                                                                                                                                                                                                                                                                                                                                                                       ","UN    ","CR",6.8]
[34578,"BLOCO DE CONCRETO ESTRUTURAL 19 X 19 X 39 CM, FBK 14 MPA (NBR 6136)                                                                                                                                                                                                                                                                                                                                                                                                                                       ","UN    ","CR",7.37]
[34579,"BLOCO DE CONCRETO ESTRUTURAL 19 X 19 X 39 CM, FBK 16 MPA (NBR 6136)                                                                                                                                                                                                                                                                                                                                                                                                                                       ","UN    ","CR",7.86]
[25067,"BLOCO DE CONCRETO ESTRUTURAL 19 X 19 X 39 CM, FBK 4,5 MPA (NBR 6136)                                                                                                                                                                                                                                                                                                                                                                                                                                      ","UN    ","CR",5.26]
[34580,"BLOCO DE CONCRETO ESTRUTURAL 19 X 19 X 39 CM, FBK 8 MPA (NBR 6136)                                                                                                                                                                                                                                                                                                                                                                                                                                        ","UN    ","CR",5.87]
[25071,"BLOCO DE CONCRETO ESTRUTURAL 9 X 19 X 39 CM, FBK 4,5 MPA (NBR 6136)                                                                                                                                                                                                                                                                                                                                                                                                                                       ","UN    ","CR",2.92]
[44171,"BLOCO DE ENGATE RAPIDO PARA BASTIDOR TIPO M10                                                                                                                                                                                                                                                                                                                                                                                                                                                             ","UN    ","CR",39.29]
[38395,"BLOCO DE ESPUMA MULTIUSO *23 X 13 X 8* CM                                                                                                                                                                                                                                                                                                                                                                                                                                                                 ","UN    ","CR",9.39]
[34583,"BLOCO DE GESSO COMPACTO / MACICO, BRANCO, E = 10 CM, DIMENSOES *67 X 50* CM                                                                                                                                                                                                                                                                                                                                                                                                                               ","M2    ","CR",52.46]
[34584,"BLOCO DE GESSO VAZADO, BRANCO, E = *7* CM, DIMENSOES *67 X 50* CM                                                                                                                                                                                                                                                                                                                                                                                                                                         ","M2    ","CR",38.47]
[709,"BLOCO DE POLIETILENO ALTA DENSIDADE, *27* X *30* X *100* CM, ACOMPANHADOS PLACAS TERMINAIS E LONGARINAS, PARA FUNDO DE FILTRO                                                                                                                                                                                                                                                                                                                                                                             ","M2    ","AS",727.92]
[34599,"BLOCO DE VEDACAO CONCRETO APARENTE 9 X 19 X 39 CM (CLASSE C - NBR 6136)                                                                                                                                                                                                                                                                                                                                                                                                                                   ","UN    ","CR",3.01]
[34592,"BLOCO DE VEDACAO CONCRETO 14 X 19 X 29 CM (CLASSE C - NBR 6136)                                                                                                                                                                                                                                                                                                                                                                                                                                           ","UN    ","CR",3.35]
[37103,"BLOCO DE VEDACAO DE CONCRETO APARENTE 14 X 19 X 39 CM (CLASSE C - NBR 6136)                                                                                                                                                                                                                                                                                                                                                                                                                               ","UN    ","CR",3.83]
[34555,"BLOCO DE VEDACAO DE CONCRETO APARENTE 19 X 19 X 39 CM (CLASSE C - NBR 6136)                                                                                                                                                                                                                                                                                                                                                                                                                               ","UN    ","CR",4.8600000000000003]
[674,"BLOCO DE VEDACAO DE CONCRETO CELULAR AUTOCLAVADO 10 X 30 X 60 CM (E X A X C)                                                                                                                                                                                                                                                                                                                                                                                                                              ","M2    ","AS",89.79]
[34600,"BLOCO DE VEDACAO DE CONCRETO CELULAR AUTOCLAVADO 15 X 30 X 60 CM (E X A X C)                                                                                                                                                                                                                                                                                                                                                                                                                              ","M2    ","AS",131.88999999999999]
[652,"BLOCO DE VEDACAO DE CONCRETO CELULAR AUTOCLAVADO 20 X 30 X 60 CM (E X A X C)                                                                                                                                                                                                                                                                                                                                                                                                                              ","M2    ","AS",202.04]
[651,"BLOCO DE VEDACAO DE CONCRETO 14 X 19 X 39 CM (CLASSE C - NBR 6136)                                                                                                                                                                                                                                                                                                                                                                                                                                        ","UN    ","CR",3.69]
[654,"BLOCO DE VEDACAO DE CONCRETO 19 X 19 X 39 CM (CLASSE C - NBR 6136)                                                                                                                                                                                                                                                                                                                                                                                                                                        ","UN    ","CR",4.57]
[650,"BLOCO DE VEDACAO DE CONCRETO, 9 X 19 X 39 CM (CLASSE C - NBR 6136)                                                                                                                                                                                                                                                                                                                                                                                                                                        ","UN    ","C ",2.95]
[718,"BLOCO DE VIDRO / ELEMENTO VAZADO, INCOLOR, VENEZIANA, *20 X 20 X 6* CM (A X L X E)                                                                                                                                                                                                                                                                                                                                                                                                                        ","UN    ","AS",19.399999999999999]
[11981,"BLOCO DE VIDRO / ELEMENTO VAZADO, INCOLOR, VENEZIANA, DE *20 X 10 X 8* CM (A X L X E)                                                                                                                                                                                                                                                                                                                                                                                                                     ","UN    ","AS",18.850000000000001]
[34586,"BLOCO ESTRUTURAL CERAMICO DE 14 X 19 X 29 CM (L X A X C) E 6,0 MPA                                                                                                                                                                                                                                                                                                                                                                                                                                        ","UN    ","CR",1.82]
[38603,"BLOCO ESTRUTURAL CERAMICO DE 14 X 19 X 34 CM (L X A X C) E 6,0 MPA                                                                                                                                                                                                                                                                                                                                                                                                                                        ","UN    ","CR",2.21]
[34588,"BLOCO ESTRUTURAL CERAMICO DE 14 X 19 X 39 CM (L X A X C) E 6,0 MPA                                                                                                                                                                                                                                                                                                                                                                                                                                        ","UN    ","CR",2.38]
[34590,"BLOCO ESTRUTURAL CERAMICO DE 19 X 19 X 29 CM (L X A X C) E 6,0 MPA                                                                                                                                                                                                                                                                                                                                                                                                                                        ","UN    ","CR",2.17]
[34591,"BLOCO ESTRUTURAL CERAMICO DE 19 X 19 X 39 CM (L X A X C) E 6,0 MPA                                                                                                                                                                                                                                                                                                                                                                                                                                        ","UN    ","CR",2.95]
[40517,"BLOQUETE/PISO DE CONCRETO - MODELO PISOGRAMA/CONCREGRAMA 2 FUROS, DIMENSOES APROX. DE *35 X 15* CM E ESPESSURA DE 7 CM (+/- 1 CM), COR NATURAL                                                                                                                                                                                                                                                                                                                                                            ","M2    ","CR",48.63]
[40515,"BLOQUETE/PISO DE CONCRETO - MODELO PISOGRAMA/CONCREGRAMA/PAVI-GRADE/GRAMEIRO, DIMENSOES APROXIMADAS DE *60 X 45* CM E ESPESSURA DE 8 CM (+/- 1 CM), COR NATURAL                                                                                                                                                                                                                                                                                                                                           ","M2    ","CR",109.41]
[40524,"BLOQUETE/PISO INTERTRAVADO DE CONCRETO - MODELO ONDA/16 FACES/RETANGULAR/TIJOLINHO/PAVER/HOLANDES/PARALELEPIPEDO, *20 X 10* CM, E = 10 CM, RESISTENCIA DE 35 MPA, COR NATURAL                                                                                                                                                                                                                                                                                                                             ","M2    ","CR",68.38]
[40529,"BLOQUETE/PISO INTERTRAVADO DE CONCRETO - MODELO ONDA/16 FACES/RETANGULAR/TIJOLINHO/PAVER/HOLANDES/PARALELEPIPEDO, *20 X 10* CM, E = 10 CM, RESISTENCIA DE 50 MPA, COR NATURAL                                                                                                                                                                                                                                                                                                                             ","M2    ","CR",69.900000000000006]
[36156,"BLOQUETE/PISO INTERTRAVADO DE CONCRETO - MODELO ONDA/16 FACES/RETANGULAR/TIJOLINHO/PAVER/HOLANDES/PARALELEPIPEDO, *20 X 10* CM, E = 6 CM, RESISTENCIA DE 35 MPA, COLORIDO                                                                                                                                                                                                                                                                                                                                 ","M2    ","CR",53.19]
[36155,"BLOQUETE/PISO INTERTRAVADO DE CONCRETO - MODELO ONDA/16 FACES/RETANGULAR/TIJOLINHO/PAVER/HOLANDES/PARALELEPIPEDO, *20 X 10* CM, E = 6 CM, RESISTENCIA DE 35 MPA, COR NATURAL                                                                                                                                                                                                                                                                                                                              ","M2    ","CR",45.91]
[36154,"BLOQUETE/PISO INTERTRAVADO DE CONCRETO - MODELO ONDA/16 FACES/RETANGULAR/TIJOLINHO/PAVER/HOLANDES/PARALELEPIPEDO, *20 X 10* CM, E = 8 CM, RESISTENCIA DE 35 MPA, COLORIDO                                                                                                                                                                                                                                                                                                                                 ","M2    ","CR",63.82]
[36170,"BLOQUETE/PISO INTERTRAVADO DE CONCRETO - MODELO ONDA/16 FACES/RETANGULAR/TIJOLINHO/PAVER/HOLANDES/PARALELEPIPEDO, *20 X 10* CM, E = 8 CM, RESISTENCIA DE 35 MPA, COR NATURAL                                                                                                                                                                                                                                                                                                                              ","M2    ","C ",58]
[695,"BLOQUETE/PISO INTERTRAVADO DE CONCRETO - MODELO RAQUETE, *22 X 13,5* CM, E = 6 CM, RESISTENCIA DE 35 MPA, COR NATURAL                                                                                                                                                                                                                                                                                                                                                                                     ","M2    ","CR",46.88]
[679,"BLOQUETE/PISO INTERTRAVADO DE CONCRETO - MODELO SEXTAVADO / HEXAGONAL, *25 X 25* CM, E = 10 CM, RESISTENCIA DE 35 MPA, COR NATURAL                                                                                                                                                                                                                                                                                                                                                                        ","M2    ","CR",69.900000000000006]
[711,"BLOQUETE/PISO INTERTRAVADO DE CONCRETO - MODELO SEXTAVADO / HEXAGONAL, *25 X 25* CM, E = 6 CM, RESISTENCIA DE 35 MPA, COR NATURAL                                                                                                                                                                                                                                                                                                                                                                         ","M2    ","CR",46.24]
[712,"BLOQUETE/PISO INTERTRAVADO DE CONCRETO - MODELO SEXTAVADO / HEXAGONAL, *25 X 25* CM, E = 8 CM, RESISTENCIA DE 35 MPA, COR NATURAL                                                                                                                                                                                                                                                                                                                                                                         ","M2    ","CR",58.25]
[12614,"BOCAL PVC, PARA CALHA PLUVIAL, DIAMETRO DA SAIDA ENTRE *75 E 120* MM, PARA DRENAGEM PLUVIAL PREDIAL                                                                                                                                                                                                                                                                                                                                                                                                       ","UN    ","CR",47.53]
[6140,"BOLSA DE LIGACAO EM PVC FLEXIVEL PARA VASO SANITARIO 40 MM (1 1/2\")                                                                                                                                                                                                                                                                                                                                                                                                                                       ","UN    ","CR",3.52]
[38399,"BOLSA DE LONA PARA FERRAMENTAS *50 X 35 X 25* CM                                                                                                                                                                                                                                                                                                                                                                                                                                                          ","UN    ","CR",234.78]
[729,"BOMBA CENTRIFUGA COM MOTOR ELETRICO MONOFASICO, POTENCIA 0,33 HP, BOCAIS 1\" X 3/4\", DIAMETRO DO ROTOR 99 MM, HM/Q = 4 MCA / 8,5 M3/H A 18 MCA / 0,90 M3/H                                                                                                                                                                                                                                                                                                                                                 ","UN    ","C ",621]
[39925,"BOMBA CENTRIFUGA MONOESTAGIO COM MOTOR ELETRICO MONOFASICO, POTENCIA 15 HP, DIAMETRO DO ROTOR *173* MM, HM/Q = *30* MCA / *90* M3/H A *45* MCA / *55* M3/H                                                                                                                                                                                                                                                                                                                                                ","UN    ","CR",8973.39]
[731,"BOMBA CENTRIFUGA MOTOR ELETRICO MONOFASICO 0,49 HP BOCAIS 1\" X 3/4\", DIAMETRO DO ROTOR 110 MM, HM/Q: 6 M / 8,3 M3/H A 20 M / 1,2 M3/H                                                                                                                                                                                                                                                                                                                                                                     ","UN    ","CR",604.38]
[10575,"BOMBA CENTRIFUGA MOTOR ELETRICO MONOFASICO 0,50 CV DIAMETRO DE SUCCAO X ELEVACAO 3/4\" X 3/4\", MONOESTAGIO, DIAMETRO DOS ROTORES 114 MM, HM/Q: 2 M / 2,99 M3/H A 24 M / 0,71 M3/H                                                                                                                                                                                                                                                                                                                          ","UN    ","CR",943.19]
[733,"BOMBA CENTRIFUGA MOTOR ELETRICO MONOFASICO 0,74HP DIAMETRO DE SUCCAO X ELEVACAO 1 1/4\" X 1\", DIAMETRO DO ROTOR 120 MM, HM/Q: 8 M / 7,70 M3/H A 24 M / 2,80 M3/H                                                                                                                                                                                                                                                                                                                                           ","UN    ","CR",1032.68]
[732,"BOMBA CENTRIFUGA MOTOR ELETRICO TRIFASICO 0,99HP DIAMETRO DE SUCCAO X ELEVACAO 1\" X 1\", DIAMETRO DO ROTOR 145 MM, HM/Q: 14 M / 8,4 M3/H A 40 M / 0,60 M3/H                                                                                                                                                                                                                                                                                                                                                ","UN    ","CR",1018.79]
[735,"BOMBA CENTRIFUGA MOTOR ELETRICO TRIFASICO 1,48HP DIAMETRO DE SUCCAO X ELEVACAO 1\" X 1\", 4 ESTAGIOS, DIAMETRO DOS ROTORES 3 X 107 MM + 1 X 100 MM, HM/Q: 10 M / 5,3 M3/H A 70 M / 1,8 M3/H                                                                                                                                                                                                                                                                                                                 ","UN    ","CR",1812.38]
[737,"BOMBA CENTRIFUGA MOTOR ELETRICO TRIFASICO 14,8 HP, DIAMETRO DE SUCCAO X ELEVACAO 2 1/2\" X 2\", DIAMETRO DO ROTOR 195 MM, HM/Q: 62 M / 55,5 M3/H A 80 M / 31,50 M3/H                                                                                                                                                                                                                                                                                                                                        ","UN    ","CR",5713.1]
[736,"BOMBA CENTRIFUGA MOTOR ELETRICO TRIFASICO 2,96HP, DIAMETRO DE SUCCAO X ELEVACAO 1 1/2\" X 1 1/4\", DIAMETRO DO ROTOR 148 MM, HM/Q: 34 M / 14,80 M3/H A 40 M / 8,60 M3/H                                                                                                                                                                                                                                                                                                                                     ","UN    ","CR",1523.88]
[738,"BOMBA CENTRIFUGA MOTOR ELETRICO TRIFASICO 5HP, DIAMETRO DE SUCCAO X ELEVACAO 2\" X 1 1/2\", DIAMETRO DO ROTOR 155 MM, HM/Q: 40 M / 20,40 M3/H A 46 M / 9,20 M3/H                                                                                                                                                                                                                                                                                                                                            ","UN    ","CR",2649.12]
[740,"BOMBA CENTRIFUGA MOTOR ELETRICO TRIFASICO 9,86 DIAMETRO DE SUCCAO X ELEVACAO 1\" X 1\", 4 ESTAGIOS, DIAMETRO DOS ROTORES 4 X 146 MM, HM/Q: 85 M / 14,9 M3/H A 140 M / 4,2 M3/H                                                                                                                                                                                                                                                                                                                              ","UN    ","CR",5374.52]
[734,"BOMBA CENTRIFUGA, MOTOR ELETRICO TRIFASICO 1,48HP DIAMETRO DE SUCCAO X ELEVACAO 1 1/2\" X 1\", DIAMETRO DO ROTOR 117 MM, HM/Q: 10 M / 21,9 M3/H A 24 M / 6,1 M3/H                                                                                                                                                                                                                                                                                                                                           ","UN    ","CR",1092.1400000000001]
[39008,"BOMBA DE PROJECAO DE CONCRETO SECO, POTENCIA 10 CV, VAZAO 3 M3/H                                                                                                                                                                                                                                                                                                                                                                                                                                          ","UN    ","CR",69483.520000000004]
[39009,"BOMBA DE PROJECAO DE CONCRETO SECO, POTENCIA 10 CV, VAZAO 6 M3/H                                                                                                                                                                                                                                                                                                                                                                                                                                          ","UN    ","CR",74442.98]
[10587,"BOMBA SUBMERSA PARA POCOS TUBULARES PROFUNDOS DIAMETRO DE 4 POLEGADAS, ELETRICA, MONOFASICA, POTENCIA 0,49 HP, 13 ESTAGIOS, BOCAL DE DESCARGA DIAMETRO DE UMA POLEGADA E MEIA, HM/Q = 18 M / 1,90 M3/H A 85 M / 0,60 M3/H                                                                                                                                                                                                                                                                                 ","UN    ","CR",2803.21]
[759,"BOMBA SUBMERSA PARA POCOS TUBULARES PROFUNDOS DIAMETRO DE 4 POLEGADAS, ELETRICA, TRIFASICA, POTENCIA 1,97 HP, 20 ESTAGIOS, BOCAL DE DESCARGA DIAMETRO DE UMA POLEGADA E MEIA, HM/Q = 18 M / 5,40 M3/H A 164 M / 0,80 M3/H                                                                                                                                                                                                                                                                                 ","UN    ","CR",4030.46]
[761,"BOMBA SUBMERSA PARA POCOS TUBULARES PROFUNDOS DIAMETRO DE 4 POLEGADAS, ELETRICA, TRIFASICA, POTENCIA 5,42 HP, 15 ESTAGIOS, BOCAL DE DESCARGA DIAMETRO DE 2 POLEGADAS, HM/Q = 18 M / 18,10 M3/H A 121 M / 2,90 M3/H                                                                                                                                                                                                                                                                                        ","UN    ","CR",6831.97]
[750,"BOMBA SUBMERSA PARA POCOS TUBULARES PROFUNDOS DIAMETRO DE 4 POLEGADAS, ELETRICA, TRIFASICA, POTENCIA 5,42 HP, 29 ESTAGIOS, BOCAL DE DESCARGA DE UMA POLEGADA E MEIA, HM/Q = 18 M / 8,10 M3/H A 201 M / 3,2 M3/H                                                                                                                                                                                                                                                                                           ","UN    ","CR",6486.41]
[755,"BOMBA SUBMERSA PARA POCOS TUBULARES PROFUNDOS DIAMETRO DE 6 POLEGADAS, ELETRICA, TRIFASICA, POTENCIA 27,12 HP, 7 ESTAGIOS, BOCAL DE DESCARGA DIAMETRO DE 4 POLEGADAS, HM/Q = 13,9 M / 90 M3/H A 44,0 M / 25,0 M3/H                                                                                                                                                                                                                                                                                        ","UN    ","CR",26617.09]
[749,"BOMBA SUBMERSA PARA POCOS TUBULARES PROFUNDOS DIAMETRO DE 6 POLEGADAS, ELETRICA, TRIFASICA, POTENCIA 3,45 HP, 5 ESTAGIOS, BOCAL DE DESCARGA DIAMETRO DE 2 POLEGADAS, HM/Q = 68,5 M / 6,12 M3/H A 39,5 M / 14,04 M3/H                                                                                                                                                                                                                                                                                      ","UN    ","CR",9789.27]
[756,"BOMBA SUBMERSA PARA POCOS TUBULARES PROFUNDOS DIAMETRO DE 6 POLEGADAS, ELETRICA, TRIFASICA, POTENCIA 32 HP, 9 ESTAGIOS, BOCAL DE DESCARGA DIAMETRO DE 4 POLEGADAS, HM/Q = 114,0 M / 13,9 M3/H A 57,0 M / 25,0 M3/H                                                                                                                                                                                                                                                                                        ","UN    ","CR",29029.5]
[10588,"BOMBA SUBMERSIVEL, ELETRICA, TRIFASICA, POTENCIA 0,98 HP, DIAMETRO DO ROTOR 142 MM SEMIABERTO, BOCAL DE SAIDA DIAMETRO DE 2 POLEGADAS, HM/Q = 2 M / 32 M3/H A 8 M / 16 M3/H                                                                                                                                                                                                                                                                                                                               ","UN    ","CR",2910.09]
[10592,"BOMBA SUBMERSIVEL, ELETRICA, TRIFASICA, POTENCIA 0,99 HP, DIAMETRO ROTOR 98 MM SEMIABERTO, BOCAL DE SAIDA DIAMETRO 2 POLEGADAS, HM/Q = 2 M / 28,90 M3/H A 14 M / 7 M3/H                                                                                                                                                                                                                                                                                                                                   ","UN    ","C ",3515]
[10589,"BOMBA SUBMERSIVEL, ELETRICA, TRIFASICA, POTENCIA 1,97 HP, DIAMETRO DO ROTOR 144 MM SEMIABERTO, BOCAL DE SAIDA DIAMETRO DE 2 POLEGADAS, HM/Q = 2 M / 26,8 M3/H A 28 M / 4,6 M3/H                                                                                                                                                                                                                                                                                                                           ","UN    ","CR",4722.18]
[760,"BOMBA SUBMERSIVEL, ELETRICA, TRIFASICA, POTENCIA 13 HP, DIAMETRO DO ROTOR 170 MM, BOCAL DE SAIDA DIAMETRO DE 3 POLEGADAS, HM/Q = 11 M / 68,40 M3/H A 72 M / 3,6 M3/H                                                                                                                                                                                                                                                                                                                                      ","UN    ","CR",26362.5]
[751,"BOMBA SUBMERSIVEL, ELETRICA, TRIFASICA, POTENCIA 2,96 HP, DIAMETRO DO ROTOR 144 MM SEMIABERTO, BOCAL DE SAIDA DIAMETRO DE DUAS POLEGADAS, HM/Q = 2 M / 38,8 M3/H A 28 M / 5 M3/H                                                                                                                                                                                                                                                                                                                          ","UN    ","CR",4152.09]
[754,"BOMBA SUBMERSIVEL, ELETRICA, TRIFASICA, POTENCIA 3,75 HP, DIAMETRO DO ROTOR 90 MM SEMIABERTO, BOCAL DE SAIDA DIAMETRO DE 2 POLEGADAS, HM/Q = 5 M / 61,2 M3/H A 25,5 M / 3,6 M3/H                                                                                                                                                                                                                                                                                                                          ","UN    ","CR",6590.62]
[757,"BOMBA SUBMERSIVEL, ELETRICA, TRIFASICA, POTENCIA 6 HP, DIAMETRO DO ROTOR 127 MM, BOCAL DE SAIDA DIAMETRO DE 3 POLEGADAS, HM/Q = 7 M / 66,90 M3/H A 26 M / 2,88 M3/H                                                                                                                                                                                                                                                                                                                                       ","UN    ","CR",13181.25]
[44489,"BOMBA TRIPLEX COM MOTOR A DIESEL, NACIONAL, DIAMETRO DE SUCCAO DE 2 1/2\"                                                                                                                                                                                                                                                                                                                                                                                                                                  ","UN    ","CR",154380.32]
[39917,"BOMBA TRIPLEX, PARA INJECAO DE CALDA DE CIMENTO, VAZAO MAXIMA DE *100* LITROS/MINUTO, PRESSAO MAXIMA DE *70* BAR, POTENCIA DE 15 CV                                                                                                                                                                                                                                                                                                                                                                       ","UN    ","CR",106731.7]
[38167,"BORBOLETA PARA JANELA TIPO GUILHOTINA, EM ZAMAC CROMADO                                                                                                                                                                                                                                                                                                                                                                                                                                                   ","PAR   ","CR",29.84]
[36145,"BOTA DE PVC PRETA, CANO MEDIO, SEM FORRO                                                                                                                                                                                                                                                                                                                                                                                                                                                                  ","PAR   ","CR",46.65]
[12893,"BOTA DE SEGURANCA COM BIQUEIRA DE ACO E COLARINHO ACOLCHOADO                                                                                                                                                                                                                                                                                                                                                                                                                                              ","PAR   ","CR",77.760000000000005]
[11685,"BRACO / CANO PARA CHUVEIRO ELETRICO, EM ALUMINIO, 30 CM X 1/2\"                                                                                                                                                                                                                                                                                                                                                                                                                                            ","UN    ","CR",42.76]
[11680,"BRACO OU HASTE COM CANOPLA PLASTICA, 1/2 \", PARA CHUVEIRO SIMPLES                                                                                                                                                                                                                                                                                                                                                                                                                                         ","UN    ","CR",13.34]
[11679,"BRACO OU HASTE RETA COM CANOPLA PLASTICA, 1/2 \", PARA CHUVEIRO ELETRICO                                                                                                                                                                                                                                                                                                                                                                                                                                   ","UN    ","CR",18.09]
[2512,"BRACO P/ LUMINARIA PUBLICA 1 X 1,50M ROMAGNOLE OU EQUIV                                                                                                                                                                                                                                                                                                                                                                                                                                                   ","UN    ","AS",39]
[4374,"BUCHA DE NYLON SEM ABA S10                                                                                                                                                                                                                                                                                                                                                                                                                                                                                ","UN    ","CR",0.59]
[7568,"BUCHA DE NYLON SEM ABA S10, COM PARAFUSO DE 6,10 X 65 MM EM ACO ZINCADO COM ROSCA SOBERBA, CABECA CHATA E FENDA PHILLIPS                                                                                                                                                                                                                                                                                                                                                                                  ","UN    ","CR",0.98]
[7584,"BUCHA DE NYLON SEM ABA S12, COM PARAFUSO DE 5/16\" X 80 MM EM ACO ZINCADO COM ROSCA SOBERBA E CABECA SEXTAVADA                                                                                                                                                                                                                                                                                                                                                                                             ","UN    ","CR",1.49]
[11945,"BUCHA DE NYLON SEM ABA S4                                                                                                                                                                                                                                                                                                                                                                                                                                                                                 ","UN    ","CR",0.09]
[11946,"BUCHA DE NYLON SEM ABA S5                                                                                                                                                                                                                                                                                                                                                                                                                                                                                 ","UN    ","CR",0.11]
[4375,"BUCHA DE NYLON SEM ABA S6                                                                                                                                                                                                                                                                                                                                                                                                                                                                                 ","UN    ","C ",0.16]
[11950,"BUCHA DE NYLON SEM ABA S6, COM PARAFUSO DE 4,20 X 40 MM EM ACO ZINCADO COM ROSCA SOBERBA, CABECA CHATA E FENDA PHILLIPS                                                                                                                                                                                                                                                                                                                                                                                   ","UN    ","CR",0.33]
[4376,"BUCHA DE NYLON SEM ABA S8                                                                                                                                                                                                                                                                                                                                                                                                                                                                                 ","UN    ","CR",0.31]
[7583,"BUCHA DE NYLON SEM ABA S8, COM PARAFUSO DE 4,80 X 50 MM EM ACO ZINCADO COM ROSCA SOBERBA, CABECA CHATA E FENDA PHILLIPS                                                                                                                                                                                                                                                                                                                                                                                   ","UN    ","CR",0.67]
[4350,"BUCHA DE NYLON, DIAMETRO DO FURO 8 MM, COMPRIMENTO 40 MM, COM PARAFUSO DE ROSCA SOBERBA, CABECA CHATA, FENDA SIMPLES, 4,8 X 50 MM                                                                                                                                                                                                                                                                                                                                                                         ","UN    ","CR",0.99]
[44400,"BUCHA DE REDUCAO CPVC, SOLDAVEL, 54 X 28 MM, PARA AGUA QUENTE                                                                                                                                                                                                                                                                                                                                                                                                                                             ","UN    ","CR",31.14]
[39886,"BUCHA DE REDUCAO DE COBRE (REF 600-2) SEM ANEL DE SOLDA, PONTA X BOLSA, 22 X 15 MM                                                                                                                                                                                                                                                                                                                                                                                                                        ","UN    ","AS",5.88]
[39887,"BUCHA DE REDUCAO DE COBRE (REF 600-2) SEM ANEL DE SOLDA, PONTA X BOLSA, 28 X 22 MM                                                                                                                                                                                                                                                                                                                                                                                                                        ","UN    ","AS",8.82]
[39888,"BUCHA DE REDUCAO DE COBRE (REF 600-2) SEM ANEL DE SOLDA, PONTA X BOLSA, 35 X 28 MM                                                                                                                                                                                                                                                                                                                                                                                                                        ","UN    ","AS",20.170000000000002]
[39890,"BUCHA DE REDUCAO DE COBRE (REF 600-2) SEM ANEL DE SOLDA, PONTA X BOLSA, 42 X 35 MM                                                                                                                                                                                                                                                                                                                                                                                                                        ","UN    ","AS",34.44]
[39891,"BUCHA DE REDUCAO DE COBRE (REF 600-2) SEM ANEL DE SOLDA, PONTA X BOLSA, 54 X 42 MM                                                                                                                                                                                                                                                                                                                                                                                                                        ","UN    ","AS",48.55]
[39892,"BUCHA DE REDUCAO DE COBRE (REF 600-2) SEM ANEL DE SOLDA, PONTA X BOLSA, 66 X 54 MM                                                                                                                                                                                                                                                                                                                                                                                                                        ","UN    ","AS",151.35]
[790,"BUCHA DE REDUCAO DE FERRO GALVANIZADO, COM ROSCA BSP, DE 1 1/2\" X 1 1/4\"                                                                                                                                                                                                                                                                                                                                                                                                                                  ","UN    ","AS",23.11]
[766,"BUCHA DE REDUCAO DE FERRO GALVANIZADO, COM ROSCA BSP, DE 1 1/2\" X 1/2\"                                                                                                                                                                                                                                                                                                                                                                                                                                    ","UN    ","AS",23.11]
[791,"BUCHA DE REDUCAO DE FERRO GALVANIZADO, COM ROSCA BSP, DE 1 1/2\" X 1\"                                                                                                                                                                                                                                                                                                                                                                                                                                      ","UN    ","AS",23.11]
[767,"BUCHA DE REDUCAO DE FERRO GALVANIZADO, COM ROSCA BSP, DE 1 1/2\" X 3/4\"                                                                                                                                                                                                                                                                                                                                                                                                                                    ","UN    ","AS",23.11]
[768,"BUCHA DE REDUCAO DE FERRO GALVANIZADO, COM ROSCA BSP, DE 1 1/4\" X 1/2\"                                                                                                                                                                                                                                                                                                                                                                                                                                    ","UN    ","AS",18.149999999999999]
[789,"BUCHA DE REDUCAO DE FERRO GALVANIZADO, COM ROSCA BSP, DE 1 1/4\" X 1\"                                                                                                                                                                                                                                                                                                                                                                                                                                      ","UN    ","AS",17.760000000000002]
[769,"BUCHA DE REDUCAO DE FERRO GALVANIZADO, COM ROSCA BSP, DE 1 1/4\" X 3/4\"                                                                                                                                                                                                                                                                                                                                                                                                                                    ","UN    ","AS",18.149999999999999]
[770,"BUCHA DE REDUCAO DE FERRO GALVANIZADO, COM ROSCA BSP, DE 1/2\" X 1/4\"                                                                                                                                                                                                                                                                                                                                                                                                                                      ","UN    ","AS",6.4]
[12394,"BUCHA DE REDUCAO DE FERRO GALVANIZADO, COM ROSCA BSP, DE 1/2\" X 3/8\"                                                                                                                                                                                                                                                                                                                                                                                                                                      ","UN    ","AS",6.4]
[764,"BUCHA DE REDUCAO DE FERRO GALVANIZADO, COM ROSCA BSP, DE 1\" X 1/2\"                                                                                                                                                                                                                                                                                                                                                                                                                                        ","UN    ","AS",11.17]
[765,"BUCHA DE REDUCAO DE FERRO GALVANIZADO, COM ROSCA BSP, DE 1\" X 3/4\"                                                                                                                                                                                                                                                                                                                                                                                                                                        ","UN    ","AS",11.17]
[787,"BUCHA DE REDUCAO DE FERRO GALVANIZADO, COM ROSCA BSP, DE 2 1/2\" X 1 1/2\"                                                                                                                                                                                                                                                                                                                                                                                                                                  ","UN    ","AS",49.89]
[774,"BUCHA DE REDUCAO DE FERRO GALVANIZADO, COM ROSCA BSP, DE 2 1/2\" X 1 1/4\"                                                                                                                                                                                                                                                                                                                                                                                                                                  ","UN    ","AS",49.89]
[773,"BUCHA DE REDUCAO DE FERRO GALVANIZADO, COM ROSCA BSP, DE 2 1/2\" X 1\"                                                                                                                                                                                                                                                                                                                                                                                                                                      ","UN    ","AS",49.89]
[775,"BUCHA DE REDUCAO DE FERRO GALVANIZADO, COM ROSCA BSP, DE 2 1/2\" X 2\"                                                                                                                                                                                                                                                                                                                                                                                                                                      ","UN    ","AS",49.89]
[788,"BUCHA DE REDUCAO DE FERRO GALVANIZADO, COM ROSCA BSP, DE 2\" X 1 1/2\"                                                                                                                                                                                                                                                                                                                                                                                                                                      ","UN    ","AS",31.01]
[772,"BUCHA DE REDUCAO DE FERRO GALVANIZADO, COM ROSCA BSP, DE 2\" X 1 1/4\"                                                                                                                                                                                                                                                                                                                                                                                                                                      ","UN    ","AS",31.01]
[771,"BUCHA DE REDUCAO DE FERRO GALVANIZADO, COM ROSCA BSP, DE 2\" X 1\"                                                                                                                                                                                                                                                                                                                                                                                                                                          ","UN    ","AS",31.01]
[779,"BUCHA DE REDUCAO DE FERRO GALVANIZADO, COM ROSCA BSP, DE 3/4\" X 1/2\"                                                                                                                                                                                                                                                                                                                                                                                                                                      ","UN    ","AS",7.71]
[776,"BUCHA DE REDUCAO DE FERRO GALVANIZADO, COM ROSCA BSP, DE 3\" X 1 1/2\"                                                                                                                                                                                                                                                                                                                                                                                                                                      ","UN    ","AS",73.55]
[777,"BUCHA DE REDUCAO DE FERRO GALVANIZADO, COM ROSCA BSP, DE 3\" X 1 1/4\"                                                                                                                                                                                                                                                                                                                                                                                                                                      ","UN    ","AS",71.5]
[780,"BUCHA DE REDUCAO DE FERRO GALVANIZADO, COM ROSCA BSP, DE 3\" X 2 1/2\"                                                                                                                                                                                                                                                                                                                                                                                                                                      ","UN    ","AS",71.86]
[778,"BUCHA DE REDUCAO DE FERRO GALVANIZADO, COM ROSCA BSP, DE 3\" X 2\"                                                                                                                                                                                                                                                                                                                                                                                                                                          ","UN    ","AS",73.55]
[781,"BUCHA DE REDUCAO DE FERRO GALVANIZADO, COM ROSCA BSP, DE 4\" X 2 1/2\"                                                                                                                                                                                                                                                                                                                                                                                                                                      ","UN    ","AS",135.9]
[786,"BUCHA DE REDUCAO DE FERRO GALVANIZADO, COM ROSCA BSP, DE 4\" X 2\"                                                                                                                                                                                                                                                                                                                                                                                                                                          ","UN    ","AS",135.9]
[782,"BUCHA DE REDUCAO DE FERRO GALVANIZADO, COM ROSCA BSP, DE 4\" X 3\"                                                                                                                                                                                                                                                                                                                                                                                                                                          ","UN    ","AS",135.9]
[783,"BUCHA DE REDUCAO DE FERRO GALVANIZADO, COM ROSCA BSP, DE 5\" X 4\"                                                                                                                                                                                                                                                                                                                                                                                                                                          ","UN    ","AS",371.95]
[785,"BUCHA DE REDUCAO DE FERRO GALVANIZADO, COM ROSCA BSP, DE 6\" X 4\"                                                                                                                                                                                                                                                                                                                                                                                                                                          ","UN    ","AS",393]
[784,"BUCHA DE REDUCAO DE FERRO GALVANIZADO, COM ROSCA BSP, DE 6\" X 5\"                                                                                                                                                                                                                                                                                                                                                                                                                                          ","UN    ","AS",421.59]
[828,"BUCHA DE REDUCAO DE PVC, SOLDAVEL, CURTA, COM 25 X 20 MM, PARA AGUA FRIA PREDIAL                                                                                                                                                                                                                                                                                                                                                                                                                          ","UN    ","CR",0.52]
[829,"BUCHA DE REDUCAO DE PVC, SOLDAVEL, CURTA, COM 32 X 25 MM, PARA AGUA FRIA PREDIAL                                                                                                                                                                                                                                                                                                                                                                                                                          ","UN    ","CR",0.83]
[812,"BUCHA DE REDUCAO DE PVC, SOLDAVEL, CURTA, COM 40 X 32 MM, PARA AGUA FRIA PREDIAL                                                                                                                                                                                                                                                                                                                                                                                                                          ","UN    ","CR",1.84]
[819,"BUCHA DE REDUCAO DE PVC, SOLDAVEL, CURTA, COM 50 X 40 MM, PARA AGUA FRIA PREDIAL                                                                                                                                                                                                                                                                                                                                                                                                                          ","UN    ","CR",3.19]
[818,"BUCHA DE REDUCAO DE PVC, SOLDAVEL, CURTA, COM 60 X 50 MM, PARA AGUA FRIA PREDIAL                                                                                                                                                                                                                                                                                                                                                                                                                          ","UN    ","CR",5.96]
[832,"BUCHA DE REDUCAO DE PVC, SOLDAVEL, LONGA, COM 32 X 20 MM, PARA AGUA FRIA PREDIAL                                                                                                                                                                                                                                                                                                                                                                                                                          ","UN    ","CR",2.46]
[834,"BUCHA DE REDUCAO DE PVC, SOLDAVEL, LONGA, COM 40 X 25 MM, PARA AGUA FRIA PREDIAL                                                                                                                                                                                                                                                                                                                                                                                                                          ","UN    ","CR",3.18]
[813,"BUCHA DE REDUCAO DE PVC, SOLDAVEL, LONGA, COM 50 X 25 MM, PARA AGUA FRIA PREDIAL                                                                                                                                                                                                                                                                                                                                                                                                                          ","UN    ","CR",3.71]
[820,"BUCHA DE REDUCAO DE PVC, SOLDAVEL, LONGA, COM 50 X 32 MM, PARA AGUA FRIA PREDIAL                                                                                                                                                                                                                                                                                                                                                                                                                          ","UN    ","CR",4.99]
[816,"BUCHA DE REDUCAO DE PVC, SOLDAVEL, LONGA, COM 60 X 25 MM, PARA AGUA FRIA PREDIAL                                                                                                                                                                                                                                                                                                                                                                                                                          ","UN    ","CR",8.89]
[814,"BUCHA DE REDUCAO DE PVC, SOLDAVEL, LONGA, COM 60 X 32 MM, PARA AGUA FRIA PREDIAL                                                                                                                                                                                                                                                                                                                                                                                                                          ","UN    ","CR",11.05]
[822,"BUCHA DE REDUCAO DE PVC, SOLDAVEL, LONGA, COM 60 X 50 MM, PARA AGUA FRIA PREDIAL                                                                                                                                                                                                                                                                                                                                                                                                                          ","UN    ","CR",14.42]
[821,"BUCHA DE REDUCAO DE PVC, SOLDAVEL, LONGA, COM 75 X 50 MM, PARA AGUA FRIA PREDIAL                                                                                                                                                                                                                                                                                                                                                                                                                          ","UN    ","CR",16.489999999999998]
[20086,"BUCHA DE REDUCAO DE PVC, SOLDAVEL, LONGA, 50 X 40 MM, PARA ESGOTO PREDIAL                                                                                                                                                                                                                                                                                                                                                                                                                                 ","UN    ","CR",2.72]
[39191,"BUCHA DE REDUCAO EM ALUMINIO, COM ROSCA, DE 1 1/2\" X 1 1/4\", PARA ELETRODUTO                                                                                                                                                                                                                                                                                                                                                                                                                              ","UN    ","CR",22.43]
[39190,"BUCHA DE REDUCAO EM ALUMINIO, COM ROSCA, DE 1 1/2\" X 1\", PARA ELETRODUTO                                                                                                                                                                                                                                                                                                                                                                                                                                  ","UN    ","CR",23.43]
[39189,"BUCHA DE REDUCAO EM ALUMINIO, COM ROSCA, DE 1 1/2\" X 3/4\", PARA ELETRODUTO                                                                                                                                                                                                                                                                                                                                                                                                                                ","UN    ","CR",24.79]
[39186,"BUCHA DE REDUCAO EM ALUMINIO, COM ROSCA, DE 1 1/4\" X 1/2\", PARA ELETRODUTO                                                                                                                                                                                                                                                                                                                                                                                                                                ","UN    ","CR",22.18]
[39188,"BUCHA DE REDUCAO EM ALUMINIO, COM ROSCA, DE 1 1/4\" X 1\", PARA ELETRODUTO                                                                                                                                                                                                                                                                                                                                                                                                                                  ","UN    ","CR",18.25]
[39187,"BUCHA DE REDUCAO EM ALUMINIO, COM ROSCA, DE 1 1/4\" X 3/4\", PARA ELETRODUTO                                                                                                                                                                                                                                                                                                                                                                                                                                ","UN    ","CR",19.13]
[39184,"BUCHA DE REDUCAO EM ALUMINIO, COM ROSCA, DE 1\" X 1/2\", PARA ELETRODUTO                                                                                                                                                                                                                                                                                                                                                                                                                                    ","UN    ","CR",7.2]
[39185,"BUCHA DE REDUCAO EM ALUMINIO, COM ROSCA, DE 1\" X 3/4\", PARA ELETRODUTO                                                                                                                                                                                                                                                                                                                                                                                                                                    ","UN    ","CR",6.56]
[39198,"BUCHA DE REDUCAO EM ALUMINIO, COM ROSCA, DE 2 1/2\" X 1 1/2\", PARA ELETRODUTO                                                                                                                                                                                                                                                                                                                                                                                                                              ","UN    ","CR",73.569999999999993]
[39197,"BUCHA DE REDUCAO EM ALUMINIO, COM ROSCA, DE 2 1/2\" X 1 1/4\", PARA ELETRODUTO                                                                                                                                                                                                                                                                                                                                                                                                                              ","UN    ","CR",76.849999999999994]
[39196,"BUCHA DE REDUCAO EM ALUMINIO, COM ROSCA, DE 2 1/2\" X 1\", PARA ELETRODUTO                                                                                                                                                                                                                                                                                                                                                                                                                                  ","UN    ","CR",79.260000000000005]
[39199,"BUCHA DE REDUCAO EM ALUMINIO, COM ROSCA, DE 2 1/2\" X 2\", PARA ELETRODUTO                                                                                                                                                                                                                                                                                                                                                                                                                                  ","UN    ","CR",70.8]
[39195,"BUCHA DE REDUCAO EM ALUMINIO, COM ROSCA, DE 2\" X 1 1/2\", PARA ELETRODUTO                                                                                                                                                                                                                                                                                                                                                                                                                                  ","UN    ","CR",40.869999999999997]
[39194,"BUCHA DE REDUCAO EM ALUMINIO, COM ROSCA, DE 2\" X 1 1/4\", PARA ELETRODUTO                                                                                                                                                                                                                                                                                                                                                                                                                                  ","UN    ","CR",43.73]
[39193,"BUCHA DE REDUCAO EM ALUMINIO, COM ROSCA, DE 2\" X 1\", PARA ELETRODUTO                                                                                                                                                                                                                                                                                                                                                                                                                                      ","UN    ","CR",47.93]
[39192,"BUCHA DE REDUCAO EM ALUMINIO, COM ROSCA, DE 2\" X 3/4\", PARA ELETRODUTO                                                                                                                                                                                                                                                                                                                                                                                                                                    ","UN    ","CR",49.86]
[39920,"BUCHA DE REDUCAO EM ALUMINIO, COM ROSCA, DE 3/4\" X 1/2\",  PARA ELETRODUTO                                                                                                                                                                                                                                                                                                                                                                                                                                 ","UN    ","CR",6.04]
[39201,"BUCHA DE REDUCAO EM ALUMINIO, COM ROSCA, DE 3\" X 1 1/2\", PARA ELETRODUTO                                                                                                                                                                                                                                                                                                                                                                                                                                  ","UN    ","CR",87.96]
[39200,"BUCHA DE REDUCAO EM ALUMINIO, COM ROSCA, DE 3\" X 1 1/4\", PARA ELETRODUTO                                                                                                                                                                                                                                                                                                                                                                                                                                  ","UN    ","CR",88.67]
[39203,"BUCHA DE REDUCAO EM ALUMINIO, COM ROSCA, DE 3\" X 2 1/2\", PARA ELETRODUTO                                                                                                                                                                                                                                                                                                                                                                                                                                  ","UN    ","CR",71.59]
[39202,"BUCHA DE REDUCAO EM ALUMINIO, COM ROSCA, DE 3\" X 2\", PARA ELETRODUTO                                                                                                                                                                                                                                                                                                                                                                                                                                      ","UN    ","CR",84.1]
[39205,"BUCHA DE REDUCAO EM ALUMINIO, COM ROSCA, DE 4\" X 2 1/2\", PARA ELETRODUTO                                                                                                                                                                                                                                                                                                                                                                                                                                  ","UN    ","CR",140.31]
[39204,"BUCHA DE REDUCAO EM ALUMINIO, COM ROSCA, DE 4\" X 2\", PARA ELETRODUTO                                                                                                                                                                                                                                                                                                                                                                                                                                      ","UN    ","CR",143.71]
[39206,"BUCHA DE REDUCAO EM ALUMINIO, COM ROSCA, DE 4\" X 3\", PARA ELETRODUTO                                                                                                                                                                                                                                                                                                                                                                                                                                      ","UN    ","CR",136.34]
[798,"BUCHA DE REDUCAO PVC ROSCAVEL 3/4\" X 1/2\"                                                                                                                                                                                                                                                                                                                                                                                                                                                                 ","UN    ","CR",1.03]
[797,"BUCHA DE REDUCAO PVC, ROSCAVEL 1 1/2\" X 1\"                                                                                                                                                                                                                                                                                                                                                                                                                                                                ","UN    ","CR",7.47]
[796,"BUCHA DE REDUCAO PVC, ROSCAVEL, 1 1/2\" X 3/4\"                                                                                                                                                                                                                                                                                                                                                                                                                                                             ","UN    ","CR",6.34]
[799,"BUCHA DE REDUCAO PVC, ROSCAVEL, 1\" X 1/2\"                                                                                                                                                                                                                                                                                                                                                                                                                                                                 ","UN    ","CR",3.07]
[792,"BUCHA DE REDUCAO PVC, ROSCAVEL, 1\" X 3/4\"                                                                                                                                                                                                                                                                                                                                                                                                                                                                 ","UN    ","CR",2.97]
[38001,"BUCHA DE REDUCAO, CPVC, SOLDAVEL, 22 X 15 MM, PARA AGUA QUENTE                                                                                                                                                                                                                                                                                                                                                                                                                                            ","UN    ","CR",1.1499999999999999]
[38002,"BUCHA DE REDUCAO, CPVC, SOLDAVEL, 28 X 22 MM, PARA AGUA QUENTE                                                                                                                                                                                                                                                                                                                                                                                                                                            ","UN    ","CR",4.0199999999999996]
[38003,"BUCHA DE REDUCAO, CPVC, SOLDAVEL, 35 X 28 MM, PARA AGUA QUENTE                                                                                                                                                                                                                                                                                                                                                                                                                                            ","UN    ","CR",27.46]
[38004,"BUCHA DE REDUCAO, CPVC, SOLDAVEL, 42 X 22 MM, PARA AGUA QUENTE                                                                                                                                                                                                                                                                                                                                                                                                                                            ","UN    ","CR",31.58]
[44263,"BUCHA DE REDUCAO, CPVC, SOLDAVEL, 54 X 35 MM, PARA AGUA QUENTE                                                                                                                                                                                                                                                                                                                                                                                                                                            ","UN    ","CR",56.7]
[36327,"BUCHA DE REDUCAO, PPR, DN 25 X 20 MM, PARA AGUA QUENTE PREDIAL                                                                                                                                                                                                                                                                                                                                                                                                                                            ","UN    ","AS",4.03]
[38992,"BUCHA DE REDUCAO, PPR, DN 32 X 25 MM, PARA AGUA QUENTE E FRIA PREDIAL                                                                                                                                                                                                                                                                                                                                                                                                                                     ","UN    ","AS",4.8899999999999997]
[38993,"BUCHA DE REDUCAO, PPR, DN 40 X 25 MM, PARA AGUA QUENTE E FRIA PREDIAL                                                                                                                                                                                                                                                                                                                                                                                                                                     ","UN    ","AS",12.73]
[44175,"BUCHA DE REDUCAO, PPR, DN 50 X 25 MM, PARA AGUA QUENTE E FRIA PREDIAL                                                                                                                                                                                                                                                                                                                                                                                                                                     ","UN    ","AS",22.2]
[44177,"BUCHA DE REDUCAO, PPR, DN 50 X 32 MM, PARA AGUA QUENTE E FRIA PREDIAL                                                                                                                                                                                                                                                                                                                                                                                                                                     ","UN    ","AS",16.59]
[38418,"BUCHA DE REDUCAO, PVC, LONGA, SERIE R, DN 50 X 40 MM, PARA ESGOTO PREDIAL                                                                                                                                                                                                                                                                                                                                                                                                                                 ","UN    ","CR",4.67]
[39178,"BUCHA EM ALUMINIO, COM ROSCA, DE 1 1/2\", PARA ELETRODUTO                                                                                                                                                                                                                                                                                                                                                                                                                                                  ","UN    ","CR",2.42]
[39177,"BUCHA EM ALUMINIO, COM ROSCA, DE 1 1/4\", PARA ELETRODUTO                                                                                                                                                                                                                                                                                                                                                                                                                                                  ","UN    ","CR",2.19]
[39174,"BUCHA EM ALUMINIO, COM ROSCA, DE 1/2\", PARA ELETRODUTO                                                                                                                                                                                                                                                                                                                                                                                                                                                    ","UN    ","CR",1.0900000000000001]
[39176,"BUCHA EM ALUMINIO, COM ROSCA, DE 1\", PARA ELETRODUTO                                                                                                                                                                                                                                                                                                                                                                                                                                                      ","UN    ","CR",1.44]
[39180,"BUCHA EM ALUMINIO, COM ROSCA, DE 2 1/2\", PARA ELETRODUTO                                                                                                                                                                                                                                                                                                                                                                                                                                                  ","UN    ","CR",6.59]
[39179,"BUCHA EM ALUMINIO, COM ROSCA, DE 2\", PARA ELETRODUTO                                                                                                                                                                                                                                                                                                                                                                                                                                                      ","UN    ","CR",5.83]
[39175,"BUCHA EM ALUMINIO, COM ROSCA, DE 3/4\", PARA ELETRODUTO                                                                                                                                                                                                                                                                                                                                                                                                                                                    ","UN    ","CR",1.34]
[39217,"BUCHA EM ALUMINIO, COM ROSCA, DE 3/8\", PARA ELETRODUTO                                                                                                                                                                                                                                                                                                                                                                                                                                                    ","UN    ","CR",1.03]
[39181,"BUCHA EM ALUMINIO, COM ROSCA, DE 3\", PARA ELETRODUTO                                                                                                                                                                                                                                                                                                                                                                                                                                                      ","UN    ","CR",8.83]
[39182,"BUCHA EM ALUMINIO, COM ROSCA, DE 4\", PARA ELETRODUTO                                                                                                                                                                                                                                                                                                                                                                                                                                                      ","UN    ","CR",12.42]
[12616,"CABECEIRA DIREITA OU ESQUERDA, PVC, PARA CALHA PLUVIAL, DIAMETRO ENTRE *119 E 170* MM, PARA DRENAGEM PLUVIAL PREDIAL                                                                                                                                                                                                                                                                                                                                                                                      ","UN    ","CR",14.41]
[1049,"CABECOTE PARA ENTRADA DE LINHA DE ALIMENTACAO PARA ELETRODUTO, EM LIGA DE ALUMINIO COM ACABAMENTO ANTI CORROSIVO, COM FIXACAO POR ENCAIXE LISO DE 360 GRAUS, DE 1 1/2\"                                                                                                                                                                                                                                                                                                                                    ","UN    ","CR",10.39]
[1099,"CABECOTE PARA ENTRADA DE LINHA DE ALIMENTACAO PARA ELETRODUTO, EM LIGA DE ALUMINIO COM ACABAMENTO ANTI CORROSIVO, COM FIXACAO POR ENCAIXE LISO DE 360 GRAUS, DE 1 1/4\"                                                                                                                                                                                                                                                                                                                                    ","UN    ","CR",7.95]
[39678,"CABECOTE PARA ENTRADA DE LINHA DE ALIMENTACAO PARA ELETRODUTO, EM LIGA DE ALUMINIO COM ACABAMENTO ANTI CORROSIVO, COM FIXACAO POR ENCAIXE LISO DE 360 GRAUS, DE 1/2\"                                                                                                                                                                                                                                                                                                                                      ","UN    ","CR",3.2]
[1050,"CABECOTE PARA ENTRADA DE LINHA DE ALIMENTACAO PARA ELETRODUTO, EM LIGA DE ALUMINIO COM ACABAMENTO ANTI CORROSIVO, COM FIXACAO POR ENCAIXE LISO DE 360 GRAUS, DE 1\"                                                                                                                                                                                                                                                                                                                                        ","UN    ","CR",5.44]
[1101,"CABECOTE PARA ENTRADA DE LINHA DE ALIMENTACAO PARA ELETRODUTO, EM LIGA DE ALUMINIO COM ACABAMENTO ANTI CORROSIVO, COM FIXACAO POR ENCAIXE LISO DE 360 GRAUS, DE 2 1/2\"                                                                                                                                                                                                                                                                                                                                    ","UN    ","CR",34.29]
[1100,"CABECOTE PARA ENTRADA DE LINHA DE ALIMENTACAO PARA ELETRODUTO, EM LIGA DE ALUMINIO COM ACABAMENTO ANTI CORROSIVO, COM FIXACAO POR ENCAIXE LISO DE 360 GRAUS, DE 2\"                                                                                                                                                                                                                                                                                                                                        ","UN    ","CR",17.690000000000001]
[39679,"CABECOTE PARA ENTRADA DE LINHA DE ALIMENTACAO PARA ELETRODUTO, EM LIGA DE ALUMINIO COM ACABAMENTO ANTI CORROSIVO, COM FIXACAO POR ENCAIXE LISO DE 360 GRAUS, DE 3 1/2\"                                                                                                                                                                                                                                                                                                                                    ","UN    ","CR",68.34]
[1098,"CABECOTE PARA ENTRADA DE LINHA DE ALIMENTACAO PARA ELETRODUTO, EM LIGA DE ALUMINIO COM ACABAMENTO ANTI CORROSIVO, COM FIXACAO POR ENCAIXE LISO DE 360 GRAUS, DE 3/4\"                                                                                                                                                                                                                                                                                                                                      ","UN    ","CR",4.24]
[1102,"CABECOTE PARA ENTRADA DE LINHA DE ALIMENTACAO PARA ELETRODUTO, EM LIGA DE ALUMINIO COM ACABAMENTO ANTI CORROSIVO, COM FIXACAO POR ENCAIXE LISO DE 360 GRAUS, DE 3\"                                                                                                                                                                                                                                                                                                                                        ","UN    ","CR",51.13]
[1051,"CABECOTE PARA ENTRADA DE LINHA DE ALIMENTACAO PARA ELETRODUTO, EM LIGA DE ALUMINIO COM ACABAMENTO ANTI CORROSIVO, COM FIXACAO POR ENCAIXE LISO DE 360 GRAUS, DE 4\"                                                                                                                                                                                                                                                                                                                                        ","UN    ","CR",74.319999999999993]
[37399,"CABIDE/GANCHO DE BANHEIRO SIMPLES EM METAL CROMADO                                                                                                                                                                                                                                                                                                                                                                                                                                                        ","UN    ","CR",53.6]
[43834,"CABO COAXIAL RG11 95% DE MALHA                                                                                                                                                                                                                                                                                                                                                                                                                                                                            ","M     ","CR",17.899999999999999]
[43835,"CABO COAXIAL RG59 95% DE MALHA                                                                                                                                                                                                                                                                                                                                                                                                                                                                            ","M     ","CR",1.6]
[43833,"CABO COAXIAL RG6 95% DE MALHA                                                                                                                                                                                                                                                                                                                                                                                                                                                                             ","M     ","CR",1.66]
[41955,"CABO DE ACO GALVANIZADO, DIAMETRO 12,7 MM (1/2\"), COM ALMA DE ACO CABO INDEPENDENTE 6 X 25 F                                                                                                                                                                                                                                                                                                                                                                                                              ","KG    ","CR",66.599999999999994]
[41953,"CABO DE ACO GALVANIZADO, DIAMETRO 12,7 MM (1/2\"), COM ALMA DE FIBRA 6 X 25 F                                                                                                                                                                                                                                                                                                                                                                                                                              ","KG    ","CR",63.56]
[41954,"CABO DE ACO GALVANIZADO, DIAMETRO 9,53 MM (3/8\"), COM ALMA DE FIBRA 6 X 25 F                                                                                                                                                                                                                                                                                                                                                                                                                              ","KG    ","CR",62.95]
[25004,"CABO DE ALUMINIO NU COM ALMA DE ACO, BITOLA 1/0 AWG                                                                                                                                                                                                                                                                                                                                                                                                                                                       ","KG    ","CR",49.89]
[25002,"CABO DE ALUMINIO NU COM ALMA DE ACO, BITOLA 2 AWG                                                                                                                                                                                                                                                                                                                                                                                                                                                         ","KG    ","CR",49.89]
[37409,"CABO DE ALUMINIO NU COM ALMA DE ACO, BITOLA 2/0 AWG                                                                                                                                                                                                                                                                                                                                                                                                                                                       ","KG    ","CR",49.89]
[841,"CABO DE ALUMINIO NU COM ALMA DE ACO, BITOLA 4 AWG                                                                                                                                                                                                                                                                                                                                                                                                                                                         ","KG    ","CR",50.5]
[25005,"CABO DE ALUMINIO NU SEM ALMA DE ACO, BITOLA 1/0 AWG                                                                                                                                                                                                                                                                                                                                                                                                                                                       ","KG    ","CR",54.75]
[25003,"CABO DE ALUMINIO NU SEM ALMA DE ACO, BITOLA 2 AWG                                                                                                                                                                                                                                                                                                                                                                                                                                                         ","KG    ","CR",55.57]
[37410,"CABO DE ALUMINIO NU SEM ALMA DE ACO, BITOLA 2/0 AWG                                                                                                                                                                                                                                                                                                                                                                                                                                                       ","KG    ","CR",54.75]
[842,"CABO DE ALUMINIO NU SEM ALMA DE ACO, BITOLA 4 AWG                                                                                                                                                                                                                                                                                                                                                                                                                                                         ","KG    ","CR",55.53]
[44391,"CABO DE COBRE FLEXIVEL NAO HALOGENADO, SEM EMISSAO DE FUMACA, 750V, SECAO NOMINAL 120 MM                                                                                                                                                                                                                                                                                                                                                                                                                  ","M     ","CR",118.32]
[44388,"CABO DE COBRE FLEXIVEL NAO HALOGENADO, SEM EMISSAO DE FUMACA, 750V, SECAO NOMINAL 2,5 MM                                                                                                                                                                                                                                                                                                                                                                                                                  ","M     ","CR",2.56]
[44392,"CABO DE COBRE FLEXIVEL NAO HALOGENADO, SEM EMISSAO DE FUMACA, 750V, SECAO NOMINAL 240 MM                                                                                                                                                                                                                                                                                                                                                                                                                  ","M     ","CR",235.59]
[44390,"CABO DE COBRE FLEXIVEL NAO HALOGENADO, SEM EMISSAO DE FUMACA, 750V, SECAO NOMINAL 50 MM                                                                                                                                                                                                                                                                                                                                                                                                                   ","M     ","CR",49.92]
[44389,"CABO DE COBRE FLEXIVEL NAO HALOGENADO, SEM EMISSAO DE FUMACA, 750V, SECAO NOMINAL 6,0 MM                                                                                                                                                                                                                                                                                                                                                                                                                  ","M     ","CR",5.89]
[862,"CABO DE COBRE NU 10 MM2 MEIO-DURO                                                                                                                                                                                                                                                                                                                                                                                                                                                                         ","M     ","CR",10.79]
[866,"CABO DE COBRE NU 120 MM2 MEIO-DURO                                                                                                                                                                                                                                                                                                                                                                                                                                                                        ","M     ","CR",137.18]
[892,"CABO DE COBRE NU 150 MM2 MEIO-DURO                                                                                                                                                                                                                                                                                                                                                                                                                                                                        ","M     ","CR",166.06]
[857,"CABO DE COBRE NU 16 MM2 MEIO-DURO                                                                                                                                                                                                                                                                                                                                                                                                                                                                         ","M     ","CR",18.059999999999999]
[37404,"CABO DE COBRE NU 185 MM2 MEIO-DURO                                                                                                                                                                                                                                                                                                                                                                                                                                                                        ","M     ","CR",192.13]
[868,"CABO DE COBRE NU 25 MM2 MEIO-DURO                                                                                                                                                                                                                                                                                                                                                                                                                                                                         ","M     ","CR",25.74]
[863,"CABO DE COBRE NU 35 MM2 MEIO-DURO                                                                                                                                                                                                                                                                                                                                                                                                                                                                         ","M     ","CR",37.909999999999997]
[867,"CABO DE COBRE NU 50 MM2 MEIO-DURO                                                                                                                                                                                                                                                                                                                                                                                                                                                                         ","M     ","CR",54]
[864,"CABO DE COBRE NU 70 MM2 MEIO-DURO                                                                                                                                                                                                                                                                                                                                                                                                                                                                         ","M     ","CR",71.33]
[865,"CABO DE COBRE NU 95 MM2 MEIO-DURO                                                                                                                                                                                                                                                                                                                                                                                                                                                                         ","M     ","CR",102.6]
[993,"CABO DE COBRE, FLEXIVEL, CLASSE 4 OU 5, ISOLACAO EM PVC/A, ANTICHAMA BWF-B, COBERTURA PVC-ST1, ANTICHAMA BWF-B, 1 CONDUTOR, 0,6/1 KV, SECAO NOMINAL 1,5 MM2                                                                                                                                                                                                                                                                                                                                               ","M     ","CR",1.95]
[1020,"CABO DE COBRE, FLEXIVEL, CLASSE 4 OU 5, ISOLACAO EM PVC/A, ANTICHAMA BWF-B, COBERTURA PVC-ST1, ANTICHAMA BWF-B, 1 CONDUTOR, 0,6/1 KV, SECAO NOMINAL 10 MM2                                                                                                                                                                                                                                                                                                                                                ","M     ","CR",9.9499999999999993]
[1017,"CABO DE COBRE, FLEXIVEL, CLASSE 4 OU 5, ISOLACAO EM PVC/A, ANTICHAMA BWF-B, COBERTURA PVC-ST1, ANTICHAMA BWF-B, 1 CONDUTOR, 0,6/1 KV, SECAO NOMINAL 120 MM2                                                                                                                                                                                                                                                                                                                                               ","M     ","CR",121.99]
[999,"CABO DE COBRE, FLEXIVEL, CLASSE 4 OU 5, ISOLACAO EM PVC/A, ANTICHAMA BWF-B, COBERTURA PVC-ST1, ANTICHAMA BWF-B, 1 CONDUTOR, 0,6/1 KV, SECAO NOMINAL 150 MM2                                                                                                                                                                                                                                                                                                                                               ","M     ","CR",147.80000000000001]
[995,"CABO DE COBRE, FLEXIVEL, CLASSE 4 OU 5, ISOLACAO EM PVC/A, ANTICHAMA BWF-B, COBERTURA PVC-ST1, ANTICHAMA BWF-B, 1 CONDUTOR, 0,6/1 KV, SECAO NOMINAL 16 MM2                                                                                                                                                                                                                                                                                                                                                ","M     ","CR",15.85]
[1000,"CABO DE COBRE, FLEXIVEL, CLASSE 4 OU 5, ISOLACAO EM PVC/A, ANTICHAMA BWF-B, COBERTURA PVC-ST1, ANTICHAMA BWF-B, 1 CONDUTOR, 0,6/1 KV, SECAO NOMINAL 185 MM2                                                                                                                                                                                                                                                                                                                                               ","M     ","CR",181.54]
[1022,"CABO DE COBRE, FLEXIVEL, CLASSE 4 OU 5, ISOLACAO EM PVC/A, ANTICHAMA BWF-B, COBERTURA PVC-ST1, ANTICHAMA BWF-B, 1 CONDUTOR, 0,6/1 KV, SECAO NOMINAL 2,5 MM2                                                                                                                                                                                                                                                                                                                                               ","M     ","CR",2.72]
[1015,"CABO DE COBRE, FLEXIVEL, CLASSE 4 OU 5, ISOLACAO EM PVC/A, ANTICHAMA BWF-B, COBERTURA PVC-ST1, ANTICHAMA BWF-B, 1 CONDUTOR, 0,6/1 KV, SECAO NOMINAL 240 MM2                                                                                                                                                                                                                                                                                                                                               ","M     ","CR",241.24]
[996,"CABO DE COBRE, FLEXIVEL, CLASSE 4 OU 5, ISOLACAO EM PVC/A, ANTICHAMA BWF-B, COBERTURA PVC-ST1, ANTICHAMA BWF-B, 1 CONDUTOR, 0,6/1 KV, SECAO NOMINAL 25 MM2                                                                                                                                                                                                                                                                                                                                                ","M     ","CR",24.58]
[1001,"CABO DE COBRE, FLEXIVEL, CLASSE 4 OU 5, ISOLACAO EM PVC/A, ANTICHAMA BWF-B, COBERTURA PVC-ST1, ANTICHAMA BWF-B, 1 CONDUTOR, 0,6/1 KV, SECAO NOMINAL 300 MM2                                                                                                                                                                                                                                                                                                                                               ","M     ","CR",313]
[1019,"CABO DE COBRE, FLEXIVEL, CLASSE 4 OU 5, ISOLACAO EM PVC/A, ANTICHAMA BWF-B, COBERTURA PVC-ST1, ANTICHAMA BWF-B, 1 CONDUTOR, 0,6/1 KV, SECAO NOMINAL 35 MM2                                                                                                                                                                                                                                                                                                                                                ","M     ","CR",34.729999999999997]
[1021,"CABO DE COBRE, FLEXIVEL, CLASSE 4 OU 5, ISOLACAO EM PVC/A, ANTICHAMA BWF-B, COBERTURA PVC-ST1, ANTICHAMA BWF-B, 1 CONDUTOR, 0,6/1 KV, SECAO NOMINAL 4 MM2                                                                                                                                                                                                                                                                                                                                                 ","M     ","CR",4.17]
[39249,"CABO DE COBRE, FLEXIVEL, CLASSE 4 OU 5, ISOLACAO EM PVC/A, ANTICHAMA BWF-B, COBERTURA PVC-ST1, ANTICHAMA BWF-B, 1 CONDUTOR, 0,6/1 KV, SECAO NOMINAL 400 MM2                                                                                                                                                                                                                                                                                                                                               ","M     ","CR",420.85]
[1018,"CABO DE COBRE, FLEXIVEL, CLASSE 4 OU 5, ISOLACAO EM PVC/A, ANTICHAMA BWF-B, COBERTURA PVC-ST1, ANTICHAMA BWF-B, 1 CONDUTOR, 0,6/1 KV, SECAO NOMINAL 50 MM2                                                                                                                                                                                                                                                                                                                                                ","M     ","CR",51.36]
[39250,"CABO DE COBRE, FLEXIVEL, CLASSE 4 OU 5, ISOLACAO EM PVC/A, ANTICHAMA BWF-B, COBERTURA PVC-ST1, ANTICHAMA BWF-B, 1 CONDUTOR, 0,6/1 KV, SECAO NOMINAL 500 MM2                                                                                                                                                                                                                                                                                                                                               ","M     ","CR",503.43]
[994,"CABO DE COBRE, FLEXIVEL, CLASSE 4 OU 5, ISOLACAO EM PVC/A, ANTICHAMA BWF-B, COBERTURA PVC-ST1, ANTICHAMA BWF-B, 1 CONDUTOR, 0,6/1 KV, SECAO NOMINAL 6 MM2                                                                                                                                                                                                                                                                                                                                                 ","M     ","CR",6.07]
[977,"CABO DE COBRE, FLEXIVEL, CLASSE 4 OU 5, ISOLACAO EM PVC/A, ANTICHAMA BWF-B, COBERTURA PVC-ST1, ANTICHAMA BWF-B, 1 CONDUTOR, 0,6/1 KV, SECAO NOMINAL 70 MM2                                                                                                                                                                                                                                                                                                                                                ","M     ","CR",71.849999999999994]
[998,"CABO DE COBRE, FLEXIVEL, CLASSE 4 OU 5, ISOLACAO EM PVC/A, ANTICHAMA BWF-B, COBERTURA PVC-ST1, ANTICHAMA BWF-B, 1 CONDUTOR, 0,6/1 KV, SECAO NOMINAL 95 MM2                                                                                                                                                                                                                                                                                                                                                ","M     ","CR",93.29]
[39251,"CABO DE COBRE, FLEXIVEL, CLASSE 4 OU 5, ISOLACAO EM PVC/A, ANTICHAMA BWF-B, 1 CONDUTOR, 450/750 V, SECAO NOMINAL 0,5 MM2                                                                                                                                                                                                                                                                                                                                                                                  ","M     ","CR",0.67]
[1011,"CABO DE COBRE, FLEXIVEL, CLASSE 4 OU 5, ISOLACAO EM PVC/A, ANTICHAMA BWF-B, 1 CONDUTOR, 450/750 V, SECAO NOMINAL 0,75 MM2                                                                                                                                                                                                                                                                                                                                                                                 ","M     ","CR",0.92]
[39252,"CABO DE COBRE, FLEXIVEL, CLASSE 4 OU 5, ISOLACAO EM PVC/A, ANTICHAMA BWF-B, 1 CONDUTOR, 450/750 V, SECAO NOMINAL 1,0 MM2                                                                                                                                                                                                                                                                                                                                                                                  ","M     ","CR",1.2]
[1013,"CABO DE COBRE, FLEXIVEL, CLASSE 4 OU 5, ISOLACAO EM PVC/A, ANTICHAMA BWF-B, 1 CONDUTOR, 450/750 V, SECAO NOMINAL 1,5 MM2                                                                                                                                                                                                                                                                                                                                                                                  ","M     ","CR",1.45]
[980,"CABO DE COBRE, FLEXIVEL, CLASSE 4 OU 5, ISOLACAO EM PVC/A, ANTICHAMA BWF-B, 1 CONDUTOR, 450/750 V, SECAO NOMINAL 10 MM2                                                                                                                                                                                                                                                                                                                                                                                   ","M     ","CR",10.44]
[39237,"CABO DE COBRE, FLEXIVEL, CLASSE 4 OU 5, ISOLACAO EM PVC/A, ANTICHAMA BWF-B, 1 CONDUTOR, 450/750 V, SECAO NOMINAL 120 MM2                                                                                                                                                                                                                                                                                                                                                                                  ","M     ","CR",111.06]
[39238,"CABO DE COBRE, FLEXIVEL, CLASSE 4 OU 5, ISOLACAO EM PVC/A, ANTICHAMA BWF-B, 1 CONDUTOR, 450/750 V, SECAO NOMINAL 150 MM2                                                                                                                                                                                                                                                                                                                                                                                  ","M     ","CR",140.07]
[979,"CABO DE COBRE, FLEXIVEL, CLASSE 4 OU 5, ISOLACAO EM PVC/A, ANTICHAMA BWF-B, 1 CONDUTOR, 450/750 V, SECAO NOMINAL 16 MM2                                                                                                                                                                                                                                                                                                                                                                                   ","M     ","CR",14.91]
[39239,"CABO DE COBRE, FLEXIVEL, CLASSE 4 OU 5, ISOLACAO EM PVC/A, ANTICHAMA BWF-B, 1 CONDUTOR, 450/750 V, SECAO NOMINAL 185 MM2                                                                                                                                                                                                                                                                                                                                                                                  ","M     ","CR",169.22]
[1014,"CABO DE COBRE, FLEXIVEL, CLASSE 4 OU 5, ISOLACAO EM PVC/A, ANTICHAMA BWF-B, 1 CONDUTOR, 450/750 V, SECAO NOMINAL 2,5 MM2                                                                                                                                                                                                                                                                                                                                                                                  ","M     ","CR",2.29]
[39240,"CABO DE COBRE, FLEXIVEL, CLASSE 4 OU 5, ISOLACAO EM PVC/A, ANTICHAMA BWF-B, 1 CONDUTOR, 450/750 V, SECAO NOMINAL 240 MM2                                                                                                                                                                                                                                                                                                                                                                                  ","M     ","CR",222.57]
[39232,"CABO DE COBRE, FLEXIVEL, CLASSE 4 OU 5, ISOLACAO EM PVC/A, ANTICHAMA BWF-B, 1 CONDUTOR, 450/750 V, SECAO NOMINAL 25 MM2                                                                                                                                                                                                                                                                                                                                                                                   ","M     ","CR",23.36]
[39233,"CABO DE COBRE, FLEXIVEL, CLASSE 4 OU 5, ISOLACAO EM PVC/A, ANTICHAMA BWF-B, 1 CONDUTOR, 450/750 V, SECAO NOMINAL 35 MM2                                                                                                                                                                                                                                                                                                                                                                                   ","M     ","CR",34.04]
[981,"CABO DE COBRE, FLEXIVEL, CLASSE 4 OU 5, ISOLACAO EM PVC/A, ANTICHAMA BWF-B, 1 CONDUTOR, 450/750 V, SECAO NOMINAL 4 MM2                                                                                                                                                                                                                                                                                                                                                                                    ","M     ","C ",3.8]
[39234,"CABO DE COBRE, FLEXIVEL, CLASSE 4 OU 5, ISOLACAO EM PVC/A, ANTICHAMA BWF-B, 1 CONDUTOR, 450/750 V, SECAO NOMINAL 50 MM2                                                                                                                                                                                                                                                                                                                                                                                   ","M     ","CR",47.39]
[982,"CABO DE COBRE, FLEXIVEL, CLASSE 4 OU 5, ISOLACAO EM PVC/A, ANTICHAMA BWF-B, 1 CONDUTOR, 450/750 V, SECAO NOMINAL 6 MM2                                                                                                                                                                                                                                                                                                                                                                                    ","M     ","CR",5.46]
[39235,"CABO DE COBRE, FLEXIVEL, CLASSE 4 OU 5, ISOLACAO EM PVC/A, ANTICHAMA BWF-B, 1 CONDUTOR, 450/750 V, SECAO NOMINAL 70 MM2                                                                                                                                                                                                                                                                                                                                                                                   ","M     ","CR",69.900000000000006]
[39236,"CABO DE COBRE, FLEXIVEL, CLASSE 4 OU 5, ISOLACAO EM PVC/A, ANTICHAMA BWF-B, 1 CONDUTOR, 450/750 V, SECAO NOMINAL 95 MM2                                                                                                                                                                                                                                                                                                                                                                                   ","M     ","CR",92.63]
[990,"CABO DE COBRE, RIGIDO, CLASSE 2, ISOLACAO EM PVC/A, ANTICHAMA BWF-B, 1 CONDUTOR, 450/750 V, SECAO NOMINAL 150 MM2                                                                                                                                                                                                                                                                                                                                                                                         ","M     ","CR",164.36]
[39241,"CABO DE COBRE, RIGIDO, CLASSE 2, ISOLACAO EM PVC/A, ANTICHAMA BWF-B, 1 CONDUTOR, 450/750 V, SECAO NOMINAL 16 MM2                                                                                                                                                                                                                                                                                                                                                                                          ","M     ","CR",16.18]
[1005,"CABO DE COBRE, RIGIDO, CLASSE 2, ISOLACAO EM PVC/A, ANTICHAMA BWF-B, 1 CONDUTOR, 450/750 V, SECAO NOMINAL 185 MM2                                                                                                                                                                                                                                                                                                                                                                                         ","M     ","CR",204.64]
[991,"CABO DE COBRE, RIGIDO, CLASSE 2, ISOLACAO EM PVC/A, ANTICHAMA BWF-B, 1 CONDUTOR, 450/750 V, SECAO NOMINAL 240 MM2                                                                                                                                                                                                                                                                                                                                                                                         ","M     ","CR",268.04000000000002]
[986,"CABO DE COBRE, RIGIDO, CLASSE 2, ISOLACAO EM PVC/A, ANTICHAMA BWF-B, 1 CONDUTOR, 450/750 V, SECAO NOMINAL 25 MM2                                                                                                                                                                                                                                                                                                                                                                                          ","M     ","CR",25.56]
[987,"CABO DE COBRE, RIGIDO, CLASSE 2, ISOLACAO EM PVC/A, ANTICHAMA BWF-B, 1 CONDUTOR, 450/750 V, SECAO NOMINAL 35 MM2                                                                                                                                                                                                                                                                                                                                                                                          ","M     ","CR",35]
[1007,"CABO DE COBRE, RIGIDO, CLASSE 2, ISOLACAO EM PVC/A, ANTICHAMA BWF-B, 1 CONDUTOR, 450/750 V, SECAO NOMINAL 50 MM2                                                                                                                                                                                                                                                                                                                                                                                          ","M     ","CR",48.44]
[1008,"CABO DE COBRE, RIGIDO, CLASSE 2, ISOLACAO EM PVC/A, ANTICHAMA BWF-B, 1 CONDUTOR, 450/750 V, SECAO NOMINAL 6 MM2                                                                                                                                                                                                                                                                                                                                                                                           ","M     ","CR",6.15]
[988,"CABO DE COBRE, RIGIDO, CLASSE 2, ISOLACAO EM PVC/A, ANTICHAMA BWF-B, 1 CONDUTOR, 450/750 V, SECAO NOMINAL 70 MM2                                                                                                                                                                                                                                                                                                                                                                                          ","M     ","CR",66.8]
[989,"CABO DE COBRE, RIGIDO, CLASSE 2, ISOLACAO EM PVC/A, ANTICHAMA BWF-B, 1 CONDUTOR, 450/750 V, SECAO NOMINAL 95 MM2                                                                                                                                                                                                                                                                                                                                                                                          ","M     ","CR",92.2]
[1006,"CABO DE COBRE, RIGIDO, CLASSE 2, ISOLACAO EM PVC, ANTI-CHAMA BWF-B, 1 CONDUTOR, 450/750 V, DIAMETRO 120 MM2                                                                                                                                                                                                                                                                                                                                                                                               ","M     ","CR",123.61]
[43972,"CABO DE REDE, PAR TRANCADO U/UTP, 4 PARES, CATEGORIA 5E (CAT 5E), ISOLAMENTO PVC (CM)                                                                                                                                                                                                                                                                                                                                                                                                                     ","M     ","CR",3.41]
[43971,"CABO DE REDE, PAR TRANCADO U/UTP, 4 PARES, CATEGORIA 5E (CAT 5E), ISOLAMENTO PVC (CMX)                                                                                                                                                                                                                                                                                                                                                                                                                    ","M     ","C ",2.61]
[39598,"CABO DE REDE, PAR TRANCADO U/UTP, 4 PARES, CATEGORIA 5E (CAT 5E), ISOLAMENTO PVC (LSZH)                                                                                                                                                                                                                                                                                                                                                                                                                   ","M     ","CR",4.84]
[43973,"CABO DE REDE, PAR TRANCADO U/UTP, 4 PARES, CATEGORIA 6 (CAT 6), ISOLAMENTO PVC (CM)                                                                                                                                                                                                                                                                                                                                                                                                                       ","M     ","CR",3.57]
[39599,"CABO DE REDE, PAR TRANCADO UTP, 4 PARES, CATEGORIA 6 (CAT 6), ISOLAMENTO PVC (LSZH)                                                                                                                                                                                                                                                                                                                                                                                                                       ","M     ","CR",6.96]
[43832,"CABO ELETRONICO CATEGORIA 6A U/UTP 23AWG X 4P                                                                                                                                                                                                                                                                                                                                                                                                                                                             ","M     ","CR",18.34]
[34602,"CABO FLEXIVEL PVC 750 V, 2 CONDUTORES DE 1,5 MM2                                                                                                                                                                                                                                                                                                                                                                                                                                                          ","M     ","CR",4.2300000000000004]
[34607,"CABO FLEXIVEL PVC 750 V, 2 CONDUTORES DE 4,0 MM2                                                                                                                                                                                                                                                                                                                                                                                                                                                          ","M     ","CR",10.36]
[34609,"CABO FLEXIVEL PVC 750 V, 2 CONDUTORES DE 6,0 MM2                                                                                                                                                                                                                                                                                                                                                                                                                                                          ","M     ","CR",15.08]
[34618,"CABO FLEXIVEL PVC 750 V, 3 CONDUTORES DE 1,5 MM2                                                                                                                                                                                                                                                                                                                                                                                                                                                          ","M     ","CR",5.76]
[34621,"CABO FLEXIVEL PVC 750 V, 3 CONDUTORES DE 4,0 MM2                                                                                                                                                                                                                                                                                                                                                                                                                                                          ","M     ","CR",14.29]
[34622,"CABO FLEXIVEL PVC 750 V, 3 CONDUTORES DE 6,0 MM2                                                                                                                                                                                                                                                                                                                                                                                                                                                          ","M     ","CR",21.23]
[34624,"CABO FLEXIVEL PVC 750 V, 4 CONDUTORES DE 1,5 MM2                                                                                                                                                                                                                                                                                                                                                                                                                                                          ","M     ","CR",7.7]
[34627,"CABO FLEXIVEL PVC 750 V, 4 CONDUTORES DE 4,0 MM2                                                                                                                                                                                                                                                                                                                                                                                                                                                          ","M     ","CR",18.559999999999999]
[34629,"CABO FLEXIVEL PVC 750 V, 4 CONDUTORES DE 6,0 MM2                                                                                                                                                                                                                                                                                                                                                                                                                                                          ","M     ","CR",28.36]
[39257,"CABO MULTIPOLAR DE COBRE, FLEXIVEL, CLASSE 4 OU 5, ISOLACAO EM HEPR, COBERTURA EM PVC-ST2, ANTICHAMA BWF-B, 0,6/1 KV, 3 CONDUTORES DE 1,5 MM2                                                                                                                                                                                                                                                                                                                                                             ","M     ","CR",5.77]
[39261,"CABO MULTIPOLAR DE COBRE, FLEXIVEL, CLASSE 4 OU 5, ISOLACAO EM HEPR, COBERTURA EM PVC-ST2, ANTICHAMA BWF-B, 0,6/1 KV, 3 CONDUTORES DE 10 MM2                                                                                                                                                                                                                                                                                                                                                              ","M     ","CR",33.04]
[39268,"CABO MULTIPOLAR DE COBRE, FLEXIVEL, CLASSE 4 OU 5, ISOLACAO EM HEPR, COBERTURA EM PVC-ST2, ANTICHAMA BWF-B, 0,6/1 KV, 3 CONDUTORES DE 120 MM2                                                                                                                                                                                                                                                                                                                                                             ","M     ","CR",516.5]
[39262,"CABO MULTIPOLAR DE COBRE, FLEXIVEL, CLASSE 4 OU 5, ISOLACAO EM HEPR, COBERTURA EM PVC-ST2, ANTICHAMA BWF-B, 0,6/1 KV, 3 CONDUTORES DE 16 MM2                                                                                                                                                                                                                                                                                                                                                              ","M     ","CR",52.62]
[39258,"CABO MULTIPOLAR DE COBRE, FLEXIVEL, CLASSE 4 OU 5, ISOLACAO EM HEPR, COBERTURA EM PVC-ST2, ANTICHAMA BWF-B, 0,6/1 KV, 3 CONDUTORES DE 2,5 MM2                                                                                                                                                                                                                                                                                                                                                             ","M     ","CR",8.6999999999999993]
[39263,"CABO MULTIPOLAR DE COBRE, FLEXIVEL, CLASSE 4 OU 5, ISOLACAO EM HEPR, COBERTURA EM PVC-ST2, ANTICHAMA BWF-B, 0,6/1 KV, 3 CONDUTORES DE 25 MM2                                                                                                                                                                                                                                                                                                                                                              ","M     ","CR",90.99]
[39264,"CABO MULTIPOLAR DE COBRE, FLEXIVEL, CLASSE 4 OU 5, ISOLACAO EM HEPR, COBERTURA EM PVC-ST2, ANTICHAMA BWF-B, 0,6/1 KV, 3 CONDUTORES DE 35 MM2                                                                                                                                                                                                                                                                                                                                                              ","M     ","CR",126.05]
[39259,"CABO MULTIPOLAR DE COBRE, FLEXIVEL, CLASSE 4 OU 5, ISOLACAO EM HEPR, COBERTURA EM PVC-ST2, ANTICHAMA BWF-B, 0,6/1 KV, 3 CONDUTORES DE 4 MM2                                                                                                                                                                                                                                                                                                                                                               ","M     ","CR",13.39]
[39265,"CABO MULTIPOLAR DE COBRE, FLEXIVEL, CLASSE 4 OU 5, ISOLACAO EM HEPR, COBERTURA EM PVC-ST2, ANTICHAMA BWF-B, 0,6/1 KV, 3 CONDUTORES DE 50 MM2                                                                                                                                                                                                                                                                                                                                                              ","M     ","CR",171.13]
[39260,"CABO MULTIPOLAR DE COBRE, FLEXIVEL, CLASSE 4 OU 5, ISOLACAO EM HEPR, COBERTURA EM PVC-ST2, ANTICHAMA BWF-B, 0,6/1 KV, 3 CONDUTORES DE 6 MM2                                                                                                                                                                                                                                                                                                                                                               ","M     ","CR",20.51]
[39266,"CABO MULTIPOLAR DE COBRE, FLEXIVEL, CLASSE 4 OU 5, ISOLACAO EM HEPR, COBERTURA EM PVC-ST2, ANTICHAMA BWF-B, 0,6/1 KV, 3 CONDUTORES DE 70 MM2                                                                                                                                                                                                                                                                                                                                                              ","M     ","CR",258.23]
[39267,"CABO MULTIPOLAR DE COBRE, FLEXIVEL, CLASSE 4 OU 5, ISOLACAO EM HEPR, COBERTURA EM PVC-ST2, ANTICHAMA BWF-B, 0,6/1 KV, 3 CONDUTORES DE 95 MM2                                                                                                                                                                                                                                                                                                                                                              ","M     ","CR",322.85000000000002]
[11901,"CABO TELEFONICO CCI 50, 1 PAR, USO INTERNO, SEM BLINDAGEM                                                                                                                                                                                                                                                                                                                                                                                                                                                 ","M     ","CR",0.62]
[11902,"CABO TELEFONICO CCI 50, 2 PARES, USO INTERNO, SEM BLINDAGEM                                                                                                                                                                                                                                                                                                                                                                                                                                               ","M     ","CR",1.2]
[11903,"CABO TELEFONICO CCI 50, 3 PARES, USO INTERNO, SEM BLINDAGEM                                                                                                                                                                                                                                                                                                                                                                                                                                               ","M     ","CR",1.27]
[11904,"CABO TELEFONICO CCI 50, 4 PARES, USO INTERNO, SEM BLINDAGEM                                                                                                                                                                                                                                                                                                                                                                                                                                               ","M     ","CR",1.92]
[11905,"CABO TELEFONICO CCI 50, 5 PARES, USO INTERNO, SEM BLINDAGEM                                                                                                                                                                                                                                                                                                                                                                                                                                               ","M     ","CR",2.35]
[11906,"CABO TELEFONICO CCI 50, 6 PARES, USO INTERNO, SEM BLINDAGEM                                                                                                                                                                                                                                                                                                                                                                                                                                               ","M     ","CR",2.99]
[11919,"CABO TELEFONICO CI 50, 10 PARES, USO INTERNO                                                                                                                                                                                                                                                                                                                                                                                                                                                              ","M     ","CR",5.47]
[11920,"CABO TELEFONICO CI 50, 20 PARES, USO INTERNO                                                                                                                                                                                                                                                                                                                                                                                                                                                              ","M     ","CR",10.4]
[11924,"CABO TELEFONICO CI 50, 200 PARES, USO INTERNO                                                                                                                                                                                                                                                                                                                                                                                                                                                             ","M     ","CR",87.32]
[11921,"CABO TELEFONICO CI 50, 30 PARES, USO INTERNO                                                                                                                                                                                                                                                                                                                                                                                                                                                              ","M     ","CR",15.22]
[11922,"CABO TELEFONICO CI 50, 50 PARES, USO INTERNO                                                                                                                                                                                                                                                                                                                                                                                                                                                              ","M     ","CR",24.61]
[11923,"CABO TELEFONICO CI 50, 75 PARES, USO INTERNO                                                                                                                                                                                                                                                                                                                                                                                                                                                              ","M     ","CR",36.03]
[11916,"CABO TELEFONICO CTP - APL - 50, 10 PARES, USO EXTERNO                                                                                                                                                                                                                                                                                                                                                                                                                                                     ","M     ","CR",7.49]
[11914,"CABO TELEFONICO CTP - APL - 50, 100 PARES, USO EXTERNO                                                                                                                                                                                                                                                                                                                                                                                                                                                    ","M     ","CR",53.97]
[11917,"CABO TELEFONICO CTP - APL - 50, 20 PARES, USO EXTERNO                                                                                                                                                                                                                                                                                                                                                                                                                                                     ","M     ","CR",13.19]
[11918,"CABO TELEFONICO CTP - APL - 50, 30 PARES, USO EXTERNO                                                                                                                                                                                                                                                                                                                                                                                                                                                     ","M     ","CR",15.65]
[37734,"CACAMBA METALICA BASCULANTE COM CAPACIDADE DE 10 M3 (INCLUI MONTAGEM, NAO INCLUI CAMINHAO)                                                                                                                                                                                                                                                                                                                                                                                                                ","UN    ","AS",80806.100000000006]
[42251,"CACAMBA METALICA BASCULANTE COM CAPACIDADE DE 12 M3 (INCLUI MONTAGEM, NAO INCLUI CAMINHAO)                                                                                                                                                                                                                                                                                                                                                                                                                ","UN    ","AS",91760.25]
[37733,"CACAMBA METALICA BASCULANTE COM CAPACIDADE DE 6 M3 (INCLUI MONTAGEM, NAO INCLUI CAMINHAO)                                                                                                                                                                                                                                                                                                                                                                                                                 ","UN    ","AS",60588.11]
[37735,"CACAMBA METALICA BASCULANTE COM CAPACIDADE DE 8 M3 (INCLUI MONTAGEM, NAO INCLUI CAMINHAO)                                                                                                                                                                                                                                                                                                                                                                                                                 ","UN    ","AS",73008.67]
[5090,"CADEADO SIMPLES, CORPO EM LATAO MACICO, COM LARGURA DE 25 MM E ALTURA DE APROX 25 MM, HASTE CEMENTADA (NAO LONGA), EM ACO TEMPERADO COM DIAMETRO DE APROX 5,0 MM, INCLUINDO 2 CHAVES                                                                                                                                                                                                                                                                                                                      ","UN    ","C ",21.9]
[5085,"CADEADO SIMPLES, CORPO EM LATAO MACICO, COM LARGURA DE 35 MM E ALTURA DE APROX 30 MM, HASTE CEMENTADA (NAO LONGA), EM ACO TEMPERADO COM DIAMETRO DE APROX 6,0 MM, INCLUINDO 2 CHAVES                                                                                                                                                                                                                                                                                                                      ","UN    ","CR",32.6]
[43603,"CADEADO SIMPLES, CORPO EM LATAO MACICO, COM LARGURA DE 50 MM E ALTURA DE APROX 40 MM, HASTE CEMENTADA EM ACO TEMPERADO COM DIAMETRO DE APROX 8,0 MM, INCLUINDO 2 CHAVES                                                                                                                                                                                                                                                                                                                                   ","UN    ","CR",46.58]
[38374,"CADEIRA SUSPENSA MANUAL / BALANCIM INDIVIDUAL (NBR 14751)                                                                                                                                                                                                                                                                                                                                                                                                                                                 ","UN    ","CR",1169.56]
[20212,"CAIBRO APARELHADO *6 X 8* CM, EM MACARANDUBA/MASSARANDUBA, ANGELIM OU EQUIVALENTE DA REGIAO                                                                                                                                                                                                                                                                                                                                                                                                               ","M     ","CR",23.15]
[20209,"CAIBRO APARELHADO *7,5 X 7,5* CM, EM MACARANDUBA/MASSARANDUBA, ANGELIM OU EQUIVALENTE DA REGIAO                                                                                                                                                                                                                                                                                                                                                                                                           ","M     ","CR",27.65]
[4430,"CAIBRO NAO APARELHADO *5 X 6* CM, EM MACARANDUBA/MASSARANDUBA, ANGELIM OU EQUIVALENTE DA REGIAO - BRUTA                                                                                                                                                                                                                                                                                                                                                                                                   ","M     ","C ",13.55]
[4433,"CAIBRO NAO APARELHADO *6 X 6* CM, EM MACARANDUBA/MASSARANDUBA, ANGELIM OU EQUIVALENTE DA REGIAO - BRUTA                                                                                                                                                                                                                                                                                                                                                                                                   ","M     ","CR",26.49]
[4400,"CAIBRO NAO APARELHADO, *6 X 8* CM, EM MACARANDUBA/MASSARANDUBA, ANGELIM OU EQUIVALENTE DA REGIAO - BRUTA                                                                                                                                                                                                                                                                                                                                                                                                  ","M     ","CR",21.56]
[2729,"CAIBRO ROLICO DE MADEIRA TRATADA, D = 4 A 7 CM, H = 3,00 M, EM EUCALIPTO OU EQUIVALENTE DA REGIAO                                                                                                                                                                                                                                                                                                                                                                                                         ","UN    ","CR",32.65]
[4513,"CAIBRO 5 X 5 CM EM PINUS, MISTA OU EQUIVALENTE DA REGIAO - BRUTA                                                                                                                                                                                                                                                                                                                                                                                                                                          ","M     ","CR",7.5]
[37106,"CAIXA D'AGUA / RESERVATORIO EM POLIESTER REFORCADO COM FIBRA DE VIDRO, 10000 LITROS, COM TAMPA                                                                                                                                                                                                                                                                                                                                                                                                            ","UN    ","CR",4121.07]
[11869,"CAIXA D'AGUA / RESERVATORIO EM POLIESTER REFORCADO COM FIBRA DE VIDRO, 1500 LITROS, COM TAMPA                                                                                                                                                                                                                                                                                                                                                                                                             ","UN    ","CR",824.21]
[43981,"CAIXA D'AGUA / RESERVATORIO EM POLIESTER REFORCADO COM FIBRA DE VIDRO, 15000 LITROS, COM TAMPA                                                                                                                                                                                                                                                                                                                                                                                                            ","UN    ","CR",6210.41]
[37104,"CAIXA D'AGUA / RESERVATORIO EM POLIESTER REFORCADO COM FIBRA DE VIDRO, 2000 LITROS, COM TAMPA                                                                                                                                                                                                                                                                                                                                                                                                             ","UN    ","CR",1034.4000000000001]
[43982,"CAIXA D'AGUA / RESERVATORIO EM POLIESTER REFORCADO COM FIBRA DE VIDRO, 20000 LITROS, COM TAMPA                                                                                                                                                                                                                                                                                                                                                                                                            ","UN    ","CR",9810.8799999999992]
[43978,"CAIXA D'AGUA / RESERVATORIO EM POLIESTER REFORCADO COM FIBRA DE VIDRO, 3000 LITROS, COM TAMPA                                                                                                                                                                                                                                                                                                                                                                                                             ","UN    ","CR",1532.96]
[11871,"CAIXA D'AGUA / RESERVATORIO EM POLIESTER REFORCADO COM FIBRA DE VIDRO, 500 LITROS, COM TAMPA                                                                                                                                                                                                                                                                                                                                                                                                              ","UN    ","CR",384.2]
[37105,"CAIXA D'AGUA / RESERVATORIO EM POLIESTER REFORCADO COM FIBRA DE VIDRO, 5000 LITROS, COM TAMPA                                                                                                                                                                                                                                                                                                                                                                                                             ","UN    ","CR",2364.0100000000002]
[43980,"CAIXA D'AGUA / RESERVATORIO EM POLIESTER REFORCADO COM FIBRA DE VIDRO, 7000 LITROS, COM TAMPA                                                                                                                                                                                                                                                                                                                                                                                                             ","UN    ","CR",2944.12]
[43979,"CAIXA D'AGUA / RESERVATORIO EM POLIESTER REFORCADO COM FIBRA DE VIDRO, 750 LITROS, COM TAMPA                                                                                                                                                                                                                                                                                                                                                                                                              ","UN    ","CR",553.16999999999996]
[11868,"CAIXA D'AGUA / RESERVATORIO EM POLIESTER REFORCADO COM FIBRA DE VIDRO,1000 LITROS, COM TAMPA                                                                                                                                                                                                                                                                                                                                                                                                              ","UN    ","CR",534.97]
[34636,"CAIXA D'AGUA / RESERVATORIO EM POLIETILENO, 1000 LITROS, COM TAMPA                                                                                                                                                                                                                                                                                                                                                                                                                                        ","UN    ","C ",379.9]
[34639,"CAIXA D'AGUA / RESERVATORIO EM POLIETILENO, 1500 LITROS, COM TAMPA                                                                                                                                                                                                                                                                                                                                                                                                                                        ","UN    ","CR",876.87]
[34640,"CAIXA D'AGUA / RESERVATORIO EM POLIETILENO, 2000 LITROS, COM TAMPA                                                                                                                                                                                                                                                                                                                                                                                                                                        ","UN    ","CR",994.68]
[43977,"CAIXA D'AGUA / RESERVATORIO EM POLIETILENO, 3000 LITROS, COM TAMPA                                                                                                                                                                                                                                                                                                                                                                                                                                        ","UN    ","CR",1714.76]
[34637,"CAIXA D'AGUA / RESERVATORIO EM POLIETILENO, 500 LITROS, COM TAMPA                                                                                                                                                                                                                                                                                                                                                                                                                                         ","UN    ","CR",229.74]
[34638,"CAIXA D'AGUA / RESERVATORIO EM POLIETILENO, 750 LITROS, COM TAMPA                                                                                                                                                                                                                                                                                                                                                                                                                                         ","UN    ","CR",355.37]
[34641,"CAIXA DE ATERRAMENTO EM CONCRETO PRE-MOLDADO, DIAMETRO DE 0,30 M E ALTURA DE 0,35 M, SEM FUNDO E COM TAMPA                                                                                                                                                                                                                                                                                                                                                                                                ","UN    ","CR",90.93]
[43434,"CAIXA DE CONCRETO ARMADO PRE-MOLDADO, COM FUNDO E SEM TAMPA, DIMENSOES DE 0,30 X 0,30 X 0,30 M                                                                                                                                                                                                                                                                                                                                                                                                            ","UN    ","CR",98.31]
[43435,"CAIXA DE CONCRETO ARMADO PRE-MOLDADO, COM FUNDO E SEM TAMPA, DIMENSOES DE 0,40 X 0,40 X 0,40 M                                                                                                                                                                                                                                                                                                                                                                                                            ","UN    ","CR",180.25]
[43436,"CAIXA DE CONCRETO ARMADO PRE-MOLDADO, COM FUNDO E SEM TAMPA, DIMENSOES DE 0,60 X 0,60 X 0,50 M                                                                                                                                                                                                                                                                                                                                                                                                            ","UN    ","CR",315.44]
[43437,"CAIXA DE CONCRETO ARMADO PRE-MOLDADO, COM FUNDO E SEM TAMPA, DIMENSOES DE 0,80 X 0,80 X 0,50 M                                                                                                                                                                                                                                                                                                                                                                                                            ","UN    ","CR",571.89]
[43438,"CAIXA DE CONCRETO ARMADO PRE-MOLDADO, COM FUNDO E SEM TAMPA, DIMENSOES DE 1,00 X 1,00 X 0,50 M                                                                                                                                                                                                                                                                                                                                                                                                            ","UN    ","CR",1024.1500000000001]
[41627,"CAIXA DE CONCRETO ARMADO PRE-MOLDADO, COM FUNDO E TAMPA, DIMENSOES DE 0,30 X 0,30 X 0,30 M                                                                                                                                                                                                                                                                                                                                                                                                                ","UN    ","CR",151.57]
[41628,"CAIXA DE CONCRETO ARMADO PRE-MOLDADO, COM FUNDO E TAMPA, DIMENSOES DE 0,40 X 0,40 X 0,40 M                                                                                                                                                                                                                                                                                                                                                                                                                ","UN    ","CR",278.57]
[41629,"CAIXA DE CONCRETO ARMADO PRE-MOLDADO, COM FUNDO E TAMPA, DIMENSOES DE 0,60 X 0,60 X 0,50 M                                                                                                                                                                                                                                                                                                                                                                                                                ","UN    ","CR",353.94]
[43429,"CAIXA DE CONCRETO ARMADO PRE-MOLDADO, SEM FUNDO, QUADRADA, DIMENSOES DE 0,30 X 0,30 X 0,30 M                                                                                                                                                                                                                                                                                                                                                                                                              ","UN    ","CR",78.42]
[43430,"CAIXA DE CONCRETO ARMADO PRE-MOLDADO, SEM FUNDO, QUADRADA, DIMENSOES DE 0,40 X 0,40 X 0,40 M                                                                                                                                                                                                                                                                                                                                                                                                              ","UN    ","CR",130.27000000000001]
[43431,"CAIXA DE CONCRETO ARMADO PRE-MOLDADO, SEM FUNDO, QUADRADA, DIMENSOES DE 0,60 X 0,60 X 0,50 M                                                                                                                                                                                                                                                                                                                                                                                                              ","UN    ","CR",252.35]
[43432,"CAIXA DE CONCRETO ARMADO PRE-MOLDADO, SEM FUNDO, QUADRADA, DIMENSOES DE 0,80 X 0,80 X 0,50 M                                                                                                                                                                                                                                                                                                                                                                                                              ","UN    ","CR",524.36]
[43433,"CAIXA DE CONCRETO ARMADO PRE-MOLDADO, SEM FUNDO, QUADRADA, DIMENSOES DE 1,00 X 1,00 X 0,50 M                                                                                                                                                                                                                                                                                                                                                                                                              ","UN    ","CR",826.7]
[43094,"CAIXA DE DERIVACAO PARA MEDIDOR DE ENERGIA, COM BARRAMENTO MONOFASICO, EM POLICARBONATO / TERMOPLASTICO - MODULO (PADRAO CONCESSIONARIA LOCAL)                                                                                                                                                                                                                                                                                                                                                            ","UN    ","CR",371.68]
[43093,"CAIXA DE DERIVACAO PARA MEDIDOR DE ENERGIA, COM BARRAMENTO POLIFASICO, EM POLICARBONATO / TERMOPLASTICO - MODULO (PADRAO CONCESSIONARIA LOCAL)                                                                                                                                                                                                                                                                                                                                                            ","UN    ","CR",394.99]
[11694,"CAIXA DE DESCARGA PLASTICA PARA BACIA / VASO SANITARIO DE EMBUTIR, COM ESPELHO ACIONADOR EM PLASTICO, CAPACIDADE 6 A 10 LITROS, (COMPLETA - ACESSORIOS INCLUSOS)                                                                                                                                                                                                                                                                                                                                          ","UN    ","CR",894.59]
[1030,"CAIXA DE DESCARGA PLASTICA PARA BACIA / VASO SANITARIO, EXTERNA, CAPACIDADE 9 LITROS, PUXADOR FIO DE NYLON, NAO INCLUSO CANO, BOLSA, ENGATE                                                                                                                                                                                                                                                                                                                                                               ","UN    ","C ",40.47]
[11881,"CAIXA DE GORDURA CILINDRICA EM CONCRETO SIMPLES, PRE-MOLDADA, COM DIAMETRO DE 40 CM E ALTURA DE 45 CM, COM TAMPA                                                                                                                                                                                                                                                                                                                                                                                          ","UN    ","CR",139.28]
[35277,"CAIXA DE GORDURA EM PVC, DIAMETRO MINIMO 300 MM, DIAMETRO DE SAIDA 100 MM, CAPACIDADE APROXIMADA 18 LITROS, COM TAMPA E CESTO                                                                                                                                                                                                                                                                                                                                                                             ","UN    ","CR",286.19]
[10521,"CAIXA DE INCENDIO/ABRIGO PARA MANGUEIRA, DE EMBUTIR/INTERNA, COM 75 X 45 X 17 CM, EM CHAPA DE ACO, PORTA COM VENTILACAO, VISOR COM A INSCRICAO \"INCENDIO\", SUPORTE/CESTA INTERNA PARA A MANGUEIRA, PINTURA ELETROSTATICA VERMELHA                                                                                                                                                                                                                                                                         ","UN    ","CR",451.02]
[10885,"CAIXA DE INCENDIO/ABRIGO PARA MANGUEIRA, DE EMBUTIR/INTERNA, COM 90 X 60 X 17 CM, EM CHAPA DE ACO, PORTA COM VENTILACAO, VISOR COM A INSCRICAO \"INCENDIO\", SUPORTE/CESTA INTERNA PARA A MANGUEIRA, PINTURA ELETROSTATICA VERMELHA                                                                                                                                                                                                                                                                         ","UN    ","CR",570.49]
[20962,"CAIXA DE INCENDIO/ABRIGO PARA MANGUEIRA, DE SOBREPOR/EXTERNA, COM 75 X 45 X 17 CM, EM CHAPA DE ACO, PORTA COM VENTILACAO, VISOR COM A INSCRICAO \"INCENDIO\", SUPORTE/CESTA INTERNA PARA A MANGUEIRA, PINTURA ELETROSTATICA VERMELHA                                                                                                                                                                                                                                                                        ","UN    ","C ",472.5]
[20963,"CAIXA DE INCENDIO/ABRIGO PARA MANGUEIRA, DE SOBREPOR/EXTERNA, COM 90 X 60 X 17 CM, EM CHAPA DE ACO, PORTA COM VENTILACAO, VISOR COM A INSCRICAO \"INCENDIO\", SUPORTE/CESTA INTERNA PARA A MANGUEIRA, PINTURA ELETROSTATICA VERMELHA                                                                                                                                                                                                                                                                        ","UN    ","CR",577.20000000000005]
[34643,"CAIXA DE INSPECAO PARA ATERRAMENTO E PARA RAIOS, EM POLIPROPILENO, DIAMETRO = 300 MM X ALTURA = 400 MM                                                                                                                                                                                                                                                                                                                                                                                                    ","UN    ","CR",32.96]
[41480,"CAIXA DE INSPECAO PARA ATERRAMENTO OU OUTRO USO, EM PVC, DN = 250 X 250 MM                                                                                                                                                                                                                                                                                                                                                                                                                                ","UN    ","CR",38.21]
[41474,"CAIXA DE INSPECAO PARA ATERRAMENTO OU OUTRO USO, EM PVC, DN = 300 X *300* MM                                                                                                                                                                                                                                                                                                                                                                                                                              ","UN    ","CR",61.04]
[41475,"CAIXA DE INSPECAO PARA ATERRAMENTO OU OUTRO USO, EM PVC, DN = 300 X 250 MM                                                                                                                                                                                                                                                                                                                                                                                                                                ","UN    ","CR",52.08]
[41476,"CAIXA DE INSPECAO PARA ATERRAMENTO OU OUTRO USO, EM PVC, DN = 300 X 600 MM                                                                                                                                                                                                                                                                                                                                                                                                                                ","UN    ","CR",114.05]
[2555,"CAIXA DE LUZ \"3 X 3\" EM ACO ESMALTADA                                                                                                                                                                                                                                                                                                                                                                                                                                                                     ","UN    ","CR",1.38]
[2556,"CAIXA DE LUZ \"4 X 2\" EM ACO ESMALTADA                                                                                                                                                                                                                                                                                                                                                                                                                                                                     ","UN    ","CR",1.43]
[2557,"CAIXA DE LUZ \"4 X 4\" EM ACO ESMALTADA                                                                                                                                                                                                                                                                                                                                                                                                                                                                     ","UN    ","CR",3.02]
[10569,"CAIXA DE PASSAGEM / DERIVACAO / LUZ, OCTOGONAL 4 X4, EM ACO ESMALTADA, COM FUNDO MOVEL SIMPLES (FMS)                                                                                                                                                                                                                                                                                                                                                                                                      ","UN    ","CR",3.02]
[39810,"CAIXA DE PASSAGEM ELETRICA DE PAREDE, DE EMBUTIR, EM PVC, COM TAMPA APARAFUSADA, DIMENSOES 120 X 120 X *75* MM                                                                                                                                                                                                                                                                                                                                                                                            ","UN    ","CR",50.16]
[39811,"CAIXA DE PASSAGEM ELETRICA DE PAREDE, DE EMBUTIR, EM PVC, COM TAMPA APARAFUSADA, DIMENSOES 150 X 150 X *75* MM                                                                                                                                                                                                                                                                                                                                                                                            ","UN    ","CR",61.35]
[39812,"CAIXA DE PASSAGEM ELETRICA DE PAREDE, DE EMBUTIR, EM PVC, COM TAMPA APARAFUSADA, DIMENSOES 200 X 200 X *90* MM                                                                                                                                                                                                                                                                                                                                                                                            ","UN    ","CR",100.88]
[43096,"CAIXA DE PASSAGEM ELETRICA DE PAREDE, DE EMBUTIR, EM TERMOPLASTICO / PVC, COM TAMPA APARAFUSADA, DIMENSOES 400 X 400 X *120* MM                                                                                                                                                                                                                                                                                                                                                                           ","UN    ","CR",334.4]
[43102,"CAIXA DE PASSAGEM ELETRICA DE PAREDE, DE SOBREPOR, EM PVC, COM TAMPA APARAFUSADA, DIMENSOES 300 X 300 X *100* MM                                                                                                                                                                                                                                                                                                                                                                                          ","UN    ","CR",203.33]
[43103,"CAIXA DE PASSAGEM ELETRICA DE PAREDE, DE SOBREPOR, EM PVC, COM TAMPA APARAFUSADA, DIMENSOES, 400 X 400 X *120* MM                                                                                                                                                                                                                                                                                                                                                                                         ","UN    ","CR",299.41000000000003]
[43098,"CAIXA DE PASSAGEM ELETRICA DE PAREDE, DE SOBREPOR, EM TERMOPLASTICO / PVC, COM TAMPA APARAFUSADA, DIMENSOES 200 X 200 X *100* MM                                                                                                                                                                                                                                                                                                                                                                          ","UN    ","CR",113.27]
[43097,"CAIXA DE PASSAGEM ELETRICA DE PAREDE, DE SOBREPOR, EM TERMOPLASTICO / PVC, COM TAMPA APARAFUSADA, DIMENSOES, 150 X 150 X *100* MM                                                                                                                                                                                                                                                                                                                                                                         ","UN    ","CR",67.11]
[43104,"CAIXA DE PASSAGEM ELETRICA, PARA PISO, EM PVC, DIMENSOES DE 3/4\" A 4\"                                                                                                                                                                                                                                                                                                                                                                                                                                     ","UN    ","CR",793.81]
[39771,"CAIXA DE PASSAGEM METALICA DE SOBREPOR COM TAMPA PARAFUSADA, DIMENSOES 20 X 20 X 10 CM                                                                                                                                                                                                                                                                                                                                                                                                                    ","UN    ","CR",29.05]
[39772,"CAIXA DE PASSAGEM METALICA DE SOBREPOR COM TAMPA PARAFUSADA, DIMENSOES 30 X 30 X 10 CM                                                                                                                                                                                                                                                                                                                                                                                                                    ","UN    ","CR",57.1]
[39773,"CAIXA DE PASSAGEM METALICA DE SOBREPOR COM TAMPA PARAFUSADA, DIMENSOES 40 X 40 X 15 CM                                                                                                                                                                                                                                                                                                                                                                                                                    ","UN    ","CR",91.78]
[39774,"CAIXA DE PASSAGEM METALICA DE SOBREPOR COM TAMPA PARAFUSADA, DIMENSOES 50 X 50 X 15 CM                                                                                                                                                                                                                                                                                                                                                                                                                    ","UN    ","CR",137.28]
[39775,"CAIXA DE PASSAGEM METALICA DE SOBREPOR COM TAMPA PARAFUSADA, DIMENSOES 60 X 60 X 20 CM                                                                                                                                                                                                                                                                                                                                                                                                                    ","UN    ","CR",183.21]
[39776,"CAIXA DE PASSAGEM METALICA DE SOBREPOR COM TAMPA PARAFUSADA, DIMENSOES 70 X 70 X 20 CM                                                                                                                                                                                                                                                                                                                                                                                                                    ","UN    ","CR",221.42]
[39777,"CAIXA DE PASSAGEM METALICA DE SOBREPOR COM TAMPA PARAFUSADA, DIMENSOES 80 X 80 X 20 CM                                                                                                                                                                                                                                                                                                                                                                                                                    ","UN    ","CR",280.64]
[20254,"CAIXA DE PASSAGEM METALICA, DE SOBREPOR, COM TAMPA APARAFUSADA, DIMENSOES 15 X 15 X *10* CM                                                                                                                                                                                                                                                                                                                                                                                                               ","UN    ","CR",20.37]
[20253,"CAIXA DE PASSAGEM METALICA, DE SOBREPOR, COM TAMPA APARAFUSADA, DIMENSOES 35 X 35 X *12* CM                                                                                                                                                                                                                                                                                                                                                                                                               ","UN    ","CR",66.89]
[14055,"CAIXA DE PASSAGEM/ LUZ / TELEFONIA, DE EMBUTIR, EM CHAPA DE ACO GALVANIZADO, DIMENSOES 120 X 120 X *12* CM (PADRAO CONCESSIONARIA LOCAL)                                                                                                                                                                                                                                                                                                                                                                  ","UN    ","CR",611.24]
[11247,"CAIXA DE PASSAGEM/ LUZ / TELEFONIA, DE EMBUTIR, EM CHAPA DE ACO GALVANIZADO, DIMENSOES 150 X 150 X 15 CM (PADRAO CONCESSIONARIA LOCAL)                                                                                                                                                                                                                                                                                                                                                                    ","UN    ","CR",1286.18]
[11250,"CAIXA DE PASSAGEM/ LUZ / TELEFONIA, DE EMBUTIR, EM CHAPA DE ACO GALVANIZADO, DIMENSOES 20 X 20 X *12* CM (PADRAO CONCESSIONARIA LOCAL)                                                                                                                                                                                                                                                                                                                                                                    ","UN    ","CR",55.37]
[11249,"CAIXA DE PASSAGEM/ LUZ / TELEFONIA, DE EMBUTIR, EM CHAPA DE ACO GALVANIZADO, DIMENSOES 200 X 200 X 20 CM (PADRAO CONCESSIONARIA LOCAL)                                                                                                                                                                                                                                                                                                                                                                    ","UN    ","CR",2512.36]
[11251,"CAIXA DE PASSAGEM/ LUZ / TELEFONIA, DE EMBUTIR, EM CHAPA DE ACO GALVANIZADO, DIMENSOES 40 X 40 X *12* CM (PADRAO CONCESSIONARIA LOCAL)                                                                                                                                                                                                                                                                                                                                                                    ","UN    ","CR",122.65]
[11253,"CAIXA DE PASSAGEM/ LUZ / TELEFONIA, DE EMBUTIR, EM CHAPA DE ACO GALVANIZADO, DIMENSOES 60 X 60 X *12* CM (PADRAO CONCESSIONARIA LOCAL)                                                                                                                                                                                                                                                                                                                                                                    ","UN    ","CR",203.24]
[11255,"CAIXA DE PASSAGEM/ LUZ / TELEFONIA, DE EMBUTIR, EM CHAPA DE ACO GALVANIZADO, DIMENSOES 80 X 80 X *12* CM (PADRAO CONCESSIONARIA LOCAL)                                                                                                                                                                                                                                                                                                                                                                    ","UN    ","CR",303.85000000000002]
[11256,"CAIXA DE PASSAGEM/ LUZ / TELEFONIA, DE SOBREPOR, EM CHAPA DE ACO GALVANIZADO, DIMENSOES 80 X 80 X *12* CM (PADRAO CONCESSIONARIA LOCAL)                                                                                                                                                                                                                                                                                                                                                                   ","UN    ","CR",380.6]
[1872,"CAIXA DE PASSAGEM, EM PVC, DE 4\" X 2\", PARA ELETRODUTO FLEXIVEL CORRUGADO                                                                                                                                                                                                                                                                                                                                                                                                                                 ","UN    ","CR",3.45]
[1873,"CAIXA DE PASSAGEM, EM PVC, DE 4\" X 4\", PARA ELETRODUTO FLEXIVEL CORRUGADO                                                                                                                                                                                                                                                                                                                                                                                                                                 ","UN    ","CR",6.86]
[39693,"CAIXA DE PROTECAO EXTERNA PARA MEDIDOR HOROSAZONAL, DE BAIXA TENSAO, COM MODULO, EM CHAPA DE ACO (PADRAO DA CONCESSIONARIA LOCAL)                                                                                                                                                                                                                                                                                                                                                                         ","UN    ","CR",2390.36]
[39692,"CAIXA DE PROTECAO PARA TRANSFORMADOR CORRENTE, EM CHAPA DE ACO 18 USG (PADRAO DA CONCESSIONARIA LOCAL)                                                                                                                                                                                                                                                                                                                                                                                                    ","UN    ","CR",764.86]
[1062,"CAIXA INTERNA/EXTERNA DE MEDICAO PARA 1 MEDIDOR TRIFASICO, COM VISOR, EM CHAPA DE ACO 18 USG (PADRAO DA CONCESSIONARIA LOCAL)                                                                                                                                                                                                                                                                                                                                                                             ","UN    ","CR",242.4]
[39686,"CAIXA INTERNA/EXTERNA DE MEDICAO PARA 4 MEDIDORES MONOFASICOS, COM VISOR, EM CHAPA DE ACO 18 USG (PADRAO DA CONCESSIONARIA LOCAL)                                                                                                                                                                                                                                                                                                                                                                         ","UN    ","CR",392.49]
[43095,"CAIXA MODULAR PARA MEDIDOR DE ENERGIA AGRUPADA, EM POLICARBONATO / TERMOPLASTICO, COM SUPORTE PARA DISJUNTOR (PADRAO DA CONCESSIONARIA LOCAL)                                                                                                                                                                                                                                                                                                                                                             ","UN    ","CR",220.35]
[1871,"CAIXA OCTOGONAL DE FUNDO MOVEL, EM PVC, DE 3\" X 3\", PARA ELETRODUTO FLEXIVEL CORRUGADO                                                                                                                                                                                                                                                                                                                                                                                                                    ","UN    ","CR",6.18]
[12001,"CAIXA OCTOGONAL DE FUNDO MOVEL, EM PVC, DE 4\" X 4\", PARA ELETRODUTO FLEXIVEL CORRUGADO                                                                                                                                                                                                                                                                                                                                                                                                                    ","UN    ","CR",8.93]
[11882,"CAIXA PARA HIDROMETRO CONCRETO PRE MOLDADO, *0,24 M X 0,45 M X 0,30* M (L X C X A)                                                                                                                                                                                                                                                                                                                                                                                                                        ","UN    ","CR",99.95]
[1068,"CAIXA PARA MEDICAO COLETIVA TIPO L, PADRAO BIFASICO OU TRIFASICO, PARA ATE 4 MEDIDORES, SEM BARRAMENTO E COM PORTAS INFERIOR E SUPERIOR                                                                                                                                                                                                                                                                                                                                                                   ","UN    ","CR",1598.87]
[39690,"CAIXA PARA MEDICAO COLETIVA TIPO M, PADRAO BIFASICO OU TRIFASICO, PARA ATE 8 MEDIDORES, SEM BARRAMENTO E COM PORTAS INFERIOR E SUPERIOR                                                                                                                                                                                                                                                                                                                                                                   ","UN    ","CR",2682.37]
[39691,"CAIXA PARA MEDICAO COLETIVA TIPO N, PADRAO BIFASICO OU TRIFASICO, PARA ATE 12 MEDIDORES, SEM BARRAMENTO E COM PORTAS INFERIOR E SUPERIOR                                                                                                                                                                                                                                                                                                                                                                  ","UN    ","CR",3373.67]
[39808,"CAIXA PARA MEDIDOR MONOFASICO, EM POLICARBONATO / TERMOPLASTICO, PARA ALOJAR 1 DISJUNTOR (PADRAO DA CONCESSIONARIA LOCAL)                                                                                                                                                                                                                                                                                                                                                                                 ","UN    ","CR",115.04]
[39809,"CAIXA PARA MEDIDOR POLIFASICO, EM POLICARBONATO / TERMOPLASTICO, PARA ALOJAR 1 DISJUNTOR (PADRAO DA CONCESSIONARIA LOCAL)                                                                                                                                                                                                                                                                                                                                                                                 ","UN    ","CR",272.86]
[43439,"CAIXA PRE-MOLDADA PARA BOCA DE LOBO, EM CONCRETO ARMADO, COM FCK DE 25 MPA, COM DIMENSOES 1,10 X 0,65 X 1,00 M (COMPRIMENTO X LARGURA X ALTURA)                                                                                                                                                                                                                                                                                                                                                           ","UN    ","CR",458.82]
[5103,"CAIXA SIFONADA PVC, 100 X 100 X 50 MM, COM GRELHA REDONDA, BRANCA                                                                                                                                                                                                                                                                                                                                                                                                                                         ","UN    ","CR",18.11]
[11880,"CAIXA SIFONADA PVC, 250 X 230 X 75 MM, COM TAMPA CEGA QUADRADA, BRANCA                                                                                                                                                                                                                                                                                                                                                                                                                                    ","UN    ","CR",76.2]
[11714,"CAIXA SIFONADA, PVC, 150 X *185* X 75 MM, COM GRELHA QUADRADA, BRANCA                                                                                                                                                                                                                                                                                                                                                                                                                                     ","UN    ","CR",51.91]
[11712,"CAIXA SIFONADA, PVC, 150 X 150 X 50 MM, COM GRELHA QUADRADA, BRANCA (NBR 5688)                                                                                                                                                                                                                                                                                                                                                                                                                            ","UN    ","C ",33.9]
[11717,"CAIXA SIFONADA, PVC, 150 X 150 X 50 MM, COM GRELHA REDONDA, BRANCA                                                                                                                                                                                                                                                                                                                                                                                                                                        ","UN    ","CR",40.86]
[1106,"CAL HIDRATADA CH-I PARA ARGAMASSAS                                                                                                                                                                                                                                                                                                                                                                                                                                                                        ","KG    ","C ",1.6]
[11161,"CAL HIDRATADA PARA PINTURA                                                                                                                                                                                                                                                                                                                                                                                                                                                                                ","KG    ","CR",2.67]
[1107,"CAL VIRGEM COMUM PARA ARGAMASSAS (NBR 6453)                                                                                                                                                                                                                                                                                                                                                                                                                                                               ","KG    ","CR",1.36]
[44479,"CALCARIO DOLOMITICO A (POSTO PEDREIRA/FORNECEDOR,  SEM FRETE)                                                                                                                                                                                                                                                                                                                                                                                                                                             ","KG    ","CR",0.15]
[4759,"CALCETEIRO / RASTELEIRO (HORISTA)                                                                                                                                                                                                                                                                                                                                                                                                                                                                         ","H     ","CR",20.99]
[41068,"CALCETEIRO / RASTELEIRO (MENSALISTA)                                                                                                                                                                                                                                                                                                                                                                                                                                                                      ","MES   ","CR",3671.32]
[12618,"CALHA / PERFIL PLUVIAL DE PVC, DIAMETRO ENTRE *119 E 170* MM, COMPRIMENTO DE 3 M, PARA DRENAGEM PLUVIAL PREDIAL                                                                                                                                                                                                                                                                                                                                                                                           ","UN    ","CR",147.1]
[1108,"CALHA MOLDURA AMERICANA DE CHAPA DE ACO GALVANIZADA NUM 26, CORTE 33 CM                                                                                                                                                                                                                                                                                                                                                                                                                                   ","M     ","CR",26.07]
[1117,"CALHA PARA AGUA FURTADA DE CHAPA DE ACO GALVANIZADA NUM 26, CORTE 40 CM                                                                                                                                                                                                                                                                                                                                                                                                                                   ","M     ","CR",26.28]
[1118,"CALHA PARA AGUA FURTADA DE CHAPA DE ACO GALVANIZADA NUM 26, CORTE 50 CM                                                                                                                                                                                                                                                                                                                                                                                                                                   ","M     ","CR",31.06]
[1110,"CALHA PLATIBANDA DE CHAPA DE ACO GALVANIZADA NUM 26, CORTE 45 CM                                                                                                                                                                                                                                                                                                                                                                                                                                          ","M     ","CR",31.06]
[40784,"CALHA QUADRADA DE CHAPA DE ACO GALVANIZADA NUM 24, CORTE 100 CM                                                                                                                                                                                                                                                                                                                                                                                                                                           ","M     ","CR",85.67]
[40782,"CALHA QUADRADA DE CHAPA DE ACO GALVANIZADA NUM 24, CORTE 33 CM                                                                                                                                                                                                                                                                                                                                                                                                                                            ","M     ","CR",33.619999999999997]
[40783,"CALHA QUADRADA DE CHAPA DE ACO GALVANIZADA NUM 24, CORTE 50 CM                                                                                                                                                                                                                                                                                                                                                                                                                                            ","M     ","CR",43.79]
[1109,"CALHA QUADRADA DE CHAPA DE ACO GALVANIZADA NUM 26, CORTE 33 CM                                                                                                                                                                                                                                                                                                                                                                                                                                            ","M     ","CR",26.07]
[1119,"CALHA QUADRADA DE CHAPA DE ACO GALVANIZADA NUM 28, CORTE 25 CM                                                                                                                                                                                                                                                                                                                                                                                                                                            ","M     ","CR",16.809999999999999]
[13115,"CALHA/CANALETA DE CONCRETO SIMPLES, TIPO MEIA CANA, DIAMETRO DE 20 CM, PARA AGUA PLUVIAL                                                                                                                                                                                                                                                                                                                                                                                                                  ","M     ","AS",25.13]
[10541,"CALHA/CANALETA DE CONCRETO SIMPLES, TIPO MEIA CANA, DIAMETRO DE 30 CM, PARA AGUA PLUVIAL                                                                                                                                                                                                                                                                                                                                                                                                                  ","M     ","AS",30.71]
[10542,"CALHA/CANALETA DE CONCRETO SIMPLES, TIPO MEIA CANA, DIAMETRO DE 40 CM, PARA AGUA PLUVIAL                                                                                                                                                                                                                                                                                                                                                                                                                  ","M     ","AS",40.159999999999997]
[10543,"CALHA/CANALETA DE CONCRETO SIMPLES, TIPO MEIA CANA, DIAMETRO DE 50 CM, PARA AGUA PLUVIAL                                                                                                                                                                                                                                                                                                                                                                                                                  ","M     ","AS",65.16]
[10544,"CALHA/CANALETA DE CONCRETO SIMPLES, TIPO MEIA CANA, DIAMETRO DE 60 CM, PARA AGUA PLUVIAL                                                                                                                                                                                                                                                                                                                                                                                                                  ","M     ","AS",84.28]
[10545,"CALHA/CANALETA DE CONCRETO SIMPLES, TIPO MEIA CANA, DIAMETRO DE 80 CM, PARA AGUA PLUVIAL                                                                                                                                                                                                                                                                                                                                                                                                                  ","M     ","AS",157.51]
[38365,"CAMADA SEPARADORA DE FILME DE POLIETILENO 20 A 25 MICRA                                                                                                                                                                                                                                                                                                                                                                                                                                                   ","M2    ","CR",2.13]
[44056,"CAMINHAO TOCO, PESO BRUTO TOTAL 10700 KG, CARGA UTIL MAXIMA 7400 KG, DISTANCIA ENTRE EIXOS 4,00 M, POTENCIA 175 CV (INCLUI CABINE E CHASSI, NAO INCLUI CARROCERIA)                                                                                                                                                                                                                                                                                                                                        ","UN    ","CR",487207.18]
[44057,"CAMINHAO TOCO, PESO BRUTO TOTAL 13200 KG, CARGA UTIL MAXIMA 9200 KG, DISTANCIA ENTRE EIXOS 3,31 M, POTENCIA 175 CV (INCLUI CABINE E CHASSI, NAO INCLUI CARROCERIA)                                                                                                                                                                                                                                                                                                                                        ","UN    ","C ",520000]
[37754,"CAMINHAO TOCO, PESO BRUTO TOTAL 14300 KG, CARGA UTIL MAXIMA 9480 KG, DISTANCIA ENTRE EIXOS 4,80 M, POTENCIA 185 CV (INCLUI CABINE E CHASSI, NAO INCLUI CARROCERIA)                                                                                                                                                                                                                                                                                                                                        ","UN    ","CR",537614.42000000004]
[37757,"CAMINHAO TOCO, PESO BRUTO TOTAL 16000 KG, CARGA UTIL MAXIMA 10600 KG, DISTANCIA ENTRE EIXOS 4,80 M, POTENCIA 277 CV (INCLUI CABINE E CHASSI, NAO INCLUI CARROCERIA)                                                                                                                                                                                                                                                                                                                                       ","UN    ","CR",599639.66]
[44058,"CAMINHAO TOCO, PESO BRUTO TOTAL 16000 KG, CARGA UTIL MAXIMA 10830 KG, DISTANCIA ENTRE EIXOS 3,56 M, POTENCIA 226 CV (INCLUI CABINE E CHASSI, NAO INCLUI CARROCERIA)                                                                                                                                                                                                                                                                                                                                       ","UN    ","CR",566846.85]
[37752,"CAMINHAO TOCO, PESO BRUTO TOTAL 16000 KG, CARGA UTIL MAXIMA 11030 KG, DISTANCIA ENTRE EIXOS 5,41 M, POTENCIA 185 CV (INCLUI CABINE E CHASSI, NAO INCLUI CARROCERIA)                                                                                                                                                                                                                                                                                                                                       ","UN    ","CR",590270.25]
[44059,"CAMINHAO TOCO, PESO BRUTO TOTAL 8500 KG, CARGA UTIL MAXIMA 5600 KG, DISTANCIA ENTRE EIXOS 3,40 M, POTENCIA 167 CV (INCLUI CABINE E CHASSI, NAO INCLUI CARROCERIA)                                                                                                                                                                                                                                                                                                                                         ","UN    ","CR",466594.59]
[37750,"CAMINHAO TOCO, PESO BRUTO TOTAL 9600 KG, CARGA UTIL MAXIMA 6190 KG, DISTANCIA ENTRE EIXOS 3,70 M, POTENCIA 156 CV (INCLUI CABINE E CHASSI, NAO INCLUI CARROCERIA)                                                                                                                                                                                                                                                                                                                                         ","UN    ","CR",467531.53]
[37758,"CAMINHAO TRUCADO, PESO BRUTO TOTAL 23000 KG, CARGA UTIL MAXIMA 15285 KG, DISTANCIA ENTRE EIXOS 4,80 M, POTENCIA 326 CV (INCLUI CABINE E CHASSI, NAO INCLUI CARROCERIA)                                                                                                                                                                                                                                                                                                                                    ","UN    ","CR",743927.91]
[44060,"CAMINHAO TRUCADO, PESO BRUTO TOTAL 23000 KG, CARGA UTIL MAXIMA 15460 KG, DISTANCIA ENTRE EIXOS 4,80 M, POTENCIA 286 CV (INCLUI CABINE E CHASSI, NAO INCLUI CARROCERIA)                                                                                                                                                                                                                                                                                                                                    ","UN    ","CR",719567.57]
[37749,"CAMINHAO TRUCADO, PESO BRUTO TOTAL 23000 KG, CARGA UTIL MAXIMA 16360 KG, CABINE ESTENDIDA, DISTANCIA ENTRE EIXOS 3,56 M, POTENCIA 277 CV (INCLUI CABINE E CHASSI, NAO INCLUI CARROCERIA)                                                                                                                                                                                                                                                                                                                  ","UN    ","CR",768288.3]
[44061,"CAMINHAO TRUCADO, PESO BRUTO TOTAL 23000 KG, CARGA UTIL MAXIMA 16540 KG, DISTANCIA ENTRE EIXOS 4,80 M, POTENCIA 256 CV (INCLUI CABINE E CHASSI, NAO INCLUI CARROCERIA)                                                                                                                                                                                                                                                                                                                                    ","UN    ","CR",705513.53]
[1159,"CAMINHONETE COM MOTOR A DIESEL, POTENCIA *160* CV, CABINE DUPLA, 4X4                                                                                                                                                                                                                                                                                                                                                                                                                                      ","UN    ","C ",264190]
[12114,"CAMPAINHA ALTA POTENCIA 110V / 220V, DIAMETRO 150 MM                                                                                                                                                                                                                                                                                                                                                                                                                                                      ","UN    ","CR",127.26]
[38106,"CAMPAINHA CIGARRA 127 V / 220 V (APENAS MODULO)                                                                                                                                                                                                                                                                                                                                                                                                                                                           ","UN    ","CR",17.29]
[38085,"CAMPAINHA CIGARRA 127 V / 220 V, CONJUNTO MONTADO PARA EMBUTIR 4\" X 2\" (PLACA + SUPORTE + MODULO)                                                                                                                                                                                                                                                                                                                                                                                                         ","UN    ","CR",20.43]
[38599,"CANALETA DE CONCRETO ESTRUTURAL 14 X 19 X 29 CM, FBK 14 MPA (NBR 6136)                                                                                                                                                                                                                                                                                                                                                                                                                                    ","UN    ","CR",5.67]
[38596,"CANALETA DE CONCRETO ESTRUTURAL 14 X 19 X 29 CM, FBK 4,5 MPA (NBR 6136)                                                                                                                                                                                                                                                                                                                                                                                                                                   ","UN    ","CR",4.71]
[38600,"CANALETA DE CONCRETO ESTRUTURAL 14 X 19 X 39 CM, FBK 14 MPA (NBR 6136)                                                                                                                                                                                                                                                                                                                                                                                                                                    ","UN    ","CR",6.02]
[38597,"CANALETA DE CONCRETO ESTRUTURAL 14 X 19 X 39 CM, FBK 4,5 MPA (NBR 6136)                                                                                                                                                                                                                                                                                                                                                                                                                                   ","UN    ","CR",4.74]
[659,"CANALETA DE CONCRETO 14 X 19 X 19 CM (CLASSE C - NBR 6136)                                                                                                                                                                                                                                                                                                                                                                                                                                                ","UN    ","CR",2.72]
[660,"CANALETA DE CONCRETO 19 X 19 X 19 CM (CLASSE C - NBR 6136)                                                                                                                                                                                                                                                                                                                                                                                                                                                ","UN    ","CR",3.27]
[658,"CANALETA DE CONCRETO 9 X 19 X 19 CM (CLASSE C - NBR 6136)                                                                                                                                                                                                                                                                                                                                                                                                                                                 ","UN    ","CR",1.84]
[38548,"CANALETA ESTRUTURAL CERAMICA DE 14 X 19 X 19 CM (L X A X C) E 6,0 MPA                                                                                                                                                                                                                                                                                                                                                                                                                                     ","UN    ","CR",1.58]
[34649,"CANALETA ESTRUTURAL CERAMICA DE 14 X 19 X 29 CM (L X A X C) E 6,0 MPA                                                                                                                                                                                                                                                                                                                                                                                                                                     ","UN    ","CR",2.14]
[34655,"CANALETA ESTRUTURAL CERAMICA DE 14 X 19 X 39 CM (L X A X C) E 6,0 MPA                                                                                                                                                                                                                                                                                                                                                                                                                                     ","UN    ","CR",2.84]
[40607,"CANOPLA ACABAMENTO CROMADO PARA INSTALACAO DE SPRINKLER, SOB FORRO, 15 MM                                                                                                                                                                                                                                                                                                                                                                                                                                 ","UN    ","AS",4.72]
[567,"CANTONEIRA (ABAS IGUAIS) EM ACO CARBONO, 25,4 MM X 3,17 MM (L X E), 1,27KG/M                                                                                                                                                                                                                                                                                                                                                                                                                              ","M     ","CR",11.2]
[574,"CANTONEIRA (ABAS IGUAIS) EM ACO CARBONO, 38,1 MM X 3,17 MM (L X E), 3,48 KG/M                                                                                                                                                                                                                                                                                                                                                                                                                             ","M     ","CR",29.44]
[568,"CANTONEIRA (ABAS IGUAIS) EM ACO CARBONO, 50,8 MM X 9,53 MM (L X E), 6,99 KG/M                                                                                                                                                                                                                                                                                                                                                                                                                             ","M     ","CR",62.03]
[4777,"CANTONEIRA ACO ABAS IGUAIS (QUALQUER BITOLA), ESPESSURA ENTRE 1/8\" E 1/4\"                                                                                                                                                                                                                                                                                                                                                                                                                                 ","KG    ","AS",8.02]
[592,"CANTONEIRA EM ALUMINIO, ABAS IGUAIS, LARGURA DE 25,40 MM (1\"), ESPESSURA DE 3,17 MM (1/8\") E PESO LINEAR DE APROXIMADAMENTE 0,408 KG/M                                                                                                                                                                                                                                                                                                                                                                    ","KG    ","AS",36.6]
[586,"CANTONEIRA EM ALUMINIO, ABAS IGUAIS, LARGURA DE 25,40 MM (1\"), ESPESSURA DE 4,76 MM (3/16\") E PESO LINEAR DE APROXIMADAMENTE 0,593 KG/M                                                                                                                                                                                                                                                                                                                                                                   ","M     ","AS",21.52]
[588,"CANTONEIRA EM ALUMINIO, ABAS IGUAIS, LARGURA DE 31,75 MM (1 1/4\"), ESPESSURA DE 4,76 MM (3/16\") E PESO LINEAR DE APROXIMADAMENTE 0,755 KG/M                                                                                                                                                                                                                                                                                                                                                               ","M     ","AS",34.03]
[591,"CANTONEIRA EM ALUMINIO, ABAS IGUAIS, LARGURA DE 38,10 MM (1 1/2\"), ESPESSURA DE 4,76 MM (3/16\") E PESO LINEAR DE APROXIMADAMENTE 0,915 KG/M                                                                                                                                                                                                                                                                                                                                                               ","KG    ","AS",34.15]
[584,"CANTONEIRA EM ALUMINIO, ABAS IGUAIS, LARGURA DE 50,80 MM (2\"), ESPESSURA DE 3,17 MM (1/8\") E PESO LINEAR DE APROXIMADAMENTE 0,842 KG/M                                                                                                                                                                                                                                                                                                                                                                    ","M     ","AS",36.35]
[589,"CANTONEIRA EM ALUMINIO, ABAS IGUAIS, LARGURA DE 50,80 MM (2\"), ESPESSURA DE 6,35 MM (1/4\") E PESO LINEAR DE APROXIMADAMENTE 1,630 KG/M                                                                                                                                                                                                                                                                                                                                                                    ","M     ","AS",57.53]
[1165,"CAP OU TAMPAO DE FERRO GALVANIZADO, COM ROSCA BSP, DE 1 1/2\"                                                                                                                                                                                                                                                                                                                                                                                                                                              ","UN    ","AS",21.42]
[1164,"CAP OU TAMPAO DE FERRO GALVANIZADO, COM ROSCA BSP, DE 1 1/4\"                                                                                                                                                                                                                                                                                                                                                                                                                                              ","UN    ","AS",17.350000000000001]
[1162,"CAP OU TAMPAO DE FERRO GALVANIZADO, COM ROSCA BSP, DE 1/2\"                                                                                                                                                                                                                                                                                                                                                                                                                                                ","UN    ","AS",6.03]
[12395,"CAP OU TAMPAO DE FERRO GALVANIZADO, COM ROSCA BSP, DE 1/4\"                                                                                                                                                                                                                                                                                                                                                                                                                                                ","UN    ","AS",5.86]
[1170,"CAP OU TAMPAO DE FERRO GALVANIZADO, COM ROSCA BSP, DE 1\"                                                                                                                                                                                                                                                                                                                                                                                                                                                  ","UN    ","AS",11.37]
[1169,"CAP OU TAMPAO DE FERRO GALVANIZADO, COM ROSCA BSP, DE 2 1/2\"                                                                                                                                                                                                                                                                                                                                                                                                                                              ","UN    ","AS",55.8]
[1166,"CAP OU TAMPAO DE FERRO GALVANIZADO, COM ROSCA BSP, DE 2\"                                                                                                                                                                                                                                                                                                                                                                                                                                                  ","UN    ","AS",30.94]
[1163,"CAP OU TAMPAO DE FERRO GALVANIZADO, COM ROSCA BSP, DE 3/4\"                                                                                                                                                                                                                                                                                                                                                                                                                                                ","UN    ","AS",7.8]
[12396,"CAP OU TAMPAO DE FERRO GALVANIZADO, COM ROSCA BSP, DE 3/8\"                                                                                                                                                                                                                                                                                                                                                                                                                                                ","UN    ","AS",5.86]
[1168,"CAP OU TAMPAO DE FERRO GALVANIZADO, COM ROSCA BSP, DE 3\"                                                                                                                                                                                                                                                                                                                                                                                                                                                  ","UN    ","AS",79.55]
[1167,"CAP OU TAMPAO DE FERRO GALVANIZADO, COM ROSCA BSP, DE 4\"                                                                                                                                                                                                                                                                                                                                                                                                                                                  ","UN    ","AS",133.06]
[36331,"CAP PPR DN 20 MM, PARA AGUA QUENTE PREDIAL                                                                                                                                                                                                                                                                                                                                                                                                                                                                ","UN    ","AS",2.38]
[36346,"CAP PPR DN 25 MM, PARA AGUA QUENTE PREDIAL                                                                                                                                                                                                                                                                                                                                                                                                                                                                ","UN    ","AS",3.56]
[1197,"CAP PVC, ROSCAVEL, 1/2\", PARA AGUA FRIA PREDIAL                                                                                                                                                                                                                                                                                                                                                                                                                                                           ","UN    ","CR",1.53]
[1202,"CAP PVC, ROSCAVEL, 1\", PARA AGUA FRIA PREDIAL                                                                                                                                                                                                                                                                                                                                                                                                                                                             ","UN    ","CR",4.34]
[1198,"CAP PVC, ROSCAVEL, 3/4\", PARA AGUA FRIA PREDIAL                                                                                                                                                                                                                                                                                                                                                                                                                                                           ","UN    ","CR",2.0099999999999998]
[20088,"CAP PVC, SERIE R, DN 100 MM, PARA ESGOTO PREDIAL                                                                                                                                                                                                                                                                                                                                                                                                                                                          ","UN    ","CR",11.32]
[20089,"CAP PVC, SERIE R, DN 150 MM, PARA ESGOTO PREDIAL                                                                                                                                                                                                                                                                                                                                                                                                                                                          ","UN    ","CR",55.48]
[20087,"CAP PVC, SERIE R, DN 75 MM, PARA ESGOTO PREDIAL                                                                                                                                                                                                                                                                                                                                                                                                                                                           ","UN    ","CR",9.36]
[1200,"CAP PVC, SOLDAVEL, DN 100 MM, SERIE NORMAL, PARA ESGOTO PREDIAL                                                                                                                                                                                                                                                                                                                                                                                                                                           ","UN    ","CR",8.5]
[12909,"CAP PVC, SOLDAVEL, DN 50 MM, SERIE NORMAL, PARA ESGOTO PREDIAL                                                                                                                                                                                                                                                                                                                                                                                                                                            ","UN    ","CR",3.94]
[12910,"CAP PVC, SOLDAVEL, DN 75 MM, SERIE NORMAL, PARA ESGOTO PREDIAL                                                                                                                                                                                                                                                                                                                                                                                                                                            ","UN    ","CR",7.09]
[1191,"CAP PVC, SOLDAVEL, 20 MM, PARA AGUA FRIA PREDIAL                                                                                                                                                                                                                                                                                                                                                                                                                                                          ","UN    ","CR",1.0900000000000001]
[1185,"CAP PVC, SOLDAVEL, 25 MM, PARA AGUA FRIA PREDIAL                                                                                                                                                                                                                                                                                                                                                                                                                                                          ","UN    ","CR",1.0900000000000001]
[1189,"CAP PVC, SOLDAVEL, 32 MM, PARA AGUA FRIA PREDIAL                                                                                                                                                                                                                                                                                                                                                                                                                                                          ","UN    ","CR",1.79]
[1193,"CAP PVC, SOLDAVEL, 40 MM, PARA AGUA FRIA PREDIAL                                                                                                                                                                                                                                                                                                                                                                                                                                                          ","UN    ","CR",3.43]
[1194,"CAP PVC, SOLDAVEL, 50 MM, PARA AGUA FRIA PREDIAL                                                                                                                                                                                                                                                                                                                                                                                                                                                          ","UN    ","CR",6.2]
[1195,"CAP PVC, SOLDAVEL, 60 MM, PARA AGUA FRIA PREDIAL                                                                                                                                                                                                                                                                                                                                                                                                                                                          ","UN    ","CR",10.44]
[1204,"CAP PVC, SOLDAVEL, 75 MM, PARA AGUA FRIA PREDIAL                                                                                                                                                                                                                                                                                                                                                                                                                                                          ","UN    ","CR",18.260000000000002]
[1207,"CAP, PVC PBA, JE, DN 100 / DE 110 MM, PARA REDE DE AGUA (NBR 10351)                                                                                                                                                                                                                                                                                                                                                                                                                                       ","UN    ","AS",29.61]
[1206,"CAP, PVC PBA, JE, DN 50 / DE 60 MM, PARA REDE DE AGUA (NBR 10351)                                                                                                                                                                                                                                                                                                                                                                                                                                         ","UN    ","AS",7.42]
[1183,"CAP, PVC PBA, JE, DN 75 / DE 85 MM, PARA REDE DE AGUA (NBR 10351)                                                                                                                                                                                                                                                                                                                                                                                                                                         ","UN    ","AS",19.329999999999998]
[42685,"CAP, PVC, JE, OCRE, DN 150 MM (CONEXAO PARA TUBO COLETOR DE ESGOTO)                                                                                                                                                                                                                                                                                                                                                                                                                                       ","UN    ","CR",57.5]
[42686,"CAP, PVC, JE, OCRE, DN 200 MM (CONEXAO PARA TUBO COLETOR DE ESGOTO)                                                                                                                                                                                                                                                                                                                                                                                                                                       ","UN    ","CR",63.33]
[12894,"CAPA PARA CHUVA EM PVC COM FORRO DE POLIESTER, COM CAPUZ (AMARELA OU AZUL)                                                                                                                                                                                                                                                                                                                                                                                                                                ","UN    ","CR",21.06]
[12895,"CAPACETE DE SEGURANCA ABA FRONTAL COM SUSPENSAO DE POLIETILENO, SEM JUGULAR (CLASSE B)                                                                                                                                                                                                                                                                                                                                                                                                                    ","UN    ","C ",16.2]
[1631,"CAPACITOR TRIFASICO, POTENCIA 2,5 KVAR, TENSAO 220 V, FORNECIDO COM CAPA PROTETORA, RESISTOR INTERNO A UNIDADE CAPACITIVA                                                                                                                                                                                                                                                                                                                                                                                 ","UN    ","AS",179.11]
[1633,"CAPACITOR TRIFASICO, POTENCIA 5 KVAR, TENSAO 220 V, FORNECIDO COM CAPA PROTETORA, RESISTOR INTERNO A UNIDADE CAPACITIVA                                                                                                                                                                                                                                                                                                                                                                                   ","UN    ","AS",304.33]
[10818,"CAPIM BRAQUIARIA DECUMBENS/ BRAQUIARINHA, VC *70*% MINIMO                                                                                                                                                                                                                                                                                                                                                                                                                                                 ","KG    ","CR",73.92]
[41410,"CAPTOR FRANKLIN (4 PONTAS), EM LATAO CROMADO, H = 300 MM, DUAS DESCIDAS                                                                                                                                                                                                                                                                                                                                                                                                                                   ","UN    ","AS",78.069999999999993]
[41411,"CAPTOR FRANKLIN (4 PONTAS), EM LATAO CROMADO, H = 300 MM, UMA DESCIDA                                                                                                                                                                                                                                                                                                                                                                                                                                     ","UN    ","AS",70.78]
[41412,"CAPTOR FRANKLIN (4 PONTAS), EM LATAO CROMADO, H = 350 MM, DUAS DESCIDAS                                                                                                                                                                                                                                                                                                                                                                                                                                   ","UN    ","AS",136.9]
[41413,"CAPTOR FRANKLIN (4 PONTAS), EM LATAO CROMADO, H=350 MM, UMA DESCIDA                                                                                                                                                                                                                                                                                                                                                                                                                                       ","UN    ","AS",123.19]
[39359,"CARENAGEM /TAMPA, EM PLASTICO, COR BRANCA, UTILIZADO EM KIT CHASSI METALICO PARA INSTAL. HIDRAULICA DE CUBA SIMPLES SEM MAQUINA DE LAVAR ROUPA, *355* X *670* MM (L X H) (COM FUROS E DEMAIS ENCAIXES)                                                                                                                                                                                                                                                                                                    ","UN    ","AS",36.9]
[39360,"CARENAGEM /TAMPA, EM PLASTICO, COR BRANCA, UTILIZADO EM KIT CHASSI METALICO PARA INSTAL. HIDRAULICA DE TANQUE COM MAQUINA DE LAVAR ROUPA, *360* X *470* MM (L X H) (COM FUROS E DEMAIS ENCAIXES)                                                                                                                                                                                                                                                                                                          ","UN    ","AS",36.9]
[10710,"CARPETE DE NYLON EM MANTA PARA TRAFEGO COMERCIAL PESADO, E = 6 A 7 MM (INSTALADO)                                                                                                                                                                                                                                                                                                                                                                                                                         ","M2    ","AS",165.02]
[10709,"CARPETE DE NYLON EM MANTA PARA TRAFEGO COMERCIAL PESADO, E = 9 A 10 MM (INSTALADO)                                                                                                                                                                                                                                                                                                                                                                                                                        ","M2    ","AS",202.73]
[39636,"CARPETE DE NYLON EM PLACAS 50 X 50 CM PARA TRAFEGO COMERCIAL PESADO, E = 6,5 MM (INSTALADO)                                                                                                                                                                                                                                                                                                                                                                                                               ","M2    ","AS",207.02]
[10708,"CARPETE DE POLIESTER EM MANTA PARA TRAFEGO COMERCIAL PESADO, E = 4 A 5 MM (INSTALADO)                                                                                                                                                                                                                                                                                                                                                                                                                     ","M2    ","AS",63.88]
[39635,"CARPETE DE POLIPROPILENO EM MANTA PARA TRAFEGO COMERCIAL MEDIO, E = 5 A 6 MM (INSTALADO)                                                                                                                                                                                                                                                                                                                                                                                                                  ","M2    ","AS",108.76]
[6117,"CARPINTEIRO AUXILIAR (HORISTA)                                                                                                                                                                                                                                                                                                                                                                                                                                                                            ","H     ","CR",16.75]
[40913,"CARPINTEIRO AUXILIAR (MENSALISTA)                                                                                                                                                                                                                                                                                                                                                                                                                                                                         ","MES   ","CR",2929.3]
[1214,"CARPINTEIRO DE ESQUADRIAS (HORISTA)                                                                                                                                                                                                                                                                                                                                                                                                                                                                       ","H     ","CR",19.98]
[40915,"CARPINTEIRO DE ESQUADRIAS (MENSALISTA)                                                                                                                                                                                                                                                                                                                                                                                                                                                                    ","MES   ","CR",3495.54]
[40914,"CARPINTEIRO DE FORMAS OU OFICIAL (MENSALISTA)                                                                                                                                                                                                                                                                                                                                                                                                                                                             ","MES   ","CR",3668.94]
[1213,"CARPINTEIRO DE FORMAS PARA CONCRETO (HORISTA)                                                                                                                                                                                                                                                                                                                                                                                                                                                             ","H     ","C ",20.99]
[5091,"CARRANCA PARA JANELA VENEZIANA DE ABRIR, EM LATAO CROMADO, SIMPLES, PARA APARAFUSAR NA PAREDE                                                                                                                                                                                                                                                                                                                                                                                                             ","UN    ","CR",21.38]
[14615,"CARRINHO COM 2 PNEUS PARA TRANSPORTAR TUBO CONCRETO, ALTURA ATE 1,0 M E DIAMETRO ATE 1000MM, COM ESTRUTURA EM PERFIL OU TUBO METALICO                                                                                                                                                                                                                                                                                                                                                                     ","UN    ","CR",4222.29]
[2711,"CARRINHO DE MAO DE ACO CAPACIDADE 50 A 60 L, PNEU COM CAMARA                                                                                                                                                                                                                                                                                                                                                                                                                                              ","UN    ","C ",190]
[37727,"CARROCERIA FIXA ABERTA DE MADEIRA PARA TRANSPORTE GERAL DE CARGA SECA DIMENSOES APROXIMADAS 2,25 X 4,10 X 0,50 M (INCLUI MONTAGEM, NAO INCLUI CAMINHAO)                                                                                                                                                                                                                                                                                                                                                   ","UN    ","AS",18835]
[37728,"CARROCERIA FIXA ABERTA DE MADEIRA PARA TRANSPORTE GERAL DE CARGA SECA DIMENSOES APROXIMADAS 2,5 X 5,5 X 0,50 M (INCLUI MONTAGEM, NAO INCLUI CAMINHAO)                                                                                                                                                                                                                                                                                                                                                     ","UN    ","AS",25552.37]
[37729,"CARROCERIA FIXA ABERTA DE MADEIRA PARA TRANSPORTE GERAL DE CARGA SECA DIMENSOES APROXIMADAS 2,5 X 6,00 X 0,50 M (INCLUI MONTAGEM, NAO INCLUI CAMINHAO)                                                                                                                                                                                                                                                                                                                                                    ","UN    ","AS",27659.79]
[37730,"CARROCERIA FIXA ABERTA DE MADEIRA PARA TRANSPORTE GERAL DE CARGA SECA DIMENSOES APROXIMADAS 2,5 X 6,5 X 0,50 M (INCLUI MONTAGEM, NAO INCLUI CAMINHAO)                                                                                                                                                                                                                                                                                                                                                     ","UN    ","AS",29767.200000000001]
[37731,"CARROCERIA FIXA ABERTA DE MADEIRA PARA TRANSPORTE GERAL DE CARGA SECA DIMENSOES APROXIMADAS 2,5 X 7,00 X 0,50 M (INCLUI MONTAGEM, NAO INCLUI CAMINHAO)                                                                                                                                                                                                                                                                                                                                                    ","UN    ","AS",31874.61]
[37732,"CARROCERIA FIXA ABERTA DE MADEIRA PARA TRANSPORTE GERAL DE CARGA SECA DIMENSOES APROXIMADAS 2,5 X 7,5 X 0,50 M (INCLUI MONTAGEM, NAO INCLUI CAMINHAO)                                                                                                                                                                                                                                                                                                                                                     ","UN    ","AS",36352.86]
[36496,"CAVALETE PARA TALHA COM ESTRUTURA EM TUBO METALICO ALTURA MINIMA 3,2 M EQUIPADO COM RODAS DE BORRACHA PARA MOVIMENTACAO DE TUBOS DE CONCRETO NA CENTRAL DE PREMOLDADOS COM CAPACIDADE DE CARGA DE 3 TONELADAS                                                                                                                                                                                                                                                                                             ","UN    ","CR",10720.33]
[10630,"CAVALO MECANICO TRACAO 4X2, PESO BRUTO TOTAL COMBINADO 49000 KG, CAPACIDADE MAXIMA DE TRACAO *66000* KG, POTENCIA *360* CV (INCLUI CABINE E CHASSI, NAO INCLUI SEMIRREBOQUE)                                                                                                                                                                                                                                                                                                                              ","UN    ","CR",871498.8]
[37762,"CAVALO MECANICO TRACAO 4X2, PESO BRUTO TOTAL 16000 KG, CAPACIDADE MAXIMA DE TRACAO *36000* KG, DISTANCIA ENTRE EIXOS *3,56* M, POTENCIA *286* CV (INCLUI CABINE E CHASSI, NAO INCLUI SEMIRREBOQUE)                                                                                                                                                                                                                                                                                                        ","UN    ","CR",747431.41]
[37763,"CAVALO MECANICO TRACAO 4X2, PESO BRUTO TOTAL 16000 KG, CAPACIDADE MAXIMA DE TRACAO *45000* KG, DISTANCIA ENTRE EIXOS *3,56* M, POTENCIA *330* CV (INCLUI CABINE E CHASSI, NAO INCLUI SEMIRREBOQUE)                                                                                                                                                                                                                                                                                                        ","UN    ","CR",756509.4]
[41992,"CAVALO MECANICO TRACAO 4X2, PESO BRUTO TOTAL 16000 KG, CAPACIDADE MAXIMA DE TRACAO *80000* KG, POTENCIA *380* CV (INCLUI CABINE E CHASSI, NAO INCLUI SEMIRREBOQUE)                                                                                                                                                                                                                                                                                                                                        ","UN    ","C ",860000]
[13215,"CAVALO MECANICO TRACAO 6X2, PESO BRUTO TOTAL COMBINADO 56000 KG, CAPACIDADE MAXIMA DE TRACAO *66000* KG, POTENCIA *360* CV (INCLUI CABINE E CHASSI, NAO INCLUI SEMIRREBOQUE)                                                                                                                                                                                                                                                                                                                              ","UN    ","CR",1054574.1399999999]
[4235,"CAVOUQUEIRO OU OPERADOR DE PERFURATRIZ / ROMPEDOR (HORISTA)                                                                                                                                                                                                                                                                                                                                                                                                                                               ","H     ","CR",17.46]
[40976,"CAVOUQUEIRO OU OPERADOR DE PERFURATRIZ / ROMPEDOR (MENSALISTA)                                                                                                                                                                                                                                                                                                                                                                                                                                            ","MES   ","CR",3054.37]
[43091,"CENTRO DE MEDICAO AGRUPADA, EM POLICARBONATO / PVC, COM 12 MEDIDORES E PROTECAO GERAL (INCLUI BARRAMENTO, DISJUNTORES E ACESSORIOS DE FIXACAO) (PADRAO CONCESSIONARIA LOCAL)                                                                                                                                                                                                                                                                                                                              ","UN    ","CR",9203.68]
[43092,"CENTRO DE MEDICAO AGRUPADA, EM POLICARBONATO / PVC, COM 16 MEDIDORES E PROTECAO GERAL (INCLUI BARRAMENTO, DISJUNTORES E ACESSORIOS DE FIXACAO) (PADRAO CONCESSIONARIA LOCAL)                                                                                                                                                                                                                                                                                                                              ","UN    ","CR",12271.58]
[43089,"CENTRO DE MEDICAO AGRUPADA, EM POLICARBONATO / PVC, COM 4 MEDIDORES E PROTECAO GERAL (INCLUI BARRAMENTO, DISJUNTORES E ACESSORIOS DE FIXACAO) (PADRAO CONCESSIONARIA LOCAL)                                                                                                                                                                                                                                                                                                                               ","UN    ","CR",2138.67]
[43090,"CENTRO DE MEDICAO AGRUPADA, EM POLICARBONATO / PVC, COM 8 MEDIDORES E PROTECAO GERAL (INCLUI BARRAMENTO, DISJUNTORES E ACESSORIOS DE FIXACAO) (PADRAO CONCESSIONARIA LOCAL)                                                                                                                                                                                                                                                                                                                               ","UN    ","CR",4719.84]
[41967,"CERA LIQUIDA INCOLOR MULTIPISO                                                                                                                                                                                                                                                                                                                                                                                                                                                                            ","L     ","CR",27.12]
[12760,"CHAPA ACO INOX AISI 304 NUMERO 4 (E = 6 MM), ACABAMENTO NUMERO 1 (LAMINADO A QUENTE, FOSCO)                                                                                                                                                                                                                                                                                                                                                                                                               ","M2    ","CR",1447.35]
[12759,"CHAPA ACO INOX AISI 304 NUMERO 9 (E = 4 MM), ACABAMENTO NUMERO 1 (LAMINADO A QUENTE, FOSCO)                                                                                                                                                                                                                                                                                                                                                                                                               ","M2    ","CR",964.88]
[43105,"CHAPA DE ACO CARBONO GALVANIZADA, PERFURADA (GRADE FUROS) E = 1,5 MM, DIAMETRO DO FURO = 9,52 MM (FUROS ALTERNADOS HORIZ.)                                                                                                                                                                                                                                                                                                                                                                                ","KG    ","CR",33.909999999999997]
[40424,"CHAPA DE ACO CARBONO LAMINADO A QUENTE, QUALIDADE ESTRUTURAL, BITOLA 3/16\", E =4,75 MM (37,29 KG/M2)                                                                                                                                                                                                                                                                                                                                                                                                      ","KG    ","CR",8.61]
[1325,"CHAPA DE ACO FINA A FRIO BITOLA MSG 20, E = 0,90 MM (7,20 KG/M2)                                                                                                                                                                                                                                                                                                                                                                                                                                          ","KG    ","CR",9.43]
[1327,"CHAPA DE ACO FINA A FRIO BITOLA MSG 24, E = 0,60 MM (4,80 KG/M2)                                                                                                                                                                                                                                                                                                                                                                                                                                          ","KG    ","CR",10.050000000000001]
[1328,"CHAPA DE ACO FINA A FRIO BITOLA MSG 26, E = 0,45 MM (3,60 KG/M2)                                                                                                                                                                                                                                                                                                                                                                                                                                          ","KG    ","CR",9.4600000000000009]
[1321,"CHAPA DE ACO FINA A QUENTE BITOLA MSG 13, E = 2,25 MM (18,00 KG/M2)                                                                                                                                                                                                                                                                                                                                                                                                                                       ","KG    ","CR",8.76]
[1318,"CHAPA DE ACO FINA A QUENTE BITOLA MSG 14, E = 2,00 MM (16,0 KG/M2)                                                                                                                                                                                                                                                                                                                                                                                                                                        ","KG    ","CR",8.76]
[1322,"CHAPA DE ACO FINA A QUENTE BITOLA MSG 16, E = 1,50 MM (12,00 KG/M2)                                                                                                                                                                                                                                                                                                                                                                                                                                       ","KG    ","CR",9.26]
[1323,"CHAPA DE ACO FINA A QUENTE BITOLA MSG 18, E = 1,20 MM (9,60 KG/M2)                                                                                                                                                                                                                                                                                                                                                                                                                                        ","KG    ","CR",9.26]
[1319,"CHAPA DE ACO FINA A QUENTE BITOLA MSG 3/16 \", E = 4,75 MM (38,00 KG/M2)                                                                                                                                                                                                                                                                                                                                                                                                                                   ","KG    ","CR",7.8]
[11026,"CHAPA DE ACO GALVANIZADA BITOLA GSG 14, E = 1,95 MM (15,60 KG/M2)                                                                                                                                                                                                                                                                                                                                                                                                                                         ","KG    ","CR",10.73]
[11027,"CHAPA DE ACO GALVANIZADA BITOLA GSG 16, E = 1,55 MM (12,40 KG/M2)                                                                                                                                                                                                                                                                                                                                                                                                                                         ","KG    ","CR",11.17]
[11046,"CHAPA DE ACO GALVANIZADA BITOLA GSG 18, E = 1,25 MM (10,00 KG/M2)                                                                                                                                                                                                                                                                                                                                                                                                                                         ","KG    ","CR",10.7]
[11047,"CHAPA DE ACO GALVANIZADA BITOLA GSG 19, E = 1,11 MM (8,88 KG/M2)                                                                                                                                                                                                                                                                                                                                                                                                                                          ","KG    ","CR",11.66]
[43668,"CHAPA DE ACO GALVANIZADA BITOLA GSG 20, E = 0,95 MM (7,60 KG/M2)                                                                                                                                                                                                                                                                                                                                                                                                                                          ","KG    ","CR",10.29]
[11049,"CHAPA DE ACO GALVANIZADA BITOLA GSG 22, E = 0,80 MM (6,40 KG/M2)                                                                                                                                                                                                                                                                                                                                                                                                                                          ","KG    ","C ",11.15]
[43106,"CHAPA DE ACO GALVANIZADA BITOLA GSG 24, E = 0,64 (5,12 KG/M2)                                                                                                                                                                                                                                                                                                                                                                                                                                             ","KG    ","CR",11.22]
[11051,"CHAPA DE ACO GALVANIZADA BITOLA GSG 26, E = 0,50 MM (4,00 KG/M2)                                                                                                                                                                                                                                                                                                                                                                                                                                          ","KG    ","CR",11.7]
[11061,"CHAPA DE ACO GALVANIZADA BITOLA GSG 30, E = 0,35 MM (2,80 KG/M2)                                                                                                                                                                                                                                                                                                                                                                                                                                          ","KG    ","CR",14.04]
[1333,"CHAPA DE ACO GROSSA, ASTM A36, E = 1/2\" (12,70 MM) 99,59 KG/M2                                                                                                                                                                                                                                                                                                                                                                                                                                            ","KG    ","CR",8.5]
[1330,"CHAPA DE ACO GROSSA, ASTM A36, E = 1/4\" (6,35 MM) 49,79 KG/M2                                                                                                                                                                                                                                                                                                                                                                                                                                             ","KG    ","CR",8.42]
[43667,"CHAPA DE ACO GROSSA, ASTM A36, E = 1\" (25,40 MM) 199,18 KG/M2                                                                                                                                                                                                                                                                                                                                                                                                                                             ","KG    ","CR",10.210000000000001]
[10957,"CHAPA DE ACO GROSSA, ASTM A36, E = 3/4\" (19,05 MM) 149,39 KG/M2                                                                                                                                                                                                                                                                                                                                                                                                                                           ","KG    ","CR",9.7100000000000009]
[1332,"CHAPA DE ACO GROSSA, ASTM A36, E = 3/8\" (9,53 MM) 74,69 KG/M2                                                                                                                                                                                                                                                                                                                                                                                                                                             ","KG    ","CR",8.64]
[1334,"CHAPA DE ACO GROSSA, ASTM A36, E = 5/8\" (15,88 MM) 124,49 KG/M2                                                                                                                                                                                                                                                                                                                                                                                                                                           ","KG    ","CR",9.58]
[1335,"CHAPA DE ACO GROSSA, ASTM A36, E = 7/8\" (22,23 MM) 174,28 KG/M2                                                                                                                                                                                                                                                                                                                                                                                                                                           ","KG    ","CR",9.89]
[40425,"CHAPA DE ACO GROSSA, SAE 1020, BITOLA 1/4\", E = 6,35 MM (49,85 KG/M2)                                                                                                                                                                                                                                                                                                                                                                                                                                     ","KG    ","CR",8.4700000000000006]
[1337,"CHAPA DE ACO XADREZ PARA PISOS, E = 1/4\" (6,30 MM) 54,53 KG/M2                                                                                                                                                                                                                                                                                                                                                                                                                                            ","KG    ","CR",9.7100000000000009]
[1338,"CHAPA DE LAMINADO MELAMINICO, LISO BRILHANTE, DE 1,25 X 3,08 METROS, ESPESSURA = 0,8 MILIMETROS                                                                                                                                                                                                                                                                                                                                                                                                           ","M2    ","C ",40.15]
[1340,"CHAPA DE LAMINADO MELAMINICO, LISO FOSCO, DE 1,25 X 3,08 METROS, ESPESSURA = 0,8 MILIMETROS                                                                                                                                                                                                                                                                                                                                                                                                               ","M2    ","CR",46.42]
[1341,"CHAPA DE LAMINADO MELAMINICO, TEXTURIZADO, DE 1,25 X 3,08 METROS, ESPESSURA = 0,8 MILIMETROS                                                                                                                                                                                                                                                                                                                                                                                                              ","M2    ","CR",44.71]
[34659,"CHAPA DE MDF BRANCO LISO 1 FACE, E = 12 MM, DE *2,75 X 1,85* M                                                                                                                                                                                                                                                                                                                                                                                                                                            ","M2    ","CR",41.32]
[34514,"CHAPA DE MDF BRANCO LISO 1 FACE, E = 15 MM, DE *2,75 X 1,85* M                                                                                                                                                                                                                                                                                                                                                                                                                                            ","M2    ","C ",45.77]
[34660,"CHAPA DE MDF BRANCO LISO 1 FACE, E = 18 MM, DE *2,75 X 1,85* M                                                                                                                                                                                                                                                                                                                                                                                                                                            ","M2    ","CR",58.08]
[34661,"CHAPA DE MDF BRANCO LISO 1 FACE, E = 25 MM, DE *2,75 X 1,85* M                                                                                                                                                                                                                                                                                                                                                                                                                                            ","M2    ","CR",83.43]
[34667,"CHAPA DE MDF BRANCO LISO 1 FACE, E = 6 MM, DE *2,75 X 1,85* M                                                                                                                                                                                                                                                                                                                                                                                                                                             ","M2    ","CR",30.21]
[34668,"CHAPA DE MDF BRANCO LISO 1 FACE, E = 9 MM, DE *2,75 X 1,85* M                                                                                                                                                                                                                                                                                                                                                                                                                                             ","M2    ","CR",39.479999999999997]
[34741,"CHAPA DE MDF BRANCO LISO 2 FACES, E = 12 MM, DE *2,75 X 1,85* M                                                                                                                                                                                                                                                                                                                                                                                                                                           ","M2    ","CR",43.44]
[34664,"CHAPA DE MDF BRANCO LISO 2 FACES, E = 15 MM, DE *2,75 X 1,85* M                                                                                                                                                                                                                                                                                                                                                                                                                                           ","M2    ","CR",47.4]
[34665,"CHAPA DE MDF BRANCO LISO 2 FACES, E = 18 MM, DE *2,75 X 1,85* M                                                                                                                                                                                                                                                                                                                                                                                                                                           ","M2    ","CR",58.84]
[34666,"CHAPA DE MDF BRANCO LISO 2 FACES, E = 25 MM, DE *2,75 X 1,85* M                                                                                                                                                                                                                                                                                                                                                                                                                                           ","M2    ","CR",88.88]
[34669,"CHAPA DE MDF BRANCO LISO 2 FACES, E = 6 MM, DE *2,75 X 1,85* M                                                                                                                                                                                                                                                                                                                                                                                                                                            ","M2    ","CR",32.590000000000003]
[34670,"CHAPA DE MDF BRANCO LISO 2 FACES, E = 9 MM, DE *2,75 X 1,85* M                                                                                                                                                                                                                                                                                                                                                                                                                                            ","M2    ","CR",39.86]
[34671,"CHAPA DE MDF CRU, E = 12 MM, DE *2,75 X 1,85* M                                                                                                                                                                                                                                                                                                                                                                                                                                                           ","M2    ","CR",33.270000000000003]
[34672,"CHAPA DE MDF CRU, E = 15 MM, DE *2,75 X 1,85* M                                                                                                                                                                                                                                                                                                                                                                                                                                                           ","M2    ","CR",35.08]
[34673,"CHAPA DE MDF CRU, E = 18 MM, DE *2,75 X 1,85* M                                                                                                                                                                                                                                                                                                                                                                                                                                                           ","M2    ","CR",42.81]
[34674,"CHAPA DE MDF CRU, E = 20 MM, DE *2,75 X 1,85* M                                                                                                                                                                                                                                                                                                                                                                                                                                                           ","M2    ","CR",56.92]
[34675,"CHAPA DE MDF CRU, E = 25 MM, DE *2,75 X 1,85* M                                                                                                                                                                                                                                                                                                                                                                                                                                                           ","M2    ","CR",69.39]
[34676,"CHAPA DE MDF CRU, E = 6 MM, DE *2,75 X 1,85* M                                                                                                                                                                                                                                                                                                                                                                                                                                                            ","M2    ","CR",19.98]
[34677,"CHAPA DE MDF CRU, E = 9 MM, DE *2,75 X 1,85* M                                                                                                                                                                                                                                                                                                                                                                                                                                                            ","M2    ","CR",26.86]
[43126,"CHAPA EM ACO GALVANIZADO PARA STEEL DECK, COM NERVURAS TRAPEZOIDAIS, LARGURA UTIL DE 915 MM E ESPESSURA DE 0,80 MM                                                                                                                                                                                                                                                                                                                                                                                        ","M2    ","AS",99.4]
[43124,"CHAPA EM ACO GALVANIZADO PARA STEEL DECK, COM NERVURAS TRAPEZOIDAIS, LARGURA UTIL DE 915 MM E ESPESSURA DE 0,95 MM                                                                                                                                                                                                                                                                                                                                                                                        ","M2    ","AS",116.06]
[43125,"CHAPA EM ACO GALVANIZADO PARA STEEL DECK, COM NERVURAS TRAPEZOIDAIS, LARGURA UTIL DE 915 MM E ESPESSURA DE 1,25 MM                                                                                                                                                                                                                                                                                                                                                                                        ","M2    ","AS",150.52000000000001]
[40623,"CHAPA PARA EMENDA DE VIGA, EM ACO GROSSO, QUALIDADE ESTRUTURAL, BITOLA 3/16 \", E= 4,75 MM, 4 FUROS, LARGURA 45 MM, COMPRIMENTO 500 MM                                                                                                                                                                                                                                                                                                                                                                     ","PAR   ","CR",94.57]
[43701,"CHAPA/BOBINA LISA EM ALUMINIO, LIGA 1.200 - H14, QUALQUER ESPESSURA, QUALQUER LARGURA                                                                                                                                                                                                                                                                                                                                                                                                                     ","KG    ","C ",50.49]
[1345,"CHAPA/PAINEL DE MADEIRA COMPENSADA PLASTIFICADA (MADEIRITE PLASTIFICADO) PARA FORMA DE CONCRETO, DE 2200 X 1100 MM, E = *17* MM                                                                                                                                                                                                                                                                                                                                                                           ","M2    ","CR",82.19]
[1346,"CHAPA/PAINEL DE MADEIRA COMPENSADA PLASTIFICADA (MADEIRITE PLASTIFICADO) PARA FORMA DE CONCRETO, DE 2200 X 1100 MM, E = 10 MM                                                                                                                                                                                                                                                                                                                                                                             ","M2    ","CR",47.81]
[1347,"CHAPA/PAINEL DE MADEIRA COMPENSADA PLASTIFICADA (MADEIRITE PLASTIFICADO) PARA FORMA DE CONCRETO, DE 2200 X 1100 MM, E = 12 MM                                                                                                                                                                                                                                                                                                                                                                             ","M2    ","CR",59.24]
[43678,"CHAPA/PAINEL DE MADEIRA COMPENSADA PLASTIFICADA (MADEIRITE PLASTIFICADO) PARA FORMA DE CONCRETO, DE 2200 X 1100 MM, E = 14 MM                                                                                                                                                                                                                                                                                                                                                                             ","M2    ","CR",68.72]
[43680,"CHAPA/PAINEL DE MADEIRA COMPENSADA PLASTIFICADA (MADEIRITE PLASTIFICADO) PARA FORMA DE CONCRETO, DE 2200 X 1100 MM, E = 20 MM                                                                                                                                                                                                                                                                                                                                                                             ","M2    ","CR",98.99]
[43679,"CHAPA/PAINEL DE MADEIRA COMPENSADA PLASTIFICADA (MADEIRITE PLASTIFICADO) PARA FORMA DE CONCRETO, DE 2200 X 1100 MM, E = 6 MM                                                                                                                                                                                                                                                                                                                                                                              ","M2    ","CR",34.74]
[1355,"CHAPA/PAINEL DE MADEIRA COMPENSADA RESINADA (MADEIRITE RESINADO ROSA) PARA FORMA DE CONCRETO, DE 2200 X 1100 MM, E = 14 MM                                                                                                                                                                                                                                                                                                                                                                                ","M2    ","CR",39.53]
[1358,"CHAPA/PAINEL DE MADEIRA COMPENSADA RESINADA (MADEIRITE RESINADO ROSA) PARA FORMA DE CONCRETO, DE 2200 X 1100 MM, E = 17 MM                                                                                                                                                                                                                                                                                                                                                                                ","M2    ","CR",48.53]
[43677,"CHAPA/PAINEL DE MADEIRA COMPENSADA RESINADA (MADEIRITE RESINADO ROSA) PARA FORMA DE CONCRETO, DE 2200 X 1100 MM, E = 20 MM                                                                                                                                                                                                                                                                                                                                                                                ","M2    ","CR",60.22]
[43682,"CHAPA/PAINEL DE MADEIRA COMPENSADA RESINADA (MADEIRITE RESINADO ROSA) PARA FORMA DE CONCRETO, DE 2200 X 1100 MM, E = 6 MM                                                                                                                                                                                                                                                                                                                                                                                 ","M2    ","CR",18.46]
[43681,"CHAPA/PAINEL DE MADEIRA COMPENSADA RESINADA (MADEIRITE RESINADO ROSA) PARA FORMA DE CONCRETO, DE 2200 X 1100 MM, E = 8 A 12 MM                                                                                                                                                                                                                                                                                                                                                                            ","M2    ","C ",30.58]
[20971,"CHAVE DUPLA PARA CONEXOES TIPO STORZ, ENGATE RAPIDO 1 1/2\" X 2 1/2\", EM LATAO, PARA INSTALACAO PREDIAL COMBATE A INCENDIO                                                                                                                                                                                                                                                                                                                                                                                 ","UN    ","CR",23.57]
[39746,"CHUMBADOR DE ACO GALVANIZADO, 1\" X 600 MM, PARA POSTES DE ACO COM BASE, INCLUSO PORCA E ARRUELA                                                                                                                                                                                                                                                                                                                                                                                                           ","UN    ","CR",127.68]
[13279,"CHUMBADOR DE ACO TIPO PARABOLT, * 5/8\" X 200* MM, COM PORCA E ARRUELA                                                                                                                                                                                                                                                                                                                                                                                                                                     ","KG    ","CR",32.33]
[11977,"CHUMBADOR DE ACO ZINCADO, DIAMETRO 1/2\", COMPRIMENTO 75 MM                                                                                                                                                                                                                                                                                                                                                                                                                                                ","UN    ","CR",16.75]
[11976,"CHUMBADOR DE ACO ZINCADO, DIAMETRO 1/4\" COM PARAFUSO 1/4\" X 40 MM                                                                                                                                                                                                                                                                                                                                                                                                                                         ","UN    ","CR",1.88]
[11975,"CHUMBADOR DE ACO ZINCADO, DIAMETRO 5/8\", COMPRIMENTO 6\", COM PORCA                                                                                                                                                                                                                                                                                                                                                                                                                                        ","UN    ","CR",36.700000000000003]
[1368,"CHUVEIRO COMUM EM PLASTICO BRANCO, COM CANO, 3 TEMPERATURAS, 5500 W (110/220 V)                                                                                                                                                                                                                                                                                                                                                                                                                           ","UN    ","C ",99.5]
[1367,"CHUVEIRO COMUM EM PLASTICO CROMADO, COM CANO, 4 TEMPERATURAS (110/220 V)                                                                                                                                                                                                                                                                                                                                                                                                                                  ","UN    ","CR",321.85000000000002]
[1380,"CIMENTO BRANCO NAO ESTRUTURAL (CPB - NAO ESTRUTURAL)                                                                                                                                                                                                                                                                                                                                                                                                                                                      ","KG    ","CR",4.68]
[1375,"CIMENTO IMPERMEABILIZANTE DE PEGA ULTRARRAPIDA PARA TAMPONAMENTOS                                                                                                                                                                                                                                                                                                                                                                                                                                         ","KG    ","CR",19.71]
[1379,"CIMENTO PORTLAND COMPOSTO CP II-32                                                                                                                                                                                                                                                                                                                                                                                                                                                                        ","KG    ","C ",0.7]
[13284,"CIMENTO PORTLAND DE ALTO FORNO (AF) CP III-40                                                                                                                                                                                                                                                                                                                                                                                                                                                             ","KG    ","CR",0.63]
[44528,"CIMENTO PORTLAND ESTRUTURAL BRANCO CPB - 32 OU CPB - 40                                                                                                                                                                                                                                                                                                                                                                                                                                                   ","KG    ","CR",3.73]
[34753,"CIMENTO PORTLAND POZOLANICO CP IV-32                                                                                                                                                                                                                                                                                                                                                                                                                                                                      ","KG    ","CR",0.68]
[420,"CINTA CIRCULAR EM ACO GALVANIZADO DE 150 MM DE DIAMETRO PARA FIXACAO DE CAIXA MEDICAO, INCLUI PARAFUSOS E PORCAS                                                                                                                                                                                                                                                                                                                                                                                          ","UN    ","AS",28.79]
[12327,"CINTA CIRCULAR EM ACO GALVANIZADO DE 210 MM DE DIAMETRO PARA INSTALACAO DE TRANSFORMADOR EM POSTE DE CONCRETO                                                                                                                                                                                                                                                                                                                                                                                             ","UN    ","AS",34.299999999999997]
[36148,"CINTURAO DE SEGURANCA TIPO PARAQUEDISTA, FIVELA EM ACO, AJUSTE NO SUSPENSORIO, CINTURA E PERNAS                                                                                                                                                                                                                                                                                                                                                                                                           ","UN    ","CR",77.760000000000005]
[12329,"COBRE ELETROLITICO EM BARRA OU CHAPA                                                                                                                                                                                                                                                                                                                                                                                                                                                                      ","KG    ","CR",130.54]
[1339,"COLA A BASE DE RESINA SINTETICA PARA CHAPA DE LAMINADO MELAMINICO E OUTROS                                                                                                                                                                                                                                                                                                                                                                                                                                ","KG    ","CR",40.25]
[44396,"COLA BRANCA BASE PVA                                                                                                                                                                                                                                                                                                                                                                                                                                                                                      ","KG    ","CR",41.12]
[44327,"COLA PARA TUBOS E MANTAS ELASTOMERICAS, A BASE DE SOLVENTE                                                                                                                                                                                                                                                                                                                                                                                                                                                ","L     ","CR",139.85]
[37418,"COLAR DE TOMADA EM POLIPROPILENO, PP, COM PARAFUSOS, PARA PEAD, 63 X 1/2\" - LIGACAO PREDIAL DE AGUA                                                                                                                                                                                                                                                                                                                                                                                                       ","UN    ","AS",16.59]
[37419,"COLAR DE TOMADA EM POLIPROPILENO, PP, COM PARAFUSOS, PARA PEAD, 63 X 3/4\" - LIGACAO PREDIAL DE AGUA                                                                                                                                                                                                                                                                                                                                                                                                       ","UN    ","AS",17.04]
[1427,"COLAR TOMADA PVC, COM TRAVAS, SAIDA COM ROSCA, DE 110 MM X 1/2\" OU 110 MM X 3/4\", PARA LIGACAO PREDIAL DE AGUA                                                                                                                                                                                                                                                                                                                                                                                            ","UN    ","AS",17.41]
[1402,"COLAR TOMADA PVC, COM TRAVAS, SAIDA COM ROSCA, DE 32 MM X 1/2\" OU 32 MM X 3/4\", PARA LIGACAO PREDIAL DE AGUA                                                                                                                                                                                                                                                                                                                                                                                              ","UN    ","AS",6.02]
[1420,"COLAR TOMADA PVC, COM TRAVAS, SAIDA COM ROSCA, DE 40 MM X 1/2\" OU 40 MM X 3/4\", PARA LIGACAO PREDIAL DE AGUA                                                                                                                                                                                                                                                                                                                                                                                              ","UN    ","AS",7.75]
[1419,"COLAR TOMADA PVC, COM TRAVAS, SAIDA COM ROSCA, DE 50 MM X 1/2\" OU 50 MM X 3/4\", PARA LIGACAO PREDIAL DE AGUA                                                                                                                                                                                                                                                                                                                                                                                              ","UN    ","AS",9.36]
[1414,"COLAR TOMADA PVC, COM TRAVAS, SAIDA COM ROSCA, DE 60 MM X 1/2\" OU 60 MM X 3/4\", PARA LIGACAO PREDIAL DE AGUA                                                                                                                                                                                                                                                                                                                                                                                              ","UN    ","AS",9.16]
[1413,"COLAR TOMADA PVC, COM TRAVAS, SAIDA COM ROSCA, DE 75 MM X 1/2\" OU 75 MM X 3/4\", PARA LIGACAO PREDIAL DE AGUA                                                                                                                                                                                                                                                                                                                                                                                              ","UN    ","AS",13.52]
[1412,"COLAR TOMADA PVC, COM TRAVAS, SAIDA COM ROSCA, DE 85 MM X 1/2\" OU 85 MM X 3/4\", PARA LIGACAO PREDIAL DE AGUA                                                                                                                                                                                                                                                                                                                                                                                              ","UN    ","AS",11.46]
[1406,"COLAR TOMADA PVC, COM TRAVAS, SAIDA ROSCAVEL COM BUCHA DE LATAO, DE 60 MM X 1/2\" OU 60 MM X 3/4\", PARA LIGACAO PREDIAL DE AGUA                                                                                                                                                                                                                                                                                                                                                                            ","UN    ","AS",13.83]
[11281,"COMPACTADOR DE SOLO A PERCUSSAO (SOQUETE), A GASOLINA 4 TEMPOS, PESO 55 A 65 KG, FORCA DE IMPACTO 1.000 A 1.500 KGF, FREQ. 600 A 700 GOLPES P/ MINUTO, VELOCIDADE TRABALHO DE 10 A 15 M/MIN, POT. DE 2,00 A 3,00 HP                                                                                                                                                                                                                                                                                       ","UN    ","AS",12732.95]
[1442,"COMPACTADOR DE SOLO TIPO PLACA VIBRATORIA REVERSIVEL, A GASOLINA 4 TEMPOS, PESO 125 A 150 KG, FORCA CENTRIF. 2500 A 2800 KGF, LARG. TRABALHO 400 A 450 MM, FREQ. VIBRACAO 4300 A 4500 RPM, VELOC. TRABALHO 15 A 20 M/MIN, POT. 5,5 A 6,0 HP                                                                                                                                                                                                                                                               ","UN    ","AS",10689.21]
[13457,"COMPACTADOR DE SOLO TIPO PLACA VIBRATORIA REVERSIVEL, A GASOLINA 4 TEMPOS, PESO 150 A 175 KG, FORCA CENTRIF. 2800 A 3100 KGF, LARG. TRABALHO DE 450 A 520 MM, FREQ. VIBRACAO 4000 A 4300 RPM, VELOC. TRABALHO DE 15 A 20 M/MIN, POT. DE 6,0 A 7,0 HP                                                                                                                                                                                                                                                      ","UN    ","AS",9226.77]
[40699,"COMPACTADOR DE SOLO, TIPO PLACA VIBRATORIA NAO REVERSIVEL, A GASOLINA 4 TEMPOS, PESO 80 A 120 KG, FORCA CENTRIF. DE 1300 A 2000 KGF, LARG. TRABALHO DE 400 A 500 MM, FREQ. VIBRACAO DE 4800 A 6000 RPM, VELOCIDADE TRABALHO DE 20 A 30 M/MIN, POT. DE 5,0 A 6,0 HP                                                                                                                                                                                                                                        ","UN    ","AS",7132.64]
[40701,"COMPACTADOR DE SOLO, TIPO PLACA VIBRATORIA REVERSIVEL, A DIESEL, PESO 700 A 820 KG, FORCA CENTRIF. DE 6.200 A 10.000 KGF, LARG. TRABALHO DE 650 A 720 MM, FREQ. VIBRACAO DE 3.000 A 3.500 RPM, VELOCIDADE TRABALHO DE 25 A 30 M/MIN, POT. DE 13,0 A 15,0 HP                                                                                                                                                                                                                                               ","UN    ","AS",126114.97]
[40700,"COMPACTADOR DE SOLO, TIPO PLACA VIBRATORIA REVERSIVEL, A GASOLINA 4 TEMPOS, PESO 160 A 265 KG, FORCA CENTRIF. DE 2750 A 4000 KGF, LARG. TRABALHO DE 430 A 550 MM, FREQ. VIBRACAO DE 4000 A 5500 RPM, VELOCIDADE TRABALHO DE 20 A 25 M/MIN, POT. DE 7,5 A 9,0 HP                                                                                                                                                                                                                                           ","UN    ","AS",16603.87]
[13458,"COMPACTADOR DE SOLOS DE PERCURSAO (SOQUETE) COM MOTOR A GASOLINA 4 TEMPOS DE 4 HP (4 CV)                                                                                                                                                                                                                                                                                                                                                                                                                  ","UN    ","AS",15777.78]
[11134,"COMPENSADO NAVAL - CHAPA/PAINEL EM MADEIRA COMPENSADA PRENSADA, DE 2200 X 1600 MM, E = 10 MM                                                                                                                                                                                                                                                                                                                                                                                                              ","M2    ","CR",68.11]
[11135,"COMPENSADO NAVAL - CHAPA/PAINEL EM MADEIRA COMPENSADA PRENSADA, DE 2200 X 1600 MM, E = 12 MM                                                                                                                                                                                                                                                                                                                                                                                                              ","M2    ","CR",73.540000000000006]
[11136,"COMPENSADO NAVAL - CHAPA/PAINEL EM MADEIRA COMPENSADA PRENSADA, DE 2200 X 1600 MM, E = 15 MM                                                                                                                                                                                                                                                                                                                                                                                                              ","M2    ","CR",84.2]
[34743,"COMPENSADO NAVAL - CHAPA/PAINEL EM MADEIRA COMPENSADA PRENSADA, DE 2200 X 1600 MM, E = 18 MM                                                                                                                                                                                                                                                                                                                                                                                                              ","M2    ","CR",101.6]
[11137,"COMPENSADO NAVAL - CHAPA/PAINEL EM MADEIRA COMPENSADA PRENSADA, DE 2200 X 1600 MM, E = 20 MM                                                                                                                                                                                                                                                                                                                                                                                                              ","M2    ","CR",115.39]
[34745,"COMPENSADO NAVAL - CHAPA/PAINEL EM MADEIRA COMPENSADA PRENSADA, DE 2200 X 1600 MM, E = 25 MM                                                                                                                                                                                                                                                                                                                                                                                                              ","M2    ","CR",137.22]
[34746,"COMPENSADO NAVAL - CHAPA/PAINEL EM MADEIRA COMPENSADA PRENSADA, DE 2200 X 1600 MM, E = 4 MM                                                                                                                                                                                                                                                                                                                                                                                                               ","M2    ","CR",37.42]
[1360,"COMPENSADO NAVAL - CHAPA/PAINEL EM MADEIRA COMPENSADA PRENSADA, DE 2200 X 1600 MM, E = 6 MM                                                                                                                                                                                                                                                                                                                                                                                                               ","M2    ","CR",43.66]
[36524,"COMPRESSOR DE AR ESTACIONARIO, VAZAO 620 PCM, PRESSAO EFETIVA DE TRABALHO 109 PSI, MOTOR ELETRICO, POTENCIA 127 CV                                                                                                                                                                                                                                                                                                                                                                                        ","UN    ","AS",195745.48]
[36526,"COMPRESSOR DE AR REBOCAVEL VAZAO 400 PCM, PRESSAO EFETIVA DE TRABALHO 102 PSI, MOTOR DIESEL, POTENCIA 110 CV                                                                                                                                                                                                                                                                                                                                                                                              ","UN    ","AS",157739.68]
[36523,"COMPRESSOR DE AR REBOCAVEL VAZAO 748 PCM, PRESSAO EFETIVA DE TRABALHO 102 PSI, MOTOR DIESEL, POTENCIA 210 CV                                                                                                                                                                                                                                                                                                                                                                                              ","UN    ","AS",337699.37]
[36527,"COMPRESSOR DE AR REBOCAVEL VAZAO 860 PCM, PRESSAO EFETIVA DE TRABALHO 102 PSI, MOTOR DIESEL, POTENCIA 250 CV                                                                                                                                                                                                                                                                                                                                                                                              ","UN    ","AS",366811.08]
[38642,"COMPRESSOR DE AR REBOCAVEL, VAZAO 152 PCM, PRESSAO EFETIVA DE TRABALHO 102 PSI, MOTOR DIESEL, POTENCIA 31,5 KW                                                                                                                                                                                                                                                                                                                                                                                            ","UN    ","AS",85403.03]
[36522,"COMPRESSOR DE AR REBOCAVEL, VAZAO 189 PCM, PRESSAO EFETIVA DE TRABALHO 102 PSI, MOTOR DIESEL, POTENCIA 63 CV                                                                                                                                                                                                                                                                                                                                                                                              ","UN    ","AS",99322.71]
[36525,"COMPRESSOR DE AR REBOCAVEL, VAZAO 250 PCM, PRESSAO EFETIVA DE TRABALHO 102 PSI, MOTOR DIESEL, POTENCIA 81 CV                                                                                                                                                                                                                                                                                                                                                                                              ","UN    ","AS",133016.29999999999]
[13803,"COMPRESSOR DE AR REBOCAVEL, VAZAO 89 PCM, PRESSAO EFETIVA DE TRABALHO *102* PSI, MOTOR DIESEL, POTENCIA *20* CV                                                                                                                                                                                                                                                                                                                                                                                           ","UN    ","AS",132635.69]
[34348,"CONCERTINA CLIPADA (DUPLA) EM ACO GALVANIZADO DE ALTA RESISTENCIA, COM ESPIRAL DE 300 MM, D = 2,76 MM                                                                                                                                                                                                                                                                                                                                                                                                     ","M     ","CR",20.84]
[34347,"CONCERTINA SIMPLES EM ACO GALVANIZADO DE ALTA RESISTENCIA, COM ESPIRAL DE 300 MM, D = 2,76 MM                                                                                                                                                                                                                                                                                                                                                                                                             ","M     ","CR",14.9]
[11146,"CONCRETO AUTOADENSAVEL (CAA) CLASSE DE RESISTENCIA C15, ESPALHAMENTO SF2, COM BOMBEAMENTO (DISPONIBILIZACAO DE BOMBA), SEM O LANCAMENTO (NBR 15823)                                                                                                                                                                                                                                                                                                                                                       ","M3    ","CR",523.24]
[11147,"CONCRETO AUTOADENSAVEL (CAA) CLASSE DE RESISTENCIA C20, ESPALHAMENTO SF2, COM BOMBEAMENTO (DISPONIBILIZACAO DE BOMBA), SEM O LANCAMENTO (NBR 15823)                                                                                                                                                                                                                                                                                                                                                       ","M3    ","CR",543.72]
[34872,"CONCRETO AUTOADENSAVEL (CAA) CLASSE DE RESISTENCIA C25, ESPALHAMENTO SF2, COM BOMBEAMENTO (DISPONIBILIZACAO DE BOMBA), SEM O LANCAMENTO (NBR 15823)                                                                                                                                                                                                                                                                                                                                                       ","M3    ","CR",549.82000000000005]
[34491,"CONCRETO AUTOADENSAVEL (CAA) CLASSE DE RESISTENCIA C30, ESPALHAMENTO SF2, COM BOMBEAMENTO (DISPONIBILIZACAO DE BOMBA), SEM O LANCAMENTO (NBR 15823)                                                                                                                                                                                                                                                                                                                                                       ","M3    ","CR",565.75]
[34770,"CONCRETO BETUMINOSO USINADO A QUENTE (CBUQ) PARA PAVIMENTACAO ASFALTICA, PADRAO DNIT, FAIXA C, COM CAP 30/45 - AQUISICAO POSTO USINA                                                                                                                                                                                                                                                                                                                                                                      ","T     ","CR",783.53]
[1518,"CONCRETO BETUMINOSO USINADO A QUENTE (CBUQ) PARA PAVIMENTACAO ASFALTICA, PADRAO DNIT, FAIXA C, COM CAP 50/70 - AQUISICAO POSTO USINA                                                                                                                                                                                                                                                                                                                                                                      ","T     ","C ",798.8]
[41965,"CONCRETO BETUMINOSO USINADO A QUENTE (CBUQ) PARA PAVIMENTACAO ASFALTICA, PADRAO DNIT, PARA BINDER, COM CAP 50/70 - AQUISICAO POSTO USINA                                                                                                                                                                                                                                                                                                                                                                  ","T     ","CR",700.42]
[1524,"CONCRETO USINADO BOMBEAVEL, CLASSE DE RESISTENCIA C20, BRITA 0 E 1, SLUMP = 100 +/- 20 MM, COM BOMBEAMENTO (DISPONIBILIZACAO DE BOMBA), SEM O LANCAMENTO (NBR 8953)                                                                                                                                                                                                                                                                                                                                       ","M3    ","CR",502.01]
[34492,"CONCRETO USINADO BOMBEAVEL, CLASSE DE RESISTENCIA C20, COM BRITA 0 E 1, SLUMP = 100 +/- 20 MM, EXCLUI SERVICO DE BOMBEAMENTO (NBR 8953)                                                                                                                                                                                                                                                                                                                                                                   ","M3    ","C ",465]
[38404,"CONCRETO USINADO BOMBEAVEL, CLASSE DE RESISTENCIA C20, COM BRITA 0 E 1, SLUMP = 130 +/- 20 MM, EXCLUI SERVICO DE BOMBEAMENTO (NBR 8953)                                                                                                                                                                                                                                                                                                                                                                   ","M3    ","CR",481.65]
[39849,"CONCRETO USINADO BOMBEAVEL, CLASSE DE RESISTENCIA C20, COM BRITA 0 E 1, SLUMP = 190 +/- 20 MM, COM BOMBEAMENTO (DISPONIBILIZACAO DE BOMBA), SEM O LANCAMENTO (NBR 8953)                                                                                                                                                                                                                                                                                                                                   ","M3    ","CR",551.97]
[38464,"CONCRETO USINADO BOMBEAVEL, CLASSE DE RESISTENCIA C20, COM BRITA 0, SLUMP = 220 +/- 20 MM, COM BOMBEAMENTO (DISPONIBILIZACAO DE BOMBA), SEM O LANCAMENTO (NBR 8953)                                                                                                                                                                                                                                                                                                                                       ","M3    ","CR",559.98]
[1527,"CONCRETO USINADO BOMBEAVEL, CLASSE DE RESISTENCIA C25, BRITA 0 E 1, SLUMP = 100 +/- 20 MM, COM BOMBEAMENTO (DISPONIBILIZACAO DE BOMBA), SEM O LANCAMENTO (NBR 8953)                                                                                                                                                                                                                                                                                                                                       ","M3    ","CR",517.95000000000005]
[34493,"CONCRETO USINADO BOMBEAVEL, CLASSE DE RESISTENCIA C25, COM BRITA 0 E 1, SLUMP = 100 +/- 20 MM, EXCLUI SERVICO DE BOMBEAMENTO (NBR 8953)                                                                                                                                                                                                                                                                                                                                                                   ","M3    ","CR",478.1]
[38405,"CONCRETO USINADO BOMBEAVEL, CLASSE DE RESISTENCIA C25, COM BRITA 0 E 1, SLUMP = 130 +/- 20 MM, EXCLUI SERVICO DE BOMBEAMENTO (NBR 8953)                                                                                                                                                                                                                                                                                                                                                                   ","M3    ","CR",496.5]
[38408,"CONCRETO USINADO BOMBEAVEL, CLASSE DE RESISTENCIA C25, COM BRITA 0 E 1, SLUMP = 190 +/- 20 MM, EXCLUI SERVICO DE BOMBEAMENTO (NBR 8953)                                                                                                                                                                                                                                                                                                                                                                   ","M3    ","CR",549.58000000000004]
[1525,"CONCRETO USINADO BOMBEAVEL, CLASSE DE RESISTENCIA C30, BRITA 0 E 1, SLUMP = 100 +/- 20 MM, COM BOMBEAMENTO (DISPONIBILIZACAO DE BOMBA), SEM O LANCAMENTO (NBR 8953)                                                                                                                                                                                                                                                                                                                                       ","M3    ","CR",533.88]
[34494,"CONCRETO USINADO BOMBEAVEL, CLASSE DE RESISTENCIA C30, COM BRITA 0 E 1, SLUMP = 100 +/- 20 MM, EXCLUI SERVICO DE BOMBEAMENTO (NBR 8953)                                                                                                                                                                                                                                                                                                                                                                   ","M3    ","CR",494.04]
[38406,"CONCRETO USINADO BOMBEAVEL, CLASSE DE RESISTENCIA C30, COM BRITA 0 E 1, SLUMP = 130 +/- 20 MM, EXCLUI SERVICO DE BOMBEAMENTO (NBR 8953)                                                                                                                                                                                                                                                                                                                                                                   ","M3    ","CR",524.27]
[38409,"CONCRETO USINADO BOMBEAVEL, CLASSE DE RESISTENCIA C30, COM BRITA 0 E 1, SLUMP = 190 +/- 20 MM, EXCLUI SERVICO DE BOMBEAMENTO (NBR 8953)                                                                                                                                                                                                                                                                                                                                                                   ","M3    ","CR",553.32000000000005]
[43360,"CONCRETO USINADO BOMBEAVEL, CLASSE DE RESISTENCIA C30, COM BRITA 0 E 1, SLUMP = 220 +/- 30 MM, EXCLUI SERVICO DE BOMBEAMENTO (NBR 8953)                                                                                                                                                                                                                                                                                                                                                                   ","M3    ","CR",576.96]
[11145,"CONCRETO USINADO BOMBEAVEL, CLASSE DE RESISTENCIA C35, BRITA 0 E 1, SLUMP = 100 +/- 20 MM, COM BOMBEAMENTO (DISPONIBILIZACAO DE BOMBA), SEM O LANCAMENTO (NBR 8953)                                                                                                                                                                                                                                                                                                                                       ","M3    ","CR",549.82000000000005]
[34495,"CONCRETO USINADO BOMBEAVEL, CLASSE DE RESISTENCIA C35, COM BRITA 0 E 1, SLUMP = 100 +/- 20 MM, EXCLUI SERVICO DE BOMBEAMENTO (NBR 8953)                                                                                                                                                                                                                                                                                                                                                                   ","M3    ","CR",509.98]
[34479,"CONCRETO USINADO BOMBEAVEL, CLASSE DE RESISTENCIA C40, BRITA 0 E 1, SLUMP = 100 +/- 20 MM, COM BOMBEAMENTO (DISPONIBILIZACAO DE BOMBA), SEM O LANCAMENTO (NBR 8953)                                                                                                                                                                                                                                                                                                                                       ","M3    ","CR",565.75]
[34496,"CONCRETO USINADO BOMBEAVEL, CLASSE DE RESISTENCIA C40, COM BRITA 0 E 1, SLUMP = 100 +/- 20 MM, EXCLUI SERVICO DE BOMBEAMENTO (NBR 8953)                                                                                                                                                                                                                                                                                                                                                                   ","M3    ","CR",531.99]
[34481,"CONCRETO USINADO BOMBEAVEL, CLASSE DE RESISTENCIA C45, BRITA 0 E 1, SLUMP = 100 +/- 20 MM, COM BOMBEAMENTO (DISPONIBILIZACAO DE BOMBA), SEM O LANCAMENTO (NBR 8953)                                                                                                                                                                                                                                                                                                                                       ","M3    ","CR",591.15]
[34483,"CONCRETO USINADO BOMBEAVEL, CLASSE DE RESISTENCIA C50, BRITA 0 E 1, SLUMP = 100 +/- 20 MM, COM BOMBEAMENTO (DISPONIBILIZACAO DE BOMBA), SEM O LANCAMENTO (NBR 8953)                                                                                                                                                                                                                                                                                                                                       ","M3    ","CR",631.6]
[34485,"CONCRETO USINADO BOMBEAVEL, CLASSE DE RESISTENCIA C60, COM BRITA 0 E 1, SLUMP = 100 +/- 20 MM, COM BOMBEAMENTO (DISPONIBILIZACAO DE BOMBA), SEM O LANCAMENTO (NBR 8953)                                                                                                                                                                                                                                                                                                                                   ","M3    ","CR",675.42]
[14041,"CONCRETO USINADO CONVENCIONAL (NAO BOMBEAVEL) CLASSE DE RESISTENCIA C10, COM BRITA 1 E 2, SLUMP = 80 MM +/- 10 MM (NBR 8953)                                                                                                                                                                                                                                                                                                                                                                              ","M3    ","CR",439.06]
[1523,"CONCRETO USINADO CONVENCIONAL (NAO BOMBEAVEL) CLASSE DE RESISTENCIA C15, COM BRITA 1 E 2, SLUMP = 80 MM +/- 10 MM (NBR 8953)                                                                                                                                                                                                                                                                                                                                                                              ","M3    ","CR",446.23]
[14052,"CONDULETE DE ALUMINIO TIPO B, PARA ELETRODUTO ROSCAVEL DE 1/2\", COM TAMPA CEGA                                                                                                                                                                                                                                                                                                                                                                                                                            ","UN    ","CR",14.36]
[14054,"CONDULETE DE ALUMINIO TIPO B, PARA ELETRODUTO ROSCAVEL DE 1\", COM TAMPA CEGA                                                                                                                                                                                                                                                                                                                                                                                                                              ","UN    ","CR",18.670000000000002]
[14053,"CONDULETE DE ALUMINIO TIPO B, PARA ELETRODUTO ROSCAVEL DE 3/4\", COM TAMPA CEGA                                                                                                                                                                                                                                                                                                                                                                                                                            ","UN    ","CR",14.58]
[2558,"CONDULETE DE ALUMINIO TIPO C, PARA ELETRODUTO ROSCAVEL DE 1/2\", COM TAMPA CEGA                                                                                                                                                                                                                                                                                                                                                                                                                            ","UN    ","CR",10.97]
[2560,"CONDULETE DE ALUMINIO TIPO C, PARA ELETRODUTO ROSCAVEL DE 1\", COM TAMPA CEGA                                                                                                                                                                                                                                                                                                                                                                                                                              ","UN    ","CR",19.32]
[2559,"CONDULETE DE ALUMINIO TIPO C, PARA ELETRODUTO ROSCAVEL DE 3/4\", COM TAMPA CEGA                                                                                                                                                                                                                                                                                                                                                                                                                            ","UN    ","C ",15.45]
[2592,"CONDULETE DE ALUMINIO TIPO C, PARA ELETRODUTO ROSCAVEL DE 4\", COM TAMPA CEGA                                                                                                                                                                                                                                                                                                                                                                                                                              ","UN    ","CR",256.12]
[2589,"CONDULETE DE ALUMINIO TIPO E, PARA ELETRODUTO ROSCAVEL DE 1 1/2\", COM TAMPA CEGA                                                                                                                                                                                                                                                                                                                                                                                                                          ","UN    ","CR",34.26]
[2566,"CONDULETE DE ALUMINIO TIPO E, PARA ELETRODUTO ROSCAVEL DE 1 1/4\", COM TAMPA CEGA                                                                                                                                                                                                                                                                                                                                                                                                                          ","UN    ","CR",25.77]
[2591,"CONDULETE DE ALUMINIO TIPO E, PARA ELETRODUTO ROSCAVEL DE 1/2\", COM TAMPA CEGA                                                                                                                                                                                                                                                                                                                                                                                                                            ","UN    ","CR",12.49]
[2590,"CONDULETE DE ALUMINIO TIPO E, PARA ELETRODUTO ROSCAVEL DE 1\", COM TAMPA CEGA                                                                                                                                                                                                                                                                                                                                                                                                                              ","UN    ","CR",21.02]
[2567,"CONDULETE DE ALUMINIO TIPO E, PARA ELETRODUTO ROSCAVEL DE 2\", COM TAMPA CEGA                                                                                                                                                                                                                                                                                                                                                                                                                              ","UN    ","CR",50.25]
[2565,"CONDULETE DE ALUMINIO TIPO E, PARA ELETRODUTO ROSCAVEL DE 3/4\", COM TAMPA CEGA                                                                                                                                                                                                                                                                                                                                                                                                                            ","UN    ","CR",12.52]
[2568,"CONDULETE DE ALUMINIO TIPO E, PARA ELETRODUTO ROSCAVEL DE 3\", COM TAMPA CEGA                                                                                                                                                                                                                                                                                                                                                                                                                              ","UN    ","CR",139.54]
[2594,"CONDULETE DE ALUMINIO TIPO E, PARA ELETRODUTO ROSCAVEL DE 4\", COM TAMPA CEGA                                                                                                                                                                                                                                                                                                                                                                                                                              ","UN    ","CR",232.47]
[2587,"CONDULETE DE ALUMINIO TIPO LR, PARA ELETRODUTO ROSCAVEL DE 1 1/2\", COM TAMPA CEGA                                                                                                                                                                                                                                                                                                                                                                                                                         ","UN    ","CR",39.619999999999997]
[2588,"CONDULETE DE ALUMINIO TIPO LR, PARA ELETRODUTO ROSCAVEL DE 1 1/4\", COM TAMPA CEGA                                                                                                                                                                                                                                                                                                                                                                                                                         ","UN    ","CR",31.47]
[2569,"CONDULETE DE ALUMINIO TIPO LR, PARA ELETRODUTO ROSCAVEL DE 1/2\", COM TAMPA CEGA                                                                                                                                                                                                                                                                                                                                                                                                                           ","UN    ","CR",12.12]
[2570,"CONDULETE DE ALUMINIO TIPO LR, PARA ELETRODUTO ROSCAVEL DE 1\", COM TAMPA CEGA                                                                                                                                                                                                                                                                                                                                                                                                                             ","UN    ","CR",20.329999999999998]
[2571,"CONDULETE DE ALUMINIO TIPO LR, PARA ELETRODUTO ROSCAVEL DE 2\", COM TAMPA CEGA                                                                                                                                                                                                                                                                                                                                                                                                                             ","UN    ","CR",60.34]
[2593,"CONDULETE DE ALUMINIO TIPO LR, PARA ELETRODUTO ROSCAVEL DE 3/4\", COM TAMPA CEGA                                                                                                                                                                                                                                                                                                                                                                                                                           ","UN    ","CR",12.93]
[2572,"CONDULETE DE ALUMINIO TIPO LR, PARA ELETRODUTO ROSCAVEL DE 3\", COM TAMPA CEGA                                                                                                                                                                                                                                                                                                                                                                                                                             ","UN    ","CR",178.45]
[2595,"CONDULETE DE ALUMINIO TIPO LR, PARA ELETRODUTO ROSCAVEL DE 4\", COM TAMPA CEGA                                                                                                                                                                                                                                                                                                                                                                                                                             ","UN    ","CR",278.42]
[2576,"CONDULETE DE ALUMINIO TIPO T, PARA ELETRODUTO ROSCAVEL DE 1 1/2\", COM TAMPA CEGA                                                                                                                                                                                                                                                                                                                                                                                                                          ","UN    ","CR",47.46]
[2575,"CONDULETE DE ALUMINIO TIPO T, PARA ELETRODUTO ROSCAVEL DE 1 1/4\", COM TAMPA CEGA                                                                                                                                                                                                                                                                                                                                                                                                                          ","UN    ","CR",35.68]
[2573,"CONDULETE DE ALUMINIO TIPO T, PARA ELETRODUTO ROSCAVEL DE 1/2\", COM TAMPA CEGA                                                                                                                                                                                                                                                                                                                                                                                                                            ","UN    ","CR",14.82]
[2586,"CONDULETE DE ALUMINIO TIPO T, PARA ELETRODUTO ROSCAVEL DE 1\", COM TAMPA CEGA                                                                                                                                                                                                                                                                                                                                                                                                                              ","UN    ","CR",24.02]
[2577,"CONDULETE DE ALUMINIO TIPO T, PARA ELETRODUTO ROSCAVEL DE 2\", COM TAMPA CEGA                                                                                                                                                                                                                                                                                                                                                                                                                              ","UN    ","CR",64.31]
[2574,"CONDULETE DE ALUMINIO TIPO T, PARA ELETRODUTO ROSCAVEL DE 3/4\", COM TAMPA CEGA                                                                                                                                                                                                                                                                                                                                                                                                                            ","UN    ","CR",14.91]
[2578,"CONDULETE DE ALUMINIO TIPO T, PARA ELETRODUTO ROSCAVEL DE 3\", COM TAMPA CEGA                                                                                                                                                                                                                                                                                                                                                                                                                              ","UN    ","CR",200.79]
[2585,"CONDULETE DE ALUMINIO TIPO T, PARA ELETRODUTO ROSCAVEL DE 4\", COM TAMPA CEGA                                                                                                                                                                                                                                                                                                                                                                                                                              ","UN    ","CR",275.52999999999997]
[12008,"CONDULETE DE ALUMINIO TIPO TB, PARA ELETRODUTO ROSCAVEL DE 3\", COM TAMPA CEGA                                                                                                                                                                                                                                                                                                                                                                                                                             ","UN    ","CR",147.83000000000001]
[2582,"CONDULETE DE ALUMINIO TIPO X, PARA ELETRODUTO ROSCAVEL DE 1 1/2\", COM TAMPA CEGA                                                                                                                                                                                                                                                                                                                                                                                                                          ","UN    ","CR",44.02]
[2597,"CONDULETE DE ALUMINIO TIPO X, PARA ELETRODUTO ROSCAVEL DE 1 1/4\", COM TAMPA CEGA                                                                                                                                                                                                                                                                                                                                                                                                                          ","UN    ","CR",37.729999999999997]
[2579,"CONDULETE DE ALUMINIO TIPO X, PARA ELETRODUTO ROSCAVEL DE 1/2\", COM TAMPA CEGA                                                                                                                                                                                                                                                                                                                                                                                                                            ","UN    ","CR",17.96]
[2581,"CONDULETE DE ALUMINIO TIPO X, PARA ELETRODUTO ROSCAVEL DE 1\", COM TAMPA CEGA                                                                                                                                                                                                                                                                                                                                                                                                                              ","UN    ","CR",22.99]
[2596,"CONDULETE DE ALUMINIO TIPO X, PARA ELETRODUTO ROSCAVEL DE 2\", COM TAMPA CEGA                                                                                                                                                                                                                                                                                                                                                                                                                              ","UN    ","CR",67.98]
[2580,"CONDULETE DE ALUMINIO TIPO X, PARA ELETRODUTO ROSCAVEL DE 3/4\", COM TAMPA CEGA                                                                                                                                                                                                                                                                                                                                                                                                                            ","UN    ","CR",19.690000000000001]
[2583,"CONDULETE DE ALUMINIO TIPO X, PARA ELETRODUTO ROSCAVEL DE 3\", COM TAMPA CEGA                                                                                                                                                                                                                                                                                                                                                                                                                              ","UN    ","CR",165.34]
[2584,"CONDULETE DE ALUMINIO TIPO X, PARA ELETRODUTO ROSCAVEL DE 4\", COM TAMPA CEGA                                                                                                                                                                                                                                                                                                                                                                                                                              ","UN    ","CR",275.25]
[12010,"CONDULETE EM PVC, TIPO \"B\", SEM TAMPA, DE 1/2\" OU 3/4\"                                                                                                                                                                                                                                                                                                                                                                                                                                                    ","UN    ","CR",14.51]
[39329,"CONDULETE EM PVC, TIPO \"B\", SEM TAMPA, DE 1\"                                                                                                                                                                                                                                                                                                                                                                                                                                                              ","UN    ","CR",15.18]
[39330,"CONDULETE EM PVC, TIPO \"C\", SEM TAMPA, DE 1/2\"                                                                                                                                                                                                                                                                                                                                                                                                                                                            ","UN    ","CR",15.97]
[39332,"CONDULETE EM PVC, TIPO \"C\", SEM TAMPA, DE 1\"                                                                                                                                                                                                                                                                                                                                                                                                                                                              ","UN    ","CR",17.84]
[39331,"CONDULETE EM PVC, TIPO \"C\", SEM TAMPA, DE 3/4\"                                                                                                                                                                                                                                                                                                                                                                                                                                                            ","UN    ","CR",14.2]
[39333,"CONDULETE EM PVC, TIPO \"E\", SEM TAMPA, DE 1/2\"                                                                                                                                                                                                                                                                                                                                                                                                                                                            ","UN    ","CR",13.85]
[39335,"CONDULETE EM PVC, TIPO \"E\", SEM TAMPA, DE 1\"                                                                                                                                                                                                                                                                                                                                                                                                                                                              ","UN    ","CR",16.02]
[39334,"CONDULETE EM PVC, TIPO \"E\", SEM TAMPA, DE 3/4\"                                                                                                                                                                                                                                                                                                                                                                                                                                                            ","UN    ","CR",12.74]
[12016,"CONDULETE EM PVC, TIPO \"LB\", SEM TAMPA, DE 1/2\" OU 3/4\"                                                                                                                                                                                                                                                                                                                                                                                                                                                   ","UN    ","CR",15.99]
[12015,"CONDULETE EM PVC, TIPO \"LB\", SEM TAMPA, DE 1\"                                                                                                                                                                                                                                                                                                                                                                                                                                                             ","UN    ","CR",18.61]
[12020,"CONDULETE EM PVC, TIPO \"LL\", SEM TAMPA, DE 1/2\" OU 3/4\"                                                                                                                                                                                                                                                                                                                                                                                                                                                   ","UN    ","CR",15.99]
[12019,"CONDULETE EM PVC, TIPO \"LL\", SEM TAMPA, DE 1\"                                                                                                                                                                                                                                                                                                                                                                                                                                                             ","UN    ","CR",18.61]
[39336,"CONDULETE EM PVC, TIPO \"LR\", SEM TAMPA, DE 1/2\"                                                                                                                                                                                                                                                                                                                                                                                                                                                           ","UN    ","CR",15.97]
[39338,"CONDULETE EM PVC, TIPO \"LR\", SEM TAMPA, DE 1\"                                                                                                                                                                                                                                                                                                                                                                                                                                                             ","UN    ","CR",17.84]
[39337,"CONDULETE EM PVC, TIPO \"LR\", SEM TAMPA, DE 3/4\"                                                                                                                                                                                                                                                                                                                                                                                                                                                           ","UN    ","CR",14.2]
[39341,"CONDULETE EM PVC, TIPO \"T\", SEM TAMPA, DE 1\"                                                                                                                                                                                                                                                                                                                                                                                                                                                              ","UN    ","CR",23.26]
[39340,"CONDULETE EM PVC, TIPO \"T\", SEM TAMPA, DE 3/4\"                                                                                                                                                                                                                                                                                                                                                                                                                                                            ","UN    ","CR",17.079999999999998]
[12025,"CONDULETE EM PVC, TIPO \"TB\", SEM TAMPA, DE 1/2\" OU 3/4\"                                                                                                                                                                                                                                                                                                                                                                                                                                                   ","UN    ","CR",17.64]
[39342,"CONDULETE EM PVC, TIPO \"TB\", SEM TAMPA, DE 1\"                                                                                                                                                                                                                                                                                                                                                                                                                                                             ","UN    ","CR",23.26]
[39343,"CONDULETE EM PVC, TIPO \"X\", SEM TAMPA, DE 1/2\"                                                                                                                                                                                                                                                                                                                                                                                                                                                            ","UN    ","CR",19.64]
[39345,"CONDULETE EM PVC, TIPO \"X\", SEM TAMPA, DE 1\"                                                                                                                                                                                                                                                                                                                                                                                                                                                              ","UN    ","CR",26.58]
[39344,"CONDULETE EM PVC, TIPO \"X\", SEM TAMPA, DE 3/4\"                                                                                                                                                                                                                                                                                                                                                                                                                                                            ","UN    ","CR",18.989999999999998]
[12623,"CONDUTOR PLUVIAL, PVC, CIRCULAR, DIAMETRO ENTRE 80 E 100 MM, PARA DRENAGEM PLUVIAL PREDIAL                                                                                                                                                                                                                                                                                                                                                                                                                ","M     ","CR",38.78]
[34498,"CONE DE SINALIZACAO EM PVC FLEXIVEL, H = 70 / 76 CM (NBR 15071)                                                                                                                                                                                                                                                                                                                                                                                                                                           ","UN    ","CR",137.79]
[13244,"CONE DE SINALIZACAO EM PVC RIGIDO COM FAIXA REFLETIVA, H = 70 / 76 CM                                                                                                                                                                                                                                                                                                                                                                                                                                     ","UN    ","C ",58]
[38998,"CONECTOR / ADAPTADOR F/F, COM INSERTO METALICO, PPR, DN 25 MM X 1/2\", PARA AGUA QUENTE E FRIA PREDIAL                                                                                                                                                                                                                                                                                                                                                                                                     ","UN    ","AS",10.7]
[38999,"CONECTOR / ADAPTADOR F/F, COM INSERTO METALICO, PPR, DN 32 MM X 3/4\", PARA AGUA QUENTE E FRIA PREDIAL                                                                                                                                                                                                                                                                                                                                                                                                     ","UN    ","AS",27.06]
[38996,"CONECTOR / ADAPTADOR F/M, COM INSERTO METALICO, PPR, DN 25 MM X 1/2\", PARA AGUA QUENTE E FRIA PREDIAL                                                                                                                                                                                                                                                                                                                                                                                                     ","UN    ","AS",19.13]
[44173,"CONECTOR / ADAPTADOR F/M, COM INSERTO METALICO, PPR, DN 25 MM X 3/4\", PARA AGUA QUENTE E FRIA PREDIAL                                                                                                                                                                                                                                                                                                                                                                                                     ","UN    ","AS",18.600000000000001]
[44174,"CONECTOR / ADAPTADOR F/M, COM INSERTO METALICO, PPR, DN 32 MM X 1\", PARA AGUA QUENTE E FRIA PREDIAL                                                                                                                                                                                                                                                                                                                                                                                                       ","UN    ","AS",30.45]
[38997,"CONECTOR / ADAPTADOR F/M, COM INSERTO METALICO, PPR, DN 32 MM X 3/4\", PARA AGUA QUENTE E FRIA PREDIAL                                                                                                                                                                                                                                                                                                                                                                                                     ","UN    ","AS",27.37]
[39600,"CONECTOR / TOMADA FEMEA RJ 45, CATEGORIA 5 E (CAT 5E) PARA CABOS                                                                                                                                                                                                                                                                                                                                                                                                                                          ","UN    ","CR",13.68]
[39601,"CONECTOR / TOMADA FEMEA RJ 45, CATEGORIA 6 (CAT 6) PARA CABOS                                                                                                                                                                                                                                                                                                                                                                                                                                             ","UN    ","CR",29.03]
[39862,"CONECTOR BRONZE/LATAO (REF 603) SEM ANEL DE SOLDA, BOLSA X ROSCA F, 15 MM X 1/2\"                                                                                                                                                                                                                                                                                                                                                                                                                          ","UN    ","AS",13.75]
[39863,"CONECTOR BRONZE/LATAO (REF 603) SEM ANEL DE SOLDA, BOLSA X ROSCA F, 22 MM X 1/2\"                                                                                                                                                                                                                                                                                                                                                                                                                          ","UN    ","AS",13.94]
[39864,"CONECTOR BRONZE/LATAO (REF 603) SEM ANEL DE SOLDA, BOLSA X ROSCA F, 22 MM X 3/4\"                                                                                                                                                                                                                                                                                                                                                                                                                          ","UN    ","AS",17.3]
[39865,"CONECTOR BRONZE/LATAO (REF 603) SEM ANEL DE SOLDA, BOLSA X ROSCA F, 28 MM X 1/2\"                                                                                                                                                                                                                                                                                                                                                                                                                          ","UN    ","AS",24.38]
[2517,"CONECTOR CURVO 90 GRAUS DE ALUMINIO, BITOLA 1 1/2\", PARA ADAPTAR ENTRADA DE ELETRODUTO METALICO FLEXIVEL EM QUADROS                                                                                                                                                                                                                                                                                                                                                                                       ","UN    ","CR",27.42]
[2522,"CONECTOR CURVO 90 GRAUS DE ALUMINIO, BITOLA 1 1/4\", PARA ADAPTAR ENTRADA DE ELETRODUTO METALICO FLEXIVEL EM QUADROS                                                                                                                                                                                                                                                                                                                                                                                       ","UN    ","CR",17.72]
[2548,"CONECTOR CURVO 90 GRAUS DE ALUMINIO, BITOLA 1/2\", PARA ADAPTAR ENTRADA DE ELETRODUTO METALICO FLEXIVEL EM QUADROS                                                                                                                                                                                                                                                                                                                                                                                         ","UN    ","CR",10.9]
[2516,"CONECTOR CURVO 90 GRAUS DE ALUMINIO, BITOLA 1\", PARA ADAPTAR ENTRADA DE ELETRODUTO METALICO FLEXIVEL EM QUADROS                                                                                                                                                                                                                                                                                                                                                                                           ","UN    ","CR",14.23]
[2518,"CONECTOR CURVO 90 GRAUS DE ALUMINIO, BITOLA 2 1/2\", PARA ADAPTAR ENTRADA DE ELETRODUTO METALICO FLEXIVEL EM QUADROS                                                                                                                                                                                                                                                                                                                                                                                       ","UN    ","CR",130.54]
[2521,"CONECTOR CURVO 90 GRAUS DE ALUMINIO, BITOLA 2\", PARA ADAPTAR ENTRADA DE ELETRODUTO METALICO FLEXIVEL EM QUADROS                                                                                                                                                                                                                                                                                                                                                                                           ","UN    ","CR",55.57]
[2515,"CONECTOR CURVO 90 GRAUS DE ALUMINIO, BITOLA 3/4\", PARA ADAPTAR ENTRADA DE ELETRODUTO METALICO FLEXIVEL EM QUADROS                                                                                                                                                                                                                                                                                                                                                                                         ","UN    ","CR",11.84]
[2519,"CONECTOR CURVO 90 GRAUS DE ALUMINIO, BITOLA 3\", PARA ADAPTAR ENTRADA DE ELETRODUTO METALICO FLEXIVEL EM QUADROS                                                                                                                                                                                                                                                                                                                                                                                           ","UN    ","CR",157.4]
[2520,"CONECTOR CURVO 90 GRAUS DE ALUMINIO, BITOLA 4\", PARA ADAPTAR ENTRADA DE ELETRODUTO METALICO FLEXIVEL EM QUADROS                                                                                                                                                                                                                                                                                                                                                                                           ","UN    ","CR",289.7]
[1602,"CONECTOR DE ALUMINIO TIPO PRENSA CABO, BITOLA 1 1/2\", PARA CABOS DE DIAMETRO DE 37 A 40 MM                                                                                                                                                                                                                                                                                                                                                                                                                ","UN    ","CR",66.69]
[1601,"CONECTOR DE ALUMINIO TIPO PRENSA CABO, BITOLA 1 1/4\", PARA CABOS DE DIAMETRO DE 31 A 34 MM                                                                                                                                                                                                                                                                                                                                                                                                                ","UN    ","CR",59.44]
[1598,"CONECTOR DE ALUMINIO TIPO PRENSA CABO, BITOLA 1/2\", PARA CABOS DE DIAMETRO DE 12,5 A 15 MM                                                                                                                                                                                                                                                                                                                                                                                                                ","UN    ","CR",17.59]
[1600,"CONECTOR DE ALUMINIO TIPO PRENSA CABO, BITOLA 1\", PARA CABOS DE DIAMETRO DE 22,5 A 25 MM                                                                                                                                                                                                                                                                                                                                                                                                                  ","UN    ","CR",25.96]
[1603,"CONECTOR DE ALUMINIO TIPO PRENSA CABO, BITOLA 2\", PARA CABOS DE DIAMETRO DE 47,5 A 50 MM                                                                                                                                                                                                                                                                                                                                                                                                                  ","UN    ","CR",100.7]
[1599,"CONECTOR DE ALUMINIO TIPO PRENSA CABO, BITOLA 3/4\", PARA CABOS DE DIAMETRO DE 17,5 A 20 MM                                                                                                                                                                                                                                                                                                                                                                                                                ","UN    ","CR",20.41]
[1597,"CONECTOR DE ALUMINIO TIPO PRENSA CABO, BITOLA 3/8\", PARA CABOS DE DIAMETRO DE 9 A 10 MM                                                                                                                                                                                                                                                                                                                                                                                                                   ","UN    ","CR",16.54]
[39602,"CONECTOR MACHO RJ 45, CATEGORIA 5 E (CAT 5E) PARA CABOS                                                                                                                                                                                                                                                                                                                                                                                                                                                   ","UN    ","CR",1.45]
[39603,"CONECTOR MACHO RJ 45, CATEGORIA 6 (CAT 6) PARA CABOS                                                                                                                                                                                                                                                                                                                                                                                                                                                      ","UN    ","CR",3.09]
[11821,"CONECTOR METALICO TIPO PARAFUSO FENDIDO (SPLIT BOLT), COM SEPARADOR DE CABOS BIMETALICOS, PARA CABOS ATE 25 MM2                                                                                                                                                                                                                                                                                                                                                                                           ","UN    ","CR",13.58]
[1562,"CONECTOR METALICO TIPO PARAFUSO FENDIDO (SPLIT BOLT), COM SEPARADOR DE CABOS BIMETALICOS, PARA CABOS ATE 50 MM2                                                                                                                                                                                                                                                                                                                                                                                           ","UN    ","CR",22.25]
[1563,"CONECTOR METALICO TIPO PARAFUSO FENDIDO (SPLIT BOLT), COM SEPARADOR DE CABOS BIMETALICOS, PARA CABOS ATE 70 MM2                                                                                                                                                                                                                                                                                                                                                                                           ","UN    ","CR",29.85]
[11856,"CONECTOR METALICO TIPO PARAFUSO FENDIDO (SPLIT BOLT), PARA CABOS ATE 10 MM2                                                                                                                                                                                                                                                                                                                                                                                                                               ","UN    ","C ",8.9]
[11857,"CONECTOR METALICO TIPO PARAFUSO FENDIDO (SPLIT BOLT), PARA CABOS ATE 120 MM2                                                                                                                                                                                                                                                                                                                                                                                                                              ","UN    ","CR",46.84]
[11858,"CONECTOR METALICO TIPO PARAFUSO FENDIDO (SPLIT BOLT), PARA CABOS ATE 150 MM2                                                                                                                                                                                                                                                                                                                                                                                                                              ","UN    ","CR",58.13]
[1539,"CONECTOR METALICO TIPO PARAFUSO FENDIDO (SPLIT BOLT), PARA CABOS ATE 16 MM2                                                                                                                                                                                                                                                                                                                                                                                                                               ","UN    ","CR",10.46]
[11859,"CONECTOR METALICO TIPO PARAFUSO FENDIDO (SPLIT BOLT), PARA CABOS ATE 185 MM2                                                                                                                                                                                                                                                                                                                                                                                                                              ","UN    ","CR",79.09]
[1550,"CONECTOR METALICO TIPO PARAFUSO FENDIDO (SPLIT BOLT), PARA CABOS ATE 25 MM2                                                                                                                                                                                                                                                                                                                                                                                                                               ","UN    ","CR",11.04]
[11854,"CONECTOR METALICO TIPO PARAFUSO FENDIDO (SPLIT BOLT), PARA CABOS ATE 35 MM2                                                                                                                                                                                                                                                                                                                                                                                                                               ","UN    ","CR",13.79]
[11862,"CONECTOR METALICO TIPO PARAFUSO FENDIDO (SPLIT BOLT), PARA CABOS ATE 50 MM2                                                                                                                                                                                                                                                                                                                                                                                                                               ","UN    ","CR",19.34]
[11863,"CONECTOR METALICO TIPO PARAFUSO FENDIDO (SPLIT BOLT), PARA CABOS ATE 6 MM2                                                                                                                                                                                                                                                                                                                                                                                                                                ","UN    ","CR",7.81]
[11855,"CONECTOR METALICO TIPO PARAFUSO FENDIDO (SPLIT BOLT), PARA CABOS ATE 70 MM2                                                                                                                                                                                                                                                                                                                                                                                                                               ","UN    ","CR",28.87]
[11864,"CONECTOR METALICO TIPO PARAFUSO FENDIDO (SPLIT BOLT), PARA CABOS ATE 95 MM2                                                                                                                                                                                                                                                                                                                                                                                                                               ","UN    ","CR",43.65]
[2527,"CONECTOR RETO DE ALUMINIO PARA ELETRODUTO DE 1 1/2\", PARA ADAPTAR ENTRADA DE ELETRODUTO METALICO FLEXIVEL EM QUADROS                                                                                                                                                                                                                                                                                                                                                                                      ","UN    ","CR",9.81]
[2526,"CONECTOR RETO DE ALUMINIO PARA ELETRODUTO DE 1 1/4\", PARA ADAPTAR ENTRADA DE ELETRODUTO METALICO FLEXIVEL EM QUADROS                                                                                                                                                                                                                                                                                                                                                                                      ","UN    ","CR",6.29]
[2487,"CONECTOR RETO DE ALUMINIO PARA ELETRODUTO DE 1/2\", PARA ADAPTAR ENTRADA DE ELETRODUTO METALICO FLEXIVEL EM QUADROS                                                                                                                                                                                                                                                                                                                                                                                        ","UN    ","CR",2.14]
[2483,"CONECTOR RETO DE ALUMINIO PARA ELETRODUTO DE 1\", PARA ADAPTAR ENTRADA DE ELETRODUTO METALICO FLEXIVEL EM QUADROS                                                                                                                                                                                                                                                                                                                                                                                          ","UN    ","CR",4.4800000000000004]
[2528,"CONECTOR RETO DE ALUMINIO PARA ELETRODUTO DE 2 1/2\", PARA ADAPTAR ENTRADA DE ELETRODUTO METALICO FLEXIVEL EM QUADROS                                                                                                                                                                                                                                                                                                                                                                                      ","UN    ","CR",24.7]
[2489,"CONECTOR RETO DE ALUMINIO PARA ELETRODUTO DE 2\", PARA ADAPTAR ENTRADA DE ELETRODUTO METALICO FLEXIVEL EM QUADROS                                                                                                                                                                                                                                                                                                                                                                                          ","UN    ","CR",10.88]
[2488,"CONECTOR RETO DE ALUMINIO PARA ELETRODUTO DE 3/4\", PARA ADAPTAR ENTRADA DE ELETRODUTO METALICO FLEXIVEL EM QUADROS                                                                                                                                                                                                                                                                                                                                                                                        ","UN    ","CR",2.5099999999999998]
[2484,"CONECTOR RETO DE ALUMINIO PARA ELETRODUTO DE 3\", PARA ADAPTAR ENTRADA DE ELETRODUTO METALICO FLEXIVEL EM QUADROS                                                                                                                                                                                                                                                                                                                                                                                          ","UN    ","CR",35.880000000000003]
[2485,"CONECTOR RETO DE ALUMINIO PARA ELETRODUTO DE 4\", PARA ADAPTAR ENTRADA DE ELETRODUTO METALICO FLEXIVEL EM QUADROS                                                                                                                                                                                                                                                                                                                                                                                          ","UN    ","CR",56.23]
[39279,"CONECTOR/ADAPTADOR FIXO, ROSCA FEMEA, EM PLASTICO, DN 16 MM X 1/2\", PARA CONEXAO COM CRIMPAGEM, EM TUBO PEX PARA INST. AGUA QUENTE/FRIA                                                                                                                                                                                                                                                                                                                                                                   ","UN    ","AS",9.16]
[39280,"CONECTOR/ADAPTADOR FIXO, ROSCA FEMEA, EM PLASTICO, DN 20 MM X 1/2\", PARA CONEXAO COM CRIMPAGEM, EM TUBO PEX PARA INST. AGUA QUENTE/FRIA                                                                                                                                                                                                                                                                                                                                                                   ","UN    ","AS",10.26]
[39281,"CONECTOR/ADAPTADOR FIXO, ROSCA FEMEA, EM PLASTICO, DN 20 MM X 3/4\", PARA CONEXAO COM CRIMPAGEM, EM TUBO PEX PARA INST. AGUA QUENTE/FRIA                                                                                                                                                                                                                                                                                                                                                                   ","UN    ","AS",13.56]
[39282,"CONECTOR/ADAPTADOR FIXO, ROSCA FEMEA, EM PLASTICO, DN 25 MM X 3/4\", PARA CONEXAO COM CRIMPAGEM, EM TUBO PEX PARA INST. AGUA QUENTE/FRIA                                                                                                                                                                                                                                                                                                                                                                   ","UN    ","AS",18.940000000000001]
[38844,"CONECTOR/ADAPTADOR FIXO, ROSCA FEMEA, METALICA, COM ANEL DESLIZANTE, DN 16 MM X 1/2\", PARA TUBO PEX PARA INST. AGUA QUENTE/FRIA                                                                                                                                                                                                                                                                                                                                                                           ","UN    ","AS",9.2899999999999991]
[38846,"CONECTOR/ADAPTADOR FIXO, ROSCA FEMEA, METALICA, COM ANEL DESLIZANTE, DN 20 MM X 1/2\", PARA TUBO PEX PARA INST. AGUA QUENTE/FRIA                                                                                                                                                                                                                                                                                                                                                                           ","UN    ","AS",9.4499999999999993]
[38847,"CONECTOR/ADAPTADOR FIXO, ROSCA FEMEA, METALICA, COM ANEL DESLIZANTE, DN 20 MM X 3/4\", PARA TUBO PEX PARA INST. AGUA QUENTE/FRIA                                                                                                                                                                                                                                                                                                                                                                           ","UN    ","AS",11.07]
[38850,"CONECTOR/ADAPTADOR FIXO, ROSCA FEMEA, METALICA, COM ANEL DESLIZANTE, DN 25 MM X 1\", PARA TUBO PEX PARA INST. AGUA QUENTE/FRIA                                                                                                                                                                                                                                                                                                                                                                             ","UN    ","AS",19.989999999999998]
[38848,"CONECTOR/ADAPTADOR FIXO, ROSCA FEMEA, METALICA, COM ANEL DESLIZANTE, DN 25 MM X 3/4\", PARA TUBO PEX PARA INST. AGUA QUENTE/FRIA                                                                                                                                                                                                                                                                                                                                                                           ","UN    ","AS",13.11]
[38851,"CONECTOR/ADAPTADOR FIXO, ROSCA FEMEA, METALICA, COM ANEL DESLIZANTE, DN 32 MM X 1\", PARA TUBO PEX PARA INST. AGUA QUENTE/FRIA                                                                                                                                                                                                                                                                                                                                                                             ","UN    ","AS",22.61]
[38854,"CONECTOR/ADAPTADOR MOVEL, ROSCA FEMEA, METALICA, COM ANEL DESLIZANTE, DN 16 MM X 3/4\", PARA TUBO PEX PARA INST. AGUA QUENTE/FRIA                                                                                                                                                                                                                                                                                                                                                                          ","UN    ","AS",9.82]
[44247,"CONECTOR, CPVC, SOLDAVEL, 114 MM X 4\", PARA AGUA QUENTE                                                                                                                                                                                                                                                                                                                                                                                                                                                   ","UN    ","CR",1548.91]
[38005,"CONECTOR, CPVC, SOLDAVEL, 15 MM X 1/2\", PARA AGUA QUENTE                                                                                                                                                                                                                                                                                                                                                                                                                                                  ","UN    ","CR",18.420000000000002]
[38006,"CONECTOR, CPVC, SOLDAVEL, 22 MM X 1/2\", PARA AGUA QUENTE                                                                                                                                                                                                                                                                                                                                                                                                                                                  ","UN    ","CR",24.47]
[38428,"CONECTOR, CPVC, SOLDAVEL, 22 MM X 3/4\", PARA AGUA QUENTE                                                                                                                                                                                                                                                                                                                                                                                                                                                  ","UN    ","CR",21.92]
[38007,"CONECTOR, CPVC, SOLDAVEL, 28 MM X 1\", PARA AGUA QUENTE                                                                                                                                                                                                                                                                                                                                                                                                                                                    ","UN    ","CR",28.24]
[38008,"CONECTOR, CPVC, SOLDAVEL, 35 MM X 1 1/4\", PARA AGUA QUENTE                                                                                                                                                                                                                                                                                                                                                                                                                                                ","UN    ","CR",45.18]
[38009,"CONECTOR, CPVC, SOLDAVEL, 42 MM X 1 1/2\", PARA AGUA QUENTE                                                                                                                                                                                                                                                                                                                                                                                                                                                ","UN    ","CR",55.31]
[44248,"CONECTOR, CPVC, SOLDAVEL, 54 MM X 2\", PARA AGUA QUENTE                                                                                                                                                                                                                                                                                                                                                                                                                                                    ","UN    ","CR",90.16]
[44249,"CONECTOR, CPVC, SOLDAVEL, 73 MM X 2 1/2\", PARA AGUA QUENTE                                                                                                                                                                                                                                                                                                                                                                                                                                                ","UN    ","CR",347.87]
[44250,"CONECTOR, CPVC, SOLDAVEL, 89 MM X 3\", PARA AGUA QUENTE                                                                                                                                                                                                                                                                                                                                                                                                                                                    ","UN    ","CR",505.18]
[3104,"CONJ. DE FERRAGENS PARA PORTA DE VIDRO TEMPERADO, EM ZAMAC CROMADO, CONTEMPLANDO DOBRADICA INF., DOBRADICA SUP., PIVO PARA DOBRADICA INF., PIVO PARA DOBRADICA SUP., FECHADURA CENTRAL EM ZAMC. CROMADO, CONTRA FECHADURA DE PRESSAO                                                                                                                                                                                                                                                                      ","CJ    ","CR",164.68]
[1607,"CONJUNTO ARRUELAS DE VEDACAO 5/16\" PARA TELHA FIBROCIMENTO (UMA ARRUELA METALICA E UMA ARRUELA PVC - CONICAS)                                                                                                                                                                                                                                                                                                                                                                                             ","CJ    ","CR",0.21]
[38169,"CONJUNTO DE FERRAGENS PIVO, PARA PORTA PIVOTANTE DE ATE 100 KG, REGULAVEL COM ESFERA, CROMADO - SUPERIOR E INFERIOR - COMPLETO                                                                                                                                                                                                                                                                                                                                                                            ","CJ    ","CR",86.55]
[6142,"CONJUNTO DE LIGACAO AJUSTAVEL, PARA VASO / BACIA SANITARIA, EM PLASTICO BRANCO, COM TUBO, CANOPLA E ESPUDE                                                                                                                                                                                                                                                                                                                                                                                                ","UN    ","CR",7.65]
[11686,"CONJUNTO DE LIGACAO PARA VASO / BACIA SANITARIA, EM PLASTICO BRANCO, COM TUBO, CANOPLA E ANEL DE EXPANSAO (TUBO 1.1/2\" X 20 CM)                                                                                                                                                                                                                                                                                                                                                                           ","UN    ","CR",10.62]
[37598,"CONJUNTO MONTADO ESTOPIM COM ESPOLETA COMUM NUMERO 8, COM CABECA ACENDEDORA, 1,5 M                                                                                                                                                                                                                                                                                                                                                                                                                        ","UN    ","AS",38.11]
[25398,"CONJUNTO PARA FUTSAL COM PAR DE TRAVES OFICIAIS DE 3,00 X 2,00 M EM TUBO DE ACO GALVANIZADO 3\" COM REQUADROS EM TUBO DE 1\", PINTURA EM PRIMER COM TINTA ESMALTE SINTETICO E REDES DE POLIETILENO FIO 4 MM                                                                                                                                                                                                                                                                                                 ","UN    ","AS",4068.28]
[25399,"CONJUNTO PARA QUADRA DE VOLEI COM POSTES EM TUBO DE ACO GALVANIZADO 3\", H = *255* CM, PINTURA EM TINTA ESMALTE SINTETICO, REDE DE NYLON COM 2 MM, MALHA 10 X 10 CM E ANTENAS OFICIAIS EM FIBRA DE VIDRO                                                                                                                                                                                                                                                                                                   ","UN    ","AS",2469.8000000000002]
[43440,"CONJUNTO PRE-MOLDADO COMPOSTO POR GRELHA (0,99 X 0,45 M), QUADRO (1,10 X 0,52 M) E CANTONEIRA (1,10 X 0,35 M), EM CONCRETO ARMADO, COM FCK DE 21 MPA                                                                                                                                                                                                                                                                                                                                                      ","UN    ","CR",395.73]
[10667,"CONTAINER ALMOXARIFADO, DE *2,40* X *6,00* M, PADRAO SIMPLES, SEM REVESTIMENTO E SEM DIVISORIAS INTERNOS E SEM SANITARIO, PARA USO EM CANTEIRO DE OBRAS                                                                                                                                                                                                                                                                                                                                                   ","UN    ","AS",19404]
[1613,"CONTATOR TRIPOLAR, CORRENTE DE *110* A, TENSAO NOMINAL DE *500* V, CATEGORIA AC-2 E AC-3                                                                                                                                                                                                                                                                                                                                                                                                                  ","UN    ","AS",1797.72]
[1626,"CONTATOR TRIPOLAR, CORRENTE DE *185* A, TENSAO NOMINAL DE *500* V, CATEGORIA AC-2 E AC-3                                                                                                                                                                                                                                                                                                                                                                                                                  ","UN    ","AS",2688.71]
[1625,"CONTATOR TRIPOLAR, CORRENTE DE *22* A, TENSAO NOMINAL DE *500* V, CATEGORIA AC-2 E AC-3                                                                                                                                                                                                                                                                                                                                                                                                                   ","UN    ","AS",187.79]
[1622,"CONTATOR TRIPOLAR, CORRENTE DE *265* A, TENSAO NOMINAL DE *500* V, CATEGORIA AC-2 E AC-3                                                                                                                                                                                                                                                                                                                                                                                                                  ","UN    ","AS",6067.31]
[1620,"CONTATOR TRIPOLAR, CORRENTE DE *38* A, TENSAO NOMINAL DE *500* V, CATEGORIA AC-2 E AC-3                                                                                                                                                                                                                                                                                                                                                                                                                   ","UN    ","AS",395.6]
[1629,"CONTATOR TRIPOLAR, CORRENTE DE *500* A, TENSAO NOMINAL DE *500* V, CATEGORIA AC-2 E AC-3                                                                                                                                                                                                                                                                                                                                                                                                                  ","UN    ","AS",14766.4]
[1627,"CONTATOR TRIPOLAR, CORRENTE DE *65* A, TENSAO NOMINAL DE *500* V, CATEGORIA AC-2 E AC-3                                                                                                                                                                                                                                                                                                                                                                                                                   ","UN    ","AS",756.17]
[1623,"CONTATOR TRIPOLAR, CORRENTE DE 12 A, TENSAO NOMINAL DE *500* V, CATEGORIA AC-2 E AC-3                                                                                                                                                                                                                                                                                                                                                                                                                     ","UN    ","AS",153.15]
[1619,"CONTATOR TRIPOLAR, CORRENTE DE 25 A, TENSAO NOMINAL DE *500* V, CATEGORIA AC-2 E AC-3                                                                                                                                                                                                                                                                                                                                                                                                                     ","UN    ","AS",210.67]
[1630,"CONTATOR TRIPOLAR, CORRENTE DE 250 A, TENSAO NOMINAL DE *500* V, PARA ACIONAMENTO DE CAPACITORES                                                                                                                                                                                                                                                                                                                                                                                                          ","UN    ","AS",4638.59]
[1616,"CONTATOR TRIPOLAR, CORRENTE DE 300 A, TENSAO NOMINAL DE *500* V, CATEGORIA AC-2 E AC-3                                                                                                                                                                                                                                                                                                                                                                                                                    ","UN    ","AS",7134.23]
[1614,"CONTATOR TRIPOLAR, CORRENTE DE 32 A, TENSAO NOMINAL DE *500* V, CATEGORIA AC-2 E AC-3                                                                                                                                                                                                                                                                                                                                                                                                                     ","UN    ","AS",326.06]
[1617,"CONTATOR TRIPOLAR, CORRENTE DE 400 A, TENSAO NOMINAL DE *500* V, CATEGORIA AC-2 E AC-3                                                                                                                                                                                                                                                                                                                                                                                                                    ","UN    ","AS",8516.7199999999993]
[1621,"CONTATOR TRIPOLAR, CORRENTE DE 45 A, TENSAO NOMINAL DE *500* V, CATEGORIA AC-2 E AC-3                                                                                                                                                                                                                                                                                                                                                                                                                     ","UN    ","AS",583.15]
[1624,"CONTATOR TRIPOLAR, CORRENTE DE 630 A, TENSAO NOMINAL DE *500* V, CATEGORIA AC-2 E AC-3                                                                                                                                                                                                                                                                                                                                                                                                                    ","UN    ","AS",20934.52]
[1615,"CONTATOR TRIPOLAR, CORRENTE DE 75 A, TENSAO NOMINAL DE *500* V, CATEGORIA AC-2 E AC-3                                                                                                                                                                                                                                                                                                                                                                                                                     ","UN    ","AS",1095.06]
[1612,"CONTATOR TRIPOLAR, CORRENTE DE 9 A, TENSAO NOMINAL DE *500* V, CATEGORIA AC-2 E AC-3                                                                                                                                                                                                                                                                                                                                                                                                                      ","UN    ","AS",144.22999999999999]
[1618,"CONTATOR TRIPOLAR, CORRENTE DE 95 A, TENSAO NOMINAL DE *500* V, CATEGORIA AC-2 E AC-3                                                                                                                                                                                                                                                                                                                                                                                                                     ","UN    ","AS",1504.78]
[14211,"CONTRA-PORCA SEXTAVADA, DIAMETRO NOMINAL 1 3/8\", ALTURA 35 MM                                                                                                                                                                                                                                                                                                                                                                                                                                             ","UN    ","CR",69.95]
[43657,"CONTRAMARCO DE ALUMINIO (PERFIL 25) PARA ESQUADRIAS, TIPO CONVENCIONAL / CADEIRINHA, 60 MM (CM-060), INCLUSO CONEXOES, GRAPAS E TRAVAMENTOS                                                                                                                                                                                                                                                                                                                                                               ","M     ","CR",3.82]
[38200,"CORDA DE POLIAMIDA 12 MM TIPO BOMBEIRO, PARA TRABALHO EM ALTURA                                                                                                                                                                                                                                                                                                                                                                                                                                           ","100M  ","CR",691.46]
[39269,"CORDAO DE COBRE, FLEXIVEL, TORCIDO, CLASSE 4 OU 5, ISOLACAO EM PVC/D, 300 V, 2 CONDUTORES DE 0,5 MM2                                                                                                                                                                                                                                                                                                                                                                                                      ","M     ","CR",1.37]
[11889,"CORDAO DE COBRE, FLEXIVEL, TORCIDO, CLASSE 4 OU 5, ISOLACAO EM PVC/D, 300 V, 2 CONDUTORES DE 0,75 MM2                                                                                                                                                                                                                                                                                                                                                                                                     ","M     ","CR",1.89]
[39270,"CORDAO DE COBRE, FLEXIVEL, TORCIDO, CLASSE 4 OU 5, ISOLACAO EM PVC/D, 300 V, 2 CONDUTORES DE 1,0 MM2                                                                                                                                                                                                                                                                                                                                                                                                      ","M     ","CR",2.4500000000000002]
[11890,"CORDAO DE COBRE, FLEXIVEL, TORCIDO, CLASSE 4 OU 5, ISOLACAO EM PVC/D, 300 V, 2 CONDUTORES DE 1,5 MM2                                                                                                                                                                                                                                                                                                                                                                                                      ","M     ","CR",3.34]
[11891,"CORDAO DE COBRE, FLEXIVEL, TORCIDO, CLASSE 4 OU 5, ISOLACAO EM PVC/D, 300 V, 2 CONDUTORES DE 2,5 MM2                                                                                                                                                                                                                                                                                                                                                                                                      ","M     ","CR",5.42]
[11892,"CORDAO DE COBRE, FLEXIVEL, TORCIDO, CLASSE 4 OU 5, ISOLACAO EM PVC/D, 300 V, 2 CONDUTORES DE 4 MM2                                                                                                                                                                                                                                                                                                                                                                                                        ","M     ","CR",8.85]
[37601,"CORDEL DETONANTE, NP 05 G/M                                                                                                                                                                                                                                                                                                                                                                                                                                                                               ","M     ","AS",8.4700000000000006]
[1634,"CORDEL DETONANTE, NP 10 G/M                                                                                                                                                                                                                                                                                                                                                                                                                                                                               ","M     ","AS",8.75]
[5086,"CORRENTE DE ELO CURTO COMUM, SOLDADA, GALVANIZADA, ESPESSURA DO ELO = 1/2\" (12,5 MM)                                                                                                                                                                                                                                                                                                                                                                                                                      ","KG    ","CR",35.83]
[11280,"CORTADEIRA DE PISO DE CONCRETO E ASFALTO, PARA DISCO PADRAO DE DIAMETRO 350 MM (14\") OU 450 MM (18\"), MOTOR A GASOLINA, POTENCIA 13 HP, SEM DISCO                                                                                                                                                                                                                                                                                                                                                         ","UN    ","CR",12157.69]
[40519,"CORTADEIRA HIDRAULICA DE VERGALHAO, PARA ACO DE DIAMETRO ATE 50 MM, MOTOR ELETRICO TRIFASICO, POTENCIA DE 5,5 HP A 7,5 HP                                                                                                                                                                                                                                                                                                                                                                                 ","UN    ","CR",100223.86]
[39869,"COTOVELO BRONZE/LATAO (REF 707-3) SEM ANEL DE SOLDA, BOLSA X ROSCA F, 15MM X 1/2\"                                                                                                                                                                                                                                                                                                                                                                                                                         ","UN    ","AS",13.65]
[39870,"COTOVELO BRONZE/LATAO (REF 707-3) SEM ANEL DE SOLDA, BOLSA X ROSCA F, 22MM X 1/2\"                                                                                                                                                                                                                                                                                                                                                                                                                         ","UN    ","AS",20.88]
[39871,"COTOVELO BRONZE/LATAO (REF 707-3) SEM ANEL DE SOLDA, BOLSA X ROSCA F, 22MM X 3/4\"                                                                                                                                                                                                                                                                                                                                                                                                                         ","UN    ","AS",23.4]
[12722,"COTOVELO DE COBRE 90 GRAUS (REF 607) SEM ANEL DE SOLDA, BOLSA X BOLSA, 104 MM                                                                                                                                                                                                                                                                                                                                                                                                                             ","UN    ","AS",783.17]
[12714,"COTOVELO DE COBRE 90 GRAUS (REF 607) SEM ANEL DE SOLDA, BOLSA X BOLSA, 15 MM                                                                                                                                                                                                                                                                                                                                                                                                                              ","UN    ","AS",5.1100000000000003]
[12715,"COTOVELO DE COBRE 90 GRAUS (REF 607) SEM ANEL DE SOLDA, BOLSA X BOLSA, 22 MM                                                                                                                                                                                                                                                                                                                                                                                                                              ","UN    ","AS",11.54]
[12716,"COTOVELO DE COBRE 90 GRAUS (REF 607) SEM ANEL DE SOLDA, BOLSA X BOLSA, 28 MM                                                                                                                                                                                                                                                                                                                                                                                                                              ","UN    ","AS",19.82]
[12717,"COTOVELO DE COBRE 90 GRAUS (REF 607) SEM ANEL DE SOLDA, BOLSA X BOLSA, 35 MM                                                                                                                                                                                                                                                                                                                                                                                                                              ","UN    ","AS",38.96]
[12718,"COTOVELO DE COBRE 90 GRAUS (REF 607) SEM ANEL DE SOLDA, BOLSA X BOLSA, 42 MM                                                                                                                                                                                                                                                                                                                                                                                                                              ","UN    ","AS",59.79]
[12719,"COTOVELO DE COBRE 90 GRAUS (REF 607) SEM ANEL DE SOLDA, BOLSA X BOLSA, 54 MM                                                                                                                                                                                                                                                                                                                                                                                                                              ","UN    ","AS",94.92]
[12720,"COTOVELO DE COBRE 90 GRAUS (REF 607) SEM ANEL DE SOLDA, BOLSA X BOLSA, 66 MM                                                                                                                                                                                                                                                                                                                                                                                                                              ","UN    ","AS",330.52]
[12721,"COTOVELO DE COBRE 90 GRAUS (REF 607) SEM ANEL DE SOLDA, BOLSA X BOLSA, 79 MM                                                                                                                                                                                                                                                                                                                                                                                                                              ","UN    ","AS",316.95]
[3468,"COTOVELO DE REDUCAO 90 GRAUS DE FERRO GALVANIZADO, COM ROSCA BSP, DE 1 1/2\" X 1\"                                                                                                                                                                                                                                                                                                                                                                                                                          ","UN    ","AS",47.39]
[3465,"COTOVELO DE REDUCAO 90 GRAUS DE FERRO GALVANIZADO, COM ROSCA BSP, DE 1 1/2\" X 3/4\"                                                                                                                                                                                                                                                                                                                                                                                                                        ","UN    ","AS",47.37]
[12403,"COTOVELO DE REDUCAO 90 GRAUS DE FERRO GALVANIZADO, COM ROSCA BSP, DE 1 1/4\" X 1\"                                                                                                                                                                                                                                                                                                                                                                                                                          ","UN    ","AS",33.76]
[3463,"COTOVELO DE REDUCAO 90 GRAUS DE FERRO GALVANIZADO, COM ROSCA BSP, DE 1\" X 1/2\"                                                                                                                                                                                                                                                                                                                                                                                                                            ","UN    ","AS",19.73]
[3464,"COTOVELO DE REDUCAO 90 GRAUS DE FERRO GALVANIZADO, COM ROSCA BSP, DE 1\" X 3/4\"                                                                                                                                                                                                                                                                                                                                                                                                                            ","UN    ","AS",19.73]
[3466,"COTOVELO DE REDUCAO 90 GRAUS DE FERRO GALVANIZADO, COM ROSCA BSP, DE 2 1/2\" X 2\"                                                                                                                                                                                                                                                                                                                                                                                                                          ","UN    ","AS",120.31]
[3467,"COTOVELO DE REDUCAO 90 GRAUS DE FERRO GALVANIZADO, COM ROSCA BSP, DE 2\" X 1 1/2\"                                                                                                                                                                                                                                                                                                                                                                                                                          ","UN    ","AS",67.95]
[3462,"COTOVELO DE REDUCAO 90 GRAUS DE FERRO GALVANIZADO, COM ROSCA BSP, DE 3/4\" X 1/2\"                                                                                                                                                                                                                                                                                                                                                                                                                          ","UN    ","AS",13.01]
[3446,"COTOVELO 45 GRAUS DE FERRO GALVANIZADO, COM ROSCA BSP, DE 1 1/2\"                                                                                                                                                                                                                                                                                                                                                                                                                                          ","UN    ","AS",40.06]
[3445,"COTOVELO 45 GRAUS DE FERRO GALVANIZADO, COM ROSCA BSP, DE 1 1/4\"                                                                                                                                                                                                                                                                                                                                                                                                                                          ","UN    ","AS",32.700000000000003]
[3441,"COTOVELO 45 GRAUS DE FERRO GALVANIZADO, COM ROSCA BSP, DE 1/2\"                                                                                                                                                                                                                                                                                                                                                                                                                                            ","UN    ","AS",9.23]
[3444,"COTOVELO 45 GRAUS DE FERRO GALVANIZADO, COM ROSCA BSP, DE 1\"                                                                                                                                                                                                                                                                                                                                                                                                                                              ","UN    ","AS",20.13]
[12402,"COTOVELO 45 GRAUS DE FERRO GALVANIZADO, COM ROSCA BSP, DE 2 1/2\"                                                                                                                                                                                                                                                                                                                                                                                                                                          ","UN    ","AS",112.6]
[3447,"COTOVELO 45 GRAUS DE FERRO GALVANIZADO, COM ROSCA BSP, DE 2\"                                                                                                                                                                                                                                                                                                                                                                                                                                              ","UN    ","AS",58.25]
[3442,"COTOVELO 45 GRAUS DE FERRO GALVANIZADO, COM ROSCA BSP, DE 3/4\"                                                                                                                                                                                                                                                                                                                                                                                                                                            ","UN    ","AS",13.8]
[3448,"COTOVELO 45 GRAUS DE FERRO GALVANIZADO, COM ROSCA BSP, DE 3\"                                                                                                                                                                                                                                                                                                                                                                                                                                              ","UN    ","AS",164.62]
[3449,"COTOVELO 45 GRAUS DE FERRO GALVANIZADO, COM ROSCA BSP, DE 4\"                                                                                                                                                                                                                                                                                                                                                                                                                                              ","UN    ","AS",288.45]
[37438,"COTOVELO 45 GRAUS, PEAD PE 100, DE 125 MM, PARA ELETROFUSAO                                                                                                                                                                                                                                                                                                                                                                                                                                               ","UN    ","AS",228.21]
[37439,"COTOVELO 45 GRAUS, PEAD PE 100, DE 200 MM, PARA ELETROFUSAO                                                                                                                                                                                                                                                                                                                                                                                                                                               ","UN    ","AS",1492.05]
[37435,"COTOVELO 45 GRAUS, PEAD PE 100, DE 32 MM, PARA ELETROFUSAO                                                                                                                                                                                                                                                                                                                                                                                                                                                ","UN    ","AS",26.82]
[37436,"COTOVELO 45 GRAUS, PEAD PE 100, DE 40 MM, PARA ELETROFUSAO                                                                                                                                                                                                                                                                                                                                                                                                                                                ","UN    ","AS",31.65]
[37437,"COTOVELO 45 GRAUS, PEAD PE 100, DE 63 MM, PARA ELETROFUSAO                                                                                                                                                                                                                                                                                                                                                                                                                                                ","UN    ","AS",45.78]
[3473,"COTOVELO 90 GRAUS DE FERRO GALVANIZADO, COM ROSCA BSP MACHO/FEMEA, DE 1 1/2\"                                                                                                                                                                                                                                                                                                                                                                                                                              ","UN    ","AS",45.29]
[3474,"COTOVELO 90 GRAUS DE FERRO GALVANIZADO, COM ROSCA BSP MACHO/FEMEA, DE 1 1/4\"                                                                                                                                                                                                                                                                                                                                                                                                                              ","UN    ","AS",37.33]
[3450,"COTOVELO 90 GRAUS DE FERRO GALVANIZADO, COM ROSCA BSP MACHO/FEMEA, DE 1/2\"                                                                                                                                                                                                                                                                                                                                                                                                                                ","UN    ","AS",10.82]
[3443,"COTOVELO 90 GRAUS DE FERRO GALVANIZADO, COM ROSCA BSP MACHO/FEMEA, DE 1\"                                                                                                                                                                                                                                                                                                                                                                                                                                  ","UN    ","AS",23.22]
[3453,"COTOVELO 90 GRAUS DE FERRO GALVANIZADO, COM ROSCA BSP MACHO/FEMEA, DE 2 1/2\"                                                                                                                                                                                                                                                                                                                                                                                                                              ","UN    ","AS",132.19999999999999]
[3452,"COTOVELO 90 GRAUS DE FERRO GALVANIZADO, COM ROSCA BSP MACHO/FEMEA, DE 2\"                                                                                                                                                                                                                                                                                                                                                                                                                                  ","UN    ","AS",65.25]
[3451,"COTOVELO 90 GRAUS DE FERRO GALVANIZADO, COM ROSCA BSP MACHO/FEMEA, DE 3/4\"                                                                                                                                                                                                                                                                                                                                                                                                                                ","UN    ","AS",12.94]
[3454,"COTOVELO 90 GRAUS DE FERRO GALVANIZADO, COM ROSCA BSP MACHO/FEMEA, DE 3\"                                                                                                                                                                                                                                                                                                                                                                                                                                  ","UN    ","AS",201.07]
[3458,"COTOVELO 90 GRAUS DE FERRO GALVANIZADO, COM ROSCA BSP, DE 1 1/2\"                                                                                                                                                                                                                                                                                                                                                                                                                                          ","UN    ","AS",36.299999999999997]
[3457,"COTOVELO 90 GRAUS DE FERRO GALVANIZADO, COM ROSCA BSP, DE 1 1/4\"                                                                                                                                                                                                                                                                                                                                                                                                                                          ","UN    ","AS",27.25]
[3455,"COTOVELO 90 GRAUS DE FERRO GALVANIZADO, COM ROSCA BSP, DE 1/2\"                                                                                                                                                                                                                                                                                                                                                                                                                                            ","UN    ","AS",7.74]
[3472,"COTOVELO 90 GRAUS DE FERRO GALVANIZADO, COM ROSCA BSP, DE 1\"                                                                                                                                                                                                                                                                                                                                                                                                                                              ","UN    ","AS",17.39]
[3470,"COTOVELO 90 GRAUS DE FERRO GALVANIZADO, COM ROSCA BSP, DE 2 1/2\"                                                                                                                                                                                                                                                                                                                                                                                                                                          ","UN    ","AS",101.37]
[3471,"COTOVELO 90 GRAUS DE FERRO GALVANIZADO, COM ROSCA BSP, DE 2\"                                                                                                                                                                                                                                                                                                                                                                                                                                              ","UN    ","AS",55.7]
[3456,"COTOVELO 90 GRAUS DE FERRO GALVANIZADO, COM ROSCA BSP, DE 3/4\"                                                                                                                                                                                                                                                                                                                                                                                                                                            ","UN    ","AS",11.58]
[3459,"COTOVELO 90 GRAUS DE FERRO GALVANIZADO, COM ROSCA BSP, DE 3\"                                                                                                                                                                                                                                                                                                                                                                                                                                              ","UN    ","AS",142.97999999999999]
[3469,"COTOVELO 90 GRAUS DE FERRO GALVANIZADO, COM ROSCA BSP, DE 4\"                                                                                                                                                                                                                                                                                                                                                                                                                                              ","UN    ","AS",271.92]
[3460,"COTOVELO 90 GRAUS DE FERRO GALVANIZADO, COM ROSCA BSP, DE 5\"                                                                                                                                                                                                                                                                                                                                                                                                                                              ","UN    ","AS",396.77]
[3461,"COTOVELO 90 GRAUS DE FERRO GALVANIZADO, COM ROSCA BSP, DE 6\"                                                                                                                                                                                                                                                                                                                                                                                                                                              ","UN    ","AS",1014.11]
[37433,"COTOVELO 90 GRAUS, PEAD PE 100, DE 125 MM, PARA ELETROFUSAO                                                                                                                                                                                                                                                                                                                                                                                                                                               ","UN    ","AS",228.21]
[37430,"COTOVELO 90 GRAUS, PEAD PE 100, DE 20 MM, PARA ELETROFUSAO                                                                                                                                                                                                                                                                                                                                                                                                                                                ","UN    ","AS",28.6]
[37434,"COTOVELO 90 GRAUS, PEAD PE 100, DE 200 MM, PARA ELETROFUSAO                                                                                                                                                                                                                                                                                                                                                                                                                                               ","UN    ","AS",2127.86]
[37431,"COTOVELO 90 GRAUS, PEAD PE 100, DE 32 MM, PARA ELETROFUSAO                                                                                                                                                                                                                                                                                                                                                                                                                                                ","UN    ","AS",38.79]
[37432,"COTOVELO 90 GRAUS, PEAD PE 100, DE 63 MM, PARA ELETROFUSAO                                                                                                                                                                                                                                                                                                                                                                                                                                                ","UN    ","AS",71.56]
[37413,"COTOVELO/JOELHO COM ADAPTADOR, 90 GRAUS, EM POLIPROPILENO, PN 16, PARA TUBOS PEAD, 20 MM X 1/2\" - LIGACAO PREDIAL DE AGUA                                                                                                                                                                                                                                                                                                                                                                                 ","UN    ","AS",3.8]
[37414,"COTOVELO/JOELHO COM ADAPTADOR, 90 GRAUS, EM POLIPROPILENO, PN 16, PARA TUBOS PEAD, 20 MM X 3/4\" - LIGACAO PREDIAL DE AGUA                                                                                                                                                                                                                                                                                                                                                                                 ","UN    ","AS",4.3099999999999996]
[37415,"COTOVELO/JOELHO COM ADAPTADOR, 90 GRAUS, EM POLIPROPILENO, PN 16, PARA TUBOS PEAD, 32 MM X 1\" - LIGACAO PREDIAL DE AGUA                                                                                                                                                                                                                                                                                                                                                                                   ","UN    ","AS",7.84]
[37416,"COTOVELO/JOELHO 90 GRAUS, EM POLIPROPILENO, PN 16, PARA TUBOS PEAD, 20 X 20 MM - LIGACAO PREDIAL DE AGUA                                                                                                                                                                                                                                                                                                                                                                                                  ","UN    ","AS",3.55]
[37417,"COTOVELO/JOELHO 90 GRAUS, EM POLIPROPILENO, PN 16, PARA TUBOS PEAD, 32 X 32 MM - LIGACAO PREDIAL DE AGUA                                                                                                                                                                                                                                                                                                                                                                                                  ","UN    ","AS",5.1100000000000003]
[43590,"CREMONA RETANGULAR INJETADA LISA COM CHAVE, COM CASTANHA / ALCA, EM LATAO, COM ACABAMENTO CROMADO, DE SOBREPOR / EMBUTIR                                                                                                                                                                                                                                                                                                                                                                                  ","UN    ","CR",166.58]
[43589,"CREMONA RETANGULAR INJETADA LISA, COM CASTANHA / ALCA, EM LATAO, COM ACABAMENTO CROMADO, DE SOBREPOR / EMBUTIR                                                                                                                                                                                                                                                                                                                                                                                            ","UN    ","CR",30.14]
[34519,"CRUZETA DE CONCRETO LEVE, COMP. 2000 MM SECAO, 90 X 90 MM                                                                                                                                                                                                                                                                                                                                                                                                                                                 ","UN    ","AS",82.84]
[1649,"CRUZETA DE FERRO GALVANIZADO, COM ROSCA BSP, DE 1 1/2\"                                                                                                                                                                                                                                                                                                                                                                                                                                                    ","UN    ","AS",85.61]
[1653,"CRUZETA DE FERRO GALVANIZADO, COM ROSCA BSP, DE 1 1/4\"                                                                                                                                                                                                                                                                                                                                                                                                                                                    ","UN    ","AS",67.06]
[1647,"CRUZETA DE FERRO GALVANIZADO, COM ROSCA BSP, DE 1/2\"                                                                                                                                                                                                                                                                                                                                                                                                                                                      ","UN    ","AS",24.01]
[1648,"CRUZETA DE FERRO GALVANIZADO, COM ROSCA BSP, DE 1\"                                                                                                                                                                                                                                                                                                                                                                                                                                                        ","UN    ","AS",46.11]
[1651,"CRUZETA DE FERRO GALVANIZADO, COM ROSCA BSP, DE 2 1/2\"                                                                                                                                                                                                                                                                                                                                                                                                                                                    ","UN    ","AS",213.9]
[1650,"CRUZETA DE FERRO GALVANIZADO, COM ROSCA BSP, DE 2\"                                                                                                                                                                                                                                                                                                                                                                                                                                                        ","UN    ","AS",118.23]
[1654,"CRUZETA DE FERRO GALVANIZADO, COM ROSCA BSP, DE 3/4\"                                                                                                                                                                                                                                                                                                                                                                                                                                                      ","UN    ","AS",32.96]
[1652,"CRUZETA DE FERRO GALVANIZADO, COM ROSCA BSP, DE 3\"                                                                                                                                                                                                                                                                                                                                                                                                                                                        ","UN    ","AS",307.01]
[10510,"CRUZETA DE MADEIRA TRATADA, *90 X 115 X 2400* MM, EM EUCALIPTO OU EQUIVALENTE DA REGIAO                                                                                                                                                                                                                                                                                                                                                                                                                   ","UN    ","CR",169.07]
[1747,"CUBA ACO INOX (AISI 304) DE EMBUTIR COM VALVULA DE 3 1/2 \", DE *56 X 33 X 12* CM                                                                                                                                                                                                                                                                                                                                                                                                                          ","UN    ","CR",198.54]
[1744,"CUBA ACO INOX (AISI 304) DE EMBUTIR COM VALVULA 3 1/2 \", DE *40 X 34 X 12* CM                                                                                                                                                                                                                                                                                                                                                                                                                             ","UN    ","CR",137.52000000000001]
[1743,"CUBA ACO INOX (AISI 304) DE EMBUTIR COM VALVULA 3 1/2 \", DE *46 X 30 X 12* CM                                                                                                                                                                                                                                                                                                                                                                                                                             ","UN    ","CR",180.59]
[39640,"CUMEEIRA ARTICULADA (ABA INFERIOR) PARA TELHA ONDULADA DE FIBROCIMENTO E = 4 MM, ABA *330* MM, COMPRIMENTO 500 MM (SEM AMIANTO)                                                                                                                                                                                                                                                                                                                                                                           ","UN    ","CR",15.91]
[7216,"CUMEEIRA NORMAL PARA TELHA ESTRUTURAL DE FIBROCIMENTO 2 ABAS, E = 6 MM, DE 1050 X 935 MM (SEM AMIANTO)                                                                                                                                                                                                                                                                                                                                                                                                    ","UN    ","CR",85.45]
[20235,"CUMEEIRA NORMAL PARA TELHA ONDULADA DE FIBROCIMENTO, E = 6 MM, ABA 300 MM, COMPRIMENTO 1100 MM (SEM AMIANTO)                                                                                                                                                                                                                                                                                                                                                                                              ","UN    ","CR",68.7]
[7181,"CUMEEIRA PARA TELHA CERAMICA, COMPRIMENTO DE *41* CM, RENDIMENTO DE *3* TELHAS/M                                                                                                                                                                                                                                                                                                                                                                                                                          ","UN    ","CR",3.67]
[40742,"CUMEEIRA PARA TELHA DE CONCRETO, PARA 2 AGUAS DE TELHADO, COR CINZA, RENDIMENTO DE *3* TELHAS/M                                                                                                                                                                                                                                                                                                                                                                                                           ","UN    ","CR",11.03]
[7214,"CUMEEIRA SHED PARA TELHA ONDULADA DE FIBROCIMENTO, E = 6 MM, ABA 280 MM, COMPRIMENTO 1100 MM (SEM AMIANTO)                                                                                                                                                                                                                                                                                                                                                                                                ","UN    ","CR",83.45]
[7219,"CUMEEIRA UNIVERSAL PARA TELHA ONDULADA DE FIBROCIMENTO, E = 6 MM, ABA 210 MM, COMPRIMENTO 1100 MM (SEM AMIANTO)                                                                                                                                                                                                                                                                                                                                                                                           ","UN    ","CR",74.02]
[37971,"CURVA CPVC, 90 GRAUS, SOLDAVEL, 15 MM, PARA AGUA QUENTE                                                                                                                                                                                                                                                                                                                                                                                                                                                   ","UN    ","CR",5]
[37972,"CURVA CPVC, 90 GRAUS, SOLDAVEL, 22 MM, PARA AGUA QUENTE                                                                                                                                                                                                                                                                                                                                                                                                                                                   ","UN    ","CR",7.1]
[37973,"CURVA CPVC, 90 GRAUS, SOLDAVEL, 28 MM, PARA AGUA QUENTE                                                                                                                                                                                                                                                                                                                                                                                                                                                   ","UN    ","CR",13.34]
[1926,"CURVA DE PVC 45 GRAUS, SOLDAVEL, 20 MM, COR MARROM, PARA AGUA FRIA PREDIAL                                                                                                                                                                                                                                                                                                                                                                                                                                ","UN    ","CR",1.91]
[1927,"CURVA DE PVC 45 GRAUS, SOLDAVEL, 25 MM, COR MARROM, PARA AGUA FRIA PREDIAL                                                                                                                                                                                                                                                                                                                                                                                                                                ","UN    ","CR",2.14]
[1923,"CURVA DE PVC 45 GRAUS, SOLDAVEL, 32 MM, COR MARROM, PARA AGUA FRIA PREDIAL                                                                                                                                                                                                                                                                                                                                                                                                                                ","UN    ","CR",3.9]
[1929,"CURVA DE PVC 45 GRAUS, SOLDAVEL, 40 MM, COR MARROM, PARA AGUA FRIA PREDIAL                                                                                                                                                                                                                                                                                                                                                                                                                                ","UN    ","CR",4.74]
[1930,"CURVA DE PVC 45 GRAUS, SOLDAVEL, 50 MM, COR MARROM, PARA AGUA FRIA PREDIAL                                                                                                                                                                                                                                                                                                                                                                                                                                ","UN    ","CR",8.11]
[1924,"CURVA DE PVC 45 GRAUS, SOLDAVEL, 60 MM, COR MARROM, PARA AGUA FRIA PREDIAL                                                                                                                                                                                                                                                                                                                                                                                                                                ","UN    ","CR",13.08]
[1922,"CURVA DE PVC 45 GRAUS, SOLDAVEL, 75 MM, COR MARROM, PARA AGUA FRIA PREDIAL                                                                                                                                                                                                                                                                                                                                                                                                                                ","UN    ","CR",27.06]
[1953,"CURVA DE PVC 45 GRAUS, SOLDAVEL, 85 MM, COR MARROM, PARA AGUA FRIA PREDIAL                                                                                                                                                                                                                                                                                                                                                                                                                                ","UN    ","CR",33.03]
[1962,"CURVA DE PVC 90 GRAUS, SOLDAVEL, 110 MM, COR MARROM, PARA AGUA FRIA PREDIAL                                                                                                                                                                                                                                                                                                                                                                                                                               ","UN    ","CR",160.47]
[1955,"CURVA DE PVC 90 GRAUS, SOLDAVEL, 20 MM, COR MARROM, PARA AGUA FRIA PREDIAL                                                                                                                                                                                                                                                                                                                                                                                                                                ","UN    ","CR",1.84]
[1956,"CURVA DE PVC 90 GRAUS, SOLDAVEL, 25 MM, COR MARROM, PARA AGUA FRIA PREDIAL                                                                                                                                                                                                                                                                                                                                                                                                                                ","UN    ","CR",2.61]
[1957,"CURVA DE PVC 90 GRAUS, SOLDAVEL, 32 MM, COR MARROM, PARA AGUA FRIA PREDIAL                                                                                                                                                                                                                                                                                                                                                                                                                                ","UN    ","CR",5.64]
[1958,"CURVA DE PVC 90 GRAUS, SOLDAVEL, 40 MM, COR MARROM, PARA AGUA FRIA PREDIAL                                                                                                                                                                                                                                                                                                                                                                                                                                ","UN    ","CR",10.51]
[1959,"CURVA DE PVC 90 GRAUS, SOLDAVEL, 50 MM, COR MARROM, PARA AGUA FRIA PREDIAL                                                                                                                                                                                                                                                                                                                                                                                                                                ","UN    ","CR",11.4]
[1925,"CURVA DE PVC 90 GRAUS, SOLDAVEL, 60 MM, COR MARROM, PARA AGUA FRIA PREDIAL                                                                                                                                                                                                                                                                                                                                                                                                                                ","UN    ","CR",29.8]
[1960,"CURVA DE PVC 90 GRAUS, SOLDAVEL, 75 MM, COR MARROM, PARA AGUA FRIA PREDIAL                                                                                                                                                                                                                                                                                                                                                                                                                                ","UN    ","CR",45.76]
[1961,"CURVA DE PVC 90 GRAUS, SOLDAVEL, 85 MM, COR MARROM, PARA AGUA FRIA PREDIAL                                                                                                                                                                                                                                                                                                                                                                                                                                ","UN    ","CR",58.62]
[38423,"CURVA DE PVC, 90 GRAUS, SERIE R, DN 100 MM, PARA ESGOTO PREDIAL                                                                                                                                                                                                                                                                                                                                                                                                                                           ","UN    ","CR",31.24]
[39866,"CURVA DE TRANSPOSICAO BRONZE/LATAO (REF 736) SEM ANEL DE SOLDA, BOLSA X BOLSA, 15 MM                                                                                                                                                                                                                                                                                                                                                                                                                      ","UN    ","AS",18.079999999999998]
[39867,"CURVA DE TRANSPOSICAO BRONZE/LATAO (REF 736) SEM ANEL DE SOLDA, BOLSA X BOLSA, 22 MM                                                                                                                                                                                                                                                                                                                                                                                                                      ","UN    ","AS",40.19]
[39868,"CURVA DE TRANSPOSICAO BRONZE/LATAO (REF 736) SEM ANEL DE SOLDA, BOLSA X BOLSA, 28 MM                                                                                                                                                                                                                                                                                                                                                                                                                      ","UN    ","AS",72.41]
[37999,"CURVA DE TRANSPOSICAO, CPVC, SOLDAVEL, 15 MM                                                                                                                                                                                                                                                                                                                                                                                                                                                              ","UN    ","CR",8.43]
[38000,"CURVA DE TRANSPOSICAO, CPVC, SOLDAVEL, 22 MM                                                                                                                                                                                                                                                                                                                                                                                                                                                              ","UN    ","CR",9.85]
[38129,"CURVA DE TRANSPOSICAO, PVC SOLDAVEL, 20 MM, COR MARROM, PARA AGUA FRIA PREDIAL                                                                                                                                                                                                                                                                                                                                                                                                                            ","UN    ","CR",4.3]
[38025,"CURVA DE TRANSPOSICAO, PVC, SOLDAVEL, 25 MM, COR MARROM, PARA AGUA FRIA PREDIAL                                                                                                                                                                                                                                                                                                                                                                                                                           ","UN    ","CR",5.84]
[38026,"CURVA DE TRANSPOSICAO, PVC, SOLDAVEL, 32 MM, COR MARROM, PARA AGUA FRIA PREDIAL                                                                                                                                                                                                                                                                                                                                                                                                                           ","UN    ","CR",14.42]
[1858,"CURVA LONGA PVC, PB, JE, 45 GRAUS, DN 100 MM, PARA REDE COLETORA ESGOTO                                                                                                                                                                                                                                                                                                                                                                                                                                   ","UN    ","CR",48.41]
[1844,"CURVA LONGA PVC, PB, JE, 45 GRAUS, DN 150 MM, PARA REDE COLETORA ESGOTO                                                                                                                                                                                                                                                                                                                                                                                                                                   ","UN    ","CR",110.87]
[1863,"CURVA LONGA PVC, PB, JE, 90 GRAUS, DN 100 MM, PARA REDE COLETORA ESGOTO                                                                                                                                                                                                                                                                                                                                                                                                                                   ","UN    ","CR",51.52]
[1865,"CURVA LONGA PVC, PB, JE, 90 GRAUS, DN 150 MM, PARA REDE COLETORA ESGOTO                                                                                                                                                                                                                                                                                                                                                                                                                                   ","UN    ","CR",134.22999999999999]
[36355,"CURVA PPR 90 GRAUS, F/F, DN 20 MM, PARA AGUA QUENTE PREDIAL                                                                                                                                                                                                                                                                                                                                                                                                                                               ","UN    ","AS",10.16]
[36356,"CURVA PPR 90 GRAUS, F/F, DN 25 MM, PARA AGUA QUENTE PREDIAL                                                                                                                                                                                                                                                                                                                                                                                                                                               ","UN    ","AS",16.34]
[1966,"CURVA PVC CURTA 90 GRAUS, DN 100 MM, PARA ESGOTO PREDIAL                                                                                                                                                                                                                                                                                                                                                                                                                                                  ","UN    ","CR",20.54]
[1933,"CURVA PVC CURTA 90 GRAUS, DN 40 MM, PARA ESGOTO PREDIAL                                                                                                                                                                                                                                                                                                                                                                                                                                                   ","UN    ","CR",4.43]
[1932,"CURVA PVC CURTA 90 GRAUS, DN 50 MM, PARA ESGOTO PREDIAL                                                                                                                                                                                                                                                                                                                                                                                                                                                   ","UN    ","CR",10.130000000000001]
[1951,"CURVA PVC CURTA 90 GRAUS, DN 75 MM, PARA ESGOTO PREDIAL                                                                                                                                                                                                                                                                                                                                                                                                                                                   ","UN    ","CR",21.13]
[1970,"CURVA PVC LONGA 90 GRAUS, DN 100 MM, PARA ESGOTO PREDIAL                                                                                                                                                                                                                                                                                                                                                                                                                                                  ","UN    ","CR",51.35]
[1967,"CURVA PVC LONGA 90 GRAUS, DN 40 MM, PARA ESGOTO PREDIAL                                                                                                                                                                                                                                                                                                                                                                                                                                                   ","UN    ","CR",6.1]
[1968,"CURVA PVC LONGA 90 GRAUS, DN 50 MM, PARA ESGOTO PREDIAL                                                                                                                                                                                                                                                                                                                                                                                                                                                   ","UN    ","CR",12.05]
[1969,"CURVA PVC LONGA 90 GRAUS, DN 75 MM, PARA ESGOTO PREDIAL                                                                                                                                                                                                                                                                                                                                                                                                                                                   ","UN    ","CR",39.229999999999997]
[1827,"CURVA PVC PBA, JE, PB, 45 GRAUS, DN 100 / DE 110 MM, PARA REDE DE AGUA                                                                                                                                                                                                                                                                                                                                                                                                                                    ","UN    ","AS",123.57]
[1831,"CURVA PVC PBA, JE, PB, 45 GRAUS, DN 50 / DE 60 MM, PARA REDE DE AGUA                                                                                                                                                                                                                                                                                                                                                                                                                                      ","UN    ","AS",26.97]
[1825,"CURVA PVC PBA, JE, PB, 45 GRAUS, DN 75 / DE 85 MM, PARA REDE DE AGUA                                                                                                                                                                                                                                                                                                                                                                                                                                      ","UN    ","AS",66.569999999999993]
[1828,"CURVA PVC PBA, JE, PB, 90 GRAUS, DN 100 / DE 110 MM, PARA REDE DE AGUA                                                                                                                                                                                                                                                                                                                                                                                                                                    ","UN    ","AS",150.79]
[1845,"CURVA PVC PBA, JE, PB, 90 GRAUS, DN 50 / DE 60 MM, PARA REDE DE AGUA                                                                                                                                                                                                                                                                                                                                                                                                                                      ","UN    ","AS",33.799999999999997]
[1824,"CURVA PVC PBA, JE, PB, 90 GRAUS, DN 75 / DE 85 MM, PARA REDE DE AGUA                                                                                                                                                                                                                                                                                                                                                                                                                                      ","UN    ","AS",79.81]
[1940,"CURVA PVC 90 GRAUS, ROSCAVEL, 1 1/4\", COR BRANCA, AGUA FRIA PREDIAL                                                                                                                                                                                                                                                                                                                                                                                                                                       ","UN    ","CR",29.12]
[1937,"CURVA PVC 90 GRAUS, ROSCAVEL, 1/2\", COR BRANCA, AGUA FRIA PREDIAL                                                                                                                                                                                                                                                                                                                                                                                                                                         ","UN    ","CR",4.91]
[1939,"CURVA PVC 90 GRAUS, ROSCAVEL, 1\", COR BRANCA, AGUA FRIA PREDIAL                                                                                                                                                                                                                                                                                                                                                                                                                                           ","UN    ","CR",7.98]
[1938,"CURVA PVC 90 GRAUS, ROSCAVEL, 3/4\", COR BRANCA, AGUA FRIA PREDIAL                                                                                                                                                                                                                                                                                                                                                                                                                                         ","UN    ","CR",5.59]
[42693,"CURVA PVC, BB, JE, 45 GRAUS, DN 250 MM, PARA TUBO CORRUGADO E/OU LISO, REDE COLETORA ESGOTO                                                                                                                                                                                                                                                                                                                                                                                                               ","UN    ","CR",377.07]
[42695,"CURVA PVC, BB, JE, 90 GRAUS, DN 200 MM, PARA TUBO CORRUGADO E/OU LISO, REDE COLETORA ESGOTO                                                                                                                                                                                                                                                                                                                                                                                                               ","UN    ","CR",263.44]
[42694,"CURVA PVC, BB, JE, 90 GRAUS, DN 250 MM, PARA TUBO CORRUGADO E/OU LISO, REDE COLETORA ESGOTO                                                                                                                                                                                                                                                                                                                                                                                                               ","UN    ","CR",504.59]
[20097,"CURVA PVC, SERIE R, 87.30 GRAUS, CURTA, PARA PE-DE-COLUNA, DN 100 MM, PARA ESGOTO PREDIAL                                                                                                                                                                                                                                                                                                                                                                                                                 ","UN    ","CR",21.88]
[20098,"CURVA PVC, SERIE R, 87.30 GRAUS, CURTA, PARA PE-DE-COLUNA, DN 150 MM, PARA ESGOTO PREDIAL                                                                                                                                                                                                                                                                                                                                                                                                                 ","UN    ","CR",89.42]
[20096,"CURVA PVC, SERIE R, 87.30 GRAUS, CURTA, PARA PE-DE-COLUNA, DN 75 MM, PARA ESGOTO PREDIAL                                                                                                                                                                                                                                                                                                                                                                                                                  ","UN    ","CR",22.65]
[2628,"CURVA 135 GRAUS PARA ELETRODUTO, EM ACO GALVANIZADO ELETROLITICO, COM ROSCA, DIAMETRO DE 100 MM (4\")                                                                                                                                                                                                                                                                                                                                                                                                      ","UN    ","AS",208.91]
[2622,"CURVA 135 GRAUS PARA ELETRODUTO, EM ACO GALVANIZADO ELETROLITICO, COM ROSCA, DIAMETRO DE 15 MM (1/2\"), ESPESSURA DE 1,50 MM                                                                                                                                                                                                                                                                                                                                                                               ","UN    ","AS",4.96]
[2623,"CURVA 135 GRAUS PARA ELETRODUTO, EM ACO GALVANIZADO ELETROLITICO, COM ROSCA, DIAMETRO DE 20 MM (3/4\"), ESPESSURA DE 1,50 MM                                                                                                                                                                                                                                                                                                                                                                               ","UN    ","AS",5.97]
[2624,"CURVA 135 GRAUS PARA ELETRODUTO, EM ACO GALVANIZADO ELETROLITICO, COM ROSCA, DIAMETRO DE 25 MM (1\"), ESPESSURA DE 1,50 MM                                                                                                                                                                                                                                                                                                                                                                                 ","UN    ","AS",9.49]
[2625,"CURVA 135 GRAUS PARA ELETRODUTO, EM ACO GALVANIZADO ELETROLITICO, COM ROSCA, DIAMETRO DE 32 MM (1 1/4\"), ESPESSURA DE 1,50 MM                                                                                                                                                                                                                                                                                                                                                                             ","UN    ","AS",20.04]
[2626,"CURVA 135 GRAUS PARA ELETRODUTO, EM ACO GALVANIZADO ELETROLITICO, COM ROSCA, DIAMETRO DE 40 MM (1 1/2\"), ESPESSURA DE 1,50 MM                                                                                                                                                                                                                                                                                                                                                                             ","UN    ","AS",29.37]
[2630,"CURVA 135 GRAUS PARA ELETRODUTO, EM ACO GALVANIZADO ELETROLITICO, COM ROSCA, DIAMETRO DE 50 MM (2\")                                                                                                                                                                                                                                                                                                                                                                                                       ","UN    ","AS",44.67]
[2627,"CURVA 135 GRAUS PARA ELETRODUTO, EM ACO GALVANIZADO ELETROLITICO, COM ROSCA, DIAMETRO DE 65 MM (2 1/2\")                                                                                                                                                                                                                                                                                                                                                                                                   ","UN    ","AS",78.69]
[2629,"CURVA 135 GRAUS PARA ELETRODUTO, EM ACO GALVANIZADO ELETROLITICO, COM ROSCA, DIAMETRO DE 80 MM (3\")                                                                                                                                                                                                                                                                                                                                                                                                       ","UN    ","AS",106.43]
[1880,"CURVA 135 GRAUS, DE PVC RIGIDO ROSCAVEL, DE 1\", PARA ELETRODUTO                                                                                                                                                                                                                                                                                                                                                                                                                                           ","UN    ","CR",4.75]
[39274,"CURVA 135 GRAUS, DE PVC RIGIDO ROSCAVEL, DE 3/4\", PARA ELETRODUTO                                                                                                                                                                                                                                                                                                                                                                                                                                         ","UN    ","CR",3.68]
[12033,"CURVA 180 GRAUS, DE PVC RIGIDO ROSCAVEL, DE 1 1/2\", PARA ELETRODUTO                                                                                                                                                                                                                                                                                                                                                                                                                                       ","UN    ","CR",15.15]
[40408,"CURVA 180 GRAUS, DE PVC RIGIDO ROSCAVEL, DE 1 1/4\", PARA ELETRODUTO                                                                                                                                                                                                                                                                                                                                                                                                                                       ","UN    ","CR",9.9600000000000009]
[40409,"CURVA 180 GRAUS, DE PVC RIGIDO ROSCAVEL, DE 1/2\", PARA ELETRODUTO                                                                                                                                                                                                                                                                                                                                                                                                                                         ","UN    ","CR",3.52]
[39276,"CURVA 180 GRAUS, DE PVC RIGIDO ROSCAVEL, DE 1\", PARA ELETRODUTO                                                                                                                                                                                                                                                                                                                                                                                                                                           ","UN    ","CR",8.9700000000000006]
[39277,"CURVA 180 GRAUS, DE PVC RIGIDO ROSCAVEL, DE 2\", PARA ELETRODUTO                                                                                                                                                                                                                                                                                                                                                                                                                                           ","UN    ","CR",24.22]
[12034,"CURVA 180 GRAUS, DE PVC RIGIDO ROSCAVEL, DE 3/4\", PARA ELETRODUTO                                                                                                                                                                                                                                                                                                                                                                                                                                         ","UN    ","CR",6.86]
[39879,"CURVA 45 GRAUS DE COBRE (REF 606) SEM ANEL DE SOLDA, BOLSA X BOLSA, 15 MM                                                                                                                                                                                                                                                                                                                                                                                                                                 ","UN    ","AS",5.08]
[39880,"CURVA 45 GRAUS DE COBRE (REF 606) SEM ANEL DE SOLDA, BOLSA X BOLSA, 22 MM                                                                                                                                                                                                                                                                                                                                                                                                                                 ","UN    ","AS",11.25]
[39881,"CURVA 45 GRAUS DE COBRE (REF 606) SEM ANEL DE SOLDA, BOLSA X BOLSA, 28 MM                                                                                                                                                                                                                                                                                                                                                                                                                                 ","UN    ","AS",18.059999999999999]
[39882,"CURVA 45 GRAUS DE COBRE (REF 606) SEM ANEL DE SOLDA, BOLSA X BOLSA, 35 MM                                                                                                                                                                                                                                                                                                                                                                                                                                 ","UN    ","AS",47.58]
[39883,"CURVA 45 GRAUS DE COBRE (REF 606) SEM ANEL DE SOLDA, BOLSA X BOLSA, 42 MM                                                                                                                                                                                                                                                                                                                                                                                                                                 ","UN    ","AS",75.98]
[39884,"CURVA 45 GRAUS DE COBRE (REF 606) SEM ANEL DE SOLDA, BOLSA X BOLSA, 54 MM                                                                                                                                                                                                                                                                                                                                                                                                                                 ","UN    ","AS",112.85]
[39885,"CURVA 45 GRAUS DE COBRE (REF 606) SEM ANEL DE SOLDA, BOLSA X BOLSA, 66 MM                                                                                                                                                                                                                                                                                                                                                                                                                                 ","UN    ","AS",268.2]
[1777,"CURVA 45 GRAUS DE FERRO GALVANIZADO, COM ROSCA BSP FEMEA, DE 1 1/2\"                                                                                                                                                                                                                                                                                                                                                                                                                                       ","UN    ","AS",92.31]
[1819,"CURVA 45 GRAUS DE FERRO GALVANIZADO, COM ROSCA BSP FEMEA, DE 1 1/4\"                                                                                                                                                                                                                                                                                                                                                                                                                                       ","UN    ","AS",67.16]
[1775,"CURVA 45 GRAUS DE FERRO GALVANIZADO, COM ROSCA BSP FEMEA, DE 1/2\"                                                                                                                                                                                                                                                                                                                                                                                                                                         ","UN    ","AS",20.079999999999998]
[1776,"CURVA 45 GRAUS DE FERRO GALVANIZADO, COM ROSCA BSP FEMEA, DE 1\"                                                                                                                                                                                                                                                                                                                                                                                                                                           ","UN    ","AS",54.64]
[1778,"CURVA 45 GRAUS DE FERRO GALVANIZADO, COM ROSCA BSP FEMEA, DE 2 1/2\"                                                                                                                                                                                                                                                                                                                                                                                                                                       ","UN    ","AS",223.44]
[1818,"CURVA 45 GRAUS DE FERRO GALVANIZADO, COM ROSCA BSP FEMEA, DE 2\"                                                                                                                                                                                                                                                                                                                                                                                                                                           ","UN    ","AS",148.32]
[1820,"CURVA 45 GRAUS DE FERRO GALVANIZADO, COM ROSCA BSP FEMEA, DE 3/4\"                                                                                                                                                                                                                                                                                                                                                                                                                                         ","UN    ","AS",29]
[1779,"CURVA 45 GRAUS DE FERRO GALVANIZADO, COM ROSCA BSP FEMEA, DE 3\"                                                                                                                                                                                                                                                                                                                                                                                                                                           ","UN    ","AS",324.95999999999998]
[1780,"CURVA 45 GRAUS DE FERRO GALVANIZADO, COM ROSCA BSP FEMEA, DE 4\"                                                                                                                                                                                                                                                                                                                                                                                                                                           ","UN    ","AS",669.91]
[1783,"CURVA 45 GRAUS DE FERRO GALVANIZADO, COM ROSCA BSP MACHO/FEMEA, DE 1 1/2\"                                                                                                                                                                                                                                                                                                                                                                                                                                 ","UN    ","AS",70.83]
[1782,"CURVA 45 GRAUS DE FERRO GALVANIZADO, COM ROSCA BSP MACHO/FEMEA, DE 1 1/4\"                                                                                                                                                                                                                                                                                                                                                                                                                                 ","UN    ","AS",56]
[1817,"CURVA 45 GRAUS DE FERRO GALVANIZADO, COM ROSCA BSP MACHO/FEMEA, DE 1/2\"                                                                                                                                                                                                                                                                                                                                                                                                                                   ","UN    ","AS",16.690000000000001]
[1781,"CURVA 45 GRAUS DE FERRO GALVANIZADO, COM ROSCA BSP MACHO/FEMEA, DE 1\"                                                                                                                                                                                                                                                                                                                                                                                                                                     ","UN    ","AS",36.49]
[1784,"CURVA 45 GRAUS DE FERRO GALVANIZADO, COM ROSCA BSP MACHO/FEMEA, DE 2 1/2\"                                                                                                                                                                                                                                                                                                                                                                                                                                 ","UN    ","AS",200.01]
[1810,"CURVA 45 GRAUS DE FERRO GALVANIZADO, COM ROSCA BSP MACHO/FEMEA, DE 2\"                                                                                                                                                                                                                                                                                                                                                                                                                                     ","UN    ","AS",110.94]
[1811,"CURVA 45 GRAUS DE FERRO GALVANIZADO, COM ROSCA BSP MACHO/FEMEA, DE 3/4\"                                                                                                                                                                                                                                                                                                                                                                                                                                   ","UN    ","AS",24]
[1812,"CURVA 45 GRAUS DE FERRO GALVANIZADO, COM ROSCA BSP MACHO/FEMEA, DE 3\"                                                                                                                                                                                                                                                                                                                                                                                                                                     ","UN    ","AS",280.05]
[40386,"CURVA 45 GRAUS EM ACO CARBONO, SOLDAVEL, PRESSAO 3.000 LBS, DN 1 1/2\"                                                                                                                                                                                                                                                                                                                                                                                                                                     ","UN    ","AS",88.26]
[40384,"CURVA 45 GRAUS EM ACO CARBONO, SOLDAVEL, PRESSAO 3.000 LBS, DN 1 1/4\"                                                                                                                                                                                                                                                                                                                                                                                                                                     ","UN    ","AS",60.42]
[40379,"CURVA 45 GRAUS EM ACO CARBONO, SOLDAVEL, PRESSAO 3.000 LBS, DN 1/2\"                                                                                                                                                                                                                                                                                                                                                                                                                                       ","UN    ","AS",20.89]
[40423,"CURVA 45 GRAUS EM ACO CARBONO, SOLDAVEL, PRESSAO 3.000 LBS, DN 1\"                                                                                                                                                                                                                                                                                                                                                                                                                                         ","UN    ","AS",39.53]
[40389,"CURVA 45 GRAUS EM ACO CARBONO, SOLDAVEL, PRESSAO 3.000 LBS, DN 2 1/2\"                                                                                                                                                                                                                                                                                                                                                                                                                                     ","UN    ","AS",250.69]
[40388,"CURVA 45 GRAUS EM ACO CARBONO, SOLDAVEL, PRESSAO 3.000 LBS, DN 2\"                                                                                                                                                                                                                                                                                                                                                                                                                                         ","UN    ","AS",125.48]
[40381,"CURVA 45 GRAUS EM ACO CARBONO, SOLDAVEL, PRESSAO 3.000 LBS, DN 3/4\"                                                                                                                                                                                                                                                                                                                                                                                                                                       ","UN    ","AS",27.85]
[40391,"CURVA 45 GRAUS EM ACO CARBONO, SOLDAVEL, PRESSAO 3.000 LBS, DN 3\"                                                                                                                                                                                                                                                                                                                                                                                                                                         ","UN    ","AS",650.66999999999996]
[2609,"CURVA 45 GRAUS PARA ELETRODUTO, EM ACO GALVANIZADO ELETROLITICO, COM ROSCA, DIAMETRO DE 20 MM (3/4\"), ESPESSURA DE 1,50 MM                                                                                                                                                                                                                                                                                                                                                                                ","UN    ","AS",4.66]
[2634,"CURVA 45 GRAUS PARA ELETRODUTO, EM ACO GALVANIZADO ELETROLITICO, COM ROSCA, DIAMETRO DE 25 MM (1\"), ESPESSURA DE 1,50 MM                                                                                                                                                                                                                                                                                                                                                                                  ","UN    ","AS",6.12]
[2611,"CURVA 45 GRAUS PARA ELETRODUTO, EM ACO GALVANIZADO ELETROLITICO, COM ROSCA, DIAMETRO DE 40 MM (1 1/2\"), ESPESSURA DE 1,50 MM                                                                                                                                                                                                                                                                                                                                                                              ","UN    ","AS",17.25]
[40414,"CURVA 45 GRAUS RANHURADA EM FERRO FUNDIDO, DN 50 MM (2\")                                                                                                                                                                                                                                                                                                                                                                                                                                                  ","UN    ","AS",17.03]
[40416,"CURVA 45 GRAUS RANHURADA EM FERRO FUNDIDO, DN 65 MM (2 1/2\")                                                                                                                                                                                                                                                                                                                                                                                                                                              ","UN    ","AS",23.54]
[40418,"CURVA 45 GRAUS RANHURADA EM FERRO FUNDIDO, DN 80 MM (3\")                                                                                                                                                                                                                                                                                                                                                                                                                                                  ","UN    ","AS",28.07]
[34359,"CURVA 90 GRAUS DE BARRA CHATA EM ALUMINIO 3/4\" X 1/4\" X 300 MM                                                                                                                                                                                                                                                                                                                                                                                                                                            ","UN    ","AS",10.85]
[1789,"CURVA 90 GRAUS DE FERRO GALVANIZADO, COM ROSCA BSP FEMEA, DE 1 1/2\"                                                                                                                                                                                                                                                                                                                                                                                                                                       ","UN    ","AS",88.6]
[1788,"CURVA 90 GRAUS DE FERRO GALVANIZADO, COM ROSCA BSP FEMEA, DE 1 1/4\"                                                                                                                                                                                                                                                                                                                                                                                                                                       ","UN    ","AS",71.02]
[1786,"CURVA 90 GRAUS DE FERRO GALVANIZADO, COM ROSCA BSP FEMEA, DE 1/2\"                                                                                                                                                                                                                                                                                                                                                                                                                                         ","UN    ","AS",17.63]
[1787,"CURVA 90 GRAUS DE FERRO GALVANIZADO, COM ROSCA BSP FEMEA, DE 1\"                                                                                                                                                                                                                                                                                                                                                                                                                                           ","UN    ","AS",42.22]
[1791,"CURVA 90 GRAUS DE FERRO GALVANIZADO, COM ROSCA BSP FEMEA, DE 2 1/2\"                                                                                                                                                                                                                                                                                                                                                                                                                                       ","UN    ","AS",256.04000000000002]
[1790,"CURVA 90 GRAUS DE FERRO GALVANIZADO, COM ROSCA BSP FEMEA, DE 2\"                                                                                                                                                                                                                                                                                                                                                                                                                                           ","UN    ","AS",147.54]
[1813,"CURVA 90 GRAUS DE FERRO GALVANIZADO, COM ROSCA BSP FEMEA, DE 3/4\"                                                                                                                                                                                                                                                                                                                                                                                                                                         ","UN    ","AS",27.98]
[1792,"CURVA 90 GRAUS DE FERRO GALVANIZADO, COM ROSCA BSP FEMEA, DE 3\"                                                                                                                                                                                                                                                                                                                                                                                                                                           ","UN    ","AS",345.62]
[1793,"CURVA 90 GRAUS DE FERRO GALVANIZADO, COM ROSCA BSP FEMEA, DE 4\"                                                                                                                                                                                                                                                                                                                                                                                                                                           ","UN    ","AS",698.39]
[1809,"CURVA 90 GRAUS DE FERRO GALVANIZADO, COM ROSCA BSP MACHO/FEMEA, DE 1 1/2\"                                                                                                                                                                                                                                                                                                                                                                                                                                 ","UN    ","AS",83.06]
[1814,"CURVA 90 GRAUS DE FERRO GALVANIZADO, COM ROSCA BSP MACHO/FEMEA, DE 1 1/4\"                                                                                                                                                                                                                                                                                                                                                                                                                                 ","UN    ","AS",68.23]
[1803,"CURVA 90 GRAUS DE FERRO GALVANIZADO, COM ROSCA BSP MACHO/FEMEA, DE 1/2\"                                                                                                                                                                                                                                                                                                                                                                                                                                   ","UN    ","AS",17.239999999999998]
[1805,"CURVA 90 GRAUS DE FERRO GALVANIZADO, COM ROSCA BSP MACHO/FEMEA, DE 1\"                                                                                                                                                                                                                                                                                                                                                                                                                                     ","UN    ","AS",39.6]
[1821,"CURVA 90 GRAUS DE FERRO GALVANIZADO, COM ROSCA BSP MACHO/FEMEA, DE 2 1/2\"                                                                                                                                                                                                                                                                                                                                                                                                                                 ","UN    ","AS",233.93]
[1806,"CURVA 90 GRAUS DE FERRO GALVANIZADO, COM ROSCA BSP MACHO/FEMEA, DE 2\"                                                                                                                                                                                                                                                                                                                                                                                                                                     ","UN    ","AS",139.24]
[1804,"CURVA 90 GRAUS DE FERRO GALVANIZADO, COM ROSCA BSP MACHO/FEMEA, DE 3/4\"                                                                                                                                                                                                                                                                                                                                                                                                                                   ","UN    ","AS",24.54]
[1807,"CURVA 90 GRAUS DE FERRO GALVANIZADO, COM ROSCA BSP MACHO/FEMEA, DE 3\"                                                                                                                                                                                                                                                                                                                                                                                                                                     ","UN    ","AS",334.56]
[1808,"CURVA 90 GRAUS DE FERRO GALVANIZADO, COM ROSCA BSP MACHO/FEMEA, DE 4\"                                                                                                                                                                                                                                                                                                                                                                                                                                     ","UN    ","AS",670.74]
[1797,"CURVA 90 GRAUS DE FERRO GALVANIZADO, COM ROSCA BSP MACHO, DE 1 1/2\"                                                                                                                                                                                                                                                                                                                                                                                                                                       ","UN    ","AS",100.6]
[1796,"CURVA 90 GRAUS DE FERRO GALVANIZADO, COM ROSCA BSP MACHO, DE 1 1/4\"                                                                                                                                                                                                                                                                                                                                                                                                                                       ","UN    ","AS",77.17]
[1794,"CURVA 90 GRAUS DE FERRO GALVANIZADO, COM ROSCA BSP MACHO, DE 1/2\"                                                                                                                                                                                                                                                                                                                                                                                                                                         ","UN    ","AS",18.420000000000002]
[1816,"CURVA 90 GRAUS DE FERRO GALVANIZADO, COM ROSCA BSP MACHO, DE 1\"                                                                                                                                                                                                                                                                                                                                                                                                                                           ","UN    ","AS",41.53]
[1815,"CURVA 90 GRAUS DE FERRO GALVANIZADO, COM ROSCA BSP MACHO, DE 2 1/2\"                                                                                                                                                                                                                                                                                                                                                                                                                                       ","UN    ","AS",318.95999999999998]
[1798,"CURVA 90 GRAUS DE FERRO GALVANIZADO, COM ROSCA BSP MACHO, DE 2\"                                                                                                                                                                                                                                                                                                                                                                                                                                           ","UN    ","AS",142.72]
[1795,"CURVA 90 GRAUS DE FERRO GALVANIZADO, COM ROSCA BSP MACHO, DE 3/4\"                                                                                                                                                                                                                                                                                                                                                                                                                                         ","UN    ","AS",25.52]
[1799,"CURVA 90 GRAUS DE FERRO GALVANIZADO, COM ROSCA BSP MACHO, DE 3\"                                                                                                                                                                                                                                                                                                                                                                                                                                           ","UN    ","AS",415.42]
[1800,"CURVA 90 GRAUS DE FERRO GALVANIZADO, COM ROSCA BSP MACHO, DE 4\"                                                                                                                                                                                                                                                                                                                                                                                                                                           ","UN    ","AS",793.11]
[1802,"CURVA 90 GRAUS DE FERRO GALVANIZADO, COM ROSCA BSP MACHO, DE 6\"                                                                                                                                                                                                                                                                                                                                                                                                                                           ","UN    ","AS",1983.88]
[40385,"CURVA 90 GRAUS EM ACO CARBONO, RAIO CURTO, SOLDAVEL, PRESSAO 3.000 LBS, DN 1 1/2\"                                                                                                                                                                                                                                                                                                                                                                                                                         ","UN    ","AS",88.26]
[40383,"CURVA 90 GRAUS EM ACO CARBONO, RAIO CURTO, SOLDAVEL, PRESSAO 3.000 LBS, DN 1 1/4\"                                                                                                                                                                                                                                                                                                                                                                                                                         ","UN    ","AS",60.42]
[40378,"CURVA 90 GRAUS EM ACO CARBONO, RAIO CURTO, SOLDAVEL, PRESSAO 3.000 LBS, DN 1/2\"                                                                                                                                                                                                                                                                                                                                                                                                                           ","UN    ","AS",20.89]
[40382,"CURVA 90 GRAUS EM ACO CARBONO, RAIO CURTO, SOLDAVEL, PRESSAO 3.000 LBS, DN 1\"                                                                                                                                                                                                                                                                                                                                                                                                                             ","UN    ","AS",39.53]
[40422,"CURVA 90 GRAUS EM ACO CARBONO, RAIO CURTO, SOLDAVEL, PRESSAO 3.000 LBS, DN 2 1/2\"                                                                                                                                                                                                                                                                                                                                                                                                                         ","UN    ","AS",269.3]
[40387,"CURVA 90 GRAUS EM ACO CARBONO, RAIO CURTO, SOLDAVEL, PRESSAO 3.000 LBS, DN 2\"                                                                                                                                                                                                                                                                                                                                                                                                                             ","UN    ","AS",137.12]
[40380,"CURVA 90 GRAUS EM ACO CARBONO, RAIO CURTO, SOLDAVEL, PRESSAO 3.000 LBS, DN 3/4\"                                                                                                                                                                                                                                                                                                                                                                                                                           ","UN    ","AS",27.85]
[40390,"CURVA 90 GRAUS EM ACO CARBONO, RAIO CURTO, SOLDAVEL, PRESSAO 3.000 LBS, DN 3\"                                                                                                                                                                                                                                                                                                                                                                                                                             ","UN    ","AS",567.17999999999995]
[2621,"CURVA 90 GRAUS PARA ELETRODUTO, EM ACO GALVANIZADO ELETROLITICO, COM ROSCA, DIAMETRO DE 100 MM (4\")                                                                                                                                                                                                                                                                                                                                                                                                       ","UN    ","AS",147.6]
[2616,"CURVA 90 GRAUS PARA ELETRODUTO, EM ACO GALVANIZADO ELETROLITICO, COM ROSCA, DIAMETRO DE 15 MM (1/2\"), ESPESSURA DE 1,50 MM                                                                                                                                                                                                                                                                                                                                                                                ","UN    ","AS",4.17]
[2633,"CURVA 90 GRAUS PARA ELETRODUTO, EM ACO GALVANIZADO ELETROLITICO, COM ROSCA, DIAMETRO DE 20 MM (3/4\"), ESPESSURA DE 1,50 MM                                                                                                                                                                                                                                                                                                                                                                                ","UN    ","AS",4.72]
[2617,"CURVA 90 GRAUS PARA ELETRODUTO, EM ACO GALVANIZADO ELETROLITICO, COM ROSCA, DIAMETRO DE 25 MM (1\"), ESPESSURA DE 1,50 MM                                                                                                                                                                                                                                                                                                                                                                                  ","UN    ","AS",6.42]
[2618,"CURVA 90 GRAUS PARA ELETRODUTO, EM ACO GALVANIZADO ELETROLITICO, COM ROSCA, DIAMETRO DE 32 MM (1 1/4\"), ESPESSURA DE 1,50 MM                                                                                                                                                                                                                                                                                                                                                                              ","UN    ","AS",14.62]
[2632,"CURVA 90 GRAUS PARA ELETRODUTO, EM ACO GALVANIZADO ELETROLITICO, COM ROSCA, DIAMETRO DE 40 MM (1 1/2\"), ESPESSURA DE 1,50 MM                                                                                                                                                                                                                                                                                                                                                                              ","UN    ","AS",17.829999999999998]
[2631,"CURVA 90 GRAUS PARA ELETRODUTO, EM ACO GALVANIZADO ELETROLITICO, COM ROSCA, DIAMETRO DE 50 MM (2\")                                                                                                                                                                                                                                                                                                                                                                                                        ","UN    ","AS",26.18]
[2619,"CURVA 90 GRAUS PARA ELETRODUTO, EM ACO GALVANIZADO ELETROLITICO, COM ROSCA, DIAMETRO DE 65 MM (2 1/2\")                                                                                                                                                                                                                                                                                                                                                                                                    ","UN    ","AS",66.290000000000006]
[2620,"CURVA 90 GRAUS PARA ELETRODUTO, EM ACO GALVANIZADO ELETROLITICO, COM ROSCA, DIAMETRO DE 80 MM (3\")                                                                                                                                                                                                                                                                                                                                                                                                        ","UN    ","AS",87.03]
[40413,"CURVA 90 GRAUS RANHURADA EM FERRO FUNDIDO, DN 50 MM (2\")                                                                                                                                                                                                                                                                                                                                                                                                                                                  ","UN    ","AS",18.5]
[40415,"CURVA 90 GRAUS RANHURADA EM FERRO FUNDIDO, DN 65 MM (2 1/2\")                                                                                                                                                                                                                                                                                                                                                                                                                                              ","UN    ","AS",26.36]
[40417,"CURVA 90 GRAUS RANHURADA EM FERRO FUNDIDO, DN 80 MM (3\")                                                                                                                                                                                                                                                                                                                                                                                                                                                  ","UN    ","AS",31.09]
[39271,"CURVA 90 GRAUS, CURTA, DE PVC RIGIDO ROSCAVEL, DE 1/2\", PARA ELETRODUTO                                                                                                                                                                                                                                                                                                                                                                                                                                   ","UN    ","CR",3.05]
[39273,"CURVA 90 GRAUS, CURTA, DE PVC RIGIDO ROSCAVEL, DE 1\", PARA ELETRODUTO                                                                                                                                                                                                                                                                                                                                                                                                                                     ","UN    ","CR",5.18]
[39272,"CURVA 90 GRAUS, CURTA, DE PVC RIGIDO ROSCAVEL, DE 3/4\", PARA ELETRODUTO                                                                                                                                                                                                                                                                                                                                                                                                                                   ","UN    ","CR",3.75]
[1875,"CURVA 90 GRAUS, LONGA, DE PVC RIGIDO ROSCAVEL, DE 1 1/2\", PARA ELETRODUTO                                                                                                                                                                                                                                                                                                                                                                                                                                 ","UN    ","CR",8.2799999999999994]
[1874,"CURVA 90 GRAUS, LONGA, DE PVC RIGIDO ROSCAVEL, DE 1 1/4\", PARA ELETRODUTO                                                                                                                                                                                                                                                                                                                                                                                                                                 ","UN    ","CR",6.84]
[1870,"CURVA 90 GRAUS, LONGA, DE PVC RIGIDO ROSCAVEL, DE 1/2\", PARA ELETRODUTO                                                                                                                                                                                                                                                                                                                                                                                                                                   ","UN    ","C ",3.95]
[1884,"CURVA 90 GRAUS, LONGA, DE PVC RIGIDO ROSCAVEL, DE 1\", PARA ELETRODUTO                                                                                                                                                                                                                                                                                                                                                                                                                                     ","UN    ","CR",6.06]
[1887,"CURVA 90 GRAUS, LONGA, DE PVC RIGIDO ROSCAVEL, DE 2 1/2\", PARA ELETRODUTO                                                                                                                                                                                                                                                                                                                                                                                                                                 ","UN    ","CR",34.340000000000003]
[1876,"CURVA 90 GRAUS, LONGA, DE PVC RIGIDO ROSCAVEL, DE 2\", PARA ELETRODUTO                                                                                                                                                                                                                                                                                                                                                                                                                                     ","UN    ","CR",13.46]
[1879,"CURVA 90 GRAUS, LONGA, DE PVC RIGIDO ROSCAVEL, DE 3/4\", PARA ELETRODUTO                                                                                                                                                                                                                                                                                                                                                                                                                                   ","UN    ","CR",4]
[1877,"CURVA 90 GRAUS, LONGA, DE PVC RIGIDO ROSCAVEL, DE 3\", PARA ELETRODUTO                                                                                                                                                                                                                                                                                                                                                                                                                                     ","UN    ","CR",34.39]
[1878,"CURVA 90 GRAUS, LONGA, DE PVC RIGIDO ROSCAVEL, DE 4\", PARA ELETRODUTO                                                                                                                                                                                                                                                                                                                                                                                                                                     ","UN    ","CR",69.09]
[44472,"DENTE PARA  FRESADORA                                                                                                                                                                                                                                                                                                                                                                                                                                                                                     ","UN    ","AS",55.49]
[38369,"DESEMPENADEIRA DE ACO DENTADA 12 X *25* CM, DENTES 8 X 8 MM, CABO FECHADO DE MADEIRA                                                                                                                                                                                                                                                                                                                                                                                                                      ","UN    ","CR",19.010000000000002]
[38370,"DESEMPENADEIRA DE ACO LISA 12 X *25* CM COM CABO FECHADO DE MADEIRA                                                                                                                                                                                                                                                                                                                                                                                                                                       ","UN    ","CR",19.010000000000002]
[38372,"DESEMPENADEIRA PLASTICA LISA *14 X 27* CM                                                                                                                                                                                                                                                                                                                                                                                                                                                                 ","UN    ","CR",22.77]
[2358,"DESENHISTA PROJETISTA (HORISTA)                                                                                                                                                                                                                                                                                                                                                                                                                                                                           ","H     ","CR",22.23]
[40807,"DESENHISTA PROJETISTA (MENSALISTA)                                                                                                                                                                                                                                                                                                                                                                                                                                                                        ","MES   ","CR",3886.55]
[44330,"DESINFETANTE PRONTO USO                                                                                                                                                                                                                                                                                                                                                                                                                                                                                   ","L     ","CR",12.26]
[43144,"DESMOLDANTE PARA CONCRETO ESTAMPADO                                                                                                                                                                                                                                                                                                                                                                                                                                                                       ","KG    ","CR",43.74]
[39397,"DESMOLDANTE PARA FORMAS METALICAS A BASE DE OLEO VEGETAL                                                                                                                                                                                                                                                                                                                                                                                                                                                  ","L     ","CR",19.93]
[2692,"DESMOLDANTE PROTETOR PARA FORMAS DE MADEIRA, DE BASE OLEOSA EMULSIONADA EM AGUA                                                                                                                                                                                                                                                                                                                                                                                                                           ","L     ","CR",8.0399999999999991]
[44329,"DETERGENTE NEUTRO USO GERAL, CONCENTRADO                                                                                                                                                                                                                                                                                                                                                                                                                                                                  ","L     ","CR",16.07]
[5318,"DILUENTE AGUARRAS                                                                                                                                                                                                                                                                                                                                                                                                                                                                                         ","L     ","C ",25.98]
[5330,"DILUENTE EPOXI                                                                                                                                                                                                                                                                                                                                                                                                                                                                                            ","L     ","CR",59.22]
[44532,"DISCO DE BORRACHA PARA LIXADEIRA RIGIDO 7\" COM ARRUELA CENTRAL                                                                                                                                                                                                                                                                                                                                                                                                                                            ","UN    ","CR",25.93]
[44531,"DISCO DE CORTE DIAMANTADO SEGMENTADO DIAMETRO DE 180 MM PARA ESMERILHADEIRA 7\"                                                                                                                                                                                                                                                                                                                                                                                                                            ","UN    ","CR",82.43]
[38140,"DISCO DE CORTE DIAMANTADO SEGMENTADO PARA CONCRETO, DIAMETRO DE 110 MM, FURO DE 20 MM                                                                                                                                                                                                                                                                                                                                                                                                                     ","UN    ","C ",19.989999999999998]
[13887,"DISCO DE CORTE DIAMANTADO SEGMENTADO PARA CONCRETO, DIAMETRO DE 350 MM, FURO DE 1\" (14 X 1 \")                                                                                                                                                                                                                                                                                                                                                                                                             ","UN    ","CR",473.27]
[44495,"DISCO DE CORTE PARA METAL COM DUAS TELAS 12 X 1/8 X 3/4\" (300 X 3,2 X 19,05 MM)                                                                                                                                                                                                                                                                                                                                                                                                                           ","UN    ","CR",21.07]
[44533,"DISCO DE DESBASTE PARA METAL FERROSO EM GERAL, COM TRES TELAS, 9 X 1/4 X 7/8\" (228,6 X 6,4 X 22,2 MM)                                                                                                                                                                                                                                                                                                                                                                                                     ","UN    ","CR",19.89]
[44534,"DISCO DE LIXA PARA METAL, DIAMETRO = 180 MM, GRAO  120                                                                                                                                                                                                                                                                                                                                                                                                                                                    ","UN    ","CR",5.18]
[34729,"DISJUNTOR TERMOMAGNETICO AJUSTAVEL, TRIPOLAR DE 100 ATE 250A, CAPACIDADE DE INTERRUPCAO DE 35KA                                                                                                                                                                                                                                                                                                                                                                                                           ","UN    ","CR",1402.43]
[34734,"DISJUNTOR TERMOMAGNETICO AJUSTAVEL, TRIPOLAR DE 300 ATE 400A, CAPACIDADE DE INTERRUPCAO DE 35KA                                                                                                                                                                                                                                                                                                                                                                                                           ","UN    ","CR",2171.4]
[34738,"DISJUNTOR TERMOMAGNETICO AJUSTAVEL, TRIPOLAR DE 450 ATE 600A, CAPACIDADE DE INTERRUPCAO DE 35KA                                                                                                                                                                                                                                                                                                                                                                                                           ","UN    ","CR",5073.08]
[34623,"DISJUNTOR TERMOMAGNETICO PARA TRILHO DIN (IEC), BIPOLAR, 40 - 50 A                                                                                                                                                                                                                                                                                                                                                                                                                                        ","UN    ","CR",60.79]
[34616,"DISJUNTOR TERMOMAGNETICO PARA TRILHO DIN (IEC), BIPOLAR, 6 - 32 A                                                                                                                                                                                                                                                                                                                                                                                                                                         ","UN    ","CR",61.74]
[34628,"DISJUNTOR TERMOMAGNETICO PARA TRILHO DIN (IEC), BIPOLAR, 63 A                                                                                                                                                                                                                                                                                                                                                                                                                                             ","UN    ","CR",87.08]
[34686,"DISJUNTOR TERMOMAGNETICO PARA TRILHO DIN (IEC), MONOPOLAR, 40 - 50 A                                                                                                                                                                                                                                                                                                                                                                                                                                      ","UN    ","CR",15.97]
[34653,"DISJUNTOR TERMOMAGNETICO PARA TRILHO DIN (IEC), MONOPOLAR, 6 - 32 A                                                                                                                                                                                                                                                                                                                                                                                                                                       ","UN    ","CR",10.77]
[34688,"DISJUNTOR TERMOMAGNETICO PARA TRILHO DIN (IEC), MONOPOLAR, 63 A                                                                                                                                                                                                                                                                                                                                                                                                                                           ","UN    ","CR",19.52]
[34709,"DISJUNTOR TERMOMAGNETICO PARA TRILHO DIN (IEC), TRIPOLAR, 10 - 50 A                                                                                                                                                                                                                                                                                                                                                                                                                                       ","UN    ","CR",75.64]
[34714,"DISJUNTOR TERMOMAGNETICO PARA TRILHO DIN (IEC), TRIPOLAR, 63 A                                                                                                                                                                                                                                                                                                                                                                                                                                            ","UN    ","CR",90.34]
[2391,"DISJUNTOR TERMOMAGNETICO TRIPOLAR 125 A / 425 V / ICC - 25 KA                                                                                                                                                                                                                                                                                                                                                                                                                                             ","UN    ","CR",412.61]
[2374,"DISJUNTOR TERMOMAGNETICO TRIPOLAR 150 A / 600 V, TIPO FXD / ICC - 35 KA                                                                                                                                                                                                                                                                                                                                                                                                                                   ","UN    ","CR",468.09]
[2377,"DISJUNTOR TERMOMAGNETICO TRIPOLAR 200 A / 600 V, TIPO FXD / ICC - 35 KA                                                                                                                                                                                                                                                                                                                                                                                                                                   ","UN    ","CR",656.92]
[2393,"DISJUNTOR TERMOMAGNETICO TRIPOLAR 250 A / 600 V, TIPO FXD                                                                                                                                                                                                                                                                                                                                                                                                                                                 ","UN    ","CR",1100.0899999999999]
[34705,"DISJUNTOR TERMOMAGNETICO TRIPOLAR 3 X 250 A/ICC - 25 KA                                                                                                                                                                                                                                                                                                                                                                                                                                                   ","UN    ","CR",962.19]
[34707,"DISJUNTOR TERMOMAGNETICO TRIPOLAR 3 X 350 A/ICC - 25 KA                                                                                                                                                                                                                                                                                                                                                                                                                                                   ","UN    ","CR",1782.96]
[34544,"DISJUNTOR TERMOMAGNETICO TRIPOLAR 3 X 400 A / ICC - 25 KA                                                                                                                                                                                                                                                                                                                                                                                                                                                 ","UN    ","CR",1782.77]
[2378,"DISJUNTOR TERMOMAGNETICO TRIPOLAR 300 A / 600 V, TIPO JXD / ICC - 40 KA                                                                                                                                                                                                                                                                                                                                                                                                                                   ","UN    ","CR",1511.13]
[2379,"DISJUNTOR TERMOMAGNETICO TRIPOLAR 400 A / 600 V, TIPO JXD / ICC - 40 KA                                                                                                                                                                                                                                                                                                                                                                                                                                   ","UN    ","CR",1511.13]
[2376,"DISJUNTOR TERMOMAGNETICO TRIPOLAR 600 A / 600 V, TIPO LXD / ICC - 40 KA                                                                                                                                                                                                                                                                                                                                                                                                                                   ","UN    ","CR",2488.8200000000002]
[2394,"DISJUNTOR TERMOMAGNETICO TRIPOLAR 800 A / 600 V, TIPO LMXD                                                                                                                                                                                                                                                                                                                                                                                                                                                ","UN    ","CR",5320.64]
[2388,"DISJUNTOR TIPO NEMA, BIPOLAR 10 ATE 50 A, TENSAO MAXIMA 415 V                                                                                                                                                                                                                                                                                                                                                                                                                                             ","UN    ","CR",75.08]
[34606,"DISJUNTOR TIPO NEMA, BIPOLAR 60 ATE 100A, TENSAO MAXIMA 415 V                                                                                                                                                                                                                                                                                                                                                                                                                                             ","UN    ","CR",115.16]
[34689,"DISJUNTOR TIPO NEMA, MONOPOLAR DE 60 ATE 70A, TENSAO MAXIMA DE 240 V                                                                                                                                                                                                                                                                                                                                                                                                                                      ","UN    ","CR",36.659999999999997]
[2370,"DISJUNTOR TIPO NEMA, MONOPOLAR 10 ATE 30A, TENSAO MAXIMA DE 240 V                                                                                                                                                                                                                                                                                                                                                                                                                                         ","UN    ","C ",13.95]
[2386,"DISJUNTOR TIPO NEMA, MONOPOLAR 35 ATE 50 A, TENSAO MAXIMA DE 240 V                                                                                                                                                                                                                                                                                                                                                                                                                                        ","UN    ","CR",23.4]
[2392,"DISJUNTOR TIPO NEMA, TRIPOLAR 10 ATE 50A, TENSAO MAXIMA DE 415 V                                                                                                                                                                                                                                                                                                                                                                                                                                          ","UN    ","CR",93.64]
[2373,"DISJUNTOR TIPO NEMA, TRIPOLAR 60 ATE 100 A, TENSAO MAXIMA DE 415 V                                                                                                                                                                                                                                                                                                                                                                                                                                        ","UN    ","CR",131.93]
[39465,"DISPOSITIVO DPS CLASSE II, 1 POLO, TENSAO MAXIMA DE 175 V, CORRENTE MAXIMA DE *20* KA (TIPO AC)                                                                                                                                                                                                                                                                                                                                                                                                           ","UN    ","CR",80.599999999999994]
[39466,"DISPOSITIVO DPS CLASSE II, 1 POLO, TENSAO MAXIMA DE 175 V, CORRENTE MAXIMA DE *30* KA (TIPO AC)                                                                                                                                                                                                                                                                                                                                                                                                           ","UN    ","CR",90.67]
[39467,"DISPOSITIVO DPS CLASSE II, 1 POLO, TENSAO MAXIMA DE 175 V, CORRENTE MAXIMA DE *45* KA (TIPO AC)                                                                                                                                                                                                                                                                                                                                                                                                           ","UN    ","CR",115.98]
[39468,"DISPOSITIVO DPS CLASSE II, 1 POLO, TENSAO MAXIMA DE 175 V, CORRENTE MAXIMA DE *90* KA (TIPO AC)                                                                                                                                                                                                                                                                                                                                                                                                           ","UN    ","CR",206.15]
[39469,"DISPOSITIVO DPS CLASSE II, 1 POLO, TENSAO MAXIMA DE 275 V, CORRENTE MAXIMA DE *20* KA (TIPO AC)                                                                                                                                                                                                                                                                                                                                                                                                           ","UN    ","CR",83.97]
[39470,"DISPOSITIVO DPS CLASSE II, 1 POLO, TENSAO MAXIMA DE 275 V, CORRENTE MAXIMA DE *30* KA (TIPO AC)                                                                                                                                                                                                                                                                                                                                                                                                           ","UN    ","CR",103.18]
[39471,"DISPOSITIVO DPS CLASSE II, 1 POLO, TENSAO MAXIMA DE 275 V, CORRENTE MAXIMA DE *45* KA (TIPO AC)                                                                                                                                                                                                                                                                                                                                                                                                           ","UN    ","CR",124]
[39472,"DISPOSITIVO DPS CLASSE II, 1 POLO, TENSAO MAXIMA DE 275 V, CORRENTE MAXIMA DE *90* KA (TIPO AC)                                                                                                                                                                                                                                                                                                                                                                                                           ","UN    ","CR",215.44]
[39473,"DISPOSITIVO DPS CLASSE II, 1 POLO, TENSAO MAXIMA DE 385 V, CORRENTE MAXIMA DE *20* KA (TIPO AC)                                                                                                                                                                                                                                                                                                                                                                                                           ","UN    ","CR",139.18]
[39474,"DISPOSITIVO DPS CLASSE II, 1 POLO, TENSAO MAXIMA DE 385 V, CORRENTE MAXIMA DE *30* KA (TIPO AC)                                                                                                                                                                                                                                                                                                                                                                                                           ","UN    ","CR",148.37]
[39475,"DISPOSITIVO DPS CLASSE II, 1 POLO, TENSAO MAXIMA DE 385 V, CORRENTE MAXIMA DE *45* KA (TIPO AC)                                                                                                                                                                                                                                                                                                                                                                                                           ","UN    ","CR",168.34]
[39476,"DISPOSITIVO DPS CLASSE II, 1 POLO, TENSAO MAXIMA DE 385 V, CORRENTE MAXIMA DE *90* KA (TIPO AC)                                                                                                                                                                                                                                                                                                                                                                                                           ","UN    ","CR",316.89]
[39477,"DISPOSITIVO DPS CLASSE II, 1 POLO, TENSAO MAXIMA DE 460 V, CORRENTE MAXIMA DE *20* KA (TIPO AC)                                                                                                                                                                                                                                                                                                                                                                                                           ","UN    ","CR",155.27000000000001]
[39478,"DISPOSITIVO DPS CLASSE II, 1 POLO, TENSAO MAXIMA DE 460 V, CORRENTE MAXIMA DE *30* KA (TIPO AC)                                                                                                                                                                                                                                                                                                                                                                                                           ","UN    ","CR",160.07]
[39479,"DISPOSITIVO DPS CLASSE II, 1 POLO, TENSAO MAXIMA DE 460 V, CORRENTE MAXIMA DE *45* KA (TIPO AC)                                                                                                                                                                                                                                                                                                                                                                                                           ","UN    ","CR",188.6]
[39480,"DISPOSITIVO DPS CLASSE II, 1 POLO, TENSAO MAXIMA DE 460 V, CORRENTE MAXIMA DE *90* KA (TIPO AC)                                                                                                                                                                                                                                                                                                                                                                                                           ","UN    ","CR",389.17]
[39459,"DISPOSITIVO DR, 2 POLOS, SENSIBILIDADE DE 30 MA, CORRENTE DE 100 A, TIPO AC                                                                                                                                                                                                                                                                                                                                                                                                                               ","UN    ","CR",330.31]
[39445,"DISPOSITIVO DR, 2 POLOS, SENSIBILIDADE DE 30 MA, CORRENTE DE 25 A, TIPO AC                                                                                                                                                                                                                                                                                                                                                                                                                                ","UN    ","CR",165.85]
[39446,"DISPOSITIVO DR, 2 POLOS, SENSIBILIDADE DE 30 MA, CORRENTE DE 40 A, TIPO AC                                                                                                                                                                                                                                                                                                                                                                                                                                ","UN    ","CR",168.8]
[39447,"DISPOSITIVO DR, 2 POLOS, SENSIBILIDADE DE 30 MA, CORRENTE DE 63 A, TIPO AC                                                                                                                                                                                                                                                                                                                                                                                                                                ","UN    ","CR",180.51]
[39448,"DISPOSITIVO DR, 2 POLOS, SENSIBILIDADE DE 30 MA, CORRENTE DE 80 A, TIPO AC                                                                                                                                                                                                                                                                                                                                                                                                                                ","UN    ","CR",307.8]
[39450,"DISPOSITIVO DR, 2 POLOS, SENSIBILIDADE DE 300 MA, CORRENTE DE 25 A, TIPO AC                                                                                                                                                                                                                                                                                                                                                                                                                               ","UN    ","CR",187.79]
[39451,"DISPOSITIVO DR, 2 POLOS, SENSIBILIDADE DE 300 MA, CORRENTE DE 40 A, TIPO AC                                                                                                                                                                                                                                                                                                                                                                                                                               ","UN    ","CR",204.83]
[39452,"DISPOSITIVO DR, 2 POLOS, SENSIBILIDADE DE 300 MA, CORRENTE DE 63 A, TIPO AC                                                                                                                                                                                                                                                                                                                                                                                                                               ","UN    ","CR",206.05]
[39523,"DISPOSITIVO DR, 2 POLOS, SENSIBILIDADE DE 300 MA, CORRENTE DE 80 A, TIPO  AC                                                                                                                                                                                                                                                                                                                                                                                                                              ","UN    ","CR",344.82]
[39449,"DISPOSITIVO DR, 4 POLOS, SENSIBILIDADE DE 30 MA, CORRENTE DE 100 A, TIPO AC                                                                                                                                                                                                                                                                                                                                                                                                                               ","UN    ","CR",381.87]
[39455,"DISPOSITIVO DR, 4 POLOS, SENSIBILIDADE DE 30 MA, CORRENTE DE 25 A, TIPO AC                                                                                                                                                                                                                                                                                                                                                                                                                                ","UN    ","CR",188.96]
[39456,"DISPOSITIVO DR, 4 POLOS, SENSIBILIDADE DE 30 MA, CORRENTE DE 40 A, TIPO AC                                                                                                                                                                                                                                                                                                                                                                                                                                ","UN    ","CR",189.1]
[39457,"DISPOSITIVO DR, 4 POLOS, SENSIBILIDADE DE 30 MA, CORRENTE DE 63 A, TIPO AC                                                                                                                                                                                                                                                                                                                                                                                                                                ","UN    ","CR",206.15]
[39458,"DISPOSITIVO DR, 4 POLOS, SENSIBILIDADE DE 30 MA, CORRENTE DE 80 A, TIPO AC                                                                                                                                                                                                                                                                                                                                                                                                                                ","UN    ","CR",384.68]
[39464,"DISPOSITIVO DR, 4 POLOS, SENSIBILIDADE DE 300 MA, CORRENTE DE 100 A, TIPO AC                                                                                                                                                                                                                                                                                                                                                                                                                              ","UN    ","CR",618.6]
[39460,"DISPOSITIVO DR, 4 POLOS, SENSIBILIDADE DE 300 MA, CORRENTE DE 25 A, TIPO AC                                                                                                                                                                                                                                                                                                                                                                                                                               ","UN    ","CR",234.62]
[39461,"DISPOSITIVO DR, 4 POLOS, SENSIBILIDADE DE 300 MA, CORRENTE DE 40 A, TIPO AC                                                                                                                                                                                                                                                                                                                                                                                                                               ","UN    ","CR",274.92]
[39462,"DISPOSITIVO DR, 4 POLOS, SENSIBILIDADE DE 300 MA, CORRENTE DE 63 A, TIPO AC                                                                                                                                                                                                                                                                                                                                                                                                                               ","UN    ","CR",264.95]
[39463,"DISPOSITIVO DR, 4 POLOS, SENSIBILIDADE DE 300 MA, CORRENTE DE 80 A, TIPO AC                                                                                                                                                                                                                                                                                                                                                                                                                               ","UN    ","CR",613.79999999999995]
[26039,"DISTRIBUIDOR DE AGREGADOS AUTOPROPELIDO, CAP 3 M3, A DIESEL, 6 CC, 176 CV                                                                                                                                                                                                                                                                                                                                                                                                                                 ","UN    ","AS",391246.87]
[2401,"DISTRIBUIDOR DE AGREGADOS REBOCAVEL, CAPACIDADE 1,9 M3, LARGURA DE TRABALHO 3,66 M                                                                                                                                                                                                                                                                                                                                                                                                                        ","UN    ","AS",89991.11]
[38870,"DISTRIBUIDOR METALICO, COM ROSCA, 2 SAIDAS, DN 1\" X 1/2\", PARA CONEXAO COM ANEL DESLIZANTE EM TUBO PEX PARA INST. AGUA QUENTE/FRIA                                                                                                                                                                                                                                                                                                                                                                        ","UN    ","AS",32.36]
[38869,"DISTRIBUIDOR METALICO, COM ROSCA, 2 SAIDAS, DN 3/4\" X 1/2\", PARA CONEXAO COM ANEL DESLIZANTE EM TUBO PEX PARA INST. AGUA QUENTE/FRIA                                                                                                                                                                                                                                                                                                                                                                      ","UN    ","AS",21.84]
[38872,"DISTRIBUIDOR METALICO, COM ROSCA, 3 SAIDAS, DN 1\" X 1/2\", PARA CONEXAO COM ANEL DESLIZANTE EM TUBO PEX PARA INST. AGUA QUENTE/FRIA                                                                                                                                                                                                                                                                                                                                                                        ","UN    ","AS",41.23]
[38871,"DISTRIBUIDOR METALICO, COM ROSCA, 3 SAIDAS, DN 3/4\" X 1/2\", PARA CONEXAO COM ANEL DESLIZANTE EM TUBO PEX PARA INST. AGUA QUENTE/FRIA                                                                                                                                                                                                                                                                                                                                                                      ","UN    ","AS",28.5]
[39283,"DISTRIBUIDOR, PLASTICO, 2 SAIDAS, DN 32 X 16 MM, PARA CONEXAO COM CRIMPAGEM, EM TUBO PEX PARA INST. AGUA QUENTE/FRIA                                                                                                                                                                                                                                                                                                                                                                                      ","UN    ","AS",133.55000000000001]
[39285,"DISTRIBUIDOR, PLASTICO, 2 SAIDAS, DN 32 X 25 MM, PARA CONEXAO COM CRIMPAGEM, EM TUBO PEX PARA INST. AGUA QUENTE/FRIA                                                                                                                                                                                                                                                                                                                                                                                      ","UN    ","AS",152.63]
[39286,"DISTRIBUIDOR, PLASTICO, 3 SAIDAS, DN 32 X 16 MM, PARA CONEXAO COM CRIMPAGEM, EM TUBO PEX PARA INST. AGUA QUENTE/FRIA                                                                                                                                                                                                                                                                                                                                                                                      ","UN    ","AS",146.29]
[39288,"DISTRIBUIDOR, PLASTICO, 3 SAIDAS, DN 32 X 25 MM, PARA CONEXAO COM CRIMPAGEM, EM TUBO PEX PARA INST. AGUA QUENTE/FRIA                                                                                                                                                                                                                                                                                                                                                                                      ","UN    ","AS",178.06]
[44476,"DIVISORIA EM GRANITO, COM DUAS FACES POLIDAS, TIPO ANDORINHA/ QUARTZ/ CASTELO/ CORUMBA OU OUTROS EQUIVALENTES DA REGIAO, E= *3,0* CM                                                                                                                                                                                                                                                                                                                                                                      ","M2    ","CR",819.74]
[10629,"DIVISORIA EM MARMORE, COM DUAS FACES POLIDAS, BRANCO COMUM, E= *3,0* CM                                                                                                                                                                                                                                                                                                                                                                                                                                   ","M2    ","CR",685.93]
[10698,"DIVISORIA, PLACA PRE-MOLDADA EM GRANILITE, MARMORITE OU GRANITINA, E = *3 CM                                                                                                                                                                                                                                                                                                                                                                                                                              ","M2    ","AS",207.56]
[40521,"DOBRADEIRA ELETROMECANICA DE VERGALHAO, PARA ACO DE DIAMETRO ATE 1 1/2\", MOTOR ELETRICO TRIFASICO, POTENCIA DE 3 HP ATE 5 HP                                                                                                                                                                                                                                                                                                                                                                              ","UN    ","CR",106221.17]
[2432,"DOBRADICA EM ACO/FERRO, 3 1/2\" X 3\", E= 1,9 A 2 MM, COM ANEL, CROMADO OU ZINCADO, TAMPA BOLA, COM PARAFUSOS                                                                                                                                                                                                                                                                                                                                                                                               ","UN    ","CR",35.85]
[2418,"DOBRADICA EM ACO/FERRO, 3\" X 2 1/2\", E= 1,2 A 1,8 MM, SEM ANEL, CROMADO OU ZINCADO, TAMPA BOLA, COM PARAFUSOS                                                                                                                                                                                                                                                                                                                                                                                             ","UN    ","C ",16.63]
[2433,"DOBRADICA EM ACO/FERRO, 3\" X 2 1/2\", E= 1,2 A 1,8 MM, SEM ANEL, CROMADO OU ZINCADO, TAMPA CHATA, COM PARAFUSOS                                                                                                                                                                                                                                                                                                                                                                                            ","UN    ","CR",12.14]
[2420,"DOBRADICA EM ACO/FERRO, 3\" X 2 1/2\", E= 1,9 A 2 MM, SEM ANEL, CROMADO OU ZINCADO, TAMPA BOLA, COM PARAFUSOS                                                                                                                                                                                                                                                                                                                                                                                               ","UN    ","CR",20.86]
[11447,"DOBRADICA EM LATAO, 3\" X 2 1/2 \", E= 1,9 A 2 MM, COM ANEL, CROMADO, TAMPA BOLA, COM PARAFUSOS                                                                                                                                                                                                                                                                                                                                                                                                             ","UN    ","CR",41.22]
[11451,"DOBRADICA TIPO VAI-E-VEM EM ACO/FERRO, TAMANHO 3\", GALVANIZADO, COM PARAFUSOS                                                                                                                                                                                                                                                                                                                                                                                                                             ","UN    ","CR",110.5]
[11116,"DOMOS INDIVIDUAL EM ACRILICO BRANCO *95 X 95* CM, SEM INSTALACAO                                                                                                                                                                                                                                                                                                                                                                                                                                          ","UN    ","AS",838.13]
[38411,"DOSADOR DE AREIA, CAPACIDADE DE *26* LITROS                                                                                                                                                                                                                                                                                                                                                                                                                                                               ","UN    ","CR",1888.43]
[38189,"DUCHA / CHUVEIRO METALICO, DE PAREDE, ARTICULAVEL, COM BRACO/CANO, SEM DESVIADOR                                                                                                                                                                                                                                                                                                                                                                                                                          ","UN    ","CR",182.32]
[38190,"DUCHA / CHUVEIRO METALICO, DE PAREDE, ARTICULAVEL, COM DESVIADOR E DUCHA MANUAL                                                                                                                                                                                                                                                                                                                                                                                                                           ","UN    ","CR",384.09]
[7608,"DUCHA / CHUVEIRO PLASTICO SIMPLES, 5\", BRANCO, PARA ACOPLAR EM HASTE 1/2\", AGUA FRIA                                                                                                                                                                                                                                                                                                                                                                                                                      ","UN    ","CR",9.27]
[1370,"DUCHA HIGIENICA PLASTICA COM REGISTRO METALICO 1/2\"                                                                                                                                                                                                                                                                                                                                                                                                                                                       ","UN    ","CR",135.49]
[36516,"DUMPER COM CAPACIDADE DE CARGA DE 1700 KG, PARTIDA ELETRICA, MOTOR DIESEL COM POTENCIA DE 16 CV                                                                                                                                                                                                                                                                                                                                                                                                           ","UN    ","AS",145210.25]
[34777,"ELEMENTO VAZADO CERAMICO DIAGONAL (TIPO FLOR/QUADRADO/XIS) DE *7 X 18 X 25* CM (L X A X C)                                                                                                                                                                                                                                                                                                                                                                                                                ","UN    ","CR",2.42]
[7272,"ELEMENTO VAZADO CERAMICO QUADRADO (TIPO RETO OU REDONDO) DE *7 A 9 X 20 X 20* CM (L X A X C)                                                                                                                                                                                                                                                                                                                                                                                                              ","UN    ","CR",2.04]
[10605,"ELEMENTO VAZADO DE CONCRETO, QUADRICULADO, 1 FURO *10 X 10 X 10* CM                                                                                                                                                                                                                                                                                                                                                                                                                                       ","UN    ","CR",5.16]
[10604,"ELEMENTO VAZADO DE CONCRETO, QUADRICULADO, 1 FURO *20 X 10 X 7* CM                                                                                                                                                                                                                                                                                                                                                                                                                                        ","UN    ","CR",12.04]
[672,"ELEMENTO VAZADO DE CONCRETO, QUADRICULADO, 1 FURO *20 X 20 X 6,5* CM                                                                                                                                                                                                                                                                                                                                                                                                                                      ","UN    ","CR",16.55]
[668,"ELEMENTO VAZADO DE CONCRETO, QUADRICULADO, 16 FUROS *29 X 29 X 6* CM                                                                                                                                                                                                                                                                                                                                                                                                                                      ","UN    ","CR",19.98]
[10578,"ELEMENTO VAZADO DE CONCRETO, QUADRICULADO, 16 FUROS *33 X 33 X 10* CM                                                                                                                                                                                                                                                                                                                                                                                                                                     ","UN    ","CR",23.27]
[666,"ELEMENTO VAZADO DE CONCRETO, QUADRICULADO, 16 FUROS *40 X 40 X 7* CM                                                                                                                                                                                                                                                                                                                                                                                                                                      ","UN    ","CR",25.88]
[665,"ELEMENTO VAZADO DE CONCRETO, QUADRICULADO, 16 FUROS *50 X 50 X 7* CM                                                                                                                                                                                                                                                                                                                                                                                                                                      ","UN    ","CR",34.61]
[10577,"ELEMENTO VAZADO DE CONCRETO, QUADRICULADO, 25 FUROS *50 X 50 X 5* CM                                                                                                                                                                                                                                                                                                                                                                                                                                      ","UN    ","CR",30.7]
[10583,"ELEMENTO VAZADO DE CONCRETO, VENEZIANA *39 X 22 X 15* CM                                                                                                                                                                                                                                                                                                                                                                                                                                                  ","UN    ","CR",15.95]
[10579,"ELEMENTO VAZADO DE CONCRETO, VENEZIANA *39 X 29 X 10* CM                                                                                                                                                                                                                                                                                                                                                                                                                                                  ","UN    ","CR",27.8]
[10582,"ELEMENTO VAZADO DE CONCRETO, VENEZIANA *40 X 10 X 10* CM                                                                                                                                                                                                                                                                                                                                                                                                                                                  ","UN    ","CR",14.04]
[2436,"ELETRICISTA (HORISTA)                                                                                                                                                                                                                                                                                                                                                                                                                                                                                     ","H     ","C ",20.99]
[40918,"ELETRICISTA (MENSALISTA)                                                                                                                                                                                                                                                                                                                                                                                                                                                                                  ","MES   ","CR",3668.94]
[10998,"ELETRODO REVESTIDO AWS - E-6010, DIAMETRO IGUAL A 4,00 MM                                                                                                                                                                                                                                                                                                                                                                                                                                                 ","KG    ","CR",29.18]
[11002,"ELETRODO REVESTIDO AWS - E6013, DIAMETRO IGUAL A 2,50 MM                                                                                                                                                                                                                                                                                                                                                                                                                                                  ","KG    ","CR",26.73]
[10999,"ELETRODO REVESTIDO AWS - E6013, DIAMETRO IGUAL A 4,00 MM                                                                                                                                                                                                                                                                                                                                                                                                                                                  ","KG    ","CR",25.68]
[10997,"ELETRODO REVESTIDO AWS - E7018, DIAMETRO IGUAL A 4,00 MM                                                                                                                                                                                                                                                                                                                                                                                                                                                  ","KG    ","C ",27.84]
[2685,"ELETRODUTO DE PVC RIGIDO ROSCAVEL DE 1 \", SEM LUVA                                                                                                                                                                                                                                                                                                                                                                                                                                                        ","M     ","CR",9.0500000000000007]
[2680,"ELETRODUTO DE PVC RIGIDO ROSCAVEL DE 1 1/2 \", SEM LUVA                                                                                                                                                                                                                                                                                                                                                                                                                                                    ","M     ","CR",13.24]
[2684,"ELETRODUTO DE PVC RIGIDO ROSCAVEL DE 1 1/4 \", SEM LUVA                                                                                                                                                                                                                                                                                                                                                                                                                                                    ","M     ","CR",12.05]
[2673,"ELETRODUTO DE PVC RIGIDO ROSCAVEL DE 1/2 \", SEM LUVA                                                                                                                                                                                                                                                                                                                                                                                                                                                      ","M     ","C ",4.6500000000000004]
[2681,"ELETRODUTO DE PVC RIGIDO ROSCAVEL DE 2 \", SEM LUVA                                                                                                                                                                                                                                                                                                                                                                                                                                                        ","M     ","CR",21.64]
[2682,"ELETRODUTO DE PVC RIGIDO ROSCAVEL DE 2 1/2 \", SEM LUVA                                                                                                                                                                                                                                                                                                                                                                                                                                                    ","M     ","CR",31.57]
[2686,"ELETRODUTO DE PVC RIGIDO ROSCAVEL DE 3 \", SEM LUVA                                                                                                                                                                                                                                                                                                                                                                                                                                                        ","M     ","CR",39.590000000000003]
[2674,"ELETRODUTO DE PVC RIGIDO ROSCAVEL DE 3/4 \", SEM LUVA                                                                                                                                                                                                                                                                                                                                                                                                                                                      ","M     ","CR",5.79]
[2683,"ELETRODUTO DE PVC RIGIDO ROSCAVEL DE 4 \", SEM LUVA                                                                                                                                                                                                                                                                                                                                                                                                                                                        ","M     ","CR",62.38]
[2676,"ELETRODUTO DE PVC RIGIDO SOLDAVEL, CLASSE B, DE 20 MM                                                                                                                                                                                                                                                                                                                                                                                                                                                     ","M     ","CR",2.7]
[2678,"ELETRODUTO DE PVC RIGIDO SOLDAVEL, CLASSE B, DE 25 MM                                                                                                                                                                                                                                                                                                                                                                                                                                                     ","M     ","CR",3.38]
[2679,"ELETRODUTO DE PVC RIGIDO SOLDAVEL, CLASSE B, DE 32 MM                                                                                                                                                                                                                                                                                                                                                                                                                                                     ","M     ","CR",5.22]
[12070,"ELETRODUTO DE PVC RIGIDO SOLDAVEL, CLASSE B, DE 40 MM                                                                                                                                                                                                                                                                                                                                                                                                                                                     ","M     ","CR",7.27]
[2675,"ELETRODUTO DE PVC RIGIDO SOLDAVEL, CLASSE B, DE 50 MM                                                                                                                                                                                                                                                                                                                                                                                                                                                     ","M     ","CR",9.44]
[12067,"ELETRODUTO DE PVC RIGIDO SOLDAVEL, CLASSE B, DE 60 MM                                                                                                                                                                                                                                                                                                                                                                                                                                                     ","M     ","CR",12.81]
[21128,"ELETRODUTO EM ACO GALVANIZADO ELETROLITICO, LEVE, DIAMETRO 3/4\", PAREDE DE 0,90 MM                                                                                                                                                                                                                                                                                                                                                                                                                        ","M     ","AS",9.67]
[40400,"ELETRODUTO FLEXIVEL PLANO EM PEAD, COR PRETA E LARANJA, DIAMETRO 25 MM                                                                                                                                                                                                                                                                                                                                                                                                                                    ","M     ","AS",2.13]
[40401,"ELETRODUTO FLEXIVEL PLANO EM PEAD, COR PRETA E LARANJA, DIAMETRO 32 MM                                                                                                                                                                                                                                                                                                                                                                                                                                    ","M     ","AS",3.13]
[40402,"ELETRODUTO FLEXIVEL PLANO EM PEAD, COR PRETA E LARANJA, DIAMETRO 40 MM                                                                                                                                                                                                                                                                                                                                                                                                                                    ","M     ","AS",4.0199999999999996]
[21137,"ELETRODUTO FLEXIVEL, EM FITA DE ACO GALVANIZADO, REVESTIDO COM PVC PRETO, DIAMETRO EXTERNO DE 15 MM, DN = 3/8\", TIPO SEALTUBO                                                                                                                                                                                                                                                                                                                                                                             ","M     ","AS",9.9]
[2504,"ELETRODUTO FLEXIVEL, EM FITA DE ACO GALVANIZADO, REVESTIDO COM PVC PRETO, DIAMETRO EXTERNO DE 25 MM, DN = 3/4\", TIPO SEALTUBO                                                                                                                                                                                                                                                                                                                                                                             ","M     ","AS",10.73]
[2501,"ELETRODUTO FLEXIVEL, EM FITA DE ACO GALVANIZADO, REVESTIDO COM PVC PRETO, DIAMETRO EXTERNO DE 32 MM, DN = 1\", TIPO SEALTUBO                                                                                                                                                                                                                                                                                                                                                                               ","M     ","AS",14.07]
[2502,"ELETRODUTO FLEXIVEL, EM FITA DE ACO GALVANIZADO, REVESTIDO COM PVC PRETO, DIAMETRO EXTERNO DE 40 MM, DN = 1 1/4\", TIPO SEALTUBO                                                                                                                                                                                                                                                                                                                                                                           ","M     ","AS",21.23]
[2503,"ELETRODUTO FLEXIVEL, EM FITA DE ACO GALVANIZADO, REVESTIDO COM PVC PRETO, DIAMETRO EXTERNO DE 50 MM, DN = 1 1/2\", TIPO SEALTUBO                                                                                                                                                                                                                                                                                                                                                                           ","M     ","AS",27.32]
[2500,"ELETRODUTO FLEXIVEL, EM FITA DE ACO GALVANIZADO, REVESTIDO COM PVC PRETO, DIAMETRO EXTERNO DE 60 MM, DN = 2\", TIPO SEALTUBO                                                                                                                                                                                                                                                                                                                                                                               ","M     ","AS",36.39]
[2505,"ELETRODUTO FLEXIVEL, EM FITA DE ACO GALVANIZADO, REVESTIDO COM PVC PRETO, DIAMETRO EXTERNO DE 75 MM, DN = 2 1/2\", TIPO SEALTUBO                                                                                                                                                                                                                                                                                                                                                                           ","M     ","AS",56.72]
[12056,"ELETRODUTO FLEXIVEL, EM FITA DE ACO GALVANIZADO, SEM REVESTIMENTO, DIAMETRO NOMINAL 1 1/2\"                                                                                                                                                                                                                                                                                                                                                                                                                ","M     ","AS",22.92]
[12057,"ELETRODUTO FLEXIVEL, EM FITA DE ACO GALVANIZADO, SEM REVESTIMENTO, DIAMETRO NOMINAL 1 1/4\"                                                                                                                                                                                                                                                                                                                                                                                                                ","M     ","AS",19.47]
[12059,"ELETRODUTO FLEXIVEL, EM FITA DE ACO GALVANIZADO, SEM REVESTIMENTO, DIAMETRO NOMINAL 1/2\"                                                                                                                                                                                                                                                                                                                                                                                                                  ","M     ","AS",6.83]
[12058,"ELETRODUTO FLEXIVEL, EM FITA DE ACO GALVANIZADO, SEM REVESTIMENTO, DIAMETRO NOMINAL 1\"                                                                                                                                                                                                                                                                                                                                                                                                                    ","M     ","AS",12.13]
[12060,"ELETRODUTO FLEXIVEL, EM FITA DE ACO GALVANIZADO, SEM REVESTIMENTO, DIAMETRO NOMINAL 2 1/2\"                                                                                                                                                                                                                                                                                                                                                                                                                ","M     ","AS",50.58]
[12061,"ELETRODUTO FLEXIVEL, EM FITA DE ACO GALVANIZADO, SEM REVESTIMENTO, DIAMETRO NOMINAL 2\"                                                                                                                                                                                                                                                                                                                                                                                                                    ","M     ","AS",30.88]
[12062,"ELETRODUTO FLEXIVEL, EM FITA DE ACO GALVANIZADO, SEM REVESTIMENTO, DIAMETRO NOMINAL 3\"                                                                                                                                                                                                                                                                                                                                                                                                                    ","M     ","AS",56.95]
[2687,"ELETRODUTO PVC FLEXIVEL CORRUGADO, COR AMARELA, DE 16 MM                                                                                                                                                                                                                                                                                                                                                                                                                                                  ","M     ","CR",2.36]
[2689,"ELETRODUTO PVC FLEXIVEL CORRUGADO, COR AMARELA, DE 20 MM                                                                                                                                                                                                                                                                                                                                                                                                                                                  ","M     ","CR",2.81]
[2688,"ELETRODUTO PVC FLEXIVEL CORRUGADO, COR AMARELA, DE 25 MM                                                                                                                                                                                                                                                                                                                                                                                                                                                  ","M     ","CR",3.04]
[2690,"ELETRODUTO PVC FLEXIVEL CORRUGADO, COR AMARELA, DE 32 MM                                                                                                                                                                                                                                                                                                                                                                                                                                                  ","M     ","CR",5.21]
[39243,"ELETRODUTO PVC FLEXIVEL CORRUGADO, REFORCADO, COR LARANJA, DE 20 MM, PARA LAJES E PISOS                                                                                                                                                                                                                                                                                                                                                                                                                   ","M     ","CR",3.43]
[39244,"ELETRODUTO PVC FLEXIVEL CORRUGADO, REFORCADO, COR LARANJA, DE 25 MM, PARA LAJES E PISOS                                                                                                                                                                                                                                                                                                                                                                                                                   ","M     ","CR",4.6399999999999997]
[39245,"ELETRODUTO PVC FLEXIVEL CORRUGADO, REFORCADO, COR LARANJA, DE 32 MM, PARA LAJES E PISOS                                                                                                                                                                                                                                                                                                                                                                                                                   ","M     ","CR",8.93]
[39254,"ELETRODUTO/CONDULETE DE PVC RIGIDO, LISO, COR CINZA, DE 1/2\", PARA INSTALACOES APARENTES (NBR 5410)                                                                                                                                                                                                                                                                                                                                                                                                       ","M     ","CR",13.35]
[39255,"ELETRODUTO/CONDULETE DE PVC RIGIDO, LISO, COR CINZA, DE 1\", PARA INSTALACOES APARENTES (NBR 5410)                                                                                                                                                                                                                                                                                                                                                                                                         ","M     ","CR",24.71]
[39253,"ELETRODUTO/CONDULETE DE PVC RIGIDO, LISO, COR CINZA, DE 3/4\", PARA INSTALACOES APARENTES (NBR 5410)                                                                                                                                                                                                                                                                                                                                                                                                       ","M     ","CR",17.02]
[39246,"ELETRODUTO/DUTO PEAD FLEXIVEL PAREDE SIMPLES, CORRUGACAO HELICOIDAL, COR PRETA, SEM ROSCA, DE 1 1/2\", CRC 680 N, PARA CABEAMENTO SUBTERRANEO (NBR 15715)                                                                                                                                                                                                                                                                                                                                                  ","M     ","AS",5.44]
[39247,"ELETRODUTO/DUTO PEAD FLEXIVEL PAREDE SIMPLES, CORRUGACAO HELICOIDAL, COR PRETA, SEM ROSCA, DE 1 1/4\", CRC 680 N, PARA CABEAMENTO SUBTERRANEO (NBR 15715)                                                                                                                                                                                                                                                                                                                                                  ","M     ","AS",4.75]
[2446,"ELETRODUTO/DUTO PEAD FLEXIVEL PAREDE SIMPLES, CORRUGACAO HELICOIDAL, COR PRETA, SEM ROSCA, DE 2\", CRC 680 N, PARA CABEAMENTO SUBTERRANEO (NBR 15715)                                                                                                                                                                                                                                                                                                                                                      ","M     ","AS",7.82]
[2442,"ELETRODUTO/DUTO PEAD FLEXIVEL PAREDE SIMPLES, CORRUGACAO HELICOIDAL, COR PRETA, SEM ROSCA, DE 3\", CRC 680 N, PARA CABEAMENTO SUBTERRANEO (NBR 15715)                                                                                                                                                                                                                                                                                                                                                      ","M     ","AS",10.95]
[39248,"ELETRODUTO/DUTO PEAD FLEXIVEL PAREDE SIMPLES, CORRUGACAO HELICOIDAL, COR PRETA, SEM ROSCA, DE 4\", CRC 680 N, PARA CABEAMENTO SUBTERRANEO (NBR 15715)                                                                                                                                                                                                                                                                                                                                                      ","M     ","AS",15.27]
[2438,"ELETROTECNICO (HORISTA)                                                                                                                                                                                                                                                                                                                                                                                                                                                                                   ","H     ","CR",22.27]
[40922,"ELETROTECNICO (MENSALISTA)                                                                                                                                                                                                                                                                                                                                                                                                                                                                                ","MES   ","CR",3894.41]
[36486,"ELEVADOR DE CARGA A CABO, CABINE SEMI FECHADA 2,0 X 1,5 X 2,0 M, CAPACIDADE DE CARGA 1000 KG, TORRE 2,38 X 2,21 X 15 M, GUINCHO DE EMBREAGEM, FREIO DE SEGURANCA, LIMITADOR DE VELOCIDADE E CANCELA                                                                                                                                                                                                                                                                                                       ","UN    ","AS",72764.03]
[37777,"ELEVADOR DE CREMALHEIRA CABINE FECHADA 1,5 X 2,5 X 2,35 M (UMA POR TORRE), CAPACIDADE DE CARGA 1200 KG (15 PESSOAS), TORRE 24 M (16 MODULOS), FREIO DE SEGURANCA, LIMITADOR DE CARGA                                                                                                                                                                                                                                                                                                                      ","UN    ","AS",342571.65]
[12624,"EMENDA PARA CALHA PLUVIAL, PVC, DIAMETRO ENTRE 119 E 170 MM, PARA DRENAGEM PLUVIAL PREDIAL                                                                                                                                                                                                                                                                                                                                                                                                                ","UN    ","CR",28.25]
[517,"EMULSAO ASFALTICA ANIONICA                                                                                                                                                                                                                                                                                                                                                                                                                                                                                ","L     ","CR",11.06]
[37534,"EMULSAO EXPLOSIVA EM CARTUCHOS DE 1\" X 12\", DENSIDADE 1.15 G/CM3, INICIACAO ESPOLETA N. 8 / CORDEL                                                                                                                                                                                                                                                                                                                                                                                                        ","KG    ","AS",21.97]
[37535,"EMULSAO EXPLOSIVA EM CARTUCHOS DE 1\" X 24\", DENSIDADE 1.15 G/CM3, INICIACAO ESPOLETA N. 8 / CORDEL                                                                                                                                                                                                                                                                                                                                                                                                        ","KG    ","AS",21.97]
[37533,"EMULSAO EXPLOSIVA EM CARTUCHOS DE 1\" X 8\", DENSIDADE 1.15 G/CM3, INICIACAO ESPOLETA N. 8 / CORDEL                                                                                                                                                                                                                                                                                                                                                                                                         ","KG    ","AS",21.97]
[37537,"EMULSAO EXPLOSIVA EM CARTUCHOS DE 2 1/2\" X 24\", DENSIDADE 1.15 G/CM3, INICIACAO ESPOLETA N. 8 / CORDEL                                                                                                                                                                                                                                                                                                                                                                                                    ","KG    ","AS",16.63]
[37536,"EMULSAO EXPLOSIVA EM CARTUCHOS DE 2 1/4\" X 24\", DENSIDADE 1.15 G/CM3, INICIACAO ESPOLETA N. 8 / CORDEL                                                                                                                                                                                                                                                                                                                                                                                                    ","KG    ","AS",16.63]
[37532,"EMULSAO EXPLOSIVA EM CARTUCHOS DE 2\" X 24\", DENSIDADE 1.15 G/CM3, INICIACAO ESPOLETA N. 8 / CORDEL                                                                                                                                                                                                                                                                                                                                                                                                        ","KG    ","AS",16.63]
[2696,"ENCANADOR OU BOMBEIRO HIDRAULICO (HORISTA)                                                                                                                                                                                                                                                                                                                                                                                                                                                                ","H     ","C ",20.99]
[40928,"ENCANADOR OU BOMBEIRO HIDRAULICO (MENSALISTA)                                                                                                                                                                                                                                                                                                                                                                                                                                                             ","MES   ","CR",3668.94]
[4083,"ENCARREGADO GERAL DE OBRAS (HORISTA)                                                                                                                                                                                                                                                                                                                                                                                                                                                                      ","H     ","C ",32.65]
[40818,"ENCARREGADO GERAL DE OBRAS (MENSALISTA)                                                                                                                                                                                                                                                                                                                                                                                                                                                                   ","MES   ","CR",5707.24]
[43146,"ENDURECEDOR MINERAL DE BASE CIMENTICIA PARA PISO DE CONCRETO                                                                                                                                                                                                                                                                                                                                                                                                                                              ","KG    ","CR",10.3]
[2705,"ENERGIA ELETRICA ATE 2000 KWH INDUSTRIAL, SEM DEMANDA                                                                                                                                                                                                                                                                                                                                                                                                                                                     ","KWH   ","CR",0.96]
[14250,"ENERGIA ELETRICA COMERCIAL, BAIXA TENSAO, RELATIVA AO CONSUMO DE ATE 100 KWH, INCLUINDO ICMS, PIS/PASEP E COFINS                                                                                                                                                                                                                                                                                                                                                                                          ","KWH   ","C ",0.98]
[11683,"ENGATE / RABICHO FLEXIVEL INOX 1/2\" X 30 CM                                                                                                                                                                                                                                                                                                                                                                                                                                                               ","UN    ","CR",60.64]
[11684,"ENGATE / RABICHO FLEXIVEL INOX 1/2\" X 40 CM                                                                                                                                                                                                                                                                                                                                                                                                                                                               ","UN    ","CR",66.38]
[6141,"ENGATE/RABICHO FLEXIVEL PLASTICO (PVC OU ABS) BRANCO 1/2\" X 30 CM                                                                                                                                                                                                                                                                                                                                                                                                                                         ","UN    ","CR",4.63]
[11681,"ENGATE/RABICHO FLEXIVEL PLASTICO (PVC OU ABS) BRANCO 1/2\" X 40 CM                                                                                                                                                                                                                                                                                                                                                                                                                                         ","UN    ","CR",5.83]
[2706,"ENGENHEIRO CIVIL DE OBRA JUNIOR (HORISTA)                                                                                                                                                                                                                                                                                                                                                                                                                                                                 ","H     ","C ",116.72]
[40811,"ENGENHEIRO CIVIL DE OBRA JUNIOR (MENSALISTA)                                                                                                                                                                                                                                                                                                                                                                                                                                                              ","MES   ","CR",20401.7]
[2707,"ENGENHEIRO CIVIL DE OBRA PLENO (HORISTA)                                                                                                                                                                                                                                                                                                                                                                                                                                                                  ","H     ","CR",122.52]
[40813,"ENGENHEIRO CIVIL DE OBRA PLENO (MENSALISTA)                                                                                                                                                                                                                                                                                                                                                                                                                                                               ","MES   ","CR",21416.15]
[2708,"ENGENHEIRO CIVIL DE OBRA SENIOR (HORISTA)                                                                                                                                                                                                                                                                                                                                                                                                                                                                 ","H     ","CR",146.27000000000001]
[40814,"ENGENHEIRO CIVIL DE OBRA SENIOR (MENSALISTA)                                                                                                                                                                                                                                                                                                                                                                                                                                                              ","MES   ","CR",25568.32]
[38403,"ENXADA ESTREITA *25 X 23* CM COM CABO                                                                                                                                                                                                                                                                                                                                                                                                                                                                     ","UN    ","CR",47.07]
[43482,"EPI - FAMILIA ALMOXARIFE - HORISTA (ENCARGOS COMPLEMENTARES - COLETADO CAIXA)                                                                                                                                                                                                                                                                                                                                                                                                                             ","H     ","C ",0.79]
[43494,"EPI - FAMILIA ALMOXARIFE - MENSALISTA (ENCARGOS COMPLEMENTARES - COLETADO CAIXA)                                                                                                                                                                                                                                                                                                                                                                                                                          ","MES   ","C ",148.04]
[43483,"EPI - FAMILIA CARPINTEIRO DE FORMAS - HORISTA (ENCARGOS COMPLEMENTARES - COLETADO CAIXA)                                                                                                                                                                                                                                                                                                                                                                                                                  ","H     ","C ",1.43]
[43495,"EPI - FAMILIA CARPINTEIRO DE FORMAS - MENSALISTA (ENCARGOS COMPLEMENTARES - COLETADO CAIXA)                                                                                                                                                                                                                                                                                                                                                                                                               ","MES   ","C ",269.97000000000003]
[43484,"EPI - FAMILIA ELETRICISTA - HORISTA (ENCARGOS COMPLEMENTARES - COLETADO CAIXA)                                                                                                                                                                                                                                                                                                                                                                                                                            ","H     ","C ",1.2]
[43496,"EPI - FAMILIA ELETRICISTA - MENSALISTA (ENCARGOS COMPLEMENTARES - COLETADO CAIXA)                                                                                                                                                                                                                                                                                                                                                                                                                         ","MES   ","C ",226.41]
[43485,"EPI - FAMILIA ENCANADOR - HORISTA (ENCARGOS COMPLEMENTARES - COLETADO CAIXA)                                                                                                                                                                                                                                                                                                                                                                                                                              ","H     ","C ",1.06]
[43497,"EPI - FAMILIA ENCANADOR - MENSALISTA (ENCARGOS COMPLEMENTARES - COLETADO CAIXA)                                                                                                                                                                                                                                                                                                                                                                                                                           ","MES   ","C ",199.2]
[43487,"EPI - FAMILIA ENCARREGADO GERAL - HORISTA (ENCARGOS COMPLEMENTARES - COLETADO CAIXA)                                                                                                                                                                                                                                                                                                                                                                                                                      ","H     ","C ",1.25]
[43499,"EPI - FAMILIA ENCARREGADO GERAL - MENSALISTA (ENCARGOS COMPLEMENTARES - COLETADO CAIXA)                                                                                                                                                                                                                                                                                                                                                                                                                   ","MES   ","C ",236.16]
[43486,"EPI - FAMILIA ENGENHEIRO CIVIL - HORISTA (ENCARGOS COMPLEMENTARES - COLETADO CAIXA)                                                                                                                                                                                                                                                                                                                                                                                                                       ","H     ","C ",0.74]
[43498,"EPI - FAMILIA ENGENHEIRO CIVIL - MENSALISTA (ENCARGOS COMPLEMENTARES - COLETADO CAIXA)                                                                                                                                                                                                                                                                                                                                                                                                                    ","MES   ","C ",140.22999999999999]
[43488,"EPI - FAMILIA OPERADOR ESCAVADEIRA - HORISTA (ENCARGOS COMPLEMENTARES - COLETADO CAIXA)                                                                                                                                                                                                                                                                                                                                                                                                                   ","H     ","C ",0.86]
[43500,"EPI - FAMILIA OPERADOR ESCAVADEIRA - MENSALISTA (ENCARGOS COMPLEMENTARES - COLETADO CAIXA)                                                                                                                                                                                                                                                                                                                                                                                                                ","MES   ","C ",162.97]
[43489,"EPI - FAMILIA PEDREIRO - HORISTA (ENCARGOS COMPLEMENTARES - COLETADO CAIXA)                                                                                                                                                                                                                                                                                                                                                                                                                               ","H     ","C ",1.24]
[43501,"EPI - FAMILIA PEDREIRO - MENSALISTA (ENCARGOS COMPLEMENTARES - COLETADO CAIXA)                                                                                                                                                                                                                                                                                                                                                                                                                            ","MES   ","C ",233.35]
[43490,"EPI - FAMILIA PINTOR - HORISTA (ENCARGOS COMPLEMENTARES - COLETADO CAIXA)                                                                                                                                                                                                                                                                                                                                                                                                                                 ","H     ","C ",1.73]
[43502,"EPI - FAMILIA PINTOR - MENSALISTA (ENCARGOS COMPLEMENTARES - COLETADO CAIXA)                                                                                                                                                                                                                                                                                                                                                                                                                              ","MES   ","C ",325.51]
[43491,"EPI - FAMILIA SERVENTE - HORISTA (ENCARGOS COMPLEMENTARES - COLETADO CAIXA)                                                                                                                                                                                                                                                                                                                                                                                                                               ","H     ","C ",1.33]
[43503,"EPI - FAMILIA SERVENTE - MENSALISTA (ENCARGOS COMPLEMENTARES - COLETADO CAIXA)                                                                                                                                                                                                                                                                                                                                                                                                                            ","MES   ","C ",250.24]
[43492,"EPI - FAMILIA SOLDADOR - HORISTA (ENCARGOS COMPLEMENTARES - COLETADO CAIXA)                                                                                                                                                                                                                                                                                                                                                                                                                               ","H     ","C ",1.79]
[43504,"EPI - FAMILIA SOLDADOR - MENSALISTA (ENCARGOS COMPLEMENTARES - COLETADO CAIXA)                                                                                                                                                                                                                                                                                                                                                                                                                            ","MES   ","C ",337.87]
[43493,"EPI - FAMILIA TOPOGRAFO - HORISTA (ENCARGOS COMPLEMENTARES - COLETADO CAIXA)                                                                                                                                                                                                                                                                                                                                                                                                                              ","H     ","C ",0.71]
[43505,"EPI - FAMILIA TOPOGRAFO - MENSALISTA (ENCARGOS COMPLEMENTARES - COLETADO CAIXA)                                                                                                                                                                                                                                                                                                                                                                                                                           ","MES   ","C ",132.94]
[37774,"EQUIPAMENTO DE LIMPEZA COMBINADO (VACUO/ALTA PRESSAO) 95% VACUO, TANQUE 7000 L, BOMBA 140 KGF/CM2 66 L/MIN COM MOTOR INDEPENDENTE A DIESEL DE 60 CV (INCLUI MONTAGEM, NAO INCLUI CAMINHAO)                                                                                                                                                                                                                                                                                                                ","UN    ","AS",565124.71]
[38629,"EQUIPAMENTO P/ DEMARCACAO DE FAIXAS DE TRAFEGO A QUENTE, A SER MONTADO SOBRE CAMINHAO DE PBT MIN. DE 17 T, DIST. MIN. ENTRE EIXOS 5,2 M, CAPACIDADE PARA 1.000 KG DE MATERIAL TERMOPLASTICO (INCLUI MONTAGEM, NAO INCLUI CAMINHAO, NEM COMPRESSOR DE AR)                                                                                                                                                                                                                                                  ","UN    ","AS",2869394.53]
[38630,"EQUIPAMENTO PARA DEMARCACAO DE FAIXAS DE TRAFEGO A FRIO, A SER MONTADO SOBRE CAMINHAO DE PBT MINIMO DE 9 T E DISTANCIA MINIMA ENTRE EIXOS DE 4,3 M, CAPACIDADE PARA 800 L DE TINTA (INCLUI MONTAGEM, NAO INCLUI CAMINHAO)                                                                                                                                                                                                                                                                                 ","UN    ","AS",1927644.53]
[38476,"ESCADA DUPLA DE ABRIR EM ALUMINIO, MODELO PINTOR, 8 DEGRAUS                                                                                                                                                                                                                                                                                                                                                                                                                                               ","UN    ","CR",353.75]
[38477,"ESCADA EXTENSIVEL EM ALUMINIO COM 6,00 M ESTENDIDA                                                                                                                                                                                                                                                                                                                                                                                                                                                        ","UN    ","CR",1001.82]
[14525,"ESCAVADEIRA HIDRAULICA SOBRE ESTEIRAS COM CACAMBA DE 1,20 M3, PESO OPERACIONAL 21 T, POTENCIA BRUTA 155 HP                                                                                                                                                                                                                                                                                                                                                                                                ","UN    ","CR",933513.48]
[36408,"ESCAVADEIRA HIDRAULICA SOBRE ESTEIRAS, CACAMBA 0,4 A 1,70 M3, PESO OPERACIONAL 23,2 T, POTENCIA BRUTA 183 HP                                                                                                                                                                                                                                                                                                                                                                                              ","UN    ","CR",1139639.6499999999]
[2723,"ESCAVADEIRA HIDRAULICA SOBRE ESTEIRAS, CACAMBA 0,62M3, PESO OPERACIONAL 12,61T, POTENCIA LIQUIDA 95HP                                                                                                                                                                                                                                                                                                                                                                                                     ","UN    ","CR",693693.66]
[10685,"ESCAVADEIRA HIDRAULICA SOBRE ESTEIRAS, CACAMBA 0,80M3, PESO OPERACIONAL 17T, POTENCIA BRUTA 111HP                                                                                                                                                                                                                                                                                                                                                                                                         ","UN    ","C ",825000]
[40636,"ESCAVADEIRA HIDRAULICA SOBRE ESTEIRAS, CAPACIDADE DA CACAMBA ENTRE 1,20 E 1,50 M3, PESO OPERACIONAL ENTRE 20,00 E 22,00 TON, POTENCIA LIQUIDA ENTRE 150 E 155 HP, EQUIPADA COM CLAMSHELL                                                                                                                                                                                                                                                                                                                  ","UN    ","CR",1142417.67]
[4111,"ESCORA PRE-MOLDADA EM CONCRETO, *10 X 10* CM, H = 2,30M                                                                                                                                                                                                                                                                                                                                                                                                                                                   ","UN    ","CR",59.52]
[44538,"ESCOVA CIRCULAR EM ACO LATONADO, 6 X 1\" (DIAMETRO X ESPESSURA), FURO DE 1 1/4 \", FIO ONDULADO *0,30* MM                                                                                                                                                                                                                                                                                                                                                                                                   ","UN    ","CR",47.89]
[12,"ESCOVA DE ACO, COM CABO, *4 X 15* FILEIRAS DE CERDAS                                                                                                                                                                                                                                                                                                                                                                                                                                                      ","UN    ","C ",13]
[37554,"ESGUICHO JATO REGULAVEL, TIPO ELKHART, ENGATE RAPIDO 1 1/2\", PARA COMBATE A INCENDIO                                                                                                                                                                                                                                                                                                                                                                                                                      ","UN    ","CR",290.64999999999998]
[37555,"ESGUICHO JATO REGULAVEL, TIPO ELKHART, ENGATE RAPIDO 2 1/2\", PARA COMBATE A INCENDIO                                                                                                                                                                                                                                                                                                                                                                                                                      ","UN    ","CR",353.57]
[10902,"ESGUICHO TIPO JATO SOLIDO, EM LATAO, ENGATE RAPIDO 1 1/2\" X 13 MM, PARA MANGUEIRA EM INSTALACAO PREDIAL COMBATE A INCENDIO                                                                                                                                                                                                                                                                                                                                                                                ","UN    ","CR",88.72]
[20965,"ESGUICHO TIPO JATO SOLIDO, EM LATAO, ENGATE RAPIDO 1 1/2\" X 16 MM, PARA MANGUEIRA EM INSTALACAO PREDIAL COMBATE A INCENDIO                                                                                                                                                                                                                                                                                                                                                                                ","UN    ","CR",89.54]
[20966,"ESGUICHO TIPO JATO SOLIDO, EM LATAO, ENGATE RAPIDO 1 1/2\" X 19 MM, PARA MANGUEIRA EM INSTALACAO PREDIAL COMBATE A INCENDIO                                                                                                                                                                                                                                                                                                                                                                                ","UN    ","CR",96.41]
[10903,"ESGUICHO TIPO JATO SOLIDO, EM LATAO, ENGATE RAPIDO 2 1/2\" X 13 MM, PARA MANGUEIRA EM INSTALACAO PREDIAL COMBATE A INCENDIO                                                                                                                                                                                                                                                                                                                                                                                ","UN    ","CR",146.13999999999999]
[20967,"ESGUICHO TIPO JATO SOLIDO, EM LATAO, ENGATE RAPIDO 2 1/2\" X 16 MM, PARA MANGUEIRA EM INSTALACAO PREDIAL COMBATE A INCENDIO                                                                                                                                                                                                                                                                                                                                                                                ","UN    ","CR",146.13999999999999]
[20968,"ESGUICHO TIPO JATO SOLIDO, EM LATAO, ENGATE RAPIDO 2 1/2\" X 19 MM, PARA MANGUEIRA EM INSTALACAO PREDIAL COMBATE A INCENDIO                                                                                                                                                                                                                                                                                                                                                                                ","UN    ","CR",160.28]
[11359,"ESMERILHADEIRA ANGULAR ELETRICA, DIAMETRO DO DISCO 7\" (180 MM), ROTACAO 8500 RPM, POTENCIA 2400 W                                                                                                                                                                                                                                                                                                                                                                                                         ","UN    ","C ",880]
[39017,"ESPACADOR / DISTANCIADOR CIRCULAR COM ENTRADA LATERAL, EM PLASTICO, PARA VERGALHAO *4,2 A 12,5* MM, COBRIMENTO 20 MM                                                                                                                                                                                                                                                                                                                                                                                      ","UN    ","CR",0.18]
[39315,"ESPACADOR / DISTANCIADOR TIPO GARRA DUPLA, EM PLASTICO, COBRIMENTO *20* MM, PARA FERRAGENS DE LAJES E FUNDO DE VIGAS                                                                                                                                                                                                                                                                                                                                                                                      ","UN    ","CR",0.28999999999999998]
[39016,"ESPACADOR / DISTANCIADOR TIPO PINO EM PLASTICO, PARA VERGALHAO ATE 10 MM, PARA APOIO DE ARMADURA                                                                                                                                                                                                                                                                                                                                                                                                          ","UN    ","CR",0.28999999999999998]
[39481,"ESPACADOR OU DISTANCIADOR, EM PLASTICO, TIPO APOIO DE CORDOALHA (CARANGUEJO), PARA ARMADURA NEGATIVA E PROTENSAO, COBRIMENTO 50 MM                                                                                                                                                                                                                                                                                                                                                                        ","UN    ","CR",1.43]
[39013,"ESPACADOR/SEPARADOR /CENTRALIZADOR DE BARRA DE ACO, PLASTICO, (CHUMBADOR TIPO CARAMBOLA - CB), DIAMETRO INTERNO ATE 20 MM                                                                                                                                                                                                                                                                                                                                                                                 ","UN    ","CR",1.22]
[44919,"ESPACADOR/SEPARADOR /CENTRALIZADOR DE BARRA DE ACO, PLASTICO, (CHUMBADOR TIPO CARAMBOLA - CB), DIAMETRO INTERNO ENTRE 25 A 32 MM                                                                                                                                                                                                                                                                                                                                                                          ","UN    ","CR",2.2799999999999998]
[40433,"ESPACADOR/SEPARADOR DE CORDOALHA TIPO DISCO 12 FUROS DE 14 MM, PARA TIRANTES                                                                                                                                                                                                                                                                                                                                                                                                                              ","UN    ","CR",1.26]
[20219,"ESPARGIDOR DE ASFALTO PRESSURIZADO, REBOCAVEL, TANQUE DE 2500 L, PNEUMATICO, COM MOTOR A GASOLINA 3,4HP                                                                                                                                                                                                                                                                                                                                                                                                   ","UN    ","AS",116000]
[36484,"ESPARGIDOR DE ASFALTO PRESSURIZADO, TANQUE 6 M3 COM ISOLACAO TERMICA, AQUECIDO COM 2 MACARICOS, COM BARRA ESPARGIDORA 3,60 M, A SER MONTADO SOBRE CAMINHAO                                                                                                                                                                                                                                                                                                                                                ","UN    ","AS",246246.87]
[38367,"ESPATULA DE ACO INOX COM CABO DE MADEIRA, LARGURA 8 CM                                                                                                                                                                                                                                                                                                                                                                                                                                                    ","UN    ","CR",19]
[38368,"ESPATULA DE PLASTICO LISA, LARGURA 10 CM                                                                                                                                                                                                                                                                                                                                                                                                                                                                  ","UN    ","CR",8.85]
[38091,"ESPELHO / PLACA CEGA 4\" X 2\", PARA INSTALACAO DE TOMADAS E INTERRUPTORES                                                                                                                                                                                                                                                                                                                                                                                                                                  ","UN    ","CR",2.2799999999999998]
[38095,"ESPELHO / PLACA CEGA 4\" X 4\", PARA INSTALACAO DE TOMADAS E INTERRUPTORES                                                                                                                                                                                                                                                                                                                                                                                                                                  ","UN    ","CR",4.82]
[38092,"ESPELHO / PLACA DE 1 POSTO 4\" X 2\", PARA INSTALACAO DE TOMADAS E INTERRUPTORES                                                                                                                                                                                                                                                                                                                                                                                                                            ","UN    ","CR",2.16]
[38093,"ESPELHO / PLACA DE 2 POSTOS 4\" X 2\", PARA INSTALACAO DE TOMADAS E INTERRUPTORES                                                                                                                                                                                                                                                                                                                                                                                                                           ","UN    ","CR",2.23]
[38096,"ESPELHO / PLACA DE 2 POSTOS 4\" X 4\", PARA INSTALACAO DE TOMADAS E INTERRUPTORES                                                                                                                                                                                                                                                                                                                                                                                                                           ","UN    ","CR",5.18]
[38094,"ESPELHO / PLACA DE 3 POSTOS 4\" X 2\", PARA INSTALACAO DE TOMADAS E INTERRUPTORES                                                                                                                                                                                                                                                                                                                                                                                                                           ","UN    ","CR",2.73]
[38097,"ESPELHO / PLACA DE 4 POSTOS 4\" X 4\", PARA INSTALACAO DE TOMADAS E INTERRUPTORES                                                                                                                                                                                                                                                                                                                                                                                                                           ","UN    ","CR",5.55]
[38098,"ESPELHO / PLACA DE 6 POSTOS 4\" X 4\", PARA INSTALACAO DE TOMADAS E INTERRUPTORES                                                                                                                                                                                                                                                                                                                                                                                                                           ","UN    ","CR",5.55]
[11186,"ESPELHO CRISTAL E = 4 MM                                                                                                                                                                                                                                                                                                                                                                                                                                                                                  ","M2    ","CR",315.33]
[11558,"ESPELHO, RETO OU CURVO, EM LATAO CROMADO, ESPESSURA ATE 6 MM, LARGURA *40*MM, ALTURA *180*MM - PARA FECHADURA DE EMBUTIR                                                                                                                                                                                                                                                                                                                                                                                  ","PAR   ","CR",15.7]
[11557,"ESPELHO, RETO OU CURVO, EM LATAO CROMADO, ESPESSURA MINIMA 6 MM, LARGURA *43*MM, ALTURA *230*MM - PARA FECHADURA DE EMBUTIR                                                                                                                                                                                                                                                                                                                                                                               ","PAR   ","CR",39.74]
[2759,"ESPOLETA SIMPLES N 8.                                                                                                                                                                                                                                                                                                                                                                                                                                                                                     ","UN    ","AS",9.68]
[38124,"ESPUMA EXPANSIVA DE POLIURETANO, APLICACAO MANUAL - 500 ML                                                                                                                                                                                                                                                                                                                                                                                                                                                ","UN    ","C ",31]
[38380,"ESQUADRO DE ACO 12\" (300 MM), CABO DE ALUMINIO                                                                                                                                                                                                                                                                                                                                                                                                                                                            ","UN    ","CR",30.2]
[42429,"ESQUI TRIPLO, EM TUBO DE ACO CARBONO, PINTURA NO PROCESSO ELETROSTATICO - EQUIPAMENTO DE GINASTICA PARA ACADEMIA AO AR LIVRE / ACADEMIA DA TERCEIRA IDADE - ATI                                                                                                                                                                                                                                                                                                                                           ","UN    ","AS",6025.1]
[39616,"ESTABILIZADOR BIVOLT AUTOMATICO, 1000 VA                                                                                                                                                                                                                                                                                                                                                                                                                                                                  ","UN    ","C ",437]
[39618,"ESTABILIZADOR BIVOLT AUTOMATICO, 1500 VA                                                                                                                                                                                                                                                                                                                                                                                                                                                                  ","UN    ","CR",792.64]
[39619,"ESTABILIZADOR BIVOLT AUTOMATICO, 2000 VA                                                                                                                                                                                                                                                                                                                                                                                                                                                                  ","UN    ","CR",1085.5999999999999]
[39613,"ESTABILIZADOR BIVOLT AUTOMATICO, 300 VA                                                                                                                                                                                                                                                                                                                                                                                                                                                                   ","UN    ","CR",173.58]
[39614,"ESTABILIZADOR BIVOLT AUTOMATICO, 500 VA                                                                                                                                                                                                                                                                                                                                                                                                                                                                   ","UN    ","CR",253.25]
[38538,"ESTACA PRE-MOLDADA MACICA DE CONCRETO VIBRADO ARMADO, PARA CARGA DE 25 T, SECAO QUADRADA DE *16 X 16*, COM ANEL METALICO INCORPORADO A PECA (SOMENTE FORNECIMENTO)                                                                                                                                                                                                                                                                                                                                        ","M     ","AS",79]
[38539,"ESTACA PRE-MOLDADA MACICA DE CONCRETO VIBRADO ARMADO, PARA CARGA DE 50 T, SECAO QUADRADA, COM ANEL METALICO INCORPORADO A PECA (SOMENTE FORNECIMENTO)                                                                                                                                                                                                                                                                                                                                                     ","M     ","AS",107.43]
[38540,"ESTACA PRE-MOLDADA VAZADA DE CONCRETO CENTRIFUGADO, PARA CARGA DE 100 T, SECAO CIRCULAR, COM ANEL METALICO INCORPORADO A PECA (SOMENTE FORNECIMENTO)                                                                                                                                                                                                                                                                                                                                                      ","M     ","AS",275.32]
[38384,"ESTILETE DE METAL, LAMINA 18 MM                                                                                                                                                                                                                                                                                                                                                                                                                                                                           ","UN    ","CR",22.94]
[13,"ESTOPA                                                                                                                                                                                                                                                                                                                                                                                                                                                                                                    ","KG    ","CR",20.010000000000002]
[2762,"ESTOPIM SIMPLES                                                                                                                                                                                                                                                                                                                                                                                                                                                                                           ","M     ","AS",12.1]
[21142,"ESTRIBO COM PARAFUSO EM CHAPA DE FERRO FUNDIDO DE 2\" X 3/16\" X 35 CM, SECAO \"U\", PARA MADEIRAMENTO DE TELHADO                                                                                                                                                                                                                                                                                                                                                                                             ","UN    ","CR",26.4]
[4223,"ETANOL                                                                                                                                                                                                                                                                                                                                                                                                                                                                                                    ","L     ","C ",4.2699999999999996]
[37372,"EXAMES - HORISTA (COLETADO CAIXA - ENCARGOS COMPLEMENTARES)                                                                                                                                                                                                                                                                                                                                                                                                                                               ","H     ","C ",1.34]
[40863,"EXAMES - MENSALISTA (COLETADO CAIXA - ENCARGOS COMPLEMENTARES)                                                                                                                                                                                                                                                                                                                                                                                                                                            ","MES   ","C ",252.08]
[38475,"EXTENSAO DE SOLDA 201 ACETILENO, E = *1,5 A 2,5* MM                                                                                                                                                                                                                                                                                                                                                                                                                                                       ","UN    ","CR",30.15]
[38474,"EXTENSAO DE SOLDA 201 GLP, E = *2,5 A 4,0* MM                                                                                                                                                                                                                                                                                                                                                                                                                                                             ","UN    ","CR",37.270000000000003]
[10886,"EXTINTOR DE INCENDIO PORTATIL COM CARGA DE AGUA PRESSURIZADA DE 10 L, CLASSE A                                                                                                                                                                                                                                                                                                                                                                                                                            ","UN    ","CR",253.75]
[10888,"EXTINTOR DE INCENDIO PORTATIL COM CARGA DE GAS CARBONICO CO2 DE 4 KG, CLASSE BC                                                                                                                                                                                                                                                                                                                                                                                                                           ","UN    ","CR",803.07]
[10889,"EXTINTOR DE INCENDIO PORTATIL COM CARGA DE GAS CARBONICO CO2 DE 6 KG, CLASSE BC                                                                                                                                                                                                                                                                                                                                                                                                                           ","UN    ","CR",870]
[10890,"EXTINTOR DE INCENDIO PORTATIL COM CARGA DE PO QUIMICO SECO (PQS) DE 12 KG, CLASSE BC                                                                                                                                                                                                                                                                                                                                                                                                                      ","UN    ","CR",401.53]
[10891,"EXTINTOR DE INCENDIO PORTATIL COM CARGA DE PO QUIMICO SECO (PQS) DE 4 KG, CLASSE BC                                                                                                                                                                                                                                                                                                                                                                                                                       ","UN    ","CR",245.38]
[10892,"EXTINTOR DE INCENDIO PORTATIL COM CARGA DE PO QUIMICO SECO (PQS) DE 6 KG, CLASSE BC                                                                                                                                                                                                                                                                                                                                                                                                                       ","UN    ","C ",290]
[20977,"EXTINTOR DE INCENDIO PORTATIL COM CARGA DE PO QUIMICO SECO (PQS) DE 8 KG, CLASSE BC                                                                                                                                                                                                                                                                                                                                                                                                                       ","UN    ","CR",345.76]
[3073,"EXTREMIDADE PVC PBA, BF, JE, DN 100/ DE 110 MM                                                                                                                                                                                                                                                                                                                                                                                                                                                            ","UN    ","AS",181.74]
[3074,"EXTREMIDADE PVC PBA, BF, JE, DN 75/ DE 85 MM                                                                                                                                                                                                                                                                                                                                                                                                                                                              ","UN    ","AS",114.74]
[3076,"EXTREMIDADE PVC PBA, PF, JE, DN 100 / DE 110 MM                                                                                                                                                                                                                                                                                                                                                                                                                                                           ","UN    ","AS",149.41]
[3075,"EXTREMIDADE PVC PBA, PF, JE, DN 75 / DE 85 MM                                                                                                                                                                                                                                                                                                                                                                                                                                                             ","UN    ","AS",94.42]
[10781,"EXTREMIDADE/TUBETE PARA HIDROMETRO PVC, COM ROSCA, CURTA, COM BUCHA LATAO, 3/4\" OU 1/2\"                                                                                                                                                                                                                                                                                                                                                                                                                   ","UN    ","AS",12.8]
[11480,"FECHADURA AUXILIAR DE SEGURANCA PARA PORTA EXTERNA, EM ACO INOX, BROCA DE 45 A 55 MM, LINGUETA COM 3 AVANCOS, INCLUINDO 2 CHAVES TIPO CILINDRO                                                                                                                                                                                                                                                                                                                                                            ","CJ    ","CR",132.15]
[43612,"FECHADURA BICO DE PAPAGAIO PARA PORTA DE CORRER EXTERNA, EM ACO INOX COM ACABAMENTO CROMADO, MAQUINA COM 45 MM, INCLUINDO CHAVE TIPO CILINDRO                                                                                                                                                                                                                                                                                                                                                             ","CJ    ","CR",104.02]
[43613,"FECHADURA BICO DE PAPAGAIO PARA PORTA DE CORRER INTERNA, EM ACO INOX COM ACABAMENTO CROMADO, MAQUINA COM 45 MM, INCLUINDO CHAVE TIPO BIPARTIDA                                                                                                                                                                                                                                                                                                                                                            ","CJ    ","CR",86.11]
[11469,"FECHADURA DE EMBUTIR PARA GAVETA E MOVEIS DE MADEIRA, EM ACO INOX COM ACABAMENTO CROMADO, COM ABAS LATERAIS, CILINDRO COM 22 MM DE DIAMETRO, INCLUINDO CHAVE COM PERFIL METALICO E CAPA ESCAMOTEAVEL                                                                                                                                                                                                                                                                                                      ","UN    ","CR",14.11]
[11468,"FECHADURA DE SOBREPOR PARA GAVETAS E ARMARIOS, EM ACO INOX COM ACABAMENTO CROMADO, COM CILINDRO DE APROX 20 MM                                                                                                                                                                                                                                                                                                                                                                                            ","UN    ","CR",14.11]
[11484,"FECHADURA DE SOBREPOR PARA PORTAO, EM ACO INOX COM ACABAMENTO CROMADO, CAIXA DE 100 MM, INCLUINDO CHAVE TIPO CILINDRO                                                                                                                                                                                                                                                                                                                                                                                     ","UN    ","CR",62]
[38155,"FECHADURA DE SOBREPOR PARA PORTAO, EM ACO INOX COM ACABAMENTO CROMADO, CAIXA DE 100 MM, INCLUINDO CHAVE TIPO TETRA                                                                                                                                                                                                                                                                                                                                                                                        ","UN    ","CR",96.26]
[11467,"FECHADURA DE SOBREPOR TIPO CAIXAO, EM FERRO COM ACABAMENTO RESINADO, SEM MACANETA, SEM CILINDRO, INCLUINDO CHAVE TIPO SIMPLES                                                                                                                                                                                                                                                                                                                                                                             ","UN    ","CR",21.99]
[38153,"FECHADURA ESPELHO PARA PORTA DE BANHEIRO, EM ACO INOX (MAQUINA, TESTA E CONTRA-TESTA) E EM ZAMAC (MACANETA, LINGUETA E TRINCOS) COM ACABAMENTO CROMADO, MAQUINA DE 40 MM, INCLUINDO CHAVE TIPO TRANQUETA                                                                                                                                                                                                                                                                                                  ","CJ    ","CR",56.18]
[43607,"FECHADURA ESPELHO PARA PORTA DE BANHEIRO, EM ACO INOX (MAQUINA, TESTA E CONTRA-TESTA) E EM ZAMAC (MACANETA, LINGUETA E TRINCOS) COM ACABAMENTO CROMADO, MAQUINA DE 55 MM, INCLUINDO CHAVE TIPO TRANQUETA (CONJUNTO DE FECHADURAS)                                                                                                                                                                                                                                                                         ","CJ    ","CR",106.27]
[3080,"FECHADURA ESPELHO PARA PORTA EXTERNA, EM ACO INOX (MAQUINA, TESTA E CONTRA-TESTA) E EM ZAMAC (MACANETA, LINGUETA E TRINCOS) COM ACABAMENTO CROMADO, MAQUINA DE 40 MM, INCLUINDO CHAVE TIPO CILINDRO                                                                                                                                                                                                                                                                                                       ","CJ    ","C ",71.45]
[3081,"FECHADURA ESPELHO PARA PORTA EXTERNA, EM ACO INOX (MAQUINA, TESTA E CONTRA-TESTA) E EM ZAMAC (MACANETA, LINGUETA E TRINCOS) COM ACABAMENTO CROMADO, MAQUINA DE 55 MM, INCLUINDO CHAVE TIPO CILINDRO                                                                                                                                                                                                                                                                                                       ","CJ    ","CR",141.36000000000001]
[3090,"FECHADURA ESPELHO PARA PORTA INTERNA, EM ACO INOX (MAQUINA, TESTA E CONTRA-TESTA) E EM ZAMAC (MACANETA, LINGUETA E TRINCOS) COM ACABAMENTO CROMADO, MAQUINA DE 40 MM, INCLUINDO CHAVE TIPO INTERNA                                                                                                                                                                                                                                                                                                        ","CJ    ","CR",63.77]
[43611,"FECHADURA ESPELHO PARA PORTA INTERNA, EM ACO INOX (MAQUINA, TESTA E CONTRA-TESTA) E EM ZAMAC (MACANETA, LINGUETA E TRINCOS) COM ACABAMENTO CROMADO, MAQUINA DE 55 MM, INCLUINDO CHAVE TIPO INTERNA                                                                                                                                                                                                                                                                                                        ","CJ    ","CR",105.82]
[3103,"FECHADURA PARA PORTA PIVOTANTE DE VIDRO TEMPERADO, EM ACO INOX COM ACABAMENTO CROMADO, RECORTE PADRAO SANTA MARINA, COM CILINDRO EM LATAO, INCLUINDO CHAVE TIPO CILINDRO                                                                                                                                                                                                                                                                                                                                  ","UN    ","CR",52.87]
[3097,"FECHADURA ROSETA REDONDA PARA PORTA DE BANHEIRO, EM ACO INOX (MAQUINA, TESTA E CONTRA-TESTA) E EM ZAMAC (MACANETA, LINGUETA E TRINCOS) COM ACABAMENTO CROMADO, MAQUINA DE 40 MM, INCLUINDO CHAVE TIPO TRANQUETA                                                                                                                                                                                                                                                                                           ","CJ    ","CR",80]
[3099,"FECHADURA ROSETA REDONDA PARA PORTA DE BANHEIRO, EM ACO INOX (MAQUINA, TESTA E CONTRA-TESTA) E EM ZAMAC (MACANETA, LINGUETA E TRINCOS) COM ACABAMENTO CROMADO, MAQUINA DE 55 MM, INCLUINDO CHAVE TIPO TRANQUETA                                                                                                                                                                                                                                                                                           ","CJ    ","CR",128.09]
[38151,"FECHADURA ROSETA REDONDA PARA PORTA EXTERNA, EM ACO INOX (MAQUINA, TESTA E CONTRA-TESTA) E EM ZAMAC (MACANETA, LINGUETA E TRINCOS) COM ACABAMENTO CROMADO, MAQUINA DE 40 MM, INCLUINDO CHAVE TIPO CILINDRO                                                                                                                                                                                                                                                                                                ","CJ    ","CR",92.86]
[38152,"FECHADURA ROSETA REDONDA PARA PORTA EXTERNA, EM ACO INOX (MAQUINA, TESTA E CONTRA-TESTA) E EM ZAMAC (MACANETA, LINGUETA E TRINCOS) COM ACABAMENTO CROMADO, MAQUINA DE 55 MM, INCLUINDO CHAVE TIPO CILINDRO                                                                                                                                                                                                                                                                                                ","CJ    ","CR",149.80000000000001]
[43610,"FECHADURA ROSETA REDONDA PARA PORTA INTERNA, EM ACO INOX (MAQUINA, TESTA E CONTRA-TESTA) E EM ZAMAC (MACANETA, LINGUETA E TRINCOS) COM ACABAMENTO CROMADO, MAQUINA DE 40 MM, INCLUINDO CHAVE TIPO INTERNA (CONJUNTO DE FECHADURAS)                                                                                                                                                                                                                                                                        ","CJ    ","CR",79.37]
[3093,"FECHADURA ROSETA REDONDA PARA PORTA INTERNA, EM ACO INOX (MAQUINA, TESTA E CONTRA-TESTA) E EM ZAMAC (MACANETA, LINGUETA E TRINCOS) COM ACABAMENTO CROMADO, MAQUINA DE 55 MM, INCLUINDO CHAVE TIPO INTERNA                                                                                                                                                                                                                                                                                                 ","CJ    ","CR",128.09]
[38165,"FECHO / FECHADURA COM PUXADOR CONCHA, COM TRANCA TIPO TRAVA, PARA JANELA / PORTA DE CORRER (INCLUI TESTA, FECHADURA, PUXADOR) - COMPLETA                                                                                                                                                                                                                                                                                                                                                                  ","CJ    ","CR",75.52]
[38177,"FECHO / TRINCO TIPO AVIAO, EM ZAMAC CROMADO, *60* MM, PARA JANELAS - INCLUI PARAFUSOS                                                                                                                                                                                                                                                                                                                                                                                                                     ","UN    ","CR",22.44]
[11458,"FECHO DE SEGURANCA, TIPO BATOM, EM LATAO / ZAMAC, CROMADO, PARA PORTAS E JANELAS - INCLUI PARAFUSOS                                                                                                                                                                                                                                                                                                                                                                                                       ","UN    ","CR",26.79]
[3108,"FECHO QUEBRA UNHA, EM LATAO COM ACABAMENTO CROMADO, DE EMBUTIR, COM COMANDO ALAVANCA, ALTURA DE DE 22 CM, LARGURA MINIMA DE 1,90 CM E ESPESSURA MINIMA DE 1,90 MM, PARA PORTAS E JANELAS (INCLUI PARAFUSOS)                                                                                                                                                                                                                                                                                               ","UN    ","CR",113.9]
[3105,"FECHO QUEBRA UNHA, EM LATAO COM ACABAMENTO CROMADO, DE EMBUTIR, COM COMANDO ALAVANCA, ALTURA DE DE 40 CM, LARGURA MINIMA DE 1,90 CM E ESPESSURA MINIMA DE 1,90 MM, PARA PORTAS E JANELAS (INCLUI PARAFUSOS)                                                                                                                                                                                                                                                                                               ","UN    ","CR",148.97]
[38178,"FECHO QUEBRA UNHA, EM LATAO COM ACABAMENTO CROMADO, DE EMBUTIR, COM COMANDO DESLIZANTE, ALTURA DE 12 CM, LARGURA MINIMA DE 1,90 CM E ESPESSURA MINIMA DE 1,90 MM                                                                                                                                                                                                                                                                                                                                          ","UN    ","CR",24.69]
[43575,"FECHO QUEBRA UNHA, EM LATAO COM ACABAMENTO CROMADO, DE EMBUTIR, COM COMANDO DESLIZANTE, ALTURA DE 22 CM, LARGURA MINIMA DE 1,90 CM E ESPESSURA MINIMA DE 1,90 MM                                                                                                                                                                                                                                                                                                                                          ","UN    ","CR",53.5]
[43577,"FECHO QUEBRA UNHA, EM LATAO COM ACABAMENTO CROMADO, DE EMBUTIR, COM COMANDO DESLIZANTE, ALTURA DE 40 CM, LARGURA MINIMA DE 1,90 CM E ESPESSURA MINIMA DE 1,90 MM                                                                                                                                                                                                                                                                                                                                          ","UN    ","CR",93.01]
[43458,"FERRAMENTAS - FAMILIA ALMOXARIFE - HORISTA (ENCARGOS COMPLEMENTARES - COLETADO CAIXA)                                                                                                                                                                                                                                                                                                                                                                                                                     ","H     ","C ",0.06]
[43470,"FERRAMENTAS - FAMILIA ALMOXARIFE - MENSALISTA (ENCARGOS COMPLEMENTARES - COLETADO CAIXA)                                                                                                                                                                                                                                                                                                                                                                                                                  ","MES   ","C ",10.89]
[43459,"FERRAMENTAS - FAMILIA CARPINTEIRO DE FORMAS - HORISTA (ENCARGOS COMPLEMENTARES - COLETADO CAIXA)                                                                                                                                                                                                                                                                                                                                                                                                          ","H     ","C ",0.49]
[43471,"FERRAMENTAS - FAMILIA CARPINTEIRO DE FORMAS - MENSALISTA (ENCARGOS COMPLEMENTARES - COLETADO CAIXA)                                                                                                                                                                                                                                                                                                                                                                                                       ","MES   ","C ",92.26]
[43460,"FERRAMENTAS - FAMILIA ELETRICISTA - HORISTA (ENCARGOS COMPLEMENTARES - COLETADO CAIXA)                                                                                                                                                                                                                                                                                                                                                                                                                    ","H     ","C ",0.85]
[43472,"FERRAMENTAS - FAMILIA ELETRICISTA - MENSALISTA (ENCARGOS COMPLEMENTARES - COLETADO CAIXA)                                                                                                                                                                                                                                                                                                                                                                                                                 ","MES   ","C ",159.72999999999999]
[43461,"FERRAMENTAS - FAMILIA ENCANADOR - HORISTA (ENCARGOS COMPLEMENTARES - COLETADO CAIXA)                                                                                                                                                                                                                                                                                                                                                                                                                      ","H     ","C ",0.31]
[43473,"FERRAMENTAS - FAMILIA ENCANADOR - MENSALISTA (ENCARGOS COMPLEMENTARES - COLETADO CAIXA)                                                                                                                                                                                                                                                                                                                                                                                                                   ","MES   ","C ",59.28]
[43463,"FERRAMENTAS - FAMILIA ENCARREGADO GERAL - HORISTA (ENCARGOS COMPLEMENTARES - COLETADO CAIXA)                                                                                                                                                                                                                                                                                                                                                                                                              ","H     ","C ",0.1]
[43475,"FERRAMENTAS - FAMILIA ENCARREGADO GERAL - MENSALISTA (ENCARGOS COMPLEMENTARES - COLETADO CAIXA)                                                                                                                                                                                                                                                                                                                                                                                                           ","MES   ","C ",18.73]
[43462,"FERRAMENTAS - FAMILIA ENGENHEIRO CIVIL - HORISTA (ENCARGOS COMPLEMENTARES - COLETADO CAIXA)                                                                                                                                                                                                                                                                                                                                                                                                               ","H     ","C ",0.01]
[43474,"FERRAMENTAS - FAMILIA ENGENHEIRO CIVIL - MENSALISTA (ENCARGOS COMPLEMENTARES - COLETADO CAIXA)                                                                                                                                                                                                                                                                                                                                                                                                            ","MES   ","C ",2.29]
[43464,"FERRAMENTAS - FAMILIA OPERADOR ESCAVADEIRA - HORISTA (ENCARGOS COMPLEMENTARES - COLETADO CAIXA)                                                                                                                                                                                                                                                                                                                                                                                                           ","H     ","C ",0.01]
[43476,"FERRAMENTAS - FAMILIA OPERADOR ESCAVADEIRA - MENSALISTA (ENCARGOS COMPLEMENTARES - COLETADO CAIXA)                                                                                                                                                                                                                                                                                                                                                                                                        ","MES   ","C ",0.01]
[43465,"FERRAMENTAS - FAMILIA PEDREIRO - HORISTA (ENCARGOS COMPLEMENTARES - COLETADO CAIXA)                                                                                                                                                                                                                                                                                                                                                                                                                       ","H     ","C ",0.82]
[43477,"FERRAMENTAS - FAMILIA PEDREIRO - MENSALISTA (ENCARGOS COMPLEMENTARES - COLETADO CAIXA)                                                                                                                                                                                                                                                                                                                                                                                                                    ","MES   ","C ",155.21]
[43466,"FERRAMENTAS - FAMILIA PINTOR - HORISTA (ENCARGOS COMPLEMENTARES - COLETADO CAIXA)                                                                                                                                                                                                                                                                                                                                                                                                                         ","H     ","C ",1.97]
[43478,"FERRAMENTAS - FAMILIA PINTOR - MENSALISTA (ENCARGOS COMPLEMENTARES - COLETADO CAIXA)                                                                                                                                                                                                                                                                                                                                                                                                                      ","MES   ","C ",371.21]
[43467,"FERRAMENTAS - FAMILIA SERVENTE - HORISTA (ENCARGOS COMPLEMENTARES - COLETADO CAIXA)                                                                                                                                                                                                                                                                                                                                                                                                                       ","H     ","C ",0.61]
[43479,"FERRAMENTAS - FAMILIA SERVENTE - MENSALISTA (ENCARGOS COMPLEMENTARES - COLETADO CAIXA)                                                                                                                                                                                                                                                                                                                                                                                                                    ","MES   ","C ",114.72]
[43468,"FERRAMENTAS - FAMILIA SOLDADOR - HORISTA (ENCARGOS COMPLEMENTARES - COLETADO CAIXA)                                                                                                                                                                                                                                                                                                                                                                                                                       ","H     ","C ",1.23]
[43480,"FERRAMENTAS - FAMILIA SOLDADOR - MENSALISTA (ENCARGOS COMPLEMENTARES - COLETADO CAIXA)                                                                                                                                                                                                                                                                                                                                                                                                                    ","MES   ","C ",232.31]
[43469,"FERRAMENTAS - FAMILIA TOPOGRAFO - HORISTA (ENCARGOS COMPLEMENTARES - COLETADO CAIXA)                                                                                                                                                                                                                                                                                                                                                                                                                      ","H     ","C ",7.0000000000000007E-2]
[43481,"FERRAMENTAS - FAMILIA TOPOGRAFO - MENSALISTA (ENCARGOS COMPLEMENTARES - COLETADO CAIXA)                                                                                                                                                                                                                                                                                                                                                                                                                   ","MES   ","C ",12.77]
[3119,"FERROLHO COM FECHO / TRINCO REDONDO, EM ACO GALVANIZADO / ZINCADO, DE SOBREPOR, COM COMPRIMENTO DE 2\" E ESPESSURA MINIMA DA CHAPA DE 0,90 MM, PARA PORTAS E JANELAS                                                                                                                                                                                                                                                                                                                                       ","UN    ","CR",2.9]
[3122,"FERROLHO COM FECHO / TRINCO REDONDO, EM ACO GALVANIZADO / ZINCADO, DE SOBREPOR, COM COMPRIMENTO DE 3\" A 4\" E ESPESSURA MINIMA DA CHAPA DE 0,90 MM                                                                                                                                                                                                                                                                                                                                                         ","UN    ","CR",5.9]
[3121,"FERROLHO COM FECHO / TRINCO REDONDO, EM ACO GALVANIZADO / ZINCADO, DE SOBREPOR, COM COMPRIMENTO DE 5\" E ESPESSURA MINIMA DA CHAPA DE 0,90 MM                                                                                                                                                                                                                                                                                                                                                              ","UN    ","CR",6.69]
[3120,"FERROLHO COM FECHO / TRINCO REDONDO, EM ACO GALVANIZADO / ZINCADO, DE SOBREPOR, COM COMPRIMENTO DE 6\" E ESPESSURA MINIMA DA CHAPA DE 1,50 MM                                                                                                                                                                                                                                                                                                                                                              ","UN    ","CR",12.68]
[11455,"FERROLHO COM FECHO / TRINCO REDONDO, EM ACO GALVANIZADO / ZINCADO, DE SOBREPOR, COM COMPRIMENTO DE 8\" E ESPESSURA MINIMA DA CHAPA DE 1,50 MM                                                                                                                                                                                                                                                                                                                                                              ","UN    ","CR",18.34]
[11456,"FERROLHO COM FECHO /TRINCO REDONDO, EM ACO GALVANIZADO / ZINCADO, DE SOBREPOR, COM COMPRIMENTO DE 10\" A 12\" E ESPESSURA MINIMA DA CHAPA DE 1,50 MM                                                                                                                                                                                                                                                                                                                                                        ","UN    ","CR",21.92]
[3107,"FERROLHO COM FECHO CHATO E PORTA CADEADO, EM ACO GALVANIZADO / ZINCADO, DE SOBREPOR, COM COMPRIMENTO DE 3\" A 4\", CHAPA COM ESPESSURA MINIMA DE 0,90 MM E LARGURA MINIMA DE 3,20 CM (FECHO SIMPLES / LEVE) (INCLUI PARAFUSOS)                                                                                                                                                                                                                                                                              ","UN    ","CR",9.25]
[43583,"FERROLHO COM FECHO CHATO E PORTA CADEADO, EM ACO GALVANIZADO / ZINCADO, DE SOBREPOR, COM COMPRIMENTO DE 3\" A 4\", CHAPA COM ESPESSURA MINIMA DE 1,70 MM E LARGURA MINIMA DE 5,00 CM (FECHO REFORCADO)                                                                                                                                                                                                                                                                                                      ","UN    ","CR",10.43]
[43586,"FERROLHO COM FECHO CHATO E PORTA CADEADO, EM ACO GALVANIZADO / ZINCADO, DE SOBREPOR, COM COMPRIMENTO DE 5\", CHAPA COM ESPESSURA MINIMA DE 0,90 MM E LARGURA MINIMA DE 3,20 CM (FECHO SIMPLES)                                                                                                                                                                                                                                                                                                             ","UN    ","CR",10.69]
[11461,"FERROLHO COM FECHO CHATO E PORTA CADEADO, EM ACO GALVANIZADO / ZINCADO, DE SOBREPOR, COM COMPRIMENTO DE 5\", CHAPA COM ESPESSURA MINIMA DE 1,70 MM E LARGURA MINIMA DE 5,00 CM (FECHO REFORCADO)                                                                                                                                                                                                                                                                                                           ","UN    ","CR",11.65]
[43587,"FERROLHO COM FECHO CHATO E PORTA CADEADO, EM ACO GALVANIZADO / ZINCADO, DE SOBREPOR, COM COMPRIMENTO DE 6\", CHAPA COM ESPESSURA MINIMA DE 0,90 MM E LARGURA MINIMA DE 3,80 CM (FECHO SIMPLES)                                                                                                                                                                                                                                                                                                             ","UN    ","CR",13.44]
[3106,"FERROLHO COM FECHO CHATO E PORTA CADEADO, EM ACO GALVANIZADO / ZINCADO, DE SOBREPOR, COM COMPRIMENTO DE 6\", CHAPA COM ESPESSURA MINIMA DE 1,70 MM E LARGURA /MINIMA DE 5,00 CM (FECHO REFORCADO) (INCLUI PARAFUSOS)                                                                                                                                                                                                                                                                                       ","UN    ","CR",17.05]
[44539,"FERTILIZANTE NPK -  10:10:10                                                                                                                                                                                                                                                                                                                                                                                                                                                                              ","KG    ","AS",2.79]
[3123,"FERTILIZANTE NPK - 4: 14: 8                                                                                                                                                                                                                                                                                                                                                                                                                                                                               ","KG    ","AS",2.6]
[38125,"FERTILIZANTE ORGANICO COMPOSTO, CLASSE A                                                                                                                                                                                                                                                                                                                                                                                                                                                                  ","KG    ","CR",1.0900000000000001]
[39014,"FIBRA DE ACO PARA REFORCO DO CONCRETO, SOLTA, TIPO A-I, FATOR DE FORMA *50* L / D, COMPRIMENTO DE *30* MM E RESISTENCIA A TRACAO DO ACO MAIOR 1000 MPA                                                                                                                                                                                                                                                                                                                                                    ","KG    ","CR",13.62]
[39365,"FILTRO ANAEROBIO, EM POLIETILENO DE ALTA DENSIDADE (PEAD), CAPACIDADE *1100* LITROS (NBR 13969)                                                                                                                                                                                                                                                                                                                                                                                                           ","UN    ","CR",1629.1]
[39366,"FILTRO ANAEROBIO, EM POLIETILENO DE ALTA DENSIDADE (PEAD), CAPACIDADE *2800* LITROS (NBR 13969)                                                                                                                                                                                                                                                                                                                                                                                                           ","UN    ","CR",2471.62]
[39367,"FILTRO ANAEROBIO, EM POLIETILENO DE ALTA DENSIDADE (PEAD), CAPACIDADE *5000* LITROS (NBR 13969)                                                                                                                                                                                                                                                                                                                                                                                                           ","UN    ","CR",4234.96]
[37394,"FINCAPINO CURTO CALIBRE 22, CARGA MEDIA POTENCIA 5 (PARA FERRAMENTA DE ACAO DIRETA) COR VERMELHA                                                                                                                                                                                                                                                                                                                                                                                                          ","CENTO ","AS",46.16]
[14146,"FINCAPINO LONGO CALIBRE 22, CARGA FORTE POTENCIA 7 (PARA FERRAMENTA DE ACAO DIRETA), COR AMARELA                                                                                                                                                                                                                                                                                                                                                                                                          ","CENTO ","AS",74.23]
[938,"FIO DE COBRE, SOLIDO, CLASSE 1, ISOLACAO EM PVC/A, ANTICHAMA BWF-B, 450/750V, SECAO NOMINAL 1,5 MM2                                                                                                                                                                                                                                                                                                                                                                                                       ","M     ","CR",1.58]
[937,"FIO DE COBRE, SOLIDO, CLASSE 1, ISOLACAO EM PVC/A, ANTICHAMA BWF-B, 450/750V, SECAO NOMINAL 10 MM2                                                                                                                                                                                                                                                                                                                                                                                                        ","M     ","CR",9.2200000000000006]
[939,"FIO DE COBRE, SOLIDO, CLASSE 1, ISOLACAO EM PVC/A, ANTICHAMA BWF-B, 450/750V, SECAO NOMINAL 2,5 MM2                                                                                                                                                                                                                                                                                                                                                                                                       ","M     ","CR",2.56]
[944,"FIO DE COBRE, SOLIDO, CLASSE 1, ISOLACAO EM PVC/A, ANTICHAMA BWF-B, 450/750V, SECAO NOMINAL 4 MM2                                                                                                                                                                                                                                                                                                                                                                                                         ","M     ","CR",4.04]
[940,"FIO DE COBRE, SOLIDO, CLASSE 1, ISOLACAO EM PVC/A, ANTICHAMA BWF-B, 450/750V, SECAO NOMINAL 6 MM2                                                                                                                                                                                                                                                                                                                                                                                                         ","M     ","CR",5.84]
[44397,"FITA / CINTA AUTOADESIVA ELASTOMERICA PARA VEDACAO, L= 50 MM, E = 3 MM                                                                                                                                                                                                                                                                                                                                                                                                                                    ","M     ","CR",3.62]
[406,"FITA ACO INOX PARA CINTAR POSTE, L = 19 MM, E = 0,5 MM (ROLO DE 30M)                                                                                                                                                                                                                                                                                                                                                                                                                                      ","UN    ","CR",85.79]
[42529,"FITA ADESIVA ALUMINIZADA, PARA INSTALACAO DE MANTAS DE SUBCOBERTURA, L = *5* CM                                                                                                                                                                                                                                                                                                                                                                                                                           ","M     ","AS",1.36]
[39634,"FITA ADESIVA ANTICORROSIVA DE PVC FLEXIVEL, COR PRETA, PARA PROTECAO TUBULACAO, 50 MM X 30 M (L X C), E= *0,25* MM                                                                                                                                                                                                                                                                                                                                                                                        ","M     ","CR",6.33]
[39701,"FITA ADESIVA ASFALTICA ALUMINIZADA MULTIUSO, L = 10 CM, ROLO DE 10 M                                                                                                                                                                                                                                                                                                                                                                                                                                      ","UN    ","CR",98.94]
[12815,"FITA CREPE ROLO DE 25 MM X 50 M                                                                                                                                                                                                                                                                                                                                                                                                                                                                           ","UN    ","CR",10.1]
[39431,"FITA DE PAPEL MICROPERFURADO, 50 X 150 MM, PARA TRATAMENTO DE JUNTAS DE CHAPA DE GESSO PARA DRYWALL                                                                                                                                                                                                                                                                                                                                                                                                       ","M     ","CR",0.28000000000000003]
[39432,"FITA DE PAPEL REFORCADA COM LAMINA DE METAL PARA REFORCO DE CANTOS DE CHAPA DE GESSO PARA DRYWALL                                                                                                                                                                                                                                                                                                                                                                                                         ","M     ","CR",2.54]
[20111,"FITA ISOLANTE ADESIVA ANTICHAMA, USO ATE 750 V, EM ROLO DE 19 MM X 20 M                                                                                                                                                                                                                                                                                                                                                                                                                                   ","UN    ","C ",16]
[21127,"FITA ISOLANTE ADESIVA ANTICHAMA, USO ATE 750 V, EM ROLO DE 19 MM X 5 M                                                                                                                                                                                                                                                                                                                                                                                                                                    ","UN    ","CR",6.05]
[404,"FITA ISOLANTE DE BORRACHA AUTOFUSAO, USO ATE 69 KV (ALTA TENSAO)                                                                                                                                                                                                                                                                                                                                                                                                                                          ","M     ","CR",2.1800000000000002]
[14151,"FITA METALICA GRAVADA, L = 17 MM, ROLO DE 25 M, CARGA RECOMENDADA = *120* KGF                                                                                                                                                                                                                                                                                                                                                                                                                             ","UN    ","AS",53.35]
[14153,"FITA METALICA PERFURADA, L = *18* MM, ROLO DE 30 M, CARGA RECOMENDADA = *30* KGF                                                                                                                                                                                                                                                                                                                                                                                                                          ","UN    ","AS",60.31]
[14152,"FITA METALICA PERFURADA, L = 17 MM, ROLO DE 30 M, CARGA RECOMENDADA = *19* KGF                                                                                                                                                                                                                                                                                                                                                                                                                            ","UN    ","AS",46.3]
[14154,"FITA METALICA PERFURADA, L = 25 MM, ROLO DE 30 M, CARGA RECOMENDADA = *222,5* KGF                                                                                                                                                                                                                                                                                                                                                                                                                         ","UN    ","AS",162.05000000000001]
[3146,"FITA VEDA ROSCA EM ROLOS DE 18 MM X 10 M (L X C)                                                                                                                                                                                                                                                                                                                                                                                                                                                          ","UN    ","C ",3.25]
[3143,"FITA VEDA ROSCA EM ROLOS DE 18 MM X 25 M (L X C)                                                                                                                                                                                                                                                                                                                                                                                                                                                          ","UN    ","CR",7.39]
[3148,"FITA VEDA ROSCA EM ROLOS DE 18 MM X 50 M (L X C)                                                                                                                                                                                                                                                                                                                                                                                                                                                          ","UN    ","CR",11.98]
[4310,"FIXADOR DE ABA AUTOTRAVANTE PARA TELHA DE FIBROCIMENTO, TIPO CANALETE 90 OU KALHETAO                                                                                                                                                                                                                                                                                                                                                                                                                      ","UN    ","CR",2.52]
[4311,"FIXADOR DE ABA SIMPLES PARA TELHA DE FIBROCIMENTO, TIPO CANALETA 49 OU KALHETA                                                                                                                                                                                                                                                                                                                                                                                                                            ","UN    ","CR",1.77]
[4312,"FIXADOR DE ABA SIMPLES PARA TELHA DE FIBROCIMENTO, TIPO CANALETA 90 OU KALHETAO                                                                                                                                                                                                                                                                                                                                                                                                                           ","UN    ","CR",2.48]
[13261,"FLANELA *30 X 40* CM                                                                                                                                                                                                                                                                                                                                                                                                                                                                                      ","UN    ","CR",3.08]
[3272,"FLANGE SEXTAVADO DE FERRO GALVANIZADO, COM ROSCA BSP, DE 1 1/2\"                                                                                                                                                                                                                                                                                                                                                                                                                                           ","UN    ","AS",59.03]
[3265,"FLANGE SEXTAVADO DE FERRO GALVANIZADO, COM ROSCA BSP, DE 1 1/4\"                                                                                                                                                                                                                                                                                                                                                                                                                                           ","UN    ","AS",46.9]
[3262,"FLANGE SEXTAVADO DE FERRO GALVANIZADO, COM ROSCA BSP, DE 1/2\"                                                                                                                                                                                                                                                                                                                                                                                                                                             ","UN    ","AS",20.53]
[3264,"FLANGE SEXTAVADO DE FERRO GALVANIZADO, COM ROSCA BSP, DE 1\"                                                                                                                                                                                                                                                                                                                                                                                                                                               ","UN    ","AS",33.72]
[3267,"FLANGE SEXTAVADO DE FERRO GALVANIZADO, COM ROSCA BSP, DE 2 1/2\"                                                                                                                                                                                                                                                                                                                                                                                                                                           ","UN    ","AS",110.13]
[3266,"FLANGE SEXTAVADO DE FERRO GALVANIZADO, COM ROSCA BSP, DE 2\"                                                                                                                                                                                                                                                                                                                                                                                                                                               ","UN    ","AS",70.069999999999993]
[3263,"FLANGE SEXTAVADO DE FERRO GALVANIZADO, COM ROSCA BSP, DE 3/4\"                                                                                                                                                                                                                                                                                                                                                                                                                                             ","UN    ","AS",28.04]
[3268,"FLANGE SEXTAVADO DE FERRO GALVANIZADO, COM ROSCA BSP, DE 3\"                                                                                                                                                                                                                                                                                                                                                                                                                                               ","UN    ","AS",148.9]
[3271,"FLANGE SEXTAVADO DE FERRO GALVANIZADO, COM ROSCA BSP, DE 4\"                                                                                                                                                                                                                                                                                                                                                                                                                                               ","UN    ","AS",220.14]
[3270,"FLANGE SEXTAVADO DE FERRO GALVANIZADO, COM ROSCA BSP, DE 6\"                                                                                                                                                                                                                                                                                                                                                                                                                                               ","UN    ","AS",369.85]
[3275,"FORRO COMPOSTO POR PAINEIS DE LA DE VIDRO, REVESTIDOS EM PVC MICROPERFURADO, DE *1250 X 625* MM, ESPESSURA 15 MM (COM COLOCACAO)                                                                                                                                                                                                                                                                                                                                                                          ","M2    ","CR",121.13]
[39512,"FORRO DE FIBRA MINERAL EM PLACAS DE 1250 X 625 MM, E = 15 MM, BORDA RETA, COM PINTURA ANTIMOFO, APOIADO EM PERFIL DE ACO GALVANIZADO COM 24 MM DE BASE - INSTALADO                                                                                                                                                                                                                                                                                                                                        ","M2    ","CR",92.6]
[39511,"FORRO DE FIBRA MINERAL EM PLACAS DE 625 X 625 MM, E = 15 MM, BORDA RETA, COM PINTURA ANTIMOFO, APOIADO EM PERFIL DE ACO GALVANIZADO COM 24 MM DE BASE - INSTALADO                                                                                                                                                                                                                                                                                                                                         ","M2    ","CR",101]
[39513,"FORRO DE FIBRA MINERAL EM PLACAS DE 625 X 625 MM, E = 15/16 MM, BORDA REBAIXADA, COM PINTURA ANTIMOFO, APOIADO EM PERFIL DE ACO GALVANIZADO COM 24 MM DE BASE - INSTALADO                                                                                                                                                                                                                                                                                                                                 ","M2    ","CR",108.34]
[3286,"FORRO DE MADEIRA CEDRINHO OU EQUIVALENTE DA REGIAO, ENCAIXE MACHO/FEMEA COM FRISO, *10 X 1* CM (SEM COLOCACAO)                                                                                                                                                                                                                                                                                                                                                                                            ","M2    ","AS",86.02]
[3287,"FORRO DE MADEIRA CUMARU/IPE CHAMPANHE OU EQUIVALENTE DA REGIAO, ENCAIXE MACHO/FEMEA COM FRISO, *10 X 1* CM (SEM COLOCACAO)                                                                                                                                                                                                                                                                                                                                                                                ","M2    ","AS",130]
[3283,"FORRO DE MADEIRA PINUS OU EQUIVALENTE DA REGIAO, ENCAIXE MACHO/FEMEA COM FRISO, *10 X 1* CM (SEM COLOCACAO)                                                                                                                                                                                                                                                                                                                                                                                               ","M2    ","AS",27.3]
[11587,"FORRO DE PVC LISO, BRANCO, REGUA DE 10 CM, ESPESSURA APROXIMADA DE 8 MM (COM COLOCACAO / SEM ESTRUTURA METALICA)                                                                                                                                                                                                                                                                                                                                                                                          ","M2    ","CR",83.06]
[36225,"FORRO DE PVC LISO, BRANCO, REGUA DE 20 CM, ESPESSURA APROXIMADA DE 8 MM, COMPRIMENTO 6 M (SEM COLOCACAO)                                                                                                                                                                                                                                                                                                                                                                                                  ","M2    ","CR",33.74]
[36230,"FORRO DE PVC, FRISADO, BRANCO, REGUA DE 10 CM, ESPESSURA APROXIMADA DE 8 MM E COMPRIMENTO 6 M (SEM COLOCACAO)                                                                                                                                                                                                                                                                                                                                                                                             ","M2    ","C ",24.79]
[36238,"FORRO DE PVC, FRISADO, BRANCO, REGUA DE 20 CM, ESPESSURA APROXIMADA DE 8 MM E COMPRIMENTO 6 M (SEM COLOCACAO)                                                                                                                                                                                                                                                                                                                                                                                             ","M2    ","CR",24.22]
[39363,"FOSSA SEPTICA, SEM FILTRO, EM POLIETILENO DE ALTA DENSIDADE (PEAD), PARA 15 A 30 CONTRIBUINTES, CILINDRICA, COM TAMPA, CAPACIDADE APROXIMADA DE *5500* LITROS (NBR 7229)                                                                                                                                                                                                                                                                                                                                  ","UN    ","CR",4802.05]
[39361,"FOSSA SEPTICA, SEM FILTRO, EM POLIETILENO DE ALTA DENSIDADE (PEAD), PARA 4 A 7 CONTRIBUINTES, CILINDRICA, COM TAMPA, CAPACIDADE APROXIMADA DE *1100* LITROS (NBR 7229)                                                                                                                                                                                                                                                                                                                                    ","UN    ","CR",1467.06]
[39362,"FOSSA SEPTICA, SEM FILTRO, EM POLIETILENO DE ALTA DENSIDADE (PEAD), PARA 8 A 14 CONTRIBUINTES, CILINDRICA, COM TAMPA, CAPACIDADE APROXIMADA DE *3000* LITROS (NBR 7229)                                                                                                                                                                                                                                                                                                                                   ","UN    ","CR",2591.63]
[39364,"FOSSA SEPTICA,SEM FILTRO, EM POLIETILENO DE ALTA DENSIDADE (PEAD), PARA 40 A 52 CONTRIBUINTES, CILINDRICA, COM TAMPA, CAPACIDADE APROXIMADA DE *10000* LITROS (NBR 7229)                                                                                                                                                                                                                                                                                                                                  ","UN    ","CR",10128.790000000001]
[14576,"FRESADORA DE ASFALTO A FRIO SOBRE ESTEIRAS, LARG. FRESAGEM 2,00 M, POT. 410 KW/550 HP                                                                                                                                                                                                                                                                                                                                                                                                                     ","UN    ","AS",6073717.4000000004]
[13877,"FRESADORA DE ASFALTO A FRIO SOBRE RODAS, LARG. FRESAGEM 1,00 M, POT. 155 KW/208 HP                                                                                                                                                                                                                                                                                                                                                                                                                        ","UN    ","AS",2600067.83]
[7307,"FUNDO ANTICORROSIVO PARA METAIS FERROSOS (ZARCAO)                                                                                                                                                                                                                                                                                                                                                                                                                                                         ","L     ","CR",44.91]
[38122,"FUNDO PREPARADOR ACRILICO BASE AGUA                                                                                                                                                                                                                                                                                                                                                                                                                                                                       ","L     ","CR",18.899999999999999]
[43653,"FUNDO SINTETICO NIVELADOR BRANCO FOSCO PARA MADEIRA                                                                                                                                                                                                                                                                                                                                                                                                                                                       ","L     ","CR",23.21]
[38633,"FURO PARA TORNEIRA OU OUTROS ACESSORIOS EM BANCADA DE MARMORE/ GRANITO OU OUTRO TIPO DE PEDRA NATURAL                                                                                                                                                                                                                                                                                                                                                                                                     ","UN    ","CR",23.98]
[12344,"FUSIVEL DIAZED 20 A TAMANHO DII, CAPACIDADE DE INTERRUPCAO DE 50 KA EM VCA E 8 KA EM VCC, TENSAO NOMINAL DE 500 V                                                                                                                                                                                                                                                                                                                                                                                         ","UN    ","AS",4.49]
[12343,"FUSIVEL DIAZED 35 A TAMANHO DIII, CAPACIDADE DE INTERRUPCAO DE 50 KA EM VCA E 8 KA EM VCC, TENSAO NOMINAL DE 500 V                                                                                                                                                                                                                                                                                                                                                                                        ","UN    ","AS",6.96]
[3295,"FUSIVEL NH *36* A 80 AMPERES, TAMANHO 00, CAPACIDADE DE INTERRUPCAO DE 120 KA, TENSAO NOMINAL DE 500 V                                                                                                                                                                                                                                                                                                                                                                                                    ","UN    ","AS",24.33]
[3302,"FUSIVEL NH 100 A TAMANHO 00, CAPACIDADE DE INTERRUPCAO DE 120 KA, TENSAO NOMINAL DE 500 V                                                                                                                                                                                                                                                                                                                                                                                                                 ","UN    ","AS",25.44]
[3297,"FUSIVEL NH 125 A TAMANHO 00, CAPACIDADE DE INTERRUPCAO DE 120 KA, TENSAO NOMINAL DE 500 V                                                                                                                                                                                                                                                                                                                                                                                                                 ","UN    ","AS",27.15]
[3294,"FUSIVEL NH 160 A TAMANHO 00, CAPACIDADE DE INTERRUPCAO DE 120 KA, TENSAO NOMINAL DE 500 V                                                                                                                                                                                                                                                                                                                                                                                                                 ","UN    ","AS",27.57]
[3292,"FUSIVEL NH 20 A TAMANHO 000, CAPACIDADE DE INTERRUPCAO DE 120 KA, TENSAO NOMINAL DE 500 V                                                                                                                                                                                                                                                                                                                                                                                                                 ","UN    ","AS",25.9]
[3298,"FUSIVEL NH 200 A 250 AMPERES, TAMANHO 1, CAPACIDADE DE INTERRUPCAO DE 120 KA, TENSAO NOMINAL DE 500 V                                                                                                                                                                                                                                                                                                                                                                                                     ","UN    ","AS",60.7]
[34802,"GABIAO MANTA (COLCHAO) MALHA HEXAGONAL 6 X 8 CM (ZN/AL REVESTIDO COM POLIMERO), DIMENSOES 4,0 X 2,0 X 0,17 M (C X L X A) FIO 2 MM                                                                                                                                                                                                                                                                                                                                                                         ","UN    ","CR",1160.26]
[11588,"GABIAO MANTA (COLCHAO) MALHA HEXAGONAL 6 X 8 CM (ZN/AL REVESTIDO COM POLIMERO), FIO 2 MM, DIMENSOES 4,0 X 2,0 X 0,23 M (C X L X A)                                                                                                                                                                                                                                                                                                                                                                        ","UN    ","CR",1251.73]
[34383,"GABIAO MANTA (COLCHAO) MALHA HEXAGONAL 6 X 8 CM (ZN/AL REVESTIDO COM POLIMERO), FIO 2 MM, DIMENSOES 4,0 X 2,0 X 0,3 M (C X L X A)                                                                                                                                                                                                                                                                                                                                                                         ","UN    ","CR",1376.99]
[40451,"GABIAO MANTA (COLCHAO) MALHA HEXAGONAL 6 X 8 CM (ZN/AL REVESTIDO COM POLIMERO), FIO 2,0 MM, DIMENSOES 5,0 X 2,0 X 0,17 M (C X L X A)                                                                                                                                                                                                                                                                                                                                                                      ","M2    ","CR",111.31]
[40453,"GABIAO MANTA (COLCHAO) MALHA HEXAGONAL 6 X 8 CM (ZN/AL REVESTIDO COM POLIMERO), FIO 2,0 MM, DIMENSOES 5,0 X 2,0 X 0,23 M (C X L X A)                                                                                                                                                                                                                                                                                                                                                                      ","M2    ","CR",120.43]
[40452,"GABIAO MANTA (COLCHAO) MALHA HEXAGONAL 6 X 8 CM (ZN/AL REVESTIDO COM POLIMERO), FIO 2,0 MM, DIMENSOES 5,0 X 2,0 X 0,30 M (C X L X A)                                                                                                                                                                                                                                                                                                                                                                      ","M2    ","CR",132.1]
[11594,"GABIAO SACO MALHA HEXAGONAL 8 X 10 CM (ZN/AL REVESTIDO COM POLIMERO), FIO 2,4 MM, DIMENSOES 3,0 X 0,65 M                                                                                                                                                                                                                                                                                                                                                                                                  ","UN    ","CR",398.96]
[3311,"GABIAO SACO MALHA HEXAGONAL 8 X 10 CM (ZN/AL REVESTIDO COM POLIMERO), FIO 2,4 MM, H = 0,65 M                                                                                                                                                                                                                                                                                                                                                                                                              ","M3    ","CR",398.96]
[11599,"GABIAO SACO MALHA HEXAGONAL 8 X 10 CM (ZN/AL), FIO 2,7 MM, DIMENSOES 4,0 X 0,65 M                                                                                                                                                                                                                                                                                                                                                                                                                         ","UN    ","CR",530.57000000000005]
[11593,"GABIAO TIPO CAIXA MALHA HEXAGONAL 8 X 10 CM (ZN/AL REVESTIDO COM POLIMERO), FIO 2,4 MM, DIMENSOES 2,0 X 1,0 X 1,0 M (C X L X A)                                                                                                                                                                                                                                                                                                                                                                           ","UN    ","CR",743.83]
[3314,"GABIAO TIPO CAIXA MALHA HEXAGONAL 8 X 10 CM (ZN/AL REVESTIDO COM POLIMERO), FIO 2,4 MM, H = 0,50 M                                                                                                                                                                                                                                                                                                                                                                                                        ","M3    ","CR",531.99]
[11597,"GABIAO TIPO CAIXA MALHA HEXAGONAL 8 X 10 CM (ZN/AL), FIO 2,7 MM, DIMENSOES 2,0 X 1,0 X 1,0 M (C X L X A)                                                                                                                                                                                                                                                                                                                                                                                                  ","UN    ","CR",618.64]
[3309,"GABIAO TIPO CAIXA MALHA HEXAGONAL 8 X 10 CM (ZN/AL), FIO 2,7 MM, H = 0,50 M                                                                                                                                                                                                                                                                                                                                                                                                                               ","M3    ","CR",422.47]
[34612,"GABIAO TIPO CAIXA PARA SOLO REFORCADO, MALHA HEXAGONAL DE DUPLA TORCAO 8 X 10 CM (ZN/AL REVESTIDO COM POLIMERO), FIO 2,7 MM, DIMENSOES 2,0 X 1,0 X 0,5 M, COM CAUDA DE 3,0 M                                                                                                                                                                                                                                                                                                                              ","UN    ","CR",765.15]
[34635,"GABIAO TIPO CAIXA PARA SOLO REFORCADO, MALHA HEXAGONAL DE DUPLA TORCAO 8 X 10 CM (ZN/AL REVESTIDO COM POLIMERO), FIO 2,7 MM, DIMENSOES 2,0 X 1,0 X 1,0 M, COM CAUDA DE 3,0 M                                                                                                                                                                                                                                                                                                                              ","UN    ","CR",983.94]
[34633,"GABIAO TIPO CAIXA PARA SOLO REFORCADO, MALHA HEXAGONAL DE DUPLA TORCAO 8 X 10 CM (ZN/AL REVESTIDO COM POLIMERO), FIO 2,7 MM, DIMENSOES 2,0 X 1,0 X 1,0 M, COM CAUDA DE 4,0 M                                                                                                                                                                                                                                                                                                                              ","UN    ","CR",1084.57]
[40440,"GABIAO TIPO CAIXA PARA SOLO REFORCADO, MALHA HEXAGONAL 8 X 10 CM (ZN/AL REVESTIDO COM POLIMERO), FIO 2,7 MM, DIMENSOES 2,0 X 1,0 X 0,5 M, COM CAUDA DE 4,0 M                                                                                                                                                                                                                                                                                                                                              ","M3    ","CR",554.12]
[40441,"GABIAO TIPO CAIXA PARA SOLO REFORCADO, MALHA HEXAGONAL 8 X 10 CM (ZN/AL REVESTIDO COM POLIMERO), FIO 2,7 MM, DIMENSOES 2,0 X 1,0 X 1,0 M, COM CAUDA DE 4,0 M                                                                                                                                                                                                                                                                                                                                              ","M3    ","CR",353.77]
[40449,"GABIAO TIPO CAIXA TRAPEZOIDAL, MALHA HEXAGONAL 10 X 12 CM (ZN/AL REVESTIDO COM POLIMERO) FIO 2,7 MM, FACE COM 65 GRAUS, COM GEOSSINTETICO, DIMENSOES 2,0 X 1,5 X 1,0 M (C X L X A)                                                                                                                                                                                                                                                                                                                        ","M3    ","CR",297.41000000000003]
[34800,"GABIAO TIPO CAIXA, MALHA HEXAGONAL 8 X 10 CM (ZN/AL REVESTIDO COM POLIMERO), FIO DE 2,4 MM, DIMENSOES 2,0 X 1,0 X 1,0 M (C X L X A)                                                                                                                                                                                                                                                                                                                                                                       ","M3    ","CR",371.91]
[11592,"GABIAO TIPO CAIXA, MALHA HEXAGONAL 8 X 10 CM (ZN/AL REVESTIDO COM POLIMERO), FIO 2,4 MM, DIMENSOES 2,0 X 1,0 X 0,5 M (C X L X A)                                                                                                                                                                                                                                                                                                                                                                          ","UN    ","CR",531.99]
[40438,"GABIAO TIPO CAIXA, MALHA HEXAGONAL 8 X 10 CM (ZN/AL), FIO DE 2,7 MM, DIMENSOES 2,0 X 1,0 X 1,0 M (C X L X A)                                                                                                                                                                                                                                                                                                                                                                                              ","M3    ","CR",247.77]
[40436,"GABIAO TIPO CAIXA, MALHA HEXAGONAL 8 X 10 CM (ZN/AL), FIO DE 2,7 MM, DIMENSOES 5,0 X 1,0 X 1,0 M (C X L X A)                                                                                                                                                                                                                                                                                                                                                                                              ","M3    ","CR",308.95]
[11596,"GABIAO TIPO CAIXA, MALHA HEXAGONAL 8 X 10 CM (ZN/AL), FIO 2,7 MM, DIMENSOES 2,0 X 1,0 X 0,5 M (C X L X A)                                                                                                                                                                                                                                                                                                                                                                                                 ","UN    ","CR",422.47]
[4315,"GANCHO CHATO EM ACO GALVANIZADO, L = 110 MM, RECOBRIMENTO = 100MM, SECAO 1/8 X 1/2\" (3 MM X 12 MM), PARA FIXAR TELHA DE FIBROCIMENTO ONDULADA                                                                                                                                                                                                                                                                                                                                                             ","UN    ","CR",1.83]
[402,"GANCHO OLHAL EM ACO GALVANIZADO, ESPESSURA 16MM, ABERTURA 21MM                                                                                                                                                                                                                                                                                                                                                                                                                                            ","UN    ","AS",12.82]
[4226,"GAS DE COZINHA - GLP                                                                                                                                                                                                                                                                                                                                                                                                                                                                                      ","KG    ","C ",7.07]
[4222,"GASOLINA COMUM                                                                                                                                                                                                                                                                                                                                                                                                                                                                                            ","L     ","C ",5.92]
[34804,"GEOGRELHA TECIDA COM FILAMENTOS DE POLIESTER + PVC, RESISTENCIA LONGITUDINAL: 90 KN/M, RESISTENCIA TRANSVERSAL: 30 KN/M, ALONGAMENTO = 12 POR CENTO                                                                                                                                                                                                                                                                                                                                                       ","M2    ","CR",44.91]
[4013,"GEOTEXTIL NAO TECIDO AGULHADO DE FILAMENTOS CONTINUOS 100% POLIESTER, RESITENCIA A TRACAO = 09 KN/M                                                                                                                                                                                                                                                                                                                                                                                                       ","M2    ","CR",6.98]
[4011,"GEOTEXTIL NAO TECIDO AGULHADO DE FILAMENTOS CONTINUOS 100% POLIESTER, RESITENCIA A TRACAO = 10 KN/M                                                                                                                                                                                                                                                                                                                                                                                                       ","M2    ","CR",7.79]
[4021,"GEOTEXTIL NAO TECIDO AGULHADO DE FILAMENTOS CONTINUOS 100% POLIESTER, RESITENCIA A TRACAO = 14 KN/M                                                                                                                                                                                                                                                                                                                                                                                                       ","M2    ","CR",9.7200000000000006]
[4019,"GEOTEXTIL NAO TECIDO AGULHADO DE FILAMENTOS CONTINUOS 100% POLIESTER, RESITENCIA A TRACAO = 16 KN/M                                                                                                                                                                                                                                                                                                                                                                                                       ","M2    ","CR",11.67]
[4012,"GEOTEXTIL NAO TECIDO AGULHADO DE FILAMENTOS CONTINUOS 100% POLIESTER, RESITENCIA A TRACAO = 21 KN/M                                                                                                                                                                                                                                                                                                                                                                                                       ","M2    ","CR",15.64]
[4020,"GEOTEXTIL NAO TECIDO AGULHADO DE FILAMENTOS CONTINUOS 100% POLIESTER, RESITENCIA A TRACAO = 26 KN/M                                                                                                                                                                                                                                                                                                                                                                                                       ","M2    ","CR",19.579999999999998]
[4018,"GEOTEXTIL NAO TECIDO AGULHADO DE FILAMENTOS CONTINUOS 100% POLIESTER, RESITENCIA A TRACAO = 31 KN/M                                                                                                                                                                                                                                                                                                                                                                                                       ","M2    ","CR",23.46]
[36498,"GERADOR PORTATIL MONOFASICO, POTENCIA 5500 VA, MOTOR A GASOLINA, POTENCIA DO MOTOR 13 CV                                                                                                                                                                                                                                                                                                                                                                                                                  ","UN    ","CR",8653.67]
[12872,"GESSEIRO (HORISTA)                                                                                                                                                                                                                                                                                                                                                                                                                                                                                        ","H     ","CR",20.99]
[41075,"GESSEIRO (MENSALISTA)                                                                                                                                                                                                                                                                                                                                                                                                                                                                                     ","MES   ","CR",3668.94]
[44324,"GESSO COLA, EM PO, PARA FIXACAO DE MOLDURAS, SANCAS E BLOCOS DE GESSO                                                                                                                                                                                                                                                                                                                                                                                                                                     ","KG    ","CR",2.52]
[3315,"GESSO EM PO PARA REVESTIMENTOS/MOLDURAS/SANCAS E USO GERAL                                                                                                                                                                                                                                                                                                                                                                                                                                                ","KG    ","CR",0.73]
[36870,"GESSO PROJETADO                                                                                                                                                                                                                                                                                                                                                                                                                                                                                           ","KG    ","CR",0.56000000000000005]
[5092,"GONZO DE EMBUTIR, EM LATAO / ZAMAC, *20 X 48* MM, PARA JANELA BASCULANTE / PIVOTANTE, JOGO COM 4 PECAS (PAR) - INCLUI PARAFUSOS                                                                                                                                                                                                                                                                                                                                                                           ","PAR   ","CR",19.21]
[11462,"GONZO DE SOBREPOR, EM LATAO / ZAMAC, PARA JANELA PIVOTANTE - INCLUI PARAFUSOS                                                                                                                                                                                                                                                                                                                                                                                                                             ","PAR   ","CR",19.649999999999999]
[36529,"GRADE DE DISCOS COM CONTROLE REMOTO, REBOCAVEL, COM 24 DISCOS 24\" X 6 MM, COM PNEUS PARA TRANSPORTE                                                                                                                                                                                                                                                                                                                                                                                                       ","UN    ","AS",62499.99]
[3318,"GRADE DE DISCOS MECANICA 20X24\" COM 20 DISCOS 24\" X 6MM COM PNEUS PARA TRANSPORTE                                                                                                                                                                                                                                                                                                                                                                                                                         ","UN    ","AS",49000]
[3324,"GRAMA BATATAIS EM PLACAS, SEM PLANTIO                                                                                                                                                                                                                                                                                                                                                                                                                                                                     ","M2    ","CR",16.07]
[3322,"GRAMA ESMERALDA OU SAO CARLOS OU CURITIBANA, EM PLACAS, SEM PLANTIO                                                                                                                                                                                                                                                                                                                                                                                                                                       ","M2    ","C ",22.5]
[5076,"GRAMPO DE ACO POLIDO 1\" X 9                                                                                                                                                                                                                                                                                                                                                                                                                                                                               ","KG    ","CR",15.93]
[5077,"GRAMPO DE ACO POLIDO 7/8\" X 9                                                                                                                                                                                                                                                                                                                                                                                                                                                                             ","KG    ","CR",17.600000000000001]
[11837,"GRAMPO LINHA VIVA DE LATAO ESTANHADO, DIAMETRO DO CONDUTOR PRINCIPAL DE 10 A 120 MM2, DIAMETRO DA DERIVACAO DE 10 A 70 MM2                                                                                                                                                                                                                                                                                                                                                                                ","UN    ","CR",96.94]
[38055,"GRAMPO METALICO TIPO OLHAL PARA HASTE DE ATERRAMENTO DE 1/2\", CONDUTOR DE *10* A 50 MM2                                                                                                                                                                                                                                                                                                                                                                                                                   ","UN    ","CR",8.7899999999999991]
[415,"GRAMPO METALICO TIPO OLHAL PARA HASTE DE ATERRAMENTO DE 1\", CONDUTOR DE *10* A 50 MM2                                                                                                                                                                                                                                                                                                                                                                                                                     ","UN    ","CR",39.75]
[416,"GRAMPO METALICO TIPO OLHAL PARA HASTE DE ATERRAMENTO DE 3/4\", CONDUTOR DE *10* A 50 MM2                                                                                                                                                                                                                                                                                                                                                                                                                   ","UN    ","CR",14.55]
[425,"GRAMPO METALICO TIPO OLHAL PARA HASTE DE ATERRAMENTO DE 5/8\", CONDUTOR DE *10* A 50 MM2                                                                                                                                                                                                                                                                                                                                                                                                                   ","UN    ","CR",9.02]
[426,"GRAMPO METALICO TIPO U PARA HASTE DE ATERRAMENTO DE ATE 3/4\", CONDUTOR DE 10 A 25 MM2                                                                                                                                                                                                                                                                                                                                                                                                                     ","UN    ","CR",49.68]
[38056,"GRAMPO METALICO TIPO U PARA HASTE DE ATERRAMENTO DE ATE 5/8\", CONDUTOR DE 10 A 25 MM2                                                                                                                                                                                                                                                                                                                                                                                                                     ","UN    ","CR",48.52]
[1564,"GRAMPO PARALELO METALICO PARA CABO DE 6 A 50 MM2, COM 2 PARAFUSOS                                                                                                                                                                                                                                                                                                                                                                                                                                         ","UN    ","CR",18.510000000000002]
[11032,"GRAMPO U DE 5/8\" N8 EM ACO GALVANIZADO                                                                                                                                                                                                                                                                                                                                                                                                                                                                    ","UN    ","CR",10.31]
[36786,"GRANALHA DE ACO, ANGULAR (GRIT), PARA JATEAMENTO, PENEIRA 0,117 A 1,00 MM, (SAE G-40 A G-80)                                                                                                                                                                                                                                                                                                                                                                                                              ","SC25KG","AS",154.63999999999999]
[36785,"GRANALHA DE ACO, ANGULAR (GRIT), PARA JATEAMENTO, PENEIRA 1,41 A 1,19 MM (SAE G16)                                                                                                                                                                                                                                                                                                                                                                                                                        ","SC25KG","AS",134.38]
[36782,"GRANALHA DE ACO, ESFERICA (SHOT), PARA JATEAMENTO, PENEIRA 0,40 A 1,00 MM (SAE S-170 A S-280)                                                                                                                                                                                                                                                                                                                                                                                                             ","SC25KG","AS",160.4]
[44481,"GRANALHA DE ACO, ESFERICA (SHOT), PARA JATEAMENTO, PENEIRA 1,19 A 1,00 MM  (SAE S390)                                                                                                                                                                                                                                                                                                                                                                                                                     ","SC25KG","AS",180.68]
[4824,"GRANILHA/ GRANA/ PEDRISCO OU AGREGADO EM MARMORE/ GRANITO/ QUARTZO E CALCARIO, PRETO, CINZA, PALHA OU BRANCO                                                                                                                                                                                                                                                                                                                                                                                              ","KG    ","CR",0.63]
[11795,"GRANITO PARA BANCADA, POLIDO, TIPO ANDORINHA/ QUARTZ/ CASTELO/ CORUMBA OU OUTROS EQUIVALENTES DA REGIAO, E= *2,5* CM                                                                                                                                                                                                                                                                                                                                                                                      ","M2    ","CR",739.62]
[134,"GRAUTE CIMENTICIO PARA USO GERAL                                                                                                                                                                                                                                                                                                                                                                                                                                                                          ","KG    ","CR",1.97]
[4229,"GRAXA LUBRIFICANTE A BASE DE LITIO, DE MULTIPLAS APLICACOES E CONTENDO ADITIVOS DE EXTREMA PRESSAO (GRAU DE VISCOSIDADE NLGI 2)                                                                                                                                                                                                                                                                                                                                                                           ","KG    ","CR",44.54]
[11731,"GRELHA FIXA, EM PVC BRANCA, QUADRADA, 150 X 150 MM, PARA RALOS E CAIXAS                                                                                                                                                                                                                                                                                                                                                                                                                                   ","UN    ","CR",7.74]
[11732,"GRELHA FIXA, PVC CROMADA, REDONDA, 150 MM, PARA RALOS E CAIXAS                                                                                                                                                                                                                                                                                                                                                                                                                                            ","UN    ","CR",20.29]
[11244,"GRELHA FOFO ARTICULADA, CARGA MAXIMA 1,5 T, *300 X 1000* MM, E= *15* MM                                                                                                                                                                                                                                                                                                                                                                                                                                   ","UN    ","AS",263.55]
[11235,"GRELHA FOFO SIMPLES COM REQUADRO, CARGA MAXIMA 1,5 T, 150 X 1000 MM, E= *15* MM                                                                                                                                                                                                                                                                                                                                                                                                                           ","UN    ","AS",201.11]
[11236,"GRELHA FOFO SIMPLES COM REQUADRO, CARGA MAXIMA 1,5 T, 200 X 1000 MM, E= *15* MM                                                                                                                                                                                                                                                                                                                                                                                                                           ","UN    ","AS",255.58]
[11245,"GRELHA FOFO SIMPLES COM REQUADRO, CARGA MAXIMA 12,5 T, *300 X 1000* MM, E= *15* MM, AREA ESTACIONAMENTO CARRO PASSEIO                                                                                                                                                                                                                                                                                                                                                                                     ","UN    ","AS",364.52]
[36494,"GRUA ASCENCIONAL, LANCA DE 30 M, CAPACIDADE DE 1,0 T A 30 M, ALTURA ATE 39 M                                                                                                                                                                                                                                                                                                                                                                                                                              ","UN    ","AS",746558.98]
[36493,"GRUA ASCENCIONAL, LANCA DE 42 M, CAPACIDADE DE 1,5 T A 30 M, ALTURA ATE 39 M                                                                                                                                                                                                                                                                                                                                                                                                                              ","UN    ","AS",845821]
[36492,"GRUA ASCENCIONAL, LANCA DE 50 M, CAPACIDADE DE 2,33 T A 30 M, ALTURA ATE 48 M                                                                                                                                                                                                                                                                                                                                                                                                                             ","UN    ","AS",1571214.64]
[36499,"GRUPO GERADOR A GASOLINA, POTENCIA NOMINAL 2,2 KW, TENSAO DE SAIDA 110/220 V, MOTOR POTENCIA 6,5 HP                                                                                                                                                                                                                                                                                                                                                                                                       ","UN    ","CR",4672.9799999999996]
[13533,"GRUPO GERADOR DE SOLDA ELETRICA, COM MAQUINA DE SOLDA, ATE 400 AMPERES E GERADOR A DIESEL 30 CV, MOTOR 4 CILINDROS, TANQUE COMBUST., CARENAGEM DE PROTECAO SOBRE RODAS                                                                                                                                                                                                                                                                                                                                    ","UN    ","CR",214211.68]
[13333,"GRUPO GERADOR DE SOLDA ELETRICA, COM MAQUINA DE SOLDA, ATE 400 AMPERES E GERADOR A DIESEL 60 CV, MOTOR 4 CILINDROS, TANQUE COMBUST., CARENAGEM DE PROTECAO SOBRE RODAS                                                                                                                                                                                                                                                                                                                                    ","UN    ","CR",239640.17]
[39585,"GRUPO GERADOR DIESEL, COM CARENAGEM, POTENCIA STANDART ENTRE 100 E 110 KVA, VELOCIDADE DE 1800 RPM, FREQUENCIA DE 60 HZ                                                                                                                                                                                                                                                                                                                                                                                   ","UN    ","CR",154735.65]
[39586,"GRUPO GERADOR DIESEL, COM CARENAGEM, POTENCIA STANDART ENTRE 140 E 150 KVA, VELOCIDADE DE 1800 RPM, FREQUENCIA DE 60 HZ                                                                                                                                                                                                                                                                                                                                                                                   ","UN    ","CR",181494.43]
[39587,"GRUPO GERADOR DIESEL, COM CARENAGEM, POTENCIA STANDART ENTRE 210 E 220 KVA, VELOCIDADE DE 1800 RPM, FREQUENCIA DE 60 HZ                                                                                                                                                                                                                                                                                                                                                                                   ","UN    ","CR",221050.93]
[39588,"GRUPO GERADOR DIESEL, COM CARENAGEM, POTENCIA STANDART ENTRE 250 E 260 KVA, VELOCIDADE DE 1800 RPM, FREQUENCIA DE 60 HZ                                                                                                                                                                                                                                                                                                                                                                                   ","UN    ","CR",255953.69]
[39584,"GRUPO GERADOR DIESEL, COM CARENAGEM, POTENCIA STANDART ENTRE 50 E 55 KVA, VELOCIDADE DE 1800 RPM, FREQUENCIA DE 60 HZ                                                                                                                                                                                                                                                                                                                                                                                     ","UN    ","CR",137796.17000000001]
[39590,"GRUPO GERADOR DIESEL, SEM CARENAGEM, POTENCIA STANDART ENTRE 100 E 110 KVA, VELOCIDADE DE 1800 RPM, FREQUENCIA DE 60 HZ                                                                                                                                                                                                                                                                                                                                                                                   ","UN    ","CR",134492.04]
[39592,"GRUPO GERADOR DIESEL, SEM CARENAGEM, POTENCIA STANDART ENTRE 210 E 220 KVA, VELOCIDADE DE 1800 RPM, FREQUENCIA DE 60 HZ                                                                                                                                                                                                                                                                                                                                                                                   ","UN    ","CR",193268.3]
[39593,"GRUPO GERADOR DIESEL, SEM CARENAGEM, POTENCIA STANDART ENTRE 250 E 260 KVA, VELOCIDADE DE 1800 RPM, FREQUENCIA DE 60 HZ                                                                                                                                                                                                                                                                                                                                                                                   ","UN    ","CR",221050.93]
[14254,"GRUPO GERADOR DIESEL, SEM CARENAGEM, POTENCIA STANDART ENTRE 80 E 90 KVA, VELOCIDADE DE 1800 RPM, FREQUENCIA DE 60 HZ                                                                                                                                                                                                                                                                                                                                                                                     ","UN    ","C ",125650]
[44494,"GRUPO GERADOR ESTACIONARIO SILENCIADO, POTENCIA 50 KVA, MOTOR  DIESEL                                                                                                                                                                                                                                                                                                                                                                                                                                     ","UN    ","CR",104927.77]
[25019,"GRUPO GERADOR ESTACIONARIO, MOTOR DIESEL POTENCIA 170 KVA                                                                                                                                                                                                                                                                                                                                                                                                                                                 ","UN    ","CR",179857.93]
[36501,"GRUPO GERADOR ESTACIONARIO, POTENCIA 150 KVA, MOTOR DIESEL                                                                                                                                                                                                                                                                                                                                                                                                                                                ","UN    ","CR",160135.54]
[44493,"GRUPO GERADOR ESTACIONARIO, SILENCIADO, POTENCIA 180 KVA, MOTOR  DIESEL                                                                                                                                                                                                                                                                                                                                                                                                                                   ","UN    ","CR",192513.6]
[36500,"GRUPO GERADOR REBOCAVEL, POTENCIA *66* KVA, MOTOR A DIESEL                                                                                                                                                                                                                                                                                                                                                                                                                                                ","UN    ","CR",113163.41]
[20017,"GUARNICAO / ALIZAR / VISTA LISA EM MADEIRA MACICA, PARA PORTA, E = *1* CM, L = *5* CM, CEDRINHO / ANGELIM COMERCIAL / TAURI/ CURUPIXA / PEROBA / CUMARU OU EQUIVALENTE DA REGIAO                                                                                                                                                                                                                                                                                                                          ","M     ","CR",7.27]
[20007,"GUARNICAO / ALIZAR / VISTA LISA EM MADEIRA MACICA, PARA PORTA, E = *1* CM, L = *5* CM, PINUS /EUCALIPTO / VIROLA OU EQUIVALENTE DA REGIAO                                                                                                                                                                                                                                                                                                                                                                 ","M     ","CR",4.34]
[39831,"GUARNICAO / ALIZAR / VISTA, E = *1,5* CM, L = *5,0* CM, EM POLIESTIRENO, BRANCO (JOGO PARA 1 FACE)                                                                                                                                                                                                                                                                                                                                                                                                        ","JG    ","AS",300.97000000000003]
[36888,"GUARNICAO / MOLDURA / ARREMATE DE ACABAMENTO PARA ESQUADRIA, EM ALUMINIO PERFIL 25, ACABAMENTO ANODIZADO BRANCO OU BRILHANTE, PARA 1 FACE                                                                                                                                                                                                                                                                                                                                                                 ","M     ","CR",14.59]
[39836,"GUARNICAO/ALIZAR/VISTA, E = *1,3* CM, L = *5,0* CM HASTE REGULAVEL = *35* MM, EM MDF/PVC WOOD/ POLIESTIRENO OU MADEIRA LAMINADA, PRIMER BRANCO (JOGO PARA 1 FACE)                                                                                                                                                                                                                                                                                                                                         ","JG    ","AS",264.45999999999998]
[39830,"GUARNICAO/ALIZAR/VISTA, E = *1,3* CM, L = *7,0* CM, EM POLIESTIRENO, BRANCO (JOGO PARA 1 FACE)                                                                                                                                                                                                                                                                                                                                                                                                            ","JG    ","AS",301.61]
[40527,"GUINCHO DE ALAVANCA MANUAL, CAPACIDADE DE 1,6 T, COM 20 M DE CABO DE ACO (AQUISICAO)                                                                                                                                                                                                                                                                                                                                                                                                                      ","UN    ","CR",2755.93]
[36497,"GUINCHO DE ALAVANCA MANUAL, CAPACIDADE 3,2 T COM 20 M DE CABO DE ACO DIAMETRO 16,3 MM                                                                                                                                                                                                                                                                                                                                                                                                                     ","UN    ","CR",3146.2]
[36487,"GUINCHO ELETRICO DE COLUNA, CAPACIDADE 400 KG, COM MOTO FREIO, MOTOR TRIFASICO DE 1,25 CV                                                                                                                                                                                                                                                                                                                                                                                                                 ","UN    ","CR",5478.01]
[44475,"GUINDASTE HIDRAULICO AUTOPROPELIDO, COM LANCA TELESCOPICA 28,80 M, CAPACIDADE MAXIMA 30 T, POTENCIA 97 KW, TRACAO  4 X 4                                                                                                                                                                                                                                                                                                                                                                                  ","UN    ","AS",1305473.1499999999]
[44474,"GUINDASTE HIDRAULICO AUTOPROPELIDO, COM LANCA TELESCOPICA 40 M, CAPACIDADE MAXIMA 60 T, POTENCIA 260 KW, TRACAO  6 X 6                                                                                                                                                                                                                                                                                                                                                                                    ","UN    ","AS",2510525.2999999998]
[44490,"GUINDASTE HIDRAULICO AUTOPROPELIDO, COM LANCA TELESCOPICA 50 M, CAPACIDADE MAXIMA 100 T, POTENCIA 350 KW,  TRACAO 10 X 6                                                                                                                                                                                                                                                                                                                                                                                  ","UN    ","AS",4267892.99]
[37776,"GUINDAUTO HIDRAULICO, CAPACIDADE MAXIMA DE CARGA 10000 KG, MOMENTO MAXIMO DE CARGA 23 TM, ALCANCE MAXIMO HORIZONTAL 11,80 M, PARA MONTAGEM SOBRE CHASSI DE CAMINHAO PBT MINIMO 15000 KG (INCLUI MONTAGEM, NAO INCLUI CAMINHAO)                                                                                                                                                                                                                                                                            ","UN    ","AS",261567.29]
[37775,"GUINDAUTO HIDRAULICO, CAPACIDADE MAXIMA DE CARGA 14340 KG, MOMENTO MAXIMO DE CARGA 42,3 TM, ALCANCE MAXIMO HORIZONTAL 16,80 M, PARA MONTAGEM SOBRE CHASSI DE CAMINHAO PBT MINIMO 23000 KG (INCLUI MONTAGEM, NAO INCLUI CAMINHAO)                                                                                                                                                                                                                                                                          ","UN    ","AS",411988.28]
[36491,"GUINDAUTO HIDRAULICO, CAPACIDADE MAXIMA DE CARGA 30000 KG, MOMENTO MAXIMO DE CARGA 92,2 TM, ALCANCE MAXIMO HORIZONTAL 22,00 M, PARA MONTAGEM SOBRE CHASSI DE CAMINHAO PBT MINIMO 30000 KG (INCLUI MONTAGEM, NAO INCLUI CAMINHAO)                                                                                                                                                                                                                                                                          ","UN    ","AS",1525714.84]
[10712,"GUINDAUTO HIDRAULICO, CAPACIDADE MAXIMA DE CARGA 3300 KG, MOMENTO MAXIMO DE CARGA 5,8 TM, ALCANCE MAXIMO HORIZONTAL 7,60 M, PARA MONTAGEM SOBRE CHASSI DE CAMINHAO PBT MINIMO 8000 KG (INCLUI MONTAGEM, NAO INCLUI CAMINHAO)                                                                                                                                                                                                                                                                              ","UN    ","AS",102997.07]
[3363,"GUINDAUTO HIDRAULICO, CAPACIDADE MAXIMA DE CARGA 6200 KG, MOMENTO MAXIMO DE CARGA 11,7 TM, ALCANCE MAXIMO HORIZONTAL 9,70 M, PARA MONTAGEM SOBRE CHASSI DE CAMINHAO PBT MINIMO 13000 KG (INCLUI MONTAGEM, NAO INCLUI CAMINHAO)                                                                                                                                                                                                                                                                            ","UN    ","AS",144875]
[3365,"GUINDAUTO HIDRAULICO, CAPACIDADE MAXIMA DE CARGA 8500 KG, MOMENTO MAXIMO DE CARGA 30,4 TM, ALCANCE MAXIMO HORIZONTAL 14,30 M, PARA MONTAGEM SOBRE CHASSI DE CAMINHAO PBT MINIMO 23000 KG (INCLUI MONTAGEM, NAO INCLUI CAMINHAO)                                                                                                                                                                                                                                                                           ","UN    ","AS",338645.31]
[7569,"HASTE ANCORA EM ACO GALVANIZADO, DIMENSOES 16 MM X 2000 MM                                                                                                                                                                                                                                                                                                                                                                                                                                                ","UN    ","AS",59.88]
[3378,"HASTE DE ATERRAMENTO EM ACO COM 3,00 M DE COMPRIMENTO E DN = 3/4\", REVESTIDA COM BAIXA CAMADA DE COBRE, SEM CONECTOR                                                                                                                                                                                                                                                                                                                                                                                      ","UN    ","CR",140.71]
[3380,"HASTE DE ATERRAMENTO EM ACO COM 3,00 M DE COMPRIMENTO E DN = 5/8\", REVESTIDA COM BAIXA CAMADA DE COBRE, COM CONECTOR TIPO GRAMPO                                                                                                                                                                                                                                                                                                                                                                          ","UN    ","C ",98.5]
[3379,"HASTE DE ATERRAMENTO EM ACO COM 3,00 M DE COMPRIMENTO E DN = 5/8\", REVESTIDA COM BAIXA CAMADA DE COBRE, SEM CONECTOR                                                                                                                                                                                                                                                                                                                                                                                      ","UN    ","CR",95.1]
[11991,"HASTE DE ATERRAMENTO EM ACO GALVANIZADO TIPO CANTONEIRA COM 2,00 M DE COMPRIMENTO, 25 X 25 MM E CHAPA DE 3/16\"                                                                                                                                                                                                                                                                                                                                                                                            ","UN    ","CR",110.42]
[34349,"HASTE RETA DE ACO GALVANIZADO, H = *30* CM, BASE RETANGULAR, PARA FIXACAO DE CONCERTINA SIMPLES DE 30 CM (NAO INCLUI OS FIXADORES)                                                                                                                                                                                                                                                                                                                                                                        ","UN    ","CR",25.51]
[11029,"HASTE RETA PARA GANCHO DE FERRO GALVANIZADO, COM ROSCA 1/4\" X 30 CM PARA FIXACAO DE TELHA METALICA, INCLUI PORCA E ARRUELAS DE VEDACAO                                                                                                                                                                                                                                                                                                                                                                    ","CJ    ","CR",1.58]
[4316,"HASTE RETA PARA GANCHO DE FERRO GALVANIZADO, COM ROSCA 1/4\" X 40 CM PARA FIXACAO DE TELHA DE FIBROCIMENTO, INCLUI PORCA SEXTAVADA DE ZINCO                                                                                                                                                                                                                                                                                                                                                                ","UN    ","CR",1.59]
[4313,"HASTE RETA PARA GANCHO DE FERRO GALVANIZADO, COM ROSCA 5/16\" X 35 CM PARA FIXACAO DE TELHA DE FIBROCIMENTO, INCLUI PORCA E ARRUELAS DE VEDACAO                                                                                                                                                                                                                                                                                                                                                            ","CJ    ","CR",2.29]
[4317,"HASTE RETA PARA GANCHO DE FERRO GALVANIZADO, COM ROSCA 5/16\" X 40 CM PARA FIXACAO DE TELHA DE FIBROCIMENTO, INCLUI PORCA SEXTAVADA DE ZINCO                                                                                                                                                                                                                                                                                                                                                               ","UN    ","CR",2.61]
[4314,"HASTE RETA PARA GANCHO DE FERRO GALVANIZADO, COM ROSCA 5/16\" X 45 CM PARA FIXACAO DE TELHA DE FIBROCIMENTO, INCLUI PORCA E ARRUELAS DE VEDACAO                                                                                                                                                                                                                                                                                                                                                            ","CJ    ","CR",3.05]
[10921,"HIDRANTE DE COLUNA COMPLETO, EM FERRO FUNDIDO, DN = 100 MM, COM REGISTRO, CUNHA DE BORRACHA, CURVA DESSIMETRICA, EXTREMIDADE E TAMPAS (INCLUI KIT FIXACAO)                                                                                                                                                                                                                                                                                                                                                ","UN    ","AS",5608]
[10922,"HIDRANTE DE COLUNA COMPLETO, EM FERRO FUNDIDO, DN = 75 MM, COM REGISTRO, CUNHA DE BORRACHA, CURVA DESSIMETRICA, EXTREMIDADE E TAMPAS (INCLUI KIT FIXACAO)                                                                                                                                                                                                                                                                                                                                                 ","UN    ","AS",5079.58]
[10923,"HIDRANTE SUBTERRANEO, EM FERRO FUNDIDO, COM CURVA CURTA E CAIXA, DN 75 MM                                                                                                                                                                                                                                                                                                                                                                                                                                 ","UN    ","AS",3002.25]
[10924,"HIDRANTE SUBTERRANEO, EM FERRO FUNDIDO, COM CURVA LONGA E CAIXA, DN 75 MM                                                                                                                                                                                                                                                                                                                                                                                                                                 ","UN    ","AS",3161.95]
[37772,"HIDROJATEADORA PARA DESOBSTRUCAO DE REDES E GALERIAS, TANQUE 7000 L, BOMBA TRIPLEX 120 KGF/CM2 128 L/MIN (INCLUI MONTAGEM, NAO INCLUI CAMINHAO)                                                                                                                                                                                                                                                                                                                                                           ","UN    ","AS",342998.8]
[37771,"HIDROJATEADORA PARA DESOBSTRUCAO DE REDES E GALERIAS, TANQUE 7000 L, BOMBA TRIPLEX 140 KGF/CM2 260 L/MIN ALIMENTADA POR MOTOR INDEPENDENTE A DIESEL POTENCIA 125 CV (INCLUI MONTAGEM, NAO INCLUI CAMINHAO)                                                                                                                                                                                                                                                                                                ","UN    ","AS",364896.09]
[12772,"HIDROMETRO MULTIJATO / MEDIDOR DE AGUA, DN 1 1/2\", VAZAO MAXIMA DE 20 M3/H, PARA AGUA POTAVEL FRIA, RELOJOARIA PLANA, CLASSE B, HORIZONTAL (SEM CONEXOES)                                                                                                                                                                                                                                                                                                                                                 ","UN    ","AS",749.73]
[12770,"HIDROMETRO MULTIJATO / MEDIDOR DE AGUA, DN 1\", VAZAO MAXIMA DE 10 M3/H, PARA AGUA POTAVEL FRIA, RELOJOARIA PLANA, CLASSE B, HORIZONTAL (SEM CONEXOES)                                                                                                                                                                                                                                                                                                                                                     ","UN    ","AS",451.11]
[12775,"HIDROMETRO MULTIJATO / MEDIDOR DE AGUA, DN 1\", VAZAO MAXIMA DE 7 M3/H, PARA AGUA POTAVEL FRIA, RELOJOARIA PLANA, CLASSE B, HORIZONTAL (SEM CONEXOES)                                                                                                                                                                                                                                                                                                                                                      ","UN    ","AS",330.39]
[12768,"HIDROMETRO MULTIJATO / MEDIDOR DE AGUA, DN 2\", VAZAO MAXIMA DE 30 M3/H, PARA AGUA POTAVEL FRIA, RELOJOARIA PLANA, CLASSE B, HORIZONTAL (SEM CONEXOES)                                                                                                                                                                                                                                                                                                                                                     ","UN    ","AS",1054.71]
[12769,"HIDROMETRO UNIJATO / MEDIDOR DE AGUA, DN 1/2\", VAZAO MAXIMA DE 1,5 M3/H, PARA AGUA POTAVEL FRIA, RELOJOARIA PLANA, CLASSE B, HORIZONTAL (SEM CONEXOES)                                                                                                                                                                                                                                                                                                                                                    ","UN    ","AS",86.41]
[12773,"HIDROMETRO UNIJATO / MEDIDOR DE AGUA, DN 1/2\", VAZAO MAXIMA DE 3 M3/H, PARA AGUA POTAVEL FRIA, RELOJOARIA PLANA, CLASSE B, HORIZONTAL (SEM CONEXOES)                                                                                                                                                                                                                                                                                                                                                      ","UN    ","AS",92.76]
[12774,"HIDROMETRO UNIJATO / MEDIDOR DE AGUA, DN 3/4\", VAZAO MAXIMA DE 5 M3/H, PARA AGUA POTAVEL FRIA, RELOJOARIA PLANA, CLASSE B, HORIZONTAL (SEM CONEXOES)0,                                                                                                                                                                                                                                                                                                                                                    ","UN    ","AS",114.36]
[12776,"HIDROMETRO WOLTMANN, DN 2\", VAZAO MAXIMA DE 50 M3/H, PARA AGUA POTAVEL FRIA, RELOJOARIA PLANA, TURBINA HORIZONTAL, EQUIPADO COM TELEMETRIA (SEM CONEXOES)                                                                                                                                                                                                                                                                                                                                                 ","UN    ","AS",1702.78]
[12777,"HIDROMETRO WOLTMANN, DN 3\", VAZAO MAXIMA DE 80 M3/H, PARA AGUA POTAVEL FRIA, RELOJOARIA PLANA, TURBINA HORIZONTAL, EQUIPADO COM TELEMETRIA (SEM CONEXOES)                                                                                                                                                                                                                                                                                                                                                 ","UN    ","AS",2223.7800000000002]
[12873,"IMPERMEABILIZADOR (HORISTA)                                                                                                                                                                                                                                                                                                                                                                                                                                                                               ","H     ","CR",20.99]
[41076,"IMPERMEABILIZADOR (MENSALISTA)                                                                                                                                                                                                                                                                                                                                                                                                                                                                            ","MES   ","CR",3668.94]
[140,"IMPERMEABILIZANTE FLEXIVEL BRANCO DE BASE ACRILICA PARA COBERTURAS                                                                                                                                                                                                                                                                                                                                                                                                                                        ","KG    ","CR",22]
[151,"IMPERMEABILIZANTE INCOLOR, BASE SILICONE, PARA TRATAMENTO DE FACHADAS, TELHAS, PEDRAS E OUTRAS SUPERFICIES                                                                                                                                                                                                                                                                                                                                                                                                ","L     ","CR",32.47]
[7340,"IMUNIZANTE PARA MADEIRA, INCOLOR                                                                                                                                                                                                                                                                                                                                                                                                                                                                          ","L     ","CR",30.95]
[40929,"INSTALADOR DE TUBULACOES (TUBOS/EQUIPAMENTOS) (MENSALISTA)                                                                                                                                                                                                                                                                                                                                                                                                                                                ","MES   ","CR",4829.2]
[2701,"INSTALADOR DE TUBULACOES - TUBOS/EQUIPAMENTOS (HORISTA)                                                                                                                                                                                                                                                                                                                                                                                                                                                   ","H     ","CR",27.62]
[38114,"INTERRUPTOR BIPOLAR SIMPLES 10 A, 250 V (APENAS MODULO)                                                                                                                                                                                                                                                                                                                                                                                                                                                   ","UN    ","CR",16.72]
[38064,"INTERRUPTOR BIPOLAR 10A, 250V, CONJUNTO MONTADO PARA EMBUTIR 4\" X 2\" (PLACA + SUPORTE + MODULO)                                                                                                                                                                                                                                                                                                                                                                                                           ","UN    ","CR",18.690000000000001]
[38115,"INTERRUPTOR INTERMEDIARIO 10 A, 250 V (APENAS MODULO)                                                                                                                                                                                                                                                                                                                                                                                                                                                     ","UN    ","CR",17.850000000000001]
[38065,"INTERRUPTOR INTERMEDIARIO 10A, 250V, CONJUNTO MONTADO PARA EMBUTIR 4\" X 2\" (PLACA + SUPORTE + MODULO)                                                                                                                                                                                                                                                                                                                                                                                                     ","UN    ","CR",26.52]
[38078,"INTERRUPTOR PARALELO + TOMADA 2P+T 10A, 250V, CONJUNTO MONTADO PARA EMBUTIR 4\" X 2\" (PLACA + SUPORTE + MODULOS)                                                                                                                                                                                                                                                                                                                                                                                           ","UN    ","CR",15.47]
[38113,"INTERRUPTOR PARALELO 10A, 250V (APENAS MODULO)                                                                                                                                                                                                                                                                                                                                                                                                                                                            ","UN    ","CR",8.4]
[38063,"INTERRUPTOR PARALELO 10A, 250V, CONJUNTO MONTADO PARA EMBUTIR 4\" X 2\" (PLACA + SUPORTE + MODULO)                                                                                                                                                                                                                                                                                                                                                                                                          ","UN    ","CR",9.02]
[38080,"INTERRUPTOR SIMPLES + INTERRUPTOR PARALELO + TOMADA 2P+T 10A, 250V, CONJUNTO MONTADO PARA EMBUTIR 4\" X 2\" (PLACA + SUPORTE + MODULOS)                                                                                                                                                                                                                                                                                                                                                                     ","UN    ","CR",26.87]
[38069,"INTERRUPTOR SIMPLES + INTERRUPTOR PARALELO 10A, 250V, CONJUNTO MONTADO PARA EMBUTIR 4\" X 2\" (PLACA + SUPORTE + MODULOS)                                                                                                                                                                                                                                                                                                                                                                                   ","UN    ","CR",14.7]
[38077,"INTERRUPTOR SIMPLES + TOMADA 2P+T 10A, 250V, CONJUNTO MONTADO PARA EMBUTIR 4\" X 2\" (PLACA + SUPORTE + MODULOS)                                                                                                                                                                                                                                                                                                                                                                                            ","UN    ","CR",14.36]
[38073,"INTERRUPTOR SIMPLES + 2 INTERRUPTORES PARALELOS 10A, 250V, CONJUNTO MONTADO PARA EMBUTIR 4\" X 2\" (PLACA + SUPORTE + MODULOS)                                                                                                                                                                                                                                                                                                                                                                              ","UN    ","CR",21.88]
[38112,"INTERRUPTOR SIMPLES 10A, 250V (APENAS MODULO)                                                                                                                                                                                                                                                                                                                                                                                                                                                             ","UN    ","CR",6.45]
[38062,"INTERRUPTOR SIMPLES 10A, 250V, CONJUNTO MONTADO PARA EMBUTIR 4\" X 2\" (PLACA + SUPORTE + MODULO)                                                                                                                                                                                                                                                                                                                                                                                                           ","UN    ","CR",6.62]
[12128,"INTERRUPTOR SIMPLES 10A, 250V, CONJUNTO MONTADO PARA SOBREPOR 4\" X 2\" (CAIXA + MODULO)                                                                                                                                                                                                                                                                                                                                                                                                                    ","UN    ","CR",8.85]
[12129,"INTERRUPTOR SIMPLES 10A, 250V, CONJUNTO MONTADO PARA SOBREPOR 4\" X 2\" (CAIXA + 2 MODULOS)                                                                                                                                                                                                                                                                                                                                                                                                                 ","UN    ","CR",11.7]
[38081,"INTERRUPTORES PARALELOS (2 MODULOS) + TOMADA 2P+T 10A, 250V, CONJUNTO MONTADO PARA EMBUTIR 4\" X 2\" (PLACA + SUPORTE + MODULOS)                                                                                                                                                                                                                                                                                                                                                                            ","UN    ","CR",22.8]
[38070,"INTERRUPTORES PARALELOS (2 MODULOS) 10A, 250V, CONJUNTO MONTADO PARA EMBUTIR 4\" X 2\" (PLACA + SUPORTE + MODULOS)                                                                                                                                                                                                                                                                                                                                                                                          ","UN    ","CR",15.71]
[38074,"INTERRUPTORES PARALELOS (3 MODULOS) 10A, 250V, CONJUNTO MONTADO PARA EMBUTIR 4\" X 2\" (PLACA + SUPORTE + MODULO)                                                                                                                                                                                                                                                                                                                                                                                           ","UN    ","CR",23.88]
[38079,"INTERRUPTORES SIMPLES (2 MODULOS) + TOMADA 2P+T 10A, 250V, CONJUNTO MONTADO PARA EMBUTIR 4\" X 2\" (PLACA + SUPORTE + MODULOS)                                                                                                                                                                                                                                                                                                                                                                              ","UN    ","CR",20.5]
[38072,"INTERRUPTORES SIMPLES (2 MODULOS) + 1 INTERRUPTOR PARALELO 10A, 250V, CONJUNTO MONTADO PARA EMBUTIR 4\" X 2\" (PLACA + SUPORTE + MODULOS)                                                                                                                                                                                                                                                                                                                                                                   ","UN    ","CR",19.7]
[38068,"INTERRUPTORES SIMPLES (2 MODULOS) 10A, 250V, CONJUNTO MONTADO PARA EMBUTIR 4\" X 2\" (PLACA + SUPORTE + MODULOS)                                                                                                                                                                                                                                                                                                                                                                                            ","UN    ","CR",13.6]
[38071,"INTERRUPTORES SIMPLES (3 MODULOS) 10A, 250V, CONJUNTO MONTADO PARA EMBUTIR 4\" X 2\" (PLACA + SUPORTE + MODULOS)                                                                                                                                                                                                                                                                                                                                                                                            ","UN    ","CR",16.260000000000002]
[38412,"INVERSOR DE SOLDA MONOFASICO DE 160 A, POTENCIA DE 5400 W, TENSAO DE 220 V, TURBO VENTILADO, PROTECAO POR FUSIVEL TERMICO, PARA ELETRODOS DE 2,0 A 4,0 MM                                                                                                                                                                                                                                                                                                                                                 ","UN    ","C ",831.5]
[3405,"ISOLADOR DE PORCELANA SUSPENSO, DISCO TIPO GARFO OLHAL, DIAMETRO DE 152 MM, PARA TENSAO DE *15* KV                                                                                                                                                                                                                                                                                                                                                                                                        ","UN    ","AS",96.54]
[3394,"ISOLADOR DE PORCELANA, TIPO BUCHA, PARA TENSAO DE *15* KV                                                                                                                                                                                                                                                                                                                                                                                                                                                 ","UN    ","AS",509.6]
[3393,"ISOLADOR DE PORCELANA, TIPO BUCHA, PARA TENSAO DE *35* KV                                                                                                                                                                                                                                                                                                                                                                                                                                                 ","UN    ","AS",867.65]
[3406,"ISOLADOR DE PORCELANA, TIPO PINO MONOCORPO, PARA TENSAO DE *15* KV                                                                                                                                                                                                                                                                                                                                                                                                                                        ","UN    ","AS",29.55]
[3395,"ISOLADOR DE PORCELANA, TIPO PINO MONOCORPO, PARA TENSAO DE *35* KV                                                                                                                                                                                                                                                                                                                                                                                                                                        ","UN    ","AS",124.65]
[3398,"ISOLADOR DE PORCELANA, TIPO ROLDANA, DIMENSOES DE *72* X *72* MM, PARA USO EM BAIXA TENSAO                                                                                                                                                                                                                                                                                                                                                                                                                ","UN    ","AS",5.92]
[40662,"JANELA BASCULANTE EM MADEIRA PINUS/ EUCALIPTO/ TAUARI/ VIROLA OU EQUIVALENTE DA REGIAO, *60 X 60*, CAIXA DO BATENTE/ MARCO E = *10* CM, 2 BASCULAS PARA VIDRO, COM FERRAGENS (SEM VIDRO, SEM GUARNICAO/ALIZAR E SEM ACABAMENTO)                                                                                                                                                                                                                                                                           ","UN    ","AS",216.4]
[3437,"JANELA BASCULANTE EM MADEIRA PINUS/ EUCALIPTO/ TAUARI/ VIROLA OU EQUIVALENTE DA REGIAO, CAIXA DO BATENTE/ MARCO *10* CM, *2* FOLHAS BASCULANTES PARA VIDRO, COM FERRAGENS (SEM VIDRO, SEM GUARNICAO/ALIZAR E SEM ACABAMENTO)                                                                                                                                                                                                                                                                              ","M2    ","AS",601.13]
[11190,"JANELA BASCULANTE, ACO, COM BATENTE/REQUADRO, 60 X 60 CM (SEM VIDROS)                                                                                                                                                                                                                                                                                                                                                                                                                                     ","UN    ","AS",174.93]
[34377,"JANELA BASCULANTE, EM ALUMINIO PERFIL 20, 80 X 60 CM (A X L), 4 FLS (1 FIXA E 3 MOVEIS), ACABAMENTO BRANCO OU BRILHANTE, BATENTE DE 3 A 4 CM, COM VIDRO 4 MM, SEM GUARNICAO                                                                                                                                                                                                                                                                                                                               ","UN    ","CR",102.74]
[3428,"JANELA DE ABRIR EM MADEIRA IMBUIA/CEDRO ARANA/CEDRO ROSA OU EQUIVALENTE DA REGIAO, CAIXA DO BATENTE/MARCO *10* CM, 2 FOLHAS DE ABRIR TIPO VENEZIANA E 2 FOLHAS DE ABRIR PARA VIDRO, COM GUARNICAO/ALIZAR, COM FERRAGENS, (SEM VIDRO E SEM ACABAMENTO)                                                                                                                                                                                                                                                     ","M2    ","AS",891.67]
[3429,"JANELA DE ABRIR EM MADEIRA PINUS/EUCALIPTO/TAUARI/VIROLA OU EQUIVALENTE DA REGIAO, CAIXA DO BATENTE/MARCO *10* CM, 2 FOLHAS DE ABRIR TIPO VENEZIANA E 2 FOLHAS GUILHOTINA PARA VIDRO, COM FERRAGENS (SEM VIDRO, SEM GUARNICAO/ALIZAR E SEM ACABAMENTO)                                                                                                                                                                                                                                                    ","M2    ","AS",509.45]
[11199,"JANELA DE CORRER, ACO, BATENTE/REQUADRO DE 6 A 14 CM, COM DIVISAO HORIZ, PINT ANTICORROSIVA, SEM VIDRO, BANDEIRA COM BASCULA, 4 FLS, 120 X 150 CM (A X L)                                                                                                                                                                                                                                                                                                                                                 ","UN    ","AS",966.1]
[36896,"JANELA DE CORRER, EM ALUMINIO PERFIL 25, 100 X 120 CM (A X L), 2 FLS MOVEIS, SEM BANDEIRA, ACABAMENTO BRANCO OU BRILHANTE, BATENTE DE 6 A 7 CM, COM VIDRO 4 MM, SEM GUARNICAO                                                                                                                                                                                                                                                                                                                             ","UN    ","C ",199]
[34367,"JANELA DE CORRER, EM ALUMINIO PERFIL 25, 100 X 150 CM (A X L), 2 FLS MOVEIS, SEM BANDEIRA, ACABAMENTO BRANCO OU BRILHANTE, BATENTE DE 6 A 7 CM, COM VIDRO 4 MM, SEM GUARNICAO                                                                                                                                                                                                                                                                                                                             ","UN    ","CR",256.48]
[36897,"JANELA DE CORRER, EM ALUMINIO PERFIL 25, 100 X 150 CM (A X L), 4 FLS MOVEIS, SEM BANDEIRA, ACABAMENTO BRANCO OU BRILHANTE, BATENTE DE 6 A 7 CM, COM VIDRO 4 MM, SEM GUARNICAO/ALIZAR                                                                                                                                                                                                                                                                                                                      ","UN    ","CR",310.52999999999997]
[34369,"JANELA DE CORRER, EM ALUMINIO PERFIL 25, 100 X 200 CM (A X L), 4 FLS, SEM BANDEIRA, ACABAMENTO BRANCO OU BRILHANTE, BATENTE DE 6 A 7 CM, COM VIDRO 4 MM, SEM GUARNICAO/ALIZAR                                                                                                                                                                                                                                                                                                                             ","UN    ","CR",357.36]
[34364,"JANELA DE CORRER, EM ALUMINIO PERFIL 25, 120 X 150 CM (A X L), 4 FLS, BANDEIRA COM BASCULA, ACABAMENTO BRANCO OU BRILHANTE, BATENTE/REQUADRO DE 6 A 14 CM, COM VIDRO 4 MM, SEM GUARNICAO/ALIZAR                                                                                                                                                                                                                                                                                                           ","UN    ","CR",337.13]
[40659,"JANELA DE 6 FOLHAS DE CORRER EM MADEIRA CEDRINHO/ ANGELIM COMERCIAL/ CURUPIXA/ CUMARU OU EQUIVALENTE DA REGIAO, CAIXA DO BATENTE/MARCO *10* CM, 2 FOLHAS DE CORRER VENEZIANA, 2 FOLHAS FIXAS VENEZIANA E 2 FOLHAS DE CORRER PARA VIDRO, COM FERRAGENS (SEM VIDRO, SEM ACABAMENTO E SEM GUARNICAO/ALIZAR)                                                                                                                                                                                                  ","M2    ","AS",850.51]
[40660,"JANELA DE 6 FOLHAS DE CORRER EM MADEIRA IMBUIA/CEDRO ARANA/CEDRO ROSA OU EQUIVALENTE DA REGIAO, CAIXA DO BATENTE/MARCO *10* CM, 2 FOLHAS DE CORRER VENEZIANA, 2 FOLHAS FIXAS VENEZIANA E 2 FOLHAS DE CORRER PARA VIDRO, COM FERRAGENS (SEM VIDRO, SEM ACABAMENTO E SEM GUARNICAO/ALIZAR)                                                                                                                                                                                                                  ","M2    ","AS",1077.92]
[40661,"JANELA DE 6 FOLHAS DE CORRER EM MADEIRA PINUS/ EUCALIPTO/ TAUARI/ VIROLA OU EQUIVALENTE DA REGIAO, CAIXA DO BATENTE/MARCO *10* CM, 2 FOLHAS DE CORRER VENEZIANA, 2 FOLHAS FIXAS VENEZIANA E 2 FOLHAS DE CORRER PARA VIDRO, COM FERRAGENS (SEM VIDRO, SEM ACABAMENTO E SEM GUARNICAO/ALIZAR)                                                                                                                                                                                                               ","M2    ","AS",662.73]
[3421,"JANELA EM MADEIRA CEDRINHO/ ANGELIM COMERCIAL/ CURUPIXA/ CUMARU OU EQUIVALENTE DA REGIAO, CAIXA DO BATENTE/MARCO *10* CM, 2 FOLHAS DE ABRIR TIPO VENEZIANA E 2 FOLHAS GUILHOTINA PARA VIDRO, COM GUARNICAO/ALIZAR, COM FERRAGENS (SEM VIDRO E SEM ACABAMENTO)                                                                                                                                                                                                                                             ","M2    ","AS",667.8]
[599,"JANELA FIXA, EM ALUMINIO PERFIL 20, 60 X 80 CM (A X L), BATENTE/REQUADRO DE 3 A 14 CM, COM VIDRO 4 MM, SEM GUARNICAO/ALIZAR, ACABAMENTO ALUM BRANCO OU BRILHANTE                                                                                                                                                                                                                                                                                                                                          ","M2    ","CR",362.93]
[44053,"JANELA INTEGRADA VENEZIANA EM ALUMINIO PERFIL 25, 120 X 120 CM (A X L), 2 FLS (2 VIDROS) E VENEZIANA COM ACIONAMENTO MANUAL, SEM BANDEIRA, ACABAMENTO BRILHANTE, BATENTE DE 11,50 A 12,50 CM, COM VIDRO 4 MM, INCLUSO GUARNICAO                                                                                                                                                                                                                                                                           ","UN    ","CR",805.54]
[3423,"JANELA MAXIM-AR EM MADEIRA CEDRINHO/ ANGELIM COMERCIAL/ CURUPIXA/ CUMARU OU EQUIVALENTE DA REGIAO, CAIXA DO BATENTE/MARCO *10* CM, 1 FOLHA PARA VIDRO, COM GUARNICAO/ALIZAR, COM FERRAGENS, (SEM VIDRO E SEM ACABAMENTO)                                                                                                                                                                                                                                                                                  ","M2    ","AS",941.76]
[34797,"JANELA MAXIM-AR, ACO GALVANIZADO PINT. ANTICORROSIVA, COM BATENTE/REQUADRO DE 6 A 14 CM, SEM VIDRO, COM GRADE, 1 FL, 60 X 80 CM (A X L)                                                                                                                                                                                                                                                                                                                                                                   ","UN    ","AS",381.02]
[34381,"JANELA MAXIM-AR, EM ALUMINIO PERFIL 25, 60 X 80 CM (A X L), ACABAMENTO BRANCO OU BRILHANTE, BATENTE DE 4 A 5 CM, COM VIDRO 4 MM, SEM GUARNICAO/ALIZAR                                                                                                                                                                                                                                                                                                                                                     ","UN    ","CR",146.54]
[44054,"JANELA VENEZIANA DE CORRER, EM ALUMINIO PERFIL 25, 100 X 120 CM (A X L), 3 FLS (2 VENEZIANAS E 1 VIDRO), SEM BANDEIRA, ACABAMENTO BRANCO OU BRILHANTE, BATENTE DE 8 A 9 CM, COM VIDRO 4 MM, SEM GUARNICAO/ALIZAR                                                                                                                                                                                                                                                                                          ","UN    ","CR",288.98]
[44399,"JANELA VENEZIANA DE CORRER, EM ALUMINIO PERFIL 25, 100 X 150 CM (A X L), 6 FLS (4 VENEZIANAS E 2 VIDROS), SEM BANDEIRA, ACABAMENTO BRANCO OU BRILHANTE, BATENTE DE 8 A 9 CM, COM VIDRO 4 MM, SEM GUARNICAO / ALIZAR                                                                                                                                                                                                                                                                                       ","UN    ","CR",394.84]
[44503,"JARDINEIRO (HORISTA)                                                                                                                                                                                                                                                                                                                                                                                                                                                                                      ","H     ","CR",16.920000000000002]
[41077,"JARDINEIRO (MENSALISTA)                                                                                                                                                                                                                                                                                                                                                                                                                                                                                   ","MES   ","CR",2959]
[37963,"JOELHO CPVC, SOLDAVEL, 45 GRAUS, 15 MM, PARA AGUA QUENTE                                                                                                                                                                                                                                                                                                                                                                                                                                                  ","UN    ","CR",4.37]
[37964,"JOELHO CPVC, SOLDAVEL, 45 GRAUS, 22 MM, PARA AGUA QUENTE                                                                                                                                                                                                                                                                                                                                                                                                                                                  ","UN    ","CR",5.84]
[37965,"JOELHO CPVC, SOLDAVEL, 45 GRAUS, 28 MM, PARA AGUA QUENTE                                                                                                                                                                                                                                                                                                                                                                                                                                                  ","UN    ","CR",8.43]
[37966,"JOELHO CPVC, SOLDAVEL, 45 GRAUS, 35 MM, PARA AGUA QUENTE                                                                                                                                                                                                                                                                                                                                                                                                                                                  ","UN    ","CR",14.8]
[37967,"JOELHO CPVC, SOLDAVEL, 45 GRAUS, 42 MM, PARA AGUA QUENTE                                                                                                                                                                                                                                                                                                                                                                                                                                                  ","UN    ","CR",24.87]
[37968,"JOELHO CPVC, SOLDAVEL, 45 GRAUS, 54 MM, PARA AGUA QUENTE                                                                                                                                                                                                                                                                                                                                                                                                                                                  ","UN    ","CR",52.8]
[37969,"JOELHO CPVC, SOLDAVEL, 45 GRAUS, 73 MM, PARA AGUA QUENTE                                                                                                                                                                                                                                                                                                                                                                                                                                                  ","UN    ","CR",133.43]
[37970,"JOELHO CPVC, SOLDAVEL, 45 GRAUS, 89 MM, PARA AGUA QUENTE                                                                                                                                                                                                                                                                                                                                                                                                                                                  ","UN    ","CR",193.04]
[44251,"JOELHO CPVC, SOLDAVEL, 90 GRAUS, 114 MM, PARA AGUA QUENTE                                                                                                                                                                                                                                                                                                                                                                                                                                                 ","UN    ","CR",222.97]
[21118,"JOELHO CPVC, SOLDAVEL, 90 GRAUS, 15 MM, PARA AGUA QUENTE                                                                                                                                                                                                                                                                                                                                                                                                                                                  ","UN    ","CR",3.47]
[37956,"JOELHO CPVC, SOLDAVEL, 90 GRAUS, 22 MM, PARA AGUA QUENTE                                                                                                                                                                                                                                                                                                                                                                                                                                                  ","UN    ","CR",4.2699999999999996]
[37957,"JOELHO CPVC, SOLDAVEL, 90 GRAUS, 28 MM, PARA AGUA QUENTE                                                                                                                                                                                                                                                                                                                                                                                                                                                  ","UN    ","CR",9.08]
[37958,"JOELHO CPVC, SOLDAVEL, 90 GRAUS, 35 MM, PARA AGUA QUENTE                                                                                                                                                                                                                                                                                                                                                                                                                                                  ","UN    ","CR",16.41]
[37959,"JOELHO CPVC, SOLDAVEL, 90 GRAUS, 42 MM, PARA AGUA QUENTE                                                                                                                                                                                                                                                                                                                                                                                                                                                  ","UN    ","CR",25.27]
[37960,"JOELHO CPVC, SOLDAVEL, 90 GRAUS, 54 MM, PARA AGUA QUENTE                                                                                                                                                                                                                                                                                                                                                                                                                                                  ","UN    ","CR",64.56]
[37961,"JOELHO CPVC, SOLDAVEL, 90 GRAUS, 73 MM, PARA AGUA QUENTE                                                                                                                                                                                                                                                                                                                                                                                                                                                  ","UN    ","CR",138.75]
[37962,"JOELHO CPVC, SOLDAVEL, 90 GRAUS, 89 MM, PARA AGUA QUENTE                                                                                                                                                                                                                                                                                                                                                                                                                                                  ","UN    ","CR",159.94999999999999]
[3533,"JOELHO DE REDUCAO, PVC SOLDAVEL, 90 GRAUS, 25 MM X 20 MM, COR MARROM, PARA AGUA FRIA PREDIAL                                                                                                                                                                                                                                                                                                                                                                                                              ","UN    ","CR",2.39]
[3538,"JOELHO DE REDUCAO, PVC SOLDAVEL, 90 GRAUS, 32 MM X 25 MM, COR MARROM, PARA AGUA FRIA PREDIAL                                                                                                                                                                                                                                                                                                                                                                                                              ","UN    ","CR",4.5199999999999996]
[3498,"JOELHO DE REDUCAO, PVC, ROSCAVEL, 90 GRAUS, 1\" X 3/4\", COR BRANCA, PARA AGUA FRIA PREDIAL                                                                                                                                                                                                                                                                                                                                                                                                                 ","UN    ","CR",4.3899999999999997]
[3496,"JOELHO DE REDUCAO, PVC, ROSCAVEL, 90 GRAUS, 3/4\" X 1/2\", COR BRANCA, PARA AGUA FRIA PREDIAL                                                                                                                                                                                                                                                                                                                                                                                                               ","UN    ","CR",2.94]
[38429,"JOELHO DE TRANSICAO, CPVC, SOLDAVEL, 90 GRAUS, 15 MM X 1/2\", PARA AGUA QUENTE                                                                                                                                                                                                                                                                                                                                                                                                                             ","UN    ","CR",11.81]
[38431,"JOELHO DE TRANSICAO, CPVC, SOLDAVEL, 90 GRAUS, 22 MM X 1/2\", PARA AGUA QUENTE                                                                                                                                                                                                                                                                                                                                                                                                                             ","UN    ","CR",14.82]
[38430,"JOELHO DE TRANSICAO, CPVC, SOLDAVEL, 90 GRAUS, 22 MM X 3/4\", PARA AGUA QUENTE                                                                                                                                                                                                                                                                                                                                                                                                                             ","UN    ","CR",22.97]
[36348,"JOELHO PPR 45 GRAUS, SOLDAVEL, F/F, DN 20 MM, PARA AGUA QUENTE PREDIAL                                                                                                                                                                                                                                                                                                                                                                                                                                    ","UN    ","AS",2.1]
[36349,"JOELHO PPR 45 GRAUS, SOLDAVEL, F/F, DN 25 MM, PARA AGUA QUENTE PREDIAL                                                                                                                                                                                                                                                                                                                                                                                                                                    ","UN    ","AS",2.9]
[38987,"JOELHO PPR 45 GRAUS, SOLDAVEL, F/F, DN 40 MM, PARA AQUA QUENTE E FRIA PREDIAL                                                                                                                                                                                                                                                                                                                                                                                                                             ","UN    ","AS",13.94]
[38988,"JOELHO PPR 45 GRAUS, SOLDAVEL, F/F, DN 50 MM, PARA AQUA QUENTE E FRIA PREDIAL                                                                                                                                                                                                                                                                                                                                                                                                                             ","UN    ","AS",22.71]
[38989,"JOELHO PPR 45 GRAUS, SOLDAVEL, F/F, DN 63 MM, PARA AQUA QUENTE E FRIA PREDIAL                                                                                                                                                                                                                                                                                                                                                                                                                             ","UN    ","AS",38.22]
[38990,"JOELHO PPR 45 GRAUS, SOLDAVEL, F/F, DN 75 MM, PARA AQUA QUENTE E FRIA PREDIAL                                                                                                                                                                                                                                                                                                                                                                                                                             ","UN    ","AS",76.37]
[38991,"JOELHO PPR 45 GRAUS, SOLDAVEL, F/F, DN 90 MM, PARA AQUA QUENTE E FRIA PREDIAL                                                                                                                                                                                                                                                                                                                                                                                                                             ","UN    ","AS",137.41999999999999]
[38433,"JOELHO PPR, 45 GRAUS, SOLDAVEL, F/F, DN 32 MM, PARA AGUA QUENTE PREDIAL                                                                                                                                                                                                                                                                                                                                                                                                                                   ","UN    ","AS",7.1]
[38440,"JOELHO PPR, 90 GRAUS, SOLDAVEL, F/F, DN 110 MM, PARA AGUA QUENTE PREDIAL                                                                                                                                                                                                                                                                                                                                                                                                                                  ","UN    ","AS",299.49]
[36359,"JOELHO PPR, 90 GRAUS, SOLDAVEL, F/F, DN 20 MM, PARA AGUA QUENTE PREDIAL                                                                                                                                                                                                                                                                                                                                                                                                                                   ","UN    ","AS",1.87]
[36360,"JOELHO PPR, 90 GRAUS, SOLDAVEL, F/F, DN 25 MM, PARA AGUA QUENTE PREDIAL                                                                                                                                                                                                                                                                                                                                                                                                                                   ","UN    ","AS",2.5099999999999998]
[38434,"JOELHO PPR, 90 GRAUS, SOLDAVEL, F/F, DN 32 MM, PARA AGUA QUENTE PREDIAL                                                                                                                                                                                                                                                                                                                                                                                                                                   ","UN    ","AS",3.83]
[38435,"JOELHO PPR, 90 GRAUS, SOLDAVEL, F/F, DN 40 MM, PARA AGUA QUENTE PREDIAL                                                                                                                                                                                                                                                                                                                                                                                                                                   ","UN    ","AS",8.61]
[38436,"JOELHO PPR, 90 GRAUS, SOLDAVEL, F/F, DN 50 MM, PARA AGUA QUENTE PREDIAL                                                                                                                                                                                                                                                                                                                                                                                                                                   ","UN    ","AS",14.28]
[38437,"JOELHO PPR, 90 GRAUS, SOLDAVEL, F/F, DN 63 MM, PARA AGUA QUENTE PREDIAL                                                                                                                                                                                                                                                                                                                                                                                                                                   ","UN    ","AS",23.16]
[38438,"JOELHO PPR, 90 GRAUS, SOLDAVEL, F/F, DN 75 MM, PARA AGUA QUENTE PREDIAL                                                                                                                                                                                                                                                                                                                                                                                                                                   ","UN    ","AS",67.19]
[38439,"JOELHO PPR, 90 GRAUS, SOLDAVEL, F/F, DN 90 MM, PARA AGUA QUENTE PREDIAL                                                                                                                                                                                                                                                                                                                                                                                                                                   ","UN    ","AS",85.37]
[10836,"JOELHO PVC COM VISITA, 90 GRAUS, DN 100 X 50 MM, SERIE NORMAL, PARA ESGOTO PREDIAL                                                                                                                                                                                                                                                                                                                                                                                                                        ","UN    ","CR",17.89]
[10835,"JOELHO PVC, COM BOLSA E ANEL, 90 GRAUS, DN 40 X *38* MM, SERIE NORMAL, PARA ESGOTO PREDIAL                                                                                                                                                                                                                                                                                                                                                                                                                ","UN    ","CR",4.99]
[3475,"JOELHO PVC, ROSCAVEL, 45 GRAUS, 1/2\", COR BRANCA, PARA AGUA FRIA PREDIAL                                                                                                                                                                                                                                                                                                                                                                                                                                  ","UN    ","CR",4.1900000000000004]
[3485,"JOELHO PVC, ROSCAVEL, 45 GRAUS, 1\", COR BRANCA, PARA AGUA FRIA PREDIAL                                                                                                                                                                                                                                                                                                                                                                                                                                    ","UN    ","CR",11.58]
[3534,"JOELHO PVC, ROSCAVEL, 45 GRAUS, 3/4\", COR BRANCA, PARA AGUA FRIA PREDIAL                                                                                                                                                                                                                                                                                                                                                                                                                                  ","UN    ","CR",6.64]
[3543,"JOELHO PVC, ROSCAVEL, 90 GRAUS, 1/2\", COR BRANCA, PARA AGUA FRIA PREDIAL                                                                                                                                                                                                                                                                                                                                                                                                                                  ","UN    ","CR",1.54]
[3482,"JOELHO PVC, ROSCAVEL, 90 GRAUS, 1\", COR BRANCA, PARA AGUA FRIA PREDIAL                                                                                                                                                                                                                                                                                                                                                                                                                                    ","UN    ","CR",4.75]
[3505,"JOELHO PVC, ROSCAVEL, 90 GRAUS, 3/4\", COR BRANCA, PARA AGUA FRIA PREDIAL                                                                                                                                                                                                                                                                                                                                                                                                                                  ","UN    ","CR",2.29]
[3521,"JOELHO PVC, SOLDAVEL COM ROSCA, 90 GRAUS, 20 MM X 1/2\", COR MARROM, PARA AGUA FRIA PREDIAL                                                                                                                                                                                                                                                                                                                                                                                                                ","UN    ","CR",1.73]
[3531,"JOELHO PVC, SOLDAVEL COM ROSCA, 90 GRAUS, 25 MM X 1/2\", COR MARROM, PARA AGUA FRIA PREDIAL                                                                                                                                                                                                                                                                                                                                                                                                                ","UN    ","CR",3.29]
[3522,"JOELHO PVC, SOLDAVEL COM ROSCA, 90 GRAUS, 25 MM X 3/4\", COR MARROM, PARA AGUA FRIA PREDIAL                                                                                                                                                                                                                                                                                                                                                                                                                ","UN    ","CR",2.12]
[3527,"JOELHO PVC, SOLDAVEL COM ROSCA, 90 GRAUS, 32 MM X 3/4\", COR MARROM, PARA AGUA FRIA PREDIAL                                                                                                                                                                                                                                                                                                                                                                                                                ","UN    ","CR",11.16]
[3516,"JOELHO PVC, SOLDAVEL, BB, 45 GRAUS, DN 40 MM, PARA ESGOTO PREDIAL                                                                                                                                                                                                                                                                                                                                                                                                                                         ","UN    ","CR",2.06]
[3517,"JOELHO PVC, SOLDAVEL, BB, 90 GRAUS, SEM ANEL, DN 40 MM, PARA ESGOTO PREDIAL SECUNDARIO                                                                                                                                                                                                                                                                                                                                                                                                                    ","UN    ","CR",1.86]
[3515,"JOELHO PVC, SOLDAVEL, COM BUCHA DE LATAO, 90 GRAUS, 20 MM X 1/2\", PARA AGUA FRIA PREDIAL                                                                                                                                                                                                                                                                                                                                                                                                                  ","UN    ","CR",5.69]
[20147,"JOELHO PVC, SOLDAVEL, COM BUCHA DE LATAO, 90 GRAUS, 25 MM X 1/2\", PARA AGUA FRIA PREDIAL                                                                                                                                                                                                                                                                                                                                                                                                                  ","UN    ","CR",4.68]
[3524,"JOELHO PVC, SOLDAVEL, COM BUCHA DE LATAO, 90 GRAUS, 25 MM X 3/4\", PARA AGUA FRIA PREDIAL                                                                                                                                                                                                                                                                                                                                                                                                                  ","UN    ","CR",7.04]
[3532,"JOELHO PVC, SOLDAVEL, COM BUCHA DE LATAO, 90 GRAUS, 32 MM X 3/4\", PARA AGUA FRIA PREDIAL                                                                                                                                                                                                                                                                                                                                                                                                                  ","UN    ","CR",16.28]
[3528,"JOELHO PVC, SOLDAVEL, PB, 45 GRAUS, DN 100 MM, PARA ESGOTO PREDIAL                                                                                                                                                                                                                                                                                                                                                                                                                                        ","UN    ","CR",8.0500000000000007]
[37952,"JOELHO PVC, SOLDAVEL, PB, 45 GRAUS, DN 150 MM, PARA ESGOTO PREDIAL                                                                                                                                                                                                                                                                                                                                                                                                                                        ","UN    ","CR",57.72]
[37951,"JOELHO PVC, SOLDAVEL, PB, 45 GRAUS, DN 40 MM, PARA ESGOTO PREDIAL                                                                                                                                                                                                                                                                                                                                                                                                                                         ","UN    ","CR",2.17]
[3518,"JOELHO PVC, SOLDAVEL, PB, 45 GRAUS, DN 50 MM, PARA ESGOTO PREDIAL                                                                                                                                                                                                                                                                                                                                                                                                                                         ","UN    ","CR",3.34]
[3519,"JOELHO PVC, SOLDAVEL, PB, 45 GRAUS, DN 75 MM, PARA ESGOTO PREDIAL                                                                                                                                                                                                                                                                                                                                                                                                                                         ","UN    ","CR",6.98]
[3520,"JOELHO PVC, SOLDAVEL, PB, 90 GRAUS, DN 100 MM, PARA ESGOTO PREDIAL                                                                                                                                                                                                                                                                                                                                                                                                                                        ","UN    ","CR",7.32]
[37950,"JOELHO PVC, SOLDAVEL, PB, 90 GRAUS, DN 150 MM, PARA ESGOTO PREDIAL                                                                                                                                                                                                                                                                                                                                                                                                                                        ","UN    ","CR",53.14]
[37949,"JOELHO PVC, SOLDAVEL, PB, 90 GRAUS, DN 40 MM, PARA ESGOTO PREDIAL                                                                                                                                                                                                                                                                                                                                                                                                                                         ","UN    ","CR",1.96]
[3526,"JOELHO PVC, SOLDAVEL, PB, 90 GRAUS, DN 50 MM, PARA ESGOTO PREDIAL                                                                                                                                                                                                                                                                                                                                                                                                                                         ","UN    ","CR",2.69]
[3509,"JOELHO PVC, SOLDAVEL, PB, 90 GRAUS, DN 75 MM, PARA ESGOTO PREDIAL                                                                                                                                                                                                                                                                                                                                                                                                                                         ","UN    ","CR",6.13]
[3530,"JOELHO PVC, SOLDAVEL, 90 GRAUS, 110 MM, COR MARROM, PARA AGUA FRIA PREDIAL                                                                                                                                                                                                                                                                                                                                                                                                                                ","UN    ","CR",180.77]
[3542,"JOELHO PVC, SOLDAVEL, 90 GRAUS, 20 MM, COR MARROM, PARA AGUA FRIA PREDIAL                                                                                                                                                                                                                                                                                                                                                                                                                                 ","UN    ","CR",0.52]
[3529,"JOELHO PVC, SOLDAVEL, 90 GRAUS, 25 MM, COR MARROM, PARA AGUA FRIA PREDIAL                                                                                                                                                                                                                                                                                                                                                                                                                                 ","UN    ","CR",0.63]
[3536,"JOELHO PVC, SOLDAVEL, 90 GRAUS, 32 MM, COR MARROM, PARA AGUA FRIA PREDIAL                                                                                                                                                                                                                                                                                                                                                                                                                                 ","UN    ","CR",2.12]
[3535,"JOELHO PVC, SOLDAVEL, 90 GRAUS, 40 MM, COR MARROM, PARA AGUA FRIA PREDIAL                                                                                                                                                                                                                                                                                                                                                                                                                                 ","UN    ","CR",5.16]
[3540,"JOELHO PVC, SOLDAVEL, 90 GRAUS, 50 MM, COR MARROM, PARA AGUA FRIA PREDIAL                                                                                                                                                                                                                                                                                                                                                                                                                                 ","UN    ","CR",4.3600000000000003]
[3539,"JOELHO PVC, SOLDAVEL, 90 GRAUS, 60 MM, COR MARROM, PARA AGUA FRIA PREDIAL                                                                                                                                                                                                                                                                                                                                                                                                                                 ","UN    ","CR",25.3]
[3513,"JOELHO PVC, SOLDAVEL, 90 GRAUS, 85 MM, COR MARROM, PARA AGUA FRIA PREDIAL                                                                                                                                                                                                                                                                                                                                                                                                                                 ","UN    ","CR",89.21]
[3510,"JOELHO PVC, 90 GRAUS, ROSCAVEL, 1 1/4\", COR BRANCA, AGUA FRIA PREDIAL                                                                                                                                                                                                                                                                                                                                                                                                                                     ","UN    ","CR",11.02]
[38913,"JOELHO/COTOVELO 90 GRAUS, METALICO, PARA CONEXAO COM ANEL DESLIZANTE, DN 16 MM, EM TUBO PEX PARA INST. AGUA QUENTE/FRIA                                                                                                                                                                                                                                                                                                                                                                                   ","UN    ","AS",10.33]
[38914,"JOELHO/COTOVELO 90 GRAUS, METALICO, PARA CONEXAO COM ANEL DESLIZANTE, DN 20 MM, EM TUBO PEX PARA INST. AGUA QUENTE/FRIA                                                                                                                                                                                                                                                                                                                                                                                   ","UN    ","AS",12.69]
[38915,"JOELHO/COTOVELO 90 GRAUS, METALICO, PARA CONEXAO COM ANEL DESLIZANTE, DN 25 MM, EM TUBO PEX PARA INST. AGUA QUENTE/FRIA                                                                                                                                                                                                                                                                                                                                                                                   ","UN    ","AS",24.45]
[38916,"JOELHO/COTOVELO 90 GRAUS, METALICO, PARA CONEXAO COM ANEL DESLIZANTE, DN 32 MM, EM TUBO PEX PARA INST. AGUA QUENTE/FRIA                                                                                                                                                                                                                                                                                                                                                                                   ","UN    ","AS",33.840000000000003]
[39300,"JOELHO/COTOVELO 90 GRAUS, PLASTICO, PARA CONEXAO COM CRIMPAGEM, DN 16 MM, EM TUBO PEX PARA INST. AGUA QUENTE/FRIA                                                                                                                                                                                                                                                                                                                                                                                         ","UN    ","AS",9.2200000000000006]
[39301,"JOELHO/COTOVELO 90 GRAUS, PLASTICO, PARA CONEXAO COM CRIMPAGEM, DN 20 MM, EM TUBO PEX PARA INST. AGUA QUENTE/FRIA                                                                                                                                                                                                                                                                                                                                                                                         ","UN    ","AS",12.35]
[39302,"JOELHO/COTOVELO 90 GRAUS, PLASTICO, PARA CONEXAO COM CRIMPAGEM, DN 25 MM, EM TUBO PEX PARA INST. AGUA QUENTE/FRIA                                                                                                                                                                                                                                                                                                                                                                                         ","UN    ","AS",22.45]
[38941,"JOELHO/COTOVELO 90 GRAUS, ROSCA FEMEA MOVEL, METALICO, PARA CONEXAO COM ANEL DESLIZANTE, DN 20 MM X 3/4\", EM TUBO PEX PARA INST. AGUA QUENTE/FRIA                                                                                                                                                                                                                                                                                                                                                         ","UN    ","AS",16.670000000000002]
[38923,"JOELHO/COTOVELO 90 GRAUS, ROSCA FEMEA TERMINAL, METALICO, PARA CONEXAO COM ANEL DESLIZANTE, DN 16 MM X 1/2\", EM TUBO PEX PARA INST. AGUA QUENTE/FRIA                                                                                                                                                                                                                                                                                                                                                      ","UN    ","AS",11.06]
[38925,"JOELHO/COTOVELO 90 GRAUS, ROSCA FEMEA TERMINAL, METALICO, PARA CONEXAO COM ANEL DESLIZANTE, DN 20 MM X 1/2\", EM TUBO PEX PARA INST. AGUA QUENTE/FRIA                                                                                                                                                                                                                                                                                                                                                      ","UN    ","AS",12.83]
[38926,"JOELHO/COTOVELO 90 GRAUS, ROSCA FEMEA TERMINAL, METALICO, PARA CONEXAO COM ANEL DESLIZANTE, DN 20 MM X 3/4\", EM TUBO PEX PARA INST. AGUA QUENTE/FRIA                                                                                                                                                                                                                                                                                                                                                      ","UN    ","AS",15.22]
[38927,"JOELHO/COTOVELO 90 GRAUS, ROSCA FEMEA TERMINAL, METALICO, PARA CONEXAO COM ANEL DESLIZANTE, DN 25 MM X 3/4\", EM TUBO PEX PARA INST. AGUA QUENTE/FRIA                                                                                                                                                                                                                                                                                                                                                      ","UN    ","AS",19.22]
[39304,"JOELHO/COTOVELO 90 GRAUS, ROSCA FEMEA TERMINAL, PLASTICO, PARA CONEXAO COM CRIMPAGEM, DN 16 MM X 1/2\", EM TUBO PEX PARA INST. AGUA QUENTE/FRIA                                                                                                                                                                                                                                                                                                                                                            ","UN    ","AS",10.92]
[39305,"JOELHO/COTOVELO 90 GRAUS, ROSCA FEMEA TERMINAL, PLASTICO, PARA CONEXAO COM CRIMPAGEM, DN 20 MM X 1/2\", EM TUBO PEX PARA INST. AGUA QUENTE/FRIA                                                                                                                                                                                                                                                                                                                                                            ","UN    ","AS",11.97]
[39306,"JOELHO/COTOVELO 90 GRAUS, ROSCA FEMEA TERMINAL, PLASTICO, PARA CONEXAO COM CRIMPAGEM, DN 20 MM X 3/4\", EM TUBO PEX PARA INST. AGUA QUENTE/FRIA                                                                                                                                                                                                                                                                                                                                                            ","UN    ","AS",16.09]
[38928,"JOELHO/COTOVELO 90 GRAUS, ROSCA FEMEA TERMINAL, PLASTICO, PARA CONEXAO COM CRIMPAGEM, DN 25 MM X 1/2\", EM TUBO PEX PARA INST. AGUA QUENTE/FRIA                                                                                                                                                                                                                                                                                                                                                            ","UN    ","AS",21.27]
[38917,"JOELHO/COTOVELO 90 GRAUS, ROSCA FEMEA, COM BASE FIXA, METALICO, PARA CONEXAO COM ANEL DESLIZANTE, DN 16 MM X 1/2\", EM TUBO PEX PARA INST. AGUA QUENTE/FRIA                                                                                                                                                                                                                                                                                                                                                ","UN    ","AS",11.89]
[38919,"JOELHO/COTOVELO 90 GRAUS, ROSCA FEMEA, COM BASE FIXA, METALICO, PARA CONEXAO COM ANEL DESLIZANTE, DN 20 MM X 1/2\", EM TUBO PEX PARA INST. AGUA QUENTE/FRIA                                                                                                                                                                                                                                                                                                                                                ","UN    ","AS",13.96]
[38922,"JOELHO/COTOVELO 90 GRAUS, ROSCA FEMEA, COM BASE FIXA, METALICO, PARA CONEXAO COM ANEL DESLIZANTE, DN 25 MM X 3/4\", EM TUBO PEX PARA INST. AGUA QUENTE/FRIA                                                                                                                                                                                                                                                                                                                                                ","UN    ","AS",18.72]
[20151,"JOELHO, PVC SERIE R, 45 GRAUS, DN 100 MM, PARA ESGOTO PREDIAL                                                                                                                                                                                                                                                                                                                                                                                                                                             ","UN    ","CR",18]
[20152,"JOELHO, PVC SERIE R, 45 GRAUS, DN 150 MM, PARA ESGOTO PREDIAL                                                                                                                                                                                                                                                                                                                                                                                                                                             ","UN    ","CR",65.13]
[20148,"JOELHO, PVC SERIE R, 45 GRAUS, DN 40 MM, PARA ESGOTO PREDIAL                                                                                                                                                                                                                                                                                                                                                                                                                                              ","UN    ","CR",3.54]
[20149,"JOELHO, PVC SERIE R, 45 GRAUS, DN 50 MM, PARA ESGOTO PREDIAL                                                                                                                                                                                                                                                                                                                                                                                                                                              ","UN    ","CR",5.91]
[20150,"JOELHO, PVC SERIE R, 45 GRAUS, DN 75 MM, PARA ESGOTO PREDIAL                                                                                                                                                                                                                                                                                                                                                                                                                                              ","UN    ","CR",15.23]
[20157,"JOELHO, PVC SERIE R, 90 GRAUS, DN 100 MM, PARA ESGOTO PREDIAL                                                                                                                                                                                                                                                                                                                                                                                                                                             ","UN    ","CR",17.100000000000001]
[20158,"JOELHO, PVC SERIE R, 90 GRAUS, DN 150 MM, PARA ESGOTO PREDIAL                                                                                                                                                                                                                                                                                                                                                                                                                                             ","UN    ","CR",67.900000000000006]
[20154,"JOELHO, PVC SERIE R, 90 GRAUS, DN 40 MM, PARA ESGOTO PREDIAL                                                                                                                                                                                                                                                                                                                                                                                                                                              ","UN    ","CR",3.46]
[20155,"JOELHO, PVC SERIE R, 90 GRAUS, DN 50 MM, PARA ESGOTO PREDIAL                                                                                                                                                                                                                                                                                                                                                                                                                                              ","UN    ","CR",5.28]
[20156,"JOELHO, PVC SERIE R, 90 GRAUS, DN 75 MM, PARA ESGOTO PREDIAL                                                                                                                                                                                                                                                                                                                                                                                                                                              ","UN    ","CR",14.83]
[3499,"JOELHO, PVC SOLDAVEL, 45 GRAUS, 20 MM, COR MARROM, PARA AGUA FRIA PREDIAL                                                                                                                                                                                                                                                                                                                                                                                                                                 ","UN    ","CR",0.99]
[3500,"JOELHO, PVC SOLDAVEL, 45 GRAUS, 25 MM, COR MARROM, PARA AGUA FRIA PREDIAL                                                                                                                                                                                                                                                                                                                                                                                                                                 ","UN    ","CR",1.31]
[3501,"JOELHO, PVC SOLDAVEL, 45 GRAUS, 32 MM, COR MARROM, PARA AGUA FRIA PREDIAL                                                                                                                                                                                                                                                                                                                                                                                                                                 ","UN    ","CR",3.62]
[3502,"JOELHO, PVC SOLDAVEL, 45 GRAUS, 40 MM, COR MARROM, PARA AGUA FRIA PREDIAL                                                                                                                                                                                                                                                                                                                                                                                                                                 ","UN    ","CR",5.21]
[3503,"JOELHO, PVC SOLDAVEL, 45 GRAUS, 50 MM, COR MARROM, PARA AGUA FRIA PREDIAL                                                                                                                                                                                                                                                                                                                                                                                                                                 ","UN    ","CR",6.54]
[3477,"JOELHO, PVC SOLDAVEL, 45 GRAUS, 60 MM, COR MARROM, PARA AGUA FRIA PREDIAL                                                                                                                                                                                                                                                                                                                                                                                                                                 ","UN    ","CR",23.77]
[3478,"JOELHO, PVC SOLDAVEL, 45 GRAUS, 75 MM, COR MARROM, PARA AGUA FRIA PREDIAL                                                                                                                                                                                                                                                                                                                                                                                                                                 ","UN    ","CR",57]
[3525,"JOELHO, PVC SOLDAVEL, 45 GRAUS, 85 MM, COR MARROM, PARA AGUA FRIA PREDIAL                                                                                                                                                                                                                                                                                                                                                                                                                                 ","UN    ","CR",70.349999999999994]
[3511,"JOELHO, PVC SOLDAVEL, 90 GRAUS, 75 MM, COR MARROM, PARA AGUA FRIA PREDIAL                                                                                                                                                                                                                                                                                                                                                                                                                                 ","UN    ","CR",74.62]
[12032,"JOGO DE TRANQUETA E ROSETA QUADRADA DE SOBREPOR SEM FUROS, EM LATAO CROMADO, *50 X 50* MM, PARA FECHADURA DE PORTA DE BANHEIRO                                                                                                                                                                                                                                                                                                                                                                            ","JG    ","CR",59.8]
[12030,"JOGO DE TRANQUETA E ROSETA REDONDA DE SOBREPOR SEM FUROS, EM LATAO CROMADO, DIAMETRO *50* MM, PARA FECHADURA DE PORTA DE BANHEIRO                                                                                                                                                                                                                                                                                                                                                                         ","JG    ","CR",56.19]
[10908,"JUNCAO DE REDUCAO INVERTIDA, PVC SOLDAVEL, 100 X 50 MM, SERIE NORMAL PARA ESGOTO PREDIAL                                                                                                                                                                                                                                                                                                                                                                                                                  ","UN    ","CR",16.809999999999999]
[10909,"JUNCAO DE REDUCAO INVERTIDA, PVC SOLDAVEL, 100 X 75 MM, SERIE NORMAL PARA ESGOTO PREDIAL                                                                                                                                                                                                                                                                                                                                                                                                                  ","UN    ","CR",19.55]
[3669,"JUNCAO DE REDUCAO INVERTIDA, PVC SOLDAVEL, 75 X 50 MM, SERIE NORMAL PARA ESGOTO PREDIAL                                                                                                                                                                                                                                                                                                                                                                                                                   ","UN    ","CR",12.01]
[20139,"JUNCAO DUPLA, PVC SERIE R, DN 100 X 100 X 100 MM, PARA ESGOTO PREDIAL                                                                                                                                                                                                                                                                                                                                                                                                                                     ","UN    ","CR",103.3]
[3668,"JUNCAO DUPLA, PVC SOLDAVEL, DN 100 X 100 X 100 MM, SERIE NORMAL PARA ESGOTO PREDIAL                                                                                                                                                                                                                                                                                                                                                                                                                       ","UN    ","CR",36.9]
[10911,"JUNCAO INVERTIDA, PVC SOLDAVEL, 75 X 75 MM, SERIE NORMAL PARA ESGOTO PREDIAL                                                                                                                                                                                                                                                                                                                                                                                                                              ","UN    ","CR",16.170000000000002]
[3659,"JUNCAO SIMPLES DE REDUCAO, PVC, DN 100 X 50 MM, SERIE NORMAL PARA ESGOTO PREDIAL                                                                                                                                                                                                                                                                                                                                                                                                                          ","UN    ","CR",16.48]
[3660,"JUNCAO SIMPLES DE REDUCAO, PVC, DN 100 X 75 MM, SERIE NORMAL PARA ESGOTO PREDIAL                                                                                                                                                                                                                                                                                                                                                                                                                          ","UN    ","CR",21.31]
[20144,"JUNCAO SIMPLES, PVC SERIE R, DN 100 X 100 MM, PARA ESGOTO PREDIAL                                                                                                                                                                                                                                                                                                                                                                                                                                         ","UN    ","CR",47.73]
[20143,"JUNCAO SIMPLES, PVC SERIE R, DN 100 X 75 MM, PARA ESGOTO PREDIAL                                                                                                                                                                                                                                                                                                                                                                                                                                          ","UN    ","CR",61.06]
[20145,"JUNCAO SIMPLES, PVC SERIE R, DN 150 X 100 MM, PARA ESGOTO PREDIAL                                                                                                                                                                                                                                                                                                                                                                                                                                         ","UN    ","CR",117.79]
[20146,"JUNCAO SIMPLES, PVC SERIE R, DN 150 X 150 MM, PARA ESGOTO PREDIAL                                                                                                                                                                                                                                                                                                                                                                                                                                         ","UN    ","CR",161.02000000000001]
[20140,"JUNCAO SIMPLES, PVC SERIE R, DN 40 X 40 MM, PARA ESGOTO PREDIAL                                                                                                                                                                                                                                                                                                                                                                                                                                           ","UN    ","CR",7.55]
[20141,"JUNCAO SIMPLES, PVC SERIE R, DN 50 X 50 MM, PARA ESGOTO PREDIAL                                                                                                                                                                                                                                                                                                                                                                                                                                           ","UN    ","CR",18.5]
[20142,"JUNCAO SIMPLES, PVC SERIE R, DN 75 X 75 MM, PARA ESGOTO PREDIAL                                                                                                                                                                                                                                                                                                                                                                                                                                           ","UN    ","CR",32.54]
[3670,"JUNCAO SIMPLES, PVC, 45 GRAUS, DN 100 X 100 MM, SERIE NORMAL PARA ESGOTO PREDIAL                                                                                                                                                                                                                                                                                                                                                                                                                          ","UN    ","CR",21.16]
[3666,"JUNCAO SIMPLES, PVC, 45 GRAUS, DN 40 X 40 MM, SERIE NORMAL PARA ESGOTO PREDIAL                                                                                                                                                                                                                                                                                                                                                                                                                            ","UN    ","CR",3.33]
[3662,"JUNCAO SIMPLES, PVC, 45 GRAUS, DN 50 X 50 MM, SERIE NORMAL PARA ESGOTO PREDIAL                                                                                                                                                                                                                                                                                                                                                                                                                            ","UN    ","CR",8.68]
[3658,"JUNCAO SIMPLES, PVC, 45 GRAUS, DN 75 X 75 MM, SERIE NORMAL PARA ESGOTO PREDIAL                                                                                                                                                                                                                                                                                                                                                                                                                            ","UN    ","CR",16.45]
[14157,"JUNCAO 2 GARRAS PARA FITA PERFURADA                                                                                                                                                                                                                                                                                                                                                                                                                                                                       ","UN    ","AS",1.38]
[42696,"JUNCAO, PVC, 45 GRAUS, JE, BBB, DN 150 MM, PARA TUBO CORRUGADO E/OU LISO, REDE COLETORA DE ESGOTO                                                                                                                                                                                                                                                                                                                                                                                                         ","UN    ","CR",130.47]
[39875,"JUNTA DE EXPANSAO BRONZE/LATAO (REF 900), PONTA X PONTA, 35 MM                                                                                                                                                                                                                                                                                                                                                                                                                                            ","UN    ","AS",642.87]
[39876,"JUNTA DE EXPANSAO BRONZE/LATAO (REF 900), PONTA X PONTA, 42 MM                                                                                                                                                                                                                                                                                                                                                                                                                                            ","UN    ","AS",804.87]
[39877,"JUNTA DE EXPANSAO BRONZE/LATAO (REF 900), PONTA X PONTA, 54 MM                                                                                                                                                                                                                                                                                                                                                                                                                                            ","UN    ","AS",1116.32]
[39878,"JUNTA DE EXPANSAO BRONZE/LATAO (REF 900), PONTA X PONTA, 66 MM                                                                                                                                                                                                                                                                                                                                                                                                                                            ","UN    ","AS",1474.48]
[39872,"JUNTA DE EXPANSAO DE COBRE (REF 900), PONTA X PONTA, 15 MM                                                                                                                                                                                                                                                                                                                                                                                                                                                ","UN    ","AS",440.86]
[39873,"JUNTA DE EXPANSAO DE COBRE (REF 900), PONTA X PONTA, 22 MM                                                                                                                                                                                                                                                                                                                                                                                                                                                ","UN    ","AS",511.37]
[39874,"JUNTA DE EXPANSAO DE COBRE (REF 900), PONTA X PONTA, 28 MM                                                                                                                                                                                                                                                                                                                                                                                                                                                ","UN    ","AS",561.67999999999995]
[3674,"JUNTA DILATACAO ELASTICA PARA CONCRETO (FUGENBAND) O-12, ATE 5 MCA                                                                                                                                                                                                                                                                                                                                                                                                                                        ","M     ","AS",86.56]
[3681,"JUNTA DILATACAO ELASTICA PARA CONCRETO (FUGENBAND) O-22, ATE 30 MCA                                                                                                                                                                                                                                                                                                                                                                                                                                       ","M     ","AS",128.78]
[3676,"JUNTA DILATACAO ELASTICA PARA CONCRETO (FUGENBAND) O-35/10, ATE 100 MCA                                                                                                                                                                                                                                                                                                                                                                                                                                   ","M     ","AS",484.67]
[3679,"JUNTA DILATACAO ELASTICA PARA CONCRETO (FUGENBAND) O-35/6, ATE 100 MCA                                                                                                                                                                                                                                                                                                                                                                                                                                    ","M     ","AS",400.97]
[3672,"JUNTA PLASTICA DE DILATACAO PARA PISOS, COR CINZA, 10 X 4,5 MM (ALTURA X ESPESSURA)                                                                                                                                                                                                                                                                                                                                                                                                                       ","M     ","AS",1.36]
[3671,"JUNTA PLASTICA DE DILATACAO PARA PISOS, COR CINZA, 17 X 3 MM (ALTURA X ESPESSURA)                                                                                                                                                                                                                                                                                                                                                                                                                         ","M     ","AS",1.29]
[3673,"JUNTA PLASTICA DE DILATACAO PARA PISOS, COR CINZA, 27 X 3 MM (ALTURA X ESPESSURA)                                                                                                                                                                                                                                                                                                                                                                                                                         ","M     ","AS",2.02]
[38394,"KIT ACESSORIOS PARA COMPRESSOR DE AR, 5 PECAS (PISTOLAS PINTURA, LIMPEZA E PULVERIZACAO, CALIBRADOR E MANGUEIRA)                                                                                                                                                                                                                                                                                                                                                                                          ","UN    ","CR",362.02]
[3729,"KIT CAVALETE, PVC, COM REGISTRO, PARA HIDROMETRO, BITOLAS 1/2\" OU 3/4\" - COMPLETO                                                                                                                                                                                                                                                                                                                                                                                                                         ","UN    ","CR",121.21]
[39357,"KIT CHASSI COZINHA, CUBA SIMPLES SEM MAQUINA LAVAR LOUCA, INSTAL. PEX, QUADRO METALICO C/ TRAVESSA C/ FURO P/ESGOTO DN 50 MM E FUROS SUPERIORES P/AGUA, *340* X *650* MM (L X H), P/ CONEXAO COM ANEL DESLIZANTE (CONJUNTO COMPLETO)                                                                                                                                                                                                                                                                      ","UN    ","AS",57.26]
[39358,"KIT CHASSI COZINHA, CUBA SIMPLES SEM MAQUINA LAVAR LOUCA, INSTAL. PEX, QUADRO METALICO C/ TRAVESSA COM FURO P/ESGOTO DN 50 MM E FUROS SUPERIORES P/AGUA, *340* X *650* MM (L X H), P/ CONEXAO COM CRIMPAGEM (CONJUNTO COMPLETO)                                                                                                                                                                                                                                                                           ","UN    ","AS",57.26]
[39355,"KIT CHASSI TANQUE E MAQUINA LAVAR ROUPA, INSTAL. PEX, QUADRO METALICO C/ TRAVESSA C/ FURO P/ ESGOTO DN 50 MM, FURO LATERAL P/ MAQUINA E FUROS SUPERIORES P/ AGUA, *344* X *442* MM (L X H), P/ CONEXAO COM ANEL DESLIZANTE (CONJUNTO COMPLETO)                                                                                                                                                                                                                                                            ","UN    ","AS",83.44]
[39356,"KIT CHASSI TANQUE E MAQUINA LAVAR ROUPA, INSTAL. PEX, QUADRO METALICO C/ TRAVESSA C/ FURO P/ ESGOTO DN 50 MM, FURO LATERAL P/MAQUINA E FUROS SUPERIORES P/AGUA, *344* X *442* MM (L X H), P/ CONEXAO COM CRIMPAGEM (CONJUNTO COMPLETO)                                                                                                                                                                                                                                                                    ","UN    ","AS",79.63]
[39353,"KIT CHUVEIRO, INSTAL. PEX, QUADRO METALICO C/ 2 TRAVESSAS, SUPERIOR C/ ESPERA P/ CHUVEIRO, INFERIOR C/ 2 REGISTROS DE PRESSAO 1/2 \", *390* X *900* MM (L X H), CONEXAO COM ANEL DESLIZANTE (CONJUNTO COMPLETO)                                                                                                                                                                                                                                                                                            ","UN    ","AS",182.8]
[39354,"KIT CHUVEIRO, INSTAL. PEX, QUADRO METALICO C/2 TRAVESSAS, SUPERIOR C/ ESPERA P/ CHUVEIRO E INFERIOR C/2 REGISTROS DE PRESSAO 1/2 \", *390* X *900* MM (L X H), CONEXAO COM CRIMPAGEM (CONJUNTO COMPLETO)                                                                                                                                                                                                                                                                                                   ","UN    ","AS",385.67]
[39398,"KIT DE ACESSORIOS PARA BANHEIRO EM METAL CROMADO, 5 PECAS                                                                                                                                                                                                                                                                                                                                                                                                                                                 ","UN    ","CR",208.01]
[13343,"KIT DE MATERIAIS PARA BRACADEIRA PARA FIXACAO EM POSTE CIRCULAR, CONTEM TRES FIXADORES E UM ROLO DE FITA DE 3 M EM ACO CARBONO                                                                                                                                                                                                                                                                                                                                                                            ","UN    ","CR",69.650000000000006]
[12118,"KIT DE PROTECAO ARSTOP PARA AR CONDICIONADO, TOMADA PADRAO 2P+T 20 A, COM DISJUNTOR UNIPOLAR DIN 20A                                                                                                                                                                                                                                                                                                                                                                                                      ","UN    ","CR",21.24]
[39482,"KIT PORTA PRONTA DE MADEIRA, FOLHA LEVE (NBR 15930) DE 600 X 2100 MM OU 700 X 2100 MM, DE 35 MM A 40 MM DE ESPESSURA, COM MARCO EM ACO, NUCLEO COLMEIA, CAPA LISA EM HDF, ACABAMENTO MELAMINICO BRANCO (INCLUI MARCO, ALIZARES, DOBRADICAS E FECHADURA)                                                                                                                                                                                                                                                   ","UN    ","CR",478.18]
[39486,"KIT PORTA PRONTA DE MADEIRA, FOLHA LEVE (NBR 15930) DE 600 X 2100 MM OU 700 X 2100 MM, DE 35 MM A 40 MM DE ESPESSURA, NUCLEO COLMEIA, ESTRUTURA USINADA PARA FECHADURA, CAPA LISA EM HDF, ACABAMENTO EM PRIMER PARA PINTURA (INCLUI MARCO, ALIZARES E DOBRADICAS)                                                                                                                                                                                                                                         ","UN    ","CR",390.26]
[39484,"KIT PORTA PRONTA DE MADEIRA, FOLHA LEVE (NBR 15930) DE 800 X 2100 MM, DE 35 MM A 40 MM DE ESPESSURA, COM MARCO EM ACO, NUCLEO COLMEIA, CAPA LISA EM HDF, ACABAMENTO MELAMINICO BRANCO (INCLUI MARCO, ALIZARES, DOBRADICAS E FECHADURA)                                                                                                                                                                                                                                                                    ","UN    ","CR",478.18]
[39488,"KIT PORTA PRONTA DE MADEIRA, FOLHA LEVE (NBR 15930) DE 800 X 2100 MM, DE 35 MM A 40 MM DE ESPESSURA, NUCLEO COLMEIA, ESTRUTURA USINADA PARA FECHADURA, CAPA LISA EM HDF, ACABAMENTO EM PRIMER PARA PINTURA (INCLUI MARCO, ALIZARES E DOBRADICAS)                                                                                                                                                                                                                                                          ","UN    ","CR",396.65]
[39485,"KIT PORTA PRONTA DE MADEIRA, FOLHA LEVE (NBR 15930) DE 900 X 2100 MM, DE 35 MM A 40 MM DE ESPESSURA, COM MARCO EM ACO, NUCLEO COLMEIA, CAPA LISA EM HDF, ACABAMENTO MELAMINICO BRANCO (INCLUI MARCO, ALIZARES, DOBRADICAS E FECHADURA)                                                                                                                                                                                                                                                                    ","UN    ","CR",478.18]
[39489,"KIT PORTA PRONTA DE MADEIRA, FOLHA LEVE (NBR 15930) DE 900 X 2100 MM, DE 35 MM A 40 MM DE ESPESSURA, NUCLEO COLMEIA, ESTRUTURA USINADA PARA FECHADURA, CAPA LISA EM HDF, ACABAMENTO EM PRIMER PARA PINTURA (INCLUI MARCO, ALIZARES E DOBRADICAS)                                                                                                                                                                                                                                                          ","UN    ","CR",403.37]
[39490,"KIT PORTA PRONTA DE MADEIRA, FOLHA MEDIA (NBR 15930) DE 600 X 2100 MM OU 700 X 2100 MM, DE 35 MM A 40 MM DE ESPESSURA, NUCLEO SEMI-SOLIDO (SARRAFEADO), ESTRUTURA USINADA PARA FECHADURA, CAPA LISA EM HDF, ACABAMENTO MELAMINICO BRANCO (INCLUI MARCO, ALIZARES E DOBRADICAS)                                                                                                                                                                                                                            ","UN    ","CR",601.08000000000004]
[39494,"KIT PORTA PRONTA DE MADEIRA, FOLHA MEDIA (NBR 15930) DE 600 X 2100 MM, DE 35 MM A 40 MM DE ESPESSURA, NUCLEO SEMI-SOLIDO (SARRAFEADO), ESTRUTURA USINADA PARA FECHADURA, CAPA LISA EM HDF, ACABAMENTO EM PRIMER PARA PINTURA (INCLUI MARCO, ALIZARES E DOBRADICAS)                                                                                                                                                                                                                                        ","UN    ","CR",431.62]
[39495,"KIT PORTA PRONTA DE MADEIRA, FOLHA MEDIA (NBR 15930) DE 700 X 2100 MM, DE 35 MM A 40 MM DE ESPESSURA, NUCLEO SEMI-SOLIDO (SARRAFEADO), ESTRUTURA USINADA PARA FECHADURA, CAPA LISA EM HDF, ACABAMENTO EM PRIMER PARA PINTURA (INCLUI MARCO, ALIZARES E DOBRADICAS)                                                                                                                                                                                                                                        ","UN    ","CR",486.38]
[39496,"KIT PORTA PRONTA DE MADEIRA, FOLHA MEDIA (NBR 15930) DE 800 X 2100 MM, DE 35 MM A 40 MM DE ESPESSURA, NUCLEO SEMI-SOLIDO (SARRAFEADO), ESTRUTURA USINADA PARA FECHADURA, CAPA LISA EM HDF, ACABAMENTO EM PRIMER PARA PINTURA (INCLUI MARCO, ALIZARES E DOBRADICAS)                                                                                                                                                                                                                                        ","UN    ","CR",535.02]
[39492,"KIT PORTA PRONTA DE MADEIRA, FOLHA MEDIA (NBR 15930) DE 800 X 2100 MM, DE 35 MM A 40 MM DE ESPESSURA, NUCLEO SEMI-SOLIDO (SARRAFEADO), ESTRUTURA USINADA PARA FECHADURA, CAPA LISA EM HDF, ACABAMENTO MELAMINICO BRANCO (INCLUI MARCO, ALIZARES E DOBRADICAS)                                                                                                                                                                                                                                             ","UN    ","CR",619.41]
[39497,"KIT PORTA PRONTA DE MADEIRA, FOLHA MEDIA (NBR 15930) DE 900 X 2100 MM, DE 35 MM A 40 MM DE ESPESSURA, NUCLEO SEMI-SOLIDO (SARRAFEADO), ESTRUTURA USINADA PARA FECHADURA, CAPA LISA EM HDF, ACABAMENTO EM PRIMER PARA PINTURA (INCLUI MARCO, ALIZARES E DOBRADICAS)                                                                                                                                                                                                                                        ","UN    ","CR",559.49]
[39493,"KIT PORTA PRONTA DE MADEIRA, FOLHA MEDIA (NBR 15930) DE 900 X 2100 MM, DE 35 MM A 40 MM DE ESPESSURA, NUCLEO SEMI-SOLIDO (SARRAFEADO), ESTRUTURA USINADA PARA FECHADURA, CAPA LISA EM HDF, ACABAMENTO MELAMINICO BRANCO (INCLUI MARCO, ALIZARES E DOBRADICAS)                                                                                                                                                                                                                                             ","UN    ","CR",664.37]
[43628,"KIT PORTA PRONTA DE MADEIRA, FOLHA PESADA (NBR 15930) DE 800 X 2100 MM, DE 40 MM A 45 MM DE ESPESSURA, COM MARCO EM ACO, NUCLEO SOLIDO, CAPA LISA EM HDF, ACABAMENTO MELAMINICO BRANCO (INCLUI MARCO, ALIZARES, DOBRADICAS E FECHADURA)                                                                                                                                                                                                                                                                   ","UN    ","CR",704.68]
[39500,"KIT PORTA PRONTA DE MADEIRA, FOLHA PESADA (NBR 15930) DE 800 X 2100 MM, DE 40 MM A 45 MM DE ESPESSURA, NUCLEO SOLIDO, CAPA LISA EM HDF, ACABAMENTO MELAMINICO BRANCO (INCLUI MARCO, ALIZARES, DOBRADICAS E FECHADURA EXTERNA)                                                                                                                                                                                                                                                                             ","UN    ","CR",724.89]
[39498,"KIT PORTA PRONTA DE MADEIRA, FOLHA PESADA (NBR 15930) DE 800 X 2100 MM, DE 40 MM A 45 MM DE ESPESSURA, NUCLEO SOLIDO, ESTRUTURA USINADA PARA FECHADURA, CAPA LISA EM HDF, ACABAMENTO EM LAMINADO NATURAL COM VERNIZ (INCLUI MARCO, ALIZARES E DOBRADICAS)                                                                                                                                                                                                                                                 ","UN    ","CR",894.03]
[43621,"KIT PORTA PRONTA DE MADEIRA, FOLHA PESADA (NBR 15930) DE 900 X 2100 MM, DE 40 MM A 45 MM DE ESPESSURA, COM MARCO EM ACO, NUCLEO SOLIDO, CAPA LISA EM HDF, ACABAMENTO MELAMINICO BRANCO (INCLUI MARCO, ALIZARES, DOBRADICAS E FECHADURA)                                                                                                                                                                                                                                                                   ","UN    ","CR",748.73]
[39501,"KIT PORTA PRONTA DE MADEIRA, FOLHA PESADA (NBR 15930) DE 900 X 2100 MM, DE 40 MM A 45 MM DE ESPESSURA, NUCLEO SOLIDO, CAPA LISA EM HDF, ACABAMENTO MELAMINICO BRANCO (INCLUI MARCO, ALIZARES, DOBRADICAS E FECHADURA EXTERNA)                                                                                                                                                                                                                                                                             ","UN    ","CR",744.52]
[39499,"KIT PORTA PRONTA DE MADEIRA, FOLHA PESADA (NBR 15930) DE 900 X 2100 MM, DE 40 MM A 45 MM DE ESPESSURA, NUCLEO SOLIDO, ESTRUTURA USINADA PARA FECHADURA, CAPA LISA EM HDF, ACABAMENTO EM LAMINADO NATURAL COM VERNIZ (INCLUI MARCO, ALIZARES E DOBRADICAS)                                                                                                                                                                                                                                                 ","UN    ","CR",906.72]
[3733,"LADRILHO HIDRAULICO, *20 X 20* CM, E= 2 CM, PADRAO COPACABANA, 2 CORES (PRETO E BRANCO)                                                                                                                                                                                                                                                                                                                                                                                                                   ","M2    ","AS",80.8]
[3731,"LADRILHO HIDRAULICO, *20 X 20* CM, E= 2 CM, PADRAO DADOS, COR NATURAL                                                                                                                                                                                                                                                                                                                                                                                                                                     ","M2    ","AS",75]
[38137,"LADRILHO HIDRAULICO, *25 X 25* CM, E= 2 CM, PADRAO RAMPA, COR NATURAL                                                                                                                                                                                                                                                                                                                                                                                                                                     ","M2    ","AS",75.44]
[38138,"LADRILHO HIDRAULICO, *30 X 30* CM, E= 2 CM, PADRAO MILANO, COR NATURAL                                                                                                                                                                                                                                                                                                                                                                                                                                    ","M2    ","AS",74.08]
[3736,"LAJE PRE-MOLDADA CONVENCIONAL (LAJOTAS + VIGOTAS) PARA FORRO, UNIDIRECIONAL, SOBRECARGA DE 100 KG/M2, VAO ATE 4,00 M (SEM COLOCACAO)                                                                                                                                                                                                                                                                                                                                                                      ","M2    ","C ",72.25]
[3741,"LAJE PRE-MOLDADA CONVENCIONAL (LAJOTAS + VIGOTAS) PARA FORRO, UNIDIRECIONAL, SOBRECARGA DE 100 KG/M2, VAO ATE 4,50 M (SEM COLOCACAO)                                                                                                                                                                                                                                                                                                                                                                      ","M2    ","CR",75.31]
[3745,"LAJE PRE-MOLDADA CONVENCIONAL (LAJOTAS + VIGOTAS) PARA FORRO, UNIDIRECIONAL, SOBRECARGA 100 KG/M2, VAO ATE 5,00 M (SEM COLOCACAO)                                                                                                                                                                                                                                                                                                                                                                         ","M2    ","CR",81.209999999999994]
[3743,"LAJE PRE-MOLDADA CONVENCIONAL (LAJOTAS + VIGOTAS) PARA PISO, UNIDIRECIONAL, SOBRECARGA DE 200 KG/M2, VAO ATE 3,50 M (SEM COLOCACAO)                                                                                                                                                                                                                                                                                                                                                                       ","M2    ","CR",75.05]
[3744,"LAJE PRE-MOLDADA CONVENCIONAL (LAJOTAS + VIGOTAS) PARA PISO, UNIDIRECIONAL, SOBRECARGA DE 200 KG/M2, VAO ATE 4,50 M (SEM COLOCACAO)                                                                                                                                                                                                                                                                                                                                                                       ","M2    ","CR",82.61]
[3739,"LAJE PRE-MOLDADA CONVENCIONAL (LAJOTAS + VIGOTAS) PARA PISO, UNIDIRECIONAL, SOBRECARGA DE 200 KG/M2, VAO ATE 5,00 M (SEM COLOCACAO)                                                                                                                                                                                                                                                                                                                                                                       ","M2    ","CR",86.81]
[3737,"LAJE PRE-MOLDADA CONVENCIONAL (LAJOTAS + VIGOTAS) PARA PISO, UNIDIRECIONAL, SOBRECARGA DE 350 KG/M2, VAO ATE 4,50 M (SEM COLOCACAO)                                                                                                                                                                                                                                                                                                                                                                       ","M2    ","CR",91.01]
[3738,"LAJE PRE-MOLDADA CONVENCIONAL (LAJOTAS + VIGOTAS) PARA PISO, UNIDIRECIONAL, SOBRECARGA DE 350 KG/M2, VAO ATE 5,00 M (SEM COLOCACAO)                                                                                                                                                                                                                                                                                                                                                                       ","M2    ","CR",105.01]
[3747,"LAJE PRE-MOLDADA CONVENCIONAL (LAJOTAS + VIGOTAS) PARA PISO, UNIDIRECIONAL, SOBRECARGA 350 KG/M2 VAO ATE 3,50 M (SEM COLOCACAO)                                                                                                                                                                                                                                                                                                                                                                           ","M2    ","CR",82.61]
[11649,"LAJE PRE-MOLDADA DE TRANSICAO EXCENTRICA EM CONCRETO ARMADO, DN 1200 MM, FURO CIRCULAR DN 600 MM, ESPESSURA 12 CM                                                                                                                                                                                                                                                                                                                                                                                         ","UN    ","CR",599.28]
[11650,"LAJE PRE-MOLDADA DE TRANSICAO EXCENTRICA EM CONCRETO ARMADO, DN 1500 MM, FURO CIRCULAR DN 530 MM, ESPESSURA 15 CM                                                                                                                                                                                                                                                                                                                                                                                         ","UN    ","CR",1021.44]
[3742,"LAJE PRE-MOLDADA TRELICADA (LAJOTAS + VIGOTAS) PARA FORRO, UNIDIRECIONAL, SOBRECARGA DE 100 KG/M2, VAO ATE 6,00 M (SEM COLOCACAO)                                                                                                                                                                                                                                                                                                                                                                         ","M2    ","CR",108.93]
[3746,"LAJE PRE-MOLDADA TRELICADA (LAJOTAS + VIGOTAS) PARA PISO, UNIDIRECIONAL, SOBRECARGA DE 200 KG/M2, VAO ATE 6,00 M (SEM COLOCACAO)                                                                                                                                                                                                                                                                                                                                                                          ","M2    ","CR",127.19]
[21106,"LAMBRI EM ALUMINIO, DE APROXIMADAMENTE 0,6 KG/M, COM APROXIMADAMENTE 168,0 MM DE LARGURA, 6,0 MM DE ALTURA E 6,0 M DE EXTENSAO                                                                                                                                                                                                                                                                                                                                                                            ","KG    ","CR",49.91]
[39388,"LAMPADA LED TIPO DICROICA BIVOLT, LUZ BRANCA, 5 W (BASE GU10)                                                                                                                                                                                                                                                                                                                                                                                                                                             ","UN    ","CR",9.7100000000000009]
[39387,"LAMPADA LED TUBULAR BIVOLT 18/20 W, BASE G13                                                                                                                                                                                                                                                                                                                                                                                                                                                              ","UN    ","CR",15.14]
[39386,"LAMPADA LED TUBULAR BIVOLT 9/10 W, BASE G13                                                                                                                                                                                                                                                                                                                                                                                                                                                               ","UN    ","CR",10.56]
[38194,"LAMPADA LED 10 W BIVOLT BRANCA, FORMATO TRADICIONAL (BASE E27)                                                                                                                                                                                                                                                                                                                                                                                                                                            ","UN    ","C ",7.9]
[38193,"LAMPADA LED 6 W BIVOLT BRANCA, FORMATO TRADICIONAL (BASE E27)                                                                                                                                                                                                                                                                                                                                                                                                                                             ","UN    ","CR",6.86]
[746,"LAVADORA DE ALTA PRESSAO (LAVA - JATO) PARA AGUA FRIA, PRESSAO DE OPERACAO ENTRE 1400 E 1900 LIB/POL2, VAZAO MAXIMA ENTRE 400 E 700 L/H, POTENCIA DE OPERACAO ENTRE 2,50 E 3,00 CV                                                                                                                                                                                                                                                                                                                        ","UN    ","C ",1794.95]
[20269,"LAVATORIO / CUBA DE EMBUTIR, OVAL, DE LOUCA BRANCA, SEM LADRAO, DIMENSOES *50 X 35* CM (L X C)                                                                                                                                                                                                                                                                                                                                                                                                            ","UN    ","CR",93.95]
[20270,"LAVATORIO / CUBA DE EMBUTIR, OVAL, DE LOUCA COLORIDA, SEM LADRAO, DIMENSOES *50 X 35* CM (L X C)                                                                                                                                                                                                                                                                                                                                                                                                          ","UN    ","CR",103.81]
[11696,"LAVATORIO / CUBA DE SOBREPOR, OVAL PEQUENA, DE LOUCA BRANCA, SEM LADRAO, DIMENSOES *44 X 31* CM (L X C)                                                                                                                                                                                                                                                                                                                                                                                                   ","UN    ","CR",166.18]
[10427,"LAVATORIO / CUBA DE SOBREPOR, RETANGULAR, DE LOUCA BRANCA, COM LADRAO, DIMENSOES *52 X 45* CM (L X C)                                                                                                                                                                                                                                                                                                                                                                                                     ","UN    ","CR",465.04]
[10428,"LAVATORIO / CUBA DE SOBREPOR, RETANGULAR, DE LOUCA COLORIDA, COM LADRAO, DIMENSOES *52 X 45* CM (L X C)                                                                                                                                                                                                                                                                                                                                                                                                   ","UN    ","CR",479.13]
[36521,"LAVATORIO DE CANTO DE LOUCA BRANCA, SUSPENSO (SEM COLUNA), DIMENSOES *40 X 30* CM (L X C)                                                                                                                                                                                                                                                                                                                                                                                                                 ","UN    ","CR",149.5]
[36794,"LAVATORIO DE LOUCA BRANCA, COM COLUNA, DIMENSOES *44 X 35* CM (L X C)                                                                                                                                                                                                                                                                                                                                                                                                                                     ","UN    ","CR",159.15]
[10426,"LAVATORIO DE LOUCA BRANCA, COM COLUNA, DIMENSOES *54 X 44* CM (L X C)                                                                                                                                                                                                                                                                                                                                                                                                                                     ","UN    ","CR",178.22]
[10425,"LAVATORIO DE LOUCA BRANCA, SUSPENSO (SEM COLUNA), DIMENSOES *40 X 30* CM                                                                                                                                                                                                                                                                                                                                                                                                                                  ","UN    ","CR",90.41]
[10431,"LAVATORIO DE LOUCA COLORIDA, COM COLUNA, DIMENSOES *54 X 44* CM (L X C)                                                                                                                                                                                                                                                                                                                                                                                                                                   ","UN    ","CR",309.54000000000002]
[10429,"LAVATORIO DE LOUCA COLORIDA, SUSPENSO (SEM COLUNA), DIMENSOES *40 X 30* CM (L X C)                                                                                                                                                                                                                                                                                                                                                                                                                        ","UN    ","CR",152.69999999999999]
[10853,"LETRA ACO INOX (AISI 304), CHAPA NUM. 22, RECORTADO, H= 20 CM (SEM RELEVO)                                                                                                                                                                                                                                                                                                                                                                                                                                ","UN    ","CR",101.38]
[5093,"LEVANTADOR DE JANELA GUILHOTINA, EM LATAO CROMADO                                                                                                                                                                                                                                                                                                                                                                                                                                                         ","PAR   ","CR",19]
[44331,"LIMPA VIDROS COM PULVERIZADOR                                                                                                                                                                                                                                                                                                                                                                                                                                                                             ","L     ","CR",64]
[37768,"LIMPADORA A SUCCAO, TANQUE 12000 L, BASCULAMENTO HIDRAULICO, BOMBA 12 M3/MIN 95% VACUO (INCLUI MONTAGEM, NAO INCLUI CAMINHAO)                                                                                                                                                                                                                                                                                                                                                                             ","UN    ","AS",295000]
[37773,"LIMPADORA DE SUCCAO TANQUE 7000 L, BOMBA 12 M3/MIN 95% VACUO (INCLUI MONTAGEM, NAO INCLUI CAMINHAO)                                                                                                                                                                                                                                                                                                                                                                                                       ","UN    ","AS",250504.73]
[37769,"LIMPADORA DE SUCCAO, TANQUE 11000 L, BOMBA 340 M3/MIN (INCLUI MONTAGEM, NAO INCLUI CAMINHAO)                                                                                                                                                                                                                                                                                                                                                                                                              ","UN    ","AS",419376.48]
[37770,"LIMPADORA DE SUCCAO, TANQUE 5500 L, BOMBA 60M3/MIN, VACUO 500 MBAR (INCLUI MONTAGEM, NAO INCLUI CAMINHAO)                                                                                                                                                                                                                                                                                                                                                                                                 ","UN    ","AS",711748.8]
[38382,"LINHA DE PEDREIRO LISA 100 M                                                                                                                                                                                                                                                                                                                                                                                                                                                                              ","UN    ","CR",13.17]
[38383,"LIXA D'AGUA EM FOLHA, GRAO 100                                                                                                                                                                                                                                                                                                                                                                                                                                                                            ","UN    ","CR",2.46]
[3768,"LIXA EM FOLHA PARA FERRO, NUMERO 150                                                                                                                                                                                                                                                                                                                                                                                                                                                                      ","UN    ","CR",2.38]
[3767,"LIXA EM FOLHA PARA PAREDE OU MADEIRA, NUMERO 120, COR VERMELHA                                                                                                                                                                                                                                                                                                                                                                                                                                            ","UN    ","CR",0.79]
[13192,"LIXADEIRA ELETRICA ANGULAR PARA CONCRETO, POTENCIA 1.400 W, PRATO DIAMANTADO DE 5\"                                                                                                                                                                                                                                                                                                                                                                                                                        ","UN    ","CR",5485.81]
[38413,"LIXADEIRA ELETRICA ANGULAR, PARA DISCO DE 7\" (180 MM), POTENCIA DE 2.200 W, *5.000* RPM, 220 V                                                                                                                                                                                                                                                                                                                                                                                                            ","UN    ","CR",907.27]
[42440,"LIXEIRA DUPLA, COM CAPACIDADE VOLUMETRICA DE 60L*, FABRICADA EM TUBO DE ACO CARBONO, CESTOS EM CHAPA DE ACO E PINTURA NO PROCESSO ELETROSTATICO - PARA ACADEMIA AO AR LIVRE / ACADEMIA DA TERCEIRA IDADE - ATI                                                                                                                                                                                                                                                                                            ","UN    ","AS",1235.9100000000001]
[20193,"LOCACAO DE ANDAIME METALICO TIPO FACHADEIRO, PECAS COM APROXIMADAMENTE 1,20 M DE LARGURA E 2,0 M DE ALTURA, INCLUINDO DIAGONAIS EM X, BARRAS DE LIGACAO, SAPATAS E DEMAIS ITENS NECESSARIOS A MONTAGEM (NAO INCLUI INSTALACAO)                                                                                                                                                                                                                                                                            ","M2XMES","CR",22.5]
[10527,"LOCACAO DE ANDAIME METALICO TUBULAR DE ENCAIXE, TIPO DE TORRE, CADA PAINEL COM LARGURA DE 1 ATE 1,5 M E ALTURA DE *1,00* M, INCLUINDO DIAGONAL, BARRAS DE LIGACAO, SAPATAS OU RODIZIOS E DEMAIS ITENS NECESSARIOS A MONTAGEM (NAO INCLUI INSTALACAO)                                                                                                                                                                                                                                                      ","MXMES ","C ",30]
[41805,"LOCACAO DE ANDAIME SUSPENSO OU BALANCIM MANUAL, CAPACIDADE DE CARGA TOTAL DE APROXIMADAMENTE 250 KG/M2, PLATAFORMA DE 1,50 M X 0,80 M (C X L), CABO DE 45 M                                                                                                                                                                                                                                                                                                                                               ","MES   ","CR",862.5]
[40271,"LOCACAO DE APRUMADOR METALICO DE PILAR, COM ALTURA E ANGULO REGULAVEIS, EXTENSAO DE *1,50* A *2,80* M                                                                                                                                                                                                                                                                                                                                                                                                     ","UNXMES","CR",22.96]
[40287,"LOCACAO DE BARRA DE ANCORAGEM DE 0,80 A 1,20 M DE EXTENSAO, COM ROSCA DE 5/8\", INCLUINDO PORCA E FLANGE                                                                                                                                                                                                                                                                                                                                                                                                   ","MES   ","CR",8.84]
[4084,"LOCACAO DE BOMBA SUBMERSIVEL PARA DRENAGEM E ESGOTAMENTO, MOTOR ELETRICO TRIFASICO, POTENCIA DE 1 CV, DIAMETRO DE RECALQUE DE 2\". FAIXA DE OPERACAO Q=25 M3/H (+ OU - 1 M3/H) E AMT=2 M, Q=12 M3/H (+ OU - 2 M3/H) E AMT = 12 M (+ OU - 2 M)                                                                                                                                                                                                                                                              ","H     ","CR",2.1800000000000002]
[743,"LOCACAO DE BOMBA SUBMERSIVEL PARA DRENAGEM E ESGOTAMENTO, MOTOR ELETRICO TRIFASICO, POTENCIA DE 2 CV, DIAMETRO DE RECALQUE DE 2\", FAIXA DE OPERACAO Q=35 M3/H (+ OU - 3 M3/H) E AMT=2 M, Q=13 M3/H (+ OU - 3 M3/H) E AMT = 17 M (+ OU - 3 M)                                                                                                                                                                                                                                                              ","H     ","C ",2.1800000000000002]
[40293,"LOCACAO DE BOMBA SUBMERSIVEL PARA DRENAGEM E ESGOTAMENTO, MOTOR ELETRICO TRIFASICO, POTENCIA DE 2 CV, DIAMETRO DE RECALQUE DE 3\". FAIXA DE OPERACAO Q=70 M3/H (+ OU - 2 M3/H) E AMT=2 M, Q=9,5 M3/H (+ OU - 3,5 M3/H) E AMT = 10 M (+ OU - 2 M)                                                                                                                                                                                                                                                           ","H     ","CR",2.61]
[40294,"LOCACAO DE BOMBA SUBMERSIVEL PARA DRENAGEM E ESGOTAMENTO, MOTOR ELETRICO TRIFASICO, POTENCIA DE 3 CV, DIAMETRO DE RECALQUE DE 2\", FAIXA DE OPERACAO Q=84 M3/H (+ OU - 2,5 M3/H) E AMT=2 M, Q=9,1 M3/H (+ OU - 2 M3/H) E AMT = 12 M (+ OU - 2 M)                                                                                                                                                                                                                                                           ","H     ","CR",2.1800000000000002]
[4085,"LOCACAO DE BOMBA SUBMERSIVEL PARA DRENAGEM E ESGOTAMENTO, MOTOR ELETRICO TRIFASICO, POTENCIA DE 4 CV, DIAMETRO DE RECALQUE DE 3\". FAIXA DE OPERACAO Q=60 M3/H (+ OU - 1 M3/H) E AMT=2 M, Q=11 M3/H (+ OU - 1 M3/H) E AMT = 23 M (+ OU - 1 M)                                                                                                                                                                                                                                                              ","H     ","CR",3.05]
[10779,"LOCACAO DE CONTAINER 2,30 X 4,30 M, ALT. 2,50 M, P/ SANITARIO, C/ 5 BACIAS, 1 LAVATORIO E 4 MICTORIOS (NAO INCLUI MOBILIZACAO/DESMOBILIZACAO)                                                                                                                                                                                                                                                                                                                                                             ","MES   ","AS",1040.6199999999999]
[10777,"LOCACAO DE CONTAINER 2,30 X 4,30 M, ALT. 2,50 M, PARA SANITARIO, COM 3 BACIAS, 4 CHUVEIROS, 1 LAVATORIO E 1 MICTORIO (NAO INCLUI MOBILIZACAO/DESMOBILIZACAO)                                                                                                                                                                                                                                                                                                                                              ","MES   ","AS",945.23]
[10775,"LOCACAO DE CONTAINER 2,30 X 6,00 M, ALT. 2,50 M, COM 1 SANITARIO, PARA ESCRITORIO, COMPLETO, SEM DIVISORIAS INTERNAS (NAO INCLUI MOBILIZACAO/DESMOBILIZACAO)                                                                                                                                                                                                                                                                                                                                              ","MES   ","AS",832.5]
[10776,"LOCACAO DE CONTAINER 2,30 X 6,00 M, ALT. 2,50 M, PARA ESCRITORIO, SEM DIVISORIAS INTERNAS E SEM SANITARIO (NAO INCLUI MOBILIZACAO/DESMOBILIZACAO)                                                                                                                                                                                                                                                                                                                                                         ","MES   ","AS",650.39]
[10778,"LOCACAO DE CONTAINER 2,30 X 6,00 M, ALT. 2,50 M, PARA SANITARIO, COM 4 BACIAS, 8 CHUVEIROS,1 LAVATORIO E 1 MICTORIO (NAO INCLUI MOBILIZACAO/DESMOBILIZACAO)                                                                                                                                                                                                                                                                                                                                               ","MES   ","AS",1040.6199999999999]
[40339,"LOCACAO DE CRUZETA, SIMPLES, PARA ESCORA METALICA, COMPRIMENTO ENTRE 50 A 60 CM, PARA ESCORA DE 1,80 A 3,20 METROS E TUBO EXTERNO ATE 48 MM DE DIAMETRO                                                                                                                                                                                                                                                                                                                                                   ","UNXMES","CR",8.0500000000000007]
[10749,"LOCACAO DE ESCORA METALICA TELESCOPICA, COM ALTURA REGULAVEL DE *1,80* A *3,20* M, COM CAPACIDADE DE CARGA DE NO MINIMO 1000 KGF (10 KN), INCLUSO TRIPE E FORCADO                                                                                                                                                                                                                                                                                                                                         ","UNXMES","CR",26.62]
[40290,"LOCACAO DE FORMA PLASTICA PARA LAJE NERVURADA, DIMENSOES *60* X *60* X *16* CM                                                                                                                                                                                                                                                                                                                                                                                                                            ","UNXMES","CR",14.4]
[3346,"LOCACAO DE GRUPO GERADOR *80 A 125* KVA, MOTOR DIESEL, REBOCAVEL, ACIONAMENTO MANUAL                                                                                                                                                                                                                                                                                                                                                                                                                      ","H     ","C ",20.7]
[3348,"LOCACAO DE GRUPO GERADOR ACIMA DE * 125 ATE 180* KVA, MOTOR DIESEL, REBOCAVEL, ACIONAMENTO MANUAL                                                                                                                                                                                                                                                                                                                                                                                                         ","H     ","CR",24.76]
[39833,"LOCACAO DE GRUPO GERADOR DE *260* KVA, DIESEL REBOCAVEL, ACIONAMENTO MANUAL                                                                                                                                                                                                                                                                                                                                                                                                                               ","H     ","CR",33.92]
[7252,"LOCACAO DE NIVEL OPTICO, COM PRECISAO DE 0,7 MM, AUMENTO DE 32X                                                                                                                                                                                                                                                                                                                                                                                                                                           ","H     ","AS",2.34]
[7247,"LOCACAO DE TEODOLITO ELETRONICO, PRECISAO ANGULAR DE 5 A 7 SEGUNDOS, INCLUINDO TRIPE                                                                                                                                                                                                                                                                                                                                                                                                                      ","H     ","AS",2.34]
[40291,"LOCACAO DE TORRE METALICA COMPLETA PARA UMA CARGA DE 8 TF (80 KN) E PE DIREITO DE 6 M, INCLUINDO MODULOS, DIAGONAIS, SAPATAS E FORCADOS                                                                                                                                                                                                                                                                                                                                                                   ","UNXMES","CR",750]
[40275,"LOCACAO DE VIGA SANDUICHE METALICA VAZADA PARA TRAVAMENTO DE PILARES, ALTURA DE *8* CM, LARGURA DE *6* CM E EXTENSAO DE 2 M                                                                                                                                                                                                                                                                                                                                                                               ","UNXMES","CR",24]
[42408,"LONA PLASTICA EXTRA FORTE PRETA, E = 200 MICRA                                                                                                                                                                                                                                                                                                                                                                                                                                                            ","M2    ","CR",1.83]
[3777,"LONA PLASTICA PESADA PRETA, E = 150 MICRA                                                                                                                                                                                                                                                                                                                                                                                                                                                                 ","M2    ","C ",1.32]
[44699,"LUBRIFICANTE REDUTOR DE TORQUE E ARRASTO DE ALTO DESEMPENHO, PARA PERFURACAO HORIZONTAL DIRECIONAL, HDD                                                                                                                                                                                                                                                                                                                                                                                                   ","KG    ","CR",47.75]
[3798,"LUMINARIA ABERTA P/ ILUMINACAO PUBLICA, TIPO X-57 PETERCO OU EQUIV                                                                                                                                                                                                                                                                                                                                                                                                                                        ","UN    ","AS",83.57]
[38769,"LUMINARIA ARANDELA TIPO MEIA-LUA COM VIDRO FOSCO *30 X 15* CM, PARA 1 LAMPADA, BASE E27, POTENCIA MAXIMA 40/60 W (NAO INCLUI LAMPADA)                                                                                                                                                                                                                                                                                                                                                                     ","UN    ","AS",65.27]
[38774,"LUMINARIA DE EMERGENCIA 30 LEDS, POTENCIA 2 W, BATERIA DE LITIO, AUTONOMIA DE 6 HORAS                                                                                                                                                                                                                                                                                                                                                                                                                     ","UN    ","CR",19.84]
[42247,"LUMINARIA DE LED PARA ILUMINACAO PUBLICA, DE 138 W ATE 180 W, INVOLUCRO EM ALUMINIO OU ACO INOX                                                                                                                                                                                                                                                                                                                                                                                                           ","UN    ","CR",677.41]
[42248,"LUMINARIA DE LED PARA ILUMINACAO PUBLICA, DE 181 W ATE 239 W, INVOLUCRO EM ALUMINIO OU ACO INOX                                                                                                                                                                                                                                                                                                                                                                                                           ","UN    ","CR",786.87]
[42249,"LUMINARIA DE LED PARA ILUMINACAO PUBLICA, DE 240 W ATE 350 W, INVOLUCRO EM ALUMINIO OU ACO INOX                                                                                                                                                                                                                                                                                                                                                                                                           ","UN    ","CR",1303.56]
[42244,"LUMINARIA DE LED PARA ILUMINACAO PUBLICA, DE 33 W ATE 50 W, INVOLUCRO EM ALUMINIO OU ACO INOX                                                                                                                                                                                                                                                                                                                                                                                                             ","UN    ","CR",203.58]
[42245,"LUMINARIA DE LED PARA ILUMINACAO PUBLICA, DE 51 W ATE 67 W, INVOLUCRO EM ALUMINIO OU ACO INOX                                                                                                                                                                                                                                                                                                                                                                                                             ","UN    ","CR",375.66]
[42246,"LUMINARIA DE LED PARA ILUMINACAO PUBLICA, DE 68 W ATE 97 W, INVOLUCRO EM ALUMINIO OU ACO INOX                                                                                                                                                                                                                                                                                                                                                                                                             ","UN    ","CR",415.84]
[42243,"LUMINARIA DE LED PARA ILUMINACAO PUBLICA, DE 98 W ATE 137 W, INVOLUCRO EM ALUMINIO OU ACO INOX                                                                                                                                                                                                                                                                                                                                                                                                            ","UN    ","CR",501.43]
[38889,"LUMINARIA DE SOBREPOR EM CHAPA DE ACO COM ALETAS PLASTICAS, PARA 1 LAMPADA, BASE E27, POTENCIA MAXIMA 40/60 W (NAO INCLUI LAMPADA)                                                                                                                                                                                                                                                                                                                                                                        ","UN    ","AS",50.02]
[38784,"LUMINARIA DE SOBREPOR EM CHAPA DE ACO COM ALETAS PLASTICAS, PARA 2 LAMPADAS, BASE E27, POTENCIA MAXIMA 40/60 W (NAO INCLUI LAMPADAS)                                                                                                                                                                                                                                                                                                                                                                      ","UN    ","AS",66.92]
[3780,"LUMINARIA DE SOBREPOR EM CHAPA DE ACO PARA 1 LAMPADA FLUORESCENTE DE *36* W, ALETADA, COMPLETA (LAMPADA E REATOR INCLUSOS)                                                                                                                                                                                                                                                                                                                                                                                ","UN    ","AS",102.9]
[38773,"LUMINARIA DE TETO PLAFON/PLAFONIER EM PLASTICO COM BASE E27, POTENCIA MAXIMA 60 W (NAO INCLUI LAMPADA)                                                                                                                                                                                                                                                                                                                                                                                                    ","UN    ","AS",6.56]
[12271,"LUMINARIA DUPLA P/SINALIZACAO, TIPO WETZEL AS-2/110 OU EQUIV                                                                                                                                                                                                                                                                                                                                                                                                                                              ","UN    ","AS",365.99]
[39385,"LUMINARIA LED PLAFON REDONDO DE SOBREPOR BIVOLT 12/13 W, D = *17* CM                                                                                                                                                                                                                                                                                                                                                                                                                                      ","UN    ","CR",18.149999999999999]
[39389,"LUMINARIA LED REFLETOR RETANGULAR BIVOLT, LUZ BRANCA, 10 W                                                                                                                                                                                                                                                                                                                                                                                                                                                ","UN    ","CR",19.690000000000001]
[39390,"LUMINARIA LED REFLETOR RETANGULAR BIVOLT, LUZ BRANCA, 30 W                                                                                                                                                                                                                                                                                                                                                                                                                                                ","UN    ","CR",41.28]
[39391,"LUMINARIA LED REFLETOR RETANGULAR BIVOLT, LUZ BRANCA, 50 W                                                                                                                                                                                                                                                                                                                                                                                                                                                ","UN    ","CR",46.35]
[3803,"LUMINARIA PLAFON REDONDO COM VIDRO FOSCO DIAMETRO *25* CM, PARA 1 LAMPADA, BASE E27, POTENCIA MAXIMA 40/60 W (NAO INCLUI LAMPADA)                                                                                                                                                                                                                                                                                                                                                                         ","UN    ","AS",61.89]
[38770,"LUMINARIA PLAFON REDONDO COM VIDRO FOSCO DIAMETRO *30* CM, PARA 2 LAMPADAS, BASE E27, POTENCIA MAXIMA 40/60 W (NAO INCLUI LAMPADAS)                                                                                                                                                                                                                                                                                                                                                                       ","UN    ","AS",71.66]
[12267,"LUMINARIA PROVA DE TEMPO PETERCO Y.31/1                                                                                                                                                                                                                                                                                                                                                                                                                                                                   ","UN    ","AS",210]
[43265,"LUMINARIA SOLAR LED EXTERNA, TIPO ARANDELA DE PAREDE, EM ALUMINIO, 16 LEDS, LUZ BRANCA, *180* LUMENS, CAPACIDADE DE ILUMINACAO ATE 36 H, RETANGULAR, *13 X 9 X 7* (C X L X A), COM SENSOR DE MOVIMENTO / PRESENCA, BATERIA RECARREGAVEL COM LUZ SOLAR, RESISTENTE AO CALOR, A PROVA DE AGUA E POEIRA/ IMPERMEAVEL, IP65                                                                                                                                                                                   ","UN    ","CR",56.76]
[12266,"LUMINARIA SPOT DE SOBREPOR EM ALUMINIO COM ALETA PLASTICA PARA 1 LAMPADA, BASE E27, POTENCIA MAXIMA 40/60 W (NAO INCLUI LAMPADA)                                                                                                                                                                                                                                                                                                                                                                          ","UN    ","AS",107.48]
[39378,"LUMINARIA SPOT DE SOBREPOR EM ALUMINIO COM ALETA PLASTICA PARA 2 LAMPADAS, BASE E27, POTENCIA MAXIMA 40/60 W (NAO INCLUI LAMPADA)                                                                                                                                                                                                                                                                                                                                                                         ","UN    ","AS",76.2]
[43543,"LUMINARIA TIPO TARTARUGA A PROVA DE TEMPO, GASES, VAPOR E PO, EM ALUMINIO, COM GRADE, BASE E27, POTENCIA MAXIMA 100 W - REF Y 25/1 (NAO INCLUI LAMPADA)                                                                                                                                                                                                                                                                                                                                                   ","UN    ","AS",158.76]
[38775,"LUMINARIA TIPO TARTARUGA PARA AREA EXTERNA EM ALUMINIO, COM GRADE, PARA 1 LAMPADA, BASE E27, POTENCIA MAXIMA 40/60 W (NAO INCLUI LAMPADA)                                                                                                                                                                                                                                                                                                                                                                 ","UN    ","AS",80.790000000000006]
[44252,"LUVA CPVC, SOLDAVEL, 114 MM, PARA AGUA QUENTE PREDIAL                                                                                                                                                                                                                                                                                                                                                                                                                                                     ","UN    ","CR",182.48]
[21119,"LUVA CPVC, SOLDAVEL, 15 MM, PARA AGUA QUENTE PREDIAL                                                                                                                                                                                                                                                                                                                                                                                                                                                      ","UN    ","CR",1.83]
[37974,"LUVA CPVC, SOLDAVEL, 22 MM, PARA AGUA QUENTE PREDIAL                                                                                                                                                                                                                                                                                                                                                                                                                                                      ","UN    ","CR",2.37]
[37975,"LUVA CPVC, SOLDAVEL, 28 MM, PARA AGUA QUENTE PREDIAL                                                                                                                                                                                                                                                                                                                                                                                                                                                      ","UN    ","CR",5.27]
[37976,"LUVA CPVC, SOLDAVEL, 35 MM, PARA AGUA QUENTE PREDIAL                                                                                                                                                                                                                                                                                                                                                                                                                                                      ","UN    ","CR",11.73]
[37977,"LUVA CPVC, SOLDAVEL, 42 MM, PARA AGUA QUENTE PREDIAL                                                                                                                                                                                                                                                                                                                                                                                                                                                      ","UN    ","CR",16.23]
[37978,"LUVA CPVC, SOLDAVEL, 54 MM, PARA AGUA QUENTE PREDIAL                                                                                                                                                                                                                                                                                                                                                                                                                                                      ","UN    ","CR",32.19]
[37979,"LUVA CPVC, SOLDAVEL, 73 MM, PARA AGUA QUENTE PREDIAL                                                                                                                                                                                                                                                                                                                                                                                                                                                      ","UN    ","CR",136.62]
[37980,"LUVA CPVC, SOLDAVEL, 89 MM, PARA AGUA QUENTE PREDIAL                                                                                                                                                                                                                                                                                                                                                                                                                                                      ","UN    ","CR",156.93]
[36147,"LUVA DE BORRACHA ISOLANTE PARA ALTA TENSAO, RESISTENTE A OZONIO, TENSAO DE ENSAIO 2,5 KV (PAR)                                                                                                                                                                                                                                                                                                                                                                                                            ","PAR   ","CR",419.19]
[12731,"LUVA DE COBRE (REF 600) SEM ANEL DE SOLDA, BOLSA X BOLSA, 104 MM                                                                                                                                                                                                                                                                                                                                                                                                                                          ","UN    ","AS",366.88]
[12723,"LUVA DE COBRE (REF 600) SEM ANEL DE SOLDA, BOLSA X BOLSA, 15 MM                                                                                                                                                                                                                                                                                                                                                                                                                                           ","UN    ","AS",2.84]
[12724,"LUVA DE COBRE (REF 600) SEM ANEL DE SOLDA, BOLSA X BOLSA, 22 MM                                                                                                                                                                                                                                                                                                                                                                                                                                           ","UN    ","AS",5.46]
[12725,"LUVA DE COBRE (REF 600) SEM ANEL DE SOLDA, BOLSA X BOLSA, 28 MM                                                                                                                                                                                                                                                                                                                                                                                                                                           ","UN    ","AS",10.96]
[12726,"LUVA DE COBRE (REF 600) SEM ANEL DE SOLDA, BOLSA X BOLSA, 35 MM                                                                                                                                                                                                                                                                                                                                                                                                                                           ","UN    ","AS",24.2]
[12727,"LUVA DE COBRE (REF 600) SEM ANEL DE SOLDA, BOLSA X BOLSA, 42 MM                                                                                                                                                                                                                                                                                                                                                                                                                                           ","UN    ","AS",30.69]
[12728,"LUVA DE COBRE (REF 600) SEM ANEL DE SOLDA, BOLSA X BOLSA, 54 MM                                                                                                                                                                                                                                                                                                                                                                                                                                           ","UN    ","AS",50.14]
[12729,"LUVA DE COBRE (REF 600) SEM ANEL DE SOLDA, BOLSA X BOLSA, 66 MM                                                                                                                                                                                                                                                                                                                                                                                                                                           ","UN    ","AS",164.33]
[12730,"LUVA DE COBRE (REF 600) SEM ANEL DE SOLDA, BOLSA X BOLSA, 79 MM                                                                                                                                                                                                                                                                                                                                                                                                                                           ","UN    ","AS",251.6]
[3840,"LUVA DE CORRER COM TRAVAS DEFOFO, PVC, JE, DN 100 MM                                                                                                                                                                                                                                                                                                                                                                                                                                                      ","UN    ","AS",47.78]
[3838,"LUVA DE CORRER COM TRAVAS DEFOFO, PVC, JE, DN 150 MM                                                                                                                                                                                                                                                                                                                                                                                                                                                      ","UN    ","AS",105.44]
[3844,"LUVA DE CORRER COM TRAVAS DEFOFO, PVC, JE, DN 200 MM                                                                                                                                                                                                                                                                                                                                                                                                                                                      ","UN    ","AS",188.08]
[3839,"LUVA DE CORRER COM TRAVAS DEFOFO, PVC, JE, DN 250 MM                                                                                                                                                                                                                                                                                                                                                                                                                                                      ","UN    ","AS",342.59]
[3843,"LUVA DE CORRER COM TRAVAS DEFOFO, PVC, JE, DN 300 MM                                                                                                                                                                                                                                                                                                                                                                                                                                                      ","UN    ","AS",470.21]
[3900,"LUVA DE CORRER PARA TUBO ROSCAVEL, PVC, 1 1/2\", PARA AGUA FRIA PREDIAL                                                                                                                                                                                                                                                                                                                                                                                                                                    ","UN    ","CR",40.75]
[3846,"LUVA DE CORRER PARA TUBO ROSCAVEL, PVC, 1/2\", PARA AGUA FRIA PREDIAL                                                                                                                                                                                                                                                                                                                                                                                                                                      ","UN    ","CR",12.24]
[3886,"LUVA DE CORRER PARA TUBO ROSCAVEL, PVC, 3/4\", PARA AGUA FRIA PREDIAL                                                                                                                                                                                                                                                                                                                                                                                                                                      ","UN    ","CR",16.260000000000002]
[3854,"LUVA DE CORRER PARA TUBO SOLDAVEL, PVC, 20 MM, PARA AGUA FRIA PREDIAL                                                                                                                                                                                                                                                                                                                                                                                                                                     ","UN    ","CR",9.27]
[3873,"LUVA DE CORRER PARA TUBO SOLDAVEL, PVC, 25 MM, PARA AGUA FRIA PREDIAL                                                                                                                                                                                                                                                                                                                                                                                                                                     ","UN    ","CR",10.79]
[38021,"LUVA DE CORRER PARA TUBO SOLDAVEL, PVC, 32 MM, PARA AGUA FRIA PREDIAL                                                                                                                                                                                                                                                                                                                                                                                                                                     ","UN    ","CR",19.149999999999999]
[43838,"LUVA DE CORRER PARA TUBO SOLDAVEL, PVC, 40 MM, PARA AGUA FRIA PREDIAL                                                                                                                                                                                                                                                                                                                                                                                                                                     ","UN    ","CR",24.75]
[3847,"LUVA DE CORRER PARA TUBO SOLDAVEL, PVC, 50 MM, PARA AGUA FRIA PREDIAL                                                                                                                                                                                                                                                                                                                                                                                                                                     ","UN    ","CR",24.96]
[38022,"LUVA DE CORRER PARA TUBO SOLDAVEL, PVC, 60 MM, PARA AGUA FRIA PREDIAL                                                                                                                                                                                                                                                                                                                                                                                                                                     ","UN    ","CR",34.31]
[3826,"LUVA DE CORRER PVC PBA, JE, DN 100 / DE 110 MM, PARA REDE DE AGUA                                                                                                                                                                                                                                                                                                                                                                                                                                         ","UN    ","AS",47.41]
[3825,"LUVA DE CORRER PVC PBA, JE, DN 50 / DE 60 MM, PARA REDE DE AGUA                                                                                                                                                                                                                                                                                                                                                                                                                                           ","UN    ","AS",13.63]
[3827,"LUVA DE CORRER PVC PBA, JE, DN 75 / DE 85 MM, PARA REDE DE AGUA                                                                                                                                                                                                                                                                                                                                                                                                                                           ","UN    ","AS",29.79]
[3830,"LUVA DE CORRER PVC, JE, DN 250 MM, PARA REDE COLETORA DE ESGOTO                                                                                                                                                                                                                                                                                                                                                                                                                                           ","UN    ","CR",174.15]
[37981,"LUVA DE CORRER, CPVC, SOLDAVEL, 15 MM, PARA AGUA QUENTE PREDIAL                                                                                                                                                                                                                                                                                                                                                                                                                                           ","UN    ","CR",6.83]
[37982,"LUVA DE CORRER, CPVC, SOLDAVEL, 22 MM, PARA AGUA QUENTE PREDIAL                                                                                                                                                                                                                                                                                                                                                                                                                                           ","UN    ","CR",9.92]
[37983,"LUVA DE CORRER, CPVC, SOLDAVEL, 28 MM, PARA AGUA QUENTE PREDIAL                                                                                                                                                                                                                                                                                                                                                                                                                                           ","UN    ","CR",14.66]
[37984,"LUVA DE CORRER, CPVC, SOLDAVEL, 35 MM, PARA AGUA QUENTE PREDIAL                                                                                                                                                                                                                                                                                                                                                                                                                                           ","UN    ","CR",20.6]
[37985,"LUVA DE CORRER, CPVC, SOLDAVEL, 42 MM, PARA AGUA QUENTE PREDIAL                                                                                                                                                                                                                                                                                                                                                                                                                                           ","UN    ","CR",29.27]
[20165,"LUVA DE CORRER, PVC SERIE R, 100 MM, PARA ESGOTO PREDIAL                                                                                                                                                                                                                                                                                                                                                                                                                                                  ","UN    ","CR",21.59]
[20166,"LUVA DE CORRER, PVC SERIE R, 150 MM, PARA ESGOTO PREDIAL                                                                                                                                                                                                                                                                                                                                                                                                                                                  ","UN    ","CR",65.930000000000007]
[20164,"LUVA DE CORRER, PVC SERIE R, 75 MM, PARA ESGOTO PREDIAL                                                                                                                                                                                                                                                                                                                                                                                                                                                   ","UN    ","CR",10.37]
[3893,"LUVA DE CORRER, PVC, DN 100 MM, PARA ESGOTO PREDIAL                                                                                                                                                                                                                                                                                                                                                                                                                                                       ","UN    ","CR",16.25]
[3848,"LUVA DE CORRER, PVC, DN 50 MM, PARA ESGOTO PREDIAL                                                                                                                                                                                                                                                                                                                                                                                                                                                        ","UN    ","CR",9.91]
[3895,"LUVA DE CORRER, PVC, DN 75 MM, PARA ESGOTO PREDIAL                                                                                                                                                                                                                                                                                                                                                                                                                                                        ","UN    ","CR",11.01]
[12404,"LUVA DE FERRO GALVANIZADO, COM ROSCA BSP MACHO/FEMEA, DE 3/4\"                                                                                                                                                                                                                                                                                                                                                                                                                                             ","UN    ","AS",12.43]
[3939,"LUVA DE FERRO GALVANIZADO, COM ROSCA BSP, DE 1 1/2\"                                                                                                                                                                                                                                                                                                                                                                                                                                                       ","UN    ","AS",25.6]
[3911,"LUVA DE FERRO GALVANIZADO, COM ROSCA BSP, DE 1 1/4\"                                                                                                                                                                                                                                                                                                                                                                                                                                                       ","UN    ","AS",20.92]
[3908,"LUVA DE FERRO GALVANIZADO, COM ROSCA BSP, DE 1/2\"                                                                                                                                                                                                                                                                                                                                                                                                                                                         ","UN    ","AS",6.76]
[3910,"LUVA DE FERRO GALVANIZADO, COM ROSCA BSP, DE 1\"                                                                                                                                                                                                                                                                                                                                                                                                                                                           ","UN    ","AS",14.96]
[3913,"LUVA DE FERRO GALVANIZADO, COM ROSCA BSP, DE 2 1/2\"                                                                                                                                                                                                                                                                                                                                                                                                                                                       ","UN    ","AS",71.53]
[3912,"LUVA DE FERRO GALVANIZADO, COM ROSCA BSP, DE 2\"                                                                                                                                                                                                                                                                                                                                                                                                                                                           ","UN    ","AS",39.21]
[3909,"LUVA DE FERRO GALVANIZADO, COM ROSCA BSP, DE 3/4\"                                                                                                                                                                                                                                                                                                                                                                                                                                                         ","UN    ","AS",9.1999999999999993]
[3914,"LUVA DE FERRO GALVANIZADO, COM ROSCA BSP, DE 3\"                                                                                                                                                                                                                                                                                                                                                                                                                                                           ","UN    ","AS",107.91]
[3915,"LUVA DE FERRO GALVANIZADO, COM ROSCA BSP, DE 4\"                                                                                                                                                                                                                                                                                                                                                                                                                                                           ","UN    ","AS",170.17]
[3916,"LUVA DE FERRO GALVANIZADO, COM ROSCA BSP, DE 5\"                                                                                                                                                                                                                                                                                                                                                                                                                                                           ","UN    ","AS",310.02]
[3917,"LUVA DE FERRO GALVANIZADO, COM ROSCA BSP, DE 6\"                                                                                                                                                                                                                                                                                                                                                                                                                                                           ","UN    ","AS",511.33]
[1904,"LUVA DE PRESSAO, EM PVC, DE 20 MM, PARA ELETRODUTO FLEXIVEL                                                                                                                                                                                                                                                                                                                                                                                                                                               ","UN    ","CR",1.37]
[1899,"LUVA DE PRESSAO, EM PVC, DE 25 MM, PARA ELETRODUTO FLEXIVEL                                                                                                                                                                                                                                                                                                                                                                                                                                               ","UN    ","CR",1.55]
[1900,"LUVA DE PRESSAO, EM PVC, DE 32 MM, PARA ELETRODUTO FLEXIVEL                                                                                                                                                                                                                                                                                                                                                                                                                                               ","UN    ","CR",2.5099999999999998]
[12407,"LUVA DE REDUCAO DE FERRO GALVANIZADO, COM ROSCA BSP MACHO/FEMEA, DE 1 1/2\" X 1\"                                                                                                                                                                                                                                                                                                                                                                                                                           ","UN    ","AS",38.71]
[12408,"LUVA DE REDUCAO DE FERRO GALVANIZADO, COM ROSCA BSP MACHO/FEMEA, DE 1\" X 1/2\"                                                                                                                                                                                                                                                                                                                                                                                                                             ","UN    ","AS",21.85]
[12409,"LUVA DE REDUCAO DE FERRO GALVANIZADO, COM ROSCA BSP MACHO/FEMEA, DE 1\" X 3/4\"                                                                                                                                                                                                                                                                                                                                                                                                                             ","UN    ","AS",21.85]
[12410,"LUVA DE REDUCAO DE FERRO GALVANIZADO, COM ROSCA BSP MACHO/FEMEA, DE 3/4\" X 1/2\"                                                                                                                                                                                                                                                                                                                                                                                                                           ","UN    ","AS",15.05]
[3936,"LUVA DE REDUCAO DE FERRO GALVANIZADO, COM ROSCA BSP, DE 1 1/2\" X 1 1/4\"                                                                                                                                                                                                                                                                                                                                                                                                                                   ","UN    ","AS",27.2]
[3922,"LUVA DE REDUCAO DE FERRO GALVANIZADO, COM ROSCA BSP, DE 1 1/2\" X 1/2\"                                                                                                                                                                                                                                                                                                                                                                                                                                     ","UN    ","AS",25.02]
[3924,"LUVA DE REDUCAO DE FERRO GALVANIZADO, COM ROSCA BSP, DE 1 1/2\" X 1\"                                                                                                                                                                                                                                                                                                                                                                                                                                       ","UN    ","AS",27.2]
[3923,"LUVA DE REDUCAO DE FERRO GALVANIZADO, COM ROSCA BSP, DE 1 1/2\" X 3/4\"                                                                                                                                                                                                                                                                                                                                                                                                                                     ","UN    ","AS",27.2]
[3937,"LUVA DE REDUCAO DE FERRO GALVANIZADO, COM ROSCA BSP, DE 1 1/4\" X 1/2\"                                                                                                                                                                                                                                                                                                                                                                                                                                     ","UN    ","AS",22.44]
[3921,"LUVA DE REDUCAO DE FERRO GALVANIZADO, COM ROSCA BSP, DE 1 1/4\" X 1\"                                                                                                                                                                                                                                                                                                                                                                                                                                       ","UN    ","AS",22.45]
[3920,"LUVA DE REDUCAO DE FERRO GALVANIZADO, COM ROSCA BSP, DE 1 1/4\" X 3/4\"                                                                                                                                                                                                                                                                                                                                                                                                                                     ","UN    ","AS",22.44]
[3938,"LUVA DE REDUCAO DE FERRO GALVANIZADO, COM ROSCA BSP, DE 1\" X 1/2\"                                                                                                                                                                                                                                                                                                                                                                                                                                         ","UN    ","AS",14.79]
[3919,"LUVA DE REDUCAO DE FERRO GALVANIZADO, COM ROSCA BSP, DE 1\" X 3/4\"                                                                                                                                                                                                                                                                                                                                                                                                                                         ","UN    ","AS",15.08]
[3927,"LUVA DE REDUCAO DE FERRO GALVANIZADO, COM ROSCA BSP, DE 2 1/2\" X 1 1/2\"                                                                                                                                                                                                                                                                                                                                                                                                                                   ","UN    ","AS",76.38]
[3928,"LUVA DE REDUCAO DE FERRO GALVANIZADO, COM ROSCA BSP, DE 2 1/2\" X 2\"                                                                                                                                                                                                                                                                                                                                                                                                                                       ","UN    ","AS",76.38]
[3926,"LUVA DE REDUCAO DE FERRO GALVANIZADO, COM ROSCA BSP, DE 2\" X 1 1/2\"                                                                                                                                                                                                                                                                                                                                                                                                                                       ","UN    ","AS",43.54]
[3935,"LUVA DE REDUCAO DE FERRO GALVANIZADO, COM ROSCA BSP, DE 2\" X 1 1/4\"                                                                                                                                                                                                                                                                                                                                                                                                                                       ","UN    ","AS",43.54]
[3925,"LUVA DE REDUCAO DE FERRO GALVANIZADO, COM ROSCA BSP, DE 2\" X 1\"                                                                                                                                                                                                                                                                                                                                                                                                                                           ","UN    ","AS",43.54]
[12406,"LUVA DE REDUCAO DE FERRO GALVANIZADO, COM ROSCA BSP, DE 3/4\" X 1/2\"                                                                                                                                                                                                                                                                                                                                                                                                                                       ","UN    ","AS",10.69]
[3929,"LUVA DE REDUCAO DE FERRO GALVANIZADO, COM ROSCA BSP, DE 3\" X 1 1/2\"                                                                                                                                                                                                                                                                                                                                                                                                                                       ","UN    ","AS",116.37]
[3931,"LUVA DE REDUCAO DE FERRO GALVANIZADO, COM ROSCA BSP, DE 3\" X 2 1/2\"                                                                                                                                                                                                                                                                                                                                                                                                                                       ","UN    ","AS",116.37]
[3930,"LUVA DE REDUCAO DE FERRO GALVANIZADO, COM ROSCA BSP, DE 3\" X 2\"                                                                                                                                                                                                                                                                                                                                                                                                                                           ","UN    ","AS",116.37]
[3932,"LUVA DE REDUCAO DE FERRO GALVANIZADO, COM ROSCA BSP, DE 4\" X 2 1/2\"                                                                                                                                                                                                                                                                                                                                                                                                                                       ","UN    ","AS",200.94]
[3933,"LUVA DE REDUCAO DE FERRO GALVANIZADO, COM ROSCA BSP, DE 4\" X 2\"                                                                                                                                                                                                                                                                                                                                                                                                                                           ","UN    ","AS",200.94]
[3934,"LUVA DE REDUCAO DE FERRO GALVANIZADO, COM ROSCA BSP, DE 4\" X 3\"                                                                                                                                                                                                                                                                                                                                                                                                                                           ","UN    ","AS",200.94]
[40364,"LUVA DE REDUCAO EM ACO CARBONO, COM ENCAIXE PARA SOLDA DN SW, PRESSAO 3.000 LBS, DN 1 1/2\" X 1 1/4\"                                                                                                                                                                                                                                                                                                                                                                                                       ","UN    ","AS",58.62]
[40361,"LUVA DE REDUCAO EM ACO CARBONO, COM ENCAIXE PARA SOLDA DN SW, PRESSAO 3.000 LBS, DN 1 1/4\" X 1\"                                                                                                                                                                                                                                                                                                                                                                                                           ","UN    ","AS",45.83]
[40358,"LUVA DE REDUCAO EM ACO CARBONO, COM ENCAIXE PARA SOLDA DN SW, PRESSAO 3.000 LBS, DN 1\" X 3/4\"                                                                                                                                                                                                                                                                                                                                                                                                             ","UN    ","AS",17.47]
[40370,"LUVA DE REDUCAO EM ACO CARBONO, COM ENCAIXE PARA SOLDA DN SW, PRESSAO 3.000 LBS, DN 2 1/2\" X 2\"                                                                                                                                                                                                                                                                                                                                                                                                           ","UN    ","AS",186]
[40367,"LUVA DE REDUCAO EM ACO CARBONO, COM ENCAIXE PARA SOLDA DN SW, PRESSAO 3.000 LBS, DN 2\" X 1 1/2\"                                                                                                                                                                                                                                                                                                                                                                                                           ","UN    ","AS",92.45]
[40373,"LUVA DE REDUCAO EM ACO CARBONO, COM ENCAIXE PARA SOLDA DN SW, PRESSAO 3.000 LBS, DN 3\" X 2 1/2\"                                                                                                                                                                                                                                                                                                                                                                                                           ","UN    ","AS",251.52]
[40355,"LUVA DE REDUCAO EM ACO CARBONO, COM ENCAIXE PARA SOLDA DN SW, PRESSAO 3.000 LBS, 3/4\" X 1/2\"                                                                                                                                                                                                                                                                                                                                                                                                              ","UN    ","AS",12.51]
[3907,"LUVA DE REDUCAO ROSCAVEL, PVC, 1\" X 3/4\", PARA AGUA FRIA PREDIAL                                                                                                                                                                                                                                                                                                                                                                                                                                          ","UN    ","CR",4.6900000000000004]
[3889,"LUVA DE REDUCAO ROSCAVEL, PVC, 3/4\" X 1/2\", PARA AGUA FRIA PREDIAL                                                                                                                                                                                                                                                                                                                                                                                                                                        ","UN    ","CR",3.34]
[3868,"LUVA DE REDUCAO SOLDAVEL, PVC, 25 MM X 20 MM, PARA AGUA FRIA PREDIAL                                                                                                                                                                                                                                                                                                                                                                                                                                      ","UN    ","CR",1.22]
[3869,"LUVA DE REDUCAO SOLDAVEL, PVC, 32 MM X 25 MM, PARA AGUA FRIA PREDIAL                                                                                                                                                                                                                                                                                                                                                                                                                                      ","UN    ","CR",2.71]
[3872,"LUVA DE REDUCAO SOLDAVEL, PVC, 40 MM X 32 MM, PARA AGUA FRIA PREDIAL                                                                                                                                                                                                                                                                                                                                                                                                                                      ","UN    ","CR",4.63]
[3850,"LUVA DE REDUCAO SOLDAVEL, PVC, 60 MM X 50 MM, PARA AGUA FRIA PREDIAL                                                                                                                                                                                                                                                                                                                                                                                                                                      ","UN    ","CR",10.69]
[38023,"LUVA DE REDUCAO, SOLDAVEL, PVC, 50 X 25 MM, PARA AGUA FRIA PREDIAL                                                                                                                                                                                                                                                                                                                                                                                                                                        ","UN    ","CR",5.44]
[37986,"LUVA DE TRANSICAO DE CPVC X PVC, SOLDAVEL, 22 X 25 MM, PARA AGUA QUENTE                                                                                                                                                                                                                                                                                                                                                                                                                                   ","UN    ","CR",2.33]
[37987,"LUVA DE TRANSICAO, CPVC, SOLDAVEL, 42 MM X 1 1/2\", PARA AGUA QUENTE                                                                                                                                                                                                                                                                                                                                                                                                                                       ","UN    ","CR",116.41]
[37988,"LUVA DE TRANSICAO, CPVC, SOLDAVEL, 54 MM X 2\", PARA AGUA QUENTE PREDIAL                                                                                                                                                                                                                                                                                                                                                                                                                                   ","UN    ","CR",184.98]
[21120,"LUVA DE TRANSICAO, CPVC, 15 MM X 1/2\", PARA AGUA QUENTE PREDIAL                                                                                                                                                                                                                                                                                                                                                                                                                                           ","UN    ","CR",11.9]
[39318,"LUVA DE TRANSICAO, CPVC, 22 MM X 1/2\", PARA AGUA QUENTE                                                                                                                                                                                                                                                                                                                                                                                                                                                   ","UN    ","CR",11.07]
[40366,"LUVA EM ACO CARBONO, SOLDAVEL, PRESSAO 3.000 LBS, DN 1 1/2\"                                                                                                                                                                                                                                                                                                                                                                                                                                               ","UN    ","AS",45.72]
[40363,"LUVA EM ACO CARBONO, SOLDAVEL, PRESSAO 3.000 LBS, DN 1 1/4\"                                                                                                                                                                                                                                                                                                                                                                                                                                               ","UN    ","AS",35.76]
[40354,"LUVA EM ACO CARBONO, SOLDAVEL, PRESSAO 3.000 LBS, DN 1/2\"                                                                                                                                                                                                                                                                                                                                                                                                                                                 ","UN    ","AS",15.57]
[40360,"LUVA EM ACO CARBONO, SOLDAVEL, PRESSAO 3.000 LBS, DN 1\"                                                                                                                                                                                                                                                                                                                                                                                                                                                   ","UN    ","AS",23.44]
[40372,"LUVA EM ACO CARBONO, SOLDAVEL, PRESSAO 3.000 LBS, DN 2 1/2\"                                                                                                                                                                                                                                                                                                                                                                                                                                               ","UN    ","AS",144.79]
[40369,"LUVA EM ACO CARBONO, SOLDAVEL, PRESSAO 3.000 LBS, DN 2\"                                                                                                                                                                                                                                                                                                                                                                                                                                                   ","UN    ","AS",72.06]
[40357,"LUVA EM ACO CARBONO, SOLDAVEL, PRESSAO 3.000 LBS, DN 3/4\"                                                                                                                                                                                                                                                                                                                                                                                                                                                 ","UN    ","AS",17.47]
[40375,"LUVA EM ACO CARBONO, SOLDAVEL, PRESSAO 3.000 LBS, DN 3\"                                                                                                                                                                                                                                                                                                                                                                                                                                                   ","UN    ","AS",196]
[1893,"LUVA EM PVC RIGIDO ROSCAVEL, DE 1 1/2\", PARA ELETRODUTO                                                                                                                                                                                                                                                                                                                                                                                                                                                   ","UN    ","CR",5.17]
[1902,"LUVA EM PVC RIGIDO ROSCAVEL, DE 1 1/4\", PARA ELETRODUTO                                                                                                                                                                                                                                                                                                                                                                                                                                                   ","UN    ","CR",3.76]
[1901,"LUVA EM PVC RIGIDO ROSCAVEL, DE 1/2\", PARA ELETRODUTO                                                                                                                                                                                                                                                                                                                                                                                                                                                     ","UN    ","CR",1.17]
[1892,"LUVA EM PVC RIGIDO ROSCAVEL, DE 1\", PARA ELETRODUTO                                                                                                                                                                                                                                                                                                                                                                                                                                                       ","UN    ","CR",2.42]
[1907,"LUVA EM PVC RIGIDO ROSCAVEL, DE 2 1/2\", PARA ELETRODUTO                                                                                                                                                                                                                                                                                                                                                                                                                                                   ","UN    ","CR",16.64]
[1894,"LUVA EM PVC RIGIDO ROSCAVEL, DE 2\", PARA ELETRODUTO                                                                                                                                                                                                                                                                                                                                                                                                                                                       ","UN    ","CR",7.48]
[1891,"LUVA EM PVC RIGIDO ROSCAVEL, DE 3/4\", PARA ELETRODUTO                                                                                                                                                                                                                                                                                                                                                                                                                                                     ","UN    ","CR",1.74]
[1896,"LUVA EM PVC RIGIDO ROSCAVEL, DE 3\", PARA ELETRODUTO                                                                                                                                                                                                                                                                                                                                                                                                                                                       ","UN    ","CR",22.34]
[1895,"LUVA EM PVC RIGIDO ROSCAVEL, DE 4\", PARA ELETRODUTO                                                                                                                                                                                                                                                                                                                                                                                                                                                       ","UN    ","CR",39.270000000000003]
[2641,"LUVA PARA ELETRODUTO, EM ACO GALVANIZADO ELETROLITICO, COM ROSCA, DIAMETRO DE 100 MM (4\")                                                                                                                                                                                                                                                                                                                                                                                                                 ","UN    ","AS",25.99]
[2636,"LUVA PARA ELETRODUTO, EM ACO GALVANIZADO ELETROLITICO, COM ROSCA, DIAMETRO DE 15 MM (1/2\")                                                                                                                                                                                                                                                                                                                                                                                                                ","UN    ","AS",1.67]
[2637,"LUVA PARA ELETRODUTO, EM ACO GALVANIZADO ELETROLITICO, COM ROSCA, DIAMETRO DE 20 MM (3/4\")                                                                                                                                                                                                                                                                                                                                                                                                                ","UN    ","AS",1.78]
[2638,"LUVA PARA ELETRODUTO, EM ACO GALVANIZADO ELETROLITICO, COM ROSCA, DIAMETRO DE 25 MM (1\")                                                                                                                                                                                                                                                                                                                                                                                                                  ","UN    ","AS",2.0699999999999998]
[2639,"LUVA PARA ELETRODUTO, EM ACO GALVANIZADO ELETROLITICO, COM ROSCA, DIAMETRO DE 32 MM (1 1/4\")                                                                                                                                                                                                                                                                                                                                                                                                              ","UN    ","AS",3.67]
[2644,"LUVA PARA ELETRODUTO, EM ACO GALVANIZADO ELETROLITICO, COM ROSCA, DIAMETRO DE 40 MM (1 1/2\")                                                                                                                                                                                                                                                                                                                                                                                                              ","UN    ","AS",5.31]
[2640,"LUVA PARA ELETRODUTO, EM ACO GALVANIZADO ELETROLITICO, COM ROSCA, DIAMETRO DE 65 MM (2 1/2\")                                                                                                                                                                                                                                                                                                                                                                                                              ","UN    ","AS",10.81]
[2642,"LUVA PARA ELETRODUTO, EM ACO GALVANIZADO ELETROLITICO, COM ROSCA, DIAMETRO DE 80 MM (3\")                                                                                                                                                                                                                                                                                                                                                                                                                  ","UN    ","AS",16.47]
[2643,"LUVA PARA ELETRODUTO, EM ACO GALVANIZADO ELETROLITICO, COM ROSCA,DIAMETRO DE 50 MM (2\")                                                                                                                                                                                                                                                                                                                                                                                                                   ","UN    ","AS",7.41]
[39855,"LUVA PASSANTE DE COBRE (REF 601) SEM ANEL DE SOLDA, BOLSA 15 MM                                                                                                                                                                                                                                                                                                                                                                                                                                           ","UN    ","AS",2.87]
[39856,"LUVA PASSANTE DE COBRE (REF 601) SEM ANEL DE SOLDA, BOLSA 22 MM                                                                                                                                                                                                                                                                                                                                                                                                                                           ","UN    ","AS",6.77]
[39857,"LUVA PASSANTE DE COBRE (REF 601) SEM ANEL DE SOLDA, BOLSA 28 MM                                                                                                                                                                                                                                                                                                                                                                                                                                           ","UN    ","AS",10.96]
[39858,"LUVA PASSANTE DE COBRE (REF 601) SEM ANEL DE SOLDA, BOLSA 35 MM                                                                                                                                                                                                                                                                                                                                                                                                                                           ","UN    ","AS",24.33]
[39859,"LUVA PASSANTE DE COBRE (REF 601) SEM ANEL DE SOLDA, BOLSA 42 MM                                                                                                                                                                                                                                                                                                                                                                                                                                           ","UN    ","AS",37.51]
[39860,"LUVA PASSANTE DE COBRE (REF 601) SEM ANEL DE SOLDA, BOLSA 54 MM                                                                                                                                                                                                                                                                                                                                                                                                                                           ","UN    ","AS",57.56]
[39861,"LUVA PASSANTE DE COBRE (REF 601) SEM ANEL DE SOLDA, BOLSA 66 MM                                                                                                                                                                                                                                                                                                                                                                                                                                           ","UN    ","AS",164.33]
[3867,"LUVA PVC SOLDAVEL, 110 MM, PARA AGUA FRIA PREDIAL                                                                                                                                                                                                                                                                                                                                                                                                                                                         ","UN    ","CR",65.09]
[3861,"LUVA PVC SOLDAVEL, 20 MM, PARA AGUA FRIA PREDIAL                                                                                                                                                                                                                                                                                                                                                                                                                                                          ","UN    ","CR",0.67]
[3904,"LUVA PVC SOLDAVEL, 25 MM, PARA AGUA FRIA PREDIAL                                                                                                                                                                                                                                                                                                                                                                                                                                                          ","UN    ","CR",0.71]
[3903,"LUVA PVC SOLDAVEL, 32 MM, PARA AGUA FRIA PREDIAL                                                                                                                                                                                                                                                                                                                                                                                                                                                          ","UN    ","CR",1.74]
[3862,"LUVA PVC SOLDAVEL, 40 MM, PARA AGUA FRIA PREDIAL                                                                                                                                                                                                                                                                                                                                                                                                                                                          ","UN    ","CR",3.72]
[3863,"LUVA PVC SOLDAVEL, 50 MM, PARA AGUA FRIA PREDIAL                                                                                                                                                                                                                                                                                                                                                                                                                                                          ","UN    ","CR",3.81]
[3864,"LUVA PVC SOLDAVEL, 60 MM, PARA AGUA FRIA PREDIAL                                                                                                                                                                                                                                                                                                                                                                                                                                                          ","UN    ","CR",11.67]
[3865,"LUVA PVC SOLDAVEL, 75 MM, PARA AGUA FRIA PREDIAL                                                                                                                                                                                                                                                                                                                                                                                                                                                          ","UN    ","CR",17.07]
[3866,"LUVA PVC SOLDAVEL, 85 MM, PARA AGUA FRIA PREDIAL                                                                                                                                                                                                                                                                                                                                                                                                                                                          ","UN    ","CR",38.33]
[3878,"LUVA PVC, ROSCAVEL, 1 1/2\", AGUA FRIA PREDIAL                                                                                                                                                                                                                                                                                                                                                                                                                                                             ","UN    ","CR",10.45]
[3883,"LUVA PVC, ROSCAVEL, 1/2\", AGUA FRIA PREDIAL                                                                                                                                                                                                                                                                                                                                                                                                                                                               ","UN    ","CR",1.34]
[3876,"LUVA PVC, ROSCAVEL, 1\", AGUA FRIA PREDIAL                                                                                                                                                                                                                                                                                                                                                                                                                                                                 ","UN    ","CR",4.16]
[3884,"LUVA PVC, ROSCAVEL, 3/4\", AGUA FRIA PREDIAL                                                                                                                                                                                                                                                                                                                                                                                                                                                               ","UN    ","CR",2.11]
[12892,"LUVA RASPA DE COURO, CANO CURTO (PUNHO *7* CM)                                                                                                                                                                                                                                                                                                                                                                                                                                                            ","PAR   ","CR",14.58]
[38447,"LUVA SIMPLES PPR, F/F, SOLDAVEL, DN 110 MM, PARA AGUA QUENTE PREDIAL                                                                                                                                                                                                                                                                                                                                                                                                                                      ","UN    ","AS",87.67]
[36320,"LUVA SIMPLES PPR, F/F, SOLDAVEL, DN 20 MM, PARA AGUA QUENTE PREDIAL                                                                                                                                                                                                                                                                                                                                                                                                                                       ","UN    ","AS",2.36]
[36324,"LUVA SIMPLES PPR, F/F, SOLDAVEL, DN 25 MM, PARA AGUA QUENTE PREDIAL                                                                                                                                                                                                                                                                                                                                                                                                                                       ","UN    ","AS",2.15]
[38441,"LUVA SIMPLES PPR, F/F, SOLDAVEL, DN 32 MM, PARA AGUA QUENTE PREDIAL                                                                                                                                                                                                                                                                                                                                                                                                                                       ","UN    ","AS",3.85]
[38442,"LUVA SIMPLES PPR, F/F, SOLDAVEL, DN 40 MM, PARA AGUA QUENTE PREDIAL                                                                                                                                                                                                                                                                                                                                                                                                                                       ","UN    ","AS",10.96]
[38443,"LUVA SIMPLES PPR, F/F, SOLDAVEL, DN 50 MM, PARA AGUA QUENTE PREDIAL                                                                                                                                                                                                                                                                                                                                                                                                                                       ","UN    ","AS",13.29]
[38444,"LUVA SIMPLES PPR, F/F, SOLDAVEL, DN 63 MM, PARA AGUA QUENTE PREDIAL                                                                                                                                                                                                                                                                                                                                                                                                                                       ","UN    ","AS",22.32]
[38445,"LUVA SIMPLES PPR, F/F, SOLDAVEL, DN 75 MM, PARA AGUA QUENTE PREDIAL                                                                                                                                                                                                                                                                                                                                                                                                                                       ","UN    ","AS",41.39]
[38446,"LUVA SIMPLES PPR, F/F, SOLDAVEL, DN 90 MM, PARA AGUA QUENTE PREDIAL                                                                                                                                                                                                                                                                                                                                                                                                                                       ","UN    ","AS",67.739999999999995]
[3837,"LUVA SIMPLES PVC PBA, JE, DN 100 / DE 110 MM, PARA REDE DE AGUA                                                                                                                                                                                                                                                                                                                                                                                                                                           ","UN    ","AS",41.15]
[3845,"LUVA SIMPLES PVC PBA, JE, DN 50 / DE 60 MM, PARA REDE DE AGUA                                                                                                                                                                                                                                                                                                                                                                                                                                             ","UN    ","AS",15.03]
[11045,"LUVA SIMPLES PVC PBA, JE, DN 75 / DE 85 MM, PARA REDE DE AGUA                                                                                                                                                                                                                                                                                                                                                                                                                                             ","UN    ","AS",29]
[20170,"LUVA SIMPLES, PVC SERIE R, 100 MM, PARA ESGOTO PREDIAL                                                                                                                                                                                                                                                                                                                                                                                                                                                    ","UN    ","CR",11.96]
[20171,"LUVA SIMPLES, PVC SERIE R, 150 MM, PARA ESGOTO PREDIAL                                                                                                                                                                                                                                                                                                                                                                                                                                                    ","UN    ","CR",34.479999999999997]
[20167,"LUVA SIMPLES, PVC SERIE R, 40 MM, PARA ESGOTO PREDIAL                                                                                                                                                                                                                                                                                                                                                                                                                                                     ","UN    ","CR",4.34]
[20168,"LUVA SIMPLES, PVC SERIE R, 50 MM, PARA ESGOTO PREDIAL                                                                                                                                                                                                                                                                                                                                                                                                                                                     ","UN    ","CR",8.92]
[20169,"LUVA SIMPLES, PVC SERIE R, 75 MM, PARA ESGOTO PREDIAL                                                                                                                                                                                                                                                                                                                                                                                                                                                     ","UN    ","CR",10.41]
[3899,"LUVA SIMPLES, PVC, SOLDAVEL, DN 100 MM, SERIE NORMAL, PARA ESGOTO PREDIAL                                                                                                                                                                                                                                                                                                                                                                                                                                 ","UN    ","CR",5.78]
[38676,"LUVA SIMPLES, PVC, SOLDAVEL, DN 150 MM, SERIE NORMAL, PARA ESGOTO PREDIAL                                                                                                                                                                                                                                                                                                                                                                                                                                 ","UN    ","CR",28.9]
[3897,"LUVA SIMPLES, PVC, SOLDAVEL, DN 40 MM, SERIE NORMAL, PARA ESGOTO PREDIAL                                                                                                                                                                                                                                                                                                                                                                                                                                  ","UN    ","CR",1.41]
[3875,"LUVA SIMPLES, PVC, SOLDAVEL, DN 50 MM, SERIE NORMAL, PARA ESGOTO PREDIAL                                                                                                                                                                                                                                                                                                                                                                                                                                  ","UN    ","CR",2.91]
[3898,"LUVA SIMPLES, PVC, SOLDAVEL, DN 75 MM, SERIE NORMAL, PARA ESGOTO PREDIAL                                                                                                                                                                                                                                                                                                                                                                                                                                  ","UN    ","CR",5.91]
[3855,"LUVA SOLDAVEL COM BUCHA DE LATAO, PVC, 20 MM X 1/2\"                                                                                                                                                                                                                                                                                                                                                                                                                                                       ","UN    ","CR",4.51]
[3874,"LUVA SOLDAVEL COM BUCHA DE LATAO, PVC, 25 MM X 1/2\"                                                                                                                                                                                                                                                                                                                                                                                                                                                       ","UN    ","CR",5.23]
[3870,"LUVA SOLDAVEL COM BUCHA DE LATAO, PVC, 25 MM X 3/4\"                                                                                                                                                                                                                                                                                                                                                                                                                                                       ","UN    ","CR",5.74]
[38678,"LUVA SOLDAVEL COM BUCHA DE LATAO, PVC, 32 MM X 1\"                                                                                                                                                                                                                                                                                                                                                                                                                                                         ","UN    ","CR",15.19]
[3859,"LUVA SOLDAVEL COM ROSCA, PVC, 20 MM X 1/2\", PARA AGUA FRIA PREDIAL                                                                                                                                                                                                                                                                                                                                                                                                                                        ","UN    ","CR",1.1599999999999999]
[3856,"LUVA SOLDAVEL COM ROSCA, PVC, 25 MM X 1/2\", PARA AGUA FRIA PREDIAL                                                                                                                                                                                                                                                                                                                                                                                                                                        ","UN    ","CR",1.6]
[3906,"LUVA SOLDAVEL COM ROSCA, PVC, 25 MM X 3/4\", PARA AGUA FRIA PREDIAL                                                                                                                                                                                                                                                                                                                                                                                                                                        ","UN    ","CR",1.32]
[3860,"LUVA SOLDAVEL COM ROSCA, PVC, 32 MM X 1\", PARA AGUA FRIA PREDIAL                                                                                                                                                                                                                                                                                                                                                                                                                                          ","UN    ","CR",3.94]
[3905,"LUVA SOLDAVEL COM ROSCA, PVC, 40 MM X 1 1/4\", PARA AGUA FRIA PREDIAL                                                                                                                                                                                                                                                                                                                                                                                                                                      ","UN    ","CR",9.02]
[3871,"LUVA SOLDAVEL COM ROSCA, PVC, 50 MM X 1 1/2\", PARA AGUA FRIA PREDIAL                                                                                                                                                                                                                                                                                                                                                                                                                                      ","UN    ","CR",15.97]
[39292,"LUVA/UNIAO DE REDUCAO METALICA, PARA CONEXAO COM ANEL DESLIZANTE, DN 20 X 16 MM, EM TUBO PEX PARA INST. AGUA QUENTE/FRIA                                                                                                                                                                                                                                                                                                                                                                                  ","UN    ","AS",8.32]
[39293,"LUVA/UNIAO DE REDUCAO METALICA, PARA CONEXAO COM ANEL DESLIZANTE, DN 25 X 16 MM, EM TUBO PEX PARA INST. AGUA QUENTE/FRIA                                                                                                                                                                                                                                                                                                                                                                                  ","UN    ","AS",12.92]
[39294,"LUVA/UNIAO DE REDUCAO METALICA, PARA CONEXAO COM ANEL DESLIZANTE, DN 25 X 20 MM, EM TUBO PEX PARA INST. AGUA QUENTE/FRIA                                                                                                                                                                                                                                                                                                                                                                                  ","UN    ","AS",13.81]
[39295,"LUVA/UNIAO DE REDUCAO METALICA, PARA CONEXAO COM ANEL DESLIZANTE, DN 32 X 25 MM, EM TUBO PEX PARA INST. AGUA QUENTE/FRIA                                                                                                                                                                                                                                                                                                                                                                                  ","UN    ","AS",19]
[39312,"LUVA/UNIAO DE REDUCAO, PLASTICA, PARA CONEXAO COM CRIMPAGEM, DN 20 X 16 MM, EM TUBO PEX PARA INST. AGUA QUENTE/FRIA                                                                                                                                                                                                                                                                                                                                                                                       ","UN    ","AS",12.75]
[39313,"LUVA/UNIAO DE REDUCAO, PLASTICA, PARA CONEXAO COM CRIMPAGEM, DN 25 X 16 MM, EM TUBO PEX PARA INST. AGUA QUENTE/FRIA                                                                                                                                                                                                                                                                                                                                                                                       ","UN    ","AS",17.12]
[39314,"LUVA/UNIAO DE REDUCAO, PLASTICA, PARA CONEXAO COM CRIMPAGEM, DN 32 X 25 MM, EM TUBO PEX PARA INST. AGUA QUENTE/FRIA                                                                                                                                                                                                                                                                                                                                                                                       ","UN    ","AS",25.2]
[39296,"LUVA/UNIAO METALICA, PARA CONEXAO COM ANEL DESLIZANTE, DN 16 MM, EM TUBO PEX PARA INST. AGUA QUENTE/FRIA                                                                                                                                                                                                                                                                                                                                                                                                  ","UN    ","AS",7.58]
[39297,"LUVA/UNIAO METALICA, PARA CONEXAO COM ANEL DESLIZANTE, DN 20 MM, EM TUBO PEX PARA INST. AGUA QUENTE/FRIA                                                                                                                                                                                                                                                                                                                                                                                                  ","UN    ","AS",10.28]
[39298,"LUVA/UNIAO METALICA, PARA CONEXAO COM ANEL DESLIZANTE, DN 25 MM, EM TUBO PEX PARA INST. AGUA QUENTE/FRIA                                                                                                                                                                                                                                                                                                                                                                                                  ","UN    ","AS",19.739999999999998]
[39299,"LUVA/UNIAO METALICA, PARA CONEXAO COM ANEL DESLIZANTE, DN 32 MM, EM TUBO PEX PARA INST. AGUA QUENTE/FRIA                                                                                                                                                                                                                                                                                                                                                                                                  ","UN    ","AS",23.39]
[39308,"LUVA/UNIAO, PLASTICA, PARA CONEXAO COM CRIMPAGEM, DN 16 MM, EM TUBO PEX PARA INST. AGUA QUENTE/FRIA                                                                                                                                                                                                                                                                                                                                                                                                       ","UN    ","AS",6.32]
[39309,"LUVA/UNIAO, PLASTICA, PARA CONEXAO COM CRIMPAGEM, DN 20 MM, EM TUBO PEX PARA INST. AGUA QUENTE/FRIA                                                                                                                                                                                                                                                                                                                                                                                                       ","UN    ","AS",7.21]
[39310,"LUVA/UNIAO, PLASTICA, PARA CONEXAO COM CRIMPAGEM, DN 25 MM, EM TUBO PEX PARA INST. AGUA QUENTE/FRIA                                                                                                                                                                                                                                                                                                                                                                                                       ","UN    ","AS",13.46]
[39311,"LUVA/UNIAO, PLASTICA, PARA CONEXAO COM CRIMPAGEM, DN 32 MM, EM TUBO PEX PARA INST. AGUA QUENTE/FRIA                                                                                                                                                                                                                                                                                                                                                                                                       ","UN    ","AS",19.059999999999999]
[37427,"LUVA, PEAD PE 100, DE 125 MM, PARA ELETROFUSAO                                                                                                                                                                                                                                                                                                                                                                                                                                                            ","UN    ","AS",60.11]
[37424,"LUVA, PEAD PE 100, DE 20 MM, PARA ELETROFUSAO                                                                                                                                                                                                                                                                                                                                                                                                                                                             ","UN    ","AS",11.58]
[37428,"LUVA, PEAD PE 100, DE 200 MM, PARA ELETROFUSAO                                                                                                                                                                                                                                                                                                                                                                                                                                                            ","UN    ","AS",207.17]
[37425,"LUVA, PEAD PE 100, DE 32 MM, PARA ELETROFUSAO                                                                                                                                                                                                                                                                                                                                                                                                                                                             ","UN    ","AS",12.48]
[37429,"LUVA, PEAD PE 100, DE 400 MM, PARA ELETROFUSAO                                                                                                                                                                                                                                                                                                                                                                                                                                                            ","UN    ","AS",2619.8200000000002]
[37426,"LUVA, PEAD PE 100, DE 63 MM, PARA ELETROFUSAO                                                                                                                                                                                                                                                                                                                                                                                                                                                             ","UN    ","AS",25.2]
[11519,"MACANETA ALAVANCA RETA OCA, EM ZAMAC COM ACABAMENTO CROMADO, COMPRIMENTO APROX DE 15 CM                                                                                                                                                                                                                                                                                                                                                                                                                   ","PAR   ","CR",53.47]
[11520,"MACANETA ALAVANCA, RETA SIMPLES / OCA, CROMADA, COMPRIMENTO DE 10 A 16 CM, ACABAMENTO PADRAO POPULAR - SOMENTE MACANETAS                                                                                                                                                                                                                                                                                                                                                                                  ","PAR   ","CR",24.72]
[11518,"MACANETA BOLA, EM ZAMAC COM ACABAMENTO CROMADO, DIAMETRO DE APROX 2 1/2\"                                                                                                                                                                                                                                                                                                                                                                                                                                  ","PAR   ","CR",89.89]
[38473,"MACARICO DE SOLDA 201 PARA EXTENSAO GLP OU ACETILENO                                                                                                                                                                                                                                                                                                                                                                                                                                                      ","UN    ","CR",125.45]
[4244,"MACARIQUEIRO (HORISTA)                                                                                                                                                                                                                                                                                                                                                                                                                                                                                    ","H     ","CR",20.45]
[40977,"MACARIQUEIRO (MENSALISTA)                                                                                                                                                                                                                                                                                                                                                                                                                                                                                 ","MES   ","CR",3576.61]
[4115,"MADEIRA ROLICA TRATADA, D = 12 A 15 CM, H = 3,00 M, EM EUCALIPTO OU EQUIVALENTE DA REGIAO                                                                                                                                                                                                                                                                                                                                                                                                                 ","M     ","CR",31.95]
[4119,"MADEIRA ROLICA TRATADA, D = 16 A 20 CM, H = 6,00 M, EM EUCALIPTO OU EQUIVALENTE DA REGIAO                                                                                                                                                                                                                                                                                                                                                                                                                 ","M     ","CR",64.53]
[2794,"MADEIRA ROLICA TRATADA, D = 25 A 29 CM, H = 6,50 M, EM EUCALIPTO OU EQUIVALENTE DA REGIAO                                                                                                                                                                                                                                                                                                                                                                                                                 ","M     ","CR",171.19]
[2788,"MADEIRA ROLICA TRATADA, D = 30 A 34 CM, H = 6,50 M, EM EUCALIPTO OU EQUIVALENTE DA REGIAO                                                                                                                                                                                                                                                                                                                                                                                                                 ","M     ","CR",249.39]
[4006,"MADEIRA SERRADA EM PINUS, MISTA OU EQUIVALENTE DA REGIAO - BRUTA                                                                                                                                                                                                                                                                                                                                                                                                                                          ","M3    ","CR",2398.56]
[36151,"MANGOTE DE SEGURANCA EM RASPA DE COURO                                                                                                                                                                                                                                                                                                                                                                                                                                                                    ","UN    ","CR",32.4]
[37457,"MANGUEIRA CRISTAL PARA NIVEL, LISA, PVC TRANSPARENTE, 3/8\" X1,5 MM                                                                                                                                                                                                                                                                                                                                                                                                                                        ","M     ","CR",2.8]
[37456,"MANGUEIRA CRISTAL PARA NIVEL, LISA, PVC TRANSPARENTE, 5/16\" X1 MM                                                                                                                                                                                                                                                                                                                                                                                                                                         ","M     ","CR",1.47]
[37461,"MANGUEIRA CRISTAL TRANCADA, PVC COM REFORCO, COM PRESSAO DE TRABALHO (PT) 250 LBS/POL2, DE 3/4\" X *2,8* MM                                                                                                                                                                                                                                                                                                                                                                                                ","M     ","CR",10.39]
[37460,"MANGUEIRA CRISTAL TRANCADA, PVC COM REFORCO, PRESSAO DE TRABALHO (PT) 250 LBS/POL2, DE 1\" X *3,4* MM                                                                                                                                                                                                                                                                                                                                                                                                      ","M     ","CR",14.19]
[37458,"MANGUEIRA CRISTAL, LISA, PVC TRANSPARENTE, 1/2\" X 2 MM                                                                                                                                                                                                                                                                                                                                                                                                                                                    ","M     ","C ",4.16]
[37454,"MANGUEIRA CRISTAL, LISA, PVC TRANSPARENTE, 1/4\" X1 MM                                                                                                                                                                                                                                                                                                                                                                                                                                                     ","M     ","CR",1.0900000000000001]
[37455,"MANGUEIRA CRISTAL, LISA, PVC TRANSPARENTE, 1/4\" X1,5 MM                                                                                                                                                                                                                                                                                                                                                                                                                                                   ","M     ","CR",1.83]
[37459,"MANGUEIRA CRISTAL, LISA, PVC TRANSPARENTE, 3/4\" X 2 MM                                                                                                                                                                                                                                                                                                                                                                                                                                                    ","M     ","CR",5.84]
[21029,"MANGUEIRA DE INCENDIO, TIPO 1, DE 1 1/2\", COMPRIMENTO = 15 M, TECIDO EM FIO DE POLIESTER E TUBO INTERNO EM BORRACHA SINTETICA, COM UNIOES ENGATE RAPIDO                                                                                                                                                                                                                                                                                                                                                   ","UN    ","C ",499.99]
[21030,"MANGUEIRA DE INCENDIO, TIPO 1, DE 1 1/2\", COMPRIMENTO = 20 M, TECIDO EM FIO DE POLIESTER E TUBO INTERNO EM BORRACHA SINTETICA, COM UNIOES ENGATE RAPIDO                                                                                                                                                                                                                                                                                                                                                   ","UN    ","CR",616.32000000000005]
[21031,"MANGUEIRA DE INCENDIO, TIPO 1, DE 1 1/2\", COMPRIMENTO = 25 M, TECIDO EM FIO DE POLIESTER E TUBO INTERNO EM BORRACHA SINTETICA, COM UNIOES ENGATE RAPIDO                                                                                                                                                                                                                                                                                                                                                   ","UN    ","CR",767.31]
[21032,"MANGUEIRA DE INCENDIO, TIPO 1, DE 1 1/2\", COMPRIMENTO = 30 M, TECIDO EM FIO DE POLIESTER E TUBO INTERNO EM BORRACHA SINTETICA, COM UNIOES ENGATE RAPIDO                                                                                                                                                                                                                                                                                                                                                   ","UN    ","CR",819.29]
[37527,"MANGUEIRA DE INCENDIO, TIPO 2, DE 1 1/2\", COMPRIMENTO = 15 M, TECIDO EM FIO DE POLIESTER E TUBO INTERNO EM BORRACHA SINTETICA, COM UNIOES ENGATE RAPIDO                                                                                                                                                                                                                                                                                                                                                   ","UN    ","CR",740.08]
[37528,"MANGUEIRA DE INCENDIO, TIPO 2, DE 1 1/2\", COMPRIMENTO = 20 M, TECIDO EM FIO DE POLIESTER E TUBO INTERNO EM BORRACHA SINTETICA, COM UNIOES                                                                                                                                                                                                                                                                                                                                                                 ","UN    ","CR",882.4]
[37529,"MANGUEIRA DE INCENDIO, TIPO 2, DE 1 1/2\", COMPRIMENTO = 25 M, TECIDO EM FIO DE POLIESTER E TUBO INTERNO EM BORRACHA SINTETICA, COM UNIOES                                                                                                                                                                                                                                                                                                                                                                 ","UN    ","CR",891.07]
[37530,"MANGUEIRA DE INCENDIO, TIPO 2, DE 1 1/2\", COMPRIMENTO = 30 M, TECIDO EM FIO DE POLIESTER E TUBO INTERNO EM BORRACHA SINTETICA, COM UNIOES                                                                                                                                                                                                                                                                                                                                                                 ","UN    ","CR",1163.3399999999999]
[21034,"MANGUEIRA DE INCENDIO, TIPO 2, DE 2 1/2\", COMPRIMENTO = 15 M, TECIDO EM FIO DE POLIESTER E TUBO INTERNO EM BORRACHA SINTETICA, COM UNIOES ENGATE RAPIDO                                                                                                                                                                                                                                                                                                                                                   ","UN    ","CR",992.55]
[37531,"MANGUEIRA DE INCENDIO, TIPO 2, DE 2 1/2\", COMPRIMENTO = 20 M, TECIDO EM FIO DE POLIESTER E TUBO INTERNO EM BORRACHA SINTETICA, COM UNIOES                                                                                                                                                                                                                                                                                                                                                                 ","UN    ","CR",1249.97]
[21036,"MANGUEIRA DE INCENDIO, TIPO 2, DE 2 1/2\", COMPRIMENTO = 25 M, TECIDO EM FIO DE POLIESTER E TUBO INTERNO EM BORRACHA SINTETICA, COM UNIOES ENGATE RAPIDO                                                                                                                                                                                                                                                                                                                                                   ","UN    ","CR",1519.77]
[21037,"MANGUEIRA DE INCENDIO, TIPO 2, DE 2 1/2\", COMPRIMENTO = 30 M, TECIDO EM FIO DE POLIESTER E TUBO INTERNO EM BORRACHA SINTETICA, COM UNIOES ENGATE RAPIDO                                                                                                                                                                                                                                                                                                                                                   ","UN    ","CR",1732.63]
[20185,"MANGUEIRA DE PVC FLEXIVEL,TIPO FLAT/ACHATADA, COR LARANJA, D = 1 1/2\" (40 MM), PARA CONDUCAO DE AGUA, SERVICOS LEVES E MEDIOS                                                                                                                                                                                                                                                                                                                                                                             ","M     ","CR",16.89]
[20260,"MANGUEIRA PARA GAS - GLP, PVC, TRANCADA, DIAMETRO DE 3/8\", COMPRIMENTO DE 1M (NORMATIZADA)                                                                                                                                                                                                                                                                                                                                                                                                                ","UN    ","CR",13.59]
[37523,"MANIPULADOR TELESCOPICO, POTENCIA DE 101 HP, CAPACIDADE DE CARGA DE 3.500 KG, ALTURA MAXIMA DE ELEVACAO DE 12 M                                                                                                                                                                                                                                                                                                                                                                                           ","UN    ","AS",507420.91]
[37515,"MANIPULADOR TELESCOPICO, POTENCIA DE 85 HP, CAPACIDADE DE CARGA DE 3.500 KG, ALTURA MAXIMA DE ELEVACAO DE 12,3 M                                                                                                                                                                                                                                                                                                                                                                                          ","UN    ","AS",451123.14]
[12899,"MANOMETRO COM CAIXA EM ACO PINTADO, ESCALA *10* KGF/CM2 (*10* BAR), DIAMETRO NOMINAL DE *63* MM, CONEXAO DE 1/4\"                                                                                                                                                                                                                                                                                                                                                                                          ","UN    ","AS",122.65]
[12898,"MANOMETRO COM CAIXA EM ACO PINTADO, ESCALA *10* KGF/CM2 (*10* BAR), DIAMETRO NOMINAL DE 100 MM, CONEXAO DE 1/2\"                                                                                                                                                                                                                                                                                                                                                                                           ","UN    ","AS",194.55]
[39699,"MANTA / LENCOL DE BORRACHA, SBR, ANTIRRUIDO, E = 5 MM                                                                                                                                                                                                                                                                                                                                                                                                                                                     ","M2    ","CR",22.85]
[42528,"MANTA ALUMINIZADA NAS DUAS FACES, PARA SUBCOBERTURA,  E = *2* MM                                                                                                                                                                                                                                                                                                                                                                                                                                          ","M2    ","AS",9.17]
[39696,"MANTA ALUMINIZADA 1 FACE PARA SUBCOBERTURA, E = *1* MM                                                                                                                                                                                                                                                                                                                                                                                                                                                    ","M2    ","AS",6.45]
[39700,"MANTA ANTIRRUIDO DE POLIESTER (PET) PARA CONTRAPISO E = *8* MM                                                                                                                                                                                                                                                                                                                                                                                                                                            ","M2    ","CR",26.81]
[11621,"MANTA ASFALTICA ELASTOMERICA EM POLIESTER ALUMINIZADA 3 MM, TIPO III, CLASSE B (NBR 9952)                                                                                                                                                                                                                                                                                                                                                                                                                 ","M2    ","CR",53.34]
[4014,"MANTA ASFALTICA ELASTOMERICA EM POLIESTER 3 MM, TIPO III, CLASSE B, ACABAMENTO PP (NBR 9952)                                                                                                                                                                                                                                                                                                                                                                                                              ","M2    ","CR",55.19]
[4015,"MANTA ASFALTICA ELASTOMERICA EM POLIESTER 4 MM, TIPO III, CLASSE B, ACABAMENTO PP (NBR 9952)                                                                                                                                                                                                                                                                                                                                                                                                              ","M2    ","CR",67.77]
[4017,"MANTA ASFALTICA ELASTOMERICA EM POLIESTER 5 MM, TIPO III, CLASSE B, ACABAMENTO PP (NBR 9952)                                                                                                                                                                                                                                                                                                                                                                                                              ","M2    ","CR",98.61]
[4016,"MANTA ASFALTICA ELASTOMERICA TIPO GLASS 3 MM, TIPO II, CLASSE C, ACABAMENTO PP (NBR 9952)                                                                                                                                                                                                                                                                                                                                                                                                                 ","M2    ","C ",38.950000000000003]
[38544,"MANTA DE POLIETILENO EXPANDIDO (PEBD) ANTICHAMAS, E = 8 MM                                                                                                                                                                                                                                                                                                                                                                                                                                                ","M2    ","CR",9.99]
[38545,"MANTA DE POLIETILENO EXPANDIDO (PEBD), E = 5 MM                                                                                                                                                                                                                                                                                                                                                                                                                                                           ","M2    ","CR",6.42]
[42527,"MANTA DE POLIETILENO EXPANDIDO, COM 1 FACE METALIZADA PARA SUBCOBERTURA, E = *5* MM                                                                                                                                                                                                                                                                                                                                                                                                                       ","M2    ","AS",24.23]
[39323,"MANTA GEOTEXTIL TECIDO DE LAMINETES DE POLIPROPILENO, RESISTENCIA A TRACAO = *25* KN/M                                                                                                                                                                                                                                                                                                                                                                                                                    ","M2    ","CR",24.5]
[626,"MANTA LIQUIDA DE BASE ASFALTICA MODIFICADA COM A ADICAO DE ELASTOMEROS DILUIDOS EM SOLVENTE ORGANICO, APLICACAO A FRIO (MEMBRANA DE EMULSAO ASFALTICA PARA IMPERMEABILIZACAO FLEXIVEL)                                                                                                                                                                                                                                                                                                                    ","KG    ","C ",20.47]
[44504,"MANTA TERMOPLASTICA, PEAD, GEOMEMBRANA LISA, E = 0,50 MM (NBR 15352)                                                                                                                                                                                                                                                                                                                                                                                                                                      ","M2    ","AS",13.22]
[44505,"MANTA TERMOPLASTICA, PEAD, GEOMEMBRANA LISA, E = 0,75 MM (NBR 15352)                                                                                                                                                                                                                                                                                                                                                                                                                                      ","M2    ","AS",19.95]
[44506,"MANTA TERMOPLASTICA, PEAD, GEOMEMBRANA LISA, E = 0,80 MM (NBR 15352)                                                                                                                                                                                                                                                                                                                                                                                                                                      ","M2    ","AS",21.17]
[44507,"MANTA TERMOPLASTICA, PEAD, GEOMEMBRANA LISA, E = 1,00 MM (NBR 15352)                                                                                                                                                                                                                                                                                                                                                                                                                                      ","M2    ","AS",26.47]
[44508,"MANTA TERMOPLASTICA, PEAD, GEOMEMBRANA LISA, E = 1,50 MM (NBR 15352)                                                                                                                                                                                                                                                                                                                                                                                                                                      ","M2    ","AS",39.700000000000003]
[44509,"MANTA TERMOPLASTICA, PEAD, GEOMEMBRANA LISA, E = 2,00 MM (NBR 15352)                                                                                                                                                                                                                                                                                                                                                                                                                                      ","M2    ","AS",53.18]
[44510,"MANTA TERMOPLASTICA, PEAD, GEOMEMBRANA LISA, E = 2,50 MM (NBR 15352)                                                                                                                                                                                                                                                                                                                                                                                                                                      ","M2    ","AS",66.03]
[44512,"MANTA TERMOPLASTICA, PEAD, GEOMEMBRANA TEXTURIZADA EM AMBAS AS FACES, E = 0,50 MM ( NBR 15352)                                                                                                                                                                                                                                                                                                                                                                                                            ","M2    ","AS",14.74]
[44513,"MANTA TERMOPLASTICA, PEAD, GEOMEMBRANA TEXTURIZADA EM AMBAS AS FACES, E = 0,75 MM ( NBR 15352)                                                                                                                                                                                                                                                                                                                                                                                                            ","M2    ","AS",20.8]
[44514,"MANTA TERMOPLASTICA, PEAD, GEOMEMBRANA TEXTURIZADA EM AMBAS AS FACES, E = 0,80 MM ( NBR 15352)                                                                                                                                                                                                                                                                                                                                                                                                            ","M2    ","AS",23.58]
[44515,"MANTA TERMOPLASTICA, PEAD, GEOMEMBRANA TEXTURIZADA EM AMBAS AS FACES, E = 1,00 MM ( NBR 15352)                                                                                                                                                                                                                                                                                                                                                                                                            ","M2    ","AS",28.96]
[44511,"MANTA TERMOPLASTICA, PEAD, GEOMEMBRANA TEXTURIZADA EM AMBAS AS FACES, E = 1,50 MM ( NBR 15352)                                                                                                                                                                                                                                                                                                                                                                                                            ","M2    ","AS",42.86]
[44516,"MANTA TERMOPLASTICA, PEAD, GEOMEMBRANA TEXTURIZADA EM AMBAS AS FACES, E = 2,00 MM ( NBR 15352)                                                                                                                                                                                                                                                                                                                                                                                                            ","M2    ","AS",57.93]
[44517,"MANTA TERMOPLASTICA, PEAD, GEOMEMBRANA TEXTURIZADA EM AMBAS AS FACES, E = 2,50 MM ( NBR 15352)                                                                                                                                                                                                                                                                                                                                                                                                            ","M2    ","AS",72.25]
[11479,"MAQUINA DE 40 MM PARA FECHADURA DE EMBUTIR EXTERNA, EM ACO INOX                                                                                                                                                                                                                                                                                                                                                                                                                                           ","UN    ","CR",37.54]
[11481,"MAQUINA DE 40 MM PARA FECHADURA, PARA PORTA DE BANHEIRO, EM ACO INOX                                                                                                                                                                                                                                                                                                                                                                                                                                      ","UN    ","CR",33.96]
[43609,"MAQUINA DE 40 MM PARA FECHADURA, PARA PORTA INTERNA, EM ACO INOX                                                                                                                                                                                                                                                                                                                                                                                                                                          ","UN    ","CR",33.96]
[11478,"MAQUINA DE 55 MM PARA FECHADURA DE EMBUTIR EXTERNA, EM ACO INOX                                                                                                                                                                                                                                                                                                                                                                                                                                           ","UN    ","CR",64.42]
[43608,"MAQUINA DE 55 MM PARA FECHADURA, PARA PORTA DE BANHEIRO, EM ACO INOX                                                                                                                                                                                                                                                                                                                                                                                                                                      ","UN    ","CR",49.16]
[11476,"MAQUINA DE 55 MM PARA FECHADURA, PARA PORTA INTERNA, EM ACO INOX                                                                                                                                                                                                                                                                                                                                                                                                                                          ","UN    ","CR",49.16]
[40637,"MAQUINA DEMARCADORA DE FAIXA DE TRAFEGO A FRIO, AUTOPROPELIDA, MOTOR DIESEL 38 HP                                                                                                                                                                                                                                                                                                                                                                                                                         ","UN    ","AS",793072.01]
[13836,"MAQUINA EXTRUSORA DE CONCRETO PARA GUIAS E SARJETAS, COM MOTOR A DIESEL E POTENCIA DE 14 CV                                                                                                                                                                                                                                                                                                                                                                                                               ","UN    ","AS",66337.070000000007]
[14534,"MAQUINA MANUAL TIPO PRENSA PARA PRODUCAO DE BLOCOS E PAVIMENTOS DE CONCRETO, COM MOTOR ELETRICO TRIFASICO PARA VIBRACAO, POTENCIA TOTAL INSTALADA DE 1,5 KW                                                                                                                                                                                                                                                                                                                                               ","UN    ","AS",27770.45]
[14619,"MAQUINA PARA CORTE COM DISCO ABRASIVO DE DIAMETRO DE 18\" (450 MM), COM MOTOR ELETRICO TRIFASICO DE 10 CV                                                                                                                                                                                                                                                                                                                                                                                                  ","UN    ","CR",15506.87]
[14535,"MAQUINA TIPO PRENSA HIDRAULICA, PARA FABRICACAO DE TUBOS DE CONCRETO PARA AGUAS PLUVIAIS, DN 200 A DN 600 MM X 1000 MM DE COMPRIMENTO, COM MOTOR PRINCIPAL COM POTENCIA DE 20 CV                                                                                                                                                                                                                                                                                                                          ","UN    ","AS",275624.39]
[39813,"MAQUINA TIPO VASO/TANQUE/JATO DE PRESSAO PORTATIL P/ JATEAMENTO, CONTROLE AUTOMATICO E REMOTO, CAMARA DE 1 SAIDA, 280 L, DIAM. *670* MM, BICO JATO CURTO VENTURI 5/16\", MANGUEIRA 1\" DE 10 M, COMPLETA (VALVULAS POP UP E DOSADORA, FUNDO CONICO ETC)                                                                                                                                                                                                                                                     ","UN    ","AS",39230.26]
[40403,"MAQUINA TRANSFORMADORA MONOFASICA PARA SOLDA ELETRICA, TENSAO DE 220 V, FREQUENCIA DE 60 HZ, FAIXA DE CORRENTE ENTRE 80 A (+/- 10 A) E 250 A, POTENCIA ENTRE 14,00 KVA E 15,0 KVA, CICLO DE TRABALHO ENTRE 10% E 20% A 250 A                                                                                                                                                                                                                                                                              ","UN    ","CR",403.56]
[12868,"MARCENEIRO (HORISTA)                                                                                                                                                                                                                                                                                                                                                                                                                                                                                      ","H     ","CR",20.99]
[40916,"MARCENEIRO (MENSALISTA)                                                                                                                                                                                                                                                                                                                                                                                                                                                                                   ","MES   ","CR",3668.94]
[4755,"MARMORISTA / GRANITEIRO (HORISTA)                                                                                                                                                                                                                                                                                                                                                                                                                                                                         ","H     ","CR",20.99]
[41067,"MARMORISTA / GRANITEIRO (MENSALISTA)                                                                                                                                                                                                                                                                                                                                                                                                                                                                      ","MES   ","CR",3668.94]
[38463,"MARTELO DE SOLDADOR/PICADOR DE SOLDA                                                                                                                                                                                                                                                                                                                                                                                                                                                                      ","UN    ","CR",30.47]
[40703,"MARTELO DEMOLIDOR ELETRICO, COM POTENCIA DE 2.000 W, FREQUENCIA DE 1.000 IMPACTOS POR MINUTO, FORCA DE IMPACTO ENTRE 60 E 65 J, PESO DE 30 KG                                                                                                                                                                                                                                                                                                                                                             ","UN    ","AS",12046.67]
[14531,"MARTELO DEMOLIDOR PNEUMATICO MANUAL, COM REDUCAO DE VIBRACAO, PESO DE 21 KG                                                                                                                                                                                                                                                                                                                                                                                                                               ","UN    ","AS",22459.53]
[36533,"MARTELO DEMOLIDOR PNEUMATICO MANUAL, COM REDUCAO DE VIBRACAO, PESO DE 31,5 KG                                                                                                                                                                                                                                                                                                                                                                                                                             ","UN    ","AS",25845.18]
[11616,"MARTELO DEMOLIDOR PNEUMATICO MANUAL, PADRAO, PESO DE 32 KG                                                                                                                                                                                                                                                                                                                                                                                                                                                ","UN    ","AS",24410.39]
[41898,"MARTELO DEMOLIDOR PNEUMATICO MANUAL, PESO DE 28 KG, COM SILENCIADOR                                                                                                                                                                                                                                                                                                                                                                                                                                       ","UN    ","AS",27465.01]
[13447,"MARTELO PERFURADOR PNEUMATICO MANUAL, DE SUPERFICIE, COM AVANCO DE COLUNA, PESO DE 22 KG                                                                                                                                                                                                                                                                                                                                                                                                                  ","UN    ","AS",50537.5]
[14529,"MARTELO PERFURADOR PNEUMATICO MANUAL, HASTE 25 X 75 MM, 21 KG                                                                                                                                                                                                                                                                                                                                                                                                                                             ","UN    ","AS",28264.34]
[10747,"MARTELO PERFURADOR PNEUMATICO MANUAL, PESO DE 25 KG, COM SILENCIADOR                                                                                                                                                                                                                                                                                                                                                                                                                                      ","UN    ","AS",27731.64]
[36141,"MASCARA DE SEGURANCA PARA SOLDA COM ESCUDO DE CELERON E CARNEIRA DE PLASTICO COM REGULAGEM                                                                                                                                                                                                                                                                                                                                                                                                                ","UN    ","CR",43.74]
[43651,"MASSA ACRILICA PARA SUPERFICIES INTERNAS E EXTERNAS                                                                                                                                                                                                                                                                                                                                                                                                                                                       ","KG    ","CR",4.24]
[43626,"MASSA CORRIDA PARA SUPERFICIES DE AMBIENTES INTERNOS                                                                                                                                                                                                                                                                                                                                                                                                                                                      ","KG    ","C ",2.36]
[39434,"MASSA DE REJUNTE EM PO PARA DRYWALL, A BASE DE GESSO, SECAGEM RAPIDA, PARA TRATAMENTO DE JUNTAS DE CHAPA DE GESSO (NECESSITA ADICAO DE AGUA)                                                                                                                                                                                                                                                                                                                                                              ","KG    ","CR",3.18]
[39433,"MASSA DE REJUNTE PRONTA PARA TRATAMENTO DE JUNTAS DE CHAPA DE GESSO PARA DRYWALL, SEM ADICAO DE AGUA                                                                                                                                                                                                                                                                                                                                                                                                      ","KG    ","CR",2.5299999999999998]
[4049,"MASSA EPOXI BICOMPONENTE (MASSA + CATALISADOR)                                                                                                                                                                                                                                                                                                                                                                                                                                                            ","L     ","CR",47.36]
[38120,"MASSA EPOXI BICOMPONENTE PARA REPAROS                                                                                                                                                                                                                                                                                                                                                                                                                                                                     ","KG    ","CR",145.66999999999999]
[43652,"MASSA PARA MADEIRA - INTERIOR E EXTERIOR                                                                                                                                                                                                                                                                                                                                                                                                                                                                  ","KG    ","CR",9.51]
[10498,"MASSA PARA VIDRO                                                                                                                                                                                                                                                                                                                                                                                                                                                                                          ","KG    ","CR",7]
[4823,"MASSA PLASTICA PARA MARMORE/GRANITO                                                                                                                                                                                                                                                                                                                                                                                                                                                                       ","KG    ","CR",39.590000000000003]
[38877,"MASSA PREMIUM PARA TEXTURA LISA DE BASE ACRILICA, USO INTERNO E EXTERNO                                                                                                                                                                                                                                                                                                                                                                                                                                   ","KG    ","CR",8.2200000000000006]
[34546,"MASSA PREMIUM PARA TEXTURA RUSTICA DE BASE ACRILICA, COR BRANCA, USO INTERNO E EXTERNO                                                                                                                                                                                                                                                                                                                                                                                                                    ","KG    ","CR",8.4499999999999993]
[41387,"MASTRO SIMPLES GALVANIZADO DIAMETRO NOMINAL 1 1/2\"                                                                                                                                                                                                                                                                                                                                                                                                                                                        ","M     ","AS",54.41]
[41388,"MASTRO SIMPLES GALVANIZADO DIAMETRO NOMINAL 2\"                                                                                                                                                                                                                                                                                                                                                                                                                                                            ","M     ","AS",65.28]
[41380,"MASTRO TELESCOPICO DE 4 METROS (3 M X DN= 2\" + 1 M X DN= 1 1/2\")                                                                                                                                                                                                                                                                                                                                                                                                                                          ","UN    ","AS",434.33]
[41381,"MASTRO TELESCOPICO GALVANIZADO 5 METROS (3 M X DN= 2\" + 2 M X DN= 1 1/2\")                                                                                                                                                                                                                                                                                                                                                                                                                                 ","UN    ","AS",455.01]
[41382,"MASTRO TELESCOPICO GALVANIZADO 6 METROS (3 M X DN= 2\" + 3 M X DN= 1 1/2\")                                                                                                                                                                                                                                                                                                                                                                                                                                 ","UN    ","AS",440.42]
[41383,"MASTRO TELESCOPICO GALVANIZADO 7 METROS (6 M X DN= 2\" + 1 M X DN= 1 1/2\")                                                                                                                                                                                                                                                                                                                                                                                                                                 ","UN    ","AS",597.79]
[41385,"MASTRO TELESCOPICO GALVANIZADO 9 METROS (6 M X DN= 2\" + 3 M X DN= 1 1/2\")                                                                                                                                                                                                                                                                                                                                                                                                                                 ","UN    ","AS",743.87]
[4058,"MECANICO DE EQUIPAMENTOS PESADOS (HORISTA)                                                                                                                                                                                                                                                                                                                                                                                                                                                                ","H     ","CR",38.51]
[40974,"MECANICO DE EQUIPAMENTOS PESADOS (MENSALISTA)                                                                                                                                                                                                                                                                                                                                                                                                                                                             ","MES   ","CR",6733.7]
[34794,"MECANICO DE REFRIGERACAO (HORISTA)                                                                                                                                                                                                                                                                                                                                                                                                                                                                        ","H     ","CR",21.37]
[40925,"MECANICO DE REFRIGERACAO (MENSALISTA)                                                                                                                                                                                                                                                                                                                                                                                                                                                                     ","MES   ","CR",3739.08]
[13741,"MEDIDOR DE NIVEL ESTATICO E DINAMICO PARA POCO, COMPRIMENTO DE 200 M                                                                                                                                                                                                                                                                                                                                                                                                                                      ","UN    ","CR",2931.23]
[3288,"MEIA CANA DE MADEIRA CEDRINHO OU EQUIVALENTE DA REGIAO, ACABAMENTO PARA FORRO PAULISTA, *2,5 X 2,5* CM                                                                                                                                                                                                                                                                                                                                                                                                    ","M     ","AS",6.5]
[13587,"MEIA CANA DE MADEIRA PINUS OU EQUIVALENTE DA REGIAO, ACABAMENTO PARA FORRO PAULISTA, *2,5 X 2,5* CM                                                                                                                                                                                                                                                                                                                                                                                                       ","M     ","AS",3.92]
[38598,"MEIA CANALETA DE CONCRETO ESTRUTURAL 14 X 19 X 19 CM, FBK 14 MPA (NBR 6136)                                                                                                                                                                                                                                                                                                                                                                                                                               ","UN    ","CR",3.35]
[38595,"MEIA CANALETA DE CONCRETO ESTRUTURAL 14 X 19 X 19 CM, FBK 4,5 MPA (NBR 6136)                                                                                                                                                                                                                                                                                                                                                                                                                              ","UN    ","CR",2.83]
[38592,"MEIO BLOCO DE CONCRETO ESTRUTURAL 14 X 19 X 14 CM, FBK 14 MPA (NBR 6136)                                                                                                                                                                                                                                                                                                                                                                                                                                  ","UN    ","CR",2.86]
[38588,"MEIO BLOCO DE CONCRETO ESTRUTURAL 14 X 19 X 14 CM, FBK 4,5 MPA (NBR 6136)                                                                                                                                                                                                                                                                                                                                                                                                                                 ","UN    ","CR",2.29]
[38593,"MEIO BLOCO DE CONCRETO ESTRUTURAL 14 X 19 X 19 CM, FBK 14 MPA (NBR 6136)                                                                                                                                                                                                                                                                                                                                                                                                                                  ","UN    ","CR",3.17]
[38589,"MEIO BLOCO DE CONCRETO ESTRUTURAL 14 X 19 X 19 CM, FBK 4,5 MPA (NBR 6136)                                                                                                                                                                                                                                                                                                                                                                                                                                 ","UN    ","CR",2.4]
[38594,"MEIO BLOCO DE CONCRETO ESTRUTURAL 14 X 19 X 34 CM, FBK 14 MPA (NBR 6136)                                                                                                                                                                                                                                                                                                                                                                                                                                  ","UN    ","CR",4.99]
[34773,"MEIO BLOCO DE VEDACAO DE CONCRETO APARENTE 14 X 19 X 19 CM (CLASSE C - NBR 6136)                                                                                                                                                                                                                                                                                                                                                                                                                          ","UN    ","CR",2.36]
[34769,"MEIO BLOCO DE VEDACAO DE CONCRETO APARENTE 19 X 19 X 19 CM (CLASSE C - NBR 6136)                                                                                                                                                                                                                                                                                                                                                                                                                          ","UN    ","CR",2.92]
[34763,"MEIO BLOCO DE VEDACAO DE CONCRETO APARENTE 9 X 19 X 19 CM (CLASSE C - NBR 6136)                                                                                                                                                                                                                                                                                                                                                                                                                           ","UN    ","CR",1.8]
[34774,"MEIO BLOCO DE VEDACAO DE CONCRETO 14 X 19 X 19 CM (CLASSE C - NBR 6136)                                                                                                                                                                                                                                                                                                                                                                                                                                   ","UN    ","CR",2.2400000000000002]
[34771,"MEIO BLOCO DE VEDACAO DE CONCRETO 19 X 19 X 19 CM (CLASSE C - NBR 6136)                                                                                                                                                                                                                                                                                                                                                                                                                                   ","UN    ","CR",2.7]
[34764,"MEIO BLOCO DE VEDACAO DE CONCRETO 9 X 19 X 19 CM (CLASSE C - NBR 6136)                                                                                                                                                                                                                                                                                                                                                                                                                                    ","UN    ","CR",1.77]
[34788,"MEIO BLOCO ESTRUTURAL CERAMICO DE 14 X 19 X 14 CM (L X A X C) E 6,0 MPA                                                                                                                                                                                                                                                                                                                                                                                                                                   ","UN    ","CR",1.2]
[34781,"MEIO BLOCO ESTRUTURAL CERAMICO DE 14 X 19 X 19 CM (L X A X C) E 6,0 MPA                                                                                                                                                                                                                                                                                                                                                                                                                                   ","UN    ","CR",1.36]
[41682,"MEIO-FIO OU GUIA DE CONCRETO PRE MOLDADO, COMP 1 M, *30 X 10/12* CM (H X L1/L2)                                                                                                                                                                                                                                                                                                                                                                                                                           ","UN    ","CR",36.86]
[41683,"MEIO-FIO OU GUIA DE CONCRETO PRE MOLDADO, COMP 80 CM, *30 X 10/10* (H X L1/L2)                                                                                                                                                                                                                                                                                                                                                                                                                            ","UN    ","CR",27.12]
[41680,"MEIO-FIO OU GUIA DE CONCRETO PRE-MOLDADO, COMP *39* CM, *19 X 6,5/6,5* CM (H X L1/L2)                                                                                                                                                                                                                                                                                                                                                                                                                     ","UN    ","CR",14.6]
[41679,"MEIO-FIO OU GUIA DE CONCRETO PRE-MOLDADO, COMP 1 M, *20 X 12/15* CM (H X L1/L2)                                                                                                                                                                                                                                                                                                                                                                                                                           ","UN    ","CR",33.380000000000003]
[41681,"MEIO-FIO OU GUIA DE CONCRETO PRE-MOLDADO, COMP 80 CM, *25 X 08/08* CM (H X L1/L2)                                                                                                                                                                                                                                                                                                                                                                                                                         ","UN    ","CR",22.84]
[43386,"MEIO-FIO OU GUIA DE CONCRETO PRE-MOLDADO, TIPO CHAPEU PARA BOCA DE LOBO,  DIMENSOES *1,20* X 0,15 X 0,30 M                                                                                                                                                                                                                                                                                                                                                                                                ","UN    ","CR",52.16]
[4059,"MEIO-FIO OU GUIA DE CONCRETO, PRE-MOLDADO, COMP 1 M, *30 X 12/15* CM (H X L1/L2)                                                                                                                                                                                                                                                                                                                                                                                                                          ","M     ","CR",36.86]
[4062,"MEIO-FIO OU GUIA DE CONCRETO, PRE-MOLDADO, COMP 1 M, *30 X 15* CM (H X L)                                                                                                                                                                                                                                                                                                                                                                                                                                 ","UN    ","CR",36.86]
[4061,"MEIO-FIO OU GUIA DE CONCRETO, PRE-MOLDADO, COMP 80 CM, *45 X 12/18* CM (H X L1/L2)                                                                                                                                                                                                                                                                                                                                                                                                                        ","UN    ","CR",45.9]
[41315,"MEMBRANA IMPERMEABILIZANTE A BASE DE POLIUREIA, BICOMPONENTE, APLICACAO A FRIO                                                                                                                                                                                                                                                                                                                                                                                                                            ","KG    ","CR",102.57]
[43148,"MEMBRANA IMPERMEABILIZANTE A BASE DE POLIURETANO                                                                                                                                                                                                                                                                                                                                                                                                                                                          ","KG    ","CR",69.62]
[43147,"MEMBRANA IMPERMEABILIZANTE ACRILICA MONOCOMPONENTE                                                                                                                                                                                                                                                                                                                                                                                                                                                        ","KG    ","CR",26.96]
[10608,"MESA VIBRATORIA COM DIMENSOES DE 2,0 X 1,0 M, COM MOTOR ELETRICO DE 2 POLOS E POTENCIA DE 3 CV                                                                                                                                                                                                                                                                                                                                                                                                            ","UN    ","AS",9489.7999999999993]
[4069,"MESTRE DE OBRAS (HORISTA)                                                                                                                                                                                                                                                                                                                                                                                                                                                                                 ","H     ","CR",50.94]
[40819,"MESTRE DE OBRAS (MENSALISTA)                                                                                                                                                                                                                                                                                                                                                                                                                                                                              ","MES   ","CR",8905.0400000000009]
[34361,"METACAULIM DE ALTA REATIVIDADE/CAULIM CALCINADO                                                                                                                                                                                                                                                                                                                                                                                                                                                           ","KG    ","CR",19.63]
[36512,"MICRO-TRATOR CORTADOR DE GRAMA COM LARGURA DO CORTE DE 107 CM, COM 2 LAMINAS E DESCARTE LATERAL                                                                                                                                                                                                                                                                                                                                                                                                           ","UN    ","AS",21460.25]
[44478,"MICROESFERAS DE VIDRO PARA SINALIZACAO HORIZONTAL VIARIA, TIPO I-B (PREMIX) - NBR  16184                                                                                                                                                                                                                                                                                                                                                                                                                  ","KG    ","CR",9.16]
[44477,"MICROESFERAS DE VIDRO PARA SINALIZACAO HORIZONTAL VIARIA, TIPO II-A (DROP-ON) - NBR  16184                                                                                                                                                                                                                                                                                                                                                                                                                ","KG    ","CR",9.16]
[11697,"MICTORIO COLETIVO ACO INOX (AISI 304), E = 0,8 MM, DE *100 X 40 X 30* CM (C X A X P)                                                                                                                                                                                                                                                                                                                                                                                                                      ","UN    ","CR",693.66]
[11698,"MICTORIO COLETIVO ACO INOX (AISI 304), E = 0,8 MM, DE *100 X 50 X 35* CM (C X A X P)                                                                                                                                                                                                                                                                                                                                                                                                                      ","UN    ","CR",827.5]
[11699,"MICTORIO INDIVIDUAL ACO INOX (AISI 304), E = 0,8 MM, DE *50 X 45 X 35* (C X A X P)                                                                                                                                                                                                                                                                                                                                                                                                                        ","UN    ","CR",914.57]
[10432,"MICTORIO INDIVIDUAL, SIFONADO, DE LOUCA BRANCA, SEM COMPLEMENTOS                                                                                                                                                                                                                                                                                                                                                                                                                                          ","UN    ","CR",347.69]
[44020,"MICTORIO INDIVIDUAL, SIFONADO, VALVULA EMBUTIDA, DE LOUCA BRANCA, SEM COMPLEMENTOS - PADRAO ALTO                                                                                                                                                                                                                                                                                                                                                                                                          ","UN    ","CR",857.8]
[41419,"MINICAPTOR, EM ACO GALVANIZADO A FOGO, FIXACAO COM ROSCA SOBERBA OU MECANICA, H=300 MM X DN=10 MM                                                                                                                                                                                                                                                                                                                                                                                                         ","UN    ","AS",8.14]
[41420,"MINICAPTOR, EM ACO GALVANIZADO A FOGO, FIXACAO COM ROSCA SOBERBA OU MECANICA, H=600 MM X DN=10 MM                                                                                                                                                                                                                                                                                                                                                                                                         ","UN    ","AS",11.07]
[41421,"MINICAPTOR, EM ACO GALVANIZADO A FOGO, FIXACAO HORIZONTAL COM BANDEIRA A 20 CM, H=300 MM E X DN=10 MM                                                                                                                                                                                                                                                                                                                                                                                                     ","UN    ","AS",11.04]
[41422,"MINICAPTOR, EM ACO GALVANIZADO A FOGO, FIXACAO HORIZONTAL COM BANDEIRA A 20 CM, H=600 MM E X DN=10 MM                                                                                                                                                                                                                                                                                                                                                                                                     ","UN    ","AS",15.12]
[41425,"MINICAPTOR, EM ACO GALVANIZADO A FOGO, FIXACAO HORIZONTAL DE 1 FUROS, SEM BANDEIRA, H=300 MM X DN=10 MM                                                                                                                                                                                                                                                                                                                                                                                                   ","UN    ","AS",7.74]
[41426,"MINICAPTOR, EM ACO GALVANIZADO A FOGO, FIXACAO HORIZONTAL DE 2 FUROS, SEM BANDEIRA, H=600 MM X DN=10 MM                                                                                                                                                                                                                                                                                                                                                                                                   ","UN    ","AS",13.95]
[41414,"MINICAPTORES DE INSERCAO, EM ACO GALVANIZADO A FOGO, H=300 MM X DN=10 MM                                                                                                                                                                                                                                                                                                                                                                                                                                  ","UN    ","AS",25.61]
[41415,"MINICAPTORES DE INSERCAO, EM ACO GALVANIZADO A FOGO, H=600,MM X DN=10,MM                                                                                                                                                                                                                                                                                                                                                                                                                                  ","UN    ","AS",29.82]
[37514,"MINICARREGADEIRA SOBRE RODAS, POTENCIA LIQUIDA DE *47* HP, CAPACIDADE NOMINAL DE OPERACAO DE *646* KG                                                                                                                                                                                                                                                                                                                                                                                                     ","UN    ","AS",305000]
[37519,"MINICARREGADEIRA SOBRE RODAS, POTENCIA LIQUIDA DE *72* HP, CAPACIDADE NOMINAL DE OPERACAO DE *1200* KG                                                                                                                                                                                                                                                                                                                                                                                                    ","UN    ","AS",470704.48]
[37520,"MINIESCAVADEIRA SOBRE ESTEIRAS, POTENCIA LIQUIDA DE *30* HP, PESO OPERACIONAL DE *3.500* KG                                                                                                                                                                                                                                                                                                                                                                                                               ","UN    ","AS",462988.01]
[37521,"MINIESCAVADEIRA SOBRE ESTEIRAS, POTENCIA LIQUIDA DE *42* HP, PESO OPERACIONAL DE *4.500* KG                                                                                                                                                                                                                                                                                                                                                                                                               ","UN    ","AS",564845.39]
[37522,"MINIESCAVADEIRA SOBRE ESTEIRAS, POTENCIA LIQUIDA DE *42* HP, PESO OPERACIONAL DE *5.300* KG                                                                                                                                                                                                                                                                                                                                                                                                               ","UN    ","AS",581839.18999999994]
[37546,"MISTURADOR DE ARGAMASSA, EIXO HORIZONTAL, CAPACIDADE DE MISTURA 160 KG, MOTOR ELETRICO TRIFASICO 220/380 V, POTENCIA 3 CV                                                                                                                                                                                                                                                                                                                                                                                 ","UN    ","CR",14283.78]
[37544,"MISTURADOR DE ARGAMASSA, EIXO HORIZONTAL, CAPACIDADE DE MISTURA 300 KG, MOTOR ELETRICO TRIFASICO 220/380 V, POTENCIA 5 CV                                                                                                                                                                                                                                                                                                                                                                                 ","UN    ","CR",15107.5]
[37545,"MISTURADOR DE ARGAMASSA, EIXO HORIZONTAL, CAPACIDADE DE MISTURA 600 KG, MOTOR ELETRICO TRIFASICO 220/380 V, POTENCIA 7,5 CV                                                                                                                                                                                                                                                                                                                                                                               ","UN    ","CR",17975.89]
[36793,"MISTURADOR DE METAL CROMADO DE PAREDE PARA LAVATORIO (REF 1878)                                                                                                                                                                                                                                                                                                                                                                                                                                           ","UN    ","CR",928.32]
[11769,"MISTURADOR DE METAL CROMADO, DE MESA/BANCADA, COM BICA BAIXA, PARA LAVATORIO (REF 1875)                                                                                                                                                                                                                                                                                                                                                                                                                   ","UN    ","CR",410.25]
[11771,"MISTURADOR DE PAREDE, DE METAL CROMADO, PARA COZINHA, BICA ALTA MOVEL, COM AREJADOR ARTICULADO (REF 1258)                                                                                                                                                                                                                                                                                                                                                                                                 ","UN    ","CR",502.5]
[39919,"MISTURADOR DUPLO HORIZONTAL DE ALTA TURBULENCIA, CAPACIDADE / VOLUME 2 X 500 LITROS, MOTORES ELETRICOS MINIMO 5 CV CADA, PARA NATA CIMENTO, ARGAMASSA E OUTROS                                                                                                                                                                                                                                                                                                                                            ","UN    ","CR",71498.210000000006]
[38385,"MISTURADOR MANUAL DE TINTAS PARA FURADEIRA, HASTE METALICA *60* CM, COM HELICE (MEXEDOR DE TINTA)                                                                                                                                                                                                                                                                                                                                                                                                         ","UN    ","CR",53.99]
[36800,"MISTURADOR METALICO, BASE PARA CHUVEIRO/BANHEIRA, 1/2\" OU 3/4 \", SOLDAVEL OU ROSCAVEL (NAO INCLUI ACABAMENTOS)                                                                                                                                                                                                                                                                                                                                                                                            ","UN    ","CR",246.51]
[37587,"MISTURADOR MONOCOMANDO PARA CHUVEIRO, BASE BRUTA, METALICO COM ACABAMENTO CROMADO                                                                                                                                                                                                                                                                                                                                                                                                                         ","UN    ","CR",541.58000000000004]
[11561,"MOLA HIDRAULICA AEREA, PARA PORTAS DE ATE 1.100 MM E PESO DE ATE 85 KG, COM CORPO EM ALUMINIO E BRACO EM ACO, SEM BRACO DE PARADA                                                                                                                                                                                                                                                                                                                                                                         ","UN    ","CR",253.59]
[43604,"MOLA HIDRAULICA AEREA, PARA PORTAS DE ATE 850 MM E PESO DE ATE 50 KG, COM CORPO EM ALUMINIO E BRACO EM ACO, SEM BRACO DE PARADA                                                                                                                                                                                                                                                                                                                                                                           ","UN    ","CR",135.19]
[11560,"MOLA HIDRAULICA AEREA, PARA PORTAS DE ATE 950 MM E PESO DE ATE 65 KG, COM CORPO EM ALUMINIO E BRACO EM ACO, SEM BRACO DE PARADA                                                                                                                                                                                                                                                                                                                                                                           ","UN    ","CR",195.73]
[11499,"MOLA HIDRAULICA DE PISO, PARA PORTAS DE ATE 1100 MM E PESO DE ATE 120 KG, COM CORPO EM ACO INOX                                                                                                                                                                                                                                                                                                                                                                                                           ","UN    ","CR",887.48]
[34761,"MONTADOR DE ELETROELETRONICOS (HORISTA)                                                                                                                                                                                                                                                                                                                                                                                                                                                                   ","H     ","CR",18.05]
[40924,"MONTADOR DE ELETROELETRONICOS (MENSALISTA)                                                                                                                                                                                                                                                                                                                                                                                                                                                                ","MES   ","CR",3158.44]
[40983,"MONTADOR DE ESTRUTURAS METALICAS (MENSALISTA)                                                                                                                                                                                                                                                                                                                                                                                                                                                             ","MES   ","CR",4134.07]
[44497,"MONTADOR DE ESTRUTURAS METALICAS HORISTA                                                                                                                                                                                                                                                                                                                                                                                                                                                                  ","H     ","CR",23.64]
[2437,"MONTADOR DE MAQUINAS (HORISTA)                                                                                                                                                                                                                                                                                                                                                                                                                                                                            ","H     ","CR",24.3]
[40921,"MONTADOR DE MAQUINAS (MENSALISTA)                                                                                                                                                                                                                                                                                                                                                                                                                                                                         ","MES   ","CR",4249.3500000000004]
[14252,"MOTOBOMBA AUTOESCORVANTE MOTOR A GASOLINA, POTENCIA 6,0HP, BOCAIS 3\" X 3\", HM/Q = 5 MCA / 24 M3/H A 52,5 MCA / 5,0 M3/H                                                                                                                                                                                                                                                                                                                                                                                   ","UN    ","CR",2054.86]
[730,"MOTOBOMBA AUTOESCORVANTE MOTOR ELETRICO TRIFASICO 7,4HP BOCA DIAMETRO DE SUCCAO X RECLAQUE: 2\"X2\", HM/ Q = 10 M / 73,5 M3/H A 28 M / 8,2 M3 /H                                                                                                                                                                                                                                                                                                                                                            ","UN    ","CR",5490.2]
[723,"MOTOBOMBA AUTOESCORVANTE POTENCIA 5,42 HP, BOCAIS SUCCAO X RECALQUE 2\" X 2\", A GASOLINA, DIAMETRO DO ROTOR 122 MM HM/Q = 6 MCA / 33,0 M3/H A 28 MCA / 8,0 M3/H                                                                                                                                                                                                                                                                                                                                            ","UN    ","CR",2728.82]
[36502,"MOTOBOMBA CENTRIFUGA, MOTOR A GASOLINA, POTENCIA 5,42 HP, BOCAIS 1 1/2\" X 1\", DIAMETRO ROTOR 143 MM HM/Q = 6 MCA / 16,8 M3/H A 38 MCA / 6,6 M3/H                                                                                                                                                                                                                                                                                                                                                          ","UN    ","CR",2564.77]
[36503,"MOTOBOMBA TRASH (PARA AGUA SUJA) AUTO ESCORVANTE, MOTOR GASOLINA DE 6,41 HP, DIAMETROS DE SUCCAO X RECALQUE: 3\" X 3\", HM/Q: 10/60 A 23/0                                                                                                                                                                                                                                                                                                                                                                  ","UN    ","CR",3162.66]
[4090,"MOTONIVELADORA POTENCIA BASICA LIQUIDA (PRIMEIRA MARCHA) 125 HP, PESO BRUTO 13843 KG, LARGURA DA LAMINA DE 3,7 M                                                                                                                                                                                                                                                                                                                                                                                          ","UN    ","C ",1175000]
[13227,"MOTONIVELADORA POTENCIA BASICA LIQUIDA (PRIMEIRA MARCHA) 171 HP, PESO BRUTO 14768 KG, LARGURA DA LAMINA DE 3,7 M                                                                                                                                                                                                                                                                                                                                                                                          ","UN    ","CR",1460084.02]
[10597,"MOTONIVELADORA POTENCIA BASICA LIQUIDA (PRIMEIRA MARCHA) 186 HP, PESO BRUTO 15785 KG, LARGURA DA LAMINA DE 4,3 M                                                                                                                                                                                                                                                                                                                                                                                          ","UN    ","CR",1536926.79]
[39628,"MOTOR A DIESEL PARA VIBRADOR DE IMERSAO, DE *4,7* CV                                                                                                                                                                                                                                                                                                                                                                                                                                                      ","UN    ","AS",4422.18]
[39404,"MOTOR A GASOLINA PARA VIBRADOR DE IMERSAO, 4 TEMPOS, DE 5,5 CV                                                                                                                                                                                                                                                                                                                                                                                                                                            ","UN    ","AS",2192.81]
[39402,"MOTOR ELETRICO PARA VIBRADOR DE IMERSAO, DE 2 CV, MONOFASICO, 110/220 V                                                                                                                                                                                                                                                                                                                                                                                                                                   ","UN    ","AS",1806.46]
[39403,"MOTOR ELETRICO PARA VIBRADOR DE IMERSAO, DE 2 CV, TRIFASICO, 220/380 V                                                                                                                                                                                                                                                                                                                                                                                                                                    ","UN    ","AS",1767.17]
[4093,"MOTORISTA DE CAMINHAO (HORISTA)                                                                                                                                                                                                                                                                                                                                                                                                                                                                           ","H     ","C ",20.99]
[10512,"MOTORISTA DE CAMINHAO (MENSALISTA)                                                                                                                                                                                                                                                                                                                                                                                                                                                                        ","MES   ","CR",3668.94]
[4243,"MOTORISTA DE CAMINHAO BETONEIRA (HORISTA)                                                                                                                                                                                                                                                                                                                                                                                                                                                                 ","H     ","CR",29.65]
[20020,"MOTORISTA DE CAMINHAO-BASCULANTE (HORISTA)                                                                                                                                                                                                                                                                                                                                                                                                                                                                ","H     ","CR",21.8]
[41038,"MOTORISTA DE CAMINHAO-BASCULANTE (MENSALISTA)                                                                                                                                                                                                                                                                                                                                                                                                                                                             ","MES   ","CR",3812.77]
[4094,"MOTORISTA DE CAMINHAO-CARRETA (HORISTA)                                                                                                                                                                                                                                                                                                                                                                                                                                                                   ","H     ","CR",26.1]
[40988,"MOTORISTA DE CAMINHAO-CARRETA (MENSALISTA)                                                                                                                                                                                                                                                                                                                                                                                                                                                                ","MES   ","CR",4563.51]
[4095,"MOTORISTA DE CARRO DE PASSEIO (HORISTA)                                                                                                                                                                                                                                                                                                                                                                                                                                                                   ","H     ","CR",17.559999999999999]
[40990,"MOTORISTA DE CARRO DE PASSEIO (MENSALISTA)                                                                                                                                                                                                                                                                                                                                                                                                                                                                ","MES   ","CR",3073.6]
[4096,"MOTORISTA OPERADOR DE CAMINHAO COM MUNCK (HORISTA)                                                                                                                                                                                                                                                                                                                                                                                                                                                        ","H     ","CR",23.53]
[40992,"MOTORISTA OPERADOR DE CAMINHAO COM MUNCK (MENSALISTA)                                                                                                                                                                                                                                                                                                                                                                                                                                                     ","MES   ","CR",4114.25]
[4114,"MOURAO CONCRETO CURVO, SECAO \"T\", H = 2,80 M + CURVA COM 0,45 M, COM FUROS PARA FIOS                                                                                                                                                                                                                                                                                                                                                                                                                      ","UN    ","CR",84.5]
[36797,"MOURAO DE CONCRETO CURVO, *10 X 10* CM, H= *2,60* M + CURVA DE 0,40 M                                                                                                                                                                                                                                                                                                                                                                                                                                     ","UN    ","CR",75.23]
[4107,"MOURAO DE CONCRETO RETO, SECAO QUADRADA *10 X 10* CM, H= *2,30* M                                                                                                                                                                                                                                                                                                                                                                                                                                         ","UN    ","CR",70.94]
[4102,"MOURAO DE CONCRETO RETO, SECAO QUADRADA, *10 X 10* CM, H= 3,00 M                                                                                                                                                                                                                                                                                                                                                                                                                                          ","UN    ","C ",86.59]
[36799,"MOURAO DE CONCRETO RETO, TIPO ESTICADOR, *10 X 10* CM, H= 2,50 M                                                                                                                                                                                                                                                                                                                                                                                                                                          ","UN    ","CR",73.02]
[2747,"MOURAO ROLICO DE MADEIRA TRATADA, D = 16 A 20 CM, H = 2,20 M, EM EUCALIPTO OU EQUIVALENTE DA REGIAO (PARA CERCA)                                                                                                                                                                                                                                                                                                                                                                                          ","M     ","CR",36.21]
[21138,"MOURAO ROLICO DE MADEIRA TRATADA, D = 8 A 11 CM, H = 2,20 M, EM EUCALIPTO OU EQUIVALENTE DA REGIAO (PARA CERCA)                                                                                                                                                                                                                                                                                                                                                                                           ","M     ","C ",11.48]
[10826,"MUDA DE ARBUSTO FLORIFERO, CLUSIA/GARDENIA/MOREIA BRANCA/ AZALEIA OU EQUIVALENTE DA REGIAO, H= *50 A 70* CM                                                                                                                                                                                                                                                                                                                                                                                               ","UN    ","CR",114.94]
[365,"MUDA DE ARBUSTO FOLHAGEM, SANSAO-DO-CAMPO OU EQUIVALENTE DA REGIAO, H= *50 A 70* CM                                                                                                                                                                                                                                                                                                                                                                                                                       ","UN    ","CR",71.260000000000005]
[38639,"MUDA DE ARBUSTO, BUXINHO, H= *50* CM                                                                                                                                                                                                                                                                                                                                                                                                                                                                      ","UN    ","CR",275.86]
[38640,"MUDA DE ARBUSTO, PINGO DE OURO/ VIOLETEIRA, H = *10 A 20* CM                                                                                                                                                                                                                                                                                                                                                                                                                                              ","UN    ","CR",4.13]
[358,"MUDA DE ARVORE ORNAMENTAL, OITI/AROEIRA SALSA/ANGICO/IPE/JACARANDA OU EQUIVALENTE DA REGIAO, H= *1* M                                                                                                                                                                                                                                                                                                                                                                                                     ","UN    ","CR",85.05]
[359,"MUDA DE ARVORE ORNAMENTAL, OITI/AROEIRA SALSA/ANGICO/IPE/JACARANDA OU EQUIVALENTE DA REGIAO, H= *2* M                                                                                                                                                                                                                                                                                                                                                                                                     ","UN    ","CR",174.71]
[38641,"MUDA DE PALMEIRA ARECA, H= *1,50* M                                                                                                                                                                                                                                                                                                                                                                                                                                                                       ","UN    ","CR",172.41]
[360,"MUDA DE RASTEIRA/FORRACAO, AMENDOIM RASTEIRO/ONZE HORAS/AZULZINHA/IMPATIENS OU EQUIVALENTE DA REGIAO                                                                                                                                                                                                                                                                                                                                                                                                      ","UN    ","C ",4]
[42430,"MULTIEXERCITADOR COM SEIS FUNCOES, EM TUBO DE ACO CARBONO, PINTURA NO PROCESSO ELETROSTATICO - EQUIPAMENTO DE GINASTICA PARA ACADEMIA AO AR LIVRE / ACADEMIA DA TERCEIRA IDADE - ATI                                                                                                                                                                                                                                                                                                                      ","UN    ","AS",6434.22]
[4209,"NIPLE DE FERRO GALVANIZADO, COM ROSCA BSP, DE 1 1/2\"                                                                                                                                                                                                                                                                                                                                                                                                                                                      ","UN    ","AS",25.23]
[4180,"NIPLE DE FERRO GALVANIZADO, COM ROSCA BSP, DE 1 1/4\"                                                                                                                                                                                                                                                                                                                                                                                                                                                      ","UN    ","AS",18.989999999999998]
[4177,"NIPLE DE FERRO GALVANIZADO, COM ROSCA BSP, DE 1/2\"                                                                                                                                                                                                                                                                                                                                                                                                                                                        ","UN    ","AS",6.3]
[4179,"NIPLE DE FERRO GALVANIZADO, COM ROSCA BSP, DE 1\"                                                                                                                                                                                                                                                                                                                                                                                                                                                          ","UN    ","AS",12.9]
[4208,"NIPLE DE FERRO GALVANIZADO, COM ROSCA BSP, DE 2 1/2\"                                                                                                                                                                                                                                                                                                                                                                                                                                                      ","UN    ","AS",60.06]
[4181,"NIPLE DE FERRO GALVANIZADO, COM ROSCA BSP, DE 2\"                                                                                                                                                                                                                                                                                                                                                                                                                                                          ","UN    ","AS",39.24]
[4178,"NIPLE DE FERRO GALVANIZADO, COM ROSCA BSP, DE 3/4\"                                                                                                                                                                                                                                                                                                                                                                                                                                                        ","UN    ","AS",8.74]
[4182,"NIPLE DE FERRO GALVANIZADO, COM ROSCA BSP, DE 3\"                                                                                                                                                                                                                                                                                                                                                                                                                                                          ","UN    ","AS",97.7]
[4183,"NIPLE DE FERRO GALVANIZADO, COM ROSCA BSP, DE 4\"                                                                                                                                                                                                                                                                                                                                                                                                                                                          ","UN    ","AS",157.29]
[4184,"NIPLE DE FERRO GALVANIZADO, COM ROSCA BSP, DE 5\"                                                                                                                                                                                                                                                                                                                                                                                                                                                          ","UN    ","AS",347.21]
[4185,"NIPLE DE FERRO GALVANIZADO, COM ROSCA BSP, DE 6\"                                                                                                                                                                                                                                                                                                                                                                                                                                                          ","UN    ","AS",576.91]
[4205,"NIPLE DE REDUCAO DE FERRO GALVANIZADO, COM ROSCA BSP, DE 1 1/2\" X 1 1/4\"                                                                                                                                                                                                                                                                                                                                                                                                                                  ","UN    ","AS",33.32]
[4192,"NIPLE DE REDUCAO DE FERRO GALVANIZADO, COM ROSCA BSP, DE 1 1/2\" X 1\"                                                                                                                                                                                                                                                                                                                                                                                                                                      ","UN    ","AS",33.32]
[4191,"NIPLE DE REDUCAO DE FERRO GALVANIZADO, COM ROSCA BSP, DE 1 1/2\" X 3/4\"                                                                                                                                                                                                                                                                                                                                                                                                                                    ","UN    ","AS",33.32]
[4207,"NIPLE DE REDUCAO DE FERRO GALVANIZADO, COM ROSCA BSP, DE 1 1/4\" X 1/2\"                                                                                                                                                                                                                                                                                                                                                                                                                                    ","UN    ","AS",26.81]
[4206,"NIPLE DE REDUCAO DE FERRO GALVANIZADO, COM ROSCA BSP, DE 1 1/4\" X 1\"                                                                                                                                                                                                                                                                                                                                                                                                                                      ","UN    ","AS",26.03]
[4190,"NIPLE DE REDUCAO DE FERRO GALVANIZADO, COM ROSCA BSP, DE 1 1/4\" X 3/4\"                                                                                                                                                                                                                                                                                                                                                                                                                                    ","UN    ","AS",26.03]
[4186,"NIPLE DE REDUCAO DE FERRO GALVANIZADO, COM ROSCA BSP, DE 1/2\" X 1/4\"                                                                                                                                                                                                                                                                                                                                                                                                                                      ","UN    ","AS",7.69]
[4188,"NIPLE DE REDUCAO DE FERRO GALVANIZADO, COM ROSCA BSP, DE 1\" X 1/2\"                                                                                                                                                                                                                                                                                                                                                                                                                                        ","UN    ","AS",15.71]
[4189,"NIPLE DE REDUCAO DE FERRO GALVANIZADO, COM ROSCA BSP, DE 1\" X 3/4\"                                                                                                                                                                                                                                                                                                                                                                                                                                        ","UN    ","AS",15.71]
[4197,"NIPLE DE REDUCAO DE FERRO GALVANIZADO, COM ROSCA BSP, DE 2 1/2\" X 2\"                                                                                                                                                                                                                                                                                                                                                                                                                                      ","UN    ","AS",83.19]
[4194,"NIPLE DE REDUCAO DE FERRO GALVANIZADO, COM ROSCA BSP, DE 2\" X 1 1/2\"                                                                                                                                                                                                                                                                                                                                                                                                                                      ","UN    ","AS",50.27]
[4193,"NIPLE DE REDUCAO DE FERRO GALVANIZADO, COM ROSCA BSP, DE 2\" X 1 1/4\"                                                                                                                                                                                                                                                                                                                                                                                                                                      ","UN    ","AS",50.27]
[4204,"NIPLE DE REDUCAO DE FERRO GALVANIZADO, COM ROSCA BSP, DE 2\" X 1\"                                                                                                                                                                                                                                                                                                                                                                                                                                          ","UN    ","AS",50.27]
[4187,"NIPLE DE REDUCAO DE FERRO GALVANIZADO, COM ROSCA BSP, DE 3/4\" X 1/2\"                                                                                                                                                                                                                                                                                                                                                                                                                                      ","UN    ","AS",10.02]
[4202,"NIPLE DE REDUCAO DE FERRO GALVANIZADO, COM ROSCA BSP, DE 3\" X 2 1/2\"                                                                                                                                                                                                                                                                                                                                                                                                                                      ","UN    ","AS",151.93]
[4203,"NIPLE DE REDUCAO DE FERRO GALVANIZADO, COM ROSCA BSP, DE 3\" X 2\"                                                                                                                                                                                                                                                                                                                                                                                                                                          ","UN    ","AS",134.18]
[40368,"NIPLE SEXTAVADO EM ACO CARBONO, COM ROSCA BSP, PRESSAO 3.000 LBS, DN 1 1/2\"                                                                                                                                                                                                                                                                                                                                                                                                                               ","UN    ","AS",56.02]
[40365,"NIPLE SEXTAVADO EM ACO CARBONO, COM ROSCA BSP, PRESSAO 3.000 LBS, DN 1 1/4\"                                                                                                                                                                                                                                                                                                                                                                                                                               ","UN    ","AS",37.79]
[40356,"NIPLE SEXTAVADO EM ACO CARBONO, COM ROSCA BSP, PRESSAO 3.000 LBS, DN 1/2\"                                                                                                                                                                                                                                                                                                                                                                                                                                 ","UN    ","AS",12.91]
[40362,"NIPLE SEXTAVADO EM ACO CARBONO, COM ROSCA BSP, PRESSAO 3.000 LBS, DN 1\"                                                                                                                                                                                                                                                                                                                                                                                                                                   ","UN    ","AS",25.03]
[40374,"NIPLE SEXTAVADO EM ACO CARBONO, COM ROSCA BSP, PRESSAO 3.000 LBS, DN 2 1/2\"                                                                                                                                                                                                                                                                                                                                                                                                                               ","UN    ","AS",146.41]
[40371,"NIPLE SEXTAVADO EM ACO CARBONO, COM ROSCA BSP, PRESSAO 3.000 LBS, DN 2\"                                                                                                                                                                                                                                                                                                                                                                                                                                   ","UN    ","AS",92.16]
[40359,"NIPLE SEXTAVADO EM ACO CARBONO, COM ROSCA BSP, PRESSAO 3.000 LBS, DN 3/4\"                                                                                                                                                                                                                                                                                                                                                                                                                                 ","UN    ","AS",16.68]
[7595,"NIVELADOR (HORISTA)                                                                                                                                                                                                                                                                                                                                                                                                                                                                                       ","H     ","CR",16.75]
[41094,"NIVELADOR (MENSALISTA)                                                                                                                                                                                                                                                                                                                                                                                                                                                                                    ","MES   ","CR",2929.3]
[39609,"NOBREAK TRIFASICO, DE 10 KVA FATOR DE POTENCIA DE 0,8, AUTONOMIA MINIMA DE 30 MINUTOS A PLENA CARGA                                                                                                                                                                                                                                                                                                                                                                                                       ","UN    ","CR",60529.48]
[39610,"NOBREAK TRIFASICO, DE 15 KVA FATOR DE POTENCIA DE 0,8, AUTONOMIA MINIMA DE 30 MINUTOS A PLENA CARGA                                                                                                                                                                                                                                                                                                                                                                                                       ","UN    ","CR",88354.15]
[39611,"NOBREAK TRIFASICO, DE 20 KVA FATOR DE POTENCIA DE 0,8, AUTONOMIA MINIMA DE 30 MINUTOS A PLENA CARGA                                                                                                                                                                                                                                                                                                                                                                                                       ","UN    ","CR",106922.99]
[39612,"NOBREAK TRIFASICO, DE 25 KVA FATOR DE POTENCIA DE 0,8, AUTONOMIA MINIMA DE 30 MINUTOS A PLENA CARGA                                                                                                                                                                                                                                                                                                                                                                                                       ","UN    ","CR",167497.26999999999]
[39608,"NOBREAK TRIFASICO, DE 5 KVA FATOR DE POTENCIA DE 0,8, AUTONOMIA MINIMA DE 30 MINUTOS A PLENA CARGA                                                                                                                                                                                                                                                                                                                                                                                                        ","UN    ","CR",48398.73]
[38175,"NUMERO / ALGARISMO PARA RESIDENCIA (FACHADA), EM ZAMAC, COM ALTURA DE APROX *45* MM, INCLUSIVE PARAFUSOS                                                                                                                                                                                                                                                                                                                                                                                                  ","UN    ","CR",5.08]
[38176,"NUMERO / ALGARISMO PARA RESIDENCIA (FACHADA), EM ZAMAC, COM ALTURA DE APROX 125 MM, INCLUSIVE PARAFUSOS                                                                                                                                                                                                                                                                                                                                                                                                   ","UN    ","CR",14.96]
[36152,"OCULOS DE SEGURANCA CONTRA IMPACTOS COM LENTE INCOLOR, ARMACAO NYLON, COM PROTECAO UVA E UVB                                                                                                                                                                                                                                                                                                                                                                                                              ","UN    ","CR",6.31]
[4221,"OLEO DIESEL COMBUSTIVEL COMUM METROPOLITANO S-10 OU S-500                                                                                                                                                                                                                                                                                                                                                                                                                                                 ","L     ","C ",5.98]
[4227,"OLEO LUBRIFICANTE MINERAL MONOVISCOSO, SAE 40, PARA MOTORES DE EQUIPAMENTOS PESADOS (CAMINHOES, TRATORES, RETROS E ETC)                                                                                                                                                                                                                                                                                                                                                                                   ","L     ","CR",27.88]
[38170,"OLHO MAGICO PARA PORTAS, EM LATAO, COM LENTE DE POLICARBONATO, ANGULO DE *200* GRAUS, ESPESSURA ENTRE *25 E 46* MM, INCLUINDO FECHO JANELA                                                                                                                                                                                                                                                                                                                                                                ","UN    ","CR",22.22]
[4252,"OPERADOR DE BATE-ESTACAS (HORISTA)                                                                                                                                                                                                                                                                                                                                                                                                                                                                        ","H     ","CR",24.02]
[40980,"OPERADOR DE BATE-ESTACAS (MENSALISTA)                                                                                                                                                                                                                                                                                                                                                                                                                                                                     ","MES   ","CR",4202.6499999999996]
[41031,"OPERADOR DE BETONEIRA (CAMINHAO) (MENSALISTA)                                                                                                                                                                                                                                                                                                                                                                                                                                                             ","MES   ","CR",5186]
[37666,"OPERADOR DE BETONEIRA ESTACIONARIA / MISTURADOR (HORISTA)                                                                                                                                                                                                                                                                                                                                                                                                                                                 ","H     ","CR",23.98]
[40986,"OPERADOR DE BETONEIRA ESTACIONARIA / MISTURADOR (MENSALISTA)                                                                                                                                                                                                                                                                                                                                                                                                                                              ","MES   ","CR",4193.5]
[4250,"OPERADOR DE COMPRESSOR DE AR OU COMPRESSORISTA (HORISTA)                                                                                                                                                                                                                                                                                                                                                                                                                                                  ","H     ","CR",22.08]
[40978,"OPERADOR DE COMPRESSOR DE AR OU COMPRESSORISTA (MENSALISTA)                                                                                                                                                                                                                                                                                                                                                                                                                                               ","MES   ","CR",3860.76]
[44501,"OPERADOR DE DEMARCADORA DE FAIXAS DE TRAFEGO (HORISTA)                                                                                                                                                                                                                                                                                                                                                                                                                                                    ","H     ","CR",29.65]
[41043,"OPERADOR DE DEMARCADORA DE FAIXAS DE TRAFEGO (MENSALISTA)                                                                                                                                                                                                                                                                                                                                                                                                                                                 ","MES   ","CR",5186]
[4234,"OPERADOR DE ESCAVADEIRA (HORISTA)                                                                                                                                                                                                                                                                                                                                                                                                                                                                         ","H     ","C ",32.18]
[40987,"OPERADOR DE ESCAVADEIRA (MENSALISTA)                                                                                                                                                                                                                                                                                                                                                                                                                                                                      ","MES   ","CR",5624.96]
[4253,"OPERADOR DE GUINCHO OU GUINCHEIRO (HORISTA)                                                                                                                                                                                                                                                                                                                                                                                                                                                               ","H     ","CR",23.98]
[40981,"OPERADOR DE GUINCHO OU GUINCHEIRO (MENSALISTA)                                                                                                                                                                                                                                                                                                                                                                                                                                                            ","MES   ","CR",4193.5]
[4254,"OPERADOR DE GUINDASTE (HORISTA)                                                                                                                                                                                                                                                                                                                                                                                                                                                                           ","H     ","CR",38.25]
[41036,"OPERADOR DE GUINDASTE (MENSALISTA)                                                                                                                                                                                                                                                                                                                                                                                                                                                                        ","MES   ","CR",6689.33]
[4251,"OPERADOR DE JATO ABRASIVO OU JATISTA (HORISTA)                                                                                                                                                                                                                                                                                                                                                                                                                                                            ","H     ","CR",25.99]
[40979,"OPERADOR DE JATO ABRASIVO OU JATISTA (MENSALISTA)                                                                                                                                                                                                                                                                                                                                                                                                                                                         ","MES   ","CR",4547.8]
[4230,"OPERADOR DE MAQUINAS E TRATORES DIVERSOS - TERRAPLANAGEM (HORISTA)                                                                                                                                                                                                                                                                                                                                                                                                                                        ","H     ","CR",28.22]
[40998,"OPERADOR DE MAQUINAS E TRATORES DIVERSOS - TERRAPLANAGEM (MENSALISTA)                                                                                                                                                                                                                                                                                                                                                                                                                                     ","MES   ","CR",4934.18]
[4257,"OPERADOR DE MARTELETE OU MARTELETEIRO (HORISTA)                                                                                                                                                                                                                                                                                                                                                                                                                                                           ","H     ","CR",23.98]
[40982,"OPERADOR DE MARTELETE OU MARTELETEIRO (MENSALISTA)                                                                                                                                                                                                                                                                                                                                                                                                                                                        ","MES   ","CR",4193.5]
[4240,"OPERADOR DE MOTO SCRAPER (HORISTA)                                                                                                                                                                                                                                                                                                                                                                                                                                                                        ","H     ","CR",35.54]
[41026,"OPERADOR DE MOTO SCRAPER (MENSALISTA)                                                                                                                                                                                                                                                                                                                                                                                                                                                                     ","MES   ","CR",6215.3]
[4239,"OPERADOR DE MOTONIVELADORA (HORISTA)                                                                                                                                                                                                                                                                                                                                                                                                                                                                      ","H     ","CR",35.54]
[41024,"OPERADOR DE MOTONIVELADORA (MENSALISTA)                                                                                                                                                                                                                                                                                                                                                                                                                                                                   ","MES   ","CR",6215.3]
[4248,"OPERADOR DE PA CARREGADEIRA (HORISTA)                                                                                                                                                                                                                                                                                                                                                                                                                                                                     ","H     ","CR",29.65]
[41033,"OPERADOR DE PA CARREGADEIRA (MENSALISTA)                                                                                                                                                                                                                                                                                                                                                                                                                                                                  ","MES   ","CR",5186]
[44500,"OPERADOR DE PAVIMENTADORA / MESA VIBROACABADORA (HORISTA)                                                                                                                                                                                                                                                                                                                                                                                                                                                 ","H     ","CR",29.65]
[41040,"OPERADOR DE PAVIMENTADORA / MESA VIBROACABADORA (MENSALISTA)                                                                                                                                                                                                                                                                                                                                                                                                                                              ","MES   ","CR",5186]
[4238,"OPERADOR DE ROLO COMPACTADOR (HORISTA)                                                                                                                                                                                                                                                                                                                                                                                                                                                                    ","H     ","CR",28.56]
[41012,"OPERADOR DE ROLO COMPACTADOR (MENSALISTA)                                                                                                                                                                                                                                                                                                                                                                                                                                                                 ","MES   ","CR",4994.8]
[4233,"OPERADOR DE USINA DE ASFALTO, DE SOLOS OU DE CONCRETO (HORISTA)                                                                                                                                                                                                                                                                                                                                                                                                                                           ","H     ","CR",35.54]
[41001,"OPERADOR DE USINA DE ASFALTO, DE SOLOS OU DE CONCRETO (MENSALISTA)                                                                                                                                                                                                                                                                                                                                                                                                                                        ","MES   ","CR",6215.3]
[2,"OXIGENIO, RECARGA PARA CILINDRO DE CONJUNTO OXICORTE GRANDE                                                                                                                                                                                                                                                                                                                                                                                                                                               ","M3    ","AS",20.82]
[36517,"PA CARREGADEIRA SOBRE RODAS, POTENCIA BRUTA *127* CV, CAPACIDADE DA CACAMBA DE 2,0 A 2,4 M3, PESO OPERACIONAL MAXIMO DE 10330 KG                                                                                                                                                                                                                                                                                                                                                                          ","UN    ","CR",603840]
[4262,"PA CARREGADEIRA SOBRE RODAS, POTENCIA LIQUIDA 128 HP, CAPACIDADE DA CACAMBA DE 1,7 A 2,8 M3, PESO OPERACIONAL MAXIMO DE 11632 KG                                                                                                                                                                                                                                                                                                                                                                          ","UN    ","C ",680000]
[4263,"PA CARREGADEIRA SOBRE RODAS, POTENCIA LIQUIDA 197 HP, CAPACIDADE DA CACAMBA DE 2,5 A 3,5 M3, PESO OPERACIONAL MAXIMO DE 18338 KG                                                                                                                                                                                                                                                                                                                                                                          ","UN    ","CR",942933.28]
[36518,"PA CARREGADEIRA SOBRE RODAS, POTENCIA LIQUIDA 213 HP, CAPACIDADE DA CACAMBA DE 1,9 A 3,5 M3, PESO OPERACIONAL MAXIMO DE 19234 KG                                                                                                                                                                                                                                                                                                                                                                          ","UN    ","CR",1073493.28]
[14221,"PA CARREGADEIRA SOBRE RODAS, POTENCIA 152 HP, CAPACIDADE DA CACAMBA DE 1,53 A 2,30 M3, PESO OPERACIONAL MAXIMO DE 10216 KG                                                                                                                                                                                                                                                                                                                                                                                ","UN    ","CR",626506.64]
[38402,"PA DE LIXO PLASTICA, CABO LONGO                                                                                                                                                                                                                                                                                                                                                                                                                                                                           ","UN    ","CR",12.58]
[3412,"PAINEL DE LA DE VIDRO SEM REVESTIMENTO PSI 20, E = 25 MM, DE 1200 X 600 MM                                                                                                                                                                                                                                                                                                                                                                                                                                ","M2    ","AS",19.98]
[3413,"PAINEL DE LA DE VIDRO SEM REVESTIMENTO PSI 20, E = 50 MM, DE 1200 X 600 MM                                                                                                                                                                                                                                                                                                                                                                                                                                ","M2    ","AS",44.98]
[39744,"PAINEL DE LA DE VIDRO SEM REVESTIMENTO PSI 40, E = 25 MM, DE 1200 X 600 MM                                                                                                                                                                                                                                                                                                                                                                                                                                ","M2    ","AS",34.92]
[39745,"PAINEL DE LA DE VIDRO SEM REVESTIMENTO PSI 40, E = 50 MM, DE 1200 X 600 MM                                                                                                                                                                                                                                                                                                                                                                                                                                ","M2    ","AS",73.709999999999994]
[39637,"PAINEL ESTRUTURAL PARA LAJE SECA REVESTIDO EM PLACA CIMENTICIA, DE 1,20 X 2,50 M, E = 23 MM                                                                                                                                                                                                                                                                                                                                                                                                               ","M2    ","CR",121.96]
[39638,"PAINEL ESTRUTURAL PARA LAJE SECA REVESTIDO EM PLACA CIMENTICIA, DE 1,20 X 2,50 M, E = 40 MM                                                                                                                                                                                                                                                                                                                                                                                                               ","M2    ","CR",138]
[39639,"PAINEL ESTRUTURAL PARA LAJE SECA REVESTIDO EM PLACA CIMENTICIA, DE 1,20 X 2,50 M, E = 55 MM                                                                                                                                                                                                                                                                                                                                                                                                               ","M2    ","CR",208.21]
[39517,"PAINEL TERMOISOLANTE PARA FECHAMENTOS VERTICAIS (INCLUI PARAFUSOS DE FIXACAO) REVESTIDO EM ACO GALVALUME, LARGURA UTIL DE 1100 MM, REVESTIMENTO COM ESPESSURA DE 0,50 MM, COM PRE-PINTURA NAS DUAS FACES, NUCLEO EM POLIURETANO (PUR) COM ESPESSURA 40/50 MM                                                                                                                                                                                                                                              ","M2    ","AS",218.85]
[39518,"PAINEL TERMOISOLANTE PARA FECHAMENTOS VERTICAIS (INCLUI PARAFUSOS DE FIXACAO) REVESTIDO EM ACO GALVALUME, LARGURA UTIL DE 1100 MM, REVESTIMENTO COM ESPESSURA DE 0,50 MM, COM PRE-PINTURA NAS DUAS FACES, NUCLEO EM POLIURETANO (PUR) COM ESPESSURA 70/80 MM                                                                                                                                                                                                                                              ","M2    ","AS",259.45]
[38366,"PAPEL KRAFT BETUMADO                                                                                                                                                                                                                                                                                                                                                                                                                                                                                      ","M2    ","CR",5.66]
[11703,"PAPELEIRA DE PAREDE EM METAL CROMADO SEM TAMPA                                                                                                                                                                                                                                                                                                                                                                                                                                                            ","UN    ","CR",80.94]
[37400,"PAPELEIRA PLASTICA TIPO DISPENSER PARA PAPEL HIGIENICO ROLAO                                                                                                                                                                                                                                                                                                                                                                                                                                              ","UN    ","CR",88.39]
[25400,"PAR DE TABELAS DE BASQUETE EM COMPENSADO NAVAL, OFICIAL, 1800 X 1200 MM, INCLUINDO ARO DE METAL E REDE EM POLIPROPILENO 100% (SEM SUPORTE DE FIXACAO)                                                                                                                                                                                                                                                                                                                                                     ","UN    ","CR",2986.07]
[4276,"PARA-RAIOS DE DISTRIBUICAO, TENSAO NOMINAL 15 KV, CORRENTE NOMINAL DE DESCARGA 5 KA                                                                                                                                                                                                                                                                                                                                                                                                                       ","UN    ","AS",206.11]
[4273,"PARA-RAIOS DE DISTRIBUICAO, TENSAO NOMINAL 30 KV, CORRENTE NOMINAL DE DESCARGA 10 KA                                                                                                                                                                                                                                                                                                                                                                                                                      ","UN    ","AS",374.21]
[4274,"PARA-RAIOS TIPO FRANKLIN 350 MM, EM LATAO CROMADO, DUAS DESCIDAS, PARA PROTECAO DE EDIFICACOES CONTRA DESCARGAS ATMOSFERICAS                                                                                                                                                                                                                                                                                                                                                                              ","UN    ","AS",136.9]
[39438,"PARAFUSO CABECA TROMBETA E PONTA AGULHA (GN55), COMPRIMENTO 55 MM, EM ACO FOSFATIZADO, PARA FIXAR CHAPA DE GESSO EM PERFIL DRYWALL METALICO MAXIMO 0,7 MM                                                                                                                                                                                                                                                                                                                                                 ","UN    ","CR",0.41]
[4379,"PARAFUSO DE ACO ZINCADO COM ROSCA SOBERBA, CABECA CHATA E FENDA SIMPLES, DIAMETRO 2,5 MM, COMPRIMENTO * 9,5 * MM                                                                                                                                                                                                                                                                                                                                                                                          ","UN    ","CR",0.08]
[4377,"PARAFUSO DE ACO ZINCADO COM ROSCA SOBERBA, CABECA CHATA E FENDA SIMPLES, DIAMETRO 4,2 MM, COMPRIMENTO * 32 * MM                                                                                                                                                                                                                                                                                                                                                                                           ","UN    ","CR",0.28999999999999998]
[4356,"PARAFUSO DE ACO ZINCADO COM ROSCA SOBERBA, CABECA CHATA E FENDA SIMPLES, DIAMETRO 4,8 MM, COMPRIMENTO 45 MM                                                                                                                                                                                                                                                                                                                                                                                               ","UN    ","CR",0.41]
[13246,"PARAFUSO DE ACO ZINCADO, SEXTAVADO, COM ROSCA INTEIRA, DIAMETRO 5/16\", COMPRIMENTO 3/4\", COM PORCA E ARRUELA LISA LEVE                                                                                                                                                                                                                                                                                                                                                                                    ","UN    ","CR",0.7]
[13294,"PARAFUSO DE ACO ZINCADO, SEXTAVADO, COM ROSCA SOBERBA, DIAMETRO 3/8\", COMPRIMENTO 80 MM                                                                                                                                                                                                                                                                                                                                                                                                                   ","UN    ","CR",2.35]
[11963,"PARAFUSO DE ACO ZINCADO, TIPO CHUMBADOR PARABOLT, DIAMETRO 1/2\", COMPRIMENTO 75 MM                                                                                                                                                                                                                                                                                                                                                                                                                        ","UN    ","CR",14.78]
[11964,"PARAFUSO DE ACO ZINCADO, TIPO CHUMBADOR PARABOLT, DIAMETRO 3/8\", COMPRIMENTO 75 MM                                                                                                                                                                                                                                                                                                                                                                                                                        ","UN    ","CR",3.73]
[4346,"PARAFUSO DE FERRO POLIDO, SEXTAVADO, COM ROSCA PARCIAL, DIAMETRO 5/8\", COMPRIMENTO 6\", COM PORCA E ARRUELA DE PRESSAO MEDIA                                                                                                                                                                                                                                                                                                                                                                               ","UN    ","CR",15.84]
[11955,"PARAFUSO DE LATAO COM ACABAMENTO CROMADO PARA FIXAR PECA SANITARIA, INCLUI PORCA CEGA, ARRUELA E BUCHA DE NYLON TAMANHO S-10                                                                                                                                                                                                                                                                                                                                                                              ","UN    ","CR",6.93]
[11960,"PARAFUSO DE LATAO COM ROSCA SOBERBA, CABECA CHATA E FENDA SIMPLES, DIAMETRO 2,5 MM, COMPRIMENTO 12 MM                                                                                                                                                                                                                                                                                                                                                                                                     ","UN    ","CR",0.23]
[4333,"PARAFUSO DE LATAO COM ROSCA SOBERBA, CABECA CHATA E FENDA SIMPLES, DIAMETRO 3,2 MM, COMPRIMENTO 16 MM                                                                                                                                                                                                                                                                                                                                                                                                     ","UN    ","CR",0.41]
[4358,"PARAFUSO DE LATAO COM ROSCA SOBERBA, CABECA CHATA E FENDA SIMPLES, DIAMETRO 4,8 MM, COMPRIMENTO 65 MM                                                                                                                                                                                                                                                                                                                                                                                                     ","UN    ","CR",3.17]
[39435,"PARAFUSO DRY WALL, EM ACO FOSFATIZADO, CABECA TROMBETA E PONTA AGULHA (TA), COMPRIMENTO 25 MM                                                                                                                                                                                                                                                                                                                                                                                                             ","UN    ","CR",0.16]
[39436,"PARAFUSO DRY WALL, EM ACO FOSFATIZADO, CABECA TROMBETA E PONTA AGULHA (TA), COMPRIMENTO 35 MM                                                                                                                                                                                                                                                                                                                                                                                                             ","UN    ","CR",0.27]
[39437,"PARAFUSO DRY WALL, EM ACO FOSFATIZADO, CABECA TROMBETA E PONTA AGULHA (TA), COMPRIMENTO 45 MM                                                                                                                                                                                                                                                                                                                                                                                                             ","UN    ","CR",0.36]
[39439,"PARAFUSO DRY WALL, EM ACO FOSFATIZADO, CABECA TROMBETA E PONTA BROCA (TB), COMPRIMENTO 25 MM                                                                                                                                                                                                                                                                                                                                                                                                              ","UN    ","CR",0.24]
[39440,"PARAFUSO DRY WALL, EM ACO FOSFATIZADO, CABECA TROMBETA E PONTA BROCA (TB), COMPRIMENTO 35 MM                                                                                                                                                                                                                                                                                                                                                                                                              ","UN    ","CR",0.31]
[39441,"PARAFUSO DRY WALL, EM ACO FOSFATIZADO, CABECA TROMBETA E PONTA BROCA (TB), COMPRIMENTO 45 MM                                                                                                                                                                                                                                                                                                                                                                                                              ","UN    ","CR",0.4]
[39442,"PARAFUSO DRY WALL, EM ACO ZINCADO, CABECA LENTILHA E PONTA AGULHA (LA), LARGURA 4,2 MM, COMPRIMENTO 13 MM                                                                                                                                                                                                                                                                                                                                                                                                 ","UN    ","CR",0.28999999999999998]
[39443,"PARAFUSO DRY WALL, EM ACO ZINCADO, CABECA LENTILHA E PONTA BROCA (LB), LARGURA 4,2 MM, COMPRIMENTO 13 MM                                                                                                                                                                                                                                                                                                                                                                                                  ","UN    ","CR",0.38]
[4329,"PARAFUSO EM ACO GALVANIZADO, TIPO MAQUINA, SEXTAVADO, SEM PORCA, DIAMETRO 1/2\", COMPRIMENTO 2\"                                                                                                                                                                                                                                                                                                                                                                                                            ","UN    ","C ",3.38]
[4383,"PARAFUSO FRANCES METRICO ZINCADO, DIAMETRO 12 MM, COMPRIMENTO 140MM, COM PORCA SEXTAVADA E ARRUELA DE PRESSAO MEDIA                                                                                                                                                                                                                                                                                                                                                                                       ","UN    ","CR",30.56]
[4344,"PARAFUSO FRANCES METRICO ZINCADO, DIAMETRO 12 MM, COMPRIMENTO 150 MM, COM PORCA SEXTAVADA E ARRUELA DE PRESSAO MEDIA                                                                                                                                                                                                                                                                                                                                                                                      ","UN    ","CR",32.03]
[436,"PARAFUSO FRANCES M16 EM ACO GALVANIZADO, COMPRIMENTO = 150 MM, DIAMETRO = 16 MM, CABECA ABAULADA                                                                                                                                                                                                                                                                                                                                                                                                          ","UN    ","AS",12.14]
[442,"PARAFUSO FRANCES M16 EM ACO GALVANIZADO, COMPRIMENTO = 45 MM, DIAMETRO = 16 MM, CABECA ABAULADA                                                                                                                                                                                                                                                                                                                                                                                                           ","UN    ","AS",7.18]
[4335,"PARAFUSO FRANCES ZINCADO, DIAMETRO 1/2\", COMPRIMENTO 12\", COM PORCA E ARRUELA LISA MEDIA                                                                                                                                                                                                                                                                                                                                                                                                                  ","UN    ","CR",21.51]
[4334,"PARAFUSO FRANCES ZINCADO, DIAMETRO 1/2\", COMPRIMENTO 15\", COM PORCA E ARRUELA LISA MEDIA                                                                                                                                                                                                                                                                                                                                                                                                                  ","UN    ","CR",29.5]
[11953,"PARAFUSO FRANCES ZINCADO, DIAMETRO 1/2\", COMPRIMENTO 2\", COM PORCA E ARRUELA                                                                                                                                                                                                                                                                                                                                                                                                                              ","UN    ","CR",5.08]
[4343,"PARAFUSO FRANCES ZINCADO, DIAMETRO 1/2\", COMPRIMENTO 4\", COM PORCA E ARRUELA                                                                                                                                                                                                                                                                                                                                                                                                                              ","UN    ","CR",7.25]
[430,"PARAFUSO M16 EM ACO GALVANIZADO, COMPRIMENTO = 125 MM, DIAMETRO = 16 MM, ROSCA MAQUINA, CABECA QUADRADA                                                                                                                                                                                                                                                                                                                                                                                                   ","UN    ","AS",10.86]
[441,"PARAFUSO M16 EM ACO GALVANIZADO, COMPRIMENTO = 150 MM, DIAMETRO = 16 MM, ROSCA MAQUINA, CABECA QUADRADA                                                                                                                                                                                                                                                                                                                                                                                                   ","UN    ","AS",11.95]
[431,"PARAFUSO M16 EM ACO GALVANIZADO, COMPRIMENTO = 200 MM, DIAMETRO = 16 MM, ROSCA MAQUINA, CABECA QUADRADA                                                                                                                                                                                                                                                                                                                                                                                                   ","UN    ","AS",14.43]
[432,"PARAFUSO M16 EM ACO GALVANIZADO, COMPRIMENTO = 250 MM, DIAMETRO = 16 MM, ROSCA MAQUINA, CABECA QUADRADA                                                                                                                                                                                                                                                                                                                                                                                                   ","UN    ","AS",15.93]
[429,"PARAFUSO M16 EM ACO GALVANIZADO, COMPRIMENTO = 300 MM, DIAMETRO = 16 MM, ROSCA DUPLA                                                                                                                                                                                                                                                                                                                                                                                                                      ","UN    ","AS",21.47]
[439,"PARAFUSO M16 EM ACO GALVANIZADO, COMPRIMENTO = 300 MM, DIAMETRO = 16 MM, ROSCA MAQUINA, CABECA QUADRADA                                                                                                                                                                                                                                                                                                                                                                                                   ","UN    ","AS",18.3]
[433,"PARAFUSO M16 EM ACO GALVANIZADO, COMPRIMENTO = 350 MM, DIAMETRO = 16 MM, ROSCA MAQUINA, CABECA QUADRADA                                                                                                                                                                                                                                                                                                                                                                                                   ","UN    ","AS",21.36]
[437,"PARAFUSO M16 EM ACO GALVANIZADO, COMPRIMENTO = 400 MM, DIAMETRO = 16 MM, ROSCA DUPLA                                                                                                                                                                                                                                                                                                                                                                                                                      ","UN    ","AS",28.38]
[11790,"PARAFUSO M16 EM ACO GALVANIZADO, COMPRIMENTO = 450 MM, DIAMETRO = 16 MM, ROSCA MAQUINA, CABECA QUADRADA                                                                                                                                                                                                                                                                                                                                                                                                   ","UN    ","AS",32.19]
[428,"PARAFUSO M16 EM ACO GALVANIZADO, COMPRIMENTO = 500 MM, DIAMETRO = 16 MM, ROSCA MAQUINA, COM CABECA SEXTAVADA E PORCA                                                                                                                                                                                                                                                                                                                                                                                      ","UN    ","AS",35]
[4384,"PARAFUSO NIQUELADO COM ACABAMENTO CROMADO PARA FIXAR PECA SANITARIA, INCLUI PORCA CEGA, ARRUELA E BUCHA DE NYLON TAMANHO S-10                                                                                                                                                                                                                                                                                                                                                                             ","UN    ","CR",35.119999999999997]
[4351,"PARAFUSO NIQUELADO 3 1/2\" COM ACABAMENTO CROMADO PARA FIXAR PECA SANITARIA, INCLUI PORCA CEGA, ARRUELA E BUCHA DE NYLON TAMANHO S-8                                                                                                                                                                                                                                                                                                                                                                       ","UN    ","CR",26.04]
[11054,"PARAFUSO ROSCA SOBERBA ZINCADO CABECA CHATA FENDA SIMPLES 3,2 X 20 MM (3/4 \")                                                                                                                                                                                                                                                                                                                                                                                                                             ","UN    ","CR",0.04]
[11055,"PARAFUSO ROSCA SOBERBA ZINCADO CABECA CHATA FENDA SIMPLES 3,5 X 25 MM (1 \")                                                                                                                                                                                                                                                                                                                                                                                                                               ","UN    ","CR",0.06]
[11056,"PARAFUSO ROSCA SOBERBA ZINCADO CABECA CHATA FENDA SIMPLES 3,8 X 30 MM (1.1/4 \")                                                                                                                                                                                                                                                                                                                                                                                                                           ","UN    ","CR",7.0000000000000007E-2]
[11057,"PARAFUSO ROSCA SOBERBA ZINCADO CABECA CHATA FENDA SIMPLES 4,8 X 40 MM (1.1/2 \")                                                                                                                                                                                                                                                                                                                                                                                                                           ","UN    ","CR",0.14000000000000001]
[11059,"PARAFUSO ROSCA SOBERBA ZINCADO CABECA CHATA FENDA SIMPLES 5,5 X 50 MM (2 \")                                                                                                                                                                                                                                                                                                                                                                                                                               ","UN    ","CR",0.27]
[11058,"PARAFUSO ROSCA SOBERBA ZINCADO CABECA CHATA FENDA SIMPLES 5,5 X 65 MM (2.1/2 \")                                                                                                                                                                                                                                                                                                                                                                                                                           ","UN    ","CR",0.35]
[4380,"PARAFUSO ZINCADO ROSCA SOBERBA 5/16\" X 120 MM PARA TELHA FIBROCIMENTO                                                                                                                                                                                                                                                                                                                                                                                                                                     ","UN    ","CR",1.19]
[4299,"PARAFUSO ZINCADO ROSCA SOBERBA, CABECA SEXTAVADA, 5/16\" X 110 MM, PARA FIXACAO DE TELHA EM MADEIRA                                                                                                                                                                                                                                                                                                                                                                                                        ","UN    ","C ",1.1200000000000001]
[4304,"PARAFUSO ZINCADO ROSCA SOBERBA, CABECA SEXTAVADA, 5/16\" X 150 MM, PARA FIXACAO DE TELHA EM MADEIRA                                                                                                                                                                                                                                                                                                                                                                                                        ","UN    ","CR",1.52]
[4305,"PARAFUSO ZINCADO ROSCA SOBERBA, CABECA SEXTAVADA, 5/16\" X 180 MM, PARA FIXACAO DE TELHA EM MADEIRA                                                                                                                                                                                                                                                                                                                                                                                                        ","UN    ","CR",1.77]
[4306,"PARAFUSO ZINCADO ROSCA SOBERBA, CABECA SEXTAVADA, 5/16\" X 200 MM, PARA FIXACAO DE TELHA EM MADEIRA                                                                                                                                                                                                                                                                                                                                                                                                        ","UN    ","CR",2.06]
[4308,"PARAFUSO ZINCADO ROSCA SOBERBA, CABECA SEXTAVADA, 5/16\" X 230 MM, PARA FIXACAO DE TELHA EM MADEIRA                                                                                                                                                                                                                                                                                                                                                                                                        ","UN    ","CR",4.26]
[4302,"PARAFUSO ZINCADO ROSCA SOBERBA, CABECA SEXTAVADA, 5/16\" X 250 MM, PARA FIXACAO DE TELHA EM MADEIRA                                                                                                                                                                                                                                                                                                                                                                                                        ","UN    ","CR",3.2]
[4300,"PARAFUSO ZINCADO ROSCA SOBERBA, CABECA SEXTAVADA, 5/16\" X 50 MM, PARA FIXACAO DE TELHA EM MADEIRA                                                                                                                                                                                                                                                                                                                                                                                                         ","UN    ","CR",0.76]
[4301,"PARAFUSO ZINCADO ROSCA SOBERBA, CABECA SEXTAVADA, 5/16\" X 85 MM, PARA FIXACAO DE TELHA EM MADEIRA                                                                                                                                                                                                                                                                                                                                                                                                         ","UN    ","CR",0.93]
[4320,"PARAFUSO ZINCADO 5/16\" X 250 MM PARA FIXACAO DE TELHA DE FIBROCIMENTO CANALETE 49, INCLUI BUCHA NYLON S-10                                                                                                                                                                                                                                                                                                                                                                                                ","UN    ","CR",2.82]
[4318,"PARAFUSO ZINCADO 5/16\" X 85 MM PARA FIXACAO DE TELHA DE FIBROCIMENTO CANALETE 90, INCLUI BUCHA NYLON S-10                                                                                                                                                                                                                                                                                                                                                                                                 ","UN    ","CR",1.37]
[40547,"PARAFUSO ZINCADO, AUTOBROCANTE, FLANGEADO, 4,2 MM X 19 MM                                                                                                                                                                                                                                                                                                                                                                                                                                                 ","CENTO ","CR",42.67]
[11962,"PARAFUSO ZINCADO, SEXTAVADO, COM ROSCA INTEIRA, DIAMETRO 1/4\", COMPRIMENTO 1/2\"                                                                                                                                                                                                                                                                                                                                                                                                                           ","UN    ","CR",0.35]
[4332,"PARAFUSO ZINCADO, SEXTAVADO, COM ROSCA INTEIRA, DIAMETRO 3/8\", COMPRIMENTO 2\"                                                                                                                                                                                                                                                                                                                                                                                                                             ","UN    ","CR",1.7]
[4331,"PARAFUSO ZINCADO, SEXTAVADO, COM ROSCA INTEIRA, DIAMETRO 5/8\", COMPRIMENTO 2 1/4\"                                                                                                                                                                                                                                                                                                                                                                                                                         ","UN    ","CR",6.4]
[4336,"PARAFUSO ZINCADO, SEXTAVADO, COM ROSCA INTEIRA, DIAMETRO 5/8\", COMPRIMENTO 3\", COM PORCA E ARRUELA DE PRESSAO MEDIA                                                                                                                                                                                                                                                                                                                                                                                       ","UN    ","CR",8.1999999999999993]
[11948,"PARAFUSO ZINCADO, SEXTAVADO, COM ROSCA SOBERBA, DIAMETRO 5/16\", COMPRIMENTO 40 MM                                                                                                                                                                                                                                                                                                                                                                                                                         ","UN    ","CR",1.05]
[4382,"PARAFUSO ZINCADO, SEXTAVADO, COM ROSCA SOBERBA, DIAMETRO 5/16\", COMPRIMENTO 80 MM                                                                                                                                                                                                                                                                                                                                                                                                                         ","UN    ","CR",1.76]
[4354,"PARAFUSO ZINCADO, SEXTAVADO, GRAU 5, ROSCA INTEIRA, DIAMETRO 1 1/2\", COMPRIMENTO 4\"                                                                                                                                                                                                                                                                                                                                                                                                                       ","UN    ","CR",73.47]
[40839,"PARAFUSO, ASTM A307 - GRAU A, SEXTAVADO, ZINCADO, DIAMETRO 3/8\" (9,52 MM), COMPRIMENTO 1\" (25,4 MM)                                                                                                                                                                                                                                                                                                                                                                                                       ","CENTO ","CR",176.8]
[40552,"PARAFUSO, AUTOATARRAXANTE, CABECA CHATA, FENDA SIMPLES, EM ACO ZINCADO, 1/4\" (6,35 MM) X 25 MM                                                                                                                                                                                                                                                                                                                                                                                                            ","CENTO ","CR",73.16]
[40549,"PARAFUSO, COMUM, ASTM A307, SEXTAVADO, DIAMETRO 1/2\" (12,7 MM), COMPRIMENTO 1\" (25,4 MM)                                                                                                                                                                                                                                                                                                                                                                                                                  ","CENTO ","CR",289.58999999999997]
[4385,"PARALELEPIPEDO GRANITICO OU BASALTICO, PARA PAVIMENTACAO, SEM FRETE (VARIACAO REGIONAL DE PECAS POR M2)                                                                                                                                                                                                                                                                                                                                                                                                   ","MIL   ","CR",938.65]
[20078,"PASTA LUBRIFICANTE PARA TUBOS E CONEXOES COM JUNTA ELASTICA, EMBALAGEM DE *400* GR (USO EM PVC, ACO, POLIETILENO E OUTROS)                                                                                                                                                                                                                                                                                                                                                                                ","UN    ","CR",23.81]
[39897,"PASTA PARA SOLDA DE TUBOS E CONEXOES DE COBRE (EMBALAGEM COM 250 G)                                                                                                                                                                                                                                                                                                                                                                                                                                       ","UN    ","AS",52.76]
[118,"PASTA VEDA JUNTAS/ROSCA, EMBALAGEM DE *500* G, PARA INSTALACOES DE AGUA, GAS E OUTROS                                                                                                                                                                                                                                                                                                                                                                                                                     ","UN    ","CR",50.35]
[4396,"PASTILHA CERAMICA/PORCELANA, REVEST INT/EXT E PISCINA, CORES BRANCA OU FRIAS, SOLIDAS, SEM MESCLAGEM/MISTURA, ACABAMENTO LISO *2,5 X 2,5* CM                                                                                                                                                                                                                                                                                                                                                              ","M2    ","CR",299.2]
[36881,"PASTILHA CERAMICA/PORCELANA, REVEST INT/EXT E PISCINA, CORES BRANCA OU FRIAS, SOLIDAS, SEM MESCLAGEM/MISTURA, ACABAMENTO LISO *5 X 5* CM                                                                                                                                                                                                                                                                                                                                                                  ","M2    ","CR",218.43]
[4397,"PASTILHA CERAMICA/PORCELANA, REVEST INT/EXT E PISCINA, CORES LISAS/SOLIDAS, QUENTES, SEM MESCLAGEM/MISTURA, *2,5 X 2,5* CM                                                                                                                                                                                                                                                                                                                                                                                ","M2    ","CR",304.18]
[36882,"PASTILHA CERAMICA/PORCELANA, REVEST INT/EXT E PISCINA, CORES LISAS/SOLIDAS, QUENTES, SEM MESCLAGEM/MISTURA, *5 X 5* CM                                                                                                                                                                                                                                                                                                                                                                                    ","M2    ","CR",222.73]
[4751,"PASTILHEIRO (HORISTA)                                                                                                                                                                                                                                                                                                                                                                                                                                                                                     ","H     ","CR",20.99]
[41066,"PASTILHEIRO (MENSALISTA)                                                                                                                                                                                                                                                                                                                                                                                                                                                                                  ","MES   ","CR",3668.94]
[39604,"PATCH CORD (CABO DE REDE), CATEGORIA 5 E (CAT 5E) UTP, 24 AWG, 4 PARES, EXTENSAO DE 1,50 M                                                                                                                                                                                                                                                                                                                                                                                                                ","UN    ","CR",11.56]
[39605,"PATCH CORD (CABO DE REDE), CATEGORIA 5 E (CAT 5E) UTP, 24 AWG, 4 PARES, EXTENSAO DE 2,50 M                                                                                                                                                                                                                                                                                                                                                                                                                ","UN    ","CR",12.56]
[39606,"PATCH CORD (CABO DE REDE), CATEGORIA 6 (CAT 6) UTP, 23 AWG, 4 PARES, EXTENSAO DE 1,50 M                                                                                                                                                                                                                                                                                                                                                                                                                   ","UN    ","CR",22]
[39607,"PATCH CORD (CABO DE REDE), CATEGORIA 6 (CAT 6) UTP, 23 AWG, 4 PARES, EXTENSAO DE 2,50 M                                                                                                                                                                                                                                                                                                                                                                                                                   ","UN    ","CR",29.76]
[39594,"PATCH PANEL, 24 PORTAS, CATEGORIA 5E, COM RACKS DE 19\" DE LARGURA E 1 U DE ALTURA                                                                                                                                                                                                                                                                                                                                                                                                                         ","UN    ","C ",599.5]
[39596,"PATCH PANEL, 24 PORTAS, CATEGORIA 6, COM RACKS DE 19\" DE LARGURA E 1 U DE ALTURA                                                                                                                                                                                                                                                                                                                                                                                                                          ","UN    ","CR",1605.51]
[39595,"PATCH PANEL, 48 PORTAS, CATEGORIA 5E, COM RACKS DE 19\" DE LARGURA E 2 U DE ALTURA                                                                                                                                                                                                                                                                                                                                                                                                                         ","UN    ","CR",3607.36]
[39597,"PATCH PANEL, 48 PORTAS, CATEGORIA 6, COM RACKS DE 19\" DE LARGURA E 2 U DE ALTURA                                                                                                                                                                                                                                                                                                                                                                                                                          ","UN    ","CR",5658.63]
[10731,"PEDRA ARDOSIA, CINZA, *40 X 40* CM, E= *1 CM                                                                                                                                                                                                                                                                                                                                                                                                                                                              ","M2    ","AS",45]
[4704,"PEDRA ARDOSIA, CINZA, 20 X 40 CM, E= *1 CM                                                                                                                                                                                                                                                                                                                                                                                                                                                                ","M2    ","AS",40.61]
[10730,"PEDRA ARDOSIA, CINZA, 30 X 30, E= *1 CM                                                                                                                                                                                                                                                                                                                                                                                                                                                                   ","M2    ","AS",43.51]
[4720,"PEDRA BRITADA N. 0, OU PEDRISCO (4,8 A 9,5 MM) POSTO PEDREIRA/FORNECEDOR, SEM FRETE                                                                                                                                                                                                                                                                                                                                                                                                                       ","M3    ","CR",116.15]
[4721,"PEDRA BRITADA N. 1 (9,5 A 19 MM) POSTO PEDREIRA/FORNECEDOR, SEM FRETE                                                                                                                                                                                                                                                                                                                                                                                                                                     ","M3    ","CR",100.61]
[4718,"PEDRA BRITADA N. 2 (19 A 38 MM) POSTO PEDREIRA/FORNECEDOR, SEM FRETE                                                                                                                                                                                                                                                                                                                                                                                                                                      ","M3    ","C ",101.14]
[4722,"PEDRA BRITADA N. 3 (38 A 50 MM) POSTO PEDREIRA/FORNECEDOR, SEM FRETE                                                                                                                                                                                                                                                                                                                                                                                                                                      ","M3    ","CR",95.03]
[4730,"PEDRA DE MAO OU PEDRA RACHAO PARA ARRIMO/FUNDACAO (POSTO PEDREIRA/FORNECEDOR, SEM FRETE)                                                                                                                                                                                                                                                                                                                                                                                                                  ","M3    ","CR",94.56]
[13186,"PEDRA GRANITICA OU BASALTICA IRREGULAR, FAIXA GRANULOMETRICA 100 A 150 MM PARA PAVIMENTACAO OU CALCAMENTO POLIEDRICO, POSTO PEDREIRA / FORNECEDOR (SEM FRETE)                                                                                                                                                                                                                                                                                                                                             ","M3    ","CR",109.11]
[10737,"PEDRA GRANITICA OU BASALTO, CACO, RETALHO, CAVACO, TIPO MIRACEMA, MADEIRA, PADUANA, RACHINHA, SANTA ISABEL OU OUTRAS SIMILARES, E= *1,0 A *2,0 CM                                                                                                                                                                                                                                                                                                                                                         ","M2    ","AS",141.41]
[10734,"PEDRA GRANITICA, SERRADA, TIPO MIRACEMA, MADEIRA, PADUANA, RACHINHA, SANTA ISABEL OU OUTRAS SIMILARES, *11,5 X *23 CM, E= *1,0 A *2,0 CM                                                                                                                                                                                                                                                                                                                                                                  ","M2    ","AS",84.12]
[4708,"PEDRA PORTUGUESA OU PETIT PAVE, BRANCA OU PRETA                                                                                                                                                                                                                                                                                                                                                                                                                                                           ","M2    ","AS",163.16999999999999]
[4712,"PEDRA QUARTZITO OU CALCARIO LAMINADO, CACO, TIPO CARIRI, ITACOLOMI, LAGOA SANTA, LUMINARIA, PIRENOPOLIS, SAO TOME OU OUTRAS SIMILARES DA REGIAO, E= *1,5 A *2,5 CM                                                                                                                                                                                                                                                                                                                                        ","M2    ","AS",79.77]
[4710,"PEDRA QUARTZITO OU CALCARIO LAMINADO, SERRADA, TIPO CARIRI, ITACOLOMI, LAGOA SANTA, LUMINARIA, PIRENOPOLIS, SAO TOME OU OUTRAS SIMILARES DA REGIAO, *20 X *40 CM, E= *1,5 A *2,5 CM                                                                                                                                                                                                                                                                                                                       ","M2    ","AS",255.82]
[4750,"PEDREIRO (HORISTA)                                                                                                                                                                                                                                                                                                                                                                                                                                                                                        ","H     ","C ",20.99]
[41065,"PEDREIRO (MENSALISTA)                                                                                                                                                                                                                                                                                                                                                                                                                                                                                     ","MES   ","CR",3668.94]
[34747,"PEITORIL EM MARMORE, POLIDO, BRANCO COMUM, L= *15* CM, E= *2,0* CM, COM PINGADEIRA                                                                                                                                                                                                                                                                                                                                                                                                                        ","M     ","CR",106.27]
[4826,"PEITORIL EM MARMORE, POLIDO, BRANCO COMUM, L= *15* CM, E= *3* CM, CORTE RETO                                                                                                                                                                                                                                                                                                                                                                                                                              ","M     ","CR",114.26]
[41975,"PEITORIL PRE-MOLDADO EM GRANILITE, MARMORITE OU GRANITINA, L = *15* CM                                                                                                                                                                                                                                                                                                                                                                                                                                    ","M2    ","AS",94.34]
[4825,"PEITORIL/ SOLEIRA EM MARMORE, POLIDO, BRANCO COMUM, L= *25* CM, E= *3* CM, CORTE RETO                                                                                                                                                                                                                                                                                                                                                                                                                     ","M     ","CR",158.16]
[34744,"PELICULA REFLETIVA, GT 7 ANOS PARA SINALIZACAO VERTICAL                                                                                                                                                                                                                                                                                                                                                                                                                                                   ","M2    ","AS",37.200000000000003]
[39430,"PENDURAL OU PRESILHA REGULADORA, EM ACO GALVANIZADO, COM CORPO, MOLA E REBITE, PARA PERFIL TIPO CANALETA DE ESTRUTURA EM FORROS DRYWALL                                                                                                                                                                                                                                                                                                                                                                   ","UN    ","CR",2.02]
[39573,"PENDURAL OU REGULADOR, COM MOLA, EM ACO GALVANIZADO, PARA PERFIL TIPO T CLICADO DE FORROS REMOVIVEL                                                                                                                                                                                                                                                                                                                                                                                                       ","UN    ","CR",1.99]
[38410,"PENEIRA ROTATIVA COM MOTOR ELETRICO TRIFASICO DE 2 CV, CILINDRO DE 1 M X 0,60 M, COM FUROS DE 3,17 MM                                                                                                                                                                                                                                                                                                                                                                                                     ","UN    ","CR",16726.099999999999]
[43082,"PERFIL \"I\" OU \"W\" EM ACO LAMINADO, QUAISQUER DIMENSOES                                                                                                                                                                                                                                                                                                                                                                                                                                                    ","KG    ","AS",10]
[43083,"PERFIL \"U\" ENRIJECIDO, EM CHAPA DOBRADA DE ACO LAMINADO, E = 3,75 MM, H = 200 MM, L = 75 MM (9,94 KG/M)                                                                                                                                                                                                                                                                                                                                                                                                   ","KG    ","AS",8.66]
[40535,"PERFIL \"U\" SIMPLES, EM CHAPA DOBRADA DE ACO LAMINADO, E = 2,65 MM, H = 75 MM, L = 40 MM (3,04 KG/M)                                                                                                                                                                                                                                                                                                                                                                                                       ","KG    ","AS",8.66]
[40598,"PERFIL \"U\" SIMPLES, EM CHAPA DOBRADA DE ACO LAMINADO, E = 3 MM, H = 125 MM, L = 50 MM (5,07 KG/M)                                                                                                                                                                                                                                                                                                                                                                                                         ","KG    ","AS",8.4499999999999993]
[43692,"PERFIL \"U\" SIMPLES, EM CHAPA DOBRADA DE ACO LAMINADO, E = 3 MM, H = 200 MM, L = 50 MM (6,83 KG/M)                                                                                                                                                                                                                                                                                                                                                                                                         ","KG    ","AS",9.1199999999999992]
[43665,"PERFIL \"U\" SIMPLES, EM CHAPA DOBRADA DE ACO LAMINADO, E = 4,75 MM, H = 100 MM, L = 75 MM (8,74 KG/M)                                                                                                                                                                                                                                                                                                                                                                                                      ","KG    ","AS",8.59]
[10966,"PERFIL \"U\" SIMPLES, EM CHAPA DOBRADA DE ACO LAMINADO, E = 8 MM, H = 150 MM, L = 75 MM (16,97 KG/M)                                                                                                                                                                                                                                                                                                                                                                                                        ","KG    ","AS",9.1199999999999992]
[39427,"PERFIL CANALETA, FORMATO C, EM ACO ZINCADO, PARA ESTRUTURA FORRO DRYWALL, E = 0,5 MM, *46 X 18* (L X H), COMPRIMENTO 3 M                                                                                                                                                                                                                                                                                                                                                                                  ","M     ","CR",5.37]
[39424,"PERFIL CANTONEIRA L, LISA, EM ACO, 25 X 30 MM, E = 0,5 MM, PARA ESTRUTURA DRYWALL                                                                                                                                                                                                                                                                                                                                                                                                                         ","M     ","CR",3.2]
[39425,"PERFIL CANTONEIRA L, PERFURADA, EM ACO, 23 X 23 MM, E = 0,5 MM, PARA ESTRUTURA DRYWALL                                                                                                                                                                                                                                                                                                                                                                                                                    ","M     ","CR",3.15]
[40664,"PERFIL CARTOLA DE ACO GALVANIZADO, *20 X 30 X 10* MM, E = 0,8 MM                                                                                                                                                                                                                                                                                                                                                                                                                                          ","KG    ","AS",17.77]
[34360,"PERFIL DE ALUMINIO ANODIZADO                                                                                                                                                                                                                                                                                                                                                                                                                                                                              ","KG    ","AS",42.69]
[20259,"PERFIL DE BORRACHA EPDM MACICO *12 X 15* MM PARA ESQUADRIAS                                                                                                                                                                                                                                                                                                                                                                                                                                               ","M     ","AS",12.9]
[14077,"PERFIL ELASTOMERICO PRE-FORMADO EM EPMD, PARA JUNTA DE DILATACAO DE PISOS COM POUCA SOLICITACAO, 15 MM DE LARGURA, MOVIMENTACAO DE *11 A 19* MM                                                                                                                                                                                                                                                                                                                                                           ","M     ","AS",197.44]
[3678,"PERFIL ELASTOMERICO PRE-FORMADO EM EPMD, PARA JUNTA DE DILATACAO DE USO GERAL EM MEDIAS SOLICITACOES, 8 MM DE LARGURA, MOVIMENTACAO DE *5 A 11* MM                                                                                                                                                                                                                                                                                                                                                        ","M     ","AS",89.24]
[11552,"PERFIL EM ALUMINIO, FORMATO U, ABAS IGUAIS, LARGURA DE 12,70 MM (1/2 POL), ESPESSURA 1,58 MM (1/16 POL) E PESO LINEAR DE APROXIMADAMENTE 0,149 KG/M                                                                                                                                                                                                                                                                                                                                                       ","M     ","CR",7.84]
[585,"PERFIL EM ALUMINIO, FORMATO U, ABAS IGUAIS, LARGURA DE 25,4 MM (1\"), ESPESSURA DE 2,38 MM (3/32\") E PESO LINEAR DE APROXIMADAMENTE 0,460 KG/M                                                                                                                                                                                                                                                                                                                                                             ","KG    ","AS",34.15]
[39418,"PERFIL GUIA, FORMATO U, EM ACO ZINCADO, PARA ESTRUTURA PAREDE DRYWALL, E = 0,5 MM, 48 X 3000 MM (L X C)                                                                                                                                                                                                                                                                                                                                                                                                   ","M     ","CR",6]
[39419,"PERFIL GUIA, FORMATO U, EM ACO ZINCADO, PARA ESTRUTURA PAREDE DRYWALL, E = 0,5 MM, 70 X 3000 MM (L X C)                                                                                                                                                                                                                                                                                                                                                                                                   ","M     ","CR",7.31]
[39420,"PERFIL GUIA, FORMATO U, EM ACO ZINCADO, PARA ESTRUTURA PAREDE DRYWALL, E = 0,5 MM, 90 X 3000 MM (L X C)                                                                                                                                                                                                                                                                                                                                                                                                   ","M     ","CR",8.06]
[39571,"PERFIL LONGARINA (PRINCIPAL), T CLICADO, EM ACO, BRANCO NAS FACES APARENTES, PARA FORRO REMOVIVEL, 24 X 32 X 3750 MM (L X H X C                                                                                                                                                                                                                                                                                                                                                                           ","M     ","CR",4.87]
[39421,"PERFIL MONTANTE, FORMATO C, EM ACO ZINCADO, PARA ESTRUTURA PAREDE DRYWALL, E = 0,5 MM, 48 X 3000 MM (L X C)                                                                                                                                                                                                                                                                                                                                                                                               ","M     ","CR",7.1]
[39422,"PERFIL MONTANTE, FORMATO C, EM ACO ZINCADO, PARA ESTRUTURA PAREDE DRYWALL, E = 0,5 MM, 70 X 3000 MM (L X C)                                                                                                                                                                                                                                                                                                                                                                                               ","M     ","C ",8.2899999999999991]
[39423,"PERFIL MONTANTE, FORMATO C, EM ACO ZINCADO, PARA ESTRUTURA PAREDE DRYWALL, E = 0,5 MM, 90 X 3000 MM (L X C)                                                                                                                                                                                                                                                                                                                                                                                               ","M     ","CR",9.6199999999999992]
[39426,"PERFIL RODAPE DE IMPERMEABILIZACAO, FORMATO L, EM ACO ZINCADO, PARA ESTRUTURA DRYWALL, E = 0,5 MM, 220 X 3000 MM (H X C)                                                                                                                                                                                                                                                                                                                                                                                  ","M     ","CR",21.64]
[39429,"PERFIL TABICA ABERTA, PERFURADA, FORMATO Z, EM ACO GALVANIZADO NATURAL, LARGURA APROXIMADA 40 MM, PARA ESTRUTURA FORRO DRYWALL                                                                                                                                                                                                                                                                                                                                                                            ","M     ","CR",6.82]
[39428,"PERFIL TABICA FECHADA, LISA, FORMATO Z, EM ACO GALVANIZADO NATURAL, LARGURA TOTAL NA HORIZONTAL *40* MM, PARA ESTRUTURA FORRO DRYWALL                                                                                                                                                                                                                                                                                                                                                                     ","M     ","CR",5.21]
[39572,"PERFIL TIPO CANTONEIRA EM L, EM ACO GALVANIZADO, BRANCO, PARA FORRO REMOVIVEL, *23* X 3000 MM (L X C)                                                                                                                                                                                                                                                                                                                                                                                                     ","M     ","CR",4.51]
[39570,"PERFIL TRAVESSA (SECUNDARIO), T CLICADO, EM ACO GALVANIZADO, BRANCO, PARA FORRO REMOVIVEL, 24 X 1250 MM (L X C)                                                                                                                                                                                                                                                                                                                                                                                           ","M     ","CR",4.79]
[39569,"PERFIL TRAVESSA (SECUNDARIO), T CLICADO, EM ACO GALVANIZADO, BRANCO, PARA FORRO REMOVIVEL, 24 X 625 MM (L X C)                                                                                                                                                                                                                                                                                                                                                                                            ","M     ","CR",4.7300000000000004]
[39029,"PERFILADO PERFURADO DUPLO 38 X 76 MM, CHAPA 22                                                                                                                                                                                                                                                                                                                                                                                                                                                            ","M     ","CR",15.27]
[39028,"PERFILADO PERFURADO SIMPLES 38 X 38 MM, CHAPA 22                                                                                                                                                                                                                                                                                                                                                                                                                                                          ","M     ","CR",8.89]
[39328,"PERFILADO PERFURADO 19 X 38 MM, CHAPA 22                                                                                                                                                                                                                                                                                                                                                                                                                                                                  ","M     ","CR",4.8899999999999997]
[38541,"PERFURATRIZ COM TORRE METALICA PARA EXECUCAO DE ESTACA HELICE CONTINUA, PROFUNDIDADE MAXIMA DE 30 M, DIAMETRO MAXIMO DE 800 MM, POTENCIA INSTALADA DE 268 HP, MESA ROTATIVA COM TORQUE MAXIMO DE 170 KNM                                                                                                                                                                                                                                                                                                  ","UN    ","CR",4459459.45]
[38542,"PERFURATRIZ COM TORRE METALICA PARA EXECUCAO DE ESTACA HELICE CONTINUA, PROFUNDIDADE MAXIMA DE 32 M, DIAMETRO MAXIMO DE 1000 MM, POTENCIA INSTALADA DE 350 HP, MESA ROTATIVA COM TORQUE MAXIMO DE 263 KNM                                                                                                                                                                                                                                                                                                 ","UN    ","CR",6837837.8399999999]
[38543,"PERFURATRIZ HIDRAULICA COM TRADO CURTO ACOPLADO, PROFUNDIDADE MAXIMA DE 20 M, DIAMETRO MAXIMO DE 1500 MM, POTENCIA INSTALADA DE 137 HP, MESA ROTATIVA COM TORQUE MAXIMO DE 30 KNM (INCLUI MONTAGEM, NAO INCLUI CAMINHAO)                                                                                                                                                                                                                                                                                  ","UN    ","CR",1392348.04]
[40406,"PERFURATRIZ MANUAL, TORQUE MAXIMO 55 KGF.M, POTENCIA 5 CV, COM DIAMETRO MAXIMO 8 1/2\" (INCLUI SUPORTE/CHASSI TIPO MESA)                                                                                                                                                                                                                                                                                                                                                                                   ","UN    ","AS",81125.09]
[40789,"PERFURATRIZ MANUAL, TORQUE MAXIMO 83 N.M, POTENCIA 5 CV, COM DIAMETRO MAXIMO 4\" (NAO INCLUI SUPORTE / CHASSI)                                                                                                                                                                                                                                                                                                                                                                                             ","UN    ","AS",11690.95]
[40791,"PERFURATRIZ MANUAL, TORQUE MAXIMO 83 N.M, POTENCIA 5 CV, COM DIAMETRO MAXIMO 4\", PARA SOLO GRAMPEADO (INCLUI SUPORTE OU CHASSI TIPO MESA)                                                                                                                                                                                                                                                                                                                                                                 ","UN    ","AS",36597.78]
[11651,"PERFURATRIZ PNEUMATICA MANUAL DE PESO MEDIO, 18KG, COMPRIMENTO DE CURSO DE 6 M, DIAMETRO DO PISTAO DE 5,5 CM                                                                                                                                                                                                                                                                                                                                                                                              ","UN    ","AS",20015.849999999999]
[40435,"PERFURATRIZ SOBRE ESTEIRA, TORQUE MAXIMO DE 600 KGF, POTENCIA ENTRE 50 E 60 HP, DIAMETRO MAXIMO DE 10\"                                                                                                                                                                                                                                                                                                                                                                                                    ","UN    ","CR",998181.6]
[39012,"PERFURATRIZ SOBRE ESTEIRA, TORQUE MAXIMO 600 KGF, PESO MEDIO 1000 KG, POTENCIA 20 HP, DIAMETRO MAXIMO 10\"                                                                                                                                                                                                                                                                                                                                                                                                 ","UN    ","CR",988513.51]
[13617,"PICAPE CABINE SIMPLES COM MOTOR 1.6 FLEX, CAMBIO MANUAL, POTENCIA 101/104 CV, 2 PORTAS                                                                                                                                                                                                                                                                                                                                                                                                                    ","UN    ","CR",96803.17]
[35274,"PILAR QUADRADO NAO APARELHADO *10 X 10* CM, EM MACARANDUBA/MASSARANDUBA, ANGELIM OU EQUIVALENTE DA REGIAO - BRUTA                                                                                                                                                                                                                                                                                                                                                                                         ","M     ","CR",51.57]
[35275,"PILAR QUADRADO NAO APARELHADO *15 X 15* CM, EM MACARANDUBA/MASSARANDUBA, ANGELIM OU EQUIVALENTE DA REGIAO - BRUTA                                                                                                                                                                                                                                                                                                                                                                                         ","M     ","CR",109.46]
[35276,"PILAR QUADRADO NAO APARELHADO *20 X 20* CM, EM MACARANDUBA/MASSARANDUBA, ANGELIM OU EQUIVALENTE DA REGIAO - BRUTA                                                                                                                                                                                                                                                                                                                                                                                         ","M     ","CR",190.46]
[38386,"PINCEL CHATO (TRINCHA) CERDAS GRIS 1.1/2\" (38 MM)                                                                                                                                                                                                                                                                                                                                                                                                                                                         ","UN    ","CR",5.79]
[11091,"PINGADEIRA PLASTICA PARA TELHA DE FIBROCIMENTO CANALETE 49/KALHETA OU CANALETE 90/KALHETAO                                                                                                                                                                                                                                                                                                                                                                                                                ","UN    ","CR",1.36]
[37586,"PINO DE ACO COM ARRUELA CONICA, DIAMETRO ARRUELA = *23* MM E COMP HASTE = *27* MM (ACAO INDIRETA)                                                                                                                                                                                                                                                                                                                                                                                                         ","CENTO ","AS",50.98]
[37395,"PINO DE ACO COM FURO, HASTE = 27 MM (ACAO DIRETA)                                                                                                                                                                                                                                                                                                                                                                                                                                                         ","CENTO ","AS",43.84]
[14147,"PINO DE ACO COM ROSCA 1/4 \", COMPRIMENTO DA HASTE = 30 MM E ROSCA = 20 MM (ACAO DIRETA)                                                                                                                                                                                                                                                                                                                                                                                                                   ","CENTO ","AS",58.15]
[37396,"PINO DE ACO LISO 1/4 \", HASTE = *36,5* MM (ACAO DIRETA)                                                                                                                                                                                                                                                                                                                                                                                                                                                   ","CENTO ","AS",35.869999999999997]
[37397,"PINO DE ACO LISO 1/4 \", HASTE = *53* MM (ACAO DIRETA)                                                                                                                                                                                                                                                                                                                                                                                                                                                     ","CENTO ","AS",37.57]
[43606,"PINO GUIA RETO, EM LATAO, CHAPA COM 3 MM DE ESPESSURA E GUIA COM ROLETE DE 9 MM                                                                                                                                                                                                                                                                                                                                                                                                                           ","UN    ","CR",9.4]
[444,"PINO ROSCA EXTERNA, EM ACO GALVANIZADO, PARA ISOLADOR DE 15KV, DIAMETRO 25 MM, COMPRIMENTO *290* MM                                                                                                                                                                                                                                                                                                                                                                                                       ","UN    ","AS",25.4]
[445,"PINO ROSCA EXTERNA, EM ACO GALVANIZADO, PARA ISOLADOR DE 25KV, DIAMETRO 35MM, COMPRIMENTO *320* MM                                                                                                                                                                                                                                                                                                                                                                                                        ","UN    ","AS",34.76]
[4783,"PINTOR (HORISTA)                                                                                                                                                                                                                                                                                                                                                                                                                                                                                          ","H     ","C ",20.99]
[41079,"PINTOR (MENSALISTA)                                                                                                                                                                                                                                                                                                                                                                                                                                                                                       ","MES   ","CR",3668.94]
[12874,"PINTOR DE LETREIROS (HORISTA)                                                                                                                                                                                                                                                                                                                                                                                                                                                                             ","H     ","CR",20.37]
[41082,"PINTOR DE LETREIROS (MENSALISTA)                                                                                                                                                                                                                                                                                                                                                                                                                                                                          ","MES   ","CR",3562.79]
[4785,"PINTOR PARA TINTA EPOXI (HORISTA)                                                                                                                                                                                                                                                                                                                                                                                                                                                                         ","H     ","CR",20.99]
[41081,"PINTOR PARA TINTA EPOXI (MENSALISTA)                                                                                                                                                                                                                                                                                                                                                                                                                                                                      ","MES   ","CR",3668.94]
[4801,"PISO DE BORRACHA CANELADO EM PLACAS 50 X 50 CM, E = *3,5* MM, PARA COLA                                                                                                                                                                                                                                                                                                                                                                                                                                   ","M2    ","CR",108.91]
[4794,"PISO DE BORRACHA ESPORTIVO EM PLACAS 50 X 50 CM, E = 15 MM, PARA ARGAMASSA, PRETO                                                                                                                                                                                                                                                                                                                                                                                                                         ","M2    ","CR",496.02]
[4796,"PISO DE BORRACHA FRISADO OU PASTILHADO, PRETO, EM PLACAS 50 X 50 CM, E = 7 MM, PARA ARGAMASSA                                                                                                                                                                                                                                                                                                                                                                                                             ","M2    ","CR",301.27999999999997]
[4800,"PISO DE BORRACHA PASTILHADO EM PLACAS 50 X 50 CM, E = *3,5* MM, PARA COLA, PRETO                                                                                                                                                                                                                                                                                                                                                                                                                          ","M2    ","CR",82.85]
[4795,"PISO DE BORRACHA PASTILHADO EM PLACAS 50 X 50 CM, E = 15 MM, PARA ARGAMASSA, PRETO                                                                                                                                                                                                                                                                                                                                                                                                                        ","M2    ","CR",482.85]
[39694,"PISO ELEVADO COM 2 PLACAS DE ACO COM ENCHIMENTO DE CONCRETO CELULAR, INCLUSO BASE/HASTE/CRUZETAS, 60 X 60 CM, H = *28* CM, RESISTENCIA CARGA CONCENTRADA 496 KG (COM COLOCACAO)                                                                                                                                                                                                                                                                                                                           ","M2    ","CR",389.37]
[1292,"PISO EM CERAMICA ESMALTADA, COR LISA, PEI MAIOR OU IGUAL A 4, FORMATO MAIOR QUE 2025 CM2                                                                                                                                                                                                                                                                                                                                                                                                                  ","M2    ","CR",44.15]
[1287,"PISO EM CERAMICA ESMALTADA, COR LISA, PEI MAIOR OU IGUAL A 4, FORMATO MENOR OU IGUAL A 2025 CM2                                                                                                                                                                                                                                                                                                                                                                                                           ","M2    ","CR",35.340000000000003]
[4786,"PISO EM GRANILITE, MARMORITE OU GRANITINA, AGREGADO COR PRETO, CINZA, PALHA OU BRANCO, E= *8* MM (INCLUSO EXECUCAO)                                                                                                                                                                                                                                                                                                                                                                                       ","M2    ","AS",108.5]
[10840,"PISO EM GRANITO, POLIDO, TIPO AMENDOA/ AMARELO CAPRI/ AMARELO DOURADO CARIOCA OU OUTROS EQUIVALENTES DA REGIAO, FORMATO MENOR OU IGUAL A 3025 CM2, E= *2* CM                                                                                                                                                                                                                                                                                                                                              ","M2    ","C ",490]
[10841,"PISO EM GRANITO, POLIDO, TIPO ANDORINHA/ QUARTZ/ CASTELO/ CORUMBA OU OUTROS EQUIVALENTES DA REGIAO, FORMATO MENOR OU IGUAL A 3025 CM2, E= *2* CM                                                                                                                                                                                                                                                                                                                                                          ","M2    ","CR",369.81]
[44540,"PISO EM GRANITO, POLIDO, TIPO MARFIM, DALLAS, CARAVELAS OU OUTROS EQUIVALENTES DA REGIAO, FORMATO MENOR OU IGUAL A 3025 CM2, E= *2*CM                                                                                                                                                                                                                                                                                                                                                                     ","M2    ","CR",472.53]
[10842,"PISO EM GRANITO, POLIDO, TIPO PRETO SAO GABRIEL/ TIJUCA OU OUTROS EQUIVALENTES DA REGIAO, FORMATO MENOR OU IGUAL A 3025 CM2, E= *2* CM                                                                                                                                                                                                                                                                                                                                                                    ","M2    ","CR",534.16999999999996]
[45190,"PISO EM PORCELANATO, RETIFICADO, LISO, MONOCOLOR, ACETINADO OU POLIDO, FORMATO MAIOR QUE 2500 ATE 6400 CM2                                                                                                                                                                                                                                                                                                                                                                                                ","M2    ","C ",72.900000000000006]
[38180,"PISO EM REGUA VINILICA SEMIFLEXIVEL, ENCAIXE CLICADO, E = 4 MM (SEM COLOCACAO)                                                                                                                                                                                                                                                                                                                                                                                                                            ","M2    ","CR",242.57]
[40648,"PISO EPOXI AUTONIVELANTE, ESPESSURA *4* MM (INCLUSO EXECUCAO)                                                                                                                                                                                                                                                                                                                                                                                                                                             ","M2    ","AS",208.32]
[40649,"PISO EPOXI MULTILAYER, ESPESSURA *2* MM (INCLUSO EXECUCAO)                                                                                                                                                                                                                                                                                                                                                                                                                                                ","M2    ","AS",121.34]
[40650,"PISO FULGET (GRANITO LAVADO) EM PLACAS DE *40 X 40* CM, E = 2,0 CM (SEM COLOCACAO)                                                                                                                                                                                                                                                                                                                                                                                                                        ","M2    ","AS",156.24]
[40651,"PISO FULGET (GRANITO LAVADO) EM PLACAS DE *75 X 75* CM, E = 2,0 CM (SEM COLOCACAO)                                                                                                                                                                                                                                                                                                                                                                                                                        ","M2    ","AS",288.17]
[40652,"PISO FULGET (GRANITO LAVADO) MOLDADO IN LOCO (INCLUSO EXECUCAO)                                                                                                                                                                                                                                                                                                                                                                                                                                           ","M2    ","AS",154.5]
[40647,"PISO INDUSTRIAL EM CONCRETO ARMADO DE ACABAMENTO POLIDO, ESPESSURA 12 CM (CIMENTO QUEIMADO) (INCLUSO EXECUCAO)                                                                                                                                                                                                                                                                                                                                                                                            ","M2    ","AS",170.12]
[40653,"PISO KORODUR (INCLUSO EXECUCAO)                                                                                                                                                                                                                                                                                                                                                                                                                                                                           ","M2    ","AS",130.19999999999999]
[38135,"PISO TATIL / PODOTATIL, LADRILHO HIDRAULICO / CONCRETO, *25 X 25* CM, E= *2,5* CM, PADRAO TATIL ALERTA OU DIRECIONAL, COR AMARELA                                                                                                                                                                                                                                                                                                                                                                         ","M2    ","AS",95.63]
[36178,"PISO TATIL / PODOTATIL, LADRILHO HIDRAULICO/CONCRETO, *40 X 40* CM, E= 2,5* CM, PADRAO TATIL ALERTA OU DIRECIONAL, COR NATURAL                                                                                                                                                                                                                                                                                                                                                                            ","UN    ","CR",12.15]
[38181,"PISO TATIL ALERTA OU DIRECIONAL, DE BORRACHA, COLORIDO, 25 X 25 CM, E = 5 MM, PARA COLA                                                                                                                                                                                                                                                                                                                                                                                                                   ","M2    ","CR",331.14]
[38182,"PISO TATIL DE ALERTA OU DIRECIONAL DE BORRACHA, PRETO, 25 X 25 CM, E = 5 MM, PARA COLA                                                                                                                                                                                                                                                                                                                                                                                                                    ","M2    ","CR",315.42]
[38186,"PISO TATIL DE ALERTA OU DIRECIONAL, DE BORRACHA, COLORIDO, 25 X 25 CM, E = 12 MM, PARA ARGAMASSA                                                                                                                                                                                                                                                                                                                                                                                                          ","M2    ","CR",819.9]
[38185,"PISO TATIL DE ALERTA OU DIRECIONAL, DE BORRACHA, PRETO, 25 X 25 CM, E = 12 MM, PARA ARGAMASSA                                                                                                                                                                                                                                                                                                                                                                                                             ","M2    ","CR",729.99]
[40654,"PISO URETANO, VERSAO REVESTIMENTO AUTONIVELANTE, ESPESSURA VARIAVEL DE 3 A 4 MM (INCLUSO EXECUCAO)                                                                                                                                                                                                                                                                                                                                                                                                        ","M2    ","AS",202.24]
[44541,"PISO/ REVESTIMENTO EM GRANITO, POLIDO, TIPO ANDORINHA/ QUARTZ/ CASTELO/ CORUMBA OU OUTROS EQUIVALENTES DA REGIAO, FORMATO MAIOR OU IGUAL A 3025 CM2, E = *2*CM                                                                                                                                                                                                                                                                                                                                            ","M2    ","CR",390.35]
[4822,"PISO/ REVESTIMENTO EM MARMORE, POLIDO, BRANCO COMUM, FORMATO MAIOR OU IGUAL A 3025 CM2, E = *2* CM                                                                                                                                                                                                                                                                                                                                                                                                        ","M2    ","CR",437.8]
[4818,"PISO/ REVESTIMENTO EM MARMORE, POLIDO, BRANCO COMUM, FORMATO MENOR OU IGUAL A 3025 CM2, E = *2* CM                                                                                                                                                                                                                                                                                                                                                                                                        ","M2    ","C ",450]
[39567,"PLACA / CHAPA DE GESSO ACARTONADO, ACABAMENTO VINILICO LISO EM UMA DAS FACES, COR BRANCA, BORDA QUADRADA, E = 9,5 MM, *625 X 1250* MM (L X C), PARA FORRO REMOVIVEL                                                                                                                                                                                                                                                                                                                                       ","M2    ","CR",38.5]
[39566,"PLACA / CHAPA DE GESSO ACARTONADO, ACABAMENTO VINILICO LISO EM UMA DAS FACES, COR BRANCA, BORDA QUADRADA, E = 9,5 MM, *625 X 625* MM (L X C), PARA FORRO REMOVIVEL                                                                                                                                                                                                                                                                                                                                        ","M2    ","CR",40.75]
[39416,"PLACA / CHAPA DE GESSO ACARTONADO, RESISTENTE A UMIDADE (RU), COR VERDE, E = 12,5 MM, 1200 X 1800 MM (L X C)                                                                                                                                                                                                                                                                                                                                                                                              ","M2    ","CR",24.83]
[39417,"PLACA / CHAPA DE GESSO ACARTONADO, RESISTENTE A UMIDADE (RU), COR VERDE, E = 12,5 MM, 1200 X 2400 MM (L X C)                                                                                                                                                                                                                                                                                                                                                                                              ","M2    ","CR",24.22]
[43742,"PLACA / CHAPA DE GESSO ACARTONADO, RESISTENTE A UMIDADE (RU), COR VERDE, E = 15 MM, 1200 X 2400 MM (L X C)                                                                                                                                                                                                                                                                                                                                                                                                ","M2    ","CR",26.13]
[39414,"PLACA / CHAPA DE GESSO ACARTONADO, RESISTENTE AO FOGO (RF), COR ROSA, E = 12,5 MM, 1200 X 1800 MM (L X C)                                                                                                                                                                                                                                                                                                                                                                                                 ","M2    ","CR",23.52]
[39415,"PLACA / CHAPA DE GESSO ACARTONADO, RESISTENTE AO FOGO (RF), COR ROSA, E = 12,5 MM, 1200 X 2400 MM (L X C)                                                                                                                                                                                                                                                                                                                                                                                                 ","M2    ","CR",20.27]
[43740,"PLACA / CHAPA DE GESSO ACARTONADO, RESISTENTE AO FOGO (RF), COR ROSA, E = 15 MM, 1200 X 2400 MM (L X C)                                                                                                                                                                                                                                                                                                                                                                                                   ","M2    ","CR",24.76]
[39412,"PLACA / CHAPA DE GESSO ACARTONADO, STANDARD (ST), COR BRANCA, E = 12,5 MM, 1200 X 1800 MM (L X C)                                                                                                                                                                                                                                                                                                                                                                                                         ","M2    ","C ",16.98]
[39413,"PLACA / CHAPA DE GESSO ACARTONADO, STANDARD (ST), COR BRANCA, E = 12,5 MM, 1200 X 2400 MM (L X C)                                                                                                                                                                                                                                                                                                                                                                                                         ","M2    ","CR",18.36]
[43741,"PLACA / CHAPA DE GESSO ACARTONADO, STANDARD (ST), COR BRANCA, E = 15 MM, 1200 X 2400 MM (L X C)                                                                                                                                                                                                                                                                                                                                                                                                           ","M2    ","CR",19.57]
[11062,"PLACA CIMENTICIA LISA E = 10 MM, DE 1,20 X *2,50* M (SEM AMIANTO)                                                                                                                                                                                                                                                                                                                                                                                                                                         ","M2    ","CR",63.47]
[11063,"PLACA CIMENTICIA LISA E = 6 MM, DE 1,20 X *2,50* M (SEM AMIANTO)                                                                                                                                                                                                                                                                                                                                                                                                                                          ","M2    ","CR",38.85]
[13521,"PLACA DE ACO ESMALTADA PARA IDENTIFICACAO DE RUA, *45 CM X 20* CM                                                                                                                                                                                                                                                                                                                                                                                                                                         ","UN    ","AS",132]
[10851,"PLACA DE ACRILICO TRANSPARENTE ADESIVADA PARA SINALIZACAO DE PORTAS, BORDA POLIDA, DE *25 X 8*, E = 6 MM (NAO INCLUI ACESSORIOS PARA FIXACAO)                                                                                                                                                                                                                                                                                                                                                             ","UN    ","AS",82.56]
[39515,"PLACA DE FIBRA MINERAL PARA FORRO, DE 1250 X 625 MM, E = 15 MM, BORDA RETA, COM PINTURA ANTIMOFO (NAO INCLUI PERFIS)                                                                                                                                                                                                                                                                                                                                                                                      ","UN    ","CR",42.89]
[39516,"PLACA DE FIBRA MINERAL PARA FORRO, DE 625 X 625 MM, E = 15 MM, BORDA REBAIXADA PARA PERFIL 24 MM, COM PINTURA ANTIMOFO (NAO INCLUI PERFIS)                                                                                                                                                                                                                                                                                                                                                                ","UN    ","CR",36.159999999999997]
[39514,"PLACA DE FIBRA MINERAL PARA FORRO, DE 625 X 625 MM, E = 15 MM, BORDA RETA, COM PINTURA ANTIMOFO (NAO INCLUI PERFIS)                                                                                                                                                                                                                                                                                                                                                                                       ","UN    ","C ",22.5]
[4812,"PLACA DE GESSO PARA FORRO, *60 X 60* CM, ESPESSURA DE 12 MM (SEM COLOCACAO)                                                                                                                                                                                                                                                                                                                                                                                                                               ","M2    ","CR",10.18]
[10849,"PLACA DE INAUGURACAO EM BRONZE *35X 50*CM                                                                                                                                                                                                                                                                                                                                                                                                                                                                 ","UN    ","AS",1920.01]
[10848,"PLACA DE INAUGURACAO METALICA, *40* CM X *60* CM                                                                                                                                                                                                                                                                                                                                                                                                                                                          ","UN    ","AS",1206.01]
[4813,"PLACA DE OBRA (PARA CONSTRUCAO CIVIL) EM CHAPA GALVANIZADA *N. 22*, ADESIVADA, DE *2,4 X 1,2* M (SEM POSTES PARA FIXACAO)                                                                                                                                                                                                                                                                                                                                                                                 ","M2    ","AS",400]
[37560,"PLACA DE SINALIZACAO DE SEGURANCA CONTRA INCENDIO - ALERTA, TRIANGULAR, BASE DE *30* CM, EM PVC *2* MM ANTI-CHAMAS (SIMBOLOS, CORES E PICTOGRAMAS CONFORME NBR 16820)                                                                                                                                                                                                                                                                                                                                     ","UN    ","CR",88.59]
[37557,"PLACA DE SINALIZACAO DE SEGURANCA CONTRA INCENDIO, FOTOLUMINESCENTE, QUADRADA, *14 X 14* CM, EM PVC *2* MM ANTI-CHAMAS (SIMBOLOS, CORES E PICTOGRAMAS CONFORME NBR 16820)                                                                                                                                                                                                                                                                                                                                 ","UN    ","CR",26.9]
[37556,"PLACA DE SINALIZACAO DE SEGURANCA CONTRA INCENDIO, FOTOLUMINESCENTE, QUADRADA, *20 X 20* CM, EM PVC *2* MM ANTI-CHAMAS (SIMBOLOS, CORES E PICTOGRAMAS CONFORME NBR 16820)                                                                                                                                                                                                                                                                                                                                 ","UN    ","CR",52.05]
[37559,"PLACA DE SINALIZACAO DE SEGURANCA CONTRA INCENDIO, FOTOLUMINESCENTE, RETANGULAR, *12 X 40* CM, EM PVC *2* MM ANTI-CHAMAS (SIMBOLOS, CORES E PICTOGRAMAS CONFORME NBR 16820)                                                                                                                                                                                                                                                                                                                               ","UN    ","CR",63.85]
[37539,"PLACA DE SINALIZACAO DE SEGURANCA CONTRA INCENDIO, FOTOLUMINESCENTE, RETANGULAR, *13 X 26* CM, EM PVC *2* MM ANTI-CHAMAS (SIMBOLOS, CORES E PICTOGRAMAS CONFORME NBR 16820)                                                                                                                                                                                                                                                                                                                               ","UN    ","C ",45]
[37558,"PLACA DE SINALIZACAO DE SEGURANCA CONTRA INCENDIO, FOTOLUMINESCENTE, RETANGULAR, *20 X 40* CM, EM PVC *2* MM ANTI-CHAMAS (SIMBOLOS, CORES E PICTOGRAMAS CONFORME NBR 16820)                                                                                                                                                                                                                                                                                                                               ","UN    ","CR",83.9]
[34723,"PLACA DE SINALIZACAO EM CHAPA DE ACO NUM 16 COM PINTURA REFLETIVA                                                                                                                                                                                                                                                                                                                                                                                                                                         ","M2    ","AS",924]
[34721,"PLACA DE SINALIZACAO EM CHAPA DE ALUMINIO COM PINTURA REFLETIVA, E = 2 MM                                                                                                                                                                                                                                                                                                                                                                                                                                 ","M2    ","AS",1152.01]
[4309,"PLACA DE VENTILACAO PARA TELHA DE FIBROCIMENTO CANALETE 49 KALHETA                                                                                                                                                                                                                                                                                                                                                                                                                                        ","UN    ","CR",6.13]
[4307,"PLACA DE VENTILACAO PARA TELHA DE FIBROCIMENTO, CANALETE 90 OU KALHETAO                                                                                                                                                                                                                                                                                                                                                                                                                                   ","UN    ","CR",10.48]
[10850,"PLACA NUMERACAO RESIDENCIAL EM CHAPA GALVANIZADA ESMALTADA 12 X 18 CM                                                                                                                                                                                                                                                                                                                                                                                                                                     ","UN    ","AS",60]
[42438,"PLACA ORIENTATIVA SOBRE EXERCICIOS, 2,00 M X 1,00 M (CHAPA GALVANIZADA #20), ESTRUTURA EM TUBOS REDONDOS DE ACO CARBONO, PINTURA NO PROCESSO ELETROSTATICO, ADESIVO FRENTE E VERSO - PARA ACADEMIA AO AR LIVRE / ACADEMIA DA TERCEIRA IDADE - ATI                                                                                                                                                                                                                                                         ","UN    ","AS",2090.75]
[4792,"PLACA VINILICA SEMIFLEXIVEL PARA PISOS, E = 3,2 MM, 30 X 30 CM (SEM COLOCACAO)                                                                                                                                                                                                                                                                                                                                                                                                                            ","M2    ","CR",232.85]
[4790,"PLACA VINILICA SEMIFLEXIVEL PARA REVESTIMENTO DE PISOS E PAREDES, E = 2 MM (SEM COLOCACAO)                                                                                                                                                                                                                                                                                                                                                                                                                ","M2    ","C ",140]
[40671,"PLACA/PISO DE CONCRETO POROSO/ PAVIMENTO PERMEAVEL/BLOCO DRENANTE DE CONCRETO, *40 X 40* CM, E = 6 CM, COR NATURAL                                                                                                                                                                                                                                                                                                                                                                                        ","M2    ","CR",79.78]
[7552,"PLACA/TAMPA CEGA EM LATAO ESCOVADO PARA CONDULETE EM LIGA DE ALUMINIO 4 X 4\"                                                                                                                                                                                                                                                                                                                                                                                                                              ","UN    ","AS",24.17]
[4893,"PLUG OU BUJAO DE FERRO GALVANIZADO, DE 1 1/2\"                                                                                                                                                                                                                                                                                                                                                                                                                                                             ","UN    ","AS",15.74]
[4894,"PLUG OU BUJAO DE FERRO GALVANIZADO, DE 1 1/4\"                                                                                                                                                                                                                                                                                                                                                                                                                                                             ","UN    ","AS",13.5]
[4888,"PLUG OU BUJAO DE FERRO GALVANIZADO, DE 1/2\"                                                                                                                                                                                                                                                                                                                                                                                                                                                               ","UN    ","AS",4.5999999999999996]
[4890,"PLUG OU BUJAO DE FERRO GALVANIZADO, DE 1\"                                                                                                                                                                                                                                                                                                                                                                                                                                                                 ","UN    ","AS",8.64]
[12411,"PLUG OU BUJAO DE FERRO GALVANIZADO, DE 2 1/2\"                                                                                                                                                                                                                                                                                                                                                                                                                                                             ","UN    ","AS",46.54]
[4891,"PLUG OU BUJAO DE FERRO GALVANIZADO, DE 2\"                                                                                                                                                                                                                                                                                                                                                                                                                                                                 ","UN    ","AS",23.27]
[4889,"PLUG OU BUJAO DE FERRO GALVANIZADO, DE 3/4\"                                                                                                                                                                                                                                                                                                                                                                                                                                                               ","UN    ","AS",6.22]
[4892,"PLUG OU BUJAO DE FERRO GALVANIZADO, DE 3\"                                                                                                                                                                                                                                                                                                                                                                                                                                                                 ","UN    ","AS",65.17]
[12412,"PLUG OU BUJAO DE FERRO GALVANIZADO, DE 4\"                                                                                                                                                                                                                                                                                                                                                                                                                                                                 ","UN    ","AS",121.12]
[4907,"PLUG PVC, JE, DN 100 MM, PARA REDE COLETORA ESGOTO                                                                                                                                                                                                                                                                                                                                                                                                                                                        ","UN    ","CR",18.77]
[4902,"PLUG PVC, JE, DN 150 MM, PARA REDE COLETORA ESGOTO                                                                                                                                                                                                                                                                                                                                                                                                                                                        ","UN    ","CR",48.69]
[4741,"PO DE PEDRA (POSTO PEDREIRA/FORNECEDOR, SEM FRETE)                                                                                                                                                                                                                                                                                                                                                                                                                                                        ","M3    ","CR",95.03]
[4752,"POCEIRO / ESCAVADOR DE VALAS E TUBULOES (HORISTA)                                                                                                                                                                                                                                                                                                                                                                                                                                                         ","H     ","CR",18.12]
[41091,"POCEIRO / ESCAVADOR DE VALAS E TUBULOES (MENSALISTA)                                                                                                                                                                                                                                                                                                                                                                                                                                                      ","MES   ","CR",3171.35]
[13954,"POLIDORA DE PISO (POLITRIZ) ELETRICA, MOTOR MONOFASICO DE 4 HP, PESO DE 100 KG, DIAMETRO DO TRABALHO DE 450 MM                                                                                                                                                                                                                                                                                                                                                                                            ","UN    ","AS",7090.69]
[3411,"POLIESTIRENO EXPANDIDO/EPS (ISOPOR), PEROLAS, PARA CONCRETO LEVE                                                                                                                                                                                                                                                                                                                                                                                                                                          ","KG    ","AS",56.08]
[39995,"POLIESTIRENO EXPANDIDO/EPS (ISOPOR), TIPO 2F, BLOCO                                                                                                                                                                                                                                                                                                                                                                                                                                                       ","M3    ","AS",431.49]
[11615,"POLIESTIRENO EXPANDIDO/EPS (ISOPOR), TIPO 2F, PLACA, ISOLAMENTO TERMOACUSTICO, E = 10 MM, 1000 X 500 MM                                                                                                                                                                                                                                                                                                                                                                                                   ","M2    ","AS",3.66]
[3408,"POLIESTIRENO EXPANDIDO/EPS (ISOPOR), TIPO 2F, PLACA, ISOLAMENTO TERMOACUSTICO, E = 20 MM, 1000 X 500 MM                                                                                                                                                                                                                                                                                                                                                                                                   ","M2    ","AS",9.7200000000000006]
[3409,"POLIESTIRENO EXPANDIDO/EPS (ISOPOR), TIPO 2F, PLACA, ISOLAMENTO TERMOACUSTICO, E = 50 MM, 1000 X 500 MM                                                                                                                                                                                                                                                                                                                                                                                                   ","M2    ","AS",24.3]
[11427,"POLVORA NEGRA                                                                                                                                                                                                                                                                                                                                                                                                                                                                                             ","KG    ","AS",110.86]
[4491,"PONTALETE *7,5 X 7,5* CM EM PINUS, MISTA OU EQUIVALENTE DA REGIAO - BRUTA                                                                                                                                                                                                                                                                                                                                                                                                                                 ","M     ","CR",10.66]
[2745,"PONTALETE ROLICO SEM TRATAMENTO, D = 8 A 11 CM, H = 3 M, EM EUCALIPTO OU EQUIVALENTE DA REGIAO - BRUTA (PARA ESCORAMENTO)                                                                                                                                                                                                                                                                                                                                                                                 ","M     ","CR",4.22]
[14439,"PONTALETE ROLICO SEM TRATAMENTO, D = 8 A 11 CM, H = 6 M, EM EUCALIPTO OU EQUIVALENTE DA REGIAO - BRUTA (PARA ESCORAMENTO)                                                                                                                                                                                                                                                                                                                                                                                 ","M     ","CR",5.24]
[44496,"PONTEIRO PARA MARTELO ROMPEDOR, DIAMETRO = *28* MM, COMPRIMENTO = *520* MM, ENCAIXE  SEXTAVADO                                                                                                                                                                                                                                                                                                                                                                                                            ","UN    ","CR",133]
[12362,"PORCA OLHAL EM ACO GALVANIZADO, ESPESSURA 16MM, ABERTURA 21MM                                                                                                                                                                                                                                                                                                                                                                                                                                             ","UN    ","AS",13.8]
[421,"PORCA OLHAL M 16, EM ACO GALVANIZADO, DIAMETRO = 16 MM                                                                                                                                                                                                                                                                                                                                                                                                                                                    ","UN    ","AS",21.14]
[14148,"PORCA UNIAO/JUNCAO ZINCADA SEXTAVADA 1/4 \", CHAVE 7/16 \", COMPRIMENTO = 25 MM                                                                                                                                                                                                                                                                                                                                                                                                                             ","UN    ","AS",0.99]
[4341,"PORCA ZINCADA, QUADRADA, DIAMETRO 3/8\"                                                                                                                                                                                                                                                                                                                                                                                                                                                                    ","UN    ","CR",1.58]
[4337,"PORCA ZINCADA, QUADRADA, DIAMETRO 5/8\"                                                                                                                                                                                                                                                                                                                                                                                                                                                                    ","UN    ","CR",3.99]
[4339,"PORCA ZINCADA, SEXTAVADA, DIAMETRO 1/2\"                                                                                                                                                                                                                                                                                                                                                                                                                                                                   ","UN    ","CR",0.85]
[39997,"PORCA ZINCADA, SEXTAVADA, DIAMETRO 1/4\"                                                                                                                                                                                                                                                                                                                                                                                                                                                                   ","UN    ","CR",0.47]
[11971,"PORCA ZINCADA, SEXTAVADA, DIAMETRO 1\"                                                                                                                                                                                                                                                                                                                                                                                                                                                                     ","UN    ","CR",6.61]
[4342,"PORCA ZINCADA, SEXTAVADA, DIAMETRO 3/8\"                                                                                                                                                                                                                                                                                                                                                                                                                                                                   ","UN    ","CR",0.35]
[4330,"PORCA ZINCADA, SEXTAVADA, DIAMETRO 5/16\"                                                                                                                                                                                                                                                                                                                                                                                                                                                                  ","UN    ","CR",0.23]
[4340,"PORCA ZINCADA, SEXTAVADA, DIAMETRO 5/8\"                                                                                                                                                                                                                                                                                                                                                                                                                                                                   ","UN    ","CR",1.85]
[5088,"PORTA CADEADO EM ACO GALVANIZADO, COMPRIMENTO DE 3 1/2\"                                                                                                                                                                                                                                                                                                                                                                                                                                                   ","UN    ","CR",7.33]
[11154,"PORTA CORTA-FOGO SIMPLES PARA SAIDA DE EMERGENCIA, 1 FOLHA DE ABRIR, 5 CM, ACABAMENTO NATURAL / SEM PINTURA, COM FECHADURA TIPO TRINCO, DOBRADICAS E BATENTE, VAO LUZ DE 90 X 210 CM, CLASSE P-90 (NBR 11742)                                                                                                                                                                                                                                                                                             ","UN    ","AS",1251.6199999999999]
[4989,"PORTA DE ABRIR / GIRO, DE MADEIRA FOLHA MEDIA (NBR 15930) DE 1000 X 2100 MM, DE 35 MM A 40 MM DE ESPESSURA, NUCLEO SEMI-SOLIDO (SARRAFEADO), CAPA LISA EM HDF, ACABAMENTO EM LAMINADO NATURAL PARA VERNIZ                                                                                                                                                                                                                                                                                                 ","UN    ","CR",252.72]
[4982,"PORTA DE ABRIR / GIRO, DE MADEIRA FOLHA MEDIA (NBR 15930) DE 1000 X 2100 MM, DE 35 MM A 40 MM DE ESPESSURA, NUCLEO SEMI-SOLIDO (SARRAFEADO), CAPA LISA EM HDF, ACABAMENTO EM PRIMER PARA PINTURA                                                                                                                                                                                                                                                                                                          ","UN    ","CR",237.04]
[4962,"PORTA DE ABRIR / GIRO, DE MADEIRA FOLHA MEDIA (NBR 15930) DE 700 X 2100 MM, DE 35 MM A 40 MM DE ESPESSURA, NUCLEO SEMI-SOLIDO (SARRAFEADO), CAPA FRISADA EM HDF, ACABAMENTO MELAMINICO EM PADRAO MADEIRA                                                                                                                                                                                                                                                                                                  ","UN    ","CR",186.93]
[4981,"PORTA DE ABRIR / GIRO, DE MADEIRA FOLHA MEDIA (NBR 15930) DE 700 X 2100 MM, DE 35 MM A 40 MM DE ESPESSURA, NUCLEO SEMI-SOLIDO (SARRAFEADO), CAPA LISA EM HDF, ACABAMENTO EM LAMINADO NATURAL PARA VERNIZ                                                                                                                                                                                                                                                                                                  ","UN    ","C ",166.42]
[4964,"PORTA DE ABRIR / GIRO, DE MADEIRA FOLHA MEDIA (NBR 15930) DE 800 X 2100 MM, DE 35 MM A 40 MM DE ESPESSURA, NUCLEO SEMI-SOLIDO (SARRAFEADO), CAPA FRISADA EM HDF, ACABAMENTO MELAMINICO EM PADRAO MADEIRA                                                                                                                                                                                                                                                                                                  ","UN    ","CR",211.12]
[4992,"PORTA DE ABRIR / GIRO, DE MADEIRA FOLHA MEDIA (NBR 15930) DE 800 X 2100 MM, DE 35 MM A 40 MM DE ESPESSURA, NUCLEO SEMI-SOLIDO (SARRAFEADO), CAPA LISA EM HDF, ACABAMENTO EM LAMINADO NATURAL PARA VERNIZ                                                                                                                                                                                                                                                                                                  ","UN    ","CR",206.23]
[4987,"PORTA DE ABRIR / GIRO, DE MADEIRA FOLHA MEDIA (NBR 15930) DE 900 X 2100 MM, DE 35 MM A 40 MM DE ESPESSURA, NUCLEO SEMI-SOLIDO (SARRAFEADO), CAPA LISA EM HDF, ACABAMENTO EM LAMINADO NATURAL PARA VERNIZ                                                                                                                                                                                                                                                                                                  ","UN    ","CR",235.94]
[4930,"PORTA DE ABRIR / GIRO, EM GRADIL FERRO, COM BARRA CHATA 3 CM X 1/4\", COM REQUADRO E GUARNICAO - COMPLETO - ACABAMENTO NATURAL                                                                                                                                                                                                                                                                                                                                                                             ","M2    ","AS",530.14]
[4998,"PORTA DE ABRIR / GIRO, EM MADEIRA MACICA (ANGELIM OU EQUIVALENTE REGIONAL), QUALQUER DESENHO (VERTICAL/DIAGONAL/HORIZ.), E = *3,5* CM, DIMENSOES 2,10 X 0,70 (SOMENTE FOLHA DE PORTA, ACABAMENTO NATURAL)                                                                                                                                                                                                                                                                                                 ","M2    ","CR",893.33]
[39021,"PORTA DE ABRIR EM ACO, COM DIVISAO HORIZONTAL PARA VIDROS, 90 X 210 CM, COM FUNDO ANTICORROSIVO/PRIMER DE PROTECAO, INCLUI FECHADURA, MACANETA E PARAFUSO, SEM GUARNICAO/ALIZAR/VISTA, VIDROS NAO INCLUSOS                                                                                                                                                                                                                                                                                                ","UN    ","AS",563.66999999999996]
[39022,"PORTA DE ABRIR EM ACO, TIPO VENEZIANA, 90 X 210 CM, COM FUNDO ANTICORROSIVO / PRIMER DE PROTECAO, INCLUI FECHADURA, MACANETA E PARAFUSOS, SEM GUARNICAO/ALIZAR/VISTA                                                                                                                                                                                                                                                                                                                                      ","UN    ","AS",504.9]
[39024,"PORTA DE ABRIR EM ALUMINIO COM DIVISAO HORIZONTAL PARA VIDROS, ACABAMENTO ANODIZADO NATURAL, VIDROS INCLUSOS, SEM GUARNICAO/ALIZAR/VISTA, 87 CM X 210 CM                                                                                                                                                                                                                                                                                                                                                  ","UN    ","CR",530.46]
[4914,"PORTA DE ABRIR EM ALUMINIO COM LAMBRI HORIZONTAL/LAMINADA, ACABAMENTO ANODIZADO NATURAL, SEM GUARNICAO/ALIZAR/VISTA                                                                                                                                                                                                                                                                                                                                                                                       ","M2    ","CR",430.11]
[4917,"PORTA DE ABRIR EM ALUMINIO TIPO VENEZIANA, ACABAMENTO ANODIZADO NATURAL, SEM GUARNICAO/ALIZAR/VISTA                                                                                                                                                                                                                                                                                                                                                                                                       ","M2    ","C ",297.04000000000002]
[39025,"PORTA DE ABRIR, TIPO VENEZIANA, EM ALUMINIO, ACABAMENTO ANODIZADO NATURAL, 90 CM X 210 CM (LARGURA X ALTURA), SEM GUARNICAO/ALIZAR/VISTA                                                                                                                                                                                                                                                                                                                                                                  ","UN    ","CR",543.92999999999995]
[4922,"PORTA DE CORRER EM ALUMINIO, DUAS FOLHAS MOVEIS COM VIDRO, FECHADURA E PUXADOR EMBUTIDO, ACABAMENTO ANODIZADO NATURAL, SEM GUARNICAO/ALIZAR/VISTA                                                                                                                                                                                                                                                                                                                                                         ","M2    ","CR",275.52999999999997]
[4911,"PORTA DE ENROLAR MANUAL COMPLETA, ARTICULADA RAIADA LARGA, EM ACO GALVANIZADO NATURAL, CHAPA NUMERO 24 (SEM INSTALACAO)                                                                                                                                                                                                                                                                                                                                                                                   ","M2    ","CR",312.2]
[37518,"PORTA DE ENROLAR MANUAL COMPLETA, PERFIL MEIA CANA CEGA, EM ACO GALVANIZADO COM PINTURA ELETROSTATICA, CHAPA NUMERO 24\" (SEM INSTALACAO)                                                                                                                                                                                                                                                                                                                                                                  ","M2    ","CR",507.32]
[4910,"PORTA DE ENROLAR MANUAL COMPLETA, PERFIL MEIA CANA CEGA, EM ACO GALVANIZADO NATURAL, CHAPA NUMERO 24 (SEM INSTALACAO)                                                                                                                                                                                                                                                                                                                                                                                     ","M2    ","CR",427.68]
[4943,"PORTA DE ENROLAR MANUAL COMPLETA, PERFIL MEIA CANA VAZADA TIJOLINHO, EM ACO GALVANIZADO NATURAL, CHAPA NUMERO 24 (SEM INSTALACAO)                                                                                                                                                                                                                                                                                                                                                                         ","M2    ","CR",637.14]
[5002,"PORTA DE MADEIRA QUADRICULADA PARA VIDRO, DE CORRER (EUCALIPTO OU EQUIVALENTE REGIONAL), E = *3,5* CM                                                                                                                                                                                                                                                                                                                                                                                                     ","M2    ","CR",651.22]
[4977,"PORTA DE MADEIRA TIPO VENEZIANA (EUCALIPTO OU EQUIVALENTE REGIONAL), E = *3,5* CM                                                                                                                                                                                                                                                                                                                                                                                                                         ","M2    ","CR",439.59]
[5028,"PORTA DE MADEIRA-DE-LEI QUADRICULADA PARA VIDRO, DE CORRER (ANGELIM OU EQUIVALENTE REGIONAL), E = *3,5* CM                                                                                                                                                                                                                                                                                                                                                                                                ","M2    ","CR",1075.6199999999999]
[4969,"PORTA DE MADEIRA-DE-LEI TIPO VENEZIANA (ANGELIM OU EQUIVALENTE REGIONAL), E = *3,5* CM                                                                                                                                                                                                                                                                                                                                                                                                                    ","M2    ","C ",621.72]
[11364,"PORTA DE MADEIRA, FOLHA LEVE (NBR 15930) DE 600 X 2100 MM, DE 35 MM A 40 MM DE ESPESSURA, NUCLEO COLMEIA, CAPA LISA EM HDF, ACABAMENTO EM PRIMER PARA PINTURA                                                                                                                                                                                                                                                                                                                                             ","UN    ","CR",142.97]
[11365,"PORTA DE MADEIRA, FOLHA LEVE (NBR 15930) DE 700 X 2100 MM, DE 35 MM A 40 MM DE ESPESSURA, NUCLEO COLMEIA, CAPA LISA EM HDF, ACABAMENTO EM PRIMER PARA PINTURA                                                                                                                                                                                                                                                                                                                                             ","UN    ","CR",148.36000000000001]
[11366,"PORTA DE MADEIRA, FOLHA LEVE (NBR 15930) DE 800 X 2100 MM, DE 35 MM A 40 MM DE ESPESSURA, NUCLEO COLMEIA, CAPA LISA EM HDF, ACABAMENTO EM PRIMER PARA PINTURA                                                                                                                                                                                                                                                                                                                                             ","UN    ","CR",157.71]
[43777,"PORTA DE MADEIRA, FOLHA LEVE (NBR 15930), DE 600 X 2100 MM, E = 35 MM, NUCLEO COLMEIA, CAPA LISA EM HDF, ACABAMENTO MELAMINICO EM PADRAO MADEIRA                                                                                                                                                                                                                                                                                                                                                          ","UN    ","CR",185.26]
[20322,"PORTA DE MADEIRA, FOLHA MEDIA (NBR 15930) DE 600 X 2100 MM, DE 35 MM A 40 MM DE ESPESSURA, NUCLEO SEMI-SOLIDO (SARRAFEADO), CAPA FRISADA EM HDF, ACABAMENTO MELAMINICO EM PADRAO MADEIRA                                                                                                                                                                                                                                                                                                                  ","UN    ","CR",171.97]
[10553,"PORTA DE MADEIRA, FOLHA MEDIA (NBR 15930) DE 600 X 2100 MM, DE 35 MM A 40 MM DE ESPESSURA, NUCLEO SEMI-SOLIDO (SARRAFEADO), CAPA LISA EM HDF, ACABAMENTO EM PRIMER PARA PINTURA                                                                                                                                                                                                                                                                                                                           ","UN    ","CR",156.15]
[5020,"PORTA DE MADEIRA, FOLHA MEDIA (NBR 15930) DE 600 X 2100 MM, DE 35 MM A 40 MM DE ESPESSURA, NUCLEO SEMI-SOLIDO (SARRAFEADO), CAPA LISA EM HDF, ACABAMENTO LAMINADO NATURAL PARA VERNIZ                                                                                                                                                                                                                                                                                                                     ","UN    ","CR",164.63]
[10554,"PORTA DE MADEIRA, FOLHA MEDIA (NBR 15930) DE 700 X 2100 MM, DE 35 MM A 40 MM DE ESPESSURA, NUCLEO SEMI-SOLIDO (SARRAFEADO), CAPA LISA EM HDF, ACABAMENTO EM PRIMER PARA PINTURA                                                                                                                                                                                                                                                                                                                           ","UN    ","CR",157.54]
[10555,"PORTA DE MADEIRA, FOLHA MEDIA (NBR 15930) DE 800 X 2100 MM, DE 35 MM A 40 MM DE ESPESSURA, NUCLEO SEMI-SOLIDO (SARRAFEADO), CAPA LISA EM HDF, ACABAMENTO EM PRIMER PARA PINTURA                                                                                                                                                                                                                                                                                                                           ","UN    ","CR",171.8]
[10556,"PORTA DE MADEIRA, FOLHA MEDIA (NBR 15930) DE 900 X 2100 MM, DE 35 MM A 40 MM DE ESPESSURA, NUCLEO SEMI-SOLIDO (SARRAFEADO), CAPA LISA EM HDF, ACABAMENTO EM PRIMER PARA PINTURA                                                                                                                                                                                                                                                                                                                           ","UN    ","CR",228.42]
[39502,"PORTA DE MADEIRA, FOLHA PESADA (NBR 15930) DE 800 X 2100 MM, DE 40 MM A 45 MM DE ESPESSURA, NUCLEO SOLIDO, CAPA LISA EM HDF, ACABAMENTO EM LAMINADO NATURAL PARA VERNIZ                                                                                                                                                                                                                                                                                                                                   ","UN    ","CR",320.76]
[39504,"PORTA DE MADEIRA, FOLHA PESADA (NBR 15930) DE 800 X 2100 MM, DE 40 MM A 45 MM DE ESPESSURA, NUCLEO SOLIDO, CAPA LISA EM HDF, ACABAMENTO EM PRIMER PARA PINTURA                                                                                                                                                                                                                                                                                                                                            ","UN    ","CR",354.7]
[39503,"PORTA DE MADEIRA, FOLHA PESADA (NBR 15930) DE 900 X 2100 MM, DE 40 MM A 45 MM DE ESPESSURA, NUCLEO SOLIDO, CAPA LISA EM HDF, ACABAMENTO EM LAMINADO NATURAL PARA VERNIZ                                                                                                                                                                                                                                                                                                                                   ","UN    ","CR",373.31]
[39505,"PORTA DE MADEIRA, FOLHA PESADA (NBR 15930) DE 900 X 2100 MM, DE 40 MM A 45 MM DE ESPESSURA, NUCLEO SOLIDO, CAPA LISA EM HDF, ACABAMENTO EM PRIMER PARA PINTURA                                                                                                                                                                                                                                                                                                                                            ","UN    ","CR",402.3]
[44471,"PORTA DENTE PARA  FRESADORA                                                                                                                                                                                                                                                                                                                                                                                                                                                                               ","UN    ","AS",522.5]
[4944,"PORTA GRADE DE ENROLAR MANUAL COMPLETA, PERFIL TUBULAR TIJOLINHO 3/4 \", EM ACO GALVANIZADO NATURAL (SEM INSTALACAO)                                                                                                                                                                                                                                                                                                                                                                                       ","M2    ","CR",952.52]
[21102,"PORTA TOALHA BANHO EM METAL CROMADO, TIPO BARRA                                                                                                                                                                                                                                                                                                                                                                                                                                                           ","UN    ","CR",96.29]
[21101,"PORTA TOALHA ROSTO EM METAL CROMADO, TIPO ARGOLA                                                                                                                                                                                                                                                                                                                                                                                                                                                          ","UN    ","CR",61.83]
[34713,"PORTA VIDRO TEMPERADO INCOLOR, 2 FOLHAS DE CORRER, E = 10 MM (SEM FERRAGENS E SEM COLOCACAO)                                                                                                                                                                                                                                                                                                                                                                                                              ","M2    ","CR",398.15]
[37563,"PORTAO BASCULANTE, MANUAL, EM ACO GALVANIZADO, CHAPA 26, TIPO LAMBRIL, COM REQUADRO, ACABAMENTO NATURAL                                                                                                                                                                                                                                                                                                                                                                                                   ","M2    ","AS",583.35]
[4948,"PORTAO DE ABRIR / GIRO, EM GRADIL DE METALON REDONDO DE 3/4\" VERTICAL, COM REQUADRO, ACABAMENTO NATURAL - COMPLETO                                                                                                                                                                                                                                                                                                                                                                                        ","M2    ","AS",507.52]
[37561,"PORTAO DE CORRER EM CHAPA TIPO PAINEL LAMBRIL QUADRADO, COM PORTA SOCIAL COMPLETA INCLUIDA, COM REQUADRO, ACABAMENTO NATURAL, COM TRILHOS E ROLDANAS                                                                                                                                                                                                                                                                                                                                                      ","M2    ","AS",473.34]
[37562,"PORTAO DE CORRER EM GRADIL FIXO DE BARRA DE FERRO CHATA DE 3 X 1/4\" NA VERTICAL, SEM REQUADRO, ACABAMENTO NATURAL, COM TRILHOS E ROLDANAS                                                                                                                                                                                                                                                                                                                                                                 ","M2    ","AS",620.6]
[14164,"POSTE CONICO CONTINUO EM ACO GALVANIZADO, CURVO, BRACO DUPLO, ENGASTADO, H = 9 M, DIAMETRO INFERIOR/BASE = *135* MM                                                                                                                                                                                                                                                                                                                                                                                       ","UN    ","AS",1836.36]
[14163,"POSTE CONICO CONTINUO EM ACO GALVANIZADO, CURVO, BRACO DUPLO, FLANGEADO, H = 9 M, DIAMETRO INFERIOR = *135* MM                                                                                                                                                                                                                                                                                                                                                                                            ","UN    ","AS",2087.14]
[5051,"POSTE CONICO CONTINUO EM ACO GALVANIZADO, CURVO, BRACO SIMPLES, ENGASTADO, H = 9 M, DIAMETRO INFERIOR = *135* MM                                                                                                                                                                                                                                                                                                                                                                                          ","UN    ","AS",1775.08]
[5052,"POSTE CONICO CONTINUO EM ACO GALVANIZADO, CURVO, BRACO SIMPLES, FLANGEADO, H = 7 M, DIAMETRO INFERIOR = *125* MM                                                                                                                                                                                                                                                                                                                                                                                          ","UN    ","AS",1322.54]
[14162,"POSTE CONICO CONTINUO EM ACO GALVANIZADO, CURVO, BRACO SIMPLES, FLANGEADO, H = 9 M, DIAMETRO INFERIOR = *135* MM                                                                                                                                                                                                                                                                                                                                                                                          ","UN    ","AS",1772.51]
[14166,"POSTE CONICO CONTINUO EM ACO GALVANIZADO, RETO, ENGASTADO, H = 7 M, DIAMETRO INFERIOR = *125* MM                                                                                                                                                                                                                                                                                                                                                                                                          ","UN    ","AS",1339.33]
[14165,"POSTE CONICO CONTINUO EM ACO GALVANIZADO, RETO, ENGASTADO, H = 9 M, DIAMETRO INFERIOR = *145* MM                                                                                                                                                                                                                                                                                                                                                                                                          ","UN    ","AS",1855.46]
[5050,"POSTE CONICO CONTINUO EM ACO GALVANIZADO, RETO, FLANGEADO, H = 3 M, DIAMETRO INFERIOR = *95* MM                                                                                                                                                                                                                                                                                                                                                                                                           ","UN    ","AS",456.67]
[12366,"POSTE DE CONCRETO ARMADO DE SECAO CIRCULAR, EXTENSAO DE 10,00 M, RESISTENCIA DE 150 A 200 DAN, TIPO C-14                                                                                                                                                                                                                                                                                                                                                                                                  ","UN    ","AS",1057.1500000000001]
[5045,"POSTE DE CONCRETO ARMADO DE SECAO CIRCULAR, EXTENSAO DE 11,00 M, RESISTENCIA DE 200 A 300 DAN, TIPO C-14                                                                                                                                                                                                                                                                                                                                                                                                  ","UN    ","AS",1460.4]
[5035,"POSTE DE CONCRETO ARMADO DE SECAO CIRCULAR, EXTENSAO DE 11,00 M, RESISTENCIA DE 300 A 400 DAN, TIPO C-17                                                                                                                                                                                                                                                                                                                                                                                                  ","UN    ","AS",1679.11]
[41180,"POSTE DE CONCRETO ARMADO DE SECAO CIRCULAR, EXTENSAO DE 13,00 M, RESISTENCIA DE 1000 DAN, TIPO C-23                                                                                                                                                                                                                                                                                                                                                                                                       ","UN    ","AS",3774.61]
[41181,"POSTE DE CONCRETO ARMADO DE SECAO CIRCULAR, EXTENSAO DE 13,00 M, RESISTENCIA DE 1500 DAN, TIPO C-29                                                                                                                                                                                                                                                                                                                                                                                                       ","UN    ","AS",4997.47]
[41182,"POSTE DE CONCRETO ARMADO DE SECAO CIRCULAR, EXTENSAO DE 13,00 M, RESISTENCIA DE 2000 DAN, TIPO C-29                                                                                                                                                                                                                                                                                                                                                                                                       ","UN    ","AS",7169.29]
[41183,"POSTE DE CONCRETO ARMADO DE SECAO CIRCULAR, EXTENSAO DE 13,00 M, RESISTENCIA DE 2500 DAN, TIPO C-29                                                                                                                                                                                                                                                                                                                                                                                                       ","UN    ","AS",8951]
[41184,"POSTE DE CONCRETO ARMADO DE SECAO CIRCULAR, EXTENSAO DE 13,00 M, RESISTENCIA DE 3000 DAN, TIPO C-29                                                                                                                                                                                                                                                                                                                                                                                                       ","UN    ","AS",13628.45]
[41185,"POSTE DE CONCRETO ARMADO DE SECAO CIRCULAR, EXTENSAO DE 14,00 M, RESISTENCIA DE 1000 DAN, TIPO C-23                                                                                                                                                                                                                                                                                                                                                                                                       ","UN    ","AS",5054.04]
[41186,"POSTE DE CONCRETO ARMADO DE SECAO CIRCULAR, EXTENSAO DE 14,00 M, RESISTENCIA DE 1500 DAN, TIPO C-29                                                                                                                                                                                                                                                                                                                                                                                                       ","UN    ","AS",7082.65]
[41187,"POSTE DE CONCRETO ARMADO DE SECAO CIRCULAR, EXTENSAO DE 14,00 M, RESISTENCIA DE 2000 DAN, TIPO C-29                                                                                                                                                                                                                                                                                                                                                                                                       ","UN    ","AS",9498.43]
[41188,"POSTE DE CONCRETO ARMADO DE SECAO CIRCULAR, EXTENSAO DE 14,00 M, RESISTENCIA DE 2500 DAN, TIPO C-29                                                                                                                                                                                                                                                                                                                                                                                                       ","UN    ","AS",12146.37]
[5036,"POSTE DE CONCRETO ARMADO DE SECAO CIRCULAR, EXTENSAO DE 14,00 M, RESISTENCIA DE 300 A 400 DAN, TIPO C-17                                                                                                                                                                                                                                                                                                                                                                                                  ","UN    ","AS",2576.06]
[41189,"POSTE DE CONCRETO ARMADO DE SECAO CIRCULAR, EXTENSAO DE 14,00 M, RESISTENCIA DE 3000 DAN, TIPO C-29                                                                                                                                                                                                                                                                                                                                                                                                       ","UN    ","AS",15615.43]
[41190,"POSTE DE CONCRETO ARMADO DE SECAO CIRCULAR, EXTENSAO DE 15,00 M, RESISTENCIA DE 1000 DAN, TIPO C-23                                                                                                                                                                                                                                                                                                                                                                                                       ","UN    ","AS",5430.5]
[41191,"POSTE DE CONCRETO ARMADO DE SECAO CIRCULAR, EXTENSAO DE 15,00 M, RESISTENCIA DE 1500 DAN, TIPO C-29                                                                                                                                                                                                                                                                                                                                                                                                       ","UN    ","AS",8327.4699999999993]
[41192,"POSTE DE CONCRETO ARMADO DE SECAO CIRCULAR, EXTENSAO DE 15,00 M, RESISTENCIA DE 2000 DAN, TIPO C-29                                                                                                                                                                                                                                                                                                                                                                                                       ","UN    ","AS",8681.32]
[41193,"POSTE DE CONCRETO ARMADO DE SECAO CIRCULAR, EXTENSAO DE 15,00 M, RESISTENCIA DE 2500 DAN, TIPO C-29                                                                                                                                                                                                                                                                                                                                                                                                       ","UN    ","AS",14184.99]
[41194,"POSTE DE CONCRETO ARMADO DE SECAO CIRCULAR, EXTENSAO DE 15,00 M, RESISTENCIA DE 3000 DAN, TIPO C-29                                                                                                                                                                                                                                                                                                                                                                                                       ","UN    ","AS",16925.91]
[5044,"POSTE DE CONCRETO ARMADO DE SECAO CIRCULAR, EXTENSAO DE 9,00 M, RESISTENCIA DE 200 A 300 DAN, TIPO C-14                                                                                                                                                                                                                                                                                                                                                                                                   ","UN    ","AS",910.79]
[5059,"POSTE DE CONCRETO ARMADO DE SECAO CIRCULAR, EXTENSAO DE 9,00 M, RESISTENCIA DE 300 A 400 DAN, TIPO C-17                                                                                                                                                                                                                                                                                                                                                                                                   ","UN    ","AS",1089.19]
[41201,"POSTE DE CONCRETO ARMADO DE SECAO DUPLO T, EXTENSAO DE 10,00 M, RESISTENCIA DE 1000 DAN, TIPO B-1,5                                                                                                                                                                                                                                                                                                                                                                                                       ","UN    ","AS",2210.42]
[41199,"POSTE DE CONCRETO ARMADO DE SECAO DUPLO T, EXTENSAO DE 10,00 M, RESISTENCIA DE 150 DAN, TIPO D                                                                                                                                                                                                                                                                                                                                                                                                            ","UN    ","AS",710.29]
[5057,"POSTE DE CONCRETO ARMADO DE SECAO DUPLO T, EXTENSAO DE 10,00 M, RESISTENCIA DE 300 A 400 DAN, TIPO B OU D                                                                                                                                                                                                                                                                                                                                                                                                 ","UN    ","AS",961.6]
[41200,"POSTE DE CONCRETO ARMADO DE SECAO DUPLO T, EXTENSAO DE 10,00 M, RESISTENCIA DE 600 DAN, TIPO B                                                                                                                                                                                                                                                                                                                                                                                                            ","UN    ","AS",1382.48]
[41205,"POSTE DE CONCRETO ARMADO DE SECAO DUPLO T, EXTENSAO DE 11,00 M, RESISTENCIA DE 1000 DAN, TIPO B-1,5                                                                                                                                                                                                                                                                                                                                                                                                       ","UN    ","AS",2561.6999999999998]
[41202,"POSTE DE CONCRETO ARMADO DE SECAO DUPLO T, EXTENSAO DE 11,00 M, RESISTENCIA DE 150 DAN, TIPO D                                                                                                                                                                                                                                                                                                                                                                                                            ","UN    ","AS",747.52]
[41206,"POSTE DE CONCRETO ARMADO DE SECAO DUPLO T, EXTENSAO DE 11,00 M, RESISTENCIA DE 1500 DAN, TIPO B-3,0                                                                                                                                                                                                                                                                                                                                                                                                       ","UN    ","AS",3377.49]
[12372,"POSTE DE CONCRETO ARMADO DE SECAO DUPLO T, EXTENSAO DE 11,00 M, RESISTENCIA DE 200 DAN, TIPO D                                                                                                                                                                                                                                                                                                                                                                                                            ","UN    ","AS",784.9]
[41207,"POSTE DE CONCRETO ARMADO DE SECAO DUPLO T, EXTENSAO DE 11,00 M, RESISTENCIA DE 2000 DAN, TIPO B-4,5                                                                                                                                                                                                                                                                                                                                                                                                       ","UN    ","AS",4546.7700000000004]
[41203,"POSTE DE CONCRETO ARMADO DE SECAO DUPLO T, EXTENSAO DE 11,00 M, RESISTENCIA DE 300 DAN, TIPO B                                                                                                                                                                                                                                                                                                                                                                                                            ","UN    ","AS",1197.45]
[41204,"POSTE DE CONCRETO ARMADO DE SECAO DUPLO T, EXTENSAO DE 11,00 M, RESISTENCIA DE 600 DAN, TIPO B                                                                                                                                                                                                                                                                                                                                                                                                            ","UN    ","AS",1692.88]
[41210,"POSTE DE CONCRETO ARMADO DE SECAO DUPLO T, EXTENSAO DE 12,00 M, RESISTENCIA DE 1000 DAN, TIPO B-1,5                                                                                                                                                                                                                                                                                                                                                                                                       ","UN    ","AS",2827.92]
[41208,"POSTE DE CONCRETO ARMADO DE SECAO DUPLO T, EXTENSAO DE 12,00 M, RESISTENCIA DE 150 DAN, TIPO D                                                                                                                                                                                                                                                                                                                                                                                                            ","UN    ","AS",989.94]
[41211,"POSTE DE CONCRETO ARMADO DE SECAO DUPLO T, EXTENSAO DE 12,00 M, RESISTENCIA DE 1500 DAN, TIPO B-3,0                                                                                                                                                                                                                                                                                                                                                                                                       ","UN    ","AS",3984.5]
[13339,"POSTE DE CONCRETO ARMADO DE SECAO DUPLO T, EXTENSAO DE 12,00 M, RESISTENCIA DE 300 A 400 DAN, TIPO B OU D                                                                                                                                                                                                                                                                                                                                                                                                 ","UN    ","AS",1341.6]
[41213,"POSTE DE CONCRETO ARMADO DE SECAO DUPLO T, EXTENSAO DE 12,00 M, RESISTENCIA DE 3000 DAN, TIPO B-6,0                                                                                                                                                                                                                                                                                                                                                                                                       ","UN    ","AS",8258.9]
[41209,"POSTE DE CONCRETO ARMADO DE SECAO DUPLO T, EXTENSAO DE 12,00 M, RESISTENCIA DE 600 DAN, TIPO B                                                                                                                                                                                                                                                                                                                                                                                                            ","UN    ","AS",1845.88]
[41216,"POSTE DE CONCRETO ARMADO DE SECAO DUPLO T, EXTENSAO DE 13,00 M, RESISTENCIA DE 1000 DAN, TIPO B-1,5                                                                                                                                                                                                                                                                                                                                                                                                       ","UN    ","AS",3457.58]
[41217,"POSTE DE CONCRETO ARMADO DE SECAO DUPLO T, EXTENSAO DE 13,00 M, RESISTENCIA DE 1500 DAN, TIPO B-3,0                                                                                                                                                                                                                                                                                                                                                                                                       ","UN    ","AS",5543.73]
[41218,"POSTE DE CONCRETO ARMADO DE SECAO DUPLO T, EXTENSAO DE 13,00 M, RESISTENCIA DE 2000 DAN, TIPO B-4,5                                                                                                                                                                                                                                                                                                                                                                                                       ","UN    ","AS",7434.31]
[41214,"POSTE DE CONCRETO ARMADO DE SECAO DUPLO T, EXTENSAO DE 13,00 M, RESISTENCIA DE 300 DAN, TIPO B                                                                                                                                                                                                                                                                                                                                                                                                            ","UN    ","AS",1567.51]
[41215,"POSTE DE CONCRETO ARMADO DE SECAO DUPLO T, EXTENSAO DE 13,00 M, RESISTENCIA DE 600 DAN, TIPO B                                                                                                                                                                                                                                                                                                                                                                                                            ","UN    ","AS",2360.1]
[41221,"POSTE DE CONCRETO ARMADO DE SECAO DUPLO T, EXTENSAO DE 15,00 M, RESISTENCIA DE 1500 DAN, TIPO B-3,0                                                                                                                                                                                                                                                                                                                                                                                                       ","UN    ","AS",6833.7]
[41222,"POSTE DE CONCRETO ARMADO DE SECAO DUPLO T, EXTENSAO DE 15,00 M, RESISTENCIA DE 2000 DAN, TIPO B-4,5                                                                                                                                                                                                                                                                                                                                                                                                       ","UN    ","AS",9779.11]
[41195,"POSTE DE CONCRETO ARMADO DE SECAO DUPLO T, EXTENSAO DE 8,00 M, RESISTENCIA DE 150 DAN, TIPO D                                                                                                                                                                                                                                                                                                                                                                                                             ","UN    ","AS",502.61]
[41198,"POSTE DE CONCRETO ARMADO DE SECAO DUPLO T, EXTENSAO DE 9,00 M, RESISTENCIA DE 1000 DAN, TIPO B-1,5                                                                                                                                                                                                                                                                                                                                                                                                        ","UN    ","AS",1964.11]
[41196,"POSTE DE CONCRETO ARMADO DE SECAO DUPLO T, EXTENSAO DE 9,00 M, RESISTENCIA DE 150 DAN, TIPO D                                                                                                                                                                                                                                                                                                                                                                                                             ","UN    ","AS",623.02]
[5033,"POSTE DE CONCRETO ARMADO DE SECAO DUPLO T, EXTENSAO DE 9,00 M, RESISTENCIA DE 300 A 400 DAN, TIPO B OU D                                                                                                                                                                                                                                                                                                                                                                                                  ","UN    ","AS",818]
[41197,"POSTE DE CONCRETO ARMADO DE SECAO DUPLO T, EXTENSAO DE 9,00 M, RESISTENCIA DE 600 DAN, TIPO B                                                                                                                                                                                                                                                                                                                                                                                                             ","UN    ","AS",1215.03]
[12388,"POSTE DECORATIVO PARA JARDIM EM ACO TUBULAR, SEM LUMINARIA, H = *2,5* M                                                                                                                                                                                                                                                                                                                                                                                                                                   ","UN    ","AS",270.31]
[2731,"POSTE ROLICO DE MADEIRA TRATADA, D = 20 A 25 CM, H = 12,00 M, EM EUCALIPTO OU EQUIVALENTE DA REGIAO                                                                                                                                                                                                                                                                                                                                                                                                       ","M     ","CR",120.63]
[41457,"POSTES METALICOS AUTOPORTANTES, CONICO OU TELESCOPICO, PARA SPDA, ALTURA 10 METROS LIVRES                                                                                                                                                                                                                                                                                                                                                                                                                 ","UN    ","AS",1614.2]
[41458,"POSTES METALICOS AUTOPORTANTES, CONICO OU TELESCOPICO, PARA SPDA, ALTURA 12 METROS LIVRES                                                                                                                                                                                                                                                                                                                                                                                                                 ","UN    ","AS",2253.5100000000002]
[41459,"POSTES METALICOS AUTOPORTANTES, CONICO OU TELESCOPICO, PARA SPDA, ALTURA 15 METROS LIVRES                                                                                                                                                                                                                                                                                                                                                                                                                 ","UN    ","AS",3143.47]
[41461,"POSTES METALICOS AUTOPORTANTES, CONICO OU TELESCOPICO, PARA SPDA, ALTURA 20 METROS LIVRES                                                                                                                                                                                                                                                                                                                                                                                                                 ","UN    ","AS",4285.96]
[44537,"POZOLANA DE CLASSE  C                                                                                                                                                                                                                                                                                                                                                                                                                                                                                     ","T     ","CR",407.63]
[11844,"PRANCHA APARELHADA *4 X 30* CM, EM MACARANDUBA/MASSARANDUBA, ANGELIM OU EQUIVALENTE DA REGIAO                                                                                                                                                                                                                                                                                                                                                                                                             ","M     ","CR",54]
[4465,"PRANCHA NAO APARELHADA *6 X 25* CM, EM MACARANDUBA/MASSARANDUBA, ANGELIM OU EQUIVALENTE DA REGIAO - BRUTA                                                                                                                                                                                                                                                                                                                                                                                                 ","M     ","CR",44.88]
[35273,"PRANCHA NAO APARELHADA *6 X 30* CM, EM MACARANDUBA/MASSARANDUBA, ANGELIM OU EQUIVALENTE DA REGIAO - BRUTA                                                                                                                                                                                                                                                                                                                                                                                                 ","M     ","CR",53.82]
[4470,"PRANCHA NAO APARELHADA *6 X 40* CM, EM MACARANDUBA/MASSARANDUBA, ANGELIM OU EQUIVALENTE DA REGIAO - BRUTA                                                                                                                                                                                                                                                                                                                                                                                                 ","M     ","CR",124.21]
[20204,"PRANCHAO APARELHADO *7,5 X 23* CM, EM MACARANDUBA/MASSARANDUBA, ANGELIM OU EQUIVALENTE DA REGIAO                                                                                                                                                                                                                                                                                                                                                                                                          ","M     ","CR",82.81]
[20208,"PRANCHAO APARELHADO *8 X 30* CM, EM MACARANDUBA/MASSARANDUBA, ANGELIM OU EQUIVALENTE DA REGIAO                                                                                                                                                                                                                                                                                                                                                                                                            ","M     ","CR",111.79]
[4437,"PRANCHAO NAO APARELHADO *7,5 X 23* CM, EM MACARANDUBA/MASSARANDUBA, ANGELIM OU EQUIVALENTE DA REGIAO - BRUTA                                                                                                                                                                                                                                                                                                                                                                                              ","M     ","CR",93.16]
[14580,"PRANCHAO NAO APARELHADO *8 X 30* CM, EM MACARANDUBA/MASSARANDUBA, ANGELIM OU EQUIVALENTE DA REGIAO - BRUTA                                                                                                                                                                                                                                                                                                                                                                                                ","M     ","CR",93.16]
[40304,"PREGO DE ACO POLIDO COM CABECA DUPLA 17 X 27 (2 1/2 X 11)                                                                                                                                                                                                                                                                                                                                                                                                                                                 ","KG    ","CR",19.46]
[5065,"PREGO DE ACO POLIDO COM CABECA 10 X 10 (7/8 X 17)                                                                                                                                                                                                                                                                                                                                                                                                                                                         ","KG    ","CR",29.99]
[5072,"PREGO DE ACO POLIDO COM CABECA 10 X 11 (1 X 17)                                                                                                                                                                                                                                                                                                                                                                                                                                                           ","KG    ","CR",27.74]
[5066,"PREGO DE ACO POLIDO COM CABECA 12 X 12                                                                                                                                                                                                                                                                                                                                                                                                                                                                    ","KG    ","CR",20.77]
[5063,"PREGO DE ACO POLIDO COM CABECA 14 X 18 (1 1/2 X 14)                                                                                                                                                                                                                                                                                                                                                                                                                                                       ","KG    ","CR",18.809999999999999]
[20247,"PREGO DE ACO POLIDO COM CABECA 15 X 15 (1 1/4 X 13)                                                                                                                                                                                                                                                                                                                                                                                                                                                       ","KG    ","CR",17.46]
[5074,"PREGO DE ACO POLIDO COM CABECA 15 X 18 (1 1/2 X 13)                                                                                                                                                                                                                                                                                                                                                                                                                                                       ","KG    ","CR",17.66]
[5067,"PREGO DE ACO POLIDO COM CABECA 16 X 24 (2 1/4 X 12)                                                                                                                                                                                                                                                                                                                                                                                                                                                       ","KG    ","CR",16.8]
[5078,"PREGO DE ACO POLIDO COM CABECA 16 X 27 (2 1/2 X 12)                                                                                                                                                                                                                                                                                                                                                                                                                                                       ","KG    ","CR",16.61]
[5068,"PREGO DE ACO POLIDO COM CABECA 17 X 21 (2 X 11)                                                                                                                                                                                                                                                                                                                                                                                                                                                           ","KG    ","CR",15.77]
[5073,"PREGO DE ACO POLIDO COM CABECA 17 X 24 (2 1/4 X 11)                                                                                                                                                                                                                                                                                                                                                                                                                                                       ","KG    ","CR",16.07]
[5069,"PREGO DE ACO POLIDO COM CABECA 17 X 27 (2 1/2 X 11)                                                                                                                                                                                                                                                                                                                                                                                                                                                       ","KG    ","CR",16.07]
[5070,"PREGO DE ACO POLIDO COM CABECA 17 X 30 (2 3/4 X 11)                                                                                                                                                                                                                                                                                                                                                                                                                                                       ","KG    ","CR",16.239999999999998]
[5071,"PREGO DE ACO POLIDO COM CABECA 18 X 24 (2 1/4 X 10)                                                                                                                                                                                                                                                                                                                                                                                                                                                       ","KG    ","CR",15.77]
[5061,"PREGO DE ACO POLIDO COM CABECA 18 X 27 (2 1/2 X 10)                                                                                                                                                                                                                                                                                                                                                                                                                                                       ","KG    ","C ",15.5]
[5075,"PREGO DE ACO POLIDO COM CABECA 18 X 30 (2 3/4 X 10)                                                                                                                                                                                                                                                                                                                                                                                                                                                       ","KG    ","CR",15.77]
[39027,"PREGO DE ACO POLIDO COM CABECA 19  X 36 (3 1/4  X  9)                                                                                                                                                                                                                                                                                                                                                                                                                                                     ","KG    ","CR",15.75]
[5062,"PREGO DE ACO POLIDO COM CABECA 19 X 33 (3 X 9)                                                                                                                                                                                                                                                                                                                                                                                                                                                            ","KG    ","CR",15.97]
[40568,"PREGO DE ACO POLIDO COM CABECA 22 X 48 (4 1/4 X 5)                                                                                                                                                                                                                                                                                                                                                                                                                                                        ","KG    ","CR",15.88]
[39026,"PREGO DE ACO POLIDO SEM CABECA 15 X 15 (1 1/4 X 13)                                                                                                                                                                                                                                                                                                                                                                                                                                                       ","KG    ","CR",17.73]
[42431,"PRESSAO DE PERNAS TRIPLO, EM TUBO DE ACO CARBONO, PINTURA NO PROCESSO ELETROSTATICO - EQUIPAMENTO DE GINASTICA PARA ACADEMIA AO AR LIVRE / ACADEMIA DA TERCEIRA IDADE - ATI                                                                                                                                                                                                                                                                                                                               ","UN    ","AS",3957.85]
[44074,"PRIMER DE POLIURETANO                                                                                                                                                                                                                                                                                                                                                                                                                                                                                     ","L     ","CR",651.1]
[44072,"PRIMER EPOXI / EPOXIDICO                                                                                                                                                                                                                                                                                                                                                                                                                                                                                  ","L     ","CR",129.35]
[511,"PRIMER PARA MANTA ASFALTICA A BASE DE ASFALTO MODIFICADO DILUIDO EM SOLVENTE, APLICACAO A FRIO                                                                                                                                                                                                                                                                                                                                                                                                            ","L     ","C ",23.45]
[37540,"PROJETOR DE ARGAMASSA, CAPACIDADE DE PROJECAO 1,5 M3/H, ALCANCE DA PROJECAO 30 ATE 60 M, MOTOR ELETRICO TRIFASICO                                                                                                                                                                                                                                                                                                                                                                                         ","UN    ","CR",92938.8]
[37548,"PROJETOR DE ARGAMASSA, CAPACIDADE DE PROJECAO 2,0 M3/H, ALCANCE DA PROJECAO ATE 50 M, MOTOR ELETRICO TRIFASICO                                                                                                                                                                                                                                                                                                                                                                                            ","UN    ","CR",123189.91]
[39828,"PROJETOR PNEUMATICO DE ARGAMASSA PARA CHAPISCO E REBOCO COM RECIPIENTE ACOPLADO, TIPO CANEQUINHA, COM VOLUME DE 1,50 L, SEM COMPRESSOR                                                                                                                                                                                                                                                                                                                                                                    ","UN    ","CR",739.02]
[38392,"PROLONGADOR/EXTENSOR PARA ROLO DE PINTURA 3 M                                                                                                                                                                                                                                                                                                                                                                                                                                                             ","UN    ","CR",63.91]
[11735,"PROLONGAMENTO / PROLONGADOR PARA CAIXA SIFONADA, PVC, 100 MM X 200 MM (NBR 5688)                                                                                                                                                                                                                                                                                                                                                                                                                          ","UN    ","CR",7.13]
[11737,"PROLONGAMENTO / PROLONGADOR PARA CAIXA SIFONADA, PVC, 150 MM X 150 MM (NBR 5688)                                                                                                                                                                                                                                                                                                                                                                                                                          ","UN    ","CR",10.11]
[11738,"PROLONGAMENTO / PROLONGADOR PARA CAIXA SIFONADA, PVC, 150 MM X 200 MM (NBR 5688)                                                                                                                                                                                                                                                                                                                                                                                                                          ","UN    ","CR",12.74]
[36143,"PROTETOR AUDITIVO TIPO CONCHA COM ABAFADOR DE RUIDOS, ATENUACAO ACIMA DE 22 DB                                                                                                                                                                                                                                                                                                                                                                                                                            ","UN    ","CR",33.21]
[36142,"PROTETOR AUDITIVO TIPO PLUG DE INSERCAO COM CORDAO, ATENUACAO SUPERIOR A 15 DB                                                                                                                                                                                                                                                                                                                                                                                                                            ","UN    ","CR",2.4300000000000002]
[36146,"PROTETOR SOLAR FPS 30, EMBALAGEM 2 LITROS                                                                                                                                                                                                                                                                                                                                                                                                                                                                 ","UN    ","CR",275.39999999999998]
[39015,"PROTETOR/PONTEIRA PLASTICA PARA PONTA DE VERGALHAO DE ATE 1\", TIPO PROTETOR DE ESPERA                                                                                                                                                                                                                                                                                                                                                                                                                     ","UN    ","C ",0.8]
[38377,"PRUMO DE CENTRO EM ACO *400* G                                                                                                                                                                                                                                                                                                                                                                                                                                                                            ","UN    ","CR",38.19]
[38376,"PRUMO DE PAREDE EM ACO 700 A 750 G                                                                                                                                                                                                                                                                                                                                                                                                                                                                        ","UN    ","CR",43.55]
[38116,"PULSADOR CAMPAINHA 10A, 250V (APENAS MODULO)                                                                                                                                                                                                                                                                                                                                                                                                                                                              ","UN    ","CR",5.41]
[38066,"PULSADOR CAMPAINHA 10A, 250V, CONJUNTO MONTADO PARA EMBUTIR 4\" X 2\" (PLACA + SUPORTE + MODULO)                                                                                                                                                                                                                                                                                                                                                                                                            ","UN    ","CR",8.92]
[38117,"PULSADOR MINUTERIA 10A, 250V (APENAS MODULO)                                                                                                                                                                                                                                                                                                                                                                                                                                                              ","UN    ","CR",9.2100000000000009]
[38067,"PULSADOR MINUTERIA 10A, 250V, CONJUNTO MONTADO PARA EMBUTIR 4\" X 2\" (PLACA + SUPORTE + MODULO)                                                                                                                                                                                                                                                                                                                                                                                                            ","UN    ","CR",12.56]
[11522,"PUXADOR DE EMBUTIR TIPO CONCHA, COM FURO PARA CHAVE, EM LATAO CROMADO, COMPRIMENTO DE APROX *100* MM E LARGURA DE APROX *40* MM                                                                                                                                                                                                                                                                                                                                                                           ","UN    ","CR",14.21]
[43600,"PUXADOR TIPO ALCA, EM ZAMAC CROMADO, COM COMPRIMENTO DE APROX 150 MM, COM ROSETA PARA PORTAS DE MADEIRAS, INCLUINDO PARAFUSOS                                                                                                                                                                                                                                                                                                                                                                             ","UN    ","CR",56.96]
[5080,"PUXADOR TIPO ALCA, EM ZAMAC CROMADO, COM ROSETAS, COMPRIMENTO DE APROX *100* MM, PARA PORTAS E JANELAS DE MADEIRA, INCLUINDO PARAFUSOS                                                                                                                                                                                                                                                                                                                                                                    ","UN    ","CR",22.21]
[38168,"PUXADOR TUBULAR RETO DUPLO, EM ALUMINIO CROMADO, COMPRIMENTO DE APROX 400 MM E DIAMETRO DE 25 MM (1\")                                                                                                                                                                                                                                                                                                                                                                                                     ","UN    ","CR",155.07]
[43601,"PUXADOR TUBULAR RETO SIMPLES, EM ALUMINIO CROMADO, COM COMPRIMENTO DE APROX 400 MM E DIAMETRO DE 25 MM                                                                                                                                                                                                                                                                                                                                                                                                    ","UN    ","CR",77.53]
[13393,"QUADRO DE DISTRIBUICAO COM BARRAMENTO TRIFASICO, DE EMBUTIR, EM CHAPA DE ACO GALVANIZADO, PARA 12 DISJUNTORES DIN, 100 A                                                                                                                                                                                                                                                                                                                                                                                  ","UN    ","CR",323.93]
[13395,"QUADRO DE DISTRIBUICAO COM BARRAMENTO TRIFASICO, DE EMBUTIR, EM CHAPA DE ACO GALVANIZADO, PARA 18 DISJUNTORES DIN, 100 A, INCLUINDO BARRAMENTO                                                                                                                                                                                                                                                                                                                                                            ","UN    ","CR",453.96]
[12039,"QUADRO DE DISTRIBUICAO COM BARRAMENTO TRIFASICO, DE EMBUTIR, EM CHAPA DE ACO GALVANIZADO, PARA 24 DISJUNTORES DIN, 100 A                                                                                                                                                                                                                                                                                                                                                                                  ","UN    ","CR",477.06]
[13396,"QUADRO DE DISTRIBUICAO COM BARRAMENTO TRIFASICO, DE EMBUTIR, EM CHAPA DE ACO GALVANIZADO, PARA 28 DISJUNTORES DIN, 100 A                                                                                                                                                                                                                                                                                                                                                                                  ","UN    ","CR",670.01]
[12041,"QUADRO DE DISTRIBUICAO COM BARRAMENTO TRIFASICO, DE EMBUTIR, EM CHAPA DE ACO GALVANIZADO, PARA 30 DISJUNTORES DIN, 150 A                                                                                                                                                                                                                                                                                                                                                                                  ","UN    ","CR",547.1]
[12043,"QUADRO DE DISTRIBUICAO COM BARRAMENTO TRIFASICO, DE EMBUTIR, EM CHAPA DE ACO GALVANIZADO, PARA 30 DISJUNTORES DIN, 225 A                                                                                                                                                                                                                                                                                                                                                                                  ","UN    ","CR",1155.1199999999999]
[39762,"QUADRO DE DISTRIBUICAO COM BARRAMENTO TRIFASICO, DE EMBUTIR, EM CHAPA DE ACO GALVANIZADO, PARA 36 DISJUNTORES DIN, 100 A                                                                                                                                                                                                                                                                                                                                                                                  ","UN    ","CR",549.87]
[12042,"QUADRO DE DISTRIBUICAO COM BARRAMENTO TRIFASICO, DE EMBUTIR, EM CHAPA DE ACO GALVANIZADO, PARA 40 DISJUNTORES DIN, 100 A                                                                                                                                                                                                                                                                                                                                                                                  ","UN    ","CR",802.79]
[39763,"QUADRO DE DISTRIBUICAO COM BARRAMENTO TRIFASICO, DE EMBUTIR, EM CHAPA DE ACO GALVANIZADO, PARA 48 DISJUNTORES DIN, 100 A                                                                                                                                                                                                                                                                                                                                                                                  ","UN    ","CR",939.56]
[39760,"QUADRO DE DISTRIBUICAO COM BARRAMENTO TRIFASICO, DE SOBREPOR, EM CHAPA DE ACO GALVANIZADO, PARA *42* DISJUNTORES DIN, 100 A                                                                                                                                                                                                                                                                                                                                                                               ","UN    ","CR",936.47]
[39756,"QUADRO DE DISTRIBUICAO COM BARRAMENTO TRIFASICO, DE SOBREPOR, EM CHAPA DE ACO GALVANIZADO, PARA 12 DISJUNTORES DIN, 100 A                                                                                                                                                                                                                                                                                                                                                                                 ","UN    ","CR",336.25]
[12038,"QUADRO DE DISTRIBUICAO COM BARRAMENTO TRIFASICO, DE SOBREPOR, EM CHAPA DE ACO GALVANIZADO, PARA 18 DISJUNTORES DIN, 100 A                                                                                                                                                                                                                                                                                                                                                                                 ","UN    ","CR",420.15]
[39757,"QUADRO DE DISTRIBUICAO COM BARRAMENTO TRIFASICO, DE SOBREPOR, EM CHAPA DE ACO GALVANIZADO, PARA 28 DISJUNTORES DIN, 100 A                                                                                                                                                                                                                                                                                                                                                                                 ","UN    ","CR",388.51]
[39758,"QUADRO DE DISTRIBUICAO COM BARRAMENTO TRIFASICO, DE SOBREPOR, EM CHAPA DE ACO GALVANIZADO, PARA 30 DISJUNTORES DIN, 100 A                                                                                                                                                                                                                                                                                                                                                                                 ","UN    ","CR",566.20000000000005]
[39759,"QUADRO DE DISTRIBUICAO COM BARRAMENTO TRIFASICO, DE SOBREPOR, EM CHAPA DE ACO GALVANIZADO, PARA 36 DISJUNTORES DIN, 100 A                                                                                                                                                                                                                                                                                                                                                                                 ","UN    ","CR",699.26]
[39761,"QUADRO DE DISTRIBUICAO COM BARRAMENTO TRIFASICO, DE SOBREPOR, EM CHAPA DE ACO GALVANIZADO, PARA 48 DISJUNTORES DIN, 100 A                                                                                                                                                                                                                                                                                                                                                                                 ","UN    ","CR",840.53]
[39805,"QUADRO DE DISTRIBUICAO, EM PVC, DE EMBUTIR, COM BARRAMENTO TERRA / NEUTRO, PARA 12 DISJUNTORES NEMA OU 16 DISJUNTORES DIN                                                                                                                                                                                                                                                                                                                                                                                 ","UN    ","CR",209.38]
[39806,"QUADRO DE DISTRIBUICAO, EM PVC, DE EMBUTIR, COM BARRAMENTO TERRA / NEUTRO, PARA 18 DISJUNTORES NEMA OU 24 DISJUNTORES DIN                                                                                                                                                                                                                                                                                                                                                                                 ","UN    ","CR",387.92]
[39807,"QUADRO DE DISTRIBUICAO, EM PVC, DE EMBUTIR, COM BARRAMENTO TERRA / NEUTRO, PARA 27 DISJUNTORES NEMA OU 36 DISJUNTORES DIN                                                                                                                                                                                                                                                                                                                                                                                 ","UN    ","CR",840.72]
[43100,"QUADRO DE DISTRIBUICAO, EM PVC, DE EMBUTIR, COM BARRAMENTO TERRA / NEUTRO, PARA 48 DISJUNTORES DIN                                                                                                                                                                                                                                                                                                                                                                                                        ","UN    ","CR",657.26]
[39804,"QUADRO DE DISTRIBUICAO, EM PVC, DE EMBUTIR, COM BARRAMENTO TERRA / NEUTRO, PARA 6 DISJUNTORES NEMA OU 8 DISJUNTORES DIN                                                                                                                                                                                                                                                                                                                                                                                   ","UN    ","CR",122.95]
[39796,"QUADRO DE DISTRIBUICAO, SEM BARRAMENTO, EM PVC, DE EMBUTIR, PARA 12 DISJUNTORES NEMA OU 16 DISJUNTORES DIN                                                                                                                                                                                                                                                                                                                                                                                                ","UN    ","CR",127.34]
[39797,"QUADRO DE DISTRIBUICAO, SEM BARRAMENTO, EM PVC, DE EMBUTIR, PARA 18 DISJUNTORES NEMA OU 24 DISJUNTORES DIN                                                                                                                                                                                                                                                                                                                                                                                                ","UN    ","C ",199.9]
[39798,"QUADRO DE DISTRIBUICAO, SEM BARRAMENTO, EM PVC, DE EMBUTIR, PARA 27 DISJUNTORES NEMA OU 36 DISJUNTORES DIN                                                                                                                                                                                                                                                                                                                                                                                                ","UN    ","CR",342.89]
[39794,"QUADRO DE DISTRIBUICAO, SEM BARRAMENTO, EM PVC, DE EMBUTIR, PARA 3 DISJUNTORES NEMA OU 4 DISJUNTORES DIN                                                                                                                                                                                                                                                                                                                                                                                                  ","UN    ","CR",54.05]
[39795,"QUADRO DE DISTRIBUICAO, SEM BARRAMENTO, EM PVC, DE EMBUTIR, PARA 6 DISJUNTORES NEMA OU 8 DISJUNTORES DIN                                                                                                                                                                                                                                                                                                                                                                                                  ","UN    ","CR",85.39]
[39801,"QUADRO DE DISTRIBUICAO, SEM BARRAMENTO, EM PVC, DE SOBREPOR, PARA 12 DISJUNTORES NEMA OU 16 DISJUNTORES DIN                                                                                                                                                                                                                                                                                                                                                                                               ","UN    ","CR",180.32]
[39802,"QUADRO DE DISTRIBUICAO, SEM BARRAMENTO, EM PVC, DE SOBREPOR, PARA 18 DISJUNTORES NEMA OU 24 DISJUNTORES DIN                                                                                                                                                                                                                                                                                                                                                                                               ","UN    ","CR",264.32]
[39803,"QUADRO DE DISTRIBUICAO, SEM BARRAMENTO, EM PVC, DE SOBREPOR, PARA 27 DISJUNTORES NEMA OU 36 DISJUNTORES DIN                                                                                                                                                                                                                                                                                                                                                                                               ","UN    ","CR",368.73]
[39799,"QUADRO DE DISTRIBUICAO, SEM BARRAMENTO, EM PVC, DE SOBREPOR, PARA 3 DISJUNTORES NEMA OU 4 DISJUNTORES DIN                                                                                                                                                                                                                                                                                                                                                                                                 ","UN    ","CR",63]
[39800,"QUADRO DE DISTRIBUICAO, SEM BARRAMENTO, EM PVC, DE SOBREPOR, PARA 6 DISJUNTORES NEMA OU 8 DISJUNTORES DIN                                                                                                                                                                                                                                                                                                                                                                                                 ","UN    ","CR",107.33]
[43837,"RACK DE PISO PARA SERVIDOR, ABERTO, EM COLUNA, 44U X *570* MM                                                                                                                                                                                                                                                                                                                                                                                                                                             ","UN    ","CR",2397.5700000000002]
[43836,"RACK DE PISO PARA SERVIDOR, FECHADO, 44U, COM PORTA, 44U X *570* MM                                                                                                                                                                                                                                                                                                                                                                                                                                       ","UN    ","CR",4878.63]
[21059,"RALO FOFO COM REQUADRO, QUADRADO 150 X 150 MM                                                                                                                                                                                                                                                                                                                                                                                                                                                             ","UN    ","AS",57.82]
[11234,"RALO FOFO COM REQUADRO, QUADRADO 200 X 200 MM                                                                                                                                                                                                                                                                                                                                                                                                                                                             ","UN    ","AS",87.15]
[21060,"RALO FOFO COM REQUADRO, QUADRADO 250 X 250 MM                                                                                                                                                                                                                                                                                                                                                                                                                                                             ","UN    ","AS",107.26]
[21061,"RALO FOFO COM REQUADRO, QUADRADO 300 X 300 MM                                                                                                                                                                                                                                                                                                                                                                                                                                                             ","UN    ","AS",134.07]
[21062,"RALO FOFO COM REQUADRO, QUADRADO 400 X 400 MM                                                                                                                                                                                                                                                                                                                                                                                                                                                             ","UN    ","AS",211.17]
[11708,"RALO FOFO SEMIESFERICO, 100 MM, PARA LAJES/ CALHAS                                                                                                                                                                                                                                                                                                                                                                                                                                                        ","UN    ","AS",23.04]
[11709,"RALO FOFO SEMIESFERICO, 150 MM, PARA LAJES/ CALHAS                                                                                                                                                                                                                                                                                                                                                                                                                                                        ","UN    ","AS",54.13]
[11710,"RALO FOFO SEMIESFERICO, 200 MM, PARA LAJES/ CALHAS                                                                                                                                                                                                                                                                                                                                                                                                                                                        ","UN    ","AS",124.44]
[11707,"RALO FOFO SEMIESFERICO, 75 MM, PARA LAJES/ CALHAS                                                                                                                                                                                                                                                                                                                                                                                                                                                         ","UN    ","AS",17.260000000000002]
[5102,"RALO SECO / RALO DE PASSAGEM EM PVC, QUADRADO, 100 X 100 X 53 MM, SAIDA 40 MM, COM GRELHA BRANCA                                                                                                                                                                                                                                                                                                                                                                                                          ","UN    ","CR",10.01]
[11711,"RALO SECO CONICO, PVC, 100 X 40 MM, COM GRELHA QUADRADA BRANCA                                                                                                                                                                                                                                                                                                                                                                                                                                            ","UN    ","CR",8.34]
[11739,"RALO SECO CONICO, PVC, 100 X 40 MM, COM GRELHA REDONDA BRANCA                                                                                                                                                                                                                                                                                                                                                                                                                                             ","UN    ","CR",7.14]
[11741,"RALO SIFONADO CILINDRICO, PVC, 100 X 40 MM, COM GRELHA REDONDA BRANCA                                                                                                                                                                                                                                                                                                                                                                                                                                     ","UN    ","CR",9.09]
[11745,"RALO SIFONADO QUADRADO, PVC, 100 X 53 MM, SAIDA 40 MM, COM GRELHA QUADRADA BRANCA                                                                                                                                                                                                                                                                                                                                                                                                                         ","UN    ","CR",11.97]
[11743,"RALO SIFONADO REDONDO CONICO, PVC, 100 X 40 MM, COM GRELHA REDONDA BRANCA                                                                                                                                                                                                                                                                                                                                                                                                                                 ","UN    ","CR",7.63]
[5104,"REBITE DE REPUXO EM ALUMINIO VAZADO, DIAMETRO 3,2 X 8 MM DE COMPRIMENTO (1KG = 1025 UNIDADES)                                                                                                                                                                                                                                                                                                                                                                                                             ","KG    ","AS",69.61]
[44530,"REBOLO ABRASIVO RETO DE USO GERAL GRAO 36, DE 6 X 1\" (DIAMETRO X ALTURA)                                                                                                                                                                                                                                                                                                                                                                                                                                  ","UN    ","CR",47.24]
[2710,"REBOLO ABRASIVO RETO DE USO GERAL GRAO 36, DE 6 X 3/4\" (DIAMETRO X ALTURA)                                                                                                                                                                                                                                                                                                                                                                                                                                ","UN    ","CR",37.729999999999997]
[14575,"RECICLADORA DE ASFALTO A FRIO SOBRE RODAS, LARG. FRESAGEM 2,00 M, POT. 315 KW/422 HP                                                                                                                                                                                                                                                                                                                                                                                                                      ","UN    ","AS",5277672.58]
[20043,"REDUCAO EXCENTRICA PVC, DN 100 X 50 MM, PARA ESGOTO PREDIAL                                                                                                                                                                                                                                                                                                                                                                                                                                               ","UN    ","CR",7.9]
[20044,"REDUCAO EXCENTRICA PVC, DN 100 X 75 MM, PARA ESGOTO PREDIAL                                                                                                                                                                                                                                                                                                                                                                                                                                               ","UN    ","CR",9.16]
[20042,"REDUCAO EXCENTRICA PVC, DN 75 X 50 MM, PARA ESGOTO PREDIAL                                                                                                                                                                                                                                                                                                                                                                                                                                                ","UN    ","CR",6.86]
[20046,"REDUCAO EXCENTRICA PVC, SERIE R, DN 100 X 75 MM, PARA ESGOTO PREDIAL                                                                                                                                                                                                                                                                                                                                                                                                                                      ","UN    ","CR",16.23]
[20047,"REDUCAO EXCENTRICA PVC, SERIE R, DN 150 X 100 MM, PARA ESGOTO PREDIAL                                                                                                                                                                                                                                                                                                                                                                                                                                     ","UN    ","CR",48.67]
[20045,"REDUCAO EXCENTRICA PVC, SERIE R, DN 75 X 50 MM, PARA ESGOTO PREDIAL                                                                                                                                                                                                                                                                                                                                                                                                                                       ","UN    ","CR",8.2100000000000009]
[20972,"REDUCAO FIXA TIPO STORZ, ENGATE RAPIDO 2.1/2\" X 1.1/2\", EM LATAO, PARA INSTALACAO PREDIAL COMBATE A INCENDIO PREDIAL                                                                                                                                                                                                                                                                                                                                                                                      ","UN    ","CR",176.78]
[11321,"REDUCAO PVC PBA, JE, PB, DN 100 X 50 / DE 110 X 60 MM, PARA REDE DE AGUA                                                                                                                                                                                                                                                                                                                                                                                                                                  ","UN    ","AS",26.75]
[11323,"REDUCAO PVC PBA, JE, PB, DN 100 X 75 / DE 110 X 85 MM, PARA REDE DE AGUA                                                                                                                                                                                                                                                                                                                                                                                                                                  ","UN    ","AS",30.76]
[20327,"REDUCAO PVC PBA, JE, PB, DN 75 X 50 / DE 85 X 60 MM, PARA REDE DE AGUA                                                                                                                                                                                                                                                                                                                                                                                                                                    ","UN    ","AS",17.46]
[6034,"REGISTRO DE ESFERA DE PASSEIO, PVC PARA POLIETILENO, 20 MM                                                                                                                                                                                                                                                                                                                                                                                                                                                ","UN    ","CR",12.76]
[6036,"REGISTRO DE ESFERA PVC, COM BORBOLETA, COM ROSCA EXTERNA, DE 1/2\"                                                                                                                                                                                                                                                                                                                                                                                                                                         ","UN    ","CR",17.38]
[6031,"REGISTRO DE ESFERA PVC, COM BORBOLETA, COM ROSCA EXTERNA, DE 3/4\"                                                                                                                                                                                                                                                                                                                                                                                                                                         ","UN    ","C ",20.43]
[6029,"REGISTRO DE ESFERA PVC, COM CABECA QUADRADA, COM ROSCA EXTERNA, 1/2\"                                                                                                                                                                                                                                                                                                                                                                                                                                      ","UN    ","CR",20.64]
[6033,"REGISTRO DE ESFERA PVC, COM CABECA QUADRADA, COM ROSCA EXTERNA, 3/4\"                                                                     